{"text_format":"3","workbook":"xls","n_sheets":7,"sheets":["ORÇAMENTO","CRONOGRAMA","PISOS","DIVERSOS","ESTRUTURA","SEINFRA 21 COM DESO","SEINF"],"not_rendered":{"images":4,"external_links":4,"defined_names":84,"comments":2},"read":"whole","date_system":"1900","formulas":"cached_only"}

{"sheet":"ORÇAMENTO","index":0,"n_rows":62,"n_cols":13,"rows_kept":62,"merged":[[0,6,0,7],[1,0,1,7],[5,1,5,7],[6,1,6,7],[57,0,57,6],[58,0,58,6],[59,0,59,6],[61,0,61,6]],"flags":["formulas_cached_only"]}
[{"$nulls":6},"Data: 19/02/2014"]
[" TABELAS DE REFERÊNCIA: SEINFRA 21 COM DESONERAÇÃO / SEINF JAN.2014 / SINAPI CE DEZ.13 COM DESONERAÇÃO"]
[]
[{"$nulls":3},"ANEXO II"]
[]
["OBJETO :","URBANIZAÇÃO DO ATERRINHO DA PRAIA DE IRACEMA"]
["LOCAL :","AV. BEIRA MAR, S/N - PRAIA DE IRACEMA"]
[]
["ITEM","CODIGO","FONTE","DESCRIÇÃO","UNID.","QUANT.","P. UNIT.","P.TOTAL","SEINF","SEINFRA"]
[1,null,null,"SERVIÇOS PRELIMINARES",{"$nulls":3},48814.409999999996,{"$nulls":3},0]
["1.1","0010010019","SEINF","PLACA DA OBRA PADRÃO PREFEITURA","M2",12,105.6,1267.2,105.6,{"$error":"#N/A"},null,1267.2]
["1.2","73847/001","SINAPI","ALUGUEL CONTAINER/ESCRIT INCL INST ELET LARG=2,20 COMP=6,20M ALT=2,50M CHAPA ACO C/NERV TRAPEZ FORRO C/ISOL TERMO/ACUSTICO CHASSIS REFORC PISO COMPENS NAVAL EXC TRANSP/CARGA/DESCARGA","MÊS",3,"742,94",2228.82,{"$error":"#N/A"},{"$error":"#N/A"},null,2228.82]
["1.3","73847/003","SINAPI","ALUGUEL CONTAINER/SANIT C/2 VASOS/1 LAVAT/1 MIC/4 CHUV LARG=2,20M COMPR=6,20M ALT=2,50M CHAPA ACO C/NERV TRAPEZ FORRO C/ ISOLAMINST ELETR/HIDR EXCL TRANSP/CARGA/DESCARGTERMO/ACUSTICO CHASSIS REFORC PISO COMPENS NAVAL INCL","MÊS",3,"1.130,75",3392.25,{"$error":"#N/A"},{"$error":"#N/A"},null,3392.25]
["1.4","0010010007","SEINF","LIGAÇÃO PROVISÓRIA DE ÁGUA E SANITÁRIO","UN",1,1512.67,1512.67,1512.67,{"$error":"#N/A"},null,1512.67]
["1.5","0010010008","SEINF","LIGAÇÃO PROVISÓRIA DE LUZ, FORÇA, TELEFONE E LÓGICA","UN",1,1216.09,1216.09,1216.09,{"$error":"#N/A"},null,1216.09]
["1.6","0010010024","SEINF","TAPUME DE CHAPA DE MADEIRA COMPENSADA E= 6mm C/ABERTURA E PORTÃO","M2",480.27,74.01,35544.78,74.01,{"$error":"#N/A"},null,35544.78,"TAPUME PARA FECHAMENTO NO CONTORNO PASSARELA E JARDIM"]
["1.7","0010030001","SEINF","LOCAÇÃO DA OBRA - EXECUÇÃO DE GABARITO","M2",505.01,3.02,1525.13,3.02,{"$error":"#N/A"},null,1525.13]
["1.8","0010020005","SEINF","RASPAGEM E LIMPEZA DO TERRENO","M2",1408.92,1.51,2127.47,1.51,{"$error":"#N/A"},null,2127.47]
[2,null,null,"ESTRUTURA",{"$nulls":3},49961.6,{"$error":"#N/A"},{"$error":"#N/A"},null,0]
["2.1",null,null,"ESTRUTURA DE CONCRETO DO CARAMANCHÃO",{"$nulls":3},13773.400000000001,{"$error":"#N/A"},{"$error":"#N/A"},null,0]
["2.1.1",20010007,"SEINF","ESCAVAÇÃO MANUAL CAMPO ABERTO EM TERRA ATÉ 2M","M3",48,"17,72",850.56,"17,72",{"$error":"#N/A"},null,850.56]
["2.1.2","0020040021","SEINF","TRANSPORTE DE MATERIAL, EXCETO ROCHA EM CAMINHÃO 6M3 ATÉ 10KM","M3",12.987,18.4,238.96,18.4,{"$error":"#N/A"},null,238.96]
["2.1.3","0020040004","SEINF","CARGA MANUAL DE ENTULHO EM CAMINHÃO BASCULANTE","M3",12.987,12.17,158.05,12.17,{"$error":"#N/A"},null,158.05]
["2.1.4","0020030020","SEINF","REATERRO COM COMPACTAÇÃO MANUAL S/ CONTROLE, MATERIAL DA VALA","M3",36.3,10.28,373.16,10.28,{"$error":"#N/A"},null,373.16]
["2.1.5","0030010003","SEINF","LASTRO DE CONCRETO","M3",0.9,30.86,27.77,30.86,{"$error":"#N/A"},null,27.77]
["2.1.6","0060030009","SEINF","FORMA EM TÁBUA DE MADEIRA DE 1A. (REUTILIZAÇÃO 5 VEZES)","M2",28.799999999999997,36.33,1046.3,36.33,{"$error":"#N/A"},null,1046.3]
["2.1.7","0060030007","SEINF","FORMA EM CHAPA DE MADEIRA COMPENSADA PLASTIFICADA ESP=12 MM 5X","M2",72.06400000000001,56.55,4075.22,56.55,{"$error":"#N/A"},null,4075.22]
["2.1.8","0060040006","SEINF","ARMADURA CA-50 GROSSA D=12.5 A 25.0MM","KG",81,5.27,426.87,5.27,{"$error":"#N/A"},null,426.87]
["2.1.9","0060040008","SEINF","ARMADURA CA-60 FINA D=3.4 A 6.0MM","KG",10,4.72,47.2,4.72,{"$error":"#N/A"},null,47.2]
["2.1.10","0060050023","SEINF","CONCRETO ESTRUTURAL P/ VIBRAÇÃO FCK 25 MPA","M3",18.0064,293.16,5278.76,293.16,{"$error":"#N/A"},null,5278.76]
["2.1.11","0060050038","SEINF","LANÇAMENTO E APLICAÇÃO DE CONCRETO EM FUNDAÇÃO","M3",10.799999999999999,53.99,583.09,53.99,{"$error":"#N/A"},null,583.09]
["2.1.12","0060050037","SEINF","LANÇAMENTO E APLICAÇÃO DE CONCRETO EM ESTRUTURA C/ ELEVAÇÃO","M3",7.206400000000001,92.62,667.46,92.62,{"$error":"#N/A"},null,667.46]
["2.2",null,null,"FUNDAÇÃO PARA PISO EM MADEIRA",{"$nulls":3},36188.2,{"$error":"#N/A"},{"$error":"#N/A"},null,0]
["2.2.1",20010007,"SEINF","ESCAVAÇÃO MANUAL CAMPO ABERTO EM TERRA ATÉ 2M","M3",50.672,"17,72",897.91,"17,72",{"$error":"#N/A"},null,897.91]
["2.2.2","0020040021","SEINF","TRANSPORTE DE MATERIAL, EXCETO ROCHA EM CAMINHÃO 6M3 ATÉ 10KM","M3",56.24592,18.4,1034.92,18.4,{"$error":"#N/A"},null,1034.92]
["2.2.3","0020040004","SEINF","CARGA MANUAL DE ENTULHO EM CAMINHÃO BASCULANTE","M3",56.24592,12.17,684.51,12.17,{"$error":"#N/A"},null,684.51]
["2.2.4","0060020001","SEINF","ALVENARIA DE EMBASAMENTO COM PEDRA ARGAMASSADA","M3",106.4648,220.13,23436.1,220.13,{"$error":"#N/A"},null,23436.1]
["2.2.5","0060030009","SEINF","FORMA EM TÁBUA DE MADEIRA DE 1A. (REUTILIZAÇÃO 5 VEZES)","M2",278.96399999999994,36.33,10134.76,36.33,{"$error":"#N/A"},null,10134.76]
[3,null,null,"PAVIMENTAÇÃO",{"$nulls":3},277944.77999999997,{"$error":"#N/A"},{"$error":"#N/A"},null,0]
["3.1","X0004","MERCADO","PISO EM MADEIRA SINTÉTICA TIPO ECOBLOCK OU SIMILAR","M2",505.01,486,245434.86,{"$error":"#N/A"},{"$error":"#N/A"},null,245434.86]
["3.2",110010010,"SEINF","APOIO DO PISO EM  MAÇARANDUBA 6\"X3\" (AQUISIÇÃO E COLOCAÇÃO) - MONTANTE DUPLO","M",870.1800000000001,37.36,32509.92,{"$nulls":3},32509.92]
[4,null,null,"PAISAGISMO E URBANIZAÇÃO",{"$nulls":3},9253.369999999999,{"$error":"#N/A"},{"$error":"#N/A"},null,0]
["4.1","0200030024","SEINF","GRAMA EM PLACAS INCL. CONSERVAÇÃO","M2",903.91,8.79,7945.37,8.79,{"$error":"#N/A"},null,7945.37]
["4.2",200030002,"SEINF","ARBUSTOS ORNAMENTAIS EM GERAL COM TUTOR E COM ALTURA < 80CM","UN",20,"65,40",1308,"65,40",{"$error":"#N/A"},null,1308]
[5,null,null,"ESTRUTURA DE MADEIRA",{"$nulls":3},205371.5,{"$error":"#N/A"},{"$error":"#N/A"},null,0]
["5.1","X0001","COMP","ESTRUTURA EM MADEIRA MAÇARANDUBA PARA CARAMANCHÃO TRATADO COM VERNIZ COM FILTRO SOLAR","UN",8,9795.96,78367.68,{"$error":"#N/A"},{"$error":"#N/A"},null,78367.68]
["5.2","X0003","COMP","GUARDA CORPO EM MADEIRA E CABO DE AÇO CONFORME PROJETO","M",223.51999999999998,462.37,103348.94,{"$error":"#N/A"},{"$error":"#N/A"},null,103348.94]
["5.3","X0002","COMP","BANCO DE MADEIRA MAÇARANDUBA FIXADO EM CARAMANCHÃO TRATADO COM VERNIZ COM FILTRO SOLAR","UN",8,2956.8599999999997,23654.88,{"$error":"#N/A"},{"$error":"#N/A"},null,23654.88]
[6,null,null,"INSTALAÇÕES HIDRÁULICAS",{"$nulls":3},1644.1800000000003,{"$nulls":3},0]
["6.1","0150040317","SEINF","TUBO PVC SOLDÁVEL MARROM INCL. CONEXÕES D=25MM (3/4\")","M",93,10.22,950.46,10.22,{"$error":"#N/A"},null,950.46]
["6.2","0160140057","SEINF","CAIXA DE ALVENARIA 50X50X50CM COM TAMPA EM CONCRETO EM GRELHA DE FERRO","UD",4,98.34,393.36,98.34,{"$error":"#N/A"},null,393.36]
["6.3","0090050002","SEINF","AQUISIÇÃO DE CADEADO","UD",4,12.69,50.76,12.69,{"$error":"#N/A"},null,50.76]
["6.4","0150060007","SEINF","REGISTRO DE GAVETA BRUTO D=20MM (3/4\")","UD",4,33.19,132.76,33.19,{"$error":"#N/A"},null,132.76]
["6.5","0150040005","SEINF","ADAPTADOR PARA MANGUEIRA 3/4\"","UD",4,7.16,28.64,7.16,{"$error":"#N/A"},null,28.64]
["6.6","0150070052","SEINF","HIDRÔMETRO TM Q=3M³/H X 3/4\" X 190MM, CL. B(H)/A(V), PADRÃO CAGECE - COMPLETO","UD",1,88.2,88.2,88.2,{"$error":"#N/A"},null,88.2]
[7,null,null,"LIMPEZA FINAL",{"$nulls":3},5959.73,{"$error":"#N/A"},{"$error":"#N/A"},null,0]
["7.1",220010001,"SEINF","LIMPEZA DA OBRA","M2",1408.92,"4,23",5959.73,"4,23",{"$error":"#N/A"},null,5959.73]
["TOTAL.........................................................",{"$nulls":6},598949.57]
["BDI (20%)....................................................",{"$nulls":6},119789.91399999999]
["TOTAL FINAL...............................................",{"$nulls":6},718739.4839999999,{"$nulls":3},598949.57]
[]
["IMPORTA O PRESENTE ORÇAMENTO EM R$ 718.739,48 (SETECENTOS E DEZOITO MIL SETECENTOS E TRINTA E NOVE REAIS E QUARENTA E OITO CENTAVOS)"]

{"sheet":"CRONOGRAMA","index":1,"n_rows":27,"n_cols":13,"rows_kept":27,"merged":[[4,0,4,12],[6,0,6,11],[8,0,8,11],[9,0,9,11],[13,0,13,12]],"flags":["formulas_cached_only"]}
[]
[]
[]
[]
["ANEXO III"]
[]
["SECRETARIA  REGIONAL - II"]
[]
["URBANIZAÇÃO DO ATERRINHO DA PRAIA DE IRACEMA",{"$nulls":11},41689]
["AV. BEIRA MAR, S/N - PRAIA DE IRACEMA"]
[]
[]
[]
["CRONOGRAMA FÍSICO- FINANCEIRO"]
[]
["ITEM","DISCRIMINAÇÃO","VALOR","BDI (20%)","VALOR+BDI","%","30 DIAS","%","60 DIAS","%","90 DIAS","%","TOTAL"]
[]
[1,"SERVICOS PRELIMINARES",48814.409999999996,9762.882,58577.291999999994,8.150003346692444,17573.19,30,17573.19,30,23430.92,40,58577.291999999994]
[2,"ESTRUTURA",49961.6,9992.32,59953.92,8.34153700118693,17986.18,30,17986.18,30,23981.57,40,59953.92]
[3,"PAVIMENTAÇÃO",277944.77999999997,55588.956,333533.736,46.40537265933759,100060.12,30,100060.12,30,133413.49,40,333533.736]
[4,"PAISAGISMO E URBANIZAÇÃO",9253.369999999999,1850.674,11104.043999999998,1.5449330734138436,3331.21,30,3331.21,30,4441.62,40,11104.043999999998]
[5,"ESTRUTURA DE MADEIRA",205371.5,41074.3,246445.8,34.28861297955353,73933.74,30,73933.74,30,98578.32,40,246445.8]
[6,"INSTALAÇÕES HIDRÁULICAS",1644.1800000000003,328.83600000000007,1973.0160000000003,0.2745105902655545,591.9,30,591.9,30,789.21,40,1973.0160000000003]
[7,"LIMPEZA FINAL",5959.73,1191.946,7151.6759999999995,0.99503034955013,2145.5,30,2145.5,30,2860.67,40,7151.6759999999995]
[]
[null,"TOTAL SIMPLES",598949.57,119789.91399999999,718739.4839999998,100.00000000000001,215621.84,29.999999276511165,215621.84,29.999999276511165,287495.8,40.000000890447815,718739.4839999998]
[null,"TOTAL ACUMULADO",{"$nulls":4},215621.84,29.999999276511165,431243.68,59.99999855302233,718739.48,99.99999944347014]

{"sheet":"PISOS","index":2,"n_rows":14,"n_cols":4,"rows_kept":14,"merged":[[0,0,0,3],[3,16,3,18],[4,16,4,18]],"flags":["formulas_cached_only"]}
["LEVANTAMENTO ATERRINHO - SER II"]
[]
[]
["PISOS"]
[]
["LOCAL","PISO","ÁREA(M²)"]
["PASSARELA","ECOBLOCK",446.63]
["ESCADAS","ECOBLOCK",7.199999999999999]
["ESCADA JARDIM","ECOBLOCK",51.18]
[]
[null,"TOTAL ECOBLOCK",505.01,"M²"]
[]
[]
["LINHA 3\"X 6\" P/ SUPORTE DO PISO( BARROTES)",870.1800000000001,"M"]

{"sheet":"DIVERSOS","index":3,"n_rows":17,"n_cols":4,"rows_kept":17,"merged":[[1,0,1,2]],"flags":["formulas_cached_only"]}
[]
["DIVERSOS"]
[]
[]
["BANCOS"]
[null,null,"ÁREA"]
["PASSARELA","BANCO EM MAÇARANDUBA COM VERNIZ HIDRORREPELENTE E FUNGICIDA COM FILTRO SOLAR (e=5cm) ",18.767999999999997,"M²"]
["PASSARELA","PÉS DO BANCO EM MAÇARANDUBA COM VERNIZ HIDRORREPELENTE E FUNGICIDA COM FILTRO SOLAR e=15cm",2.944,"M²"]
[]
[]
[]
["JARDIM","ÁREA(M²)"]
[null,903.91]
[]
[]
["GUARDA-CORPO","COMPRIMENTO( M)"]
["PASSARELA",223.51999999999998]

{"sheet":"ESTRUTURA","index":4,"n_rows":46,"n_cols":9,"rows_kept":46,"merged":[[1,0,2,0],[1,1,2,1],[1,2,2,2],[1,3,2,3],[1,4,2,4],[1,5,2,5],[1,6,2,6],[1,7,2,7],[28,0,28,2]],"flags":["formulas_cached_only"]}
["ESTRUTURA SAPATAS 01"]
["Tipo","Rep.","Concreto 30 Mpa (m3)","Concreto Magro (m3)","Forma reta (m2)","Escavação","Bota-fora","Reaterro"]
[]
["BASE DOS PILARES",8,10.799999999999999,0.9,28.799999999999997,48,11.7,36.3]
[]
[null,null,10.799999999999999,0.9,28.799999999999997,48,11.7,36.3]
[]
[]
[]
[]
["PILAR","REP","L","H","C","VOLUME","FORMA"]
["P1 A P08",8,0.4,5.630000000000001,0.4,7.206400000000001,72.06400000000001]
[{"$nulls":7},68.89999999999999,"baldrame 40 cm"]
[{"$nulls":7},73.5,"baldrame 40-80 cm"]
[{"$nulls":7},174.29999999999998,"Baldrame 80 cm"]
[]
[]
[]
["BALDRAME"]
["COMPRIMENTO TOTAL",316.69999999999993]
[]
["ESCAVAÇÃO",50.672,"M3"]
["FORMA",278.96399999999994,"M2"]
[]
["TRECHO","ALTURA DO BLOCO","ALTURA DA FORMA","COMPRIMENTO","ÁREA DE FORMA","VOLUME"]
["ACESSO",0.4,0,68.89999999999999,0,11.024000000000001]
["RAMPA",0.78,0.38,73.5,55.86,22.932000000000006]
["PASSARELA",1.04,0.64,174.29999999999995,223.10399999999996,72.5088]
["TOTAL",null,null,316.69999999999993,278.96399999999994,106.4648]
[]
[null,0.38,51]
[null,0.78,127]
[null,null,63.5]
[null,null,103.5]
[]
[]
[]
[]
[]
["FUNDAÇÃO BANCO"]
["ESCAVAÇÃO",0]
["BOTA-FORA",0]
["REATERRO",0]
["ALVENARIA DE PEDRA",0]
["BALDRAME DE TIJOLO CERAMICO",0]
["CINTA DE IMPERMEABILIZAÇÃO - INFERIOR E SUPERIOR",0]

{"sheet":"SEINFRA 21 COM DESO","index":5,"n_rows":5113,"n_cols":6,"rows_kept":5113,"flags":["formulas_cached_only"]}
[null,null,"TABELA UNIFICADA SEINFRA"]
[null,null,"021 COM DESONERAÇÃO","BDI: 0,00%\nEncargos Sociais: 99,00%"]
[]
["ITEM","CÓDIGO","DESCRIÇÃO","UNIDADE","PREÇO\nUNITÁRIO"]
["1","SERVICOS PRELIMINARES",null,null,1070751.61]
["1.1","CADASTRO",null,null,138.27]
["1.1.1","C0580","CADASTRO DE ADUTORA","M",0.81]
["1.1.2","C0581","CADASTRO DE LIGAÇÃO","UN",1.77]
["1.1.3","C0582","CADASTRO DE OBRAS LOCALIZADAS","M2",24.14]
["1.1.4","C0583","CADASTRO DE REDE DE ÁGUA (MEIO MAGNÉTICO)","M",0.74]
["1.1.5","C0584","CADASTRO DE REDE DE ESGOTO/EMISSÁRIO/DRENAGEM (MEIO MAGNÉTICO)","M",1.09]
["1.1.6","C3959","CADASTRO E AVALIAÇÃO DE IMÓVEIS","UT",24.52]
["1.1.7","C3427","CADASTRO OPERACIONAL DE CLIENTE CAPITAL - PADRÃO","IMÓVEL",5.53]
["1.1.8","C3428","CADASTRO OPERACIONAL DE CLIENTE INTERIOR - PADRÃO","IMÓVEL",4.88]
["1.1.9","C4579","CENSO DE CAMPO - CAPITAL","IMÓVEL",3.89]
["1.1.10","C4580","CENSO DE CAMPO - INTERIOR","IMÓVEL",4.65]
["1.1.11","C4581","SERVIÇO DE OBTENÇÃO / ATUALIZAÇÃO DE PLANTA EM CAMPO MEIO DIGITAL","QUADRA",38.65]
["1.1.12","C4582","SERVIÇO DE OBTENÇÃO / ATUALIZAÇÃO DE QUADRAS (OVERLAYS)","QUADRA",27.62]
["1.2","SONDAGENS",null,null,3382.97]
["1.2.1","C2820","EXECUÇÃO DE SONDAGEM ELÉTRICA VERTICAL AB/2 ATÉ 150m - SEV","UN",282.79]
["1.2.2","C2818","EXECUÇÃO DE SONDAGEM ELÉTRICA VERTICAL AB/2 >150m a 500m-SEV","UN",360.09]
["1.2.3","C2819","EXECUÇÃO DE SONDAGEM ELÉTRICA VERTICAL AB/2 >500m - SEV","UN",459.98]
["1.2.4","C2833","FOTOGEOLOGIA","UN",220.81]
["1.2.5","C0053","LEVANTAMENTO BATIMÉTRICO","M2",0.39]
["1.2.6","C2937","RELATÓRIO FINAL DE SONDAGEM","UN",662.43]
["1.2.7","C0333","SERVIÇOS DE SONDAGEM GEOTÉCNICA MISTA EM ROCHA","M",868.64]
["1.2.8","C0143","SERVIÇOS DE SONDAGEM GEOTÉCNICA MISTA EM SOLOS","M",208.12]
["1.2.9","C2290","SONDAGEM  À PERCUSSÃO P/RECONHECIMENTO DO SUBSOLO","M",48.26]
["1.2.10","C3955","SONDAGEM ROTATIVA P/ RECONHECIMENTO DO SUBSOLO","M",271.46]
["1.3","PROJETOS",null,null,137.93]
["1.3.1","C3507","ELABORAÇÃO DE PROJETO DE CÁLCULO ESTRUTURAL (RESERVATÓRIO ELEVADO)","M2xARF",27.6]
["1.3.2","C3508","ELABORAÇÃO DE PROJETO DE CÁLCULO ESTRUTURAL (RESERVATÓRIO APOIADO, ELEVATÓRIA E  CAIXA DE AREIA)","M2xARF",12.26]
[]
["1.3.3","C4617","ELABORAÇÃO DE PROJETOS BÁSICOS DE ENGENHARIA","UT",24.52]
["1.3.4","C4584","ELABORAÇÃO DE PROJETOS EXECUTIVOS DE ENGENHARIA","UT",24.52]
["1.3.5","C3956","ELABORAÇÃO DE RELATÓRIO DE ESTUDO DE IMPACTO AMBIENTAL","UT",24.52]
["1.3.6","C1083","ELABORAÇÃO DE RELATÓRIO \"AS BUILT\"","UT",24.52]
["1.4","PREPARAÇÃO DO TERRENO",null,null,179.14]
["1.4.1","C0927","CORTE DE CAPOEIRA FINA A FOICE","M2",0.58]
["1.4.2","C2102","RASPAGEM E LIMPEZA DO TERRENO","M2",1.85]
["1.4.3","C2204","RETIRADA DE ÁRVORES","UN",176.71]
["1.5","CONSTRUÇÃO DO CANTEIRO DA OBRA",null,null,1063839]
["1.5.1","C0002","ABRIGO PROVISÓRIO C/1 PAVIMENTO P/ALOJAMENTO E DEPÓSITO","M2",650.02]
["1.5.2","C0003","ABRIGO PROVISÓRIO C/2 PAVIMENTOS P/ALOJAMENTO E DEPÓSITO","M2",558.62]
["1.5.3","C0043","ALOJAMENTO","M2",182.87]
["1.5.4","C0369","BARRACÃO ABERTO","M2",78.65]
["1.5.5","C0370","BARRACÃO PARA ESCRITÓRIO TIPO A1","UN",3766.2]
["1.5.6","C0371","BARRACÃO PARA ESCRITÓRIO TIPO A2","UN",6392.16]
["1.5.7","C0372","BARRACÃO PARA ESCRITÓRIO TIPO A3","UN",10123.93]
["1.5.8","C0373","BARRACÃO PARA ESCRITÓRIO TIPO A4","UN",13254.56]
["1.5.9","C0374","BARRACÃO PARA ESCRITÓRIO TIPO A5","UN",18032.78]
["1.5.10","C2831","FOSSA SUMIDOURO PARA BARRACÃO","UN",1244.18]
["1.5.11","C2851","INSTALAÇÕES PROVISÓRIAS DE ÁGUA","UN",787.99]
["1.5.12","C2849","INSTALAÇÕES PROVISÓRIAS DE ESGOTO","UN",206]
["1.5.13","C2850","INSTALAÇÕES PROVISÓRIAS DE LUZ , FORÇA,TELEFONE E LÓGICA","UN",1325.86]
["1.5.14","C1622","LIGAÇÃO PROVISÓRIA DE ÁGUA E SANITÁRIO","UN",1714.13]
["1.5.15","C1794","MOBILIZAÇÃO E DESMOBILIZAÇÃO DE EQUIPAMENTOS EM CAMINHÃO EQUIPADO C/ GUINDASTE","KM",3.27]
[]
["1.5.16","C3375","MOBILIZAÇÃO E DESMOBILIZAÇÃO DE EQUIPAMENTOS EM CAVALO MECÂNICO C/ PRANCHA DE 3 EIXOS","KM",4.38]
[]
["1.5.17","C4541","PLACA PADRÃO DE OBRA, TIPO BANNER","M2",221.84]
["1.5.18","C1937","PLACAS PADRÃO DE OBRA","M2",109.15]
["1.5.19","C4173","PONTE METÁLICA PROVISÓRIA CONF. PROJETO BÁSICO","UN",1004486.86]
["1.5.20","C2936","REFEITÓRIOS","M2",198.1]
["1.5.21","C2946","SANITÁRIOS E CHUVEIROS","M2",151.25]
["1.5.22","C2316","TAPUME DE CHAPA DE MADEIRA COMPENSADA E= 6mm C/ABERTURA E PORTÃO","M2",76.83]
["1.5.23","C3974","TAPUME DE ESTRUTURA DE MADEIRA C/ FECHAMENTO EM CHAPA DE AÇO GALVANIZADO DE 0,3 mm e ALTURA DE 2 M","M2",117.94]
[]
["1.5.24","C2317","TAPUME DE TÁBUAS DE 3.ª C/ABERTURA E PORTÃO","M2",80.64]
["1.5.25","C2318","TAPUME DE TÁBUAS DE 3.ª SOBREPOSTAS","M2",70.8]
["1.6","LOCAÇÃO DA OBRA",null,null,500.92]
["1.6.1","C1630","LOCAÇÃO DA OBRA - EXECUÇÃO DE GABARITO","M2",3.59]
["1.6.2","C2872","LOCAÇÃO DA OBRA COM AUXÍLIO TOPOGRÁFICO (ÁREA >5000 M2)","HA",490.01]
["1.6.3","C2873","LOCAÇÃO DA OBRA COM AUXÍLIO TOPOGRÁFICO (ÁREA ATÉ 5000 M2)","M2",0.25]
["1.6.4","C2874","LOCAÇÃO DE REDE DE ÁGUA","M",0.16]
["1.6.5","C0774","LOCAÇÃO DE OBRAS EM MAR","M2",0.39]
["1.6.6","C0775","LOCAÇÃO DE JAZIDAS EM MAR","M2",0.45]
["1.6.7","C2875","LOCAÇÃO E NIVELAMENTO DE ADUTORA","M",1.45]
["1.6.8","C2876","LOCAÇÃO E NIVELAMENTO DE REDE DE ESGOTO/EMISSÁRIO/DRENAGEM","M",1.98]
["1.6.9","C3528","MUTIRÃO MISTO - LOCAÇÃO DA OBRA - EXECUÇÃO DE GABARITO","M2",2.63]
["1.7","DEMOLIÇÕES E RETIRADAS",null,null,2263.83]
["1.7.1","C2992","DEMOLIÇÃO DE ALVENARIA DE PEDRA COM REMOÇÃO LATERAL","M3",75.54]
["1.7.2","C1042","DEMOLIÇÃO DE ALVENARIA DE TIJOLOS  C/ REAPROVEITAMENTO","M3",50.8]
["1.7.3","C1043","DEMOLIÇÃO DE ALVENARIA DE TIJOLOS S/ REAPROVEITAMENTO","M3",25.39]
["1.7.4","C1044","DEMOLIÇÃO DE CALHAS","M",9.57]
["1.7.5","C1045","DEMOLIÇÃO DE COBERTURA C/TELHAS CERÂMICAS","M2",5.07]
["1.7.6","C1046","DEMOLIÇÃO DE COBERTURA C/TELHAS ONDULADAS DE FIBROCIMENTO","M2",2.11]
["1.7.7","C1047","DEMOLIÇÃO DE COBOGÓS","M2",14.35]
["1.7.8","C1048","DEMOLIÇÃO DE CONCRETO ARMADO C/MARTELETE PNEUMÁTICO","M3",298.77]
["1.7.9","C1049","DEMOLIÇÃO DE CONCRETO SIMPLES","M3",110.09]
["1.7.10","C1058","DEMOLIÇÃO DE DEGRAUS DE PEDRA","M",13.55]
["1.7.11","C1050","DEMOLIÇÃO DE DIVISÓRIA LEVE","M2",12.9]
["1.7.12","C1051","DEMOLIÇÃO DE DIVISÓRIA OUTRAS (PRÉ MOLDADO)","M2",16.18]
["1.7.13","C1052","DEMOLIÇÃO DE ESTRUTURA DE MADEIRA P/TELHADOS","M2",11.78]
["1.7.14","C1053","DEMOLIÇÃO DE ESTRUTURA METÁLICA","M2",14.35]
["1.7.15","C1054","DEMOLIÇÃO DE FORRO DE PVC","M2",6.35]
["1.7.16","C1055","DEMOLIÇÃO DE FORRO DE TÁBUAS DE PINHO","M2",2.73]
["1.7.17","C1056","DEMOLIÇÃO DE FORRO DE GESSO","M2",1.69]
["1.7.18","C1057","DEMOLIÇÃO DE FORRO PACOTE","M2",4.24]
["1.7.19","C2993","DEMOLIÇÃO DE FORRO DE LAMBRI","M2",2.73]
["1.7.20","C1061","DEMOLIÇÃO DE LOUÇA SANITÁRIA","UN",8.84]
["1.7.21","C1062","DEMOLIÇÃO DE PAVIMENTAÇÃO ASFÁLTICA C/MARTELETE PNEUMÁTICO","M2",12.02]
["1.7.22","C1063","DEMOLIÇÃO DE PÉRGOLAS OU BRISES","M3",110.09]
["1.7.23","C1064","DEMOLIÇÃO DE PISO CERÂMICO","M2",5.93]
["1.7.24","C1065","DEMOLIÇÃO DE PISO CERÂMICO SOBRE LASTRO DE CONCRETO","M2",11.86]
["1.7.25","C1066","DEMOLIÇÃO DE PISO CIMENTADO SOBRE LASTRO DE CONCRETO","M2",11]
["1.7.26","C2716","DEMOLIÇÃO DE PISO DE LADRILHO","M2",7.36]
["1.7.27","C1067","DEMOLIÇÃO DE PISO DE TÁBUAS DE PEROBA","M2",8.16]
["1.7.28","C1068","DEMOLIÇÃO DE PISO E VIGAS DE MADEIRA","M2",10.89]
["1.7.29","C1069","DEMOLIÇÃO DE PISO INDUSTRIAL","M2",22.71]
["1.7.30","C1070","DEMOLIÇÃO DE REVESTIMENTO C/ARGAMASSA","M2",4.24]
["1.7.31","C1071","DEMOLIÇÃO DE REVESTIMENTO C/AZULEJOS","M2",21.17]
["1.7.32","C1074","DEMOLIÇÃO DE REVESTIMENTO C/CERÂMICAS","M2",21.17]
["1.7.33","C1072","DEMOLIÇÃO DE REVESTIMENTO C/LAMBRIS","M2",21.17]
["1.7.34","C1073","DEMOLIÇÃO DE REVESTIMENTO C/ PEDRAS NATURAIS","M2",24.56]
["1.7.35","C1075","DEMOLIÇÃO DE SARJETA OU SARJETÃO DE CONCRETO","M2",6.77]
["1.7.36","C1076","DEMOLIÇÃO DE SOLEIRAS, PEITORIS E DEGRAUS","M",11]
["1.7.37","C1077","DEMOLIÇÃO DE VIGAS DE FERRO","KG",0.14]
["1.7.38","C3064","DEMOLIÇÃO E REMOÇÃO DE PAVIMENTO EM PARALELEPIPEDO E POLIÉDRICO","M2",3.68]
["1.7.39","C3063","DEMOLIÇÃO E REMOÇÃO DE PAREDES DE TAIPA","M2",12.28]
["1.7.40","C2717","DEMOLIÇÃO MANUAL DE CONCRETO ARMADO","M3",203.22]
["1.7.41","C3103","REMOÇÃO DE BUEIROS EXISTENTES","M",58.9]
["1.7.42","C3104","REMOÇÃO DE CERCAS","M",0.18]
["1.7.43","C2197","REMOÇÃO DE PINTURA ANTIGA A CAL","M2",1.47]
["1.7.44","C2198","REMOÇÃO DE PINTURA ANTIGA À TEMPERA","M2",2.21]
["1.7.45","C3038","RETIRADA DE CAIXA DE AR CONDICIONADO","UN",36.82]
["1.7.46","C3039","RETIRADA DE CARPETE S/REAPROVEITAMENTO","M2",1.85]
["1.7.47","C3376","RETIRADA DE COLETOR EM CONCRETO ATÉ 400mm","M",21.97]
["1.7.48","C2206","RETIRADA DE ESQUADRIAS METÁLICAS","M2",4.24]
["1.7.49","C3040","RETIRADA DE GRADE DE FERRO","M2",3.68]
["1.7.50","C2207","RETIRADA DE GUIAS PRÉ FABRICADAS DE CONCRETO","M",4.24]
["1.7.51","C3373","RETIRADA DE MEIO FIO DE PEDRA GRANÍTICA","M",4.24]
["1.7.52","C2938","RETIRADA DE PAVIMENTAÇÃO ASFÁLTICA COM BASE EM PEDRA","M2",15.28]
["1.7.53","C2939","RETIRADA DE PAVIMENTAÇÃO EM BLOCO DE CONCRETO","M2",4.8]
["1.7.54","C3041","RETIRADA DE PAVIMENTAÇÃO EM BLOKRET C/ REMOÇÃO LATERAL","M2",5.07]
["1.7.55","C2940","RETIRADA DE PAVIMENTAÇÃO EM PARALELEPÍPEDO OU PEDRA TOSCA","M2",4.42]
["1.7.56","C2941","RETIRADA DE PAVIMENTAÇÃO EM PASSEIO CIMENTADO","M2",7.36]
["1.7.57","C2942","RETIRADA DE PAVIMENTAÇÃO EM PEDRA PORTUGUESA","M2",3.68]
["1.7.58","C2209","RETIRADA DE PISO PAVIFLEX","M2",4.8]
["1.7.59","C2210","RETIRADA DE PORTAS E JANELAS, INCLUSIVE BATENTES","M2",6.77]
["1.7.60","C3047","RETIRADA DE TUBO PVC ENTERRADO DN=50mm","M",3.48]
["1.7.61","C3048","RETIRADA DE TUBO PVC ENTERRADO DN=75mm","M",4.3]
["1.7.62","C3049","RETIRADA DE TUBO PVC ENTERRADO DN=85mm","M",4.7]
["1.7.63","C3042","RETIRADA DE TUBO PVC ENTERRADO DN=100mm","M",5.09]
["1.7.64","C3043","RETIRADA DE TUBO PVC ENTERRADO DN=150mm","M",6.98]
["1.7.65","C3044","RETIRADA DE TUBO PVC ENTERRADO DN=200mm","M",9.69]
["1.7.66","C3045","RETIRADA DE TUBO PVC ENTERRADO DN=250mm","M",11.26]
["1.7.67","C3046","RETIRADA DE TUBO PVC ENTERRADO DN=300mm","M",14.77]
["1.7.68","C3054","RETIRADA DE TUBOS DE CONCRETO D=30cm","M",14.59]
["1.7.69","C3055","RETIRADA DE TUBOS DE CONCRETO D=40cm","M",18.55]
["1.7.70","C3056","RETIRADA DE TUBOS DE CONCRETO D=50cm","M",24.3]
["1.7.71","C3057","RETIRADA DE TUBOS DE CONCRETO D=60cm","M",31.36]
["1.7.72","C3050","RETIRADA DE TUBOS DE CONCRETO D=80cm","M",45.05]
["1.7.73","C3051","RETIRADA DE TUBOS DE CONCRETO D=100cm","M",76.87]
["1.7.74","C3052","RETIRADA DE TUBOS DE CONCRETO D=120cm","M",110.01]
["1.7.75","C3053","RETIRADA DE TUBOS DE CONCRETO D=150cm","M",161.85]
["1.7.76","C3377","RETIRADA DE TUBOS E CONEXÕES EM PVC JE DN 50MM","M",1.2]
["1.7.77","C3378","RETIRADA DE TUBOS E CONEXÕES EM PVC JE DN 75MM","M",1.46]
["1.7.78","C3379","RETIRADA DE TUBOS E CONEXÕES EM PVC JE DN 100MM","M",1.94]
["1.7.79","C3380","RETIRADA DE TUBOS E CONEXÕES EM PVC JE DN 125MM","M",2.45]
["1.7.80","C3381","RETIRADA DE TUBOS E CONEXÕES EM PVC JE DN 150MM","M",2.8]
["1.7.81","C3382","RETIRADA DE TUBOS E CONEXÕES EM PVC JE DN 200MM","M",3.66]
["1.7.82","C3383","RETIRADA DE TUBOS E CONEXÕES EM PVC JE DN 250MM","M",4.1]
["1.7.83","C3384","RETIRADA DE TUBOS E CONEXÕES EM PVC JE DN 300MM","M",5.82]
["1.7.84","C3385","RETIRADA DE TUBOS E CONEXÕES EM PVC JE DN 350MM","M",6.46]
["1.7.85","C3386","RETIRADA DE TUBOS E CONEXÕES EM PVC JE DN 400MM","M",7.31]
["1.7.86","C3387","RETIRADA DE TUBOS, PEÇAS E CONEXÕES EM FoFo JE DN 50MM","M",3.15]
["1.7.87","C3388","RETIRADA DE TUBOS, PEÇAS E CONEXÕES EM FoFo JE DN 75MM","M",3.81]
["1.7.88","C3389","RETIRADA DE TUBOS, PEÇAS E CONEXÕES EM FoFo JE DN 100MM","M",6.27]
["1.7.89","C3390","RETIRADA DE TUBOS, PEÇAS E CONEXÕES EM FoFo JE DN 150MM","M",8.77]
["1.7.90","C3391","RETIRADA DE TUBOS, PEÇAS E CONEXÕES EM FoFo JE DN 200MM","M",10.06]
["1.7.91","C3392","RETIRADA DE TUBOS, PEÇAS E CONEXÕES EM FoFo JE DN 250MM","M",12.62]
["1.7.92","C3393","RETIRADA DE TUBOS, PEÇAS E CONEXÕES EM FoFo JE DN 300MM","M",16]
["1.7.93","C3394","RETIRADA DE TUBOS, PEÇAS E CONEXÕES EM FoFo JE DN 350MM","M",19.22]
["1.7.94","C3395","RETIRADA DE TUBOS, PEÇAS E CONEXÕES EM FoFo JE DN 400MM","M",22.02]
["1.7.95","C3396","RETIRADA DE TUBOS, PEÇAS E CONEXÕES EM FoFo JE DN 450MM","M",28.21]
["1.7.96","C3397","RETIRADA DE TUBOS, PEÇAS E CONEXÕES EM FoFo JE DN 500MM","M",34.4]
["1.7.97","C3398","RETIRADA DE TUBOS, PEÇAS E CONEXÕES EM FoFo JE DN 600MM","M",40.38]
["1.7.98","C3399","RETIRADA DE TUBOS, PEÇAS E CONEXÕES EM FoFo JE DN 700MM","M",51.67]
["1.7.99","C2211","RETIRADA DE VIDROS C/ REAPROVEITAMENTO","M2",18.79]
["1.8","TRÂNSITO E SEGURANÇA",null,null,309.55]
["1.8.1","C0375","BARREIRA DE CONCRETO (NEW JERSEY) SIMPLES","M",255.09]
["1.8.2","C2891","PASSADIÇOS COM CHAPAS DE AÇO","M2",7.68]
["1.8.3","C2892","PASSADIÇOS COM PRANCHAS DE MADEIRA","M2",25.78]
["1.8.4","C2947","SINALIZAÇÃO DE ADVERTÊNCIA","UN",8.85]
["1.8.5","C2948","SINALIZAÇÃO DE TRÂNSITO COM BARREIRAS","M",3.25]
["1.8.6","C2949","SINALIZAÇÃO DE TRÂNSITO NOTURNA","M",1.4]
["1.8.7","C2950","SINALIZAÇÃO EM TAPUME COM INDICATIVO DE FLUXO","M2",4.72]
["1.8.8","C2978","SINALIZAÇÃO EM TAPUME DE PROTEÇÃO COM CHAPAS COMPENSADAS E= 12mm","M",2.79]
["2","MOVIMENTO DE TERRA",null,null,15838.72]
["2.1","ESCAVAÇÕES EM CAMPO ABERTO",null,null,1440.75]
["2.1.1","C2779","ESCAVAÇÃO EM S.Q.N SATURADO, PROF.2.0 a 12.0m (POÇO AMAZONAS)","M3",83.34]
["2.1.2","C1263","ESCAVAÇÃO MANUAL CAMPO ABERTO EM ROCHA C/EXPLOS.PERF.MAN. ATÉ 2M","M3",156.06]
["2.1.3","C1260","ESCAVAÇÃO MANUAL CAMPO ABERTO EM ROCHA C/EXPLOS.PERF.MAN. - 2,01 A 4,00M","M3",166.01]
["2.1.4","C1261","ESCAVAÇÃO MANUAL CAMPO ABERTO EM ROCHA C/EXPLOS.PERF.MAN. - 4,01 A 6,00M","M3",175.94]
["2.1.5","C1262","ESCAVAÇÃO MANUAL CAMPO ABERTO EM ROCHA C/EXPLOS.PERF.MAN. - 6,01 A 8,00M","M3",185.89]
["2.1.6","C1266","ESCAVAÇÃO MANUAL CAMPO ABERTO EM ROCHA C/EXPLOS.PERF.MEC. ATÉ 2M","M3",122.36]
["2.1.7","C1264","ESCAVAÇÃO MANUAL CAMPO ABERTO EM ROCHA C/EXPLOS.PERF.MEC. - 2,01 A 4,00M","M3",132.69]
["2.1.8","C1265","ESCAVAÇÃO MANUAL CAMPO ABERTO EM ROCHA C/EXPLOS.PERF.MEC. - 4,01 A 6,00M","M3",143.01]
["2.1.9","C1254","ESCAVAÇÃO MANUAL CAMPO ABERTO EM ROCHA C/EXPLOS.PERF.MEC. - 6,01 A 8,00M","M3",153.32]
["2.1.10","C1256","ESCAVAÇÃO MANUAL CAMPO ABERTO EM TERRA ATÉ 2M","M3",21.57]
["2.1.11","C1257","ESCAVAÇÃO MANUAL CAMPO ABERTO EM TERRA, DE 2,01 A 4,00M","M3",25.69]
["2.1.12","C1258","ESCAVAÇÃO MANUAL CAMPO ABERTO EM TERRA, DE 4,00 A 6,00M","M3",29.81]
["2.1.13","C1259","ESCAVAÇÃO MANUAL CAMPO ABERTO EM TERRA, DE 6,00 A 8,00M","M3",34.39]
["2.1.14","C1267","ESCAVAÇÃO MECAN. CAMPO ABERTO EM TERRA EXCETO ROCHA ATÉ 2M","M3",2.05]
["2.1.15","C1268","ESCAVAÇÃO MECAN. CAMPO ABERTO EM TERRA EXCETO ROCHA ATÉ 4M","M3",2.35]
["2.1.16","C1269","ESCAVAÇÃO MECAN. CAMPO ABERTO EM TERRA EXCETO ROCHA ATÉ 6M","M3",2.87]
["2.1.17","C1270","ESCAVAÇÃO MECAN. CAMPO ABERTO EM TERRA EXCETO ROCHA ATÉ 8M","M3",3.41]
["2.2","ESCAVAÇÃO E CARGA DE MATERIAL",null,null,77.94]
["2.2.1","C3208","ESCAVAÇÃO E CARGA DE MATERIAL 1-CAT.","M3",4.18]
["2.2.2","C3209","ESCAVAÇÃO E CARGA DE MATERIAL 2-CAT.","M3",5.68]
["2.2.3","C3210","ESCAVAÇÃO E CARGA DE MATERIAL 3-CAT.","M3",27.89]
["2.2.4","C3212","ESCAVAÇÃO E CARGA DE SOLO MOLE","M3",8.54]
["2.2.5","C2797","ESCAVAÇÃO SUBMERSA (DRAGAGEM)","M3",31.66]
["2.3","CARGA,TRANSPORTE E DESCARGA DE MATERIAL",null,null,227.76]
["2.3.1","C0702","CARGA MANUAL DE ENTULHO EM CAMINHÃO BASCULANTE","M3",10.96]
["2.3.2","C0706","CARGA MANUAL DE ROCHA EM CAMINHÃO BASCULANTE","M3",11.41]
["2.3.3","C0707","CARGA MANUAL DE TERRA EM CAMINHÃO BASCULANTE","M3",9.13]
["2.3.4","C0708","CARGA MECANIZADA DE ENTULHO EM CAMINHÃO BASCULANTE","M3",2.36]
["2.3.5","C0709","CARGA MECANIZADA DE ROCHA EM CAMINHÃO BASCULANTE","M3",2.51]
["2.3.6","C0710","CARGA MECANIZADA DE TERRA EM CAMINHÃO BASCULANTE","M3",2.22]
["2.3.7","C2987","COMPLEMENTAÇÃO DE TRANSPORTE EM CAMINHÃO BASCULANTE","M3xKM",0.72]
["2.3.8","C2529","TRANSPORTE DE MATERIAL, EXCETO ROCHA EM CAMINHÃO ATÉ 0.5 KM","M3",2.97]
["2.3.9","C2531","TRANSPORTE DE MATERIAL, EXCETO ROCHA EM CAMINHÃO ATÉ 1KM","M3",3.29]
["2.3.10","C2533","TRANSPORTE DE MATERIAL, EXCETO ROCHA EM CAMINHÃO ATÉ 5 KM","M3",16.47]
["2.3.11","C2530","TRANSPORTE DE MATERIAL, EXCETO ROCHA EM CAMINHÃO ATÉ 10KM","M3",19.75]
["2.3.12","C2532","TRANSPORTE DE MATERIAL, EXCETO ROCHA EM CAMINHÃO ATÉ 20KM","M3",29.65]
["2.3.13","C2536","TRANSPORTE HORIZONTAL ATÉ 30M DE MATERIAIS À GRANEL","M3",18.41]
["2.3.14","C2537","TRANSPORTE HORIZONTAL DE 30,00 ATÉ 60,00M DE MATERIAIS À GRANEL","M3",22.83]
["2.3.15","C2535","TRANSPORTE HORIZONTAL DE 60,01 ATÉ 100,00M DE MATERIAIS À GRANEL","M3",30.19]
["2.3.16","C2538","TRANSPORTE VERTICAL DE MATERIAIS À GRANEL P/ A 1A LAJE","M3",13.25]
["2.3.17","C2539","TRANSPORTE VERTICAL DE MATERIAIS À GRANEL P/ A 2A LAJE","M3",31.66]
["2.4","ESCAVAÇÃO, CARGA, TRANSPORTE E DESCARGA DE MATERIAL",null,null,800.07]
["2.4.1","C3131","ARRASAMENTO ATERRO (ESCALONAMENTO) DMT ATÉ 50M","M3",4.42]
["2.4.2","C3182","ESCAVAÇÃO CARGA TRANSP. 1-CAT ATÉ 200M","M3",6.17]
["2.4.3","C3178","ESCAVAÇÃO CARGA TRANSP. 1-CAT 201 A 400M","M3",6.73]
["2.4.4","C3180","ESCAVAÇÃO CARGA TRANSP. 1-CAT 401 A 600M","M3",7.14]
["2.4.5","C3169","ESCAVACAO CARGA TRANSP. 1-CAT 601 A 800M","M3",7.79]
["2.4.6","C3181","ESCAVAÇÃO CARGA TRANSP. 1-CAT 801 A 1000M","M3",8.23]
["2.4.7","C3175","ESCAVAÇÃO CARGA TRANSP. 1-CAT 1001 A 1200M","M3",8.4]
["2.4.8","C3165","ESCAVACÃO CARGA TRANSP. 1-CAT 1201 A 1400M","M3",9.03]
["2.4.9","C3176","ESCAVAÇÃO CARGA TRANSP. 1-CAT 1401 A 1600M","M3",9.41]
["2.4.10","C3177","ESCAVAÇÃO CARGA TRANSP. 1-CAT 1601 A 1800M","M3",10]
["2.4.11","C3166","ESCAVAÇÃO CARGA TRANSP. 1-CAT 1801 A 2000M","M3",10.41]
["2.4.12","C3167","ESCAVAÇÃO CARGA TRANSP. 1-CAT 2001 A 3000M","M3",10.72]
["2.4.13","C3168","ESCAVAÇÃO CARGA TRANSP. 1-CAT 3001 A 4000M","M3",12.21]
["2.4.14","C3179","ESCAVAÇÃO CARGA TRANSP. 1-CAT 4001 A 5000M","M3",13.6]
["2.4.15","C3192","ESCAVAÇÃO CARGA TRANSP. 2-CAT ATÉ 200M","M3",8.07]
["2.4.16","C3187","ESCAVAÇÃO CARGA TRANSP. 2-CAT 201 A 400M","M3",8.43]
["2.4.17","C3189","ESCAVAÇÃO CARGA TRANSP. 2-CAT 401 A 600M","M3",9.26]
["2.4.18","C3190","ESCAVAÇÃO CARGA TRANSP. 2-CAT 601 A 800M","M3",9.69]
["2.4.19","C3191","ESCAVAÇÃO CARGA TRANSP. 2-CAT 801 A 1000M","M3",10.16]
["2.4.20","C3170","ESCAVAÇÃO CARGA TRANSP. 2-CAT 1001 A 1200M","M3",10.74]
["2.4.21","C3183","ESCAVAÇÃO CARGA TRANSP. 2-CAT 1201 A 1400M","M3",11.17]
["2.4.22","C3184","ESCAVAÇÃO CARGA TRANSP. 2-CAT 1401 A 1600M","M3",11.61]
["2.4.23","C3185","ESCAVAÇÃO CARGA TRANSP. 2-CAT 1601 A 1800M","M3",12.37]
["2.4.24","C3186","ESCAVAÇÃO CARGA TRANSP. 2-CAT 1801 A 2000M","M3",12.79]
["2.4.25","C3171","ESCAVAÇÃO CARGA TRANSP. 2-CAT 2001 A 3000M","M3",13.15]
["2.4.26","C3188","ESCAVAÇÃO CARGA TRANSP. 2-CAT 3001 A 4000M","M3",14.65]
["2.4.27","C3172","ESCAVAÇÃO CARGA TRANSP. 2-CAT 4001 A 5000M","M3",16.31]
["2.4.28","C3205","ESCAVAÇÃO CARGA TRANSP. 3-CAT ATÉ 50M","M3",28.96]
["2.4.29","C3202","ESCAVAÇÃO CARGA TRANSP. 3-CAT 51 A 100M","M3",31.4]
["2.4.30","C3194","ESCAVAÇÃO CARGA TRANSP. 3-CAT 101 A 200M","M3",31.55]
["2.4.31","C3200","ESCAVAÇÃO CARGA TRANSP. 3-CAT 201 A 400M","M3",31.99]
["2.4.32","C3201","ESCAVAÇÃO CARGA TRANSP. 3-CAT 401 A 600M","M3",32.62]
["2.4.33","C3203","ESCAVAÇÃO CARGA TRANSP. 3-CAT 601 A 800M","M3",33.82]
["2.4.34","C3204","ESCAVAÇÃO CARGA TRANSP. 3-CAT 801 A 1000M","M3",34.43]
["2.4.35","C3193","ESCAVAÇÃO CARGA TRANSP. 3-CAT 1001 A 1200M","M3",34.71]
["2.4.36","C3195","ESCAVAÇÃO CARGA TRANSP. 3-CAT 1201 A 1400M","M3",35.8]
["2.4.37","C3196","ESCAVAÇÃO CARGA TRANSP. 3-CAT 1401 A 1600M","M3",36.39]
["2.4.38","C3197","ESCAVAÇÃO CARGA TRANSP. 3-CAT 1601 A 1800M","M3",36.91]
["2.4.39","C3198","ESCAVAÇÃO CARGA TRANSP. 3-CAT 1801 A 2000M","M3",37.5]
["2.4.40","C3199","ESCAVAÇÃO CARGA TRANSP. 3-CAT 2001 A 3000M","M3",38.52]
["2.4.41","C3173","ESCAVAÇÃO CARGA TRANSP. 3-CAT 3001 A 4000M","M3",40.54]
["2.4.42","C3174","ESCAVAÇÃO CARGA TRANSP. 3-CAT 4001 A 5000M","M3",42.2]
["2.5","ESCAVAÇÕES EM VALAS,VALETAS,CANAIS E FUNDAÇÕES",null,null,12857.75]
["2.5.1","C3280","ESCAVAÇÃO DE BASE DE TUBULÃO A AR COMPRIMIDO ATÉ 12M","M3",435.89]
["2.5.2","C3281","ESCAVAÇÃO DE BASE DE TUBULÃO A AR COMPRIMIDO DE 12,00 A 18M","M3",495.83]
["2.5.3","C3282","ESCAVAÇÃO DE BASE DE TUBULÃO A CEU ABERTO","M3",283.23]
["2.5.4","C2777","ESCAVAÇÃO DE MATERIAL DE 3A. CAT A FOGO","M3",84.86]
["2.5.5","C2778","ESCAVAÇÃO DE MATERIAL DE 3A. CAT A FRIO","M3",428.08]
["2.5.6","C3206","ESCAVAÇÃO DE POÇO TUBULÃO A AR COMPRIMIDO C/ DESCIDA DE CAMISA DE CONCRETO ARMADO ATÉ 12m","M3",415.05]
[]
["2.5.7","C3213","ESCAVAÇÃO DE POÇO TUBULÃO A AR COMPRIMIDO C/DESCIDA DE CAMISA DE CONCRETO ARMADO 12,01 A 18,00M","M3",468.7]
[]
["2.5.8","C3207","ESCAVAÇÃO DE POÇO TUBULÃO A CEU ABERTO  C/ DESCIDA DE CAMISA DE CONCRETO ARMADO","M3",223.28]
[]
["2.5.9","C3400","ESCAVAÇÃO EM ROCHA BRANDA  A FRIO","M3",169.28]
["2.5.10","C1255","ESCAVAÇÃO MANUAL C/ APIL. FUNDO P/ CAIXA EM ALVENARIA","M3",34.09]
["2.5.11","C2784","ESCAVAÇÃO MANUAL SOLO DE 1A.CAT. PROF. ATÉ 1.50m","M3",19.5]
["2.5.12","C2781","ESCAVAÇÃO MANUAL SOLO DE 1A CAT. PROF. DE 1.51 a 3.00m","M3",25.77]
["2.5.13","C2782","ESCAVAÇÃO MANUAL SOLO DE 1A CAT. PROF. DE 3.01 a 4.50m","M3",30.19]
["2.5.14","C2783","ESCAVAÇÃO MANUAL SOLO DE 1A CAT. PROF. DE 4.51 a 6.00m","M3",35.34]
["2.5.15","C2785","ESCAVAÇÃO MANUAL SOLO DE 2A CAT. PROF. ATÉ 1.50m","M3",25.77]
["2.5.16","C2786","ESCAVAÇÃO MANUAL SOLO DE 2A CAT. PROF. DE 1.51 a 3.00m","M3",38.94]
["2.5.17","C2787","ESCAVAÇÃO MANUAL SOLO DE 2A CAT. PROF. DE 3.01 a 4.50m","M3",52.14]
["2.5.18","C2788","ESCAVAÇÃO MANUAL SOLO DE 2A CAT. PROF. DE 4.51 a 6.00m","M3",65.39]
["2.5.19","C2789","ESCAVAÇÃO MECÂNICA SOLO DE 1A CAT. PROF. ATÉ 2.00m","M3",5.16]
["2.5.20","C2790","ESCAVAÇÃO MECÂNICA SOLO DE 1A CAT. PROF. DE 2.01 a 4.00m","M3",6.89]
["2.5.21","C2791","ESCAVAÇÃO MECÂNICA SOLO DE 1A CAT. PROF. DE 4.01 a 6.00m","M3",11.34]
["2.5.22","C2792","ESCAVAÇÃO MECÂNICA SOLO DE 1A CAT. PROF. DE 6.01 a 8.00m","M3",29.06]
["2.5.23","C2796","ESCAVAÇÃO MECÂNICA SOLO DE 2A.CAT. PROF. ATÉ 2.00m","M3",12.1]
["2.5.24","C2793","ESCAVAÇÃO MECÂNICA SOLO DE 2A CAT. PROF. DE 2.01 a 4.00m","M3",17.93]
["2.5.25","C2794","ESCAVAÇÃO MECÂNICA SOLO DE 2A CAT. PROF. DE 4.01 a 6.00m","M3",26.79]
["2.5.26","C2795","ESCAVAÇÃO MECÂNICA SOLO DE 2A. CAT. PROF. DE 6.01 a 8.00m","M3",44.11]
["2.5.27","C3474","TRAVESSIA MÉTODO NÃO DESTRUTIVO P/ TUBO ATÉ DN 100 (COMPLETO)","M",1912.83]
["2.5.28","C3475","TRAVESSIA MÉTODO NÃO DESTRUTIVO P/ TUBO 100<DN<=200 (COMPLETO)","M",2442.5]
["2.5.29","C3476","TRAVESSIA MÉTODO NÃO DESTRUTIVO P/ TUBO 200<DN<=300 (COMPLETO)","M",3008.3]
["2.5.30","C4218","TRAVESSIA MÉTODO NÃO DESTRUTIVO P/ TUBO 300<DN<=500 (COMPLETO)","M",2009.39]
["2.6","ATERRO,REATERRO E COMPACTAÇÃO",null,null,257.5]
["2.6.1","C0095","APILOAMENTO DE PISO OU FUNDO DE VALAS C/MAÇO DE 30 A 60 KG","M2",12.52]
["2.6.2","C0328","ATERRO C/COMPACTAÇÃO MECÂNICA E CONTROLE, MAT. DE AQUISIÇÃO","M3",48.99]
["2.6.3","C0329","ATERRO C/COMPACTAÇÃO MECÂNICA E CONTROLE, MAT. PRODUZIDO (S/TRANSP.)","M3",14.92]
["2.6.4","C0330","ATERRO C/COMPACTAÇÃO MANUAL S/CONTROLE, MAT. C/AQUISIÇÃO","M3",49.92]
["2.6.5","C0331","ATERRO C/COMPACTAÇÃO MANUAL S/CONTROLE, MAT. PRODUZIDO (S/TRANSP.)","M3",15.85]
["2.6.6","C3145","COMPACTAÇÃO DE ATERROS  95% P.N","M3",2.35]
["2.6.7","C3146","COMPACTAÇÃO DE ATERROS 100% P.N","M3",2.44]
["2.6.8","C4665","COMPACTAÇÃO DE ATERROS 95% P.I. P/ OBRAS AEROPORTUÁRIAS","M3",2.62]
["2.6.9","C4666","COMPACTAÇÃO DE ATERROS 100% P.I. P/ OBRAS AEROPORTUÁRIAS","M3",2.86]
["2.6.10","C4667","COMPACTAÇÃO DE ATERROS 95% P.M. P/ OBRAS AEROPORTUÁRIAS","M3",2.94]
["2.6.11","C4668","COMPACTAÇÃO DE ATERROS 100% P.M. P/ OBRAS AEROPORTUÁRIAS","M3",3.03]
["2.6.12","C0821","COMPACTAÇÃO MECÂNICA DE CALÇAMENTO C/COMPACTADOR TIPO SAPO","M2",0.91]
["2.6.13","C0822","COMPACTAÇÃO MECÂNICA DO CALÇAMENTO C/ ROLO LISO","M2",0.76]
["2.6.14","C0928","CORTE E ATERRO COMPENSADO S/CONTROLE DO GRAU DE COMPACTAÇÃO","M3",6.35]
["2.6.15","C0930","CORTE MANUAL EM TERRA","M3",22.09]
["2.6.16","C3214","ESPALHAMENTO E ADENSAMENTO DE AREIA","M3",6.2]
["2.6.17","C2989","ESPALHAMENTO MECÂNICO DE SOLO EM BOTA FORA","M3",1.28]
["2.6.18","C3530","MUTIRÃO MISTO - ATERRO COM COMPACTAÇÃO MANUAL S/CONTROLE, MAT. C/AQUISIÇÃO","M3",37.4]
[]
["2.6.19","C2921","REATERRO C/COMPACTAÇÃO MANUAL S/CONTROLE, MATERIAL DA VALA","M3",12.52]
["2.6.20","C2920","REATERRO C/COMPACTAÇÃO MECÂNICA, E CONTROLE, MATERIAL DA VALA","M3",11.59]
["2.7","CARGA, TRANSPORTE E DESCARGA DE TUBOS E CONEXÕES",null,null,176.95]
["2.7.1","C0717","CARGA, DESCARGA E TRANSP. DE TUBOS E CONEXÕES EM MBV DN 100mm ATÉ 15km","M",0.73]
["2.7.2","C0711","CARGA, DESCARGA E TRANSP. DE TUBOS E CONEXÕES EM MBV DN 150mm ATÉ 15km","M",1.03]
["2.7.3","C0712","CARGA, DESCARGA E TRANSP. DE TUBOS E CONEXÕES EM MBV DN 200mm ATÉ 15km","M",1.48]
["2.7.4","C0713","CARGA, DESCARGA E TRANSP. DE TUBOS E CONEXÕES EM MBV DN 250mm ATÉ 15km","M",2.59]
["2.7.5","C0714","CARGA, DESCARGA E TRANSP. DE TUBOS E CONEXÕES EM MBV DN 300mm ATÉ 15km","M",3.19]
["2.7.6","C0715","CARGA, DESCARGA E TRANSP. DE TUBOS E CONEXÕES EM MBV DN 350mm ATÉ 15km","M",5.22]
["2.7.7","C0716","CARGA, DESCARGA E TRANSP. DE TUBOS E CONEXÕES EM MBV DN 400mm ATÉ 15km","M",7.63]
["2.7.8","C4672","CARGA E DESCARGA DE TUBOS CORRUGADOS DE DUPLA PAREDE E CONEXÕES EM PEAD","M",24.35]
[]
["2.7.9","C0703","CARGA E DESCARGA DE TUBOS DE CONCRETO","T",38.28]
["2.7.10","C0704","CARGA E DESCARGA DE TUBOS E CONEXÕES EM AÇO","T",28.71]
["2.7.11","C0705","CARGA E DESCARGA DE TUBOS E CONEXÕES EM FoFo","T",33.49]
["2.7.12","C0727","CARGA, TRANSPORTE E DESCARGA DE TUBOS E PEÇAS EM PVC DN 50mm ATÉ 15km","M",0.18]
["2.7.13","C0728","CARGA, TRANSPORTE E DESCARGA DE TUBOS E PEÇAS EM PVC DN 75mm ATÉ 15km","M",0.3]
["2.7.14","C0718","CARGA, TRANSPORTE E DESCARGA DE TUBOS E PEÇAS EM PVC DN 100mm ATÉ 15km","M",0.33]
["2.7.15","C0719","CARGA, TRANSPORTE E DESCARGA DE TUBOS E PEÇAS EM PVC DN 150mm ATÉ 15km","M",0.5]
["2.7.16","C0720","CARGA, TRANSPORTE E DESCARGA DE TUBOS E PEÇAS EM PVC DN 200mm ATÉ 15km","M",0.66]
["2.7.17","C0721","CARGA, TRANSPORTE E DESCARGA DE TUBOS E PEÇAS EM PVC DN 250mm ATÉ 15km","M",0.83]
["2.7.18","C0722","CARGA, TRANSPORTE E DESCARGA DE TUBOS E PEÇAS EM PVC DN 300mm ATÉ 15km","M",0.99]
["2.7.19","C0723","CARGA, TRANSPORTE E DESCARGA DE TUBOS E PEÇAS EM PVC DN 350mm ATÉ 15km","M",1.16]
["2.7.20","C0724","CARGA, TRANSPORTE E DESCARGA DE TUBOS E PEÇAS EM PVC DN 400mm ATÉ 15km","M",1.32]
["2.7.21","C0725","CARGA, TRANSPORTE E DESCARGA DE TUBOS E PEÇAS EM PVC DN 450mm ATÉ 15km","M",1.52]
["2.7.22","C0726","CARGA, TRANSPORTE E DESCARGA DE TUBOS E PEÇAS EM PVC DN 500mm ATÉ 15km","M",1.69]
["2.7.23","C2980","TRANSPORTE DE TUBOS E CONEXÕES DE FoFo, AÇO OU CONCRETO","T",20.81]
["3","SERVIÇOS AUXILIARES",null,null,7367.46]
["3.1","SERVIÇOS PREPARATÓRIOS",null,null,9.27]
["3.1.1","C3160","DESMATAMENTO DE JAZIDA","M2",0.29]
["3.1.2","C3161","DESMATAMENTO DESTOCAMENTO DE ÁRVORE E LIMPEZA","M2",0.19]
["3.1.3","C3211","ESCAVAÇÃO E CARGA DE MATERIAL DE JAZIDA","M3",3.16]
["3.1.4","C3218","EXPURGO DE JAZIDA","M3",2.55]
["3.1.5","C3319","NIVELAMENTO DE FUNDO DE VALAS","M2",2.91]
["3.1.6","C2990","REGULARIZAÇÃO DE TALUDES","M2",0.18]
["3.2","SUSTENTAÇÕES DIVERSAS",null,null,3381.83]
["3.2.1","C0083","ANDAIME METÁLICO DE ENCAIXE P/FACHADAS-LOCAÇÃO MENSAL","M2",7.42]
["3.2.2","C0084","ANDAIME P/1 M3 DE CONCRETO ARMADO","UN",11.25]
["3.2.3","C0086","ANDAIME P/ALVENARIA DE 1/2 TIJOLO","M2",1.99]
["3.2.4","C0085","ANDAIME P/ALVENARIA DE 1 TIJOLO","M2",5.53]
["3.2.5","C0087","ANDAIME P/REVESTIMENTO DE FORROS","M2",5.56]
["3.2.6","C0088","ANDAIME PRINCIPAL VERTICAL INCLUSIVE DEMOLIÇÃO","M2",27.04]
["3.2.7","C3352","ANDAIME SUSPENSO E PLATAFORMA DE MADEIRA","M2",31.33]
["3.2.8","C0364","BANDEJA SALVA-VIDAS C/TÁBUAS DE 1\"x12\" DE 2ª","M",242.65]
["3.2.9","C3320","CIMBRAMENTO DE MADEIRA","M3",24.81]
["3.2.10","C1236","ENCAIXOTAMENTO DE EDIFICAÇÕES","M2",69.27]
["3.2.11","C1246","ENTELAMENTO DE EDIFICAÇÕES C/PASSARELA DE TÁBUAS DE 1\"x12\" DE 2º","M2",180.85]
["3.2.12","C2804","ESCORAMENTO DE ÁRVORES","UN",72.54]
["3.2.13","C2803","ESCORAMENTO DE POSTES","UN",355.93]
["3.2.14","C3351","ESCORAMENTO P/ OBRAS D'ARTES CORRENTES","M3",40.01]
["3.2.15","C3081","ESCORAMENTO TUBULAR TIPO CONVENCIONAL","M3",20.92]
["3.2.16","C1274","ESCORAMENTO DE PROTEÇÃO EM EDIFICAÇÕES VIZINHAS","M2",146.95]
["3.2.17","C4166","ESTRUTURA DE SUSTENTAÇÃO EM VIGAS TRELIÇADAS E TABLADO DE MADEIRA","M2",130.98]
["3.2.18","C3466","EXECUÇÃO DE ESTRUTURA METÁLICA P/ IÇAMENTO D0 RESERVATÓRIO","KG",8.25]
["3.2.19","C4125","LOCAÇÃO MENSAL DE ANDAIME METÁLICO","M3",3.9]
["3.2.20","C3470","LOCAÇÃO MENSAL DE CIMBRAMENTO METÁLICO","M3",15.31]
["3.2.21","C1271","LOCAÇÃO MENSAL DE ESCORA METÁLICA P/VIGAS/LAJES","M2",8.28]
["3.2.22","C4129","LOCAÇÃO MENSAL DE ESCORAMENTO TUBULAR","M3",7.28]
["3.2.23","C3469","LOCAÇÃO MENSAL DE MACACOS HIDRAÚLICOS DE 50 T","M3",820.82]
["3.2.24","C3468","MONTAGEM E DESMONTAGEM DE ESTRUTURA METÁLICA P/ IÇAMENTO","KG",3.42]
["3.2.25","C2154","REFORMA DE ANDAIME EXTERNO ATÉ 3 ANDARES","M2",2.65]
["3.2.26","C2155","REFORMA DE ANDAIME EXTERNO MAIOR QUE 3 ANDARES","M2",4.98]
["3.2.27","C2967","SUSTENTAÇÃO DE TUBULAÇÕES EXISTENTES - MADEIRA","M3",1131.17]
["3.2.28","C2968","SUSTENTAÇÃO DE TUBULAÇÕES EXISTENTES - METÁLICA","KG",0.75]
["3.3","ESCORAMENTO DE MADEIRA  EM VALAS E CAVAS",null,null,138.92]
["3.3.1","C1272","ESCORAMENTO COMUM DE VALAS TIPO CONTÍNUO C/PRANCHAS PEROBA","M2",59.68]
["3.3.2","C2798","ESCORAMENTO CONTÍNUO COM CHAPA COMPENSADA DE 12mm","M2",11.59]
["3.3.3","C1273","ESCORAMENTO CONTÍNUO P/GALERIA MOLDADA","M2",51.39]
["3.3.4","C2805","ESCORAMENTO DESCONTÍNUO COM PRANCHAS DE MADEIRA","M2",16.26]
["3.4","ESCORAMENTO METÁLICO EM VALAS,CAVAS OU POÇOS",null,null,123.27]
["3.4.1","C2799","ESCORAMENTO CONTÍNUO DE VALAS C/PRANCHAS METÁLICAS DE 2.00M","M2",17.76]
["3.4.2","C2800","ESCORAMENTO CONTÍNUO DE VALAS C/PRANCHAS METÁLICAS DE 3.00M","M2",25.7]
["3.4.3","C2801","ESCORAMENTO CONTÍNUO DE VALAS C/PRANCHAS METÁLICAS DE 4.00M","M2",32.14]
["3.4.4","C2802","ESCORAMENTO CONTÍNUO DE VALAS C/PRANCHAS METÁLICAS DE 6.00M","M2",47.67]
["3.5","INSTALAÇÃO DE GUINCHO",null,null,2516.85]
["3.5.1","C1355","EXECUÇÃO DE BASE DA CAÇAMBA E INSTALAÇÃO DO GUINCHO","UN",2278.06]
["3.5.2","C2508","TORRE PARA GUINCHO","M",238.78]
["3.6","PRODUÇÃO DE MATERIAIS",null,null,226.69]
["3.6.1","C3129","AREIA DE CAMPO - EXTRAÇÃO","M3",3.03]
["3.6.2","C3130","AREIA DE RIO - EXTRAÇÃO","M3",5.76]
["3.6.3","C3139","BRITA PRODUZIDA PARA BASES","M3",52.61]
["3.6.4","C3252","BRITA PRODUZIDA PARA REVESTIMENTOS BETUMINOSOS","M3",62.79]
["3.6.5","C3253","BRITA PRODUZIDA PARA USOS DIVERSOS","M3",57.39]
["3.6.6","C3227","PEDRA DE MÃO/POLIÉDRICA","M3",22.56]
["3.6.7","C3235","ROCHA PARA BRITAGEM","M3",22.56]
["3.7","LASTROS",null,null,836.03]
["3.7.1","C2860","LASTRO DE AREIA ADQUIRIDA","M3",49.82]
["3.7.2","C2861","LASTRO DE AREIA EXTRAIDA (S/ TRANSPORTE)","M3",13.05]
["3.7.3","C2862","LASTRO DE BRITA","M3",79.13]
["3.7.4","C1605","LASTRO DE BRITA  APILOADO MANUALMENTE","M3",85.61]
["3.7.5","C1606","LASTRO DE BRITA ESP.= 10CM, P/CAIXA EM ALVENARIA","M3",74.56]
["3.7.6","C1607","LASTRO DE CONCRETO IMPERMEABILIZADO E=6CM","M2",32.22]
["3.7.7","C1608","LASTRO DE CONCRETO IMPERMEABILIZADO E=8CM","M2",45.82]
["3.7.8","C1609","LASTRO DE CONCRETO INCLUINDO PREPARO E LANÇAMENTO","M3",314.7]
["3.7.9","C1611","LASTRO DE CONCRETO REGULARIZADO ESP.= 5CM","M2",21.87]
["3.7.10","C2863","LASTRO DE PEDRA DE MÃO","M3",76.91]
["3.7.11","C2864","LASTRO DE PÓ DE PEDRA","M3",42.34]
["3.8","SERVIÇOS DE USINAGEM",null,null,69.71]
["3.8.1","C3315","USINAGEM DE MISTURAS BETUMINOSAS A FRIO","M3",11.51]
["3.8.2","C3316","USINAGEM DE MISTURAS BETUMINOSAS A QUENTE","M3",48.89]
["3.8.3","C3244","USINAGEM DE MISTURAS DE AGREGADOS","M3",9.3]
["3.9","TRANSPORTE COM ELEVADOR",null,null,19.42]
["3.9.1","C2540","TRANSPORTE VERTICAL DE MATERIAIS A GRANEL P/ A 2a. LAJE","M3",9.45]
["3.9.2","C2541","TRANSPORTE VERTICAL DE MATERIAIS A GRANEL P/ A 5a. LAJE","M3",9.97]
["3.10","TRANSPORTE COM GUINDASTE",null,null,45.47]
["3.10.1","C2525","TRANSPORTE C/GUINDASTE DE TORRE CAP. 1200KG","CICLO",6.15]
["3.10.2","C2526","TRANSPORTE C/GUINDASTE ESTACIONÁRIO CAP. 1100KG","CICLO",5.28]
["3.10.3","C2528","TRANSPORTE C/GUINDASTE SOBRE TRILHO CAP. 1100KG","CICLO",11.26]
["3.10.4","C2527","TRANSPORTE C/GUINDASTE SOBRE TRILHO CAP. 1200KG","CICLO",22.78]
["4","OBRAS DE DRENAGEM",null,null,337922.1]
["4.1","ESGOTAMENTO DE ÁREAS E VALAS",null,null,8.72]
["4.1.1","C1278","ESGOTAMENTO C/BOMBA ELÉTRICA DE IMERSÃO 1KW ATÉ 8M","M3",0.04]
["4.1.2","C1277","ESGOTAMENTO C/BOMBA ELÉTRICA DE IMERSÃO  2.7KW ATÉ 8M","M3",0.04]
["4.1.3","C2806","ESGOTAMENTO COM CONJUNTO MOTO-BOMBA DE 20m3/h, H=6m.c.a","H",4.32]
["4.1.4","C2807","ESGOTAMENTO COM CUNJUNTO MOTO-BOMBA DE 20m3/h, H=10m.c.a","H",4.32]
["4.2","REBAIXAMENTO DO LENÇOL FREÁTICO",null,null,58.14]
["4.2.1","C2924","REBAIXAMENTO DE LENÇOL FREÁTICO EM ÁREAS","PTxDIA",12.22]
["4.2.2","C2922","REBAIXAMENTO DE LENÇOL FREÁTICO EM ÁREAS (POÇOS DE VISITA)","PTxDIA",22.82]
["4.2.3","C2923","REBAIXAMENTO DE LENÇOL FREÁTICO EM VALAS","M",23.1]
["4.3","OBRAS D' ARTE CORRENTE",null,null,322743.17]
["4.3.1","C0109","AQUISIÇÃO, ASSENT. E REJUNT. DE TUBO DE CONCRETO SIMPLES D=30cm","M",64.31]
["4.3.2","C0110","AQUISIÇÃO, ASSENT. E REJUNT. DE TUBO DE CONCRETO SIMPLES D=40cm","M",77.24]
["4.3.3","C0105","AQUISIÇÃO, ASSENT. E REJUNT. DE TUBO DE CONCRETO ARMADO D= 60cm","M",139.6]
["4.3.4","C0108","AQUISIÇÃO, ASSENT. E REJUNT. DE TUBO DE CONCRETO ARMADO D=80cm","M",210.54]
["4.3.5","C0104","AQUISIÇÃO, ASSENT. E REJUNT. DE TUBO DE CONCRETO ARMADO D= 100cm","M",274.71]
["4.3.6","C4325","AQUISIÇÃO, ASSENT. E REJUNT. DE TUBO DE CONCRETO ARMADO D=100 cm, SOBRE BERÇO DE CONCRETO MOLDADO \"IN LOCO\", FCK > 10MPa","M",458.23]
[]
["4.3.7","C0106","AQUISIÇÃO, ASSENT. E REJUNT. DE TUBO DE CONCRETO ARMADO D=120cm","M",431.12]
["4.3.8","C0107","AQUISIÇÃO, ASSENT. E REJUNT. DE TUBO DE CONCRETO ARMADO D=150cm","M",571.07]
["4.3.9","C4673","AQUISIÇÃO E ASSENTAMENTO DE TUBO CORRUGADO DE DUPLA PAREDE PEAD D=37,5cm","M",109.61]
[]
["4.3.10","C4674","AQUISIÇÃO E ASSENTAMENTO DE TUBO CORRUGADO DE DUPLA PAREDE PEAD D=45,0cm","M",149.16]
[]
["4.3.11","C4675","AQUISIÇÃO E ASSENTAMENTO DE TUBO CORRUGADO DE DUPLA PAREDE PEAD D=60,0cm","M",247.05]
[]
["4.3.12","C4676","AQUISIÇÃO E ASSENTAMENTO DE TUBO CORRUGADO DE DUPLA PAREDE PEAD D=75,0cm","M",343.26]
[]
["4.3.13","C4677","AQUISIÇÃO E ASSENTAMENTO DE TUBO CORRUGADO DE DUPLA PAREDE PEAD D=90,0cm","M",438.9]
[]
["4.3.14","C4678","AQUISIÇÃO E ASSENTAMENTO DE TUBO CORRUGADO DE DUPLA PAREDE PEAD D=105,0cm","M",537.31]
[]
["4.3.15","C4679","AQUISIÇÃO E ASSENTAMENTO DE TUBO CORRUGADO DE DUPLA PAREDE PEAD D=120,0cm","M",678.65]
[]
["4.3.16","C0424","BOCA DE BUEIRO SIMPLES TUBULAR  D= 80cm","UN",865.52]
["4.3.17","C0423","BOCA DE BUEIRO SIMPLES TUBULAR  D= 100cm","UN",1144.66]
["4.3.18","C0406","BOCA DE BUEIRO DUPLO TUBULAR    D= 80cm","UN",1425.02]
["4.3.19","C0407","BOCA DE BUEIRO DUPLO TUBULAR    D=100cm","UN",1794.53]
["4.3.20","C0440","BOCA DE BUEIRO TRIPLO TUBULAR   D=100cm","UN",2444.4]
["4.3.21","C0408","BOCA DE BUEIRO SIMPLES CAPEADO  (1.00 X 1.00m)","UN",998.29]
["4.3.22","C0409","BOCA DE BUEIRO SIMPLES CAPEADO  (1.50 X 1.00m)","UN",1209.69]
["4.3.23","C0410","BOCA DE BUEIRO SIMPLES CAPEADO  (1.50 X 1.50m)","UN",1751.78]
["4.3.24","C0411","BOCA DE BUEIRO SIMPLES CAPEADO  (2.00 X 1.00m)","UN",1389.26]
["4.3.25","C0412","BOCA DE BUEIRO SIMPLES CAPEADO  (2.00 X 1.50m)","UN",1933.52]
["4.3.26","C0413","BOCA DE BUEIRO SIMPLES CAPEADO  (2.00 X 2.00m)","UN",2591.75]
["4.3.27","C0414","BOCA DE BUEIRO SIMPLES CAPEADO  (2.50 X 1.00m)","UN",1566.88]
["4.3.28","C0415","BOCA DE BUEIRO SIMPLES CAPEADO  (2.50 X 1.50m)","UN",2142.53]
["4.3.29","C0416","BOCA DE BUEIRO SIMPLES CAPEADO  (2.50 X 2.00m)","UN",2906.88]
["4.3.30","C0417","BOCA DE BUEIRO SIMPLES CAPEADO  (2.50 X 2.50m)","UN",3722.3]
["4.3.31","C0418","BOCA DE BUEIRO SIMPLES CAPEADO  (3.00 X 1.00m)","UN",1747.96]
["4.3.32","C0419","BOCA DE BUEIRO SIMPLES CAPEADO  (3.00 X 1.50m)","UN",2453.51]
["4.3.33","C0420","BOCA DE BUEIRO SIMPLES CAPEADO  (3.00 X 2.00m)","UN",3190.92]
["4.3.34","C0421","BOCA DE BUEIRO SIMPLES CAPEADO  (3.00 X 2.50m)","UN",4043.53]
["4.3.35","C0422","BOCA DE BUEIRO SIMPLES CAPEADO  (3.00 X 3.00m)","UN",5011.37]
["4.3.36","C0391","BOCA DE BUEIRO DUPLO CAPEADO    (1.00 X 1.00m)","UN",1425.25]
["4.3.37","C0392","BOCA DE BUEIRO DUPLO CAPEADO    (1.50 X 1.00m)","UN",1807]
["4.3.38","C0393","BOCA DE BUEIRO DUPLO CAPEADO    (1.50 X 1.50m)","UN",2487.54]
["4.3.39","C0394","BOCA DE BUEIRO DUPLO CAPEADO    (2.00 X 1.00m)","UN",2143.27]
["4.3.40","C0395","BOCA DE BUEIRO DUPLO CAPEADO    (2.00 X 1.50m)","UN",2831.71]
["4.3.41","C0396","BOCA DE BUEIRO DUPLO CAPEADO    (2.00 X 2.00m)","UN",3635.94]
["4.3.42","C0397","BOCA DE BUEIRO DUPLO CAPEADO    (2.50 X 1.00m)","UN",2466.77]
["4.3.43","C0398","BOCA DE BUEIRO DUPLO CAPEADO    (2.50 X 1.50m)","UN",3211.07]
["4.3.44","C0399","BOCA DE BUEIRO DUPLO CAPEADO    (2.50 X 2.00m)","UN",4192.65]
["4.3.45","C0400","BOCA DE BUEIRO DUPLO CAPEADO    (2.50 X 2.50m)","UN",5184.69]
["4.3.46","C0401","BOCA DE BUEIRO DUPLO CAPEADO    (3.00 X 1.00m)","UN",2798.5]
["4.3.47","C0402","BOCA DE BUEIRO DUPLO CAPEADO    (3.00 X 1.50m)","UN",3758.1]
["4.3.48","C0403","BOCA DE BUEIRO DUPLO CAPEADO    (3.00 X 2.00m)","UN",4699]
["4.3.49","C0404","BOCA DE BUEIRO DUPLO CAPEADO    (3.00 X 2.50m)","UN",5755.14]
["4.3.50","C0405","BOCA DE BUEIRO DUPLO CAPEADO    (3.00 X 3.00m)","UN",6926.48]
["4.3.51","C0425","BOCA DE BUEIRO TRIPLO CAPEADO   (1.00 X 1.00m)","UN",1852.04]
["4.3.52","C0426","BOCA DE BUEIRO TRIPLO CAPEADO   (1.50 X 1.00m)","UN",2404.28]
["4.3.53","C0427","BOCA DE BUEIRO TRIPLO CAPEADO   (1.50 X 1.50m)","UN",3223.43]
["4.3.54","C0428","BOCA DE BUEIRO TRIPLO CAPEADO   (2.00 X 1.00m)","UN",2896.06]
["4.3.55","C0431","BOCA DE BUEIRO TRIPLO CAPEADO   (2.50 X 1.00m)","UN",3366.46]
["4.3.56","C0429","BOCA DE BUEIRO TRIPLO CAPEADO   (2.00 X 1.50m)","UN",3730.49]
["4.3.57","C0430","BOCA DE BUEIRO TRIPLO CAPEADO   (2.00 X 2.00m)","UN",4679.94]
["4.3.58","C0432","BOCA DE BUEIRO TRIPLO CAPEADO   (2.50 X 1.50m)","UN",4279.96]
["4.3.59","C0433","BOCA DE BUEIRO TRIPLO CAPEADO   (2.50 X 2.00m)","UN",5478.55]
["4.3.60","C0434","BOCA DE BUEIRO TRIPLO CAPEADO   (2.50 X 2.50m)","UN",6646.72]
["4.3.61","C0435","BOCA DE BUEIRO TRIPLO CAPEADO   (3.00 X 1.00m)","UN",3849.05]
["4.3.62","C0436","BOCA DE BUEIRO TRIPLO CAPEADO   (3.00 X 1.50m)","UN",5062.33]
["4.3.63","C0437","BOCA DE BUEIRO TRIPLO CAPEADO   (3.00 X 2.00m)","UN",6206.75]
["4.3.64","C0438","BOCA DE BUEIRO TRIPLO CAPEADO   (3.00 X 2.50m)","UN",7466.39]
["4.3.65","C0439","BOCA DE BUEIRO TRIPLO CAPEADO   (3.00 X 3.00m)","UN",8841.25]
["4.3.66","C0919","CORPO DE BUEIRO SIMPLESTUBULAR  D= 80cm","M",305.43]
["4.3.67","C0920","CORPO DE BUEIRO SIMPLES TUBULAR  D=100cm","M",402.75]
["4.3.68","C0886","CORPO DE BUEIRO DUPLO TUBULAR   D=  80cm","M",579.04]
["4.3.69","C0887","CORPO DE BUEIRO DUPLO TUBULAR   D= 100cm","M",766.11]
["4.3.70","C0918","CORPO DE BUEIRO TRIPLO TUBULAR  D= 100cm","M",1128.41]
["4.3.71","C0888","CORPO DE BUEIRO SIMPLES CAPEADO (1.00 X 1.00m)","M",788.33]
["4.3.72","C0889","CORPO DE BUEIRO SIMPLES CAPEADO (1.50 X 1.00m)","M",1019.32]
["4.3.73","C0890","CORPO DE BUEIRO SIMPLES CAPEADO (1.50 X 1.50m)","M",1281.68]
["4.3.74","C0891","CORPO DE BUEIRO SIMPLES CAPEADO (2.00 X 1.00m)","M",1253.7]
["4.3.75","C0892","CORPO DE BUEIRO SIMPLES CAPEADO (2.00 X 1.50m)","M",1488.79]
["4.3.76","C0893","CORPO DE BUEIRO SIMPLES CAPEADO (2.00 X 2.00m)","M",1723.88]
["4.3.77","C0894","CORPO DE BUEIRO SIMPLES CAPEADO (2.50 X 1.00m)","M",1425.36]
["4.3.78","C0895","CORPO DE BUEIRO SIMPLES CAPEADO (2.50 X 1.50m)","M",1670.45]
["4.3.79","C0897","CORPO DE BUEIRO SIMPLES CAPEADO (2.50 X 2.50m)","M",2297.47]
["4.3.80","C0896","CORPO DE BUEIRO SIMPLES CAPEADO (2.50 X 2.00m)","M",2031.66]
["4.3.81","C0898","CORPO DE BUEIRO SIMPLES CAPEADO (3.00 X 1.00m)","M",1621.08]
["4.3.82","C0899","CORPO DE BUEIRO SIMPLES CAPEADO (3.00 X 1.50m)","M",2019.18]
["4.3.83","C0900","CORPO DE BUEIRO SIMPLES CAPEADO (3.00 X 2.00m)","M",2305.35]
["4.3.84","C0901","CORPO DE BUEIRO SIMPLES CAPEADO (3.00 X 2.50m)","M",2591.52]
["4.3.85","C0902","CORPO DE BUEIRO SIMPLES CAPEADO (3.00 X 3.00m)","M",2877.7]
["4.3.86","C0872","CORPO DE BUEIRO DUPLO CAPEADO   (1.00 X 1.00m)","M",1296.11]
["4.3.87","C0873","CORPO DE BUEIRO DUPLO CAPEADO   (1.50 X 1.00m)","M",1720.77]
["4.3.88","C0874","CORPO DE BUEIRO DUPLO CAPEADO   (1.50 X 1.50m)","M",2129.36]
["4.3.89","C0875","CORPO DE BUEIRO DUPLO CAPEADO   (2.00 X 1.00m)","M",2170.9]
["4.3.90","C0876","CORPO DE BUEIRO DUPLO CAPEADO   (2.00 X 1.50m)","M",2543.53]
["4.3.91","C0877","CORPO DE BUEIRO DUPLO CAPEADO   (2.00 X 2.00m)","M",2916.16]
["4.3.92","C0878","CORPO DE BUEIRO DUPLO CAPEADO   (2.50 X 1.00m)","M",2514.19]
["4.3.93","C0879","CORPO DE BUEIRO DUPLO CAPEADO   (2.50 X 1.50m)","M",2906.83]
["4.3.94","C0880","CORPO DE BUEIRO DUPLO CAPEADO   (2.50 X 2.00m)","M",3473.69]
["4.3.95","C0921","CORPO DE BUEIRO DUPLO CAPEADO   (2.50 X 2.50m)","M",3897.41]
["4.3.96","C0881","CORPO DE BUEIRO DUPLO CAPEADO   (3.00 X 1.00m)","M",2905.65]
["4.3.97","C0882","CORPO DE BUEIRO DUPLO CAPEADO   (3.00 X 1.50m)","M",3532.8]
["4.3.98","C0883","CORPO DE BUEIRO DUPLO CAPEADO   (3.00 X 2.00m)","M",3992.07]
["4.3.99","C0884","CORPO DE BUEIRO DUPLO CAPEADO   (3.00 X 2.50m)","M",4451.33]
["4.3.100","C0885","CORPO DE BUEIRO DUPLO CAPEADO   (3.00 X 3.00m)","M",4910.6]
["4.3.101","C0903","CORPO DE BUEIRO TRIPLO CAPEADO  (1.00 X 1.00m)","M",1803.89]
["4.3.102","C0905","CORPO DE BUEIRO TRIPLO CAPEADO  (1.50 X 1.50m)","M",2977.01]
["4.3.103","C0904","CORPO DE BUEIRO TRIPLO CAPEADO  (1.50 X 1.00m)","M",2422.23]
["4.3.104","C0907","CORPO DE BUEIRO TRIPLO CAPEADO  (2.00 X 1.50m)","M",3598.27]
["4.3.105","C0906","CORPO DE BUEIRO TRIPLO CAPEADO  (2.00 X 1.00m)","M",3088.09]
["4.3.106","C0908","CORPO DE BUEIRO TRIPLO CAPEADO  (2.00 X 2.00m)","M",4108.44]
["4.3.107","C0909","CORPO DE BUEIRO TRIPLO CAPEADO  (2.50 X 1.00m)","M",3603.05]
["4.3.108","C0910","CORPO DE BUEIRO TRIPLO CAPEADO  (2.50 X 1.50m)","M",4143.22]
["4.3.109","C0911","CORPO DE BUEIRO TRIPLO CAPEADO  (2.50 X 2.00m)","M",4915.73]
["4.3.110","C0912","CORPO DE BUEIRO TRIPLO CAPEADO  (2.50 X 2.50m)","M",5497.35]
["4.3.111","C0913","CORPO DE BUEIRO TRIPLO CAPEADO  (3.00 X 1.00m)","M",4190.21]
["4.3.112","C0914","CORPO DE BUEIRO TRIPLO CAPEADO  (3.00 X 1.50m)","M",5046.42]
["4.3.113","C0915","CORPO DE BUEIRO TRIPLO CAPEADO  (3.00 X 2.00m)","M",5678.78]
["4.3.114","C0916","CORPO DE BUEIRO TRIPLO CAPEADO  (3.00 X 2.50m)","M",6311.14]
["4.3.115","C0917","CORPO DE BUEIRO TRIPLO CAPEADO  (3.00 X 3.00m)","M",6943.5]
["4.3.116","C4687","CORPO DE BUEIRO SIMPLES - TUBO CORRUGADO DE DUPLA PAREDE PEAD D=120,0cm","M",817.36]
[]
["4.3.117","C4688","CORPO DE BUEIRO DUPLO - TUBO CORRUGADO DE DUPLA PAREDE PEAD D=120,0cm","M",1587.39]
["4.3.118","C4689","CORPO DE BUEIRO TRIPLO - TUBO CORRUGADO DE DUPLA PAREDE PEAD D=120,0cm","M",2356.4]
["4.3.119","C3630","GALERIA EM PVC HELICOIDAL TIPO RIB LOC D=0,40m","M",133.4]
["4.3.120","C3632","GALERIA EM PVC HELICOIDAL TIPO RIB LOC D=0,60m","M",240.05]
["4.3.121","C3633","GALERIA EM PVC HELICOIDAL TIPO RIB LOC D=0,70m","M",408.48]
["4.3.122","C3631","GALERIA EM PVC HELICOIDAL TIPO RIB LOC D=0,50m","M",200.69]
["4.3.123","C3634","GALERIA EM PVC HELICOIDAL TIPO RIB LOC D=0,80m","M",466.08]
["4.3.124","C3635","GALERIA EM PVC HELICOIDAL TIPO RIB LOC D=0,90m","M",764.15]
["4.3.125","C3636","GALERIA EM PVC HELICOIDAL TIPO RIB LOC D=1,00m","M",849.94]
["4.3.126","C3637","GALERIA EM PVC HELICOIDAL TIPO RIB LOC D=1,20m","M",1019.23]
["4.3.127","C4680","GALERIA EM TUBO CORRUGADO DE DUPLA PAREDE PEAD D=37,5cm","M",95.72]
["4.3.128","C4681","GALERIA EM TUBO CORRUGADO DE DUPLA PAREDE PEAD D=45,0cm","M",131.73]
["4.3.129","C4682","GALERIA EM TUBO CORRUGADO DE DUPLA PAREDE PEAD D=60,0cm","M",222.52]
["4.3.130","C4683","GALERIA EM TUBO CORRUGADO DE DUPLA PAREDE PEAD D=75,0cm","M",310.12]
["4.3.131","C4684","GALERIA EM TUBO CORRUGADO DE DUPLA PAREDE PEAD D=90,0cm","M",397.99]
["4.3.132","C4685","GALERIA EM TUBO CORRUGADO DE DUPLA PAREDE PEAD D=105,0cm","M",486.59]
["4.3.133","C4686","GALERIA EM TUBO CORRUGADO DE DUPLA PAREDE PEAD D=120,0cm","M",617.52]
["4.4","DRENAGEM PROFUNDA",null,null,888.55]
["4.4.1","C3401","COLOCAÇÃO DE MATERIAL PARA O LEITO FILTRANTE","M3",46.03]
["4.4.2","C2728","DRENAGEM COM TUBO CERÂMICO PERFURADO, D= 10cm","M",12.64]
["4.4.3","C2729","DRENAGEM COM TUBO CERÂMICO PERFURADO, D= 15cm","M",17.67]
["4.4.4","C2730","DRENAGEM COM TUBO CERÂMICO PERFURADO, D= 20cm","M",26.96]
["4.4.5","C2731","DRENAGEM COM TUBO DE CONCRETO POROSO, D= 15cm","M",22.76]
["4.4.6","C2732","DRENAGEM COM TUBO DE CONCRETO POROSO, D= 20cm","M",24.51]
["4.4.7","C2733","DRENAGEM COM TUBO DE CONCRETO POROSO, D= 30cm","M",39.27]
["4.4.8","C3071","DRENO PROFUNDO C/TUBO POROSO D=20cm/AREIA","M",29.4]
["4.4.9","C3070","DRENO PROFUNDO C/TUBO POROSO D=20cm/AREIA:BRITA","M",39.97]
["4.4.10","C3072","DRENO PROFUNDO C/TUBO POROSO D=20cm/BRITA","M",59.76]
["4.4.11","C3073","DRENO PROFUNDO COM ENCHIMENTO DE AREIA","M",7]
["4.4.12","C3074","DRENO PROFUNDO COM ENCHIMENTO DE BRITA","M",40.56]
["4.4.13","C3085","EXTREMIDADE PARA DRENO PROFUNDO","UN",417.48]
["4.4.14","C2590","TUBO DE PVC CORRUGADO PERFURADO D= 10cm","M",25.6]
["4.4.15","C2591","TUBO DE PVC CORRUGADO PERFURADO D= 15cm","M",38.75]
["4.4.16","C2592","TUBO DE PVC CORRUGADO PERFURADO D= 20cm","M",40.18]
["4.5","DRENAGEM SUB-SUPERFICIAL",null,null,402.07]
["4.5.1","C4661","BARBACÃ C/ TUBO PVC ESGOTO 50 mm, INCLUSIVE GEOTÊXTIL NÃO-TECIDO 100% POLIÉSTER COM RESISTÊNCIA A TRAÇÃO LONGITUDINAL MÍNIMA DE 8 kN/m (BIDIM RT-08 OU SIMILAR) E BRITA","UN",3.48]
[]
["4.5.2","C4662","BARBACÃ C/ TUBO PVC ESGOTO 75 mm, INCLUSIVE GEOTÊXTIL NÃO-TECIDO 100% POLIÉSTER COM RESISTÊNCIA A TRAÇÃO LONGITUDINAL MÍNIMA DE 8 kN/m (BIDIM RT-08 OU SIMILAR) E BRITA","UN",5]
[]
["4.5.3","C4663","BARBACÃ C/ TUBO PVC ESGOTO 100 mm, INCLUSIVE GEOTÊXTIL NÃO-TECIDO 100% POLIÉSTER COM RESISTÊNCIA A TRAÇÃO LONGITUDINAL MÍNIMA DE 8 kN/m (BIDIM RT-08 OU SIMILAR) E BRITA","UN",6.77]
[]
["4.5.4","C3141","COLCHÃO DRENANTE DE AREIA ( S/TRANSP)","M3",10]
["4.5.5","C3142","COLCHÃO DRENANTE DE BRITA ( S/TRANSP)","M3",65.36]
["4.5.6","C3076","DRENO SUB-SUPERFICIAL C/ENCHIMENTO DE BRITA","M",13.04]
["4.5.7","C4660","DRENO SUB-SUPERFICIAL C/ GEOTÊXTIL NÃO TECIDO 100% POLIÉSTER COM RESISTÊNCIA A TRAÇÃO LONGITUDINAL MÍNIMA DE 9 kN/m (BIDIM RT-09 OU SIMILAR) INCLUSIVE ENCHIMENTO DE BRITA","M",24.14]
[]
["4.5.8","C3086","EXTREMIDADE PARA DRENO SUB-SUPERFICIAL","UN",153.11]
["4.5.9","C4650","GEOTÊXTIL NÃO-TECIDO 100% POLIÉSTER COM RESISTÊNCIA AO PUNCIONAMENTO CBR MÍNIMA DE 5,5 kN (BIDIM RT-31 OU SIMILAR) PARA ÁREAS SUBMERSAS","M2",25.22]
[]
["4.5.10","C4651","GEOTÊXTIL NÃO-TECIDO 100% POLIÉSTER COM RESISTÊNCIA A TRAÇÃO LONGITUDINAL MÍNIMA DE 7 kN/m (BIDIM RT-07 OU SIMILAR)","M2",5.03]
[]
["4.5.11","C4652","GEOTÊXTIL NÃO-TECIDO 100% POLIÉSTER COM RESISTÊNCIA A TRAÇÃO LONGITUDINAL MÍNIMA DE 8 kN/m (BIDIM RT-08 OU SIMILAR)","M2",5.59]
[]
["4.5.12","C4653","GEOTÊXTIL NÃO-TECIDO 100% POLIÉSTER COM RESISTÊNCIA A TRAÇÃO LONGITUDINAL MÍNIMA DE 9 kN/m (BIDIM RT-09 OU SIMILAR)","M2",6.41]
[]
["4.5.13","C4586","GEOTÊXTIL NÃO-TECIDO 100% POLIÉSTER COM RESISTÊNCIA A TRAÇÃO LONGITUDINAL MÍNIMA DE 10 kN/m (BIDIM RT-10 OU SIMILAR)","M2",7.03]
[]
["4.5.14","C4654","GEOTÊXTIL NÃO-TECIDO 100% POLIÉSTER COM RESISTÊNCIA A TRAÇÃO LONGITUDINAL MÍNIMA DE 14 kN/m (BIDIM RT-14 OU SIMILAR)","M2",9.56]
[]
["4.5.15","C4655","GEOTÊXTIL NÃO-TECIDO 100% POLIÉSTER COM RESISTÊNCIA A TRAÇÃO LONGITUDINAL MÍNIMA DE 16 kN/m (BIDIM RT-16 OU SIMILAR)","M2",10.98]
[]
["4.5.16","C4656","GEOTÊXTIL NÃO-TECIDO 100% POLIÉSTER COM RESISTÊNCIA A TRAÇÃO LONGITUDINAL MÍNIMA DE 21 kN/m (BIDIM RT-21 OU SIMILAR)","M2",13.63]
[]
["4.5.17","C4657","GEOTÊXTIL NÃO-TECIDO 100% POLIÉSTER COM RESISTÊNCIA A TRAÇÃO LONGITUDINAL MÍNIMA DE 26 kN/m (BIDIM RT-26 OU SIMILAR)","M2",17.31]
[]
["4.5.18","C4658","GEOTÊXTIL NÃO-TECIDO 100% POLIÉSTER COM RESISTÊNCIA A TRAÇÃO LONGITUDINAL MÍNIMA DE 31 kN/m (BIDIM RT-31 OU SIMILAR)","M2",20.44]
[]
["4.6","DRENAGEM SUPERFICIAL",null,null,13821.46]
["4.6.1","C0365","BANQUETA/ MEIO FIO DE CONCRETO MOLDADO NO LOCAL ","M",15.17]
["4.6.2","C0367","BANQUETA/ MEIO FIO DE CONCRETO PRÉ-MOLDADO (1,00x0,25x0,15m)","M",22.59]
["4.6.3","C0366","BANQUETA/ MEIO FIO DE CONCRETO P/ VIAS URBANAS (1,00x0,35x0,15m)","M",29.05]
["4.6.4","C0368","BANQUETA/ MEIO FIO DE TIJOLO MACIÇO","M",17.24]
["4.6.5","C3065","DESCIDA D'ÁGUA DE CONCRETO ARMADO PADRÃO DERT","M",117.01]
["4.6.6","C3066","DESCIDA D'ÁGUA DE CONCRETO ARMADO TIPO U","M",113.25]
["4.6.7","C3067","DESCIDA D'AGUA EM CALHA PRÉ-MOLDADA DE CONCRETO D= 0,40m","M",41.66]
["4.6.8","C2727","DRENAGEM COM CALHA PRÉ-MOLDADA DE CONCRETO D= 0,30m","M",37.99]
["4.6.9","C4583","MEIO FIO CONJUGADO C/ SARJETA, EXTRUSADO COM CONCRETO FCK 20 MPa","M",38.43]
["4.6.10","C3097","MEIO FIO DE PEDRA GRANÍTICA","M",13.05]
["4.6.11","C3449","MEIO FIO PRÉ MOLDADO (0,07x0,30x1,00)m C/REJUNTAMENTO","M",15.98]
["4.6.12","C2018","POÇO DE VISITA DE ALVENARIA P/ GALERIA DE ÁGUAS PLUVIAIS DIAM. = 1m  E PROFUNDIDADE= 2m","UN",2881.19]
[]
["4.6.13","C2019","POÇO DE VISITA DE ALVENARIA P/ GALERIA DE ÁGUAS PLUVIAIS DIAM. = 1m  E PROFUNDIDADE= 4m","UN",4163.13]
[]
["4.6.14","C2020","POÇO DE VISITA DE ALVENARIA P/ GALERIA DE ÁGUAS PLUVIAIS DIAM.= 1m  E PROFUNDIDADE= 6m","UN",5492.78]
[]
["4.6.15","C3110","SAIDA D'AGUA C/ DISSIPADOR DE ENERGIA","UN",166.99]
["4.6.16","C3322","SARJETA CONJUGADA COM BANQUETA EM CONCRETO SIMPLES","M",58.42]
["4.6.17","C3111","SARJETA DE CONCRETO SIMPLES \"U\" C/H=0,35m/E=0,08m","M",104.79]
["4.6.18","C3112","SARJETA DE CONCRETO SIMPLES C/L=1,00m/E=0,08m","M",32.18]
["4.6.19","C3113","SARJETA DE CONCRETO SIMPLES C/L=1,20m/E=0,08m","M",39.16]
["4.6.20","C2310","TAMPÃO DE FERRO FUNDIDO P/ POÇO DE VISITA  DE DIAM-=1 M","UN",421.43]
["5","ARGAMASSAS",null,null,34065.14]
["5.1","PREPARAÇÃO DE MATERIAIS",null,null,1420.59]
["5.1.1","C0115","AREIA SECA MEIO PENEIRADA","M3",133.86]
["5.1.2","C0116","AREIA SECA PENEIRADA","M3",222.21]
["5.1.3","C0656","CAL EM PASTA PENEIRADA E PURA","M3",502.81]
["5.1.4","C1813","NATA DE CAL EM PASTA PENEIRADA E PURA","M3",561.71]
["5.2","ARGAMASSA  DE CAL",null,null,7026.18]
["5.2.1","C0144","ARGAMASSA DE CAL EM PASTA E AREIA PEN. TRAÇO 1:1.5","M3",524.07]
["5.2.2","C0145","ARGAMASSA DE CAL EM PASTA E AREIA PEN. TRAÇO 1:2","M3",572.13]
["5.2.3","C0146","ARGAMASSA DE CAL EM PASTA E AREIA PEN. TRAÇO 1:3","M3",470.49]
["5.2.4","C0147","ARGAMASSA DE CAL EM PASTA E AREIA PEN. TRAÇO 1:4","M3",419.37]
["5.2.5","C0148","ARGAMASSA DE CAL EM PASTA E AREIA PEN. TRAÇO 1:5","M3",389.13]
["5.2.6","C0149","ARGAMASSA DE CAL EM PASTA E AREIA S/PEN. TRAÇO 1:1.5","M3",399.2]
["5.2.7","C0150","ARGAMASSA DE CAL EM PASTA E AREIA S/PEN. TRAÇO 1:2","M3",406.9]
["5.2.8","C0151","ARGAMASSA DE CAL EM PASTA E AREIA S/PEN. TRAÇO 1:3","M3",305.28]
["5.2.9","C0152","ARGAMASSA DE CAL EM PASTA E AREIA S/PEN. TRAÇO 1:4","M3",254.14]
["5.2.10","C0153","ARGAMASSA DE CAL EM PASTA E AREIA S/PEN. TRAÇO 1:5","M3",223.9]
["5.2.11","C0134","ARGAMASSA DE CAL HIDR. E AREIA PEN. TRAÇO 1:2","M3",474.74]
["5.2.12","C0135","ARGAMASSA DE CAL HIDR. E AREIA PEN. TRAÇO 1:3","M3",405.2]
["5.2.13","C0141","ARGAMASSA DE CAL HIDR. E AREIA PEN. TRAÇO 1:4.5 C/BETONEIRA","M3",348.63]
["5.2.14","C0136","ARGAMASSA DE CAL HIDR. E AREIA S/PEN. TRAÇO 1:2","M3",309.51]
["5.2.15","C0137","ARGAMASSA DE CAL HIDR. E AREIA S/PEN. TRAÇO 1:3","M3",239.97]
["5.2.16","C0138","ARGAMASSA DE CAL HIDR. E AREIA S/PEN. TRAÇO 1:4","M3",205.2]
["5.2.17","C0139","ARGAMASSA DE CAL HIDR. E AREIA S/PEN. TRAÇO 1:4.5","M3",193.8]
["5.2.18","C0142","ARGAMASSA DE CAL HIDR. E AREIA S/PEN. TRAÇO 1:4.5 C/BETONEIRA","M3",183.4]
["5.2.19","C0140","ARGAMASSA DE CAL HIDR. E AREIA S/PEN. TRAÇO 1:6","M3",171]
["5.2.20","C1812","NATA DE CAL EM PASTA E AREIA PEN. TRAÇO 1:1.5","M3",530.06]
["5.3","ARGAMASSA DE CIMENTO",null,null,15507.88]
["5.3.1","C0117","ARGAMASSA DE CIMENTO ARENOSO E AREIA S/PEN. TRAÇO 1:2:4","M3",258.68]
["5.3.2","C0129","ARGAMASSA DE CIMENTO ARENOSO E AREIA S/PEN. TRAÇO 1:2:6","M3",229.1]
["5.3.3","C0133","ARGAMASSA DE CIMENTO ARENOSO E AREIA S/PEN. TRAÇO1:2.5:3.5","M3",257.26]
["5.3.4","C0130","ARGAMASSA DE CIMENTO ARENOSO E AREIA S/PEN. TRAÇO 1:3:3","M3",255.88]
["5.3.5","C0131","ARGAMASSA DE CIMENTO ARENOSO E AREIA S/PEN. TRAÇO 1:3:5","M3",226.98]
["5.3.6","C0132","ARGAMASSA DE CIMENTO ARENOSO E AREIA S/PEN. TRAÇO 1:3:7","M3",211.12]
["5.3.7","C0181","ARGAMASSA DE CIMENTO ARENOSO E AREIA S/PEN. TRAÇO 1:3.5:2.5","M3",254.51]
["5.3.8","C0118","ARGAMASSA DE CIMENTO ARENOSO E AREIA S/PEN. TRAÇO 1:4:2","M3",253.08]
["5.3.9","C0119","ARGAMASSA DE CIMENTO ARENOSO E AREIA S/PEN. TRAÇO 1:4:4","M3",224.86]
["5.3.10","C0120","ARGAMASSA DE CIMENTO ARENOSO E AREIA S/PEN. TRAÇO 1:4:6","M3",209.38]
["5.3.11","C0121","ARGAMASSA DE CIMENTO ARENOSO E AREIA S/PEN. TRAÇO 1:4:8","M3",197.37]
["5.3.12","C0122","ARGAMASSA DE CIMENTO ARENOSO E AREIA S/PEN. TRAÇO 1:5:3","M3",222.74]
["5.3.13","C0128","ARGAMASSA DE CIMENTO ARENOSO E AREIA S/PEN. TRAÇO 1:5:5","M3",207.64]
["5.3.14","C0123","ARGAMASSA DE CIMENTO ARENOSO E AREIA S/PEN. TRAÇO 1:5:7","M3",195.89]
["5.3.15","C0179","ARGAMASSA DE CIMENTO ARENOSO E AREIA S/PEN. TRAÇO 1:6:2","M3",220.63]
["5.3.16","C0124","ARGAMASSA DE CIMENTO ARENOSO E AREIA S/PEN. TRAÇO 1:6:4","M3",205.9]
["5.3.17","C0125","ARGAMASSA DE CIMENTO ARENOSO E AREIA S/PEN. TRAÇO 1:6:6","M3",194.43]
["5.3.18","C0180","ARGAMASSA DE CIMENTO ARENOSO E AREIA S/PEN. TRAÇO 1:7:3","M3",204.16]
["5.3.19","C0126","ARGAMASSA DE CIMENTO ARENOSO E AREIA S/PEN. TRAÇO 1:7:5","M3",192.97]
["5.3.20","C0127","ARGAMASSA DE CIMENTO ARENOSO E AREIA S/PEN. TRAÇO 1:8:4","M3",191.49]
["5.3.21","C0162","ARGAMASSA DE CIMENTO BRANCO E PÓ DE MÁRMORE TRAÇO 1:3","M3",502.32]
["5.3.22","C0160","ARGAMASSA DE CIMENTO E AREIA FINA PENEIRADA E ADITIVO AGLUTINANTE ORGANO-SINTÉTICO NO TRAÇO 1:8","M3",183.15]
[]
["5.3.23","C0161","ARGAMASSA DE CIMENTO E AREIA MEDIA PENEIRADA E ADITIVO AGLUTINANTE ORGANO-SINTÉTICO NO TRAÇO 1:8","M3",196.51]
[]
["5.3.24","C0155","ARGAMASSA DE CIMENTO E AREIA PENEIRADA C/ IMPERMEABILIZANTE TRAÇO 1:1.5","M3",729.62]
["5.3.25","C0154","ARGAMASSA DE CIMENTO E AREIA PENEIRADA C/ IMPERMEABILIZANTE TRAÇO 1:4","M3",598]
["5.3.26","C0163","ARGAMASSA DE CIMENTO E AREIA PEN. TRAÇO 1:2","M3",552.46]
["5.3.27","C0164","ARGAMASSA DE CIMENTO E AREIA PEN. TRAÇO 1:3","M3",505.06]
["5.3.28","C0165","ARGAMASSA DE CIMENTO E AREIA PEN. TRAÇO 1:4","M3",449.4]
["5.3.29","C4429","ARGAMASSA DE CIMENTO E AREIA PEN. TRAÇO 1:5","M3",415.82]
["5.3.30","C4430","ARGAMASSA DE CIMENTO E AREIA PEN. TRAÇO 1:6","M3",393.28]
["5.3.31","C3009","ARGAMASSA DE CIMENTO E AREIA PEN. TRAÇO 1:7","M3",377.18]
["5.3.32","C0156","ARGAMASSA DE CIMENTO E AREIA S/PEN. C/IMPERMEAB. TRAÇO 1:2","M3",555.49]
["5.3.33","C0157","ARGAMASSA DE CIMENTO E AREIA S/PEN. C/IMPERMEAB. TRAÇO 1:3","M3",488.35]
["5.3.34","C0158","ARGAMASSA DE CIMENTO E AREIA S/PEN. C/IMPERMEAB. TRAÇO 1:4","M3",432.69]
["5.3.35","C0159","ARGAMASSA DE CIMENTO E AREIA S/PEN. C/IMPERMEAB. TRAÇO 1:5","M3",399.11]
["5.3.36","C0166","ARGAMASSA DE CIMENTO E AREIA S/PEN. TRAÇO 1:1","M3",519.75]
["5.3.37","C0167","ARGAMASSA DE CIMENTO E AREIA S/PEN. TRAÇO 1:1.5","M3",452.98]
["5.3.38","C0168","ARGAMASSA DE CIMENTO E AREIA S/PEN. TRAÇO 1:2","M3",406.89]
["5.3.39","C0169","ARGAMASSA DE CIMENTO E AREIA S/PEN. TRAÇO 1:2.5","M3",373.1]
["5.3.40","C0170","ARGAMASSA DE CIMENTO E AREIA S/PEN. TRAÇO 1:3","M3",339.75]
["5.3.41","C0171","ARGAMASSA DE CIMENTO E AREIA S/PEN. TRAÇO 1:4","M3",284.09]
["5.3.42","C0172","ARGAMASSA DE CIMENTO E AREIA S/PEN. TRAÇO 1:5","M3",250.51]
["5.3.43","C0173","ARGAMASSA DE CIMENTO E AREIA S/PEN. TRAÇO 1:6","M3",227.97]
["5.3.44","C0174","ARGAMASSA DE CIMENTO E AREIA S/PEN. TRAÇO 1:7","M3",211.87]
["5.3.45","C3323","ARGAMASSA DE CIMENTO E AREIA TRAÇO 1:3 COM AREIA PRODUZIDA","M3",304.2]
["5.3.46","C3324","ARGAMASSA DE CIMENTO E AREIA TRAÇO 1:4 COM AREIA PRODUZIDA","M3",248.54]
["5.3.47","C0175","ARGAMASSA DE CIMENTO E PEDRISCO TRAÇO 1:4","M3",275.27]
["5.3.48","C3554","MUTIRÃO MISTO - ARGAMASSA DE CIMENTO E AREIA S/PEN. TRAÇO 1:3","M3",266.12]
["5.3.49","C3553","MUTIRÃO MISTO - ARGAMASSA DE CIMENTO E AREIA S/PEN. TRAÇO 1:6","M3",154.34]
["5.4","ARGAMASSA MISTA",null,null,10096.97]
["5.4.1","C0182","ARGAMASSA MISTA DE CAL EM PASTA E AREIA PEN. TRAÇO 1:3  C/100 KG DE CIMENTO","M3",531.22]
[]
["5.4.2","C0185","ARGAMASSA MISTA DE CAL EM PASTA E AREIA S/PEN. TRAÇO 1:4  C/100 KG DE CIMENTO","M3",314.87]
[]
["5.4.3","C0186","ARGAMASSA MISTA DE CAL EM PASTA E AREIA S/PEN. TRAÇO 1:4  C/130 KG DE CIMENTO","M3",328.67]
[]
["5.4.4","C0187","ARGAMASSA MISTA DE CAL EM PASTA E AREIA S/PEN. TRAÇO 1:4  C/150 KG DE CIMENTO","M3",337.87]
[]
["5.4.5","C0184","ARGAMASSA MISTA DE CAL EM PASTA E AREIA S/PEN. TRAÇO 1:5  C/100 KG DE CIMENTO","M3",284.63]
[]
["5.4.6","C0189","ARGAMASSA MISTA DE CAL HIDR. E AREIA S/PEN. TRAÇO 1:3 C/100KG DE CIMENTO","M3",300.7]
["5.4.7","C0192","ARGAMASSA MISTA DE CAL HIDR. E AREIA S/PEN. TRAÇO 1:4 C/100KG DE CIMENTO","M3",265.93]
["5.4.8","C0190","ARGAMASSA MISTA DE CAL HIDR. E AREIA S/PEN. TRAÇO 1:4 C/130KG DE CIMENTO","M3",279.73]
["5.4.9","C0191","ARGAMASSA MISTA DE CAL HIDR. E AREIA S/PEN. TRAÇO 1:4 C/150KG DE CIMENTO","M3",288.93]
["5.4.10","C0188","ARGAMASSA MISTA DE CIMENTO CAL HIDR. E AREIA PEN. TRAÇO 1:1:6","M3",462.74]
["5.4.11","C0194","ARGAMASSA MISTA DE CIMENTO CAL HIDR. E AREIA PEN.  TRAÇO 1:2:8","M3",468.88]
["5.4.12","C0193","ARGAMASSA MISTA DE CIMENTO CAL HIDR. E AREIA S/PEN. TRAÇO  1:0.20:5.4","M3",255.78]
["5.4.13","C0202","ARGAMASSA MISTA DE CIMENTO CAL HIDR. E AREIA S/PEN. TRAÇO 1:0.25:3","M3",374.52]
["5.4.14","C0207","ARGAMASSA MISTA DE CIMENTO CAL HIDR. E AREIA S/PEN. TRAÇO 1:0.5:5","M3",292.12]
["5.4.15","C0195","ARGAMASSA MISTA DE CIMENTO CAL HIDR. E AREIA S/PEN. TRAÇO 1:0.5:8","M3",226.13]
["5.4.16","C0197","ARGAMASSA MISTA DE CIMENTO CAL HIDR. E AREIA S/PEN. TRAÇO 1:1:4","M3",387.83]
["5.4.17","C0198","ARGAMASSA MISTA DE CIMENTO CAL HIDR. E AREIA S/PEN. TRAÇO 1:1:6","M3",297.51]
["5.4.18","C0196","ARGAMASSA MISTA DE CIMENTO CAL HIDR. E AREIA S/PEN. TRAÇO 1:1.2:4.2","M3",394.37]
["5.4.19","C0183","ARGAMASSA MISTA DE CIMENTO CAL HIDR. E AREIA S/PEN. TRAÇO 1:1.5:9","M3",293.04]
["5.4.20","C0204","ARGAMASSA MISTA DE CIMENTO CAL HIDR. E AREIA S/PEN. TRAÇO 1:2:6","M3",366.48]
["5.4.21","C0205","ARGAMASSA MISTA DE CIMENTO CAL HIDR. E AREIA S/PEN. TRAÇO 1:2:8","M3",303.65]
["5.4.22","C0200","ARGAMASSA MISTA DE CIMENTO CAL HIDR. E AREIA S/PEN. TRAÇO 1:2:9","M3",283.05]
["5.4.23","C0199","ARGAMASSA MISTA DE CIMENTO CAL HIDR. E AREIA S/PEN. TRAÇO 1:2:11","M3",253.18]
["5.4.24","C0203","ARGAMASSA MISTA DE CIMENTO CAL HIDR. E AREIA S/PEN. TRAÇO 1:2:11 C/BETONEIRA","M3",334.38]
[]
["5.4.25","C0206","ARGAMASSA MISTA DE CIMENTO CAL HIDR. E AREIA S/PEN. TRAÇO 1:3:9","M3",494.45]
["5.4.26","C0201","ARGAMASSA MISTA DE CIMENTO CAL HIDR. E AREIA S/PEN. TRAÇO 1:3:10","M3",308.18]
["5.4.27","C0208","ARGAMASSA MISTA DE GESSO CAL EM PASTA E AREIA PEN. TRAÇO 0.2:1:3","M3",510.53]
["5.4.28","C0209","ARGAMASSA MISTA DE GESSO CAL HIDR. E AREIA PEN. TRAÇO 0.2:1:3","M3",473.74]
["5.4.29","C1439","GROUT CIMENTO, CAL HIDR., AREIA E PEDRISCO  TRAÇO 1:0.1:3:2","M3",383.87]
["5.5","ARGAMASSA INDUSTRIALIZADA",null,null,13.51]
["5.5.1","C0210","ARGAMASSA PRÉ-FABRICADA P/REBOCO","M2",2.88]
["5.5.2","C0211","ARGAMASSA PRÉ-FABRICADA P/REBOCO IMITAÇÃO TRAVERTINO","M2",2.88]
["5.5.3","C0212","ARGAMASSA PRÉ-FABRICADA P/REBOCO TIPO MASSA RASPADA","M2",7.24]
["5.5.4","C1848","PASTA DE CIMENTO COLANTE","KG",0.52]
["6","FUNDAÇÕES E  ESTRUTURAS",null,null,84929.3]
["6.1","TUBULÕES A CÉU ABERTO",null,null,8216.62]
["6.1.1","C0825","CONCRETAGEM DE BASE DE TUBULÃO À CÉU ABERTO","M3",761.42]
["6.1.2","C0826","CONCRETAGEM DE TUBULÃO (CAMISA/ENCHIM.)   À CÉU ABERTO  D=1,20m","M",1356.04]
["6.1.3","C0827","CONCRETAGEM DE TUBULÃO (CAMISA/ENCHIM.)   À CÉU ABERTO  D=1,40m","M",1646.93]
["6.1.4","C0828","CONCRETAGEM DE TUBULÃO (CAMISA/ENCHIM.)   À CÉU ABERTO  D=1,60m","M",1951.79]
["6.1.5","C2636","TUBULÃO - CEU ABERTO - C/CONCRETO FCK 13.5 MPa","M3",326.35]
["6.1.6","C2637","TUBULÃO - CEU ABERTO - C/CONCRETO FCK 13.5 MPa C/RACHÃO","M3",291.98]
["6.1.7","C2638","TUBULÃO - CEU ABERTO - C/CONCRETO FCK 15 MPa","M3",331.54]
["6.1.8","C2634","TUBULAO - CEU ABERTO - C/CONCRETO FCK 15 MPa C/RACHÃO","M3",296.32]
["6.1.9","C2639","TUBULÃO - CEU ABERTO - C/CONCRETO FCK 18 MPa","M3",341.9]
["6.1.10","C2635","TUBULAO - CEU ABERTO - C/CONCRETO FCK 18 MPa  C/RACHÃO","M3",304.51]
["6.1.11","C2641","TUBULÃO - CEU ABERTO - C/CONCRETO USINADO FCK 15 MPa","M3",297.47]
["6.1.12","C2642","TUBULÃO - CEU ABERTO - C/CONCRETO USINADO FCK 20 MPa","M3",310.39]
["6.2","TUBULÕES A AR COMPRIMIDO",null,null,15457.33]
["6.2.1","C0669","CAMISA METÁLICA P/TUBULÃO A AR COMPRIMIDO D=700mm","M",459.97]
["6.2.2","C3148","CONCRETAGEM DE BASES TUBULÃO AR COMPRIMIDO ATE 12m","M3",961.81]
["6.2.3","C3147","CONCRETAGEM DE BASES TUBULÃO AR COMPRIMIDO 12/18m","M3",998.62]
["6.2.4","C3149","CONCRETAGEM DE TUBULÃO (CAMISA/ENCHIM.)   AR COMP. D=1,20m  ATÉ 12m","M",1571.45]
["6.2.5","C3150","CONCRETAGEM DE TUBULÃO (CAMISA/ENCHIM.)   AR COMP. D=1,20m  DE 12/18m","M",1606.94]
["6.2.6","C3151","CONCRETAGEM DE TUBULÃO (CAMISA/ENCHIM.)   AR COMP. D=1,40m  ATÉ 12m","M",1908.39]
["6.2.7","C3152","CONCRETAGEM DE TUBULÃO (CAMISA/ENCHIM.)   AR COMP. D=1,40m  DE 12/18m","M",1959.19]
["6.2.8","C3153","CONCRETAGEM DE TUBULÃO (CAMISA/ENCHIM.)   AR COMP. D=1,60m  ATÉ 12m","M",2240.09]
["6.2.9","C3154","CONCRETAGEM DE TUBULÃO (CAMISA/ENCHIM.)   AR COMP. D=1,60m DE 12/18m","M",2342.82]
["6.2.10","C0963","CRAVAÇÃO DE CAMISA METÁLICA INCLUSIVE ESCAVAÇÃO MECÂNICA","M",812.78]
["6.2.11","C2643","TUBULÃO SOB AR COMPRIMIDO - C/CONCRETO FCK 15 MPa","M3",595.29]
["6.3","ESTACAS",null,null,5722.35]
["6.3.1","C0938","CORTE PERFIL METÁLICO ' I ' DE 10\"X4\"X5/8\"  P/EMPREITADA","UN",25.81]
["6.3.2","C0939","CORTE PERFIL METÁLICO ' I '  DE 12\"X5\"X1/4\" P/EMPREITADA","UN",30.97]
["6.3.3","C0936","CORTE PERFIL METÁLICO DUPLO I DE 10\"X4\"X5/8\" P/EMPREITADA","UN",47.17]
["6.3.4","C0937","CORTE PERFIL METÁLICO DUPLO ' I '  DE 12\"X5\"X1/4\" P/EMPREITADA","UN",56.39]
["6.3.5","C1292","ESTACA DE MADEIRA CONDIÇÕES FAVORÁVEIS D= 22cm P/6 A 8T","M",48.65]
["6.3.6","C1293","ESTACA DE MADEIRA CONDIÇÕES FAVORÁVEIS D= 25cm P/8 A 10T","M",53.67]
["6.3.7","C1290","ESTACA DE MADEIRA CONDIÇÕES POUCO FAVORÁVEIS D= 22cm P/6 A 8T","M",62.42]
["6.3.8","C1291","ESTACA DE MADEIRA CONDIÇÕES POUCO FAVORÁVEIS D= 25cm P/8 A 10T","M",67.44]
["6.3.9","C4700","ESTACA HÉLICE CONTÍNUA MONITORADA D=300MM","M",72.77]
["6.3.10","C4701","ESTACA HÉLICE CONTÍNUA MONITORADA D=400MM","M",104.58]
["6.3.11","C4702","ESTACA HÉLICE CONTÍNUA MONITORADA D=500MM","M",143.65]
["6.3.12","C4703","ESTACA HÉLICE CONTÍNUA MONITORADA D=600MM","M",189.06]
["6.3.13","C4704","ESTACA HÉLICE CONTÍNUA MONITORADA D=700MM","M",244.36]
["6.3.14","C4705","ESTACA HÉLICE CONTÍNUA MONITORADA D=800MM","M",308.85]
["6.3.15","C4690","ESTACA RAIZ DIÂMETRO 160mm - ATÉ 30 Tf","M",116.51]
["6.3.16","C4691","ESTACA RAIZ DIÂMETRO 200mm - ATÉ 40 Tf","M",147.75]
["6.3.17","C4692","ESTACA RAIZ DIÂMETRO 250mm - ATÉ 60 Tf","M",187.07]
["6.3.18","C4693","ESTACA RAIZ DIÂMETRO 310mm - ATÉ 90 Tf","M",223.06]
["6.3.19","C4697","ESTACA RAIZ DIÂMETRO 350mm - ATÉ 110 Tf","M",253.72]
["6.3.20","C4694","ESTACA RAIZ DIÂMETRO 410mm - ATÉ 125 Tf","M",320.6]
["6.3.21","C4695","ESTACA RAIZ DIÂMETRO 450mm - ATÉ 145 Tf","M",363.9]
["6.3.22","C4696","ESTACA RAIZ DIÂMETRO 450mm - ATÉ 169 Tf","M",378.48]
["6.3.23","C1312","ESTACA TIPO FRANKI D= 350mm, P/CARGA DE 55 T","M",195.4]
["6.3.24","C1313","ESTACA TIPO FRANKI D= 400mm, P/CARGA DE 75 T","M",227.44]
["6.3.25","C1314","ESTACA TIPO FRANKI D= 455mm, P/CARGA DE 95 T","M",291.71]
["6.3.26","C1315","ESTACA TIPO FRANKI D= 520mm, P/CARGA DE 130 T","M",347.07]
["6.3.27","C1316","ESTACA TIPO FRANKI D= 600mm, P/CARGA DE 170 T","M",436.89]
["6.3.28","C4159","ESTACA TIPO FRANKI D= 700mm, P/CARGA DE 220 T","M",580.33]
["6.3.29","C4698","PERFIL METÁLICO \"I\" OU \"H\" COM CRAVAÇÃO EMPREITADA","KG",5.08]
["6.3.30","C4699","SOLDA DE TOPO EM PERFIL \"I\" OU \"H\"","UN",170.2]
["6.3.31","C2282","SOLDA LONGITUDINAL EM PERFIL METÁLICO P/EMPREITADA","M",21.33]
["6.4","EMBASAMENTOS E BALDRAMES",null,null,2506.94]
["6.4.1","C0054","ALVENARIA DE EMBASAMENTO DE PEDRA ARGAMASSADA","M3",245.17]
["6.4.2","C0055","ALVENARIA DE EMBASAMENTO DE TIJOLO COMUM, C/ARGAMASSA MISTA C/ CAL HIDRATADA","M3",411.59]
[]
["6.4.3","C0056","ALVENARIA DE EMBASAMENTO DE TIJOLO FURADO, C/ ARGAMASSA MISTA C/ CAL HIDRATADA (1:2:8)","M3",299.54]
[]
["6.4.4","C4592","ALVENARIA DE EMBASAMENTO EM TIJOLO CERÂMICO FURADO C/ ARGAMASSA CIMENTO E AREIA 1:4","M3",345.54]
[]
["6.4.5","C0089","ANEL DE IMPERMEABILIZAÇÃO C/ARMAÇÃO EM FERRO","M3",402.05]
["6.4.6","C0471","BROCA D= 20cm COM CONCRETO FCK=13.5MPa, MAIS VIGA BALDRAME 20X20cm E UMA FIADA DE BLOCO DE CONCRETO 14X19X39cm","M",57.15]
[]
["6.4.7","C3604","MUTIRÃO MISTO - ALVENARIA DE EMBASAMENTO C/TIJ. FURADO, C/ ARG. MISTA C/CAL HIDRATADA","M3",231.81]
[]
["6.4.8","C2257","SAPATA CORRIDA 10X50cm C/CONCRETO FCK=13.5MPa. MAIS 2 FIADAS DE BLOCO DE CONCRETO 14X19X39 cm","M",60.15]
[]
["6.4.9","C2293","SUBMURAMENTO DE CONSTRUÇÕES VIZINHAS -TIJOLOS MACIÇOS E=20cm","M2",453.94]
["6.5","FORMAS",null,null,2597.31]
["6.5.1","C2822","FORMA CURVA CHAPA COMPENSADA PLASTIFICADA, ESP.= 12mm","M2",141.74]
["6.5.2","C3990","FORMA CURVA CHAPA COMPENSADA PLASTIFICADA, ESP.= 18mm","M2",145.72]
["6.5.3","C2823","FORMA CURVA CHAPA COMPENSADA RESINADA, ESP.=  6mm","M2",128.37]
["6.5.4","C2824","FORMA CURVA CHAPA COMPENSADA RESINADA, ESP.= 10mm ","M2",131.65]
["6.5.5","C2825","FORMA CURVA CHAPA COMPENSADA RESINADA, ESP.= 12mm","M2",132.85]
["6.5.6","C3981","FORMA DE PAPELÃO RESINADO TIPO ESTRUTUBOS D=1,20 M  (FORNECIMENTO/MONTAGEM/DESMONTAGEM)","M",138.75]
[]
["6.5.7","C1400","FORMA DE TÁBUAS DE 1\" DE 3A. P/FUNDAÇÕES UTIL. 5 X","M2",45.67]
["6.5.8","C1401","FORMA DE TÁBUAS DE 1\" DE 3A. P/SUPERESTRUTURA - UTIL. 2 X","M2",115.07]
["6.5.9","C3984","FORMA INTERNA E EXTERNA PARA ESTACAS DE CONCRETO","M2",26.3]
["6.5.10","C4158","FORMA METÁLICA P/ PILAR","M2",117.42]
["6.5.11","C4282","FORMA P/ CONCRETO \"IN LOCO\" (APLICAÇÃO)","M2",55.3]
["6.5.12","C4281","FORMA P/ CONCRETO \"IN LOCO\" (FABRICAÇÃO)","M2",127.6]
["6.5.13","C1404","FORMA  P/ PEÇAS PRÉ-MOLDADAS DE CONCRETO PROTENDIDO, REVESTIDAS C/CHAPA METÁLICA, UTIL. (10 A 15 X)","M2",401.98]
[]
["6.5.14","C1403","FORMA P/ PEÇAS PRÉ-MOLDADAS DE CONCRETO PROTENDIDO, REVESTIDAS C/CHAPA COMPENSADA PLASTIFICADA (12X)","M2",359.51]
[]
["6.5.15","C4301","FORMA PARA CONCRETO \"IN LOCO\", INCLUSIVE DESFORMA","M2",85.57]
["6.5.16","C4302","FORMA PARA CONCRETO PRÉ-MOLDADO, INCLUSIVE DESFORMA","M2",31.12]
["6.5.17","C1399","FORMA PLANA CHAPA COMPENSADA PLASTIFICADA, ESP.= 12mm UTIL. 5X","M2",73.63]
["6.5.18","C3991","FORMA PLANA CHAPA COMPENSADA PLASTIFICADA, ESP.= 18mm UTIL. 5X","M2",76.54,2.910000000000011]
["6.5.19","C1402","FORMA PLANA CHAPA COMPENSADA RESINADA, ESP.= 10mm P/GALERIA  E BUEIROS CAPEADOS","M2",35.36]
[]
["6.5.20","C2827","FORMA PLANA CHAPA COMPENSADA RESINADA, ESP.= 10mm UTIL. 3X","M2",93.77]
["6.5.21","C1405","FORMA PLANA CHAPA COMPENSADA RESINADA, ESP.= 12mm UTIL. 3 X","M2",95.41]
["6.5.22","C1799","MONTAGEM, DESMONTAGEM E REPAROS EM FORMAS P/PRE-MOLDADOS","M2",38.01]
["6.6","ARMADURAS",null,null,7189.51]
["6.6.1","C3331","ANCORAGEM ATIVA PARA CABO COM 1 CORDOALHA DE 12,7mm","UN",57.91]
["6.6.2","C3332","ANCORAGEM ATIVA PARA CABO COM 2 CORDOALHA DE 12,7mm","UN",98.42]
["6.6.3","C3333","ANCORAGEM ATIVA PARA CABO COM 4 CORDOALHA DE 12,7mm","UN",170.27]
["6.6.4","C3334","ANCORAGEM ATIVA PARA CABO COM 6 CORDOALHA DE 12,7mm","UN",260.34]
["6.6.5","C3335","ANCORAGEM ATIVA PARA CABO COM 7 CORDOALHA DE 12,7mm","UN",301.18]
["6.6.6","C3336","ANCORAGEM ATIVA PARA CABO COM 12 CORDOALHA DE 12,7mm","UN",514.11]
["6.6.7","C3337","ANCORAGEM PASSIVA PARA CABO COM 1 CORDOALHA DE 12,7mm","UN",27.59]
["6.6.8","C3338","ANCORAGEM PASSIVA PARA CABO COM 2 CORDOALHA DE 12,7mm","UN",43.51]
["6.6.9","C3339","ANCORAGEM PASSIVA PARA CABO COM 4 CORDOALHA DE 12,7mm","UN",76.76]
["6.6.10","C3340","ANCORAGEM PASSIVA PARA CABO COM 6 CORDOALHA DE 12,7mm ","UN",104.05]
["6.6.11","C3341","ANCORAGEM PASSIVA PARA CABO COM 7 CORDOALHA DE 12,7mm","UN",136.17]
["6.6.12","C3342","ANCORAGEM PASSIVA PARA CABO COM 12 CORDOALHA DE 12,7mm","UN",181.1]
["6.6.13","C4132","ARMADURA  P/ ESTACAS PRÉ-MOLDADAS DE CONCRETO (APLICAÇÃO)","T",640.76]
["6.6.14","C0213","ARMADURA CA-25 GROSSA D= 12,5 A 25,0mm","KG",5.97]
["6.6.15","C0214","ARMADURA CA-25 MÉDIA D= 6,3 A 10,0mm","KG",5.49]
["6.6.16","C0215","ARMADURA CA-50A GROSSA D= 12,5 A 25,0mm","KG",5.64]
["6.6.17","C0216","ARMADURA CA-50A MÉDIA D= 6,3 A 10,0mm","KG",5.16]
["6.6.18","C0217","ARMADURA CA-60 FINA D=3,40 A 6,40mm","KG",5.08]
["6.6.19","C0218","ARMADURA CA-60 MÉDIA D= 6,4 A 9,5mm","KG",5.26]
["6.6.20","C4151","ARMADURA DE AÇO CA 50/60","KG",5.53]
["6.6.21","C3985","ARMADURA DE CORDOALHA CP-190RB","KG",13.66]
["6.6.22","C0219","ARMADURA DE TELA DE AÇO","M2",10.45]
["6.6.23","C0220","ARMADURA EM TELA SOLDADA DE AÇO CA-60B","KG",10.39]
["6.6.24","C4071","ARMADURA EM TELA SOLDÁVEL Q-92","M2",8.02]
["6.6.25","C4131","ARMADURA P/ ESTACAS PRÉ-MOLDADAS DE CONCRETO (FABRICAÇÃO)","T",4407.66]
["6.6.26","C3344","CONFECÇÃO E COLOCAÇÃO DE CABO COM 1 CORDOALHA DE D=12,7mm COM BAINHA","KG",20.32]
["6.6.27","C3325","CONFECÇÃO E COLOCAÇÃO DE CABO COM 2 CORDOALHA DE D=12,7mm COM BAINHA","KG",14.08]
["6.6.28","C3326","CONFECÇÃO E COLOCAÇÃO DE CABO COM 4 CORDOALHA DE D=12,7mm COM BAINHA","KG",11.71]
["6.6.29","C3327","CONFECÇAO E COLOCAÇAO DE CABO COM 6 CORDOALHA DE D=12,7mm COM BAINHA","KG",11.17]
["6.6.30","C3328","CONFECÇÃO E COLOCAÇÃO DE CABO COM 7 CORDOALHAS DE D=12,7mm COM BAINHA","KG",10.72]
[]
["6.6.31","C3329","CONFECÇÃO E COLOCAÇÃO DE CABO COM 12 CORDOALHAS DE D=12,7mm COM BAINHA","KG",9.93]
[]
["6.6.32","C3343","PROTENSÃO E INJEÇÃO EM CABO COM CORDOALHA DE 12,7mm","KG",7.19]
["6.6.33","C3330","PURGADOR PARA ANCORAGEM","UN",3.91]
["6.7","CONCRETOS",null,null,18504.7]
["6.7.1","C0006","ACABAMENTO DE SUPERFÍCIES C/DESEMPENADEIRA MECÂNICA","M2",0.09]
["6.7.2","C0028","ADENSAMENTO/REGULARIZAÇÃO SUP.CONCRETO RÉGUA DUPLA L=3 A 6m","M2",2.57]
["6.7.3","C0027","ADENSAMENTO/REGULARIZAÇÃO SUPERFICIAL DE CONCRETO C/RÉGUA SIMPLES L= 3m","M2",1.96]
[]
["6.7.4","C0034","ADIÇÃO DE IMPERMEABILIZANTE PARA CONCRETO ESTRUTURAL","M3",60.19]
["6.7.5","C0461","BOMBEAMENTO DE CONCRETO","M3",35]
["6.7.6","C0829","CONCRETO CICLÓPICO FCK 10 MPa  COM AGREGADO PRODUZIDO (S/TRANSP)","M3",263.85]
["6.7.7","C0830","CONCRETO CICLÓPICO FCK 15 MPa COM AGREGADO ADQUIRIDO","M3",312.66]
["6.7.8","C4134","CONCRETO DE ALTO DESEMPENHO FCK > 50 MPa / EXECUTADO EM CENTRAL DOSADORA","M3",379.9]
[]
["6.7.9","C4438","CONCRETO FCK > 30 MPa SUBMERSO C/ PLATAFORMAS, INCLUSIVE LANÇAMENTO, CURA E TRANSPORTE","M3",542.27]
[]
["6.7.10","C0834","CONCRETO GROUT (ARGAMASSA AUTONIVELANTE), LANÇAMENTO E CURA","M3",3096.19]
["6.7.11","C0833","CONCRETO GROUT C/ATÉ 50% DE PEDRISCO EM PESO, LANÇAMENTO E CURA","M3",2354.19]
["6.7.12","C4291","CONCRETO MOLDADO \"IN LOCO\" FCK ACIMA DE 10 MPa, INCLUSIVE LANÇAMENTO E CURA","M3",434.31]
[]
["6.7.13","C4292","CONCRETO MOLDADO \"IN LOCO\" FCK ACIMA DE 50 MPa, INCLUSIVE LANÇAMENTO E CURA","M3",618.03]
[]
["6.7.14","C0836","CONCRETO NÃO ESTRUTURAL PREPARO MANUAL","M3",256.14]
["6.7.15","C3268","CONCRETO P/VIBR., FCK=10MPa COM AGREGADO PRODUZIDO (S/TRANSP.) ","M3",230.53]
["6.7.16","C3269","CONCRETO P/VIBR., FCK=13,5MPa COM AGREGADO PRODUZIDO (S/TRANSP.)","M3",243.28]
["6.7.17","C3270","CONCRETO P/VIBR., FCK=15MPa COM AGREGADO PRODUZIDO (S/ TRANSP.)","M3",248.74]
["6.7.18","C3271","CONCRETO P/VIBR., FCK=18MPA COM AGREGADO PRODUZIDO (S/ TRANSP.)","M3",260.58]
["6.7.19","C3272","CONCRETO P/VIBR., FCK=20MPa COM AGREGADO PRODUZIDO (S/TRANSP.)","M3",267.87]
["6.7.20","C3273","CONCRETO P/VIBR., FCK=25MPa COM AGREGADO PRODUZIDO (S/TRANSP.)","M3",273.93]
["6.7.21","C3274","CONCRETO P/VIBR., FCK=30MPa COM AGREGADO PRODUZIDO (S/TRANSP.)","M3",295.91]
["6.7.22","C3275","CONCRETO P/VIBR., FCK=35MPa COM AGREGADO PRODUZIDO (S/TRANSP.)","M3",319]
["6.7.23","C3276","CONCRETO P/VIBR., FCK=40MPa COM AGREGADO PRODUZIDO (S/TRANSP.)","M3",345.87]
["6.7.24","C0838","CONCRETO P/VIBR., FCK 10 MPa COM AGREGADO ADQUIRIDO","M3",255.7]
["6.7.25","C0839","CONCRETO P/VIBR., FCK 13.5 MPa COM AGREGADO ADQUIRIDO","M3",267.79]
["6.7.26","C0840","CONCRETO P/VIBR., FCK 15 MPa COM AGREGADO ADQUIRIDO","M3",272.96]
["6.7.27","C0841","CONCRETO P/VIBR., FCK 18 MPa COM AGREGADO ADQUIRIDO","M3",284.21]
["6.7.28","C0842","CONCRETO P/VIBR., FCK 20 MPa COM AGREGADO ADQUIRIDO","M3",291.07]
["6.7.29","C0843","CONCRETO P/VIBR., FCK 25 MPa COM AGREGADO ADQUIRIDO","M3",295.67]
["6.7.30","C0844","CONCRETO P/VIBR., FCK 30 MPa COM AGREGADO ADQUIRIDO","M3",319.46]
["6.7.31","C0845","CONCRETO P/VIBR., FCK 35 MPa COM AGREGADO ADQUIRIDO","M3",338.4]
["6.7.32","C0846","CONCRETO P/VIBR., FCK 40 MPa COM AGREGADO ADQUIRIDO","M3",363.87]
["6.7.33","C3731","CONCRETO P/VIBR., FCK 50MPa COM AGREGADO ADQUIRIDO","M3",460.52]
["6.7.34","C0847","CONCRETO PRE-MISTURADO FCK=10 MPa","M3",215.9]
["6.7.35","C0848","CONCRETO PRE-MISTURADO FCK 15 MPa","M3",231.2]
["6.7.36","C0849","CONCRETO PRE-MISTURADO FCK 20 MPa","M3",244.12]
["6.7.37","C0850","CONCRETO PRE-MISTURADO FCK 25 MPa","M3",255]
["6.7.38","C0851","CONCRETO PRE-MISTURADO FCK 30 MPa","M3",265.88]
["6.7.39","C0852","CONCRETO PRE-MISTURADO FCK 35 MPa","M3",280.5]
["6.7.40","C4169","CONCRETO PRE-MISTURADO FCK 50 MPa","M3",454.41]
["6.7.41","C0853","CONCRETO PRE-MISTURADO FCK 40 MPa","M3",319.77]
["6.7.42","C4170","CONCRETO PRE-MISTURADO FCK 50 MPa - ALTO DESEMPENHO","M3",489.6]
["6.7.43","C4293","CONCRETO PRÉ-MOLDADO FCK ACIMA DE 50 MPa INCLUSIVE LANÇAMENTO, CURA E TRANSPORTE","M3",446.42]
[]
["6.7.44","C4303","INJEÇÃO DE CONCRETO SUBMERSO C/ PLATAFORMAS","M3",884.96]
["6.7.45","C4135","LANÇAMENTO DE CONCRETO EM PRÉ-MOLDADO","M3",20.28]
["6.7.46","C1603","LANÇAMENTO E APLICAÇÃO DE CONCRETO C/ ELEVAÇÃO","M3",114.13]
["6.7.47","C1604","LANÇAMENTO E APLICAÇÃO DE CONCRETO S/ ELEVAÇÃO","M3",66.27]
["6.7.48","C3531","MUTIRÃO MISTO - CONCRETO P/VIBR., FCK 13.5 MPa COM AGREGADO ADQUIRIDO","M3",223.61]
["6.8","ELEMENTOS DE CONCRETO PRÉ FABRICADO",null,null,14896.76]
["6.8.1","C3250","CONFECÇÃO DE BANQUETA / MEIO FIO PRÉ-MOLDADA DE CONCRETO (1,00 x 0,25 x 0,15 m)","M",14.88]
[]
["6.8.2","C3251","CONFECÇÃO DE BANQUETA / MEIO FIO  PRÉ-MOLDADA DE CONCRETO PARA VIAS URBANAS (1,00 x 0,35 x 0,15m)","M",21.46]
[]
["6.8.3","C3606","CONFECÇÃO E MONTAGEM DE ABÓBADAS PRÉ-MOLDADAS DE CONCRETO P/TERMINAL RODOVIARIO  TIPO \"A\"","M",1169.61]
[]
["6.8.4","C3609","CONFECÇÃO E MONTAGEM DE PILAR PRÉ-MOLDADO DE CONCRETO P/TERMINAL RODOVIARIO  TIPO \"A\"","UN",1690.45]
[]
["6.8.5","C3607","CONFECÇÃO E MONTAGEM DE PÓRTICO INDICATIVO PRÉ-MOLDADO DE CONCRETO P/TERMINAL RODOVIÁRIO","UN",7138.68]
[]
["6.8.6","C3608","CONFECÇÃO E MONTAGEM DE SAPATA PRÉ-MOLDADA DE CONCRETO P/TERMINAL RODOVIÁRIO  TIPO \"A\"","M",1040.79]
[]
["6.8.7","C3610","CONFECÇÃO E MONTAGEM DE VIGA CALHA PRÉ-MOLDADA DE CONCRETO P/TERMINAL RODOVIÁRIO  TIPO \"A\"","M",453.73]
[]
["6.8.8","C3284","ESTACAS DE CONCRETO ARMADO (2,20 x 0,10 x 0,10 M) P/ CERCAS","UN",18.34]
["6.8.9","C4449","LAJE PRÉ-FABRICADA P/ FÔRRO - VÃO ATÉ 2 m","M2",66.76]
["6.8.10","C4418","LAJE PRÉ-FABRICADA P/ FÔRRO - VÃO DE 2,01 A 3 m","M2",73.21]
["6.8.11","C4419","LAJE PRÉ-FABRICADA P/ FÔRRO - VÃO DE 3,01 A 4 m","M2",74.21]
["6.8.12","C4420","LAJE PRÉ-FABRICADA P/ FÔRRO - VÃO ACIMA DE 4,01 m","M2",77.04]
["6.8.13","C4448","LAJE PRÉ-FABRICADA P/ PISO - VÃO ATÉ 2 m","M2",66.76]
["6.8.14","C4415","LAJE PRÉ-FABRICADA P/ PISO - VÃO DE 2,01 A 3 m","M2",73.88]
["6.8.15","C4416","LAJE PRÉ-FABRICADA P/ PISO - VÃO DE 3,01 A 4 m","M2",76.54]
["6.8.16","C4417","LAJE PRÉ-FABRICADA P/ PISO - VÃO ACIMA DE 4,01 m","M2",79.04]
["6.8.17","C4455","LAJE PRÉ-FABRICADA TRELIÇADA P/ FÔRRO - VÃO ATÉ 2,80 m","M2",75.58]
["6.8.18","C4456","LAJE PRÉ-FABRICADA TRELIÇADA P/ FÔRRO - VÃO  DE 2,81 A 3,80 m","M2",80.35]
["6.8.19","C4457","LAJE PRÉ-FABRICADA TRELIÇADA P/ FÔRRO - VÃO  DE 3,81 A 4,80 m","M2",84.29]
["6.8.20","C4458","LAJE PRÉ-FABRICADA TRELIÇADA P/ FÔRRO - VÃO  ACIMA DE 4,81 m","M2",108.17]
["6.8.21","C4450","LAJE PRÉ-FABRICADA TRELIÇADA P/ PISO - VÃO ATÉ 1,80 m","M2",70.63]
["6.8.22","C4451","LAJE PRÉ-FABRICADA TRELIÇADA P/ PISO - VÃO DE 1,81 A 2,80 m","M2",78.94]
["6.8.23","C4452","LAJE PRÉ-FABRICADA TRELIÇADA P/ PISO - VÃO DE 2,81 A 3,80 m","M2",82.74]
["6.8.24","C4453","LAJE PRÉ-FABRICADA TRELIÇADA P/ PISO - VÃO DE 3,81 A 4,80 m","M2",88.71]
["6.8.25","C4454","LAJE PRÉ-FABRICADA TRELIÇADA P/ PISO - VÃO ACIMA DE 4,81 m","M2",103.79]
["6.8.26","C2881","MONTAGEM DE ANEL PRÉ-MOLDADO D=0,60m, h=0,50m","UN",4.45]
["6.8.27","C3459","MONTAGEM  DE ANEL PRÉ-MOLDADO D=1,00m  h=0,50m","UN",12.24]
["6.8.28","C4598","MONTAGEM DE ANEL PREMOLDADO D=1,20m h=0,50m MSD FUNASA TIPO 10 (MATERIAL E EXECUÇÃO)","UN",16.49]
[]
["6.8.29","C3460","MONTAGEM  DE ANEL PRÉ-MOLDADO D=1,50m  h=0,50m","UN",21.94]
["6.8.30","C2882","MONTAGEM DE ANEL PRÉ-MOLDADO P/DECANTO DIGESTOR/FILTRO ANAERÓBIO","UN",32.11]
["6.8.31","C2883","MONTAGEM DE CALHA VERTEDOURA PRÉ-MOLDADA P/FILTRO ANAERÓBIO","UN",16.21]
["6.8.32","C2884","MONTAGEM DE CÂMARA DE DECANTAÇÃO PRÉ-MOLDADA","UN",182.9]
["6.8.33","C2885","MONTAGEM DE TAMPA DE FECHAMENTO/LAJE DE FUNDO P/ANEL D=600MM","UN",2.55]
["6.8.34","C2886","MONTAGEM DE TAMPA PRÉ-MOLDADA P/DECANTO/FILTRO/FUNDO FALSO","UN",26.78]
["6.8.35","C3289","MOURÃO DE CONCRETO (2,20 x 0,15 x 0,15 M)","UN",39.1]
["6.8.36","C1838","PAINEL PROTENDIDO P/PISOS/PAREDES DE VEDAÇÃO ESP.=10cm","M2",138.01]
["6.8.37","C1839","PAINEL PROTENDIDO P/PISOS/PAREDES DE VEDAÇÃO ESP.=15cm","M2",158.54]
["6.8.38","C1840","PAINEL PROTENDIDO P/PISOS/PAREDES DE VEDAÇÃO ESP.=20cm","M2",201.29]
["6.8.39","C1841","PAINEL PROTENDIDO P/PISOS/PAREDES DE VEDAÇÃO ESP.=25cm","M2",205.21]
["6.8.40","C1842","PAINEL-COBERTURA DE CONCRETO CELULAR AUTOCLAVADO ARMADO, C/ DIMENSÕES 7,5X40X280cm","M2",60.31]
[]
["6.8.41","C1843","PAINEL-LAJE DE CONCRETO CELULAR AUTOCLAVADO, C/ DIMENSÕES 10X40X280cm","M2",76.03]
["6.8.42","C1899","PEÇAS PRÉ- MOLDADAS (PM) DE CONCRETO, ESP.= 3cm","M2",191.17]
["6.8.43","C1900","PEÇAS PRÉ- MOLDADAS (PM) DE CONCRETO, ESP.= 4cm","M2",197.99]
["6.8.44","C1901","PEÇAS PRÉ- MOLDADAS (PM) DE CONCRETO, ESP.= 5cm","M2",201.53]
["6.8.45","C1886","PÉRGOLAS PRÉ-MOLDADAS (PM) DE CONCRETO, ESP.= 5cm","M2",203.28]
["6.9","JUNTA DE DILATAÇÃO",null,null,1239.42]
["6.9.1","C1418","FUNGENBAND P/ JUNTAS DE DILATAÇÃO","M",59.51]
["6.9.2","C4073","JUNTA ASFÁLTICA NAS PLACAS DOS TALUDES DAS LAGOAS (SEÇÃO 1,5 x 3,0 cm)","M",4.62]
["6.9.3","C3732","JUNTA DE DILATAÇÃO À BASE DE MASTIQUE (1.00 x 1.00cm)","M",32.11]
["6.9.4","C3993","JUNTA DE MOVIMENTAÇÃO TIPO JEENE","M",492.66]
["6.9.5","C4209","JUNTA DILATAÇÃO COM CORDA DE SISAL E ASFALTO OXIDADO (SEÇÃO 1,5 x 3 cm)","M",8.06]
["6.9.6","C4305","JUNTA JEENE JJ 5070 VV","M",492.66]
["6.9.7","C3090","JUNTA TRAFLEX-TR-CS DA MAPEL OU SIMILAR","M",73.61]
["6.9.8","C4571","MASTIQUE BETUMINOSO MODIFICADO COM POLIURETANO, TIXOTRÓPICO, BICOMPONENTE PARA JUNTA DE DILATAÇÃO","M",12.81]
[]
["6.9.9","C1814","NEOPRENE P/ JUNTAS DE DILATAÇÃO","M",37.92]
["6.9.10","C2268","SELANTE ELASTRÔMETRO P/ JUNTA DE DILATAÇÃO","M",25.46]
["6.10","RECUPERAÇÃO ESTRUTURAL",null,null,5770.94]
["6.10.1","C0005","ACABAMENTO DE PEDREIRO","M2",34.89]
["6.10.2","C0094","APICOAMENTO EM CONCRETO/PREPARO DA SUPERFÍCIE","M2",14.73]
["6.10.3","C0098","APLICAÇÃO DE ADESIVO ESTRUTURAL BASE EPOXI","KG",56.84]
["6.10.4","C0177","ARGAMASSA EPÓXIDA C/GROUT P/REGULARIZAÇÃO","M3",2470.18]
["6.10.5","C0809","COLOCAÇÃO DE INJETORES","UN",10.4]
["6.10.6","C3156","CONCRETO PROJETADO (MEDIDO NA MÁQUINA 35MPa)","M3",793.72]
["6.10.7","C0929","CORTE EM CONCRETO DETERIORADO","M2",14.73]
["6.10.8","C3083","EXECUÇÃO DE FUROS EM CONCRETO C/BROCA 1/2\"<= D <=1\"","UN",11.46]
["6.10.9","C3082","EXECUÇÃO DE FUROS EM CONCRETO C/BROCA 1\"< D <=1 1/2\"","UN",15.54]
["6.10.10","C4410","EXECUÇÃO DE FURO EM CONCRETO COM BROCA - Ø 1 1/2\" A 2\"","M",69.37]
["6.10.11","C3084","EXECUÇÃO DE PINGADEIRAS","M",5.57]
["6.10.12","C3467","FORNECIMENTO E COLOCAÇÃO DE CHUMBADOR PARABOULT DE  3/4\" a 1\"","UN",62.56]
["6.10.13","C2830","FORNECIMENTO E CRAVAÇÃO DE PINOS C/PISTOLA P/FIXAÇÃO DE TELA","UN",2.55]
["6.10.14","C1523","JATEAMENTO DE AR COMPRIMIDO, P/LIMPEZA DE SUPERFÍCIES","M2",8.56]
["6.10.15","C1524","JATEAMENTO DE AREIA À SECO EM SUPERFÍCIES","M2",7.23]
["6.10.16","C3091","LIMPEZA COM JATO DE AREIA/ÁGUA","M2",45.1]
["6.10.17","C3095","LIMPEZA DE SUPERFÍCIE C/ ESCOVA DE AÇO","M2",2.95]
["6.10.18","C2900","PINTURA PROTEÇÃO C/INIBIDOR MIGRATÓRIO CORROSÃO, 3 DEMÃOS","M2",14.97]
["6.10.19","C2137","RECUPERAÇÃO CONCRETO, C/MICROCONCRETO FLUIDO, ESP.ATÉ 300MM","M2",934.86]
["6.10.20","C2138","RECUPERAÇÃO CONCRETO, C/REFORÇO E RECONSTITUIÇÃO \"GROUT\"","M2",325.98]
["6.10.21","C2141","RECUPERAÇÃO CONCRETO, SÓ REFORÇO DA ARMADURA","M2",129.94]
["6.10.22","C2139","RECUPERAÇÃO CONCRETO, S/REFORÇO E RECONSTITUIÇÃO \"GROUT\"","M2",283.23]
["6.10.23","C2140","RECUPERAÇÃO DE CONCRETO, S/REFORÇO RECONSTITUIÇÃO ARGAMASSA POLIMÉRICA","M2",210.52]
[]
["6.10.24","C3102","RECUPERAÇÃO DE GUARDA CORPO","M",158.64]
["6.10.25","C3106","REPOSIÇÃO DE ARMADURA OXIDADA (REFORÇO, FORNECIMENTO, DOBBRAGEM E COLOCAÇÃO)","KG",9.87]
[]
["6.10.26","C3114","SELAGEM DE FISSURAS C/ INJEÇÃO DE RESINAS","KG",76.56]
["6.11","RASGO EM CONCRETO  PARA TUBULAÇÕES",null,null,37.79]
["6.11.1","C2098","RASGO EM CONCRETO P/TUBULAÇÕES D=15 A 25mm (1/2\" A 1\")","M",7.94]
["6.11.2","C2099","RASGO EM CONCRETO P/TUBULAÇÕES D=32 A 50mm (1 1/4\" A 2\")","M",12.38]
["6.11.3","C2100","RASGO EM CONCRETO P/TUBULAÇÕES D=65 A 100mm (2 1/2\" A 4\")","M",17.47]
["6.12","OUTROS ELEMENTOS",null,null,2789.64]
["6.12.1","C0090","APARELHO DE APOIO EM NEOPRENE","KG",40.2]
["6.12.2","C3402","BLOCO DE ANCORAGEM EM CONCRETO CICLÓPICO","M3",495.3]
["6.12.3","C3403","BLOCO DE ANCORAGEM EM CONCRETO SIMPLES FCK=10MPa","M3",438.34]
["6.12.4","C3404","BLOCO DE ANCORAGEM EM CONCRETO ESTRUTURAL FCK=15MPa","M3",869.81]
["6.12.5","C4098","BLOCO DE POLIESTIRENO EXPANDIDO (ISOPOR) EM CAIXÃO PERDIDO","M3",219.29]
["6.12.6","C4379","CANTONEIRA EM AÇO (6 x 6 x 1/2\") - FORNECIMENTO E COLOCAÇÃO","M",170.93]
["6.12.7","C3068","DRENO DE PVC D= 75mm","UN",24.92]
["6.12.8","C4297","DRENOS DE PVC D=75mm","M",82.51]
["6.12.9","C3069","DRENO DE PVC D=100mm","UN",28.93]
["6.12.10","C4326","FORNECIMENTO E COLOCAÇÃO DE CANTONEIRA EM AÇO SAC (3\"X3\"X5/16\")","M",86.52]
["6.12.11","C3088","FORNECIMENTO E COLOCAÇÃO DE CANTONEIRA DE FERRO (4\"X4\"X3/8\")","KG",26.19]
["6.12.12","C2829","FORNECIMENTO E COLOCAÇÃO DE ISOPOR 20mm","M2",11.39]
["6.12.13","C3089","GUARDA CORPO (VARANDA)","M",201.82]
["6.12.14","C1094","MONTAGEM DE APOIO AOS PÓRTICOS","M",93.48]
["7","CONTENÇÕES",null,null,4574.05]
["7.1","ENROCAMENTO E PROTEÇÃO DE TALUDES",null,null,273.91]
["7.1.1","C3077","ENROCAMENTO DE PEDRA ARRUMADA (PRODUZIDA) (S/TRANSPORTE)","M3",54.27]
["7.1.2","C2764","ENROCAMENTO DE PEDRA DE MÃO ARRUMADA (ADQUIRIDA)","M3",81.2]
["7.1.3","C2765","ENROCAMENTO DE PEDRA DE MÃO JOGADA (ADQUIRIDA)","M3",72]
["7.1.4","C3078","ENROCAMENTO DE PEDRA JOGADA (PRODUZIDA) (S/TRANSPORTE)","M3",46.19]
["7.1.5","C3079","ENROCAMENTO DE PEDRA JOGADA DE CORTE DE 3.ª CATEGORIA (S/TRANSPORTE)","M3",20.26]
["7.2","ENSECADEIRAS",null,null,351.96]
["7.2.1","C2767","ENSECADEIRA COM SACOS DE AREIA, S/ FORNECIMENTO DE AREIA","M3",51.87]
["7.2.2","C1244","ENSECADEIRA DE PAREDE SIMPLES","M2",85.86]
["7.2.3","C1243","ENSECADEIRA DE PAREDE DUPLA","M2",214.24]
["7.3","MURO DE ARRIMO",null,null,1426.62]
["7.3.1","C1808","MURO DE ARRIMO C/ BLOCOS DE CONCRETO ARTICULADO (30X15X28)cm","M2",162.39]
["7.3.2","C1809","MURO DE ARRIMO C/ BLOCOS DE CONCRETO ARTICULADO (60X45X15)cm  C/INJEÇÃO ATÉ 2,5m","M2",230.66]
[]
["7.3.3","C1810","MURO DE ARRIMO C/GABIÃO, ALTURA 2m","M",298.48]
["7.3.4","C1811","MURO DE ARRIMO C/GABIÃO, ALTURA 4m","M",735.08]
["7.4","GABIÕES",null,null,1113.58]
["7.4.1","C2763","ENCHIMENTO DE GABIÃO COM PEDRA DE MÃO","M3",84.88]
["7.4.2","C1317","ESTIVAS - ESTRUTURAS SUBMERSAS C/GABIÕES-SACO ALT.= 1m","M",204.97]
["7.4.3","C1422","GABIÃO COLCHÃO ESP.= 30cm","M2",102.06]
["7.4.4","C1420","GABIÃO P/EXECUÇÃO DE OBRAS","M3",194.03]
["7.4.5","C2834","GABIÃO TELA GALV. REVEST. PVC TIPO CAIXA ALT.=0,50m","M3",188.43]
["7.4.6","C2835","GABIÃO TELA GALV. REVEST. PVC TIPO CAIXA ALT.=1,00m","M3",144.21]
["7.4.7","C2836","GABIÃO TELA GALV. REVEST. PVC TIPO COLCHÃO RENO ALT.=0,17m","M2",61.3]
["7.4.8","C2837","GABIÃO TELA GALV. REVEST. PVC TIPO COLCHÃO RENO ALT.=0,23m","M2",62.6]
["7.4.9","C2838","GABIÃO TELA GALV. REVEST. PVC TIPO COLCHÃO RENO ALT.=0,30m","M2",71.1]
["7.5","TERRA ARMADA",null,null,1407.98]
["7.5.1","C4707","MURO EM BLOCO VAZADO DE CONCRETO ESTRUTURAL C/ REFORÇO DE GEOGRELHA DE 1,00 ATÉ 3,00M DE ALTURA","M2",385.04]
[]
["7.5.2","C4708","MURO EM BLOCO VAZADO DE CONCRETO ESTRUTURAL C/ REFORÇO DE GEOGRELHA DE 3,01 ATÉ 6,00M DE ALTURA","M2",455.02]
[]
["7.5.3","C4709","MURO EM BLOCO VAZADO DE CONCRETO ESTRUTURAL C/ REFORÇO DE GEOGRELHA DE 6,01 ATÉ 9,00M DE ALTURA","M2",567.92]
[]
["8","PAREDES E PAINÉIS",null,null,15011.07]
["8.1","ALVENARIA DE ELEVAÇÃO",null,null,2037.3]
["8.1.1","C0047","ALVENARIA DE BLOCO CERÂMICO FURADO (9x19x39)cm  C/ARGAMASSA MISTA DE CAL HIDRATADA, ESP=9 cm","M2",26.8]
[]
["8.1.2","C0046","ALVENARIA DE BLOCO CERÂMICO FURADO (19x19x39)cm C/ARGAMASSA MISTA DE CAL HIDRATADA ESP=19 cm","M2",51.92]
[]
["8.1.3","C3612","ALVENARIA DE BLOCO DE CONCRETO TIPO STONE CINZA (14x19x49)cm C/ARGAMASSA MISTA DE CAL HIDRATADA ESP=","M2",48.86]
[]
["8.1.4","C3613","ALVENARIA DE BLOCO DE CONCRETO TIPO STONE COLORIDO (14x19x49)cm C/ARGAMASSA MISTA DE CAL HIDRATADA E","M2",62.06]
[]
["8.1.5","C0049","ALVENARIA DE BLOCO  DE CONCRETO (6,7x19x39)cm C/ARGAMASSA  MISTA DE CAL HIDRATADA ESP=6,7 c","M2",32.75]
[]
["8.1.6","C3743","ALVENARIA DE BLOCO DE CONCRETO (9x19x39)cm C/ARGAMASSA MISTA DE CAL HIDRATADA ESP=9 cm","M2",33.41]
[]
["8.1.7","C3744","ALVENARIA DE BLOCO DE CONCRETO (14x19x39)cm C/ARGAMASSA MISTA DE CAL HIDRATADA ESP=14 cm","M2",39.61]
[]
["8.1.8","C0048","ALVENARIA DE BLOCO DE CONCRETO (19x19x39)cm C/ARGAMASSA MISTA DE CAL HIDRATADA ESP=19 cm","M2",46.22]
[]
["8.1.9","C0050","ALVENARIA DE BLOCO DE VIDRO C/ARGAMASSA MISTA DE CAL HIDRATADA ESP=10 cm","M2",552.16]
[]
["8.1.10","C0073","ALVENARIA DE TIJOLO CERÂMICO FURADO (9x19x19)cm C/ARGAMASSA MISTA DE CAL HIDRATADA ESP.=10cm (1:2:8)","M2",32.55]
[]
["8.1.11","C0074","ALVENARIA DE TIJOLO CERÂMICO FURADO (9x19x19)cm C/ARGAMASSA MISTA DE CAL HIDRATADA ESP=20 cm","M2",57.67]
[]
["8.1.12","C3658","ALVENARIA DE TIJOLO CERÂMICO FURADO (9x19x19)cm C/ARGAMASSA MISTA DE CAL HIDRATADA, ESP=30cm","M2",84.07]
[]
["8.1.13","C0075","ALVENARIA DE TIJOLO COMUM C/ARGAMASSA MISTA DE CAL HIDRATADA 1:2:8   ESP=5 cm","M2",30.56]
[]
["8.1.14","C0076","ALVENARIA DE TIJOLO COMUM C/ARGAMASSA MISTA DE CAL HIDRATADA 1:2:8   ESP=10 cm","M2",58.05]
[]
["8.1.15","C0077","ALVENARIA DE TIJOLO COMUM C/ARGAMASSA MISTA DE CAL HIDRATADA 1:2:8   ESP=20 cm","M2",103.07]
[]
["8.1.16","C0078","ALVENARIA DE TIJOLO COMUM C/ARGAMASSA MISTA DE CAL HIDRATADA 1:2:8   ESP=30 cm","M2",144.22]
[]
["8.1.17","C3614","ALVENARIA DE TIJOLO MACIÇO APARENTE (23x11x5)cm C/ARGAMASSA MISTA DE CAL HIDRATADA, ESP=11 cm","M2",90.02]
[]
["8.1.18","C3615","ALVENARIA DE TIJOLO MACIÇO APARENTE (23x11x5)cm C/ARGAMASSA MISTA DE CAL HIDRATADA ESP=22 cm","M2",162.11]
[]
["8.1.19","C0061","ALVENARIA DE TIJOLO REFRATÁRIO 1/2 VEZ C/ARGAMASSA 1:4+100 Kg CIMENTO","M2",94.9]
["8.1.20","C0060","ALVENARIA DE TIJOLO REFRATÁRIO 1 VEZ C/ARGAMASSA 1:4+100 Kg CIMENTO","M2",172.48]
["8.1.21","C3533","MUTIRÃO MISTO - ALVENARIA DE TIJOLO CERÂMICO FURADO (9X19X19)cm ARGAMASSA MISTA DE CAL HIDRATADA ESP=","M2",24.31]
[]
["8.1.22","C4507","PAREDE DE BLOCO DE GESSO STAND, INCLUSIVE EMASSAMENTO - FORNECIMENTO E EXECUÇÃO","M2",41.31]
[]
["8.1.23","C4508","PAREDE DE BLOCO DE GESSO HIDROFUGANTE, INCLUSIVE EMASSAMENTO - FORNECIMENTO E EXECUÇÃO","M2",48.2]
[]
["8.2","ALVENARIA ESTRUTURAL",null,null,535.53]
["8.2.1","C0068","ALVENARIA ESTRUTURAL DE BLOCO DE CONCRETO (14x19x39)cm C/ARGAMASSA MISTA DE CAL HIDRATADA ESP=14 cm","M2",46.72]
[]
["8.2.2","C0069","ALVENARIA ESTRUTURAL DE BLOCO DE CONCRETO (19x19x39)cm C/ARGAMASSA MISTA DE CAL HIDRATADA ESP=19 cm","M2",57.21]
[]
["8.2.3","C0064","ALVENARIA ESTRUTURAL DE BLOCO CERÂMICO (9X19X39cm) ESP.=9cm","M2",25.33]
["8.2.4","C0062","ALVENARIA ESTRUTURAL DE BLOCO CERÂMICO (14X19X39cm) ESP.=14cm","M2",34.07]
["8.2.5","C4542","ALVENARIA ESTRUTURAL DE BLOCO CERÂMICO (14X19X39cm) ESP.=14cm - COM SUPERFÍCIE EXTERNA LISA PARA ACABAMENTO APARENTE","M2",39.68]
[]
["8.2.6","C0063","ALVENARIA ESTRUTURAL DE BLOCO CERÂMICO (19X19X39cm) ESP.=19cm","M2",43.11]
["8.2.7","C4585","ALVENARIA ESTRUTURAL DE BLOCO CERÂMICO COM SUPERFÍCIES EXTERNA LISA, PARA ACABAMENTO APARENTE (14x19x29)cm ESP. 14cm, INCLUSIVE PEÇAS ESPECIAIS CALHA U E J","M2",42.5]
[]
["8.2.8","C0079","AMARRAÇÃO EM PAREDES, COM FERRO","UN",77.2]
["8.2.9","C1845","PAREDE ESTRUTURAL EM CONCRETO ARMADO ESP.=12cm","M2",169.71]
["8.3","ALVENARIA DE PEDRA",null,null,1565.2]
["8.3.1","C3345","ALVENARIA DE PEDRA ARGAMASSADA (TRAÇO 1:3) C/AGREGADOS ADQUIRIDOS","M3",260.44]
["8.3.2","C3346","ALVENARIA DE PEDRA ARGAMASSADA (TRAÇO 1:3) C/AGREGADOS PRODUZIDOS (S/TRANSP)","M3",223.96]
[]
["8.3.3","C3347","ALVENARIA DE PEDRA ARGAMASSADA (TRAÇO 1:4) C/AGREGADOS ADQUIRIDOS","M3",243.74]
["8.3.4","C0057","ALVENARIA DE PEDRA ARGAMASSADA (TRAÇO 1:4) C/AGREGADOS PRODUZIDOS (S/TRANSP)","M3",207.26]
[]
["8.3.5","C3723","ALVENARIA DE PEDRA ARGAMASSADA (TRAÇO 1:6) C/AGREGADOS ADQUIRIDOS","M3",226.9]
["8.3.6","C0058","ALVENARIA DE PEDRA ARGAMASSADA (TRAÇO 1:2:8) C/ AGREGADOS ADQUIRIDOS","M3",249.61]
["8.3.7","C3529","MUTIRÃO MISTO - ALVENARIA DE PEDRA ARGAMASSADA (TRAÇO 1:6) C/AGREGADOS ADQUIRIDOS","M3",153.27]
[]
["8.4","RASGO EM ALVENARIA P/ TUBULAÇÕES",null,null,14.93]
["8.4.1","C2095","RASGO EM ALVENARIA P/TUBULAÇÕES D=15 A 25mm (1/2\" A 1\")","M",3.1]
["8.4.2","C2096","RASGO EM ALVENARIA P/TUBULAÇÕES D=32 A 50mm (1 1/4\" A 2\")","M",4.84]
["8.4.3","C2097","RASGO EM ALVENARIA P/TUBULAÇÕES D=65 A 100mm (2 1/2\" A 4\")","M",6.98]
["8.5","DIVISÓRIAS",null,null,2777.18]
["8.5.1","C4495","DIVISÓRIA DE GESSO ACARTONADO e=48mm, S/ REVESTIMENTO - FORNECIMENTO E MONTAGEM","M2",71.87]
[]
["8.5.2","C4496","DIVISÓRIA DE GESSO ACARTONADO e=70mm, S/ REVESTIMENTO - FORNECIMENTO E MONTAGEM","M2",78.42]
[]
["8.5.3","C1134","DIVISÓRIA DE GRANILITE C/ARGAMASSA DE CIMENTO E AREIA","M2",166.91]
["8.5.4","C4070","DIVISÓRIA DE GRANITO CINZA E=2cm","M2",315.97]
["8.5.5","C4096","DIVISÓRIA DE GRANITO CINZA E=3cm","M2",357.49]
["8.5.6","C1142","DIVISÓRIA PRÉ-MOLDADA EM CONCRETO ESP.=5cm","M2",111.91]
["8.5.7","C4486","DIVISÓRIA PAINEL CELULAR, MONTANTE/RODAPÉ SIMPLES, PERFIL EM AÇO - FORNECIMENTO E MONTAGEM","M2",61.6]
[]
["8.5.8","C4488","DIVISÓRIA PAINEL CELULAR, MONTANTE/RODAPÉ SIMPLES, PERFIL EM ALUMÍNIO - FORNECIMENTO E MONTAGEM","M2",79.03]
[]
["8.5.9","C4487","DIVISÓRIA PAINEL CELULAR, MONTANTE/RODAPÉ DUPLO, PERFIL EM AÇO - FORNECIMENTO E MONTAGEM","M2",76.6]
[]
["8.5.10","C4489","DIVISÓRIA PAINEL CELULAR, MONTANTE/RODAPÉ DUPLO, PERFIL EM ALUMÍNIO - FORNECIMENTO E MONTAGEM","M2",107.57]
[]
["8.5.11","C4497","DIVISÓRIA PAINEL FIBRAROC, MONTANTE/RODAPÉ SIMPLES, PERFIL EM AÇO - FORNECIMENTO E MONTAGEM","M2",108.58]
[]
["8.5.12","C4498","DIVISÓRIA PAINEL FIBRAROC, MONTANTE/RODAPÉ SIMPLES, PERFIL EM ALUMÍNIO - FORNECIMENTO E MONTAGEM","M2",144.77]
[]
["8.5.13","C4499","DIVISÓRIA PAINEL FIBRAROC, MONTANTE/RODAPÉ DUPLO, PERFIL EM AÇO - FORNECIMENTO E MONTAGEM","M2",130.29]
[]
["8.5.14","C4500","DIVISÓRIA PAINEL FIBRAROC, MONTANTE/RODAPÉ DUPLO, PERFIL EM ALUMÍNIO - FORNECIMENTO E MONTAGEM","M2",205.1]
[]
["8.5.15","C4493","DIVISÓRIA PAINEL PVC, MONTANTE/RODAPÉ SIMPLES, PERFIL EM AÇO - FORNECIMENTO E MONTAGEM","M2",119.83]
[]
["8.5.16","C4494","DIVISÓRIA PAINEL PVC, MONTANTE/RODAPÉ SIMPLES, PERFIL EM ALUMÍNIO - FORNECIMENTO E MONTAGEM","M2",145]
[]
["8.5.17","C4502","REMANEJAMENTO DE DIVISÓRIA - DESMONTAGEM E REMONTAGEM","M2",13.43]
["8.5.18","C4490","VÃO DE PORTA - PORTA COMPLETA C/ FECHADURA TIPO CILINDRO, P/ DIVISÓRIAS EM GERAL (SEM REQUADRO) - FORNECIMENTO E MONTAGEM","UN",192.22]
[]
["8.5.19","C4491","VÃO DE PORTA - PORTA COMPLETA C/ FECHADURA TIPO CILINDRO, P/ DIVISÓRIAS EM GERAL (COM REQUADRO EM ALUMÍNIO) - FORNECIMENTO E MONTAGEM","UN",215.59]
[]
["8.5.20","C4492","VIDRO TRANSPARENTE LISO 4mm, P/ DIVISÓRIAS EM GERAL FORNECIMENTO E MONTAGEM","M2",75]
[]
["8.6","ELEMENTOS VAZADOS",null,null,2231.79]
["8.6.1","C1177","ALVENARIA DE BLOCOS DE VIDRO (20x20x10)cm","M2",535.93]
["8.6.2","C1174","ALVENARIA DE ELEMENTO VAZADO CERÂMICO (20X20X10cm) C/ARG. CIMENTO E AREIA TRAÇO 1:3","M2",108.5]
[]
["8.6.3","C1175","ALVENARIA DE ELEMENTO VAZADO DE CONCRETO (20X10X6cm) C/ARG. CIMENTO E AREIA TRAÇO 1:3 ANTI-CHUVA","M2",283.74]
[]
["8.6.4","C1176","ALVENARIA DE ELEMENTO VAZADO DE CONCRETO (20X20X20cm) C/ARG. CIMENTO E AREIA TRAÇO 1:3","M2",139.86]
[]
["8.6.5","C0051","ALVENARIA DE ELEMENTO VAZADO DE CONCRETO (32X12X6cm) C/ARG. CIMENTO E AREIA TRAÇO 1:3 TIPO PESTANA","M2",71.39]
[]
["8.6.6","C0052","ALVENARIA DE ELEMENTO VAZADO DE CONCRETO (50X50X6cm) C/ARG. CIMENTO E AREIA TRAÇO 1:3 ANTI-CHUVA","M2",36.28]
[]
["8.6.7","C0804","COBOGÓ ANTI-CHUVA (50x40)cm C/ARG. CIMENTO E AREIA TRAÇO 1:3","M2",52.23]
["8.6.8","C0805","COBOGÓ DE CIMENTO TIPO DIAMANTE","M2",67.12]
["8.6.9","C0806","COBOGÓ DE CIMENTO TIPO VENEZIANO (50X50X6)cm C/ARG. CIMENTO E AREIA TRAÇO 1:3","M2",40.32]
[]
["8.6.10","C4525","COBOGÓ DE VIDRO (20x10x18)cm","M2",853.18]
["8.6.11","C3534","MUTIRÃO MISTO - COBOGÓ ANTI-CHUVA (50X40)cm","M2",43.22]
["8.7","VERGAS E CHAPIM",null,null,1984.76]
["8.7.1","C3521","CHAPIM EM GRANITO VERDE MERUOCA","M2",296.04]
["8.7.2","C0773","CHAPIM PRÉ-MOLDADO DE CONCRETO","M2",75.46]
["8.7.3","C3532","MUTIRÃO MISTO - VERGA RETA DE CONCRETO ARMADO","M3",689.19]
["8.7.4","C2665","VERGA EM ARCO DE CONCRETO ARMADO","M",48.63]
["8.7.5","C2666","VERGA RETA DE CONCRETO ARMADO","M3",875.45]
["8.8","OUTROS ELEMENTOS",null,null,3864.38]
["8.8.1","C0383","BATE-MACAS EM AÇO INOXIDÁVEL CONTRA IMPACTO EM PAREDE","M",255.82]
["8.8.2","C0384","BATE-MACAS EM MADEIRA BOLEADA","M",86.17]
["8.8.3","C4529","BRISES EM PVC COM ESTRUTURA EM CHAPA METÁLICA - FORNECIMENTO E MONTAGEM","M2",532.76]
[]
["8.8.4","C0666","CAMA EM ALVENARIA COMPACTA, ACABAMENTO CIMENTADO E PINTADA","M2",169.05]
["8.8.5","C4501","FACHADA DE VIDRO TEMPERADO DE 10mm FIXADO COM SPIDER GLASS","M2",490.84]
["8.8.6","C4444","FACHADA METÁLICA PADRÃO PARA DELEGACIAS","M2",307.47]
["8.8.7","C1391","FLANELÓGRAFO EM MONTANTE DE MADEIRA","M2",178.88]
["8.8.8","C1791","MESA EM ALVENARIA, TAMPO CONCRETO PRÉ-MOLDADO, ACABADA","M2",189.61]
["8.8.9","C1836","PAINEL ESTRUTURADO AÇO INOX, ESCOVADO CHAPA 20","M2",407.29]
["8.8.10","C1837","PAINEL INFORMATIVO DUPLO C/PORTA DE CORRER EM VIDRO","M2",452.29]
["8.8.11","C1897","PEÇA DE MADEIRA BOLEADA NAS QUINAS FIXADAS EM PAREDES","M",29.16]
["8.8.12","C0032","PORTA EM PVC P/DIVISÓRIA (0,80X2,10)M COMPLETA - FORNECIMENTO E MONTAGEM","UN",174.72]
["8.8.13","C2910","PRATELEIRA DE MADEIRA DE LEI PLAINADA","M2",63.13]
["8.8.14","C2023","PRATELEIRA DE MÁRMORE NATURAL POLIDA DE 1 FACE","M2",156.17]
["8.8.15","C2024","PRATELEIRA DE MÁRMORE NATURAL POLIDA DE 2 FACES","M2",172.17]
["8.8.16","C2021","PRATELEIRA DE MARMORITE NATURAL POLIDA DE 1 FACE","M2",76.49]
["8.8.17","C2022","PRATELEIRA DE MARMORITE NATURAL POLIDA DE 2 FACES","M2",115.08]
["8.8.18","C3674","SUPORTE EM BARRA CHATA DE FERRO ENGASTADO NA PAREDE P/BANCADAS E/OU PRATELEIRAS","UN",7.27]
[]
["9","ESQUADRIAS E FERRAGENS",null,null,48945.43]
["9.1","ESQUADRIAS DE MADEIRA",null,null,18884.69]
["9.1.1","C0363","BANDEIROLA EM MADEIRA","M2",105.15]
["9.1.2","C1284","ESQUADRIAS DE MADEIRA E VIDRO","M2",206.04]
["9.1.3","C3544","JANELA TIPO FICHA (1.40X1.10)m - MADEIRA MISTA - COMPLETA - PADRÃO POPULAR","UN",204.77]
["9.1.4","C1519","JANELA VENEZIANA MÓVEL (S/ACESSÓRIOS)","M2",210.46]
["9.1.5","C3543","MUTIRÃO MISTO - JANELA TIPO FICHA (1.40X1.10)m - MADEIRA MISTA - COMPLETA","UN",164.61]
["9.1.6","C3541","MUTIRÃO MISTO - PORTA TIPO FICHA (0.60X2.10)m - MADEIRA MISTA - COMPLETA","UN",166.88]
["9.1.7","C3537","MUTIRÃO MISTO - PORTA TIPO FICHA (0.80X2.10)m - ROLADA MADEIRA MISTA - COMPLETA C/FECHADURA","UN",220.36]
[]
["9.1.8","C3539","MUTIRÃO MISTO - PORTA TIPO FICHA (0.80X2.10)m - ROLADA MADEIRA MISTA - COMPLETA S/FECHADURA","UN",195.55]
[]
["9.1.9","C1959","PORTA COMPENSADO P/ARMÁRIO EMBUTIDO C/BATENTE DE (7X1.5)cm","M2",98.36]
["9.1.10","C1960","PORTA COMPENSADO P/ARMÁRIO SOB PIA","M2",103.05]
["9.1.11","C1962","PORTA COMPLETA, BLINDOR/CHUMBO (0,60X2.1O)m (S/ACESSÓRIOS)","UN",947.11]
["9.1.12","C1963","PORTA COMPLETA, BLINDOR/CHUMBO (0,80X2,10)m  (S/ACESSÓRIOS)","UN",1077.21]
["9.1.13","C1961","PORTA COMPLETA, BLINDOR/CHUMBO (1,20X2,10)m (S/ACESSÓRIOS)","UN",1374.85]
["9.1.14","C1977","PORTA EXTERNA DE CEDRO LISA COMPLETA UMA FOLHA (0.80X 2.10)m","UN",416.06]
["9.1.15","C1978","PORTA EXTERNA DE CEDRO LISA COMPLETA UMA FOLHA (0.90X2.10)m","UN",435.17]
["9.1.16","C1979","PORTA EXTERNA DE CEDRO LISA COMPLETA UMA FOLHA (1.00X2.10)m","UN",454.28]
["9.1.17","C1985","PORTA INTERNA DE CEDRO LISA COMPLETA UMA FOLHA (0.60X 2.10)m","UN",379.93]
["9.1.18","C1986","PORTA INTERNA DE CEDRO LISA COMPLETA UMA FOLHA (0.70X 2.10)m","UN",399.04]
["9.1.19","C1987","PORTA INTERNA DE CEDRO LISA COMPLETA UMA FOLHA (0.80X 2.10)m","UN",418.15]
["9.1.20","C1988","PORTA INTERNA DE CEDRO LISA COMPLETA UMA FOLHA (0.90X 2.10)m","UN",437.26]
["9.1.21","C1989","PORTA INTERNA DE CEDRO LISA COMPLETA UMA FOLHA (1.00X 2.10)m","UN",456.37]
["9.1.22","C1974","PORTA EXTERNA DE CEDRO LISA COMPLETA DUAS FOLHAS (1.60X2.10)m","UN",692.87]
["9.1.23","C1975","PORTA EXTERNA DE CEDRO LISA COMPLETA DUAS FOLHAS (1.80X2.10)m","UN",731.09]
["9.1.24","C1976","PORTA EXTERNA DE CEDRO LISA COMPLETA DUAS FOLHAS (2.00X2.10)m","UN",769.31]
["9.1.25","C1980","PORTA INTERNA DE CEDRO LISA COMPLETA DUAS FOLHAS (1.20X 2.10)m","UN",619.95]
["9.1.26","C1981","PORTA INTERNA DE CEDRO LISA COMPLETA DUAS FOLHAS (1.40X 2.10)m","UN",658.17]
["9.1.27","C1982","PORTA INTERNA DE CEDRO LISA COMPLETA DUAS FOLHAS (1.60X 2.10)m","UN",696.39]
["9.1.28","C1983","PORTA INTERNA DE CEDRO LISA COMPLETA DUAS FOLHAS (1.80X 2.10)m","UN",734.61]
["9.1.29","C1984","PORTA INTERNA DE CEDRO LISA COMPLETA DUAS FOLHAS (2.00X 2.10)m","UN",772.83]
["9.1.30","C4604","PORTA EXTERNA DE MUIRACATIARA 1 FOLHA COMPLETA (0,60x2,10x0,03m)","UN",628.88]
["9.1.31","C1992","PORTA TIPO EUCATEX  (S/ACESSÓRIOS)","UN",148.45]
["9.1.32","C3405","PORTA TIPO FICHA  EXTERNA-PADRÃO FUNASA (0,55X1,90m)","UN",245.5]
["9.1.33","C3542","PORTA TIPO FICHA (0.60X2.10)m - MADEIRA MISTA - COMPLETA - PADRÃO POPULAR","UN",207.04]
["9.1.34","C3538","PORTA TIPO FICHA (0.80X2.10)m - ROLADA MADEIRA MISTA - COMPLETA C/FECHADURA - PADRÃO POPULAR","UN",260.71]
[]
["9.1.35","C3540","PORTA TIPO FICHA (0.80X2.10)m - ROLADA MADEIRA MISTA - COMPLETA S/FECHADURA - PADRÃO POPULAR","UN",235.71]
[]
["9.1.36","C1993","PORTA TIPO FICHA EMBUTIDA (S/ACESSÓRIOS)","M2",240.59]
["9.1.37","C1994","PORTA TIPO PARANÁ (S/ACESSÓRIOS)","M2",70.23]
["9.1.38","C4423","PORTA TIPO PARANÁ (0,60 x 2,10 m), C/ FERRAGENS","UN",174.98]
["9.1.39","C4424","PORTA TIPO PARANÁ (0,60 x 2,10 m), COMPLETA","UN",424.83]
["9.1.40","C4425","PORTA TIPO PARANÁ (0,70 x 2,10 m), C/ FERRAGENS","UN",179.98]
["9.1.41","C4426","PORTA TIPO PARANÁ (0,70 x 2,10 m), COMPLETA","UN",429.83]
["9.1.42","C4427","PORTA TIPO PARANÁ (0,80 x 2,10 m), C/ FERRAGENS","UN",200.22]
["9.1.43","C4428","PORTA TIPO PARANÁ (0,80 x 2,10 m), COMPLETA","UN",450.07]
["9.1.44","C4396","PORTA TIPO VENEZIANA  0,60x1.80 (FORNECIMENTO E MONTAGEM)","UN",602.51]
["9.1.45","C1998","PORTADA EM MADEIRA TRELIÇADA COMPLETA, INCLUSIVE FERRAGENS","M2",239.23]
["9.2","ESQUADRIAS METÁLICAS",null,null,20359.5]
["9.2.1","C0807","COFRE-TRANCA PARA GRADES DE FERRO SEGURANÇA MÁXIMA","UN",2402.66]
["9.2.2","C4560","GRADE DE ALUMÍNIO DE PROTEÇÃO","M2",166.16]
["9.2.3","C1426","GRADE DE FERRO DE PROTEÇÃO","M2",147.73]
["9.2.4","C3681","GRADE DE FERRO TUBULAR C/MOLDURA EM BARRA CHATA DE FERRO","M2",285.34]
["9.2.5","C3248","GRADE DE FERRO P/CELAS EM SEGURANÇA MÁXIMA","M2",203.4]
["9.2.6","C1437","GRELHA DE FERRO P/CANALETAS","M2",140.62]
["9.2.7","C1516","JANELA DE ALUMÍNIO, TIPO VENEZIANA","M2",402.31]
["9.2.8","C1517","JANELA DE FERRO TIPO CAIXILHO BASCULANTE OU FIXO","M2",215.39]
["9.2.9","C1518","JANELA DE FERRO TIPO CAIXILHO DE CORRER OU MAXIMAR","M2",239.31]
["9.2.10","C4515","JANELA EM ALUMÍNIO ANODIZADO NATURAL/FOSCO, DE CORRER, COM BANDEIROLA E/OU PEITORIL, SEM VIDRO - FORNECIMENTO E MONTAGEM","M2",244.62]
[]
["9.2.11","C4513","JANELA EM ALUMÍNIO ANODIZADO NATURAL/FOSCO, DE CORRER, SEM BANDEIROLA E/OU PEITORIL, SEM VIDRO - FORNECIMENTO E MONTAGEM","M2",213]
[]
["9.2.12","C4519","JANELA EM ALUMÍNIO ANODIZADO PRETO, DE CORRER, SEM BANDEIROLA E/OU PEITORIL, SEM VIDRO - FORNECIMENTO E MONTAGEM","M2",232.91]
[]
["9.2.13","C4521","JANELA EM ALUMÍNIO ANODIZADO PRETO, DE CORRER, COM BANDEIROLA E/OU PEITORIL, SEM VIDRO - FORNECIMENTO E MONTAGEM","M2",270]
[]
["9.2.14","C1958","PORTA DE FERRO COMPACTA EM CHAPA, INCLUS. BATENTES E FERRAGENS","M2",201.5]
["9.2.15","C1966","PORTA CORTA-FOGO UMA FOLHA (0,80X2,10)m  OU  (0,90x2,10)m","UN",925.34]
["9.2.16","C1964","PORTA CORTA-FOGO DUAS FOLHAS LARG.=1,20 A 2,20m  E ALT.=2,10 A 2,40 m","UN",1569.7]
["9.2.17","C1965","PORTA CORTA-FOGO INDUSTRIAL DE CORRER","M2",1545.16]
["9.2.18","C1969","PORTA DE AÇO EM CHAPA ONDULADA OU GRADES DE ENROLAR","M2",187.25]
["9.2.19","C1967","PORTA DE ALUMÍNIO ANODIZADO COMPACTA","M2",339.88]
["9.2.20","C1968","PORTA DE ALUMÍNIO C/VIDRO CRISTAL TEMPERADO","M2",258.21]
["9.2.21","C1973","PORTA DE ALUMÍNIO E ACRÍLICO","M2",273.4]
["9.2.22","C1970","PORTA DE FERRO EM CHAPA","M2",140.59]
["9.2.23","C4518","PORTA EM ALUMÍNIO ANODIZADO NATURAL/FOSCO, DE ABRIR, COM BANDEIROLA E/OU PEITORIL, SEM VIDRO - FORNECIMENTO E MONTAGEM","M2",297.29]
[]
["9.2.24","C4517","PORTA EM ALUMÍNIO ANODIZADO NATURAL/FOSCO, DE ABRIR, SEM BANDEIROLA E/OU PEITORIL, SEM VIDRO - FORNECIMENTO E MONTAGEM","M2",278.57]
[]
["9.2.25","C4516","PORTA EM ALUMÍNIO ANODIZADO NATURAL/FOSCO, DE CORRER, COM BANDEIROLA E/OU PEITORIL, SEM VIDRO - FORNECIMENTO E MONTAGEM","M2",287.6]
[]
["9.2.26","C4514","PORTA EM ALUMÍNIO ANODIZADO NATURAL/FOSCO, DE CORRER, SEM BANDEIROLA E/OU PEITORIL, SEM VIDRO - FORNECIMENTO E MONTAGEM","M2",266.3]
[]
["9.2.27","C4524","PORTA EM ALUMÍNIO ANODIZADO PRETO, DE ABRIR, COM BANDEIROLA E/OU PEITORIL, SEM VIDRO - FORNECIMENTO E MONTAGEM","M2",326.55]
[]
["9.2.28","C4523","PORTA EM ALUMÍNIO ANODIZADO PRETO, DE ABRIR, SEM BANDEIROLA E/OU PEITORIL, SEM VIDRO - FORNECIMENTO E MONTAGEM","M2",305.48]
[]
["9.2.29","C4522","PORTA EM ALUMÍNIO ANODIZADO PRETO, DE CORRER, COM BANDEIROLA E/OU PEITORIL, SEM VIDRO - FORNECIMENTO E MONTAGEM","M2",310]
[]
["9.2.30","C4520","PORTA EM ALUMÍNIO ANODIZADO PRETO, DE CORRER, SEM BANDEIROLA E/OU PEITORIL, SEM VIDRO - FORNECIMENTO E MONTAGEM","M2",297]
[]
["9.2.31","C3737","PORTA FRIGORÍFICA TERMO-ISOLANTE DE ACIONAMENTO MANUAL C/AQUECIMENTO. 2100X1000X150MM -( FORNECIMENTO","UN",2770.09]
[]
["9.2.32","C1991","PORTA SASAZAKI-VENEZIANA, INCLUSIVE BATENTES E FERRAGENS","M2",230.09]
["9.2.33","C3733","PORTÃO DE ALUMÍNIO ANODIZADO NATURAL, FECHAMENTO TOTAL C/ LAMBRI BOLA E CORREDIÇO (FORNECIMENTO E MONTAGEM)","M2",271.43]
[]
["9.2.34","C4397","PORTÃO DE ALUMÍNIO EM TUBOS DE 20 mm (FORNECIMENTO E MONTAGEM)","M2",352.88]
["9.2.35","C1999","PORTÃO DE FERRO EM BARRA CHATA TIPO TIJOLINHO","M2",160.43]
["9.2.36","C3659","PORTÃO DE METALON E BARRA CHATA DE FERRO C/FECHADURA E DOBRADIÇA, INCLUS. PINTURA ESMALTE SINTÉTICO","M2",307.26]
[]
["9.2.37","C2903","PORTÃO DE TUBO DE AÇO GALVANIZADO DE 2\" (1X2)m, INCL. PILARES DE SUSTENTAÇÃO","UN",676.45]
[]
["9.2.38","C2904","PORTÃO DE TUBO DE AÇO GALVANIZADO DE 2\" (4X2)m, INCL.. PILARES DE SUSTENTAÇÃO","UN",2325.8]
[]
["9.2.39","C3729","REMANEJAMENTO DE ESQUADRIAS DE ALUMÍNIO","M2",33.5]
["9.2.40","C2423","TELA METÁLICA AÇO GALVANIZADO, MALHA (13 X 13)MM2","M2",64.29]
["9.2.41","C3249","TRANCA EM FERRO PARA CELAS PRISIONAIS","UN",184.45]
["9.2.42","C4400","TELA DE AÇO ELETROSOLDADA COM FIOS DE 3,4mm C/ 15 cm (INSTALADO)","KG",4.9]
["9.2.43","C4401","TELA DE AÇO ELETROSOLDADA COM FIOS DE 5,0mm C/ 15 cm (INSTALADO)","KG",4.62]
["9.3","MOBILIÁRIO",null,null,4797.42]
["9.3.1","C0221","ARMÁRIO ALTO EM DIVISÓRIA (ABERTO)","M2",361.88]
["9.3.2","C0222","ARMÁRIO BAIXO EM DIVISÓRIA (FECHADO)","M2",521]
["9.3.3","C0223","ARMÁRIO DE AÇO P/ UTENSÍLIOS (1.90X0.90X0.50)m","UN",417]
["9.3.4","C0224","ARMÁRIO DE AÇO TIPO ESCANINHO - MODELO 3 PORTAS","UN",195.33]
["9.3.5","C0226","ARMÁRIO EM BRUMASA REVESTIDO COM FÓRMICA","M2",172.13]
["9.3.6","C0227","ARMÁRIO SOBREPOR EM MADEIRA C/ CAPEADO EM CEREJEIRA","M2",425.7]
["9.3.7","C0228","ARMÁRIO SOBREPOR EM MADEIRA SUCUPIRA","M2",402.75]
["9.3.8","C0353","BALCÃO EM BRUMASA REVESTIDO EM FÓRMICA","M2",307.2]
["9.3.9","C1450","GUARDA-ROUPA EM MADEIRA SUCUPIRA","M2",333.94]
["9.3.10","C4168","POLTRONA C/ BASE DE ASSENTO REBATÍVEL, ACABAMENTO METÁLICO EM PINTURA EPOXI PRETO FOSCO, REVESTIMENT","UN",1383.27]
[]
["9.3.11","C2134","RECIPIENTE PRÉ-MOLDADO C/PORTA EM CHAPA DE AÇO, P/GUARDAR TELEVISÃO","UN",157.01]
["9.3.12","C2295","SUPORTE METÁLICO PARA TELEVISÃO","UN",120.21]
["9.4","OUTROS ELEMENTOS",null,null,4903.81]
["9.4.1","C0042","ALIZAR (GUARNIÇÃO) DE MADEIRA","M",5.07]
["9.4.2","C4422","ALIZAR DE MADEIRA L= 5 cm (1 FACE)","CJ",23.09]
["9.4.3","C3437","ARMADOR DE EMBUTIR","UN",22.17]
["9.4.4","C3438","ARMADOR TIPO RABO DE ANDORINHA","UN",14.18]
["9.4.5","C3651","BATE-MACAS EM AÇO INOXIDÁVEL CONTRA IMPACTO EM PORTA DE MADEIRA","M2",363.66]
["9.4.6","C0585","CADEADO GRANDE ","UN",25.2]
["9.4.7","C0586","CADEADO MÉDIO","UN",12.69]
["9.4.8","C0587","CADEADO PEQUENO","UN",8.66]
["9.4.9","C0699","CAPEADO DE CEREJEIRA C/APLICAÇÃO","M2",27.89]
["9.4.10","C0700","CAPEADO DE MOGNO C/ APLICAÇÃO","M2",32.83]
["9.4.11","C0701","CAPEADO DE PAU-MARFIM C/ APLICAÇÃO","M2",30.22]
["9.4.12","C0922","CORRIMÃO EM ALUMÍNIO ANODIZADO","M",50.07]
["9.4.13","C0923","CORRIMÃO EM MADEIRA MACIÇA ( PINTADA )","M",46]
["9.4.14","C0924","CORRIMÃO EM TUBO DE AÇO INOX","M",226.66]
["9.4.15","C1144","DOBRADIÇA CROMADA 3\" X 2 1/2\"","UN",14.13]
["9.4.16","C1143","DOBRADIÇA CROMADA 3 1/2\" X 3\"","UN",10.51]
["9.4.17","C1145","DOBRADIÇA CROMADA TIPO PALMELA","UN",11.58]
["9.4.18","C1146","DOBRADIÇA CROMADA TIPO VAI - VEM","UN",34.18]
["9.4.19","C4588","DOBRADIÇA DE FERRO (PADRÃO POPULAR)","UN",11.28]
["9.4.20","C4552","DOBRADIÇA PARA FIXAÇÃO EM GRANITO","UN",55.5]
["9.4.21","C1360","FECHADURA COMPLETA PARA PORTA EXTERNA","UN",84.18]
["9.4.22","C1361","FECHADURA COMPLETA PARA PORTA INTERNA","UN",73.94]
["9.4.23","C1362","FECHADURA DE TARJETA (LIVRE-OCUPADA)","UN",51.67]
["9.4.24","C4553","FECHADURA DE TARJETA (LIVRE-OCUPADA) PARA FIXAÇÃO EM GRANITO","UN",46.31]
["9.4.25","C4587","FECHADURA DE SOBREPOR (PADRÃO POPULAR)","UN",62.82]
["9.4.26","C1364","FERROLHO DE SOBREPOR OU EMBUTIR GRANDE","UN",19.81]
["9.4.27","C1365","FERROLHO DE SOBREPOR OU EMBUTIR MÉDIO","UN",17.57]
["9.4.28","C1366","FERROLHO DE SOBREPOR OU EMBUTIR PEQUENO","UN",10.92]
["9.4.29","C1407","FORRAMENTO EM AÇO (BATENTAÇO) LARG. =12cm","M",37.07]
["9.4.30","C3673","FORRAMENTO EM AÇO C/PERFIL \"U\"  L=15CM  - PARA PRESÍDIOS","M",34.12]
["9.4.31","C4421","FORRAMENTO DE MADEIRA L = 15 cm","CJ",203.66]
["9.4.32","C1408","FORRAMENTO OU BATENTE DE MADEIRA","M",23.12]
["9.4.33","C4559","GRADIL PRÉ-FABRICADO COMPOSTO DE PAINÉIS DE 2,50 x 2,43 EM ARAME GALVANIZADO 5 mm DE DIÂMETRO, MALHA 200 x 50 mm, POSTE COM SECÇÃO 60 x 40 mm E ALTURA DE 3,20 m CHAPA GALVANIZADA, COM 1,55 mm DE ESPESSURA, PINTADO COM TINTA POLIÉSTER E PINTURA ELETROSTÁTICA","M2",181.03]
[]
["9.4.34","C1447","GUARDA CORPO C/BARRA CHATA DE FERRO E CORRIMÃO EM MADEIRA MACIÇA","M2",158.08]
["9.4.35","C3683","GUARDA CORPO DE MADEIRA E CORDA DE SISAL","M",54.9]
["9.4.36","C1448","GUARDA CORPO DE TUBO DE AÇO INOX","M",246.58]
["9.4.37","C1449","GUARDA CORPO METÁLICO - CROMADO","M",265.6]
["9.4.38","C1795","MOLA HIDRÁULICA P/PORTA DE VIDRO","UN",535.89]
["9.4.39","C1796","MOLA P/ PORTA TIPO COIMBRA","UN",147.9]
["9.4.40","C3552","MUTIRÃO MISTO - ARMADOR RABO DE ANDORINHA","UN",11.97]
["9.4.41","C1868","PEGADOR METÁLICO P/PORTA (INTERNO)","UN",17.27]
["9.4.42","C3522","PILAR EM MADEIRA LIMPA DE 1a. QUALIDADE 20cmX20cm","M",87.24]
["9.4.43","C3676","PORTA DE PVC SANFONADA (0,80 X 2,10) COMPLETA - FORNECIMENTO E MONTAGEM","UN",168]
["9.4.44","C4556","PORTÃO TIPO BASCULANTE COM PAINÉIS NYLOFOR, EM AÇO REVESTIDO, COR VERDE","M2",501.69]
[]
["9.4.45","C4557","PORTÃO TIPO CORRER COM PAINÉIS NYLOFOR, EM AÇO REVESTIDO, COR VERDE","M2",501.69]
["9.4.46","C2031","PRENDEDOR METÁLICO PARA PORTA","UN",15.12]
["9.4.47","C2215","REVESTIMENTO DE FÓRMICA EM ESQUADRIAS OU MÓVEIS","M2",45.74]
["9.4.48","C2319","TARJETA CROMADA P/ JANELAS VENEZIANAS","UN",5.14]
["9.4.49","C3675","VENEZIANA INDUSTRIAL DE PVC RÍGIDO, TRANSLÚCIDO E MONTANTES EM AÇO GALVANIZADO OU ALUMÍNIO (FORNECIM","M2",269.26]
[]
["10","VIDROS",null,null,45244.18]
["10.1","CRISTAL COMUM",null,null,733.67]
["10.1.1","C2670","VIDRO COMUM EM CAIXILHOS C/MASSA ESP.= 4mm, COLOCADO","M2",70.6]
["10.1.2","C2671","VIDRO COMUM EM CAIXILHOS C/MASSA ESP.= 5mm, COLOCADO","M2",80.3]
["10.1.3","C2672","VIDRO COMUM EM CAIXILHOS C/MASSA ESP.= 6mm, COLOCADO","M2",96.3]
["10.1.4","C2673","VIDRO COMUM FUMÊ EM CAIXILHOS C/MASSA E= 4mm, COLOCADO","M2",97]
["10.1.5","C2674","VIDRO COMUM FUMÊ EM CAIXILHOS C/MASSA E= 5mm, COLOCADO","M2",120]
["10.1.6","C2675","VIDRO COMUM FUMÊ EM CAIXILHOS C/MASSA E= 6mm, COLOCADO","M2",150]
["10.1.7","C2984","VIDRO TRANSLÚCIDO CANELADO OU MARTELADO E=3mm (COLOCADO)","M2",119.47]
["10.2","CRISTAL TEMPERADO",null,null,42966.51]
["10.2.1","C1382","FIXO 2 FOLHAS E BASCULANTE DE VIDRO TEMPERADO (1.80X2.10)m  E=10mm","CJ",1455.72]
["10.2.2","C1383","FIXO 2 FOLHAS. 2  BANDEIRAS E 1 CONTRAVENTAMENTO DE VIDRO TEMPERADO (1.80 X 3.50)m  E=10mm","CJ",2470.98]
[]
["10.2.3","C1384","FIXO 3 FOLHAS 3 BANDEIRAS E 2 CONTRAVENTAMENTO DE VIDRO TEMPERADO (2.70 X3.50)m  E=10mm","CJ",3785.27]
[]
["10.2.4","C1385","FIXO 3 FOLHAS E BASCULANTES 2 FOLHAS DE VIDRO TEMPERADO (0.70X2.10)m  E=10mm","CJ",2250.85]
[]
["10.2.5","C1386","FIXO DE VIDRO TEMPERADO C/BANDEIRA (0.90X3.50)m  E=10mm","CJ",1187.22]
["10.2.6","C1387","FIXO DE VIDRO TEMPERADO 1 FOLHA   (0.90X2.10)m  E=10mm","CJ",702.19]
["10.2.7","C1388","FIXO DE VIDRO TEMPERADO 2 FOLHAS (1.80X2.10)m  E=10mm","CJ",1386.7]
["10.2.8","C1389","FIXO DE VIDRO TEMPERADO 3 FOLHAS (2.70X2.10)m  E=10mm","CJ",2071.2]
["10.2.9","C1390","FIXO E BASCULANTE DE VIDRO TEMPERADO  (0.90X2.10)m  E=10mm","CJ",741.98]
["10.2.10","C1952","PORTA 2 FOLHAS C/BANDEIRA DE VIDRO TEMPERADO E=10mm C/MOLA (1.80X2.90)m","CJ",3387.05]
["10.2.11","C1953","PORTA 2 FOLHAS C/BANDEIRA DE VIDRO TEMPERADO E=10mm C/MOLA (1.80X3.50)m","CJ",3716.99]
["10.2.12","C1954","PORTA 2 FOLHAS C/BANDEIRA E FIXO 2 FLS. DE VIDRO TEMPERADO E=10mm (3.60X2.90)m","CJ",5184.89]
[]
["10.2.13","C1955","PORTA 2 FOLHAS. FIXA 2 FOLHAS. 3 BANDEIRAS 2 CONTRAVENTAMENTO DE VIDRO TEMPERADO DE10mm (3.60X3.50)m","CJ",6350.9]
[]
["10.2.14","C1956","PORTA C/BANDEIRA DE VIDRO TEMPERADO E=10mm C/MOLA (0.90X2.90)m  ","CJ",1731.22]
["10.2.15","C1957","PORTA C/BANDEIRA DE VIDRO TEMPERADO E=10mm C/MOLA (0.90X3.50)m","CJ",1896.19]
["10.2.16","C1972","PORTA DE VIDRO TEMPERADO 1 FOLHA (0.90X2.10)m  E=10mm","CJ",1408.3]
["10.2.17","C1971","PORTA DE VIDRO TEMPERADO  2 FOLHAS (1.80X2.10)m  E=10mm","CJ",2832.06]
["10.2.18","C2676","VIDRO TEMPERADO EM CAIXILHO C/GAX. DE NEOPRENE ESP.= 6mm","M2",199.68]
["10.2.19","C2677","VIDRO TEMPERADO EM CAIXILHO C/MASSA ESP.= 6mm","M2",207.12]
["10.3","OUTROS  ELEMENTOS ",null,null,1544]
["10.3.1","C3650","GUICHÊ EM AÇO INOX E VIDRO TEMPERADO E=6MM","M2",295.47]
["10.3.2","C1451","GUICHÊ EM ALUMÍNIO E VIDRO TEMPERADO E=10mm","M2",394.52]
["10.3.3","C1873","PELÍCULA DE INSULFILM","M2",34.27]
["10.3.4","C1874","PELÍCULA DE POLIÉSTER, INVESTIGAÇÃO","M2",66.86]
["10.3.5","C3649","VISOR COM VIDRO TEMPERADO E=6MM E MOLDURA DE AÇO INOX","M2",265.26]
["10.3.6","C2679","VISOR COM VIDRO TEMPERADO E=6mm E MOLDURA DE ALUMÍNIO","M2",236.77]
["10.3.7","C2680","VISOR COM VIDRO TEMPERADO E=6mm E MOLDURA DE MADEIRA","M2",250.85]
["11","COBERTURA",null,null,16953.07]
["11.1","ESTRUTURA DE MADEIRA",null,null,2721.83]
["11.1.1","C3722","ESTRUTURA DE MADEIRA P/ COBERTA DE PALHA DE CARNÁUBA","M2",53.73]
["11.1.2","C1336","ESTRUTURA DE MADEIRA P/ TELHA CERÂMICA OU CONCRETO VÃO 3 A 7m (TESOURAS / TERÇAS / CONTRAVENTAMENTOS / FERRAGENS)","M2",70.78]
[]
["11.1.3","C1337","ESTRUTURA DE MADEIRA P/ TELHA CERÂMICA OU CONCRETO VÃO 7 A 10m (TESOURAS / TERÇAS / CONTRAVENTAMENTOS / FERRAGENS)","M2",78.83]
[]
["11.1.4","C1335","ESTRUTURA DE MADEIRA P/ TELHA CERÂMICA OU CONCRETO VÃO 10 A 13m (TESOURAS / TERÇAS / CONTRAVENTAMENTOS / FERRAGENS)","M2",88.45]
[]
["11.1.5","C1338","ESTRUTURA DE MADEIRA P/ TELHA ONDULADA DE FIBROCIMENTO, ALUMÍNIO OU PLÁSTICAS, VÃO 10m","M2",52.95]
[]
["11.1.6","C1339","ESTRUTURA DE MADEIRA P/ TELHA ONDULADA DE FIBROCIMENTO, ALUMÍNIO OU PLÁSTICAS,  VÃO 15m","M2",62.5]
[]
["11.1.7","C1340","ESTRUTURA DE MADEIRA P/ TELHA ONDULADA DE FIBROCIMENTO, ALUMÍNIO OU PLÁSTICAS, VÃO 20m","M2",75.82]
[]
["11.1.8","C4511","ESTRUTURA DE MADEIRA P/ TELHAS ONDULADAS DE FIBROCIMENTO, ALUMÍNIO OU PLÁSTICAS, APOIADA SOBRE PAREDES E/OU LAJES DE FORRO","M2",36.48]
[]
["11.1.9","C1341","ESTRUTURA DE MADEIRA P/ TELHA ESTRUTURAL DE FIBROCIMENTO ANCORADA EM LAJES OU EM PAREDES","M2",20.48]
[]
["11.1.10","C3005","MADEIRAMENTO P/TELHA CERÂMICA C/ REAPROVEITAMENTO","M2",20.02]
["11.1.11","C4459","MADEIRAMENTO P/ TELHA CERÂMICA - (RIPA, CAIBRO)","M2",28.59]
["11.1.12","C4460","MADEIRAMENTO P/ TELHA CERÂMICA - (RIPA, CAIBRO, LINHA)","M2",61.07]
["11.1.13","C4467","MADEIRAMENTO P/TELHA CERÂMICA - (RIPA, CAIBRO, LINHA) - CASA POPULAR","M2",38.58]
["11.1.14","C4461","MADEIRAMENTO P/TELHA CERÂMICA CASA TIPO \"T 01\" COM 45,75 M2 DE COBERTURA","UD",1766.77]
["11.1.15","C3006","MADEIRAMENTO P/TELHA FIBROCIMENTO C/ REAPROVEITAMENTO","M2",19.85]
["11.1.16","C2237","RIPA DE PEROBA (2X8)cm","M",11.46]
["11.1.17","C2460","TESOURA EM MASSARANDUBA C/ACESSÓRIOS","M",93.4]
["11.1.18","C2678","VIGA DE MADEIRA MACIÇA 6\" X 3\"","M",42.8]
["11.1.19","C3721","VIGA DE MADEIRA MACIÇA 10\"x 4\"","M",99.26]
["11.2","ESTRUTURA METÁLICA",null,null,5595.79]
["11.2.1","C0818","COLUNAS P/PÉ DIREITO DE 6m  VÃO DE 20m","M2",35.79]
["11.2.2","C0819","COLUNAS P/PÉ DIREITO DE 6m  VÃO DE 30m","M2",40.38]
["11.2.3","C0820","COLUNAS P/PÉ DIREITO DE 6m  VÃO DE 40m","M2",44.67]
["11.2.4","C1326","ESTRUTURA DE AÇO EM ARCO VÃO DE 20m","M2",81.58]
["11.2.5","C1327","ESTRUTURA DE AÇO EM ARCO VÃO DE 30m","M2",83.75]
["11.2.6","C1328","ESTRUTURA DE AÇO EM ARCO VÃO DE 40m","M2",90.92]
["11.2.7","C1329","ESTRUTURA DE AÇO EM SHED VÃO DE 20m","M2",113.18]
["11.2.8","C1330","ESTRUTURA DE AÇO EM SHED VÃO DE 30m","M2",117.59]
["11.2.9","C1331","ESTRUTURA DE AÇO EM SHED VÃO DE 40m","M2",121.85]
["11.2.10","C1332","ESTRUTURA DE AÇO TIPO FINK VÃO DE 20m","M2",89.34]
["11.2.11","C1333","ESTRUTURA DE AÇO TIPO FINK VÃO DE 30m","M2",93.83]
["11.2.12","C1334","ESTRUTURA DE AÇO TIPO FINK VÃO DE 40m","M2",97.68]
["11.2.13","C1318","ESTRUTURA DE ALUMÍNIO EM ARCO VÃO DE 20m","M2",129.34]
["11.2.14","C1319","ESTRUTURA DE ALUMÍNIO EM ARCO VÃO DE 30m","M2",148.96]
["11.2.15","C1320","ESTRUTURA DE ALUMÍNIO EM ARCO VÃO DE 40m","M2",168.58]
["11.2.16","C1324","ESTRUTURA DE ALUMÍNIO EM DUAS ÁGUAS VÃO DE 20m","M2",138.06]
["11.2.17","C1321","ESTRUTURA DE ALUMÍNIO EM DUAS ÁGUAS VÃO DE 25m","M2",151.14]
["11.2.18","C1322","ESTRUTURA DE ALUMÍNIO EM DUAS ÁGUAS VÃO DE 30m","M2",164.22]
["11.2.19","C1323","ESTRUTURA DE ALUMÍNIO EM DUAS ÁGUAS VÃO DE 40m","M2",186.02]
["11.2.20","C1325","ESTRUTURA DE ALUMÍNIO EM SHED VÃO DE 20 A 30m","M2",188.2]
["11.2.21","C1342","ESTRUTURA ESPACIAL DE ALUMÍNIO VÃO DE 20m","M2",147.67]
["11.2.22","C1343","ESTRUTURA ESPACIAL DE ALUMÍNIO VÃO DE 30m","M2",176]
["11.2.23","C1344","ESTRUTURA ESPACIAL DE ALUMÍNIO VÃO DE 40m","M2",202.17]
["11.2.24","C1345","ESTRUTURA ESPACIAL DE ALUMÍNIO VÃO DE 50m","M2",228.32]
["11.2.25","C1346","ESTRUTURA ESPACIAL DE ALUMÍNIO VÃO DE 60m","M2",254.49]
["11.2.26","C1352","ESTRUTURA METÁLICA EM TUBO DE AÇO 150mm, INCLUS. PINTURA","M",282.71]
["11.2.27","C1353","ESTRUTURA METÁLICA TRELIÇADA EM AÇO, EM MARQUISES","M2",116.34]
["11.2.28","C1600","LANTERNIM SIMPLES VÃO DE 20m","M2",15.28]
["11.2.29","C1601","LANTERNIM SIMPLES VÃO DE 30m","M2",19.68]
["11.2.30","C1602","LANTERNIM SIMPLES VÃO DE 40m","M2",25.5]
["11.2.31","C1597","LANTERNIM DUPLO VÃO DE 20m","M2",26.56]
["11.2.32","C1598","LANTERNIM DUPLO VÃO DE 30m","M2",31.05]
["11.2.33","C1599","LANTERNIM DUPLO VÃO DE 40m","M2",35.34]
["11.2.34","C1879","PERFIL METÁLICO ' I ', PRÉ-PINTADO C/ H=200mm","M",174.54]
["11.2.35","C1878","PERFIL METÁLICO  ' I ', PRÉ-PINTADO C/ H=300mm","M",384.36]
["11.2.36","C1880","PERFIL METÁLICO ' I ', PRÉ-PINTADO C/ H=400mm","M",478.82]
["11.2.37","C1881","PERFIL METÁLICO ' I ', PRÉ-PINTADO C/ H=500mm","M",693.47]
["11.2.38","C4395","PERFIL \"U\" EM ALUMÍNIO 3/4\" x 3/4\" P/ COBERTURA","M",18.43]
["11.3","TELHAS",null,null,3688.45]
["11.3.1","C0041","ALGEIROZ EM TELHAMENTO COLONIAL","M",12.18]
["11.3.2","C0387","BEIRA E BICA EM TELHA COLONIAL","M",6.09]
["11.3.3","C0675","CANTONEIRA DE FIBROCIMENTO P/TELHA ONDULADA","M",36.09]
["11.3.4","C0768","CHAPA CORRUGADA DE ALUMÍNIO E=0.7MM","M2",57.33]
["11.3.5","C0803","COBERTURA C/TELHA PVC RÍGIDO INCLINAÇÃO 27%","M2",43.82]
["11.3.6","C0987","CUMEEIRA ARTICULADA DE FIBROCIMENTO P/TELHA MODULADA","M",84.48]
["11.3.7","C0988","CUMEEIRA ARTICULADA DE FIBROCIMENTO P/TELHA VOGATEX","M",32.82]
["11.3.8","C0989","CUMEEIRA CERÂMICA DA TELHA CANAL \"TIMOM\"","M",14.66]
["11.3.9","C0990","CUMEEIRA CERÂMICA DA TELHA RETANGULAR \"TIMOM\"","M",14.21]
["11.3.10","C0993","CUMEEIRA DE ALUMÍNIO E=0.8mm","M",36.8]
["11.3.11","C0994","CUMEEIRA DE CONCRETO COLORIDA INCLUSIVE EMBOÇAMENTO","M",61.72]
["11.3.12","C0995","CUMEEIRA NORMAL DE FIBROCIMENTO P/TELHA CANALETE 49","M",89.04]
["11.3.13","C0996","CUMEEIRA NORMAL DE FIBROCIMENTO P/TELHA CANALETE 90","M",76.22]
["11.3.14","C0997","CUMEEIRA NORMAL DE FIBROCIMENTO P/TELHA KALHETA DELTA","M",90.5]
["11.3.15","C0998","CUMEEIRA NORMAL DE FIBROCIMENTO P/TELHA KALHETÃO","M",76.16]
["11.3.16","C0999","CUMEEIRA NORMAL DE FIBROCIMENTO P/TELHA MAXIPLAC","M",59.98]
["11.3.17","C1000","CUMEEIRA NORMAL DE FIBROCIMENTO P/TELHA ONDULADA","M",34.9]
["11.3.18","C1001","CUMEEIRA NORMAL PARA TELHA DE MADEIRA","M",14.97]
["11.3.19","C4463","CUMEEIRA TELHA CERÂMICA, EMBOÇADA","M",13.85]
["11.3.20","C1002","CUMEEIRA TERMOACÚSTICA","M",49.72]
["11.3.21","C1003","CUMEEIRA TIPO ONDULINE EM ESTRUTURA DE MADEIRA","M",33.64]
["11.3.22","C1004","CUMEEIRA TIPO ONDULINE EM ESTRUTURA METÁLICA","M",39.64]
["11.3.23","C1005","CUMEEIRA TIPO SHED OU RUFO DE FIBROCIMENTO P/TELHA ONDULADA","M",39.21]
["11.3.24","C1006","CUMEEIRA UNIVERSAL DE FIBROCIMENTO P/TELHA ONDULADA","M",35.94]
["11.3.25","C3858","DESMONTAGEM DE TELHAMENTO EM ESTRUTURAS METÁLICAS","M2",4.42]
["11.3.26","C4464","EMBOÇAMENTO DA ÚLTIMA FIADA TELHA CERÂMICA","M",6.09]
["11.3.27","C1363","FECHAMENTO LATERAL C/TELHA DE FIBROCIMENTO ONDULADA E=6mm","M2",26.79]
["11.3.28","C1380","FIXAÇÃO DE TELHAS CANALETE 90-(LINHA DE FIXAÇÃO)","UN",149.3]
["11.3.29","C1381","FIXAÇÃO DE TELHAS KALHETÃO (LINHA DE FIXAÇÃO)","UN",86.61]
["11.3.30","C3859","MONTAGEM DE TELHAMENTO EM ESTRUTURAS METÁLICAS","M2",5.51]
["11.3.31","C2199","RETELHAMENTO C/ OUTROS TIPOS DE TELHA MAT. FIXAÇÃO","M2",21.71]
["11.3.32","C2200","RETELHAMENTO C/ TELHA CERÂMICA  ATE 20% NOVA","M2",22.96]
["11.3.33","C2201","RETELHAMENTO C/ TELHA CERÂMICA COM 50% NOVA","M2",27.01]
["11.3.34","C2203","RETELHAMENTO C/ TELHA FIBROCIMENTO MAT. DE FIXAÇÃO","M2",17.91]
["11.3.35","C2303","TAMPÃO DE FIBROCIMENTO P/TELHA KALHETA DELTA","M",44.77]
["11.3.36","C2304","TAMPÃO DE FIBROCIMENTO P/TELHA KALHETÃO","M",29.37]
["11.3.37","C2305","TAMPÃO E RUFO DE FIBROCIMENTO","M",83.25]
["11.3.38","C4462","TELHA CERÂMICA","M2",35.11]
["11.3.39","C2429","TELHA CERÂMICA TIPO CANAL C/ ESBARRO \"TIMON\"","M2",67.44]
["11.3.40","C2430","TELHA CERÂMICA TIPO RETANGULAR C/ ESBARRO \"TIMOM\"","M2",62.94]
["11.3.41","C2431","TELHA DE AÇO ZINCADA PRÉ-PINTADA INCLINAÇÃO 1%.VAO 10.5m","M2",80.2]
["11.3.42","C2432","TELHA DE AÇO ZINCADA PRÉ-PINTADA INCLINAÇÃO 2.75% VÃO 16m","M2",85.46]
["11.3.43","C2433","TELHA DE AÇO ZINCADA PRÉ-PINTADA INCLINAÇÃO 3%.VÃO 22m","M2",138.5]
["11.3.44","C2434","TELHA DE AÇO ZINCADA PRÉ-PINTADA INCLINAÇÃO 3%.VÃO 24m","M2",146.6]
["11.3.45","C2435","TELHA DE AÇO ZINCADA PRÉ-PINTADA INCLINAÇÃO 3%.VÃO 26m","M2",175.4]
["11.3.46","C2425","TELHA DE ALUMÍNIO C/ MIOLO POLIURETANO, TRAPEZOIDAL + LISA","M2",94.62]
["11.3.47","C2426","TELHA DE ALUMÍNIO C/MIOLO POLIURETANO, TRAPEZOIDAL+TRAPEZOIDAL","M2",94.62]
["11.3.48","C4554","TELHA DE ALUMÍNIO, TRAPEZOIDAL e = 0,7mm","M2",41.62]
["11.3.49","C2436","TELHA DE CONCRETO COLORIDA INCLINAÇÃO ACIMA DE 30%","M2",30.79]
["11.3.50","C2437","TELHA DE FIBROCIMENTO CANALETE 49 INCLINAÇÃO 3%","M2",86.27]
["11.3.51","C2438","TELHA DE FIBROCIMENTO CANALETE 90 INCLINAÇÃO 3%","M2",85.48]
["11.3.52","C2439","TELHA DE FIBROCIMENTO CANALETE 90 INCLINAÇÃO 9%","M2",86.74]
["11.3.53","C2440","TELHA DE FIBROCIMENTO KALHETA DELTA INCLINAÇÃO 3%","M2",101.31]
["11.3.54","C2441","TELHA DE FIBROCIMENTO KALHETÃO INCLINAÇÃO 3%","M2",88.11]
["11.3.55","C2442","TELHA DE FIBROCIMENTO KALHETÃO INCLINAÇÃO 9%","M2",88.93]
["11.3.56","C2443","TELHA DE FIBROCIMENTO MAXIPLAC E=6mm INCLINAÇÃO 27%","M2",15.53]
["11.3.57","C2444","TELHA DE FIBROCIMENTO MODULADA, INCLINAÇÃO 18%","M2",132.23]
["11.3.58","C2446","TELHA DE FIBROCIMENTO ONDULADA E=6mm EM ARCO","M2",27.91]
["11.3.59","C2445","TELHA DE FIBROCIMENTO ONDULADA E=6mm , INCLINAÇÃO 27%","M2",26.27]
["11.3.60","C3745","TELHA DE FIBROCIMENTO ONDULADA E= 8mm, INCLINAÇÃO 27%","M2",38.17]
["11.3.61","C2447","TELHA DE FIBROCIMENTO VOGATEX, INCLINAÇÃO 27%","M2",13.18]
["11.3.62","C2448","TELHA DE MADEIRA COMPENSADA ONDULADA E=6mm","M2",16.25]
["11.3.63","C2449","TELHA DE POLIESTER REFORÇADO","M2",22.85]
["11.3.64","C2450","TELHA TERMOACÚSTICA TRAPEZOIDAL INCLINAÇÃO 17.6%","M2",111.03]
["11.3.65","C2451","TELHA TIPO ONDULINE EM ESTRUTURA DE MADEIRA","M2",31.59]
["11.3.66","C2452","TELHA TIPO ONDULINE EM ESTRUTURA METÁLICA","M2",43.59]
["11.3.67","C2453","TELHA TRANSPARENTE ONDULADA","M2",40.04]
["11.4","COBERTURA (MADEIRAMENTO E TELHAMENTO)",null,null,503.11]
["11.4.1","C0800","COBERTURA C/TELHA ESTRUTURAL DE FIBRO-CIMENTO, CANALETE 49 C/ APOIOS","M2",131.38]
["11.4.2","C0801","COBERTURA C/TELHA ESTRUTURAL DE FIBRO-CIMENTO, CANALETE 90 C/ APOIOS","M2",122.36]
["11.4.3","C0802","COBERTURA C/TELHA ONDULADA DE FIBRO-CIMENTO E= 6mm ( C/MADEIRAMENTO )","M2",89.5]
["11.4.4","C4465","COBERTURA TELHA CERÂMICA - (RIPA, CAIBRO)","M2",63.7]
["11.4.5","C4466","COBERTURA TELHA CERÂMICA (RIPA, CAIBRO, LINHA)","M2",96.17]
["11.5","DOMOS",null,null,3422.37]
["11.5.1","C4370","ABÓBADA DE POLICARBONATO TRANSPARENTE (FORN./MONTAGEM)","M2",612.01]
["11.5.2","C0769","CHAPA POLICARBONATO  ALVEOLAR CRISTAL ESP.= 6mm","M2",100.09]
["11.5.3","C0770","CHAPA POLICARBONATO COMPACTO CRISTAL ESP.= 6mm","M2",361.54]
["11.5.4","C0771","CHAPA POLICARBONATO FUMÊ ESP.= 4mm","M2",63.03]
["11.5.5","C0772","CHAPA POLICARBONATO FUMÊ ESP.= 4mm  C/ PELICULA REFLETIVA","M2",705.2]
["11.5.6","C1147","DOMO INDIVIDUAL DE ACRÍLICO","M2",387.02]
["11.5.7","C1148","DOMO INDIVIDUAL DE FIBRA DE VIDRO","M2",306.16]
["11.5.8","C1149","DOMO MODULAR DE ACRÍLICO","M2",408.93]
["11.5.9","C1150","DOMO MODULAR DE FIBRA DE VIDRO","M2",478.38]
["11.6","OUTROS ELEMENTOS",null,null,1021.52]
["11.6.1","C3448","BEIRAL DE MADEIRA (1X10)cm","M",16.35]
["11.6.2","C0388","BEIRAL DE MADEIRA DE (2 X 8)cm, INCLUSIVE PINTURA","M",14.31]
["11.6.3","C0657","CALHA DE ALUMÍNIO DESENVOLVIMENTO DE 25cm","M",27.27]
["11.6.4","C0658","CALHA DE CHAPA COBRE 26 DESENVOLVIMENTO 33cm","M",74.37]
["11.6.5","C0659","CALHA DE CHAPA COBRE 26 DESENVOLVIMENTO 50cm","M",99.83]
["11.6.6","C0660","CALHA DE CHAPA GALVANIZADA 26 DESENVOLVIMENTO 33cm","M",36.06]
["11.6.7","C0661","CALHA DE CHAPA GALVANIZADA 26 DESENVOLVIMENTO 50cm","M",53.87]
["11.6.8","C0662","CALHA DE FIBERGLASS ESP.= 2mm  DESENVOLVIMENTO 30cm","M",27.99]
["11.6.9","C3684","COBERTA EM PALHA DE CARNAÚBA","M2",20.11]
["11.6.10","C3746","ESTACIONAMENTO COBERTO C/ TELHA DE FIBROCIMENTO - VAGA (4,50x2,75)","M2",86.44]
["11.6.11","C1631","LONA PLÁSTICA PRETA, P/SERVIÇOS EM COBERTAS","M2",7.54]
["11.6.12","C2248","RUFO DE CHAPA COBRE 26 DESENVOLVIMENTO 33cm","M",60.74]
["11.6.13","C2249","RUFO DE CHAPA GALVANIZADA 26 DESENVOLVIMENTO 33cm","M",24.34]
["11.6.14","C2250","RUFO DE FIBROCIMENTO","M",64.45]
["11.6.15","C2251","RUFO DE FIBROCIMENTO C/ VEDAÇÃO ELÁSTICA","M",80.9]
["11.6.16","C2252","RUFO DE FIBROCIMENTO P/TELHA MAXIPLAC","M",46.81]
["11.6.17","C2253","RUFO DE FIBROCIMENTO P/TELHA ONDULADA","M",39.21]
["11.6.18","C3652","RUFO/ALGEIROZ EM CONCRETO PRÉ-MOLDADO L=30CM","M",61.15]
["11.6.19","C2479","TOLDO COM ESTRUTURA METÁLICA","M2",179.76]
["12","IMPERMEABILIZAÇÃO",null,null,1210.53]
["12.1","BALDRAMES",null,null,55.65]
["12.1.1","C1462","IMPERMEABILIZAÇÃO DE ALVENARIA DE EMBASAMENTO NO RESPALDO C/ARGAMASSA CIMENTO E AREIA S/ PENEIRAMENTO, TRAÇO 1:3, ESP.=2cm C/ ADITIVO IMPERMABILIZANTE","M2",23.57]
[]
["12.1.2","C1466","IMPERMEABILIZAÇÃO HORIZONTAL DE ALICERCES C/MANTA BUTÍLICA EM PAREDES DE 1 ½  TIJOLO","M",32.07]
[]
["12.2","PISOS",null,null,63.95]
["12.2.1","C1424","GEOTEXTIL COMO CAMADA  DE DESLIZAMENTO / SEPARAÇÃO OU COMO CAMADA DE BERÇO E/OU AMORTECIMENTO","M2",7.79]
[]
["12.2.2","C1465","IMPERMEABILIZAÇÃO DE ÁREAS SUJEITAS A INFILTRAÇÃO POR LENÇOL FREÁTICO","M2",22.57]
["12.2.3","C1472","IMPERMEABILIZAÇÃO P/ REBAIXO BANHEIRO E COZINHA C/TINTA ASFÁLTICA","M2",7.58]
["12.2.4","C2057","PROTEÇÃO DE SUPERFÍCIES IMPERMEABILIZADAS","M2",20.05]
["12.2.5","C4659","GEOTÊXTIL NÃO TECIDO 100% POLIÉSTER COM RESISTÊNCIA AO PUNCIONAMENTO CBR MÍNIMA DE 2 kN","M2",5.97]
[]
["12.3","CALHAS",null,null,93.63]
["12.3.1","C1458","IMPERMEABILIZAÇÃO C/ IMPERMEABILIZANTE ESTRUTURAL E APLICAÇÃO DE MEMBRANA DE BASE ACRÍLICA","M2",42.97]
[]
["12.3.2","C1463","IMPERMEABILIZAÇÃO DE CALHA, VIGA-CALHA, JARDINEIRA C/MANTA ASFÁLTICA .AUTO-ADESIVA","M2",22.21]
[]
["12.3.3","C1470","IMPERMEABILIZAÇÃO JARDINEIRAS C/ARGAMASSA DE CIMENTO E AREIA S/ PENEIRAMENTO, TRAÇO 1:3 - ESP.= 3cm","M2",28.46]
[]
["12.4","COBERTURAS",null,null,406.76]
["12.4.1","C1476","IMPERMEABILIZAÇÃO À BASE DE ELASTÔMEROS  SINTÉTICOS CALANDRADOS E PRÉ-VULCANIZADOS C/ MANTA BUTÍLICA","M2",92.53]
[]
["12.4.2","C1173","IMPERMEABILIZAÇÃO À BASE DE ELASTÔMEROS SINTÉTICOS \"NEOPRENE + HYPALON\"","M2",135.98]
[]
["12.4.3","C1232","IMPERMEABILIZAÇÃO À BASE DE EMULSÃO ASFÁLTICA ESTRUTURADA C/ VÉU DE FIBRA DE VIDRO C/ PINTURA DEFLETIVA","M2",63.28]
[]
["12.4.4","C1459","IMPERMEABLIZAÇÃO C/ APLICAÇÃO DIRETA DE IMPERMEABILIZANTE ESTRUTURAL SEGUIDA DE APLICAÇÃO DE MEMBRANA DE BASE ACRÍLICA","M2",42.97]
[]
["12.4.5","C1471","IMPERMEABILIZAÇÃO C/ MANTA ASFÁLTICA C/ ARMADURA DE FILME DE POLIETILENO","M2",29.23]
["12.4.6","C1464","IMPERMEABILIZAÇÃO DE COBERTURAS PLANAS C/MANTA À BASE DE ASFALTO MODIFICADO","M2",26.98]
[]
["12.4.7","C1779","IMPERMEABILIZAÇÃO DE LAJES C/ MANTA ASFÁLTICA PRÉ-FABRICADA, C/ VÉU DE POLIÉSTER","M2",15.78]
[]
["12.5","RESERVATÓRIOS",null,null,285.4]
["12.5.1","C1473","IMPERMEABILIZAÇÃO DE RESERVATÓRIOS E PISCINAS ELEVADAS C/ IMPERMEABILIZANTE ESTRUTURAL C/ APLICAÇÃO DE MEMBRANA ELÁSTICA BI-COMPONENTE","M2",22.16]
[]
["12.5.2","C1474","IMPERMEABILIZAÇÃO DE RESERVATÓRIOS ELEVADOS C/ ARGAMASSA RÍGIDA E DE IMPERMEABILIZAÇÃO SEMIPLÁSTICA C/ ASFALTO MODIFICADO E ESTRUTURADO","M2",107.15]
[]
["12.5.3","C1475","IMPERMEABILIZAÇÃO DE SUPERFÍCIES INTERNAS DE RESERVATÓRIOS ENTERRADOS","M2",42.14]
["12.5.4","C1469","IMPERMEABILIZAÇÃO INTERNA E EXTERNA P/RESERVATÓRIO ENTERRADO","M2",45.33]
["12.5.5","C1460","IMPERMEABILIZAÇÃO INTERNA C/ CIMENTO IMPERMEABILIZANTE ESTRUTURAL","M2",15.6]
["12.5.6","C1467","IMPERMEABILIZAÇÃO INTERNA DE PISCINAS ENTERRADAS C/CIMENTO IMPERMEABILIZANTE ESTRUTURAL","M2",20]
[]
["12.5.7","C1468","IMPERMEABILIZAÇÃO INTERNA C/ MANTA ASFÁLTICA C/ ARMADURA DE FILME DE POLIETILENO","M2",31.52]
[]
["12.5.8","C2033","PREPARO DE SUPERFÍCIE INTERNA EM RESERVATÓRIOS A SEREM IMPERMEABILIZADOS","M2",1.5]
[]
["12.6","CORTINA",null,null,126.73]
["12.6.1","C0667","CAMADA PROTETORA DE SUPERFÍCIES HORIZONTAIS C/ ARGAMASSA DE CIMENTO E AREIA S/ PENEIRAMENTO TRAÇO 1:5 - ESP.= 1 A 2 cm","M2",16.64]
[]
["12.6.2","C0668","CAMADA PROTETORA DE SUPERFÍCIES VERTICAIS C/ PINTURA DE EMULSÃO ASFÁLTICA E ARGAMASSA DE CIMENTO E AREIA S/ PENEIRAMENTO TRAÇO 1:5, ESP.= 1 A 2 cm","M2",19.82]
[]
["12.6.3","C1461","IMPERMEABILIZAÇÃO DE ÁREAS SUJEITAS À UMIDADE C/ APLICAÇÃO DE DUAS DEMÃOS DE IMPERMEABILIZANTE ESTRUTURAL DILUÍDO C/ ÁGUA E EMULSÃO ADESIVA TRAÇO 12:4:1","M2",10.88]
[]
["12.6.4","C2188","REGULARIZAÇÃO DE SUPERFÍCIES HORIZONTAIS E VERTICAIS C/ ARGAMASSA DE CIMENTO E AREIA S/ PENEIRAMENTO, TRAÇO 1:3, ESP.= 6cm P/ APLICAÇÃO DE IMPERMEABILIZAÇÃO","M2",31.47]
[]
["12.6.5","C2217","REVESTIMENTO DE SUPERFÍCIE HORIZONTAL OU VERTICAL C/ARGAMASSA DE CIMENTO E AREIA S/ PENEIRAMENTO TRAÇO 1:3, ESP.= 5cm","M2",47.92]
[]
["12.7","OUTROS ELEMENTOS",null,null,178.4]
["12.7.1","C2841","IMPERMEABILIZAÇÃO C/ ARGAMASSA DE  CIMENTO E AREIA 1:3 ADITIVADA, ESP.= 2.50cm","M2",22.53]
[]
["12.7.2","C2842","IMPERMEABILIZAÇÃO C/ CIMENTO CRISTALIZANTE, BASE ACRÍLICA","M2",38.18]
["12.7.3","C2843","IMPERMEABILIZAÇÃO C/ EMULSÃO ASFÁLTICA CONSUMO 2kg/m²","M2",9.77]
["12.7.4","C3444","IMPERMEABILIZAÇÃO C/ SIKA E IGOL P/ CX. D´ÁGUA","M2",34.25]
["12.7.5","C4021","IMPERMEABILIZAÇÃO DE ACABAMENTO C/ HEYDICRYL PLUS, COR BRANCA, CONSUMO 3,0 KG/M2, REFORÇADA C/ TELA","M2",13.19]
[]
["12.7.6","C4124","IMPERMEABILIZAÇÃO EM DUPLA CAMADA COM MANTA ESTRUTURADA EM POLIÉSTER 4mm - TIPO IV E MANTA DE ALUMÍNIO","M2",60.48]
[]
["13","PROTEÇÃO TÉRMICA",null,null,643.5]
["13.1","ISOLAMENTO DE PAREDES",null,null,233.93]
["13.1.1","C1501","ISOLAMENTO TÉRMICO C/ESPUMA RÍGIDA DE POLIURETANO ESP.= 5cm","M2",8.15]
["13.1.2","C1502","ISOLAMENTO TÉRMICO C/MANTAS DE FIBRA DE VIDRO ENSACADAS ESP.= 5cm","M2",41.19]
["13.1.3","C1505","ISOLAMENTO TÉRMICO C/PAINEL DE FIBRA DE VIDRO FLEXÍVEL ESP.=50mm FIXADO COM ADESIVO HIDRO-ASFÁLTICO","M2",26.03]
[]
["13.1.4","C1503","ISOLAMENTO TÉRMICO C/PAINEL DE FIBRA DE VIDRO RÍGIDO ESP.= 25mm FIXADO COM ASFALTO OXIDADO (MODIFICADO)","M2",75.45]
[]
["13.1.5","C1506","ISOLAMENTO TÉRMICO C/PAINEL DE FIBRA DE VIDRO SEMI-RÍGIDO ESP.= 50mm FIXADO C/ARAME E TELA","M2",29.37]
[]
["13.1.6","C1504","ISOLAMENTO TÉRMICO C/TIJOLO CERÂMICO FURADO (30X20X10)cm","M2",53.74]
["13.2","ISOLAMENTO DE COBERTURAS E LAJES",null,null,343.3]
["13.2.1","C1500","ISOLAMENTO TÉRMICO C/ARGILA EXPANDIDA AGLOMERADA ESP.= 20cm","M2",67.27]
["13.2.2","C1507","ISOLAMENTO TÉRMICO C/DOLOMITA MAGNESIANA BRITADA ESP.= 10cm","M2",13.09]
["13.2.3","C1508","ISOLAMENTO TÉRMICO C/LAJOTAS PRE-MOLDADAS DE CONCRETO","M2",45.56]
["13.2.4","C1509","ISOLAMENTO TÉRMICO C/MANTAS DE FIBRA DE VIDRO ESP.= 7.5cm  PROTEGIDAS C/ASFALTO OXIDADO","M2",29.68]
[]
["13.2.5","C1510","ISOLAMENTO TÉRMICO C/PEDRA BRITADA SOLTA ESP.= 25cm, SOBRE ARGAMASA DE PROTEÇÃO P/IMPERMEABILIZAÇÃO","M2",20.39]
[]
["13.2.6","C1511","ISOLAMENTO TÉRMICO C/PLACAS DE CONCRETO CELULAR ESP.= 5cm","M2",48.01]
["13.2.7","C1512","ISOLAMENTO TÉRMICO C/PLACAS DE POLIESTIRENO EXPANDIDO ESP.= 5cm","M2",36.21]
["13.2.8","C1513","ISOLAMENTO TÉRMICO C/VERMICULITA AGLOMERADA C/CIMENTO E AREIA ESP.= 15cm","M2",83.1]
[]
["13.3","ISOLAMENTO DE TUBOS DE AÇO",null,null,66.28]
["13.3.1","C3717","ISOLAMENTO TÉRMICO COM POLIESTIRENO EXPANDIDO (ISOPOR) EM TUBO DE AÇO PRETO  DE 2\"","M",28.41]
[]
["13.3.2","C3718","ISOLAMENTO TÉRMICO COM POLIESTIRENO EXPANDIDO (ISOPOR) EM TUBO DE AÇO PRETO  DE 2 1/2\"","M",37.86]
[]
["14","REVESTIMENTOS",null,null,6902.89]
["14.1","ARGAMASSAS PARA PAREDES INTERNAS E EXTERNAS",null,null,812.28]
["14.1.1","C0776","CHAPISCO C/ ARGAMASSA DE CIMENTO E AREIA S/PENEIRAR TRAÇO 1:3  ESP.= 5mm P/ PAREDE","M2",3.54]
[]
["14.1.2","C0777","CHAPISCO C/ ARGAMASSA DE CIMENTO E PEDRISCO TRAÇO 1:4  ESP.= 7mm P/ PAREDE","M2",5.61]
[]
["14.1.3","C1214","EMBOÇO C/ ARGAMASSA DE CAL HIDRATADA E AREIA S/PENEIRAR TRAÇO 1:2  ESP.= 20mm P/ PAREDE","M2",17.23]
[]
["14.1.4","C1216","EMBOÇO C/ ARGAMASSA DE CAL HIDRATADA E AREIA S/PENEIRAR TRAÇO 1:3  ESP.= 20mm P/ PAREDE","M2",15.84]
[]
["14.1.5","C1215","EMBOÇO C/ARGAMASSA DE CAL HIDRATADA E AREIA S/PENEIRAR TRAÇO 1:4.5  ESP.= 20mm P/ PAREDE","M2",14.89]
[]
["14.1.6","C1220","EMBOÇO C/ ARGAMASSA DE CIMENTO E AREIA S/ PENEIRAR, TRAÇO 1:3","M2",17.84]
["14.1.7","C1221","EMBOÇO C/ ARGAMASSA DE CIMENTO E AREIA S/ PENEIRAR, TRAÇO 1:4","M2",16.73]
["14.1.8","C1226","EMBOÇO C/ ARGAMASSA DE CIMENTO E AREIA S/ PENEIRAR, TRAÇO 1:5","M2",16.06]
["14.1.9","C3245","EMBOÇO C/ ARGAMASSA DE CIMENTO E AREIA S/ PENEIRAR, TRAÇO 1:6","M2",15.61]
["14.1.10","C3246","EMBOÇO C/ ARGAMASSA DE CIMENTO E AREIA S/ PENEIRAR, TRAÇO 1:7","M2",15.28]
["14.1.11","C1211","EMBOÇO C/ ARGAMASSA DE CIMENTO, ARENOSO E AREIA S/PENEIRAR TRAÇO 1:7:3  ESP.= 20mm P/ PAREDE","M2",15.13]
[]
["14.1.12","C3023","EMBOÇO C/ ARGAMASSA DE CIMENTO E AREIA PENEIRADA, TRAÇO 1:3","M2",21.14]
["14.1.13","C3029","EMBOÇO C/ ARGAMASSA DE CIMENTO E AREIA PENEIRADA, TRAÇO 1:4","M2",20.03]
["14.1.14","C3080","EMBOÇO C/ ARGAMASSA DE CIMENTO E AREIA PENEIRADA, TRAÇO 1:5","M2",19.36]
["14.1.15","C3120","EMBOÇO C/ ARGAMASSA DE CIMENTO E AREIA PENEIRADA, TRAÇO 1:6","M2",18.91]
["14.1.16","C3122","EMBOÇO C/ ARGAMASSA DE CIMENTO E AREIA PENEIRADA, TRAÇO 1:7","M2",18.59]
["14.1.17","C1212","EMBOÇO C/ ARGAMASSA MISTA DE CIMENTO, CAL EM PASTA E AREIA S/PENEIRAR TRAÇO 1:1.5:9  ESP.= 20mm P/ PAREDE","M2",16.86]
[]
["14.1.18","C1227","EMBOÇO C/ARGAMASSA MISTA DE CIMENTO, CAL HIDRATADA E AREIA S/PENEIRAR TRAÇO 1:2:8, ESP=20 mm P/ PAREDE","M2",17.12]
[]
["14.1.19","C1213","EMBOÇO C/ ARGAMASSA MISTA DE CIMENTO, CAL HIDRATADA E AREIA S/PENEIRAR TRAÇO 1:2:9  ESP.= 20mm P/ PAREDE","M2",16.71]
[]
["14.1.20","C1223","EMBOÇO C/ ARGAMASSA MISTA DE CAL EM PASTA E AREIA S/PENEIRAR, TRAÇO 1:4 C/130KG DE CIMENTO, ESP=20 mm P/ PAREDE","M2",17.63]
[]
["14.1.21","C1222","EMBOÇO C/ ARGAMASSA MISTA DE CAL HIDRATADA E AREIA S/PENEIRAR, TRAÇO 1:4 C/130 KG DE CIMENTO, ESP=20 mm P/ PAREDE","M2",17.29]
[]
["14.1.22","C1238","ENCHIMENTO DE RASGO C/ARGAMASSA DIAM.= 15 A 25mm (1/2\" A 1\")","M",2.42]
["14.1.23","C1239","ENCHIMENTO DE RASGO C/ARGAMASSA DIAM.= 32 A 50mm (1 1/4\" A 2\")","M",3.4]
["14.1.24","C1240","ENCHIMENTO DE RASGO C/ARGAMASSA DIAM.= 65 A100mm  (2 1/2\" A 4\")","M",5.45]
["14.1.25","C1245","ENTELAMENTO CORRETIVO DE SUPERFÍCIE C/TRINCA P/RETRAÇÃO OU DILATAÇÃO TELA LARG.=15cm REF. CENT.LARG.=5cm","M",11.24]
[]
["14.1.26","C1247","ENTELAMENTO PREVENTIVO DE SUPERFÍCIE SUJEITA A TRINCAS P/RETRAÇÃO OU DILATAÇÃO TELA LARG.= 25cm","M",5.62]
[]
["14.1.27","C3545","MUTIRÃO MISTO - CHAPISCO C/ARGAMASSA DE CIMENTO E PEDRISCO TRAÇO 1:4  ESP.=7mm P/PAREDE","M2",3.73]
[]
["14.1.28","C3546","MUTIRÃO MISTO - REBOCO C/ ARGAMASSA DE CAL TRAÇO 1:4 P/PAREDE","M2",7.32]
["14.1.29","C2110","REBOCO C/ACABAMENTO.LISO.C/ARGAMASSA DE CIMENTO E AREIA PENEIRADA E ADITIVO IMPERMEABILIZANTE TRAÇO 1:1.5 ESP=5 mm","M2",19.05]
[]
["14.1.30","C2120","REBOCO C/ARGAMASSA DE CAL EM PASTA E AREIA PENEIRADA TRAÇO 1:2  ESP=5 mm P/PAREDE","M2",11.91]
[]
["14.1.31","C2121","REBOCO C/ARGAMASSA DE CAL EM PASTA E AREIA PENEIRADA TRAÇO 1:3  ESP=5 mm P/PAREDE","M2",11.52]
[]
["14.1.32","C2122","REBOCO C/ARGAMASSA DE CAL EM PASTA E AREIA PENEIRADA TRAÇO 1:4  ESP=5 mm P/PAREDE","M2",11.25]
[]
["14.1.33","C2124","REBOCO C/ARGAMASSA DE CAL HIDRATADA E AREIA PENEIRADA TRAÇO 1:2  ESP=5 mm P/PAREDE","M2",11.79]
[]
["14.1.34","C2123","REBOCO C/ARGAMASSA DE CAL HIDRATADA E AREIA PENEIRADA TRAÇO 1:3  ESP=5 mm P/PAREDE","M2",11.22]
[]
["14.1.35","C3408","REBOCO C/ ARGAMASSA DE CIMENTO E AREIA S/ PENEIRAR, TRAÇO 1:3","M2",19.54]
["14.1.36","C3409","REBOCO C/ ARGAMASSA DE CIMENTO E AREIA S/ PENEIRAR, TRAÇO 1:4","M2",18.15]
["14.1.37","C3124","REBOCO C/ ARGAMASSA DE CIMENTO E AREIA S/ PENEIRAR, TRAÇO 1:5","M2",17.31]
["14.1.38","C3407","REBOCO C/ ARGAMASSA DE CIMENTO E AREIA S/ PENEIRAR, TRAÇO 1:6","M2",16.74]
["14.1.39","C3162","REBOCO C/ ARGAMASSA DE CIMENTO E AREIA S/ PENEIRAR, TRAÇO 1:7","M2",16.34]
["14.1.40","C3028","REBOCO C/ ARGAMASSA DE CIMENTO E AREIA PENEIRADA, TRAÇO 1:3","M2",23.66]
["14.1.41","C3037","REBOCO C/ ARGAMASSA DE CIMENTO E AREIA PENEIRADA, TRAÇO 1:4","M2",22.27]
["14.1.42","C3087","REBOCO C/ ARGAMASSA DE CIMENTO E AREIA PENEIRADA, TRAÇO 1:5","M2",21.43]
["14.1.43","C3121","REBOCO C/ ARGAMASSA DE CIMENTO E AREIA PENEIRADA, TRAÇO 1:6","M2",20.87]
["14.1.44","C3123","REBOCO C/ ARGAMASSA DE CIMENTO E AREIA PENEIRADA, TRAÇO 1:7","M2",20.47]
["14.1.45","C2126","REBOCO C/ARGAMASSA PRÉ-FABRICADA ESP=5 mm P/ PAREDE","M2",12.08]
["14.1.46","C4002","REBOCO C/ ARGAMASSA PRÉ-FABRICADA ESP=20 mm P/ PAREDE","M2",21.67]
["14.1.47","C2108","REBOCO C/ARGAMASSA PRÉ-FABRICADA,  ADESIVO DE ALTA RESISTÊNCIA P/TINTA EPÓXI ESP= 5mm P/PAREDE","M2",13.56]
[]
["14.1.48","C2127","REBOCO COM BARITA","M2",91.77]
["14.1.49","C4510","REBOCO DE GESSO SOBRE BLOCO DE CONCRETO E/OU TIJOLO CERÂMICO - FORNECIMENTO E EXECUÇÃO","M2",13]
[]
["14.1.50","C4509","REBOCO DE GESSO SOBRE GESSO E/OU EMBOÇO - FORNECIMENTO E EXECUÇÃO","M2",10]
["14.1.51","C2205","RETIRADA DE AZULEJOS DAS CAIXAS E IMERSÃO EM ÁGUA","M2",0.12]
["14.2","ACABAMENTOS DE PAREDES INTERNAS E EXTERNAS",null,null,3905.79]
["14.2.1","C0007","ACABAMENTO INTERNO E EXTERNO EM PAREDE DE CONCRETO C/CIMENTO  ESP= 2 mm","M2",6.78]
[]
["14.2.2","C0334","AZULEJOS JUNTA A PRUMO C/ARGAMASSA MISTA CIMENTO,  CAL HIDRATADA .E AREIA TRAÇO 1:2:8","M2",61.16]
[]
["14.2.3","C0335","AZULEJOS JUNTA A PRUMO C/ARGAMASSA DE CAL EM PASTA E AREIA TRAÇO 1:3.C/100KG DE CIMENTO","M2",61.37]
[]
["14.2.4","C0336","AZULEJOS JUNTA À PRUMO C/CIMENTO COLANTE","M2",31.72]
["14.2.5","C0337","AZULEJOS JUNTA À PRUMO C/COLA A BASE DE PVA","M2",43.55]
["14.2.6","C0338","AZULEJOS JUNTA AMARRADA C/ARGAMASSA MISTA CIMENTO, CAL HIDRATADA E AREIA TRAÇO 1:2:8","M2",56.74]
[]
["14.2.7","C0339","AZULEJOS JUNTA AMARRADA C/ARGAMASSA DE CAL VIRGEM E AREIA TRAÇO 1:3.C/100Kg DE CIMENTO","M2",56.89]
[]
["14.2.8","C0340","AZULEJOS JUNTA AMARRADA C/CIMENTO COLANTE","M2",30.73]
["14.2.9","C0341","AZULEJOS JUNTA AMARRADA C/COLA À BASE DE PVA","M2",42.45]
["14.2.10","C0342","AZULEJOS JUNTA DIAGONAL C/ARGAMASSA DE CAL EM PASTA E AREIA TRAÇO 1:3 C/100KG DE CIMENTO","M2",72.36]
[]
["14.2.11","C0343","AZULEJOS JUNTA DIAGONAL C/ARGAMASSA MISTA CIMENTO, CAL HIDRATADA E AREIA TRAÇO 1:2:8","M2",72.2]
[]
["14.2.12","C0344","AZULEJOS JUNTA DIAGONAL C/CIMENTO COLANTE","M2",33.71]
["14.2.13","C0345","AZULEJOS JUNTA DIAGONAL C/COLA A BASE DE PVA","M2",46.31]
["14.2.14","C0674","CANTONEIRA DE ALUMÍNIO P/ AZULEJOS","M",11.84]
["14.2.15","C4431","CERÂMICA ESMALTADA C/ ARG. CIMENTO E AREIA ATÉ 10x10cm (100 cm²) - DECORATIVA P/ PAREDE","M2",63.57]
[]
["14.2.16","C4432","CERÂMICA ESMALTADA C/ ARG. CIMENTO E AREIA ATÉ 30x30cm (900 cm²) - PEI-5/PEI-4 P/ PAREDE","M2",58.29]
[]
["14.2.17","C4434","CERÂMICA ESMALTADA C/ ARG. CIMENTO E AREIA ACIMA DE 30x30cm (900 cm²) - PEI-5/PEI-4 P/ PAREDE","M2",59.61]
[]
["14.2.18","C4442","CERÂMICA ESMALTADA C/ ARG. PRÉ-FABRICADA ATÉ 10x10cm (100cm²) - DECORATIVA - P/ PAREDE","M2",49.85]
[]
["14.2.19","C4443","CERÂMICA ESMALTADA C/ ARG. PRÉ-FABRICADA ATÉ 30x30cm (900cm²) - PEI-5/PEI-4 - P/ PAREDE","M2",48.13]
[]
["14.2.20","C4445","CERÂMICA ESMALTADA C/ ARG. PRÉ-FABRICADA ACIMA DE 30x30cm (900cm²) - PEI-5/PEI-4 - P/ PAREDE","M2",53.01]
[]
["14.2.21","C0766","CERÂMICA VERMELHA (7.5X15)cm C/ARGAMASSA MISTA CIMENTO CAL HIDRATADA E AREIA","M2",48.25]
[]
["14.2.22","C0782","CHAPISCO MECÂNICO DE ADÔRNO","M2",8.9]
["14.2.23","C1367","FILETE DE GRANITO LARG.= 4cm","M",16.1]
["14.2.24","C1801","MOSAICO VIDROSO C/ARGAMASSA MISTA CIMENTO,CAL E AREIA  TRAÇO 1:1:6  INCLUSIVE. LIMPEZA","M2",234.03]
[]
["14.2.25","C4411","PASTILHA (5x5)cm EM CORES, COM ARGAMASSA PRÉ-FABRICADA","M2",84.55]
["14.2.26","C1849","PASTILHAS DE PORCELANA C/ARGAMASSA PRÉ-FABRICADA","M2",113.41]
["14.2.27","C1850","PASTILHAS DE PORCELANA EM SUPERFÍCIES CURVAS","M2",118.93]
["14.2.28","C1851","PASTILHAS DE PORCELANA C/ARGAMASSA MISTA CIMENTO, CAL HIDRATADA E AREIA TRAÇO 1:3:9","M2",119.14]
[]
["14.2.29","C1853","PASTILHAS DE PORCELANA C/CIMENTO COLANTE INCLUSIVE LIMPEZA","M2",99.4]
["14.2.30","C1861","PASTILHAS DE PORCELANA EM FAIXAS ATÉ 40cm DE LARGURA C/ARGAMASSA PRÉ-FABRICADA","M2",100.26]
[]
["14.2.31","C1857","PASTILHAS DE PORCELANA EM FAIXAS DE ATÉ 4cm, C/ARGAMASSA MISTA DE CIMENTO, CAL HIDRATADA E AREIA","M",13.17]
[]
["14.2.32","C1856","PASTILHAS DE PORCELANA EM FAIXAS DE 5 A 14cm, C/ARGAMASSA MISTA DE CIMENTO, CAL HIDRATADA E AREIA","M",24.63]
[]
["14.2.33","C1854","PASTILHAS DE PORCELANA EM FAIXAS DE 15 A 24cm, C/ARGAMASSA MISTA DE CIMENTO, CAL HIDRATADA E AREIA","M",35.01]
[]
["14.2.34","C1855","PASTILHAS DE PORCELANA EM FAIXAS DE 25 A 40cm, C/ARGAMASSA MISTA DE CIMENTO, CAL HIDRATADA  E AREIA","M",51.76]
[]
["14.2.35","C1858","PASTILHAS DE PORCELANA EM SUPERFICIES CURVAS","M2",134.18]
["14.2.36","C1866","PEDRAS NATURAIS DECORATIVAS POLIDAS, C/ARGAMASSA MISTA CIMENTO CAL HIDRATADA E AREIA","M2",39.4]
[]
["14.2.37","C1867","PEDRAS NATURAIS DECORATIVAS, C/ARGAMASSA MISTA CIMENTO. CAL HIDRATADA E AREIA","M2",39.4]
[]
["14.2.38","C1877","PERFIL DE ALUMÍNIO TIPO ( L- T- U )","M",13.03]
["14.2.39","C1904","PINGADOR METÁLICO/ALUMÍNIO ( 1 X 1)cm  P/ FACHADAS","M",10.92]
["14.2.40","C1936","PLACAS DE MÁRMORE PADRONIZADO C/CIMENTO COLANTE","M2",194.13]
["14.2.41","C4436","PORCELANATO NATURAL (FOSCO) C/ ARG. CIMENTO E AREIA P/ PAREDE","M2",61.9]
["14.2.42","C4447","PORCELANATO NATURAL (FOSCO) C/ ARG. PRÉ-FABRICADA - P/ PAREDE","M2",55.3]
["14.2.43","C4435","PORCELANATO POLIDO C/ ARG. CIMENTO E AREIA P/ PAREDE","M2",90.74]
["14.2.44","C4446","PORCELANATO POLIDO C/ ARG. PRÉ-FABRICADA - P/ PAREDE","M2",84.14]
["14.2.45","C1102","REJUNTAMENTO C/ ARG. PRÉ-FABRICADA, JUNTA ATÉ 2mm EM CERÂMICA, ATÉ 10x10 cm (100 cm²) - DECORATIVA (PAREDE/PISO)","M2",5.37]
[]
["14.2.46","C1120","REJUNTAMENTO C/ ARG. PRÉ-FABRICADA, JUNTA ATÉ 2mm EM CERÂMICA, ATÉ 30x30 cm (900 cm²) (PAREDE/PISO)","M2",4.08]
[]
["14.2.47","C1123","REJUNTAMENTO C/ ARG. PRÉ-FABRICADA, JUNTA ATÉ 2mm EM CERÂMICA, ACIMA DE 30x30 cm (900 cm²) E PORCELANATOS (PAREDE/PISO)","M2",3.97]
[]
["14.2.48","C1126","REJUNTAMENTO C/ ARG. PRÉ-FABRICADA, JUNTA ENTRE 2mm E 6mm EM CERÂMICA, ATÉ 10x10 cm (100 cm²) - DECORATIVA (PAREDE/PISO)","M2",7.08]
[]
["14.2.49","C1129","REJUNTAMENTO C/ ARG. PRÉ-FABRICADA, JUNTA ENTRE 2mm E 6mm EM CERÂMICA, ATÉ 30x30 cm (900 cm²) (PAREDE/PISO)","M2",4.68]
[]
["14.2.50","C1427","REJUNTAMENTO C/ ARG. PRÉ-FABRICADA, JUNTA ENTRE 2mm E 6mm EM CERÂMICA, ACIMA DE 30x30 cm (900 cm²) E PORCELANATOS (PAREDE/PISO)","M2",4.41]
[]
["14.2.51","C2058","REJUNTAMENTO C/ ARG. PRÉ-FABRICADA, JUNTA ENTRE 6mm E 10mm EM CERÂMICA, ATÉ 10x10 cm (100 cm²) - DECORATIVA (PAREDE/PISO)","M2",8.78]
[]
["14.2.52","C2780","REJUNTAMENTO C/ ARG. PRÉ-FABRICADA, JUNTA ENTRE 6mm E 10mm EM CERÂMICA, ATÉ 30x30 cm (900 cm²) (PAREDE/PISO)","M2",5.28]
[]
["14.2.53","C2828","REJUNTAMENTO C/ ARG. PRÉ-FABRICADA, JUNTA ENTRE 6mm E 10mm EM CERÂMICA, ACIMA DE 30x30 cm (900 cm²) E PORCELANATOS (PAREDE/PISO)","M2",4.84]
[]
["14.2.54","C2190","REJUNTAMENTO P/AZULEJO C/ARGAMASSA PRÉ FABRICADA  ESP.= 3mm","M2",5.1]
["14.2.55","C2191","REJUNTAMENTO P/AZULEJO C/CIMENTO BRANCO ESP.= 3mm","M2",4.64]
["14.2.56","C2103","REJUNTAMENTO P/CERÂMICA C/ L-FLEX E EPOXI (PAREDE/PISO)","M2",5.36]
["14.2.57","C2212","REVESTIMENTO C/CARPETE ESP= 4mm","M2",29.61]
["14.2.58","C2223","REVESTIMENTO C/CHAPAS FIBROCIMENTO SOBRE CAIBROS VERTICAIS","M2",52.2]
["14.2.59","C2224","REVESTIMENTO C/CHAPAS FIBROCIMENTO SOBRE PERFIS ESTRUTURAIS ESP.= 35mm","M2",60.89]
["14.2.60","C2225","REVESTIMENTO C/CHAPAS FIBROCIMENTO SOBRE PERFIS ESTRUTURAIS ESP.= 50mm","M2",78.75]
["14.2.61","C2226","REVESTIMENTO C/CHAPAS FIBROCIMENTO SOBRE PERFIS ESTRUTURAIS TIPO \" I \" ","M2",51.12]
["14.2.62","C2227","REVESTIMENTO C/CHAPAS FIBROCIMENTO SOBRE SARRAFOS","M2",67.49]
["14.2.63","C2228","REVESTIMENTO C/CHAPAS FIBROCIMENTO SOBRE SARRAFOS VERTICAIS","M2",68.57]
["14.2.64","C2216","REVESTIMENTO C/LAMINADO MELAMÍNICO COLADO","M2",40.73]
["14.2.65","C2213","REVESTIMENTO C/CORTIÇA ESP= 12mm","M2",118.18]
["14.2.66","C2218","REVESTIMENTO C/PEDRAS GRANÍTICAS","M2",65.06]
["14.2.67","C2214","REVESTIMENTO C/QUARTZOLITE","M2",18.48]
["14.2.68","C2221","REVESTIMENTO INTERNO C/PAPEL DE PAREDE","M2",19.61]
["14.2.69","C2222","REVESTIMENTO METÁLICO, TIPO \"REYNOBOND\" DUAS CHAPAS","M2",362.02]
["14.2.70","C4128","TIJOLINHO APARENTE 6,50x18cm C/ ARGAMASSA DE CIMENTO E AREIA 1:3","M2",58.53]
["14.3","ARGAMASSAS PARA TETOS",null,null,239.49]
["14.3.1","C0778","CHAPISCO C/ ARGAMASSA DE CIMENTO E AREIA  S/ PENEIRAR TRAÇO 1:3  ESP=5 mm P/ TETO","M2",6.63]
[]
["14.3.2","C0779","CHAPISCO C/ PASTA DE CIMENTO COLANTE P/ TETO","M2",4.68]
["14.3.3","C0781","CHAPISCO C/ ARGAMASSA DE CIMENTO E AREIA S/ PENEIRAR TRAÇO 1:4 P/ TETO","M2",6.3]
["14.3.4","C1219","EMBOÇO C/ ARGAMASSA MISTA CIMENTO, CAL EM PASTA E AREIA S/PENEIRAR TRAÇO 1:1.5:9  ESP=20 mm P/ TETO","M2",18.72]
[]
["14.3.5","C3034","REBOCO C/ ARGAMASSA MISTA DE CIMENTO, CAL HIDRATADA E AREIA S/ PENEIRAR, TRAÇO 1:2:8, ESP=20 mm P/ TETO","M2",18.95]
[]
["14.3.6","C1218","EMBOÇO C/ ARGAMASSA MISTA DE CIMENTO, CAL HIDRATADA E AREIA S/ PENEIRAR TRAÇO 1:2:9  ESP=20 mm P/ TETO","M2",18.54]
[]
["14.3.7","C1217","EMBOÇO C/ ARGAMASSA MISTA CIMENTO, CAL HIDRATADA E AREIA S/ PENEIRAR TRAÇO 1:2:11 ESP=20 mm P/ TETO","M2",17.62]
[]
["14.3.8","C2111","REBOCO C/ ARGAMASSA DE CAL EM PASTA E AREIA PENEIRADA TRAÇO 1:2  ESP=5 mm P/ TETO","M2",13.62]
[]
["14.3.9","C2107","REBOCO  C/ ARGAMASSA DE CAL EM PASTA E AREIA PENEIRADA TRAÇO 1:1.5  ESP=5 mm P/ TETO","M2",13.7]
[]
["14.3.10","C2112","REBOCO C/ ARGAMASSA DE CAL EM PASTA E AREIA PENEIRADA TRAÇO 1:3  ESP=5 mm P/ TETO","M2",13.37]
[]
["14.3.11","C2113","REBOCO C/ ARGAMASSA DE CAL EM PASTA E AREIA PENEIRADA TRAÇO 1:4  ESP=5 mm P/ TETO","M2",13.18]
[]
["14.3.12","C2114","REBOCO C/ ARGAMASSA DE CAL HIDRATADA E AREIA PEN. TRAÇO 1:2  ESP=5 mm P/ TETO","M2",13.78]
[]
["14.3.13","C2116","REBOCO C/ ARGAMASSA DE CAL HIDRATADA E AREIA PENEIRADA TRAÇO 1:3  ESP=5 mm P/ TETO","M2",13.13]
[]
["14.3.14","C2125","REBOCO C/ ARGAMASSA DE CAL HIDRATADA E AREIA PENEIRADA, TRAÇO 1:4.5  ESP=5 mm P/ TETO","M2",12.75]
[]
["14.3.15","C3032","REBOCO  C/ ARGAMASSA DE CAL HIDRATADA E AREIA S/ PENEIRAR, TRAÇO 1:3, C/ 100 KG DE CIMENTO E ESP=20 mm P/ TETO","M2",18.9]
[]
["14.3.16","C3033","REBOCO C/ ARGAMASSA DE CAL HIDRATADA E AREIA S/ PENEIRAR TRAÇO 1:4, C/ 100 KG DE CIMENTO E ESP=20 mm P/ TETO","M2",18.2]
[]
["14.3.17","C3035","REBOCO C/ ARGAMASSA DE CIMENTO E AREIA S/ PENEIRAR TRAÇO 1:6, ESP=20 mm P/ TETO","M2",17.44]
[]
["14.4","ACABAMENTOS PARA TETOS",null,null,1945.32]
["14.4.1","C4476","FORRO ACÚSTICO TIPO \"SONEX\" EM ESPUMA FLEXÍVEL DE POLIURETANO, AUTO-EXTINGUÍVEL, C/ SUPERFÍCIE ESCULPIDA, COR BRANCA 20/35 - FORNECIMENTO E MONTAGEM","M2",89.71]
[]
["14.4.2","C4477","FORRO ACÚSTICO TIPO \"SONEX\" EM ESPUMA FLEXÍVEL DE POLIURETANO, AUTO-EXTINGUÍVEL, C/ SUPERFÍCIE ESCULPIDA, COR BRANCA 35/35 - FORNECIMENTO E MONTAGEM","M2",121.46]
[]
["14.4.3","C4478","FORRO ACÚSTICO TIPO \"SONEX\" EM ESPUMA FLEXÍVEL DE POLIURETANO, AUTO-EXTINGUÍVEL, C/ SUPERFÍCIE ESCULPIDA, COR BRANCA 50/75 - FORNECIMENTO E MONTAGEM","M2",129.74]
[]
["14.4.4","C4473","FORRO ACÚSTICO TIPO \"SONEX\" EM ESPUMA FLEXÍVEL DE POLIURETANO, AUTO-EXTINGUÍVEL, C/ SUPERFÍCIE ESCULPIDA, COR GRAFITE 20/35 - FORNECIMENTO E MONTAGEM","M2",69]
[]
["14.4.5","C4474","FORRO ACÚSTICO TIPO \"SONEX\" EM ESPUMA FLEXÍVEL DE POLIURETANO, AUTO-EXTINGUÍVEL, C/ SUPERFÍCIE ESCULPIDA, COR GRAFITE 35/35 - FORNECIMENTO E MONTAGEM","M2",93.85]
[]
["14.4.6","C4475","FORRO ACÚSTICO TIPO \"SONEX\" EM ESPUMA FLEXÍVEL DE POLIURETANO, AUTO-EXTINGUÍVEL, C/ SUPERFÍCIE ESCULPIDA, COR GRAFITE 50/75 - FORNECIMENTO E MONTAGEM","M2",103.52]
[]
["14.4.7","C4479","FORRO ACÚSTICO TIPO \"SONEX\" EM PLACAS DE FIBRA MINERAL C/PERFIL \"T\" EM AÇO - FORNECIMENTO E MONTAGEM","M2",69]
[]
["14.4.8","C4480","FORRO ACÚSTICO TIPO \"SONEX\" EM PLACAS DE FIBRA MINERAL C/PERFIL \"T\" EM ALUMÍNIO - FORNECIMENTO E MONTAGEM","M2",75.67]
[]
["14.4.9","C4481","FORRO ACÚSTICO TIPO \"SONEX\" EM PLACAS DE FIBRA MINERAL C/PERFIL \"CARTOLA\" EM ALUMÍNIO - FORNECIMENTO E MONTAGEM","M2",82.81]
[]
["14.4.10","C4285","FORRO DE GESSO ACARTONADO ARAMADO - FORNECIMENTO E MONTAGEM","M2",30.33]
["14.4.11","C4294","FORRO DE GESSO ACARTONADO ESTRUTURADO - FORNECIMENTO E MONTAGEM","M2",41.4]
["14.4.12","C3970","FORRO DE GESSO CONVENCIONAL (60x60)cm COM TIRO E ARAME GALVANIZADO ENCAPADO - FORNECIMENTO E MONTAGEM","M2",20.7]
[]
["14.4.13","C3971","FORRO DE GESSO CONVENCIONAL (60x60)cm SEM TIRO E ARAME GALVANIZADO ENCAPADO - FORNECIMENTO E MONTAGEM","M2",16.56]
[]
["14.4.14","C2998","FORRO DE LAMBRI DE MADEIRA (7x1)cm","M2",98.09]
["14.4.15","C1409","FORRO DE LAMBRI METÁLICO FIXADO EM ESTRUTURA METÁLICA","M2",157.86]
["14.4.16","C4484","FORRO PACOTE C/ PERFIL \"CARTOLA\" EM AÇO - FORNECIMENTO E MONTAGEM","M2",54.3]
["14.4.17","C4485","FORRO PACOTE C/ PERFIL \"CARTOLA\" EM ALUMÍNIO - FORNECIMENTO E MONTAGEM","M2",74.8]
["14.4.18","C4482","FORRO PACOTE C/ PERFIL \"T\" EM AÇO - FORNECIMENTO E MONTAGEM","M2",44.64]
["14.4.19","C4483","FORRO PACOTE C/ PERFIL \"T\" EM ALUMÍNIO - FORNECIMENTO E MONTAGEM","M2",48.26]
["14.4.20","C4472","FORRO PVC - COLMÉIA - FORNECIMENTO E MONTAGEM","M2",183.46]
["14.4.21","C4468","FORRO PVC - LAMBRI (100x6000 OU 200x6000)mm - FORNECIMENTO E MONTAGEM","M2",35.29]
["14.4.22","C4471","FORRO PVC - MODULADO (618x1250)mm C/ PERFIL \"CARTOLA\" EM ALUMÍNIO - FORNECIMENTO E MONTAGEM","M2",97.37]
[]
["14.4.23","C4469","FORRO PVC - MODULADO (618x1250)mm C/ PERFIL \"T\" EM AÇO - FORNECIMENTO E MONTAGEM","M2",77.61]
[]
["14.4.24","C4470","FORRO PVC - MODULADO (618x1250)mm C/ PERFIL \"T\" EM ALUMÍNIO - FORNECIMENTO E MONTAGEM","M2",79.02]
[]
["14.4.25","C4512","REMANEJAMENTO DE FORROS (PACOTE / MODULADOS) - EXECUÇÃO","M2",9.71]
["14.4.26","C4506","SANCA DE GESSO P/ FORRO ACARTONADO - FORNECIMENTO E MONTAGEM","M",22]
["14.4.27","C4284","SANCA DE GESSO P/ FORRO CONVENCIONAL - FORNECIMENTO E MONTAGEM","M",12]
["14.4.28","C2478","TIROS E PINO DE AÇO PARA FIXAÇÃO","UN",7.17]
["15","PISOS",null,null,8720.67]
["15.1","PISOS INTERNOS",null,null,7286.74]
["15.1.1","C0099","APLICAÇÃO DE SINTECO EM PISOS C/MADEIRA","M2",27.95]
["15.1.2","C4437","CERÂMICA ESMALTADA C/ ARG. CIMENTO E AREIA ATÉ 30x30cm (900 cm²) - PEI-5/PEI-4 P/ PISO","M2",54.61]
[]
["15.1.3","C4439","CERÂMICA ESMALTADA C/ ARG. CIMENTO E AREIA ACIMA DE 30x30cm (900 cm²) - PEI-5/PEI-4 P/ PISO","M2",55.93]
[]
["15.1.4","C2996","CERÂMICA ESMALTADA C/ ARG. PRÉ-FABRICADA ATÉ 30x30 cm (900 cm²) - PEI-5/PEI-4 - P/ PISO","M2",45.92]
[]
["15.1.5","C3001","CERÂMICA ESMALTADA C/ ARG. PRÉ-FABRICADA ACIMA DE 30x30 cm (900 cm²) - PEI-5/PEI-4 - P/ PISO","M2",50.8]
[]
["15.1.6","C4380","CHAPA DE ALUMÍNIO CORRUGADA COM SUPORTE DE PERFIL EM \"L\" - FORNECIMENTO E COLOCAÇÃO","M2",679.84]
[]
["15.1.7","C0837","CONCRETO NÃO-ESTRUTURAL S/BETONEIRA P/LASTRO","M3",247.68]
["15.1.8","C0871","CORDÃO DE PEROBA P/RODAPÉS","M",7.18]
["15.1.9","C1032","DEGRAU COM FORRAÇÃO TÊXTIL (20X30)cm","M",22.09]
["15.1.10","C1033","DEGRAU COM PLACAS LISAS DE BORRACHA (50X32X2.5)cm  ","M",61]
["15.1.11","C1034","DEGRAU DE GRANILITE MOLDADO NO LOCAL (20X30)cm","M",49.05]
["15.1.12","C1035","DEGRAU DE MÁRMORE (20X30)cm","M",81.97]
["15.1.13","C1036","DEGRAU INDUSTRIAL MONOLÍTICO C/PINGADEIRA","M",40.34]
["15.1.14","C1037","DEGRAU INDUSTRIAL MONOLÍTICO S/PINGADEIRA","M",29.38]
["15.1.15","C1038","DEGRAU PRÉ-MOLDADO DE GRANILITE","M",58.76]
["15.1.16","C1237","ENCERAMENTO DE PISOS C/ DUAS DEMÃOS DE CÊRA","M2",12.87]
["15.1.17","C4066","GRANITO POLIDO E=2cm, BRANCO, ARGAMASSA CIMENTO E AREIA 1:4, C/ REJUNTAMENTO","M2",343.46]
[]
["15.1.18","C4065","GRANITO POLIDO E=2cm, CINZA, ARGAMASSA DE CIMENTO E AREIA 1:4, C/ REJUNTAMENTO","M2",161.85]
[]
["15.1.19","C4067","GRANITO POLIDO E=2cm, OUTRAS CORES, ARGAMASSA CIMENTO E AREIA 1:4, C/ REJUNTAMENTO","M2",290.35]
[]
["15.1.20","C4064","GRANITO POLIDO E=2cm, PRETO,  ARGAMASSA CIMENTO E AREIA 1:4, C/ REJUNTAMENTO","M2",249.05]
[]
["15.1.21","C1623","LIMPEZA DE BASE OU LASTRO","M2",0.74]
["15.1.22","C3547","MUTIRÃO MISTO - PEITORIL DE CIMENTO","M2",51.64]
["15.1.23","C3549","MUTIRÃO MISTO - PISO CIMENTADO ESP.=1.5cm","M2",14.2]
["15.1.24","C3548","MUTIRÃO MISTO - PISO MORTO DE CONCRETO FCK=13.5 MPa C/PREPARO E LANÇAMENTO","M3",245.7]
[]
["15.1.25","C1846","PARQUETES DE MADEIRA FIXADOS C/COLA A BASE DE PVA","M2",61.76]
["15.1.26","C1852","PASTILHAS DE PORCELANA C/CIMENTO COLANTE","M2",97.51]
["15.1.27","C1859","PASTILHAS DE PORCELANA C/ARGAMASSA MISTA CIMENTO, CAL HIDRATADA E AREIA","M2",138.63]
["15.1.28","C3015","PEITORIL DE CIMENTO","M2",74.18]
["15.1.29","C1869","PEITORIL DE GRANITO L= 15 cm","M",42.03]
["15.1.30","C1870","PEITORIL DE MARMORE L= 15cm","M",27.51]
["15.1.31","C1871","PEITORIL DE MÁRMORE  L= 25cm","M",43.27]
["15.1.32","C3016","PEITORIL DE MARMORITE","M2",76.98]
["15.1.33","C1872","PEITORIL PRÉ-MOLDADO DE GRANILITE L= 10cm","M",26.18]
["15.1.34","C1912","PISO ANTIDERRAPANTE NITOPISO TF-5000, SELADO C/NITOP. FC-140","M2",111.91]
["15.1.35","C1914","PISO C/FORRAÇÃO TÊXTIL ( CARPETE  E = 4mm )","M2",26.55]
["15.1.36","C1915","PISO CIMENTADO C/ ARGAMASSA DE CIMENTO E AREIA S/ PENEIRAR, TRAÇO 1:4, ESP.= 1.5cm","M2",22.66]
[]
["15.1.37","C1916","PISO CIMENTADO C/ ARGAMASSA DE CIMENTO E AREIA S/ PENEIRAR, TRAÇO 1:4, ESP.= 1,5cm C/ IMPERMEABILIZANTE","M2",24.89]
[]
["15.1.38","C4601","PISO CIMENTADO COM ARGAMASSA DE CIMENTO E AREIA S/ PENEIRAR ESP. 2,0 cm","M2",23.72]
["15.1.39","C1918","PISO ELEVADO COMPOSTO DE PLACAS DE AÇO REVESTIDO C/PAVIFLEX MONTADO SOBRE ESTRUTURA DE SUSTENTAÇÃO REGULÁVEL ( FORNECIMENTO E MONTAGEM )","M2",467.1]
[]
["15.1.40","C2901","PISO DE BORRACHA ANTI-DERRAPANTE","M2",69.3]
["15.1.41","C3024","PISO EM MÁRMORE BRANCO ESP.= 3cm","M2",192.23]
["15.1.42","C1919","PISO INDUSTRIAL NATURAL  ESP.= 12mm, INCLUS. POLIMENTO (EXTERNO)","M2",69.11]
["15.1.43","C1920","PISO INDUSTRIAL NATURAL  ESP.= 12mm, INCLUS. POLIMENTO (INTERNO)","M2",81.46]
["15.1.44","C1921","PISO DE BORRACHA (LENÇOL) ANTIDERRAPANTE TIPO GRÃO DE ARROZ,  ESP.= 3mm","M2",92.43]
["15.1.45","C1922","PISO MONOLÍTICO C/ARGAMASSA A BASE DE EPOXI","M2",72.09]
["15.1.46","C3025","PISO MORTO CONCRETO FCK=13,5MPa C/PREPARO E LANÇAMENTO","M3",334.06]
["15.1.47","C3026","PISO MORTO DE TIJOLO MACIÇO C/REJUNTAMENTO","M2",30.68]
["15.1.48","C3027","PISO MORTO DE TIJOLO MACIÇO S/REJUNTAMENTO","M2",22.54]
["15.1.49","C2902","PISO TIPO MONOLÍTICO DE ALTA RESISTÊNCIA","M2",42.65]
["15.1.50","C4022","PISO TIPO MONOLÍTICO DE ALTA RESISTÊNCIA, DE BAIXA ESPESSURA, DE POLIURETAMO ANTIDERRAPANTE, S/ JUNTAS, TIPO DUROCOR OU SIMILAR","M2",208.12]
[]
["15.1.51","C4503","PISO VINÍLICO TIPO \"PAVIFLEX\", e=1,6mm - FORNECIMENTO E COLOCAÇÃO","M2",40.93]
["15.1.52","C4504","PISO VINÍLICO TIPO \"PAVIFLEX\", e=2,0mm - FORNECIMENTO E COLOCAÇÃO","M2",50.8]
["15.1.53","C1934","PLACA DE BORRACHA (50x50)cm  ESP.= 7,5mm, ARGAMASSA DE CIMENTO E AREIA PENEIRADA 1:2, E NATA DE COLA PVA","M2",116.84]
[]
["15.1.54","C1933","PLACA DE BORRACHA (50X50)cm  ESP.=13mm,  E NATA DE COLA PVA","M2",198]
["15.1.55","C4099","POLIMENTO EM CONCRETO NIVELADO À LASER","M2",11.75]
["15.1.56","C1943","POLIMENTO EM PISO INDUSTRIAL","M2",34.58]
["15.1.57","C1944","POLIMENTO EM PISOS DE MÁRMORE","M2",33.51]
["15.1.58","C4441","PORCELANATO NATURAL (FOSCO) C/ ARG. CIMENTO E AREIA P/ PISO","M2",58.22]
["15.1.59","C3007","PORCELANATO NATURAL (FOSCO) C/ ARG. PRÉ-FABRICADA - P/ PISO","M2",53.09]
["15.1.60","C3002","PORCELANATO POLIDO C/ ARG. PRÉ-FABRICADA - P/ PISO","M2",81.93]
["15.1.61","C4440","PORCELANATO POLIDO C/ ARG. CIMENTO E AREIA P/ PISO","M2",87.06]
["15.1.62","C2101","RASPAGEM E CALAFETAÇÃO DE TACOS C/UMA DEMÃO DE CÊRA","M2",24.28]
["15.1.63","C2181","REGULARIZAÇÃO DE BASE C/ ARGAMASSA CIMENTO E AREIA S/ PENEIRAR, TRAÇO 1:3 - ESP= 3cm","M2",14.8]
[]
["15.1.64","C2179","REGULARIZAÇÃO DE BASE C/ ARGAMASSA CIMENTO E AREIA S/ PENEIRAR, TRAÇO 1:4 - ESP= 3cm","M2",13.13]
[]
["15.1.65","C2180","REGULARIZAÇÃO DE BASE C/ ARGAMASSA CIMENTO E AREIA S/ PENEIRAR, TRAÇO 1:5 - ESP= 3cm","M2",12.12]
[]
["15.1.66","C2184","REGULARIZAÇÃO DE BASE C/ ARGAMASSA CIMENTO E AREIA S/ PENEIRAR, TRAÇO 1:5 - ESP= 3cm, C/IMPERMEABILIZANTE","M2",16.58]
[]
["15.1.67","C2185","REGULARIZAÇÃO PARA DEGRAUS C/ ARGAMASSA DE CIMENTO E AREIA S/ PENEIRAR, TRAÇO 1:5 - ESP= 1cm","M",4.01]
[]
["15.1.68","C2186","REGULARIZAÇÃO PARA RODAPÉS C/ ARGAMASSA DE CIMENTO E AREIA S/ PENEIRAR, TRAÇO 1:5 - H=7cm, ESP= 3cm","M",2.36]
[]
["15.1.69","C2234","REVESTIMENTOS DE PISOS C/GRANILITE","M2",64.04]
["15.1.70","C2219","REVESTIMENTO EPÓXICO P/PISOS DUAS DEMÃOS","M2",113.46]
["15.1.71","C2240","RODAPÉ COM FORRAÇÃO TÊXTIL (CARPETE) H= 7cm","M",4.4]
["15.1.72","C4001","RODAPÉ DE GRANITO H=10 cm","M",20.66]
["15.1.73","C2241","RODAPÉ DE MÁRMORE H= 10cm","M",21.14]
["15.1.74","C2242","RODAPÉ DE PEROBA (7X1.5)cm","M",16.85]
["15.1.75","C2243","RODAPÉ EM PERFIL DE ALUMÍNIO","M",11.56]
["15.1.76","C2245","RODAPÉ INDUSTRIAL MONOLÍTICO H= 7cm","M",6.67]
["15.1.77","C2244","RODAPÉ INDUSTRIAL MONOLÍTICO H= 10cm","M",11.21]
["15.1.78","C2246","RODAPÉ PRE-MOLDADO DE GRANILITE  H= 10cm","M",31.82]
["15.1.79","C4505","RODAPÉ VINÍLICO, H=5cm - FORNECIMENTO E COLOCAÇÃO","M",13.27]
["15.1.80","C2283","SOLEIRA CIMENTADA L= 15cm","M",4.11]
["15.1.81","C2284","SOLEIRA DE GRANITO L= 15cm","M",38.27]
["15.1.82","C2285","SOLEIRA DE GRANITO L= 25cm","M",60.94]
["15.1.83","C2286","SOLEIRA DE MARMORE L= 15cm","M",24.38]
["15.1.84","C2287","SOLEIRA DE MÁRMORE L= 25 cm","M",38.91]
["15.1.85","C3058","SOLEIRA DE MARMORITE","M2",81.46]
["15.1.86","C2288","SOLEIRA PRÉ-MOLDADA DE GRANILITE L= 15cm","M",32.18]
["15.1.87","C2289","SOLEIRA PRÉ-MOLDADA DE GRANILITE L= 25cm","M",52.35]
["15.1.88","C3488","TÁBUAS CORRIDAS SOBRE VIGAS DE PEROBA","M2",138.65]
["15.1.89","C2296","TACOS DE MADEIRA C/ARGAMASSA DE CIMENTO E AREIA PENEIRADA TRAÇO 1:4","M2",100.11]
["15.1.90","C2297","TACOS DE MADEIRA C/COLA À BASE DE PVA","M2",83.29]
["15.1.91","C2315","TAPETE TIPO TABACOW, ESP. ATÉ 6mm","M2",44.23]
["15.1.92","C2314","TAPETE TIPO TABACOW  ESP.  6,01mm <= ESP <= 10mm","M2",56.88]
["15.2","PISOS EXTERNOS",null,null,1433.93]
["15.2.1","C3410","CALÇADA DE PROTEÇÃO EM CIMENTADO C/ BASE DE CONCRETO L=0,60m","M2",140.41]
["15.2.2","C1586","LADRILHOS HIDRÁULICOS C/ARGAMASSA DE CAL 1:4+100KG CIMENTO","M2",54.56]
["15.2.3","C1862","PAVIMENTAÇÃO RÚSTICA C/CONCRETO P/LASTRO NA ESP.DE 9cm E CAMADA SUPERFICIAL DE  CONCRETO FCK=13.5MPa  NA ESP.DE 3cm","M2",68.74]
[]
["15.2.4","C3011","PAVIMENTAÇÃO TIPO CITIPLAC S/COLCHÃO - FORNECIMENTO E EXECUÇÃO","M2",22.56]
["15.2.5","C1863","PEDRA CARIRI ESP.= 2cm, C/ ARGAMASSA MISTA DE CIMENTO CAL HIDRATADA E AREIA","M2",31.56]
[]
["15.2.6","C1864","PEDRA PORTUGUESA - COR BRANCA","M2",45.47]
["15.2.7","C1865","PEDRA PORTUGUESA  2 CORES","M2",52.5]
["15.2.8","C3014","PEDRA SÃO TOMÉ","M2",103.33]
["15.2.9","C3450","PISO CIMENTADO ESP.=1,50cm C/ JUNTA PLÁSTICA ( 27x3 )mm EM MÓDULOS ( 1,00x1,00 )m","M2",32.81]
[]
["15.2.10","C1847","PISO DE CONCRETO FCK=13,5MPa ESP=7 cm, INCL. PREPARO DE CAIXA","M2",45.94]
["15.2.11","C1917","PISO DE CONCRETO FCK=15MPa  ESP.= 12cm,  ARMADO C/TELA DE AÇO","M2",62.33]
["15.2.12","C1935","PISO DE CONCRETO FCK=20MPa  ESP.= 20cm, P/ESTACIONAMENTO DE ÔNIBUS","M2",74.95]
["15.2.13","C3446","PISO INTERTRAVADO TIPO TIJOLINHO (19,9x10x4)cm CINZA","M2",39.09]
["15.2.14","C3445","PISO INTERTRAVADO TIPO TIJOLINHO (19,9x10x4)cm COLORIDO","M2",43.17]
["15.2.15","C4165","PISO MONOLÍTICO DE POLIURETANO, ANTIDERRAPANTE, AUTONIVELANTE, S/ JUNTAS","M2",135]
["15.2.16","C3012","PISO PRÉ-MOLDADO ARTICULADO DE 6 FACES e = 4,5 cm","M2",30.52]
["15.2.17","C3013","PISO PRÉ-MOLDADO ARTICULADO DE 6 FACES e = 6,0 cm","M2",33.18]
["15.2.18","C1923","PISO PRÉ-MOLDADO ARTICULADO E INTERTRAVADO DE 16 FACES - e = 4,5 cm P/ PASSEIO","M2",40.77]
[]
["15.2.19","C1089","PISO PRÉ-MOLDADO ARTICULADO E INTERTRAVADO DE 16 FACES - e = 6,0 cm P/ TRÁFEGO LEVE","M2",50.6]
[]
["15.2.20","C3782","PISO PRÉ-MOLDADO ARTICULADO E INTERTRAVADO DE 16 FACES - e = 8,0 cm (35 MPa) P/ TRÁFEGO PESADO","M2",59.29]
[]
["15.2.21","C4576","PISO PRÉ-MOLDADO ARTICULADO, INTERTRAVADO, SEXTAVADO E COM CUNHAS MACHO E FÊMEA NAS FACES LATERAIS e=8,0cm (fck=35Mpa) P/ TRÁFEGO PESADO","M2",67.79]
[]
["15.2.22","C1924","PISO RÚSTICO DE CONCRETO RIPADO (0.50X0.50)m  JUNTAS= 5cm  ESP.= 8cm","M2",55.94]
["15.2.23","C1925","PISO RÚSTICO DE CONCRETO RIPADO (1.00X1.00)m  JUNTAS= 10cm  ESP.= 8cm","M2",49.41]
["15.2.24","C1926","PISO RÚSTICO DE CONCRETO RIPADO (1.20X1.20)m   ESP.= 7cm","M2",43.87]
["15.2.25","C1927","PISO RÚSTICO DE CONCRETO RIPADO (1.50X1.50)m   ESP.= 7cm","M2",42.95]
["15.2.26","C2032","REGULARIZAÇÃO MECANIZADA  ATÉ 0,40 M , COMPACTADA P/ PAVIMENTAÇÃO","M2",7.17]
["16","INSTALAÇÕES HIDRÁULICAS",null,null,444359.58]
["16.1","TUBOS E CONEXÕES DE FERRO FUNDIDO",null,null,6882.29]
["16.1.1","C0319","ASSENTAMENTO DE TUBOS, PEÇAS E CONEXÕES EM FoFo, JE DN 50mm","M",2.7]
["16.1.2","C0322","ASSENTAMENTO DE TUBOS, PEÇAS E CONEXÕES EM FoFo, JE DN 75mm","M",3.35]
["16.1.3","C0308","ASSENTAMENTO DE TUBOS, PEÇAS E CONEXÕES EM FoFo, JE DN 100mm","M",5.46]
["16.1.4","C0311","ASSENTAMENTO DE TUBOS, PEÇAS E CONEXÕES EM FoFo, JE DN 150mm","M",7.27]
["16.1.5","C0312","ASSENTAMENTO DE TUBOS, PEÇAS E CONEXÕES EM FoFo, JE DN 200mm","M",8.71]
["16.1.6","C0313","ASSENTAMENTO DE TUBOS, PEÇAS E CONEXÕES EM FoFo, JE DN 250mm","M",10.55]
["16.1.7","C0314","ASSENTAMENTO DE TUBOS, PEÇAS E CONEXÕES EM FoFo, JE DN 300mm","M",13.38]
["16.1.8","C0315","ASSENTAMENTO DE TUBOS, PEÇAS E CONEXÕES EM FoFo, JE DN 350mm","M",15.94]
["16.1.9","C0316","ASSENTAMENTO DE TUBOS, PEÇAS E CONEXÕES EM FoFo, JE DN 400mm","M",18.55]
["16.1.10","C0317","ASSENTAMENTO DE TUBOS, PEÇAS E CONEXÕES EM FoFo, JE DN 450mm","M",23.52]
["16.1.11","C0318","ASSENTAMENTO DE TUBOS, PEÇAS E CONEXÕES EM FoFo, JE DN 500mm","M",28.85]
["16.1.12","C0320","ASSENTAMENTO DE TUBOS, PEÇAS E CONEXÕES EM FoFo, JE DN 600mm","M",35.49]
["16.1.13","C0321","ASSENTAMENTO DE TUBOS, PEÇAS E CONEXÕES EM FoFo, JE DN 700mm","M",43.14]
["16.1.14","C0323","ASSENTAMENTO DE TUBOS, PEÇAS E CONEXÕES EM FoFo, JE DN 800mm","M",45.21]
["16.1.15","C0324","ASSENTAMENTO DE TUBOS, PEÇAS E CONEXÕES EM FoFo, JE DN 900mm","M",57.31]
["16.1.16","C0307","ASSENTAMENTO DE TUBOS, PEÇAS E CONEXÕES EM FoFo, JE DN 1000mm","M",67.24]
["16.1.17","C0309","ASSENTAMENTO DE TUBOS, PEÇAS E CONEXÕES EM FoFo, JE DN 1100mm","M",76.28]
["16.1.18","C0310","ASSENTAMENTO DE TUBOS, PEÇAS E CONEXÕES EM FoFo, JE DN 1200mm","M",87.4]
["16.1.19","C0475","BUCHA DE REDUÇÃO FERRO FUNDIDO D= 75X50mm (3\"X2\")","UN",65.79]
["16.1.20","C0476","BUCHA DE REDUÇÃO FERRO FUNDIDO D=100X75mm (4\"X3\")","UN",82.88]
["16.1.21","C0477","BUCHA DE REDUÇÃO FERRO FUNDIDO D=150X100mm (6\"X4\")","UN",277.46]
["16.1.22","C0655","CAIXA SIFONADA DE FERRO D= 150mm","UN",495.99]
["16.1.23","C1438","GRELHA HEMISFÉRICA FERRO FUNDIDO D=80mm (3\")","UN",40.74]
["16.1.24","C1536","JOELHO FERRO FUNDIDO D= 50mm (2\")","UN",109.3]
["16.1.25","C1537","JOELHO FERRO FUNDIDO D= 75mm (3\")","UN",149.29]
["16.1.26","C1535","JOELHO FERRO FUNDIDO D= 100mm (4\")","UN",217.59]
["16.1.27","C1538","JOELHO FERRO FUNDIDO D=150mm (6\")","UN",400.42]
["16.1.28","C1534","JOELHO FERRO FUNDIDO C/VISITA D= 100X50mm (4\"X2\")","UN",144.94]
["16.1.29","C1539","JOELHO FERRO FUNDIDO JUNTA ELÁSTICA, D= 50mm (2\")","UN",95.62]
["16.1.30","C1569","JUNÇÃO DUPLA FERRO FUNDIDO. J.E. D=100X100mm (4\"X4\")","UN",524.99]
["16.1.31","C1679","LUVA BIPARTIDA FERRO FUNDIDO D= 50mm (2\")","UN",101.76]
["16.1.32","C1680","LUVA BIPARTIDA FERRO FUNDIDO D= 75mm (3\")","UN",123.55]
["16.1.33","C1681","LUVA BIPARTIDA FERRO FUNDIDO D=150mm (6\")","UN",266.99]
["16.1.34","C1682","LUVA BIPARTIDA FERRO FUNDIDO. D=100mm (4\")","UN",155.13]
["16.1.35","C1683","LUVA BOLSAXBOLSA FERRO FUNDIDO D= 50mm (2\")","UN",59.8]
["16.1.36","C1684","LUVA BOLSAXBOLSA FERRO FUNDIDO D= 75mm (3\")","UN",74.04]
["16.1.37","C1685","LUVA BOLSAXBOLSA FERRO FUNDIDO D=100mm (4\")","UN",189.91]
["16.1.38","C1686","LUVA BOLSAXBOLSA FERRO FUNDIDO D=150MM (6')","UN",243.57]
["16.1.39","C1938","PLUG FERRO FUNDIDO D= 50mm (2\")","UN",67.64]
["16.1.40","C1939","PLUG FERRO FUNDIDO D= 75mm (3\")","UN",84.42]
["16.1.41","C1940","PLUG FERRO FUNDIDO D=100mm (4\")","UN",92.21]
["16.1.42","C1941","PLUG FERRO FUNDIDO D=150mm (6\")","UN",129.6]
["16.1.43","C2415","TÊ SANITÁRIO FERRO FUNDIDO D= 50X50mm (2\"X2\")","UN",155.85]
["16.1.44","C2416","TÊ SANITÁRIO FERRO FUNDIDO D= 75X50mm (3\"X2\")","UN",185.25]
["16.1.45","C2422","TÊ SANITÁRIO FERRO FUNDIDO D=75X75mm (3\"X3\")","UN",213.97]
["16.1.46","C2418","TÊ SANITÁRIO FERRO FUNDIDO D=100X50mm (4\"X2\")","UN",239.63]
["16.1.47","C2419","TÊ SANITÁRIO FERRO FUNDIDO D=100X75mm (4\"X3\")","UN",256.58]
["16.1.48","C2417","TÊ SANITÁRIO FERRO FUNDIDO D=100X100mm (4\"X4\")","UN",286.68]
["16.1.49","C2420","TÊ SANITÁRIO FERRO FUNDIDO D=150X100mm (6\"X4\")","UN",365.97]
["16.1.50","C2421","TÊ SANITÁRIO FERRO FUNDIDO D=150X150mm (6\"X6\")","UN",434.37]
["16.2","TUBOS E CONEXÕES DE AÇO",null,null,12569.1]
["16.2.1","C0264","ASSENTAMENTO DE TUBOS E CONEXÕES EM AÇO, J.ELASTICA D=16\"","M",18.39]
["16.2.2","C0265","ASSENTAMENTO DE TUBOS E CONEXÕES EM AÇO, J.ELASTICA D=20\"","M",28.2]
["16.2.3","C0266","ASSENTAMENTO DE TUBOS E CONEXÕES EM AÇO, J.ELASTICA D=24\"","M",34.19]
["16.2.4","C0267","ASSENTAMENTO DE TUBOS E CONEXÕES EM AÇO, J.ELASTICA D=28\"","M",40.93]
["16.2.5","C0268","ASSENTAMENTO DE TUBOS E CONEXÕES EM AÇO, J.ELASTICA D=32\"","M",41.91]
["16.2.6","C0269","ASSENTAMENTO DE TUBOS E CONEXÕES EM AÇO, J.ELASTICA D=36\"","M",52.77]
["16.2.7","C0270","ASSENTAMENTO DE TUBOS E CONEXÕES EM AÇO, J.ELASTICA D=40\"","M",61.3]
["16.2.8","C0271","ASSENTAMENTO DE TUBOS E CONEXÕES EM AÇO, J.ELASTICA D=44\"","M",75.82]
["16.2.9","C0272","ASSENTAMENTO DE TUBOS E CONEXÕES EM AÇO, J.ELASTICA D=48\"","M",84.84]
["16.2.10","C0273","ASSENTAMENTO DE TUBOS E CONEXÕES EM AÇO, J.ELASTICA D=60\"","M",125.49]
["16.2.11","C0274","ASSENTAMENTO DE TUBOS E CONEXÕES EM AÇO, J.ELASTICA D=72\"","M",159.54]
["16.2.12","C0248","ASSENTAMENTO DE TUBOS E CONEXÕES EM AÇO, J. SOLDADA D=16\"","M",50.9]
["16.2.13","C0249","ASSENTAMENTO DE TUBOS E CONEXÕES EM AÇO, J. SOLDADA D=20\"","M",63.65]
["16.2.14","C0250","ASSENTAMENTO DE TUBOS E CONEXÕES EM AÇO, J. SOLDADA D=24\"","M",74.61]
["16.2.15","C0251","ASSENTAMENTO DE TUBOS E CONEXÕES EM AÇO, J. SOLDADA D=28\"","M",89.19]
["16.2.16","C0252","ASSENTAMENTO DE TUBOS E CONEXÕES EM AÇO, J. SOLDADA D=30\"","M",93.94]
["16.2.17","C0253","ASSENTAMENTO DE TUBOS E CONEXÕES EM AÇO, J. SOLDADA D=32\"","M",100.66]
["16.2.18","C0254","ASSENTAMENTO DE TUBOS E CONEXÕES EM AÇO, J. SOLDADA D=36\"","M",112.61]
["16.2.19","C0255","ASSENTAMENTO DE TUBOS E CONEXÕES EM AÇO, J. SOLDADA D=40\"","M",129.68]
["16.2.20","C0256","ASSENTAMENTO DE TUBOS E CONEXÕES EM AÇO, J. SOLDADA D=42\"","M",176.27]
["16.2.21","C0257","ASSENTAMENTO DE TUBOS E CONEXÕES EM AÇO, J. SOLDADA D=44\"","M",183.58]
["16.2.22","C0258","ASSENTAMENTO DE TUBOS E CONEXÕES EM AÇO, J. SOLDADA D=48\"","M",200.32]
["16.2.23","C0259","ASSENTAMENTO DE TUBOS E CONEXÕES EM AÇO, J. SOLDADA D=54\"","M",254.15]
["16.2.24","C0260","ASSENTAMENTO DE TUBOS E CONEXÕES EM AÇO, J. SOLDADA D=56\"","M",275.49]
["16.2.25","C0261","ASSENTAMENTO DE TUBOS E CONEXÕES EM AÇO, J. SOLDADA D=60\"","M",294.66]
["16.2.26","C0262","ASSENTAMENTO DE TUBOS E CONEXÕES EM AÇO, J. SOLDADA D=64\"","M",319.6]
["16.2.27","C0234","ASSENTAMENTO DE TUBOS E CONEXÒES EM AÇO, J. SOLDADA D=72\"","M",365.91]
["16.2.28","C0263","ASSENTAMENTO DE TUBOS E CONEXÕES EM AÇO, J. SOLDADA D=84\"","M",450.64]
["16.2.29","C0247","ASSENTAMENTO DE TUBOS E CONEXÕES EM AÇO, J. SOLDADA D=100\"","M",524.72]
["16.2.30","C4373","BUCHA DE REDUÇÃO DE AÇO GALVANIZADO 1 1/4\"x 1\"","UN",12.29]
["16.2.31","C4374","BUCHA DE REDUÇÃO DE AÇO GALVANIZADO 1 1/2\"x 1\"","UN",15.83]
["16.2.32","C4376","BUCHA DE REDUÇÃO DE AÇO GALVANIZADO 2\"x 1/2\"","UN",20.19]
["16.2.33","C0510","BUJÃO EM AÇO GALV. D=15mm (1/2\")  À  25mm (1\")","UN",3.08]
["16.2.34","C0511","BUJÃO EM AÇO GALV. D=32mm (1 1/4\")  À 50mm (2\")","UN",8.58]
["16.2.35","C0512","BUJÃO EM AÇO GALV. D=65mm (2 1/2\")  À  80mm (3\")","UN",17.28]
["16.2.36","C0509","BUJÃO EM AÇO GALV. D=100mm (4')","UN",32.75]
["16.2.37","C0513","BUJÃO OU TAMPÃO AÇO GALV. D=65mm (2 1/2')  À  80mm (3\")","UN",17.28]
["16.2.38","C3700","COTOVELO 90 AÇO ASTM A-120 ROSCÁVEL DE 20mm (3/4\")","UN",30.04]
["16.2.39","C3701","COTOVELO 90 AÇO ASTM A-120 ROSCÁVEL DE 25mm (1\")","UN",47.1]
["16.2.40","C3702","COTOVELO 90 AÇO ASTM A-120 ROSCÁVEL DE 32mm (1 1/4\")","UN",64.14]
["16.2.41","C3703","COTOVELO 90 AÇO ASTM A-120 ROSCÁVEL DE 40mm (1 1/2\")","UN",33.64]
["16.2.42","C3704","COTOVELO 90 AÇO ASTM A-120 ROSCÁVEL DE 50mm (2\")","UN",74.22]
["16.2.43","C3705","COTOVELO 90 AÇO ASTM A-120 ROSCÁVEL DE 80mm (3\")","UN",73.5]
["16.2.44","C3706","COTOVELO 90 AÇO ASTM A-120 ROSCÁVEL DE 100mm (4\")","UN",56.98]
["16.2.45","C0940","COTOVELO AÇO GALV. D= 15mm (1/2\")","UN",9.81]
["16.2.46","C0941","COTOVELO AÇO GALV. D= 20mm (3/4\")","UN",11.19]
["16.2.47","C0942","COTOVELO AÇO GALV. D= 25mm (1\")","UN",12.3]
["16.2.48","C0943","COTOVELO AÇO GALV. D= 32mm (1 1/4\")","UN",21.41]
["16.2.49","C0944","COTOVELO AÇO GALV. D= 40mm (1 1/2\")","UN",24.62]
["16.2.50","C0945","COTOVELO AÇO GALV. D= 50mm (2\")","UN",31.42]
["16.2.51","C0946","COTOVELO AÇO GALV. D= 65mm (2 1/2\")","UN",45.7]
["16.2.52","C0947","COTOVELO AÇO GALV. D= 80mm (3\")","UN",57.2]
["16.2.53","C0948","COTOVELO AÇO GALV. D=100mm (4\")","UN",89]
["16.2.54","C0949","COTOVELO AÇO GALV. D=125mm (5\")","UN",231.85]
["16.2.55","C0950","COTOVELO AÇO GALV. D=150mm (6\")","UN",238.28]
["16.2.56","C0960","COTOVELO REDUÇÃO AÇO GALV. D= 20X15mm (3/4X1/2'')  A  25X20mm (1\"x3/4\")","UN",11]
["16.2.57","C0962","COTOVELO REDUÇÃO AÇO GALV. D=32X20mm (1 1/4\"X3/4'')  A  50X40mm ( 2\"x1 1/2\")","UN",22.49]
["16.2.58","C0961","COTOVELO REDUÇÃO AÇO GALV. D= 65X50mm (2 1/2\"X2'')","UN",47.06]
["16.2.59","C0965","CRUZETA EM AÇO GALV. D=15mm (1/2\")","UN",17.3]
["16.2.60","C0964","CRUZETA EM AÇO GALV. D=15mm  À 25mm","UN",25.46]
["16.2.61","C0967","CRUZETA EM AÇO GALV. D=32mm (1 1/4\")","UN",35.53]
["16.2.62","C0966","CRUZETA EM AÇO GALV. D=32mm  À 50mm","UN",35.53]
["16.2.63","C0969","CRUZETA EM AÇO GALV. D=65mm (2 1/2\")","UN",69.18]
["16.2.64","C0968","CRUZETA EM AÇO GALV. D=65mm  À 80mm","UN",69.18]
["16.2.65","C4375","BUCHA DE REDUÇÃO DE AÇO GALVANIZADO 1 1/2\"x 1\" 1/4\"","UN",16.07]
["16.2.66","C1016","CURVA EM AÇO GALV. D= 15 A 25mm  (1/2\")  A  (1\")","UN",13.2]
["16.2.67","C1017","CURVA EM AÇO GALV. D= 65 A 80mm  (2 1/2\")  A  (3\")","UN",81.52]
["16.2.68","C1018","CURVA EM AÇO GALV. D=100 A 150mm  (4\")  A  (6\")","UN",176.71]
["16.2.69","C1394","FLANGE SEXTAVADA EM AÇO GALV. D=15mm (1/2\")","UN",10.8]
["16.2.70","C1395","FLANGE SEXTAVADA EM AÇO GALV. D=15mm (1/2\")  À  25mm (3/4\")","UN",10.68]
["16.2.71","C1396","FLANGE SEXTAVADA EM AÇO GALV. D=32mm (1 1/4\")","UN",16.28]
["16.2.72","C1392","FLANGE SEXTAVADA EM AÇO GALV. D=32mm (1\")  À  50mm (2\")","UN",16.08]
["16.2.73","C1397","FLANGE SEXTAVADA EM AÇO GALV. D=65mm (2 1/2\")","UN",32.48]
["16.2.74","C1398","FLANGE SEXTAVADA EM AÇO GALV. D=65mm(2 1/2\")  À  80mm (3\")","UN",32.24]
["16.2.75","C1393","FLANGE SEXTAVADA EM AÇO GALV. D=100mm (4\")","UN",57.21]
["16.2.76","C3845","FORNECIMENTO, MONTAGEM, INSPEÇÃO E ASSENTAMENTO DE TUBOS E CONEXÕES EM AÇO, J. SOLDADA D=4\", API 5 LX SOLDA, NORMA API 104","M",138.51]
[]
["16.2.77","C3844","FORNECIMENTO, MONTAGEM, INSPEÇÃO E ASSENTAMENTO DE TUBOS E CONEXÕES EM AÇO, J. SOLDADA D=6\", API 5 LX SOLDA, NORMA API 104","M",213.98]
[]
["16.2.78","C3719","JUNTA DE BORRACHA ROSQUEADA DE 3/4\"","UN",141.16]
["16.2.79","C3720","JUNTA DE BORRACHA ROSQUEADA DE 1\"","UN",162.83]
["16.2.80","C1691","LUVA DE REDUÇÃO AÇO GALV. D= 20X15mm  À 25X20mm","UN",6.43]
["16.2.81","C1692","LUVA DE REDUÇÃO AÇO GALV. D= 32X15mm  À 50X40mm","UN",13.05]
["16.2.82","C1690","LUVA DE REDUÇÃO AÇO GALV. D=80X65mm (3\"X2 1/2\")","UN",41.18]
["16.2.83","C1688","LUVA DE REDUÇÃO AÇO GALV. D=100X50mm (4\"X2\")","UN",59.21]
["16.2.84","C1693","LUVA DE REDUÇÃO AÇO GALV. D=100X50mm À 100X80mm","UN",59.21]
["16.2.85","C1689","LUVA DE REDUÇÃO AÇO GALV. D=100X65mm (4\"X2 1/2\")","UN",59.51]
["16.2.86","C1687","LUVA DE REDUÇÃO AÇO GALV. D=100X80mm (4\"X3\")","UN",61.41]
["16.2.87","C3712","LUVA DE UNIÃO AÇO ASTM  A-120 DE 20mm (3/4\")","UN",53.84]
["16.2.88","C3713","LUVA DE UNIÃO AÇO ASTM  A-120 DE 25mm (1\")","UN",65.39]
["16.2.89","C4402","LUVA DE UNIÃO AÇO ASTM A-120 DE 40mm (1 1/2\")","UN",83.44]
["16.2.90","C1694","LUVA DE UNIÃO AÇO GALVANIZADO DE (2 1/2\")","UN",68.89]
["16.2.91","C1695","LUVA DE UNIÃO AÇO GALVANIZADO DE (3\")","UN",94.82]
["16.2.92","C1696","LUVA DE UNIÃO AÇO GALVANIZADO DE (4\")","UN",132]
["16.2.93","C1705","LUVA AÇO GALV. D=15mm (1/2\")  À  25mm (1\")","UN",16.01]
["16.2.94","C1706","LUVA AÇO GALV. D=32mm (1 1/4\")  À  50mm (2\")","UN",12.01]
["16.2.95","C1707","LUVA AÇO GALV. D=65mm (2 1/2\")  À  80mm (3\")","UN",26.93]
["16.2.96","C1704","LUVA AÇO GALV. D=100mm (4\") À 50mm (6\")","UN",56.57]
["16.2.97","C1822","NIPLE DUPLO DE REDUÇÃO AÇO GALV. D=20X15mm (3/4\"X1/2\")","UN",6.91]
["16.2.98","C1826","NIPLE DUPLO DE REDUÇÃO AÇO GALV. D=20X15mm (3/4\"X1/2\")  À  25X20mm (1\"X3/4\")","UN",6.91]
["16.2.99","C1823","NIPLE DUPLO DE REDUÇÃO AÇO GALV. D=32X15mm (1 1/4\"X1/2\")","UN",13.39]
["16.2.100","C1824","NIPLE DUPLO REDUÇÃO AÇO GALV. D=32X15mm (1 1/4\"X1/2\")  À  50X40mm (2\"X1 1/2\")","UN",13.39]
["16.2.101","C1825","NIPLE DUPLO DE REDUÇÃO AÇO GALV. D=65X32mm(2 1/2\"X1 1/4\")  À  80X65mm(3\"X2 1/2\")","UN",25.64]
[]
["16.2.102","C1815","NIPLE DUPLO DE REDUÇÃO AÇO GALV. D=80X50mm (3\"X2\")  À  80X65mm (3\"X2 1/2\")","UN",27.5]
["16.2.103","C1817","NIPLE DUPLO AÇO GALV. D=15mm (1/2\")  À 25mm (1\")","UN",5.67]
["16.2.104","C1818","NIPLE DUPLO AÇO GALV. D=32mm  (1 1/4\")  À 50mm (2\")","UN",12.87]
["16.2.105","C1821","NIPLE DUPLO AÇO GALV. D=65mm (2 1/2\")","UN",26.85]
["16.2.106","C1819","NIPLE DUPLO AÇO GALV. D=65mm (2 1/2\")  À 80mm (3\")","UN",26.85]
["16.2.107","C1816","NIPLE DUPLO AÇO GALV. D=100mm (4\")","UN",51.31]
["16.2.108","C3711","REDUÇÃO AÇO ASTM  A-120  ROSCÁVEL DE (1\"x 1 1/2\")  À (1\"x 3/4\")","UN",24.9]
["16.2.109","C3710","REDUÇÃO AÇO ASTM  A-120  ROSCÁVEL DE (2\"x 1 1/2\")  À (2\"x 3/4\")","UN",24.9]
["16.2.110","C3709","REDUÇÃO AÇO ASTM  A-120  ROSCÁVEL DE (3\"x 2 1/2\")  À (3\"x 3/4\")","UN",24.9]
["16.2.111","C3708","REDUÇÃO AÇO ASTM  A-120  ROSCÁVEL DE (4\"x 2\")","UN",35.11]
["16.2.112","C3707","REDUÇÃO AÇO ASTM  A-120  ROSCÁVEL DE (4\"x 3\")","UN",33.31]
["16.2.113","C2307","TAMPÃO EM AÇO GALV. D=15mm (1/2\")  À 25mm(1\")","UN",6.03]
["16.2.114","C2308","TAMPÃO EM AÇO GALV. D=32mm (1 1/4\")  À  50mm(2\")","UN",9.32]
["16.2.115","C2309","TAMPÃO EM AÇO GALV. D=65mm(2 1/2\")  À  80mm(3\")","UN",16.52]
["16.2.116","C2306","TAMPÃO EM AÇO GALV. D=100mm (4')","UN",29.09]
["16.2.117","C3692","TÊ AÇO ASTM A-120 ROSCÁVEL DE 20mm (3/4\")","UN",11.94]
["16.2.118","C3693","TÊ AÇO ASTM A-120 ROSCÁVEL DE 25mm (1\")","UN",12.24]
["16.2.119","C3694","TÊ AÇO ASTM A-120 ROSCÁVEL DE 32mm (1 1/4\")","UN",18.81]
["16.2.120","C3696","TÊ AÇO ASTM A-120 ROSCÁVEL DE 40mm (1 1/2\")","UN",19.82]
["16.2.121","C3697","TÊ AÇO ASTM A-120 ROSCÁVEL DE 50mm (2\")","UN",87.25]
["16.2.122","C3698","TÊ AÇO ASTM  A-120  ROSCÁVEL DE 80mm (3\")","UN",114.67]
["16.2.123","C3699","TÊ AÇO ASTM  A-120  ROSCÁVEL DE 100mm (4\")","UN",139.85]
["16.2.124","C2321","TÊ AÇO GALV. D= 15mm (1/2\")","UN",11.62]
["16.2.125","C2322","TÊ AÇO GALV. D= 20mm (3/4\")","UN",13.06]
["16.2.126","C2323","TÊ AÇO GALV. D= 25mm (1\")","UN",15.53]
["16.2.127","C2324","TÊ AÇO GALV. D= 32mm (1 1/4\")","UN",26.5]
["16.2.128","C2325","TÊ AÇO GALV. D= 40mm (1 1/2\")","UN",29.22]
["16.2.129","C2326","TÊ AÇO GALV. D= 50mm (2\")","UN",38.85]
["16.2.130","C2327","TÊ AÇO GALV. D= 65mm (2 1/2\")","UN",56.8]
["16.2.131","C2328","TÊ AÇO GALV. D= 80mm (3\")","UN",59]
["16.2.132","C2329","TÊ AÇO GALV. D=100mm (4\")","UN",116.3]
["16.2.133","C2330","TÊ AÇO GALV. D=125mm (5\")","UN",290.34]
["16.2.134","C2331","TÊ AÇO GALV. D=150mm (6\")","UN",293.01]
["16.2.135","C2394","TÊ REDUÇÃO AÇO GALV. D= 20X15mm (3/4\"X1/2\")  À  25X20mm (1\"X3/4\")","UN",13.61]
["16.2.136","C2395","TÊ REDUÇÃO AÇO GALV. D= 32X15mm (1 1/4\"X1/2\")  À 50X40mm (2\"x1 1/4\")","UN",25.44]
["16.2.137","C2396","TÊ REDUÇÃO AÇO GALV. D= 65X25mm (2 1/2\"x1\")  À 80X65mm (3\"x2 1/2\")","UN",55.94]
["16.2.138","C2397","TÊ REDUÇÃO AÇO GALV. D=100X50mm (4\"x2\")  À 100X80mm (4\"x3\")","UN",121.95]
["16.2.139","C3685","TUBO AÇO ASTM A-120 PRETO C/ ROSCA DE 20mm (3/4\")","M",26.74]
["16.2.140","C3686","TUBO AÇO ASTM A-120 PRETO  C/ ROSCA DE 25mm (1\")","M",30.86]
["16.2.141","C3687","TUBO AÇO ASTM A-120 PRETO  C/ ROSCA DE 32mm (1 1/4\")","M",42.73]
["16.2.142","C3688","TUBO AÇO ASTM A-120 PRETO  C/ ROSCA DE 40mm (1 1/2\")","M",51.61]
["16.2.143","C3690","TUBO AÇO ASTM A-120 PRETO  C/ ROSCA DE 80mm (3\")","M",111.38]
["16.2.144","C3689","TUBO AÇO ASTM A-120 PRETO  C/ ROSCA DE 50mm (2\")","M",67.41]
["16.2.145","C3691","TUBO AÇO ASTM A-120 PRETO  C/ ROSCA DE 100mm (4\")","M",153.29]
["16.2.146","C3846","TUBO AÇO CARBONO PRETO C/ CONEXÕES DE 40mm (1 1/2\")","M",101.38]
["16.2.147","C2558","TUBO AÇO GALV. C/OU S/COSTURA D=15mm (1/2\")","M",16.01]
["16.2.148","C2559","TUBO AÇO GALV. C/OU S/COSTURA D=20mm (3/4\")","M",18.96]
["16.2.149","C2560","TUBO AÇO GALV. C/OU S/COSTURA D=25mm (1\")","M",25.2]
["16.2.150","C2561","TUBO AÇO GALV. C/OU S/COSTURA D=32mm (1 1/4\")","M",33.27]
["16.2.151","C2554","TUBO AÇO GALV. C/OU S/COSTURA D= 40mm (1 1/2\")","M",44.89]
["16.2.152","C2562","TUBO AÇO GALV. C/OU S/COSTURA D=50mm (2\")","M",48.22]
["16.2.153","C2563","TUBO AÇO GALV. C/OU S/COSTURA D=65mm (2 1/2\")","M",80.22]
["16.2.154","C2564","TUBO AÇO GALV. C/OU S/COSTURA D=80mm (3\")","M",83.08]
["16.2.155","C2555","TUBO AÇO GALV. C/OU S/COSTURA D=100mm (4\")","M",111.11]
["16.2.156","C2556","TUBO AÇO GALV. C/OU S/COSTURA D=125mm (5\")","M",136.84]
["16.2.157","C2557","TUBO AÇO GALV. C/OU S/COSTURA D=150mm (6\")","M",145.96]
["16.2.158","C2543","TUBO AÇO GALV. C/OU S/COST.INCL.CONEXÕES D= 15mm (1/2\")","M",30.55]
["16.2.159","C2544","TUBO AÇO GALV. C/OU S/COST.INCL.CONEXÕES D= 20mm (3/4\")","M",36.15]
["16.2.160","C2545","TUBO AÇO GALV. C/OU S/COST.INCL.CONEXÕES D= 25mm (1\")","M",48.96]
["16.2.161","C2546","TUBO AÇO GALV. C/OU S/COST.INCL.CONEXÕES D= 32mm (1 1/4\")","M",58.03]
["16.2.162","C2547","TUBO AÇO GALV. C/OU S/COST.INCL.CONEXÕES D= 40mm(1 1/2\")","M",72.44]
["16.2.163","C2552","TUBO AÇO GALV. C/OU S/COST.INCL.CONEXÕES D=50mm (2\")","M",77.67]
["16.2.164","C2553","TUBO AÇO GALV. C/OU S/COST.INCL.CONEXÕES D=65mm (2 1/2\")","M",123.43]
["16.2.165","C2548","TUBO AÇO GALV. C/OU S/COST.INCL.CONEXÕES D= 80mm (3\")","M",121.16]
["16.2.166","C2549","TUBO AÇO GALV. C/OU S/COST.INCL.CONEXÕES D=100mm (4\")","M",157.61]
["16.2.167","C2550","TUBO AÇO GALV. C/OU S/COST.INCL.CONEXÕES D=125mm (5\")","M",192.07]
["16.2.168","C2551","TUBO AÇO GALV. C/OU S/COST.INCL.CONEXÕES D=150mm (6\")","M",202.68]
["16.3","TUBOS E CONEXÕES DE PVC",null,null,10855.94]
["16.3.1","C0014","ADAPTADOR DE JUNTA ELAST.P/SIFÃO METAL PVC P/ESGOTO  D=40mm","UN",6.55]
["16.3.2","C0015","ADAPTADOR P/ SIFÃO PVC 40mm (1 1/4\")","UN",4.9]
["16.3.3","C3653","ADAPTADOR PVC P/ REGISTRO 25mm (3/4\")","UN",2.42]
["16.3.4","C3654","ADAPTADOR PVC P/ REGISTRO 32mm (1\")","UN",3.05]
["16.3.5","C3655","ADAPTADOR PVC P/ REGISTRO 40mm (1 1/4\")","UN",5.54]
["16.3.6","C3656","ADAPTADOR PVC P/ REGISTRO 50mm (1 1/2\")","UN",5.9]
["16.3.7","C3657","ADAPTADOR PVC P/ REGISTRO 60mm (2\")","UN",10.66]
["16.3.8","C0016","ADAPTADOR PVC P/ REGISTRO 75mm (2 1/2'')","UN",18.31]
["16.3.9","C0017","ADAPTADOR PVC P/ REGISTRO 85mm (3'')","UN",26.51]
["16.3.10","C0019","ADAPTADOR PVC SOLD. FLANGES LIVRES P/CX. D'ÁGUA 20mm (1/2')","UN",10.9]
["16.3.11","C0020","ADAPTADOR PVC SOLD. FLANGES LIVRES P/CX. D'ÁGUA 25mm (3/4\")","UN",12.45]
["16.3.12","C0021","ADAPTADOR PVC SOLD. FLANGES LIVRES P/CX. D'ÁGUA 32mm (1\")","UN",14.68]
["16.3.13","C0022","ADAPTADOR PVC SOLD. FLANGES LIVRES P/CX. D'ÁGUA 40mm (1 1/4\")","UN",21.66]
["16.3.14","C0023","ADAPTADOR PVC SOLD. FLANGES LIVRES P/CX. D'ÁGUA 50mm (1 1/2\")","UN",24.98]
["16.3.15","C0024","ADAPTADOR PVC SOLD. FLANGES LIVRES P/CX. D'ÁGUA 60mm (2\")","UN",35.5]
["16.3.16","C0025","ADAPTADOR PVC SOLD. FLANGES LIVRES P/CX. D'ÁGUA 75mm (2 1/2\")","UN",125.85]
["16.3.17","C0026","ADAPTADOR PVC SOLD. FLANGES LIVRES P/CX. D'ÁGUA 85mm (3\")","UN",167.86]
["16.3.18","C0018","ADAPTADOR PVC SOLD. FLANGES LIVRES P/CX. D'ÁGUA 110mm (4\")","UN",239.59]
["16.3.19","C4330","AQUISIÇÃO E ASSENTAMENTO DE TUBO PVC RÍGIDO PBA DEFoFo, INCLUSIVE CONEXÕES - DN 100","M",65.29]
[]
["16.3.20","C4329","AQUISIÇÃO E ASSENTAMENTO DE TUBO PVC RÍGIDO PBA DEFoFo, INCLUSIVE CONEXÕES - DN 150","M",80.95]
[]
["16.3.21","C0289","ASSENTAMENTO DE TUBOS E CONEXÕES EM PVC, JE DN 40mm","M",0.92]
["16.3.22","C0291","ASSENTAMENTO DE TUBOS E CONEXÕES EM PVC, JE DN 50mm","M",1]
["16.3.23","C0292","ASSENTAMENTO DE TUBOS E CONEXÕES EM PVC, JE DN 75mm","M",1.22]
["16.3.24","C0281","ASSENTAMENTO DE TUBOS E CONEXÕES EM PVC, JE DN 100mm","M",1.62]
["16.3.25","C0282","ASSENTAMENTO DE TUBOS E CONEXÕES EM PVC, JE DN 125mm","M",2.06]
["16.3.26","C0283","ASSENTAMENTO DE TUBOS E CONEXÕES EM PVC, JE DN 150mm","M",2.34]
["16.3.27","C0284","ASSENTAMENTO DE TUBOS E CONEXÕES EM PVC, JE DN 200mm","M",3.05]
["16.3.28","C0285","ASSENTAMENTO DE TUBOS E CONEXÕES EM PVC, JE DN 250mm","M",3.96]
["16.3.29","C0286","ASSENTAMENTO DE TUBOS E CONEXÕES EM PVC, JE DN 300mm","M",4.85]
["16.3.30","C0287","ASSENTAMENTO DE TUBOS E CONEXÕES EM PVC, JE DN 350mm","M",5.4]
["16.3.31","C0288","ASSENTAMENTO DE TUBOS E CONEXÕES EM PVC, JE DN 400mm","M",6.11]
["16.3.32","C0290","ASSENTAMENTO DE TUBOS E CONEXÕES EM PVC, JE DN 450mm","M",7.04]
["16.3.33","C0233","ASSENTAMENTO DE TUBOS E CONEXÕES EM PVC, JE DN 500mm","M",8.14]
["16.3.34","C0277","ASSENTAMENTO DE TUBOS E CONEXÕES EM PVC, J.SOLDADA DN 32mm","M",0.56]
["16.3.35","C0278","ASSENTAMENTO DE TUBOS E CONEXÕES EM PVC, J.SOLDADA DN 40mm","M",0.72]
["16.3.36","C0279","ASSENTAMENTO DE TUBOS E CONEXÕES EM PVC, J.SOLDADA DN 50mm","M",0.72]
["16.3.37","C0280","ASSENTAMENTO DE TUBOS E CONEXÕES EM PVC, J.SOLDADA DN 75mm","M",0.74]
["16.3.38","C0275","ASSENTAMENTO DE TUBOS E CONEXÕES EM PVC, J.SOLDADA DN 100mm","M",0.74]
["16.3.39","C0276","ASSENTAMENTO DE TUBOS E CONEXÕES EM PVC, J.SOLDADA DN 150mm","M",1.09]
["16.3.40","C0488","BUCHA REDUÇÃO LONGA PVC P/ESGOTO 50X40mm","UN",5.9]
["16.3.41","C0507","BUCHA REDUÇÃO PVC ROSC. D=3/4\"X1/2\" (25X20mm)","UN",2.88]
["16.3.42","C0496","BUCHA REDUÇÃO PVC ROSC. D=1\"X1/2\"(32X20mm)","UN",4.12]
["16.3.43","C0497","BUCHA REDUÇÃO PVC ROSC. D=1\"X3/4\" (32X25mm)","UN",3.47]
["16.3.44","C0494","BUCHA REDUÇÃO PVC ROSC. D=1 1/4\"X1/2\" (40X20mm)","UN",7.51]
["16.3.45","C0495","BUCHA REDUÇÃO PVC ROSC. D=1 1/4\"X3/4\" (40X25mm)","UN",7.15]
["16.3.46","C0493","BUCHA REDUÇÃO PVC ROSC. D=1 1/4\"X1\" (40X32mm)","UN",7.59]
["16.3.47","C0491","BUCHA REDUÇÃO PVC ROSC. D=1 1/2\"X1/2\" (50X20mm)","UN",7.6]
["16.3.48","C0492","BUCHA REDUÇÃO PVC ROSC. D=1 1/2\"X3/4\" (50X25mm)","UN",7.05]
["16.3.49","C0490","BUCHA REDUÇÃO PVC ROSC. D=1 1/2\"X1\" (50X32mm)","UN",6.63]
["16.3.50","C0489","BUCHA REDUÇÃO PVC ROSC. D=1 1/2\"X1 1/4\" (50X40mm)","UN",6.72]
["16.3.51","C0503","BUCHA REDUÇÃO PVC ROSC. D=2\"X1\" (60X32mm)","UN",9.87]
["16.3.52","C0502","BUCHA REDUÇÃO PVC ROSC. D=2\"X1 1/4\" (60X40mm)","UN",10.17]
["16.3.53","C0501","BUCHA REDUÇÃO PVC ROSC. D=2\"X1 1/2\" (60X50mm)","UN",9.99]
["16.3.54","C0499","BUCHA REDUÇÃO PVC ROSC. D=2 1/2\"X1 1/4\" (75X40mm)","UN",21.82]
["16.3.55","C0498","BUCHA REDUÇÃO PVC ROSC. D=2 1/2\"X1 1/2\" (75X50mm)","UN",23.45]
["16.3.56","C0500","BUCHA REDUÇÃO PVC ROSC. D=2 1/2\"X2\" (75X60mm)","UN",25.08]
["16.3.57","C0504","BUCHA REDUÇÃO PVC ROSC. D=3\"X1 1/2\" (85X50mm)","UN",22.74]
["16.3.58","C0506","BUCHA REDUÇÃO PVC ROSC. D=3\"X2\" (85X60mm)","UN",17.28]
["16.3.59","C0505","BUCHA REDUÇÃO PVC ROSC. D=3\"X2 1/2\" (85X75mm)","UN",32.88]
["16.3.60","C0508","BUCHA REDUÇÃO PVC ROSC. D=4\"X3\" (110X85mm)","UN",73.34]
["16.3.61","C3586","CAIXA SIFONADA 150X150X50cm COM GRELHA - PADRÃO POPULAR","UN",29.91]
["16.3.62","C0680","CAP (TAMPÃO) OU PLUG (BUJÃO) PVC P/ESGOTO D=50mm-SOLD.","UN",4.37]
["16.3.63","C0676","CAP (TAMPÃO) OU PLUG (BUJÃO) PVC P/ESGOTO  D=75mm - SOLD.","UN",8.66]
["16.3.64","C0678","CAP (TAMPÃO) OU PLUG (BUJÃO) PVC P/ESGOTO D=100mm SOLD.","UN",11.57]
["16.3.65","C0679","CAP (TAMPÃO) OU PLUG (BUJÃO) PVC P/ESGOTO D=50mm C/ANÉIS","UN",5.6]
["16.3.66","C0681","CAP (TAMPÃO) OU PLUG (BUJÃO) PVC P/ESGOTO D=75mm C/ANÉIS","UN",9.48]
["16.3.67","C0677","CAP (TAMPÃO) OU PLUG (BUJÃO) PVC P/ESGOTO D=100mm C/ANÉIS","UN",13.49]
["16.3.68","C0685","CAP PVC BRANCO ROSC. D=1/2\" (20mm)","UN",2.67]
["16.3.69","C0688","CAP PVC BRANCO ROSC. D=3/4\" (25mm)","UN",2.95]
["16.3.70","C0684","CAP PVC BRANCO ROSC. D=1\" (32mm)","UN",4.25]
["16.3.71","C0683","CAP PVC BRANCO ROSC. D=1 1/4\" (40mm)","UN",8.53]
["16.3.72","C0682","CAP PVC BRANCO ROSC. D=1 1/2\" (50mm)","UN",9.13]
["16.3.73","C0686","CAP PVC BRANCO ROSC. D=2 1/2\" (75mm)","UN",16.64]
["16.3.74","C0687","CAP PVC BRANCO ROSC. D=3\" (85mm)","UN",19.59]
["16.3.75","C0689","CAP PVC BRANCO ROSC. D=4\"(110mm)","UN",38.73]
["16.3.76","C0690","CAP PVC SOLD. MARROM D= 20mm (1/2\")","UN",1.89]
["16.3.77","C0691","CAP PVC SOLD. MARROM D= 25mm (3/4\")","UN",2.08]
["16.3.78","C0692","CAP PVC SOLD. MARROM D= 32mm (1\")","UN",2.53]
["16.3.79","C0693","CAP PVC SOLD. MARROM D= 40mm (1 1/4\")","UN",4.44]
["16.3.80","C0694","CAP PVC SOLD. MARROM D= 50mm (1 1/2\")","UN",6.18]
["16.3.81","C0695","CAP PVC SOLD. MARROM D= 60mm (2\")","UN",8.4]
["16.3.82","C0696","CAP PVC SOLD. MARROM D= 75mm (2 1/2\")","UN",16.48]
["16.3.83","C0697","CAP PVC SOLD. MARROM D= 85mm (3\")","UN",35.1]
["16.3.84","C0698","CAP PVC SOLD. MARROM D=110mm (4\")","UN",58.94]
["16.3.85","C0952","COTOVELO PVC SOLD. MARROM D=20mm (1/2\")","UN",3.98]
["16.3.86","C0953","COTOVELO PVC SOLD. MARROM D=25mm (3/4\")","UN",4.18]
["16.3.87","C0954","COTOVELO PVC SOLD. MARROM D=32mm (1\")","UN",5.27]
["16.3.88","C0955","COTOVELO PVC SOLD. MARROM D=40mm (1 1/4\")","UN",8.82]
["16.3.89","C0956","COTOVELO PVC SOLD. MARROM D=50mm (1 1/2\")","UN",9.56]
["16.3.90","C0957","COTOVELO PVC SOLD. MARROM D=60mm (2\")","UN",21.81]
["16.3.91","C0958","COTOVELO PVC SOLD. MARROM D=75mm (2 1/2\")","UN",57.88]
["16.3.92","C0959","COTOVELO PVC SOLD. MARROM D=85mm (3\")","UN",67.84]
["16.3.93","C0951","COTOVELO PVC SOLD. MARROM D=110mm (4\")","UN",136.88]
["16.3.94","C0973","CRUZETA PVC BRANCO ROSC. D=1/2\" (20mm)","UN",10.66]
["16.3.95","C0975","CRUZETA PVC BRANCO ROSC. D=3/4\" (25mm)","UN",12.84]
["16.3.96","C0972","CRUZETA PVC BRANCO ROSC. D=1\" (32mm)","UN",16.8]
["16.3.97","C0971","CRUZETA PVC BRANCO ROSC. D=1 1/4\" (40mm)","UN",25.26]
["16.3.98","C0970","CRUZETA PVC BRANCO ROSC. D=1 1/2\" (50mm)","UN",33.11]
["16.3.99","C0974","CRUZETA PVC BRANCO ROSC. D=2\" (60mm)","UN",44.86]
["16.3.100","C0976","CRUZETA PVC SOLD. MARROM D= 20mm (1/2\")","UN",8.93]
["16.3.101","C0977","CRUZETA PVC SOLD. MARROM D= 25mm (3/4\")","UN",10.61]
["16.3.102","C0978","CRUZETA PVC SOLD. MARROM D= 32mm (1\")","UN",11.37]
["16.3.103","C0980","CRUZETA PVC SOLD. MARROM D=40mm (1 1/4\")","UN",16.12]
["16.3.104","C0981","CRUZETA PVC SOLD. MARROM D=50mm (1 1/2\")","UN",24.47]
["16.3.105","C0982","CRUZETA PVC SOLD. MARROM D=60mm (2\")","UN",25.88]
["16.3.106","C0983","CRUZETA PVC SOLD. MARROM D=75mm (2 1/2\")","UN",38.62]
["16.3.107","C0984","CRUZETA PVC SOLD. MARROM D=85mm (3\")","UN",50.49]
["16.3.108","C0979","CRUZETA PVC SOLD. MARROM D=110mm (4\")","UN",96.86]
["16.3.109","C1525","JOELHO 90 PVC SOLD./ROSCA. D= 20mmX1/2\"","UN",5.37]
["16.3.110","C1526","JOELHO 90 PVC SOLD./ROSCA. D= 25mmX3/4\"","UN",6.33]
["16.3.111","C1527","JOELHO 90 PVC SOLD./ROSCA. D= 32mmX1\"","UN",10.21]
["16.3.112","C1532","JOELHO C/VISITA. PVC P/ESG. D=75X50mm - JUNTA C/ANÉIS","UN",71.9]
["16.3.113","C1528","JOELHO C/VISITA PVC P/ESG. D=100X50mm - JUNTA C/ANÉIS","UN",82.38]
["16.3.114","C1530","JOELHO C/VISITA PVC P/ESG. D=100X75mm - JUNTA C/ANÉIS","UN",89.53]
["16.3.115","C1533","JOELHO C/VISITA. PVC P/ESG. D=75X50mm - JUNTA SOLD.","UN",20.03]
["16.3.116","C1529","JOELHO C/VISITA PVC P/ESG. D=100X50mm - JUNTA SOLD.","UN",25]
["16.3.117","C1531","JOELHO C/VISITA PVC P/ESG. D=100X75mm - JUNTA SOLD.","UN",30.64]
["16.3.118","C1543","JOELHO OU CURVA PVC ROSC. D=1/2\"(20mm)","UN",5.7]
["16.3.119","C1547","JOELHO OU CURVA PVC ROSC. D=3/4\" (25mm)","UN",5.98]
["16.3.120","C1542","JOELHO OU CURVA PVC ROSC. D=1\" (32mm)","UN",7.6]
["16.3.121","C1541","JOELHO OU CURVA PVC ROSC. D=1 1/4\" (40mm)","UN",14.71]
["16.3.122","C1540","JOELHO OU CURVA PVC ROSC. D=1 1/2\" (50mm)","UN",15.43]
["16.3.123","C1545","JOELHO OU CURVA PVC ROSC. D=2\" (60mm)","UN",22.05]
["16.3.124","C1544","JOELHO OU CURVA PVC ROSC. D=2 1/2\" (75mm)","UN",54.16]
["16.3.125","C1546","JOELHO OU CURVA PVC ROSC. D=3\" (85mm)","UN",49.19]
["16.3.126","C1548","JOELHO OU CURVA PVC ROSC. D=4\" (110mm)","UN",124.85]
["16.3.127","C1551","JOELHO PVC BRANCO P/ESGOTO D=40mm (1 1/2\")","UN",7.24]
["16.3.128","C1552","JOELHO PVC BRANCO P/ESGOTO D=50mm (2\")","UN",8.45]
["16.3.129","C1554","JOELHO PVC BRANCO P/ESGOTO D=75mm (3\")","UN",14.28]
["16.3.130","C1549","JOELHO PVC BRANCO P/ESGOTO D=100mm (4\")","UN",18.56]
["16.3.131","C1553","JOELHO PVC BRANCO P/ESGOTO D=50mm (2\") - JUNTA C/ANÉIS","UN",12.59]
["16.3.132","C1555","JOELHO PVC BRANCO P/ESGOTO D=75mm (3\") - JUNTA C/ANÉIS","UN",19.32]
["16.3.133","C1550","JOELHO PVC BRANCO P/ESGOTO D=100mm (4\") - JUNTA C/ANÉIS","UN",26.28]
["16.3.134","C1556","JOELHO PVC CINZA P/ESGOTO D=150mm (6\") - JUNTA C/ANÉIS","UN",137.23]
["16.3.135","C1557","JOELHO PVC CINZA. P/ESGOTO D=150mm (6\") - JUNTA SOLD","UN",86.41]
["16.3.136","C1558","JOELHO PVC SOLD. AZUL D=20mmX1/2\"","UN",7.36]
["16.3.137","C1559","JOELHO PVC SOLD. AZUL D=25mmX3/4\"","UN",8.93]
["16.3.138","C1560","JOELHO REDUÇÃO PVC SOLD./ROSCA. D=25mmX1/2\"","UN",5.55]
["16.3.139","C1561","JOELHO REDUÇÃO PVC SOLD./ROSCA. D=32mmX3/4\"","UN",12.09]
["16.3.140","C1568","JOELHO REDUÇÃO PVC ROSC. D=3/4\"X1/2\" (25X20mm)","UN",6.33]
["16.3.141","C1567","JOELHO REDUÇÃO PVC ROSC. D=1\"X3/4\" (32X25mm)","UN",7.78]
["16.3.142","C1562","JOELHO REDUÇÃO PVC SOLD. AZUL D=25mmX1/2\"","UN",7.63]
["16.3.143","C1563","JOELHO REDUÇÃO PVC SOLD. AZUL D=32mmX3/4\"","UN",12.16]
["16.3.144","C1564","JOELHO REDUÇÃO PVC SOLD.MARROM D=25X20mm (3/4\"X1/2\")","UN",5.48]
["16.3.145","C1565","JOELHO REDUÇÃO PVC SOLD.MARROM D=32X25mm (1\"X3/4\")","UN",5.97]
["16.3.146","C1566","JOELHO REDUÇÃO PVC SOLD.MARROM D=40X32mm (1 1/4\"X1\")","UN",8.25]
["16.3.147","C4388","JOELHO 45 PVC BRANCO PARA ESGOTO D=40mm (1 1/4\")","UN",9.45]
["16.3.148","C4669","JOELHO 45 PVC BRANCO PARA ESGOTO D=50mm (2\")","UN",9.66]
["16.3.149","C4389","JOELHO 45 PVC BRANCO PARA ESGOTO D=75mm (3\")","UN",13.96]
["16.3.150","C4390","JOELHO 45 PVC BRANCO PARA ESGOTO D=100mm (4\")","UN",17]
["16.3.151","C4391","JOELHO 45 PVC SOLDÁVEL D=25mm (3/4\")","UN",3.88]
["16.3.152","C4392","JOELHO 45 PVC SOLDÁVEL D=32mm (1\")","UN",4.97]
["16.3.153","C4393","JOELHO 45 PVC SOLDÁVEL D=40mm (1 1/4\")","UN",8.02]
["16.3.154","C3994","JUNÇÃO PVC BRANCO 50 x 50 mm (2\" x 2\")","UN",16.03]
["16.3.155","C1575","JUNÇÃO SIMPLES C/INSPEÇÃO PVC P/ESGOTO D=75mm (3\")-C/ANÉIS","UN",22.49]
["16.3.156","C1574","JUNÇÃO SIMPLES C/INSPEÇÃO PVC P/ESGOTO D=100mm (4\")-C/ANÉIS","UN",32.38]
["16.3.157","C1579","JUNÇÃO SIMPLES DE REDUÇÃO PVC P/ESGOTO 75X50mm (3\"X2\")","UN",20.38]
["16.3.158","C1580","JUNÇÃO SIMPLES DE REDUÇÃO PVC P/ESGOTO 75X50mm (3\"X2\")-C/ANÉIS","UN",23.24]
["16.3.159","C1576","JUNÇÃO SIMPLES DE REDUÇÃO PVC P/ESGOTO 100X50mm (4\"X2\")-C/ANÉIS","UN",28.84]
["16.3.160","C1577","JUNÇÃO SIMPLES DE REDUÇÃO PVC P/ESGOTO 100X75mm (4\"X3\")-C/ANÉIS","UN",36.26]
["16.3.161","C1578","JUNÇÃO SIMPLES DE REDUÇÃO PVC P/ESGOTO 150X100mm (6\"X4\")-C/ANÉIS","UN",81.75]
["16.3.162","C1582","JUNÇÃO SIMPLES DE REDUÇÃO PVC P/ESGOTO 100X50mm(4\"X2\")","UN",23.76]
["16.3.163","C1583","JUNÇÃO SIMPLES DE REDUÇÃO PVC P/ESGOTO 100X75mm(4\"X3\")","UN",31.58]
["16.3.164","C1581","JUNÇÃO SIMPLES DE REDUÇÃO PVC P/ESGOTO 150X100mm(6\"X4\")","UN",63.68]
["16.3.165","C1585","JUNÇÃO SIMPLES C/INSPEÇÃO PVC P/ESGOTO D=75mm (3\")","UN",20.85]
["16.3.166","C1584","JUNÇÃO SIMPLES C/INSPEÇÃO PVC P/ESGOTO D=100mm (4\")","UN",28.53]
["16.3.167","C1572","JUNÇÃO DUPLA PVC BRANCO D=75mm (3\") - JUNTA C/ANÉIS","UN",28.49]
["16.3.168","C1570","JUNÇÃO DUPLA PVC BRANCO D=100mm (4\") - JUNTA C/ANÉIS","UN",46.74]
["16.3.169","C1573","JUNÇÃO DUPLA PVC BRANCO D=75mm(3\") - JUNTA SOLD.","UN",25.21]
["16.3.170","C1571","JUNÇÃO DUPLA PVC BRANCO D=100mm (4\") - JUNTA SOLD.","UN",39.03]
["16.3.171","C1720","LUVA PVC BRANCO ROSC. D=1/2\" (20mm)","UN",3.16]
["16.3.172","C1724","LUVA PVC BRANCO ROSC. D=3/4\" (25mm)","UN",3.65]
["16.3.173","C1719","LUVA PVC BRANCO ROSC. D=1\" (32mm)","UN",4.24]
["16.3.174","C1718","LUVA PVC BRANCO ROSC. D=1 1/4\" (40mm)","UN",7.96]
["16.3.175","C1717","LUVA PVC BRANCO ROSC. D=1 1/2\"  (50mm)","UN",8.43]
["16.3.176","C1722","LUVA PVC BRANCO ROSC. D=2\" (60mm)","UN",13.36]
["16.3.177","C1721","LUVA PVC BRANCO ROSC. D=2 1/2\" (75mm)","UN",18.99]
["16.3.178","C1723","LUVA PVC BRANCO ROSC. D=3\" (85mm)","UN",28.1]
["16.3.179","C1725","LUVA PVC BRANCO ROSC. D=4\" (110mm)","UN",34.92]
["16.3.180","C1726","LUVA PVC SOLD. AZUL C/ROSCA MET. D=20mmX1/2\"","UN",6.24]
["16.3.181","C1727","LUVA PVC SOLD. AZUL C/ROSCA MET. D=25mmX3/4\"","UN",6.28]
["16.3.182","C1728","LUVA PVC SOLD. MARROM D= 20mm (1/2\")","UN",2.53]
["16.3.183","C1729","LUVA PVC SOLD. MARROM D= 25mm (3/4\")","UN",2.69]
["16.3.184","C1730","LUVA PVC SOLD. MARROM D= 32mm (1\")","UN",3.56]
["16.3.185","C1731","LUVA PVC SOLD. MARROM D= 40mm (1 1/4\")","UN",6.22]
["16.3.186","C1732","LUVA PVC SOLD. MARROM D= 50mm (1 1/2\")","UN",7.18]
["16.3.187","C1733","LUVA PVC SOLD. MARROM D= 60mm (2\")","UN",13.29]
["16.3.188","C1734","LUVA PVC SOLD. MARROM D= 75mm (2 1/2\")","UN",19.98]
["16.3.189","C1735","LUVA PVC SOLD. MARROM D= 85mm (3\")","UN",38.53]
["16.3.190","C1736","LUVA PVC SOLD. MARROM D=110mm (4\")","UN",42.29]
["16.3.191","C1737","LUVA PVC SOLD./ROSCA. D=20mmX1/2\"","UN",4.09]
["16.3.192","C1738","LUVA PVC SOLD./ROSCA. D=25mmX1/2\"","UN",4.63]
["16.3.193","C1739","LUVA PVC SOLD./ROSCA. D=25mmX3/4\"","UN",4.23]
["16.3.194","C1740","LUVA PVC SOLD./ROSCA. D=32mmX1\"","UN",6.62]
["16.3.195","C1741","LUVA PVC SOLD./ROSCA. D=40mmX1 1/4\"","UN",13.22]
["16.3.196","C1742","LUVA PVC SOLD./ROSCA. D=50mmX1 1/2\"","UN",21.13]
["16.3.197","C1752","LUVA REDUÇÃO PVC ROSC. D=3/4\"X1/2\" (25X20mm)","UN",4.01]
["16.3.198","C1751","LUVA REDUÇÃO PVC ROSC. D=1\"X3/4\" (32X25mm)","UN",4.73]
["16.3.199","C1753","LUVA REDUÇÃO PVC SOLDÁVEL AZUL C/ROSCA METÁLICA, D=25mmX1/2\"","UN",6.3]
["16.3.200","C1743","LUVA REDUÇÃO PVC SOLDÁVEL MARROM D= 25X20mm (3/4\"X1/2\")","UN",3.08]
["16.3.201","C1744","LUVA REDUÇÃO PVC SOLDÁVEL MARROM D= 32X25mm (1\"X3/4\")","UN",4.53]
["16.3.202","C1745","LUVA REDUÇÃO PVC SOLDÁVEL MARROM D= 40X32mm (1 1/4\"X1\")","UN",8.11]
["16.3.203","C1748","LUVA REDUÇÃO PVC SOLDÁVEL MARROM D=75X60mm ( 2 1/2\"X2\")","UN",17.86]
["16.3.204","C1749","LUVA REDUÇÃO PVC SOLDÁVEL MARROM D=85X60mm (3\"X2\")","UN",23.83]
["16.3.205","C1750","LUVA REDUÇÃO PVC SOLDÁVEL MARROM D=85X75mm (3\"X2 1/2\")","UN",29.64]
["16.3.206","C1746","LUVA REDUÇÃO PVC SOLDÁVEL MARROM D=110X75mm (4\"X2 1/2\")","UN",42]
["16.3.207","C1747","LUVA REDUÇÃO PVC SOLDÁVEL MARROM D=110X85mm (4\"X3\")","UN",41.63]
["16.3.208","C1760","LUVA SIMPLES PVC BRANCO P/ESGOTO 40mm (1 1/2\")","UN",4.61]
["16.3.209","C1761","LUVA SIMPLES PVC BRANCO P/ESGOTO 50mm (2\")","UN",9.78]
["16.3.210","C1762","LUVA SIMPLES PVC BRANCO P/ESGOTO 75mm (3\")","UN",9.94]
["16.3.211","C1758","LUVA SIMPLES PVC BRANCO P/ESGOTO 100mm (4\")","UN",12.73]
["16.3.212","C1759","LUVA SIMPLES PVC BRANCO P/ESGOTO 150mm (6\")","UN",34.66]
["16.3.213","C1756","LUVA SIMPLES PVC BRANCO P/ESGOTO D=50mm (2\")-C/ANÉIS","UN",8.19]
["16.3.214","C1757","LUVA SIMPLES PVC BRANCO P/ESGOTO D=75mm (3\")-C/ANÉIS","UN",11.58]
["16.3.215","C1754","LUVA SIMPLES PVC BRANCO P/ESGOTO D=100mm (4')-C/ANÉIS","UN",16.58]
["16.3.216","C1755","LUVA SIMPLES PVC BRANCO P/ESGOTO D=150mm (6\")-C/ANÉIS","UN",50.8]
["16.3.217","C1697","LUVA DUPLA OU DE CORRER PVC P/ESGOTO 40mm","UN",4.61]
["16.3.218","C1699","LUVA DUPLA PVC P/ESGOTO D=50mm (2\")-C/ANÉIS","UN",9.61]
["16.3.219","C1700","LUVA DUPLA PVC P/ESGOTO D=75mm (3\")-C/ANÉIS","UN",13.91]
["16.3.220","C1698","LUVA DUPLA PVC P/ESGOTO D=100mm (4\")-C/ANÉIS","UN",21.39]
["16.3.221","C1702","LUVA DUPLA PVC P/ESGOTO 50mm JUNTAS SOLDADAS","UN",7.16]
["16.3.222","C1703","LUVA DUPLA PVC P/ESGOTO 75mm JUNTAS SOLDADAS","UN",12.27]
["16.3.223","C1701","LUVA DUPLA PVC P/ESGOTO 100mm JUNTAS SOLDADAS","UN",17.54]
["16.3.224","C3582","MUTIRÃO MISTO - ADAPTADOR DE JUNTA ELÂSTICA P/SIFÃO METAL PVC P/ESGOTO D=40mm","UN",5.43]
[]
["16.3.225","C3556","MUTIRÃO MISTO - ADAPTADOR PVC SOLDÁVEL FLANGES LIVRES P/CX. D'ÁGUA 25mm (3/4\")","UN",11.74]
[]
["16.3.226","C3585","MUTIRÃO MISTO - CAIXA SIFONADA 150X150X50cm COM GRELHA","UN",25.93]
["16.3.227","C3588","MUTIRÃO MISTO - JOELHO PVC BRANCO P/ESGOTO D=40mm(1 1/2\")","UN",5.01]
["16.3.228","C3589","MUTIRÃO MISTO - JOELHO PVC BRANCO P/ESGOTO D=50mm(2\")","UN",6.22]
["16.3.229","C3587","MUTIRÃO MISTO - JOELHO PVC BRANCO P/ESGOTO D=100mm(4\")","UN",14.98]
["16.3.230","C3559","MUTIRÃO MISTO - JOELHO PVC SOLDÁVEL AZUL D=25mmX3/4\"","UN",7.5]
["16.3.231","C3557","MUTIRÃO MISTO - JOELHO REDUÇÃO 90 PVC SOLDÁVEL C/ROSCA D=25mmX1/2\"","UN",3.96]
["16.3.232","C3558","MUTIRÃO MISTO - JOELHO REDUÇÃO PVC SOLDÁVEL AZUL D=25mmX1/2\"","UN",6.2]
["16.3.233","C3560","MUTIRÃO MISTO - LUVA PVC  SOLDÁVEL AZUL C/ROSCA MET. D=25mmX3/4\"","UN",5.57]
["16.3.234","C3561","MUTIRÃO MISTO - TE PVC SOLDÁVEL MARROM D=25mm (3/4\")","UN",3.35]
["16.3.235","C3562","MUTIRÃO MISTO - TUBO PVC SOLDÁVEL MARROM D= 25mm (3/4\")","M",3.88]
["16.3.236","C3591","MUTIRÃO MISTO - TUBO PVC BRANCO P/ESGOTO D=40mm(1 1/2\")","M",6.03]
["16.3.237","C3592","MUTIRÃO MISTO - TUBO PVC BRANCO P/ESGOTO D=50mm(2\")","M",8.89]
["16.3.238","C3590","MUTIRÃO MISTO - TUBO PVC BRANCO P/ESGOTO D=100mm(4\")","M",19.28]
["16.3.239","C1827","NIPLE EM PVC C/ ROSCA DE 1 1/4\"","UN",8.94]
["16.3.240","C1828","NIPLE EM PVC C/ ROSCA DE 2 1/2\"","UN",18.04]
["16.3.241","C2093","RALO SECO  PVC RÍGIDO","UN",23.94]
["16.3.242","C2145","REDUÇÃO EXCÊNTRICA PVC BRANCO REFORÇADO  D=75X50mm (3\"X2\")","UN",8.89]
["16.3.243","C2143","REDUÇÃO EXCÊNTRICA PVC BRANCO REFORÇADO  D=100X75mm (4\"X3\")","UN",13.81]
["16.3.244","C2144","REDUÇÃO EXCÊNTRICA PVC BRANCO REFORÇADO  D=150x150mm (6\"x6\")","UN",30.78]
["16.3.245","C2153","REDUÇÃO PVC BRANCO/CINZA P/ESGOTO D=100X75mm (4\"X3\")","UN",17.15]
["16.3.246","C2151","REDUÇÃO PVC BRANCO P/ESGOTO D=75X50mm (3\"X2\")","UN",12.56]
["16.3.247","C2146","REDUÇÃO PVC BRANCO P/ESGOTO D=100X50mm (4\"X2\")","UN",12.84]
["16.3.248","C2149","REDUÇÃO PVC BRANCO P/ESGOTO D=150X100mm (6\"X4\")","UN",30.65]
["16.3.249","C2152","REDUÇÃO PVC BRANCO P/ESGOTO D=75X50mm (3\"X2\")-C/ANÉIS","UN",15.64]
["16.3.250","C2147","REDUÇÃO PVC BRANCO P/ESGOTO D=100X50mm (4\"X2\")-C/ANÉIS","UN",14.96]
["16.3.251","C2148","REDUÇÃO PVC BRANCO P/ESGOTO D=100X75mm (4\"X3\")-C/ANÉIS","UN",19.89]
["16.3.252","C2150","REDUÇÃO PVC BRANCO P/ESGOTO D=150X100mm (6\"X4\")-C/ANÉIS","UN",49.01]
["16.3.253","C2320","TÊ PVC BRANCO C/INSPEÇÃO P/ESGOTO D=150mm(6\")","UN",147.08]
["16.3.254","C2345","TÊ PVC BRANCO C/INSPEÇÃO P/ESGOTO D=75mm (3\")","UN",28.87]
["16.3.255","C2343","TÊ PVC BRANCO C/INSPEÇÃO P/ESGOTO D=100mm (4\")","UN",33.99]
["16.3.256","C2346","TÊ PVC BRANCO C/INSPEÇÃO P/ESGOTO D=75mm (3\")-JUNTAS C/ANEIS","UN",30.51]
["16.3.257","C2344","TÊ PVC BRANCO C/INSPEÇÃO P/ESGOTO D=100mm (4\")-JUNTAS C/ANÉIS","UN",37.84]
["16.3.258","C2350","TÊ PVC BRANCO C/REDUÇÃO P/ESGOTO D=75X50mm (3\"X2\")","UN",18.12]
["16.3.259","C2347","TÊ PVC BRANCO C/REDUÇÃO P/ESGOTO D=100X50mm (4\"X2\")","UN",22.5]
["16.3.260","C2348","TÊ PVC BRANCO C/REDUÇÃO P/ESGOTO D=100X75mm (4\"X3\")","UN",23.61]
["16.3.261","C2349","TÊ PVC BRANCO C/REDUÇÃO P/ESGOTO D=150X100mm (6\"X4\")","UN",54.95]
["16.3.262","C2360","TÊ PVC BRANCO P/ESGOTO D=50mm (2\") - JUNTA C/ANÉIS","UN",19.64]
["16.3.263","C2362","TÊ PVC BRANCO P/ESGOTO D=75mm (3\") - JUNTA C/ANÉIS","UN",28.43]
["16.3.264","C2355","TÊ PVC BRANCO P/ESGOTO D=100mm (4\") - JUNTA C/ANÉIS","UN",40.04]
["16.3.265","C2351","TÊ PVC BRANCO P/ ESGOTO D=150mm (6\") - JUNTA C/ANÉIS","UN",97.31]
["16.3.266","C2358","TÊ PVC BRANCO P/ESGOTO D=40mm (1 1/2\")-JUNTAS SOLD.","UN",9.67]
["16.3.267","C2359","TÊ PVC BRANCO P/ESGOTO D=50MM (2')-JUNTAS SOLD.","UN",13.42]
["16.3.268","C2363","TÊ PVC BRANCO P/ESGOTO D=75mm (3\")-JUNTAS SOLD.","UN",20.87]
["16.3.269","C2356","TÊ PVC BRANCO P/ESGOTO D=100mm (4\")-JUNTAS SOLD.","UN",28.47]
["16.3.270","C2352","TÊ PVC BRANCO P/ ESGOTO D=150mm (6\") - JUNTAS SOLD.","UN",73.1]
["16.3.271","C2361","TÊ PVC BRANCO P/ESGOTO D=75X50mm (3\"X2\")-JUNTAS C/ANÉIS","UN",20.98]
["16.3.272","C2353","TÊ PVC BRANCO P/ESGOTO D=100X50mm (4\"X2\")-JUNTAS C/ANÉIS","UN",27.58]
["16.3.273","C2354","TÊ PVC BRANCO P/ESGOTO D=100X75mm (4\"X3\")-JUNTAS C/ANÉIS","UN",46.4]
["16.3.274","C2357","TÊ PVC BRANCO P/ESGOTO D=150X100mm (6\"X4\")-JUNTAS C/ANÉIS","UN",73.02]
["16.3.275","C2364","TÊ PVC BRANCO ROSC. D=  1/2\" (20mm)","UN",6.48]
["16.3.276","C2371","TÊ PVC BRANCO ROSC. D=3/4' (25mm)","UN",7]
["16.3.277","C2366","TÊ PVC BRANCO ROSC. D= 1\" (32mm)","UN",10.03]
["16.3.278","C2365","TÊ PVC BRANCO ROSC. D= 1 1/2\" (50mm)","UN",20.18]
["16.3.279","C2368","TÊ PVC BRANCO ROSC. D=1 1/4\" (40mm)","UN",17.75]
["16.3.280","C2367","TÊ PVC BRANCO ROSC. D= 2\" (60mm)","UN",28.51]
["16.3.281","C2369","TÊ PVC BRANCO ROSC. D=2 1/2\" (75mm)","UN",47.77]
["16.3.282","C2370","TÊ PVC BRANCO ROSC. D=3\" (85mm)","UN",66.84]
["16.3.283","C2372","TÊ PVC BRANCO ROSC. D=4\" (110mm)","UN",126.55]
["16.3.284","C2373","TÊ PVC CINZA C/INSPEÇÃO P/ESGOTO D=150mm (6\")-JUNTAS C/ANÉIS","UN",177.97]
["16.3.285","C2375","TÊ PVC CINZA C/INSPEÇÃO P/ESGOTO D=150mm (6\")-JUNTAS SOLD.","UN",161.83]
["16.3.286","C2376","TÊ PVC CINZA P/ESGOTO D=150MM (6')-JUNTAS C/ANÉIS","UN",121.38]
["16.3.287","C2377","TÊ PVC CINZA P/ESGOTO D=150MM (6')-JUNTAS SOLD.","UN",97.17]
["16.3.288","C2378","TÊ PVC SOLD./ROSCA AZUL D=20mmX20mmX1/2\"","UN",9.67]
["16.3.289","C2379","TÊ PVC SOLD./ROSCA AZUL D=25mmX25mmX3/4'","UN",10.81]
["16.3.290","C2380","TÊ PVC SOLD. MARROM D= 20mm (1/2\")","UN",4.61]
["16.3.291","C2381","TÊ PVC SOLD. MARROM D= 25mm (3/4\")","UN",4.86]
["16.3.292","C2382","TÊ PVC SOLD. MARROM D= 32mm (1\")","UN",6.41]
["16.3.293","C2383","TÊ PVC SOLD. MARROM D= 40mm (1 1/4\")","UN",13]
["16.3.294","C2384","TÊ PVC SOLD. MARROM D= 50mm (1 1/2\")","UN",14.18]
["16.3.295","C2385","TÊ PVC SOLD. MARROM D= 60mm (2\")","UN",26.77]
["16.3.296","C2386","TÊ PVC SOLD. MARROM D= 75mm (2 1/2\")","UN",49.39]
["16.3.297","C2387","TÊ PVC SOLD. MARROM D= 85mm (3\")","UN",61.76]
["16.3.298","C2388","TÊ PVC SOLD. MARROM D=110mm (4\")","UN",109.09]
["16.3.299","C2389","TE PVC SOLD./ROSCA D=20mmX20mmX1/2\"","UN",5.75]
["16.3.300","C2390","TE PVC SOLD./ROSCA D=25mmX25mmX3/4\"","UN",7]
["16.3.301","C2391","TE PVC SOLD./ROSCA D=32mmX32mmX1\"","UN",7.29]
["16.3.302","C2400","TÊ REDUÇÃO PVC ROSC. D= 3/4X1/2\" (25X20mm)","UN",7.64]
["16.3.303","C2399","TÊ REDUÇÃO PVC ROSC. D= 1\"X3/4\" (32X25mm)","UN",9.98]
["16.3.304","C2398","TÊ REDUÇÃO PVC ROSC. D= 1 1/2\"X3/4\" (50X25mm)","UN",16.82]
["16.3.305","C2393","TÊ REDUÇÃO PVC SOLD./ROSCA AZUL D=32mmX32mmX3/4\"","UN",14.97]
["16.3.306","C2392","TÊ REDUÇÃO PVC SOLD./ROSCA AZUL D=25mmX25mmX1/2\"","UN",10.51]
["16.3.307","C2404","TÊ REDUÇÃO PVC SOLD. MARROM D=25X20mm (3/4\"X1/2\")","UN",7.12]
["16.3.308","C2405","TÊ REDUÇÃO PVC SOLD. MARROM D=32X25mm (1\"X3/4')","UN",8.24]
["16.3.309","C2406","TÊ REDUÇÃO PVC SOLD. MARROM D=40X32mm (1 1/4\"X1\")","UN",12.01]
["16.3.310","C2407","TÊ REDUÇÃO PVC SOLD. MARROM D=50X20mm (1 1/2\"X1/2\")","UN",14.15]
["16.3.311","C2408","TÊ REDUÇÃO PVC SOLD. MARROM D=50X25mm (1 1/2\"X3/4')","UN",14.21]
["16.3.312","C2409","TÊ REDUÇÃO PVC SOLD. MARROM D=50X32mm (1 1/2\"X1\")","UN",15.99]
["16.3.313","C2410","TÊ REDUÇÃO PVC SOLD. MARROM D=50X40mm (1 1/2\"X1 1/4\")","UN",16.32]
["16.3.314","C2411","TÊ REDUÇÃO PVC SOLD. MARROM D=75X50mm (2 1/2\"X1 1/2\")","UN",38.81]
["16.3.315","C2412","TÊ REDUÇÃO PVC SOLD. MARROM D=75X60mm (2 1/2\"X2\")","UN",58.23]
["16.3.316","C2413","TÊ REDUÇÃO PVC SOLD. MARROM D=85X60mm (3\"X2\")","UN",58.72]
["16.3.317","C2414","TÊ REDUÇÃO PVC SOLD. MARROM D=85X75mm (3\"X2 1/2\")","UN",60.94]
["16.3.318","C2401","TÊ REDUÇÃO PVC SOLD. MARROM D=110X60mm (4\"X2\")","UN",83.52]
["16.3.319","C2402","TÊ REDUÇÃO PVC SOLD. MARROM D=110X75mm (4\"X2 1/2\")","UN",93.47]
["16.3.320","C2403","TÊ REDUÇÃO PVC SOLD. MARROM D=110X85mm (4\"X3\")","UN",106.35]
["16.3.321","C2341","TÊ REDUÇÃO PVC SOLD./ROSCA. D=25mmX25mmX1/2\"","UN",6.76]
["16.3.322","C2342","TÊ REDUÇÃO PVC SOLD./ROSCA. D=32mmX32mmX3/4\"","UN",10.82]
["16.3.323","C2595","TUBO PVC BRANCO P/ESGOTO D=40mm (1 1/2\")","M",7.94]
["16.3.324","C2596","TUBO PVC BRANCO P/ESGOTO D=50mm (2\")","M",11.28]
["16.3.325","C2598","TUBO PVC BRANCO P/ESGOTO D=75mm (3\")","M",18.53]
["16.3.326","C2593","TUBO PVC BRANCO P/ESGOTO D=100MM (4')","M",23.42]
["16.3.327","C2597","TUBO PVC BRANCO P/ESGOTO D=50mm (2\") - JUNTA C/ANÉIS","M",11.75]
["16.3.328","C2599","TUBO PVC BRANCO P/ESGOTO D=75mm (3\") - JUNTA C/ANÉIS","M",18.68]
["16.3.329","C2594","TUBO PVC BRANCO P/ESGOTO D=100mm (4\") - JUNTA C/ANÉIS","M",23.67]
["16.3.330","C2600","TUBO PVC BRANCO RÍGIDO ESGOTO D=150mm (6\")","M",36.64]
["16.3.331","C2601","TUBO PVC BRANCO RÍGIDO ESGOTO D=200mm (8\")","M",55.71]
["16.3.332","C2602","TUBO PVC BRANCO RÍGIDO ESGOTO D=250mm (10\")","M",71.5]
["16.3.333","C2603","TUBO PVC BRANCO RÍGIDO ESGOTO D=300mm (12\")","M",88.21]
["16.3.334","C2613","TUBO PVC CINZA RÍGIDO ESGOTO D=150mm (6\") JUNTA C/ANÉIS","M",57.7]
["16.3.335","C2614","TUBO PVC CINZA RÍGIDO ESGOTO D=150mm (6\") JUNTA SOLD.","M",57.24]
["16.3.336","C2607","TUBO PVC ROSC. BRANCO D= 1/2\" (20mm)","M",6]
["16.3.337","C2611","TUBO PVC ROSC. BRANCO D= 3/4\" (25mm)","M",8.15]
["16.3.338","C2606","TUBO PVC ROSC. BRANCO D= 1\" (32mm)","M",14.07]
["16.3.339","C2605","TUBO PVC ROSC. BRANCO D= 1 1/4\" (40mm)","M",21.15]
["16.3.340","C2604","TUBO PVC ROSC. BRANCO D= 1 1/2\" (50mm)","M",27.05]
["16.3.341","C2609","TUBO PVC ROSC. BRANCO D= 2\" (60mm)","M",34.74]
["16.3.342","C2608","TUBO PVC ROSC. BRANCO D= 2 1/2\" (75mm)","M",48.91]
["16.3.343","C2610","TUBO PVC ROSC. BRANCO D= 3\" (85mm)","M",61.15]
["16.3.344","C2612","TUBO PVC ROSC. BRANCO D= 4\"(110mm)","M",73.95]
["16.3.345","C2615","TUBO PVC SOLD. MARROM D= 20mm (1/2\")","M",3.98]
["16.3.346","C2616","TUBO PVC SOLD. MARROM D= 25mm (3/4\")","M",4.84]
["16.3.347","C2617","TUBO PVC SOLD. MARROM D= 32mm (1\")","M",8.46]
["16.3.348","C2618","TUBO PVC SOLD. MARROM D= 40mm (1 1/4\")","M",11.76]
["16.3.349","C2619","TUBO PVC SOLD. MARROM D= 50mm (1 1/2\")","M",13.88]
["16.3.350","C2620","TUBO PVC SOLD. MARROM D= 60mm (2\")","M",21.23]
["16.3.351","C2621","TUBO PVC SOLD. MARROM D= 75mm (2 1/2\")","M",32.15]
["16.3.352","C2622","TUBO PVC SOLD. MARROM D= 85mm (3\")","M",39.98]
["16.3.353","C2623","TUBO PVC SOLD. MARROM D=110mm (4\")","M",60.37]
["16.3.354","C2624","TUBO PVC SOLD. MARROM INCL.CONEXÕES D= 20mm (1/2\")","M",10.25]
["16.3.355","C2625","TUBO PVC SOLD. MARROM INCL.CONEXÕES D= 25mm(3/4\")","M",11.65]
["16.3.356","C2626","TUBO PVC SOLD. MARROM INCL.CONEXÕES D= 32mm(1\")","M",17.46]
["16.3.357","C2627","TUBO PVC SOLD. MARROM INCL.CONEXÕES D= 40mm (1 1/4\")","M",21.33]
["16.3.358","C2628","TUBO PVC SOLD. MARROM INCL.CONEXÕES D= 50mm (1 1/2\")","M",24.31]
["16.3.359","C2629","TUBO PVC SOLD. MARROM INCL.CONEXÕES D= 60mm (2\")","M",34.82]
["16.3.360","C2631","TUBO PVC SOLD. MARROM INCL.CONEXÕES D=75mm (2 1/2\")","M",50.87]
["16.3.361","C2632","TUBO PVC SOLD. MARROM INCL.CONEXÕES D=85MM(3')","M",58.72]
["16.3.362","C2630","TUBO PVC SOLD. MARROM INCL.CONEXÕES D=110mm(4')","M",85.88]
["16.3.363","C2633","TUBO RADIAL LEVE C/INSPEÇÃO PVC D=150mm (6\")","UN",443.31]
["16.3.364","C2648","UNIÃO PVC BRANCO ROSC. D=1/2\" (20mm)","UN",6.69]
["16.3.365","C2652","UNIÃO PVC BRANCO ROSC. D=3/4\" (25mm)","UN",7.86]
["16.3.366","C2647","UNIÃO PVC BRANCO ROSC. D=1\" (32mm)","UN",14.02]
["16.3.367","C2646","UNIÃO PVC BRANCO ROSC. D=1 1/4\" (40mm)","UN",23.36]
["16.3.368","C2645","UNIÃO PVC BRANCO ROSC. D=1 1/2\" (50mm)","UN",23.85]
["16.3.369","C2650","UNIÃO PVC BRANCO ROSC. D=2\" (60mm)","UN",43.41]
["16.3.370","C2651","UNIÃO PVC BRANCO ROSC. D=3\" (85mm)","UN",105.96]
["16.3.371","C2649","UNIÃO PVC BRANCO ROSC. D=2 1/2\" (75mm)","UN",88.53]
["16.3.372","C2653","UNIÃO PVC BRANCO ROSC. D=4\" (110mm)","UN",182.7]
["16.3.373","C2654","UNIÃO PVC SOLD. MARROM D= 20mm (1/2\")","UN",5.89]
["16.3.374","C2655","UNIÃO PVC SOLD. MARROM D= 25mm (3/4\")","UN",7.22]
["16.3.375","C2656","UNIÃO PVC SOLD. MARROM D= 32mm (1\")","UN",11.53]
["16.3.376","C2657","UNIÃO PVC SOLD. MARROM D= 40mm (1 1/4\")","UN",20.55]
["16.3.377","C2658","UNIÃO PVC SOLD. MARROM D= 50mm (1 1/2\")","UN",21.39]
["16.3.378","C2659","UNIÃO PVC SOLD. MARROM D= 60mm (2\")","UN",49.31]
["16.3.379","C2660","UNIÃO PVC SOLD. MARROM D= 75mm (2 1/2\")","UN",128.18]
["16.3.380","C2661","UNIÃO PVC SOLD. MARROM D= 85mm (3\")","UN",137.95]
["16.3.381","C2662","UNIÃO PVC SOLD. MARROM D=110mm (4\")","UN",286.38]
["16.4","TUBOS E CONEXÕES DE PRFV",null,null,146.74]
["16.4.1","C4188","ASSENTAMENTO DE TUBO, PEÇAS E CONEXÕES EM PRFV, JE DN 300mm","M",7.59]
["16.4.2","C4189","ASSENTAMENTO DE TUBO, PEÇAS E CONEXÕES EM PRFV, JE DN 350mm","M",7.96]
["16.4.3","C4190","ASSENTAMENTO DE TUBO, PEÇAS E CONEXÕES EM PRFV, JE DN 400mm","M",9.24]
["16.4.4","C4191","ASSENTAMENTO DE TUBO, PEÇAS E CONEXÕES EM PRFV, JE DN 450mm","M",9.75]
["16.4.5","C4192","ASSENTAMENTO DE TUBO, PEÇAS E CONEXÕES EM PRFV, JE DN 500mm","M",10.27]
["16.4.6","C4193","ASSENTAMENTO DE TUBO, PEÇAS E CONEXÕES EM PRFV, JE DN 600mm","M",11.5]
["16.4.7","C4194","ASSENTAMENTO DE TUBO, PEÇAS E CONEXÕES EM PRFV, JE DN 700mm","M",12.99]
["16.4.8","C4195","ASSENTAMENTO DE TUBO, PEÇAS E CONEXÕES EM PRFV, JE DN 800mm","M",15.8]
["16.4.9","C4196","ASSENTAMENTO DE TUBO, PEÇAS E CONEXÕES EM PRFV, JE DN 900mm","M",17.77]
["16.4.10","C4197","ASSENTAMENTO DE TUBO, PEÇAS E CONEXÕES EM PRFV, JE DN 1000mm","M",20.07]
["16.4.11","C4198","ASSENTAMENTO DE TUBO, PEÇAS E CONEXÕES EM PRFV, JE DN 1200mm","M",23.8]
["16.5","TUBOS E CONEXÕES DE CERÂMICA",null,null,147.35]
["16.5.1","C0235","ASSENTAMENTO DE TUBOS E CONEXÕES CERÂMICOS, J.ARG. D= 100mm","M",3.06]
["16.5.2","C0239","ASSENTAMENTO DE TUBOS E CONEXÕES CERÂMICOS, J.ARG. D=150mm","M",3.95]
["16.5.3","C0236","ASSENTAMENTO DE TUBOS E CONEXÕES CERÂMICOS, J.ARG. D= 200mm","M",4.83]
["16.5.4","C0237","ASSENTAMENTO DE TUBOS E CONEXÕES CERÂMICOS, J.ARG. D= 250mm","M",6.58]
["16.5.5","C0238","ASSENTAMENTO DE TUBOS E CONEXÕES CERÂMICOS, J.ARG. D= 300mm","M",8.13]
["16.5.6","C0240","ASSENTAMENTO DE TUBOS E CONEXÕES CERÂMICOS, J.ASF. D= 100mm","M",8.42]
["16.5.7","C0241","ASSENTAMENTO DE TUBOS E CONEXÕES CERÂMICOS, J.ASF. D= 150mm","M",9.57]
["16.5.8","C0242","ASSENTAMENTO DE TUBOS E CONEXÕES CERÂMICOS, J.ASF. D= 200mm","M",11.41]
["16.5.9","C0243","ASSENTAMENTO DE TUBOS E CONEXÕES CERÂMICOS, J.ASF. D= 250mm","M",15.54]
["16.5.10","C0244","ASSENTAMENTO DE TUBOS E CONEXÕES CERÂMICOS, J.ASF. D= 300mm","M",19.63]
["16.5.11","C0245","ASSENTAMENTO DE TUBOS E CONEXÕES CERÂMICOS, J.ASF. D= 350mm","M",25.16]
["16.5.12","C0246","ASSENTAMENTO DE TUBOS E CONEXÕES CERÂMICOS, J.ASF. D= 400mm","M",31.07]
["16.6","TUBOS E CONEXÕES DE CONCRETO",null,null,1521.61]
["16.6.1","C0305","ASSENTAMENTO DE TUBOS EM CONCRETO,JUNTA ARGAMASSADA, D=150mm","M",10.59]
["16.6.2","C0306","ASSENTAMENTO DE TUBOS EM CONCRETO,JUNTA ARGAMASSADA, D=200mm","M",14.09]
["16.6.3","C0298","ASSENTAMENTO DE TUBOS EM CONCRETO, JE D= 300mm","M",19.16]
["16.6.4","C0299","ASSENTAMENTO DE TUBOS EM CONCRETO, JE D= 400mm","M",29.8]
["16.6.5","C0300","ASSENTAMENTO DE TUBOS EM CONCRETO, JE D=500mm","M",41.28]
["16.6.6","C0301","ASSENTAMENTO DE TUBOS EM CONCRETO, JE D=600mm","M",52.06]
["16.6.7","C0302","ASSENTAMENTO DE TUBOS EM CONCRETO, JE D= 700mm","M",65.44]
["16.6.8","C0303","ASSENTAMENTO DE TUBOS EM CONCRETO, JE D= 800mm","M",77.25]
["16.6.9","C0304","ASSENTAMENTO DE TUBOS EM CONCRETO, JE D= 900mm","M",95.98]
["16.6.10","C0293","ASSENTAMENTO DE TUBOS EM CONCRETO, JE D= 1000mm","M",124.65]
["16.6.11","C0294","ASSENTAMENTO DE TUBOS EM CONCRETO, JE D= 1200mm","M",167.11]
["16.6.12","C0295","ASSENTAMENTO DE TUBOS EM CONCRETO, JE D=1500mm","M",211.53]
["16.6.13","C0296","ASSENTAMENTO DE TUBOS EM CONCRETO, JE D= 1750mm","M",269.48]
["16.6.14","C0297","ASSENTAMENTO DE TUBOS EM CONCRETO, JE D=2000mm","M",343.19]
["16.7","TUBOS E CONEXÕES DE COBRE",null,null,5816.54]
["16.7.1","C1007","CURVA COBRE OU BRONZE D= 15mm (1/2\")","UN",9.07]
["16.7.2","C1008","CURVA COBRE OU BRONZE D= 22mm (3/4\")","UN",14.79]
["16.7.3","C1009","CURVA COBRE OU BRONZE D= 28mm (1\")","UN",19.12]
["16.7.4","C1010","CURVA COBRE OU BRONZE D= 35mm (1 1/4\")","UN",25.99]
["16.7.5","C1011","CURVA COBRE OU BRONZE D= 42mm (1 1/2\")","UN",42.52]
["16.7.6","C1012","CURVA COBRE OU BRONZE D= 54mm (2\")","UN",63.28]
["16.7.7","C1013","CURVA COBRE OU BRONZE D= 66mm (2 1/2\")","UN",179.1]
["16.7.8","C1014","CURVA COBRE OU BRONZE D= 79mm (3\")","UN",213.59]
["16.7.9","C1015","CURVA COBRE OU BRONZE D=104mm (4\")","UN",478.58]
["16.7.10","C2332","TÊ COBRE OU BRONZE D= 15mm (1/2\")","UN",7.38]
["16.7.11","C2333","TÊ COBRE OU BRONZE D= 22mm (3/4\")","UN",10.56]
["16.7.12","C2334","TÊ COBRE OU BRONZE D= 28mm (1\")","UN",15.83]
["16.7.13","C2335","TÊ COBRE OU BRONZE D= 35mm (1 1/4\")","UN",34.85]
["16.7.14","C2336","TÊ COBRE OU BRONZE D= 42mm (1 1/2\")","UN",51.79]
["16.7.15","C2337","TÊ COBRE OU BRONZE D= 54mm (2\")","UN",101.08]
["16.7.16","C2338","TÊ COBRE OU BRONZE D= 66mm (2 1/2\")","UN",232.18]
["16.7.17","C2339","TÊ COBRE OU BRONZE D= 79mm (3\")","UN",358.34]
["16.7.18","C2340","TÊ COBRE OU BRONZE D=104mm (4\")","UN",774.57]
["16.7.19","C2565","TUBO COBRE D= 15mm(1/2\")","M",27.76]
["16.7.20","C2566","TUBO COBRE D= 22mm (3/4\")","M",43.24]
["16.7.21","C2567","TUBO COBRE D= 28mm (1\")","M",53.8]
["16.7.22","C2568","TUBO COBRE D= 35mm (1 1/4\")","M",81.39]
["16.7.23","C2569","TUBO COBRE D= 42mm (1 1/2\")","M",96.86]
["16.7.24","C2570","TUBO COBRE D= 54mm (2\")","M",136.58]
["16.7.25","C2571","TUBO COBRE D= 66mm (2 1/2\")","M",184.92]
["16.7.26","C2572","TUBO COBRE D= 79mm (3\")","M",267.85]
["16.7.27","C2573","TUBO COBRE D=104mm (4\")","M",384.84]
["16.7.28","C2574","TUBO COBRE INCLUSIVE CONEXÕES D= 15mm (1/2\")","M",52.46]
["16.7.29","C2575","TUBO COBRE INCLUSIVE CONEXÕES D= 22mm (3/4\")","M",75.35]
["16.7.30","C2576","TUBO COBRE INCLUSIVE CONEXÕES D= 28mm (1\")","M",89.82]
["16.7.31","C2577","TUBO COBRE INCLUSIVE CONEXÕES D= 35mm (1 1/4\")","M",132.6]
["16.7.32","C2578","TUBO COBRE INCLUSIVE CONEXÕES D= 42mm (1 1/2\")","M",148.28]
["16.7.33","C2579","TUBO COBRE INCLUSIVE CONEXÕES D= 54mm (2\")","M",208.15]
["16.7.34","C2580","TUBO COBRE INCLUSIVE CONEXÕES D= 66mm (2 1/2\")","M",280.79]
["16.7.35","C2581","TUBO COBRE INCLUSIVE CONEXÕES D= 79mm (3\")","M",378.15]
["16.7.36","C2582","TUBO COBRE INCLUSIVE CONEXÕES D=104mm (4\")","M",541.08]
["16.8","REGISTROS E VÁLVULAS",null,null,11752.88]
["16.8.1","C3599","MUTIRÃO MISTO - REGISTRO DE GAVETA BRUTO D=20mm (3/4\")","UN",30.82]
["16.8.2","C3600","MUTIRÃO MISTO - REGISTRO DE PRESSÃO D=20mm (3/4\")","UN",16.4]
["16.8.3","C2156","REGISTRO DE GAVETA BRUTO D= 15mm (1/2\")","UN",33.91]
["16.8.4","C2157","REGISTRO DE GAVETA BRUTO D= 20mm (3/4\")","UN",35.12]
["16.8.5","C2158","REGISTRO DE GAVETA BRUTO D= 25mm (1\")","UN",45.32]
["16.8.6","C2159","REGISTRO DE GAVETA BRUTO D= 32mm (1 1/4\")","UN",65.73]
["16.8.7","C2160","REGISTRO DE GAVETA BRUTO D= 40mm (1 1/2\")","UN",75.28]
["16.8.8","C2161","REGISTRO DE GAVETA BRUTO D= 50mm (2\")","UN",103.74]
["16.8.9","C2162","REGISTRO DE GAVETA BRUTO D= 65mm (2 1/2\")","UN",254.56]
["16.8.10","C2163","REGISTRO DE GAVETA BRUTO D= 80mm (3\")","UN",373.67]
["16.8.11","C2164","REGISTRO DE GAVETA BRUTO D=100mm (4\")","UN",565.12]
["16.8.12","C2165","REGISTRO DE GAVETA C/CANOPLA CROMADA D= 15mm (1/2\")","UN",62.81]
["16.8.13","C2166","REGISTRO DE GAVETA C/CANOPLA CROMADA D= 20mm (3/4\")","UN",72.45]
["16.8.14","C2167","REGISTRO DE GAVETA C/CANOPLA CROMADA D= 25mm (1\")","UN",75.45]
["16.8.15","C2168","REGISTRO DE GAVETA C/CANOPLA CROMADA D= 32mm (1 1/4\")","UN",117.62]
["16.8.16","C2169","REGISTRO DE GAVETA C/CANOPLA CROMADA D= 40mm (1 1/2\")","UN",126.57]
["16.8.17","C2171","REGISTRO DE PRESSÃO C/CANOPLA CROMADA D= 15mm (1/2\")","UN",48.59]
["16.8.18","C2172","REGISTRO DE PRESSÃO C/CANOPLA CROMADA D= 20mm (3/4\")","UN",54.69]
["16.8.19","C2170","REGISTRO DE PRESSAO C/CANOPLA CROMADA D=25MM (1\")","UN",65.2]
["16.8.20","C3601","REGISTRO DE PRESSÃO D=20mm (3/4\") - PADRÃO POPULAR","UN",21.25]
["16.8.21","C2173","REGISTRO DE RECALQUE NO PASSEIO D= 65mm (2 1/2\")","UN",438.43]
["16.8.22","C2177","REGISTRO GLOBO /FECHO RÁPIDO DE 3/4\"","UN",48.63]
["16.8.23","C2176","REGISTRO GLOBO /FECHO RÁPIDO DE 1\"","UN",48.63]
["16.8.24","C2175","REGISTRO GLOBO /FECHO RÁPIDO DE 1 1/4\"","UN",62.43]
["16.8.25","C2178","REGISTRO GLOBO/FECHO RÁPIDO DE 1 1/2\"","UN",90.64]
["16.8.26","C2174","REGISTRO GLOBO / FECHO RÁPIDO DE 2\"","UN",100.13]
["16.8.27","C4403","REGISTRO GLOBO / FECHO RÁPIDO DE 2 1/2\"","UN",132.26]
["16.8.28","C3695","REGISTRO GLOBO EM BRONZE ROSC. DE 3/4\"","UN",75.77]
["16.8.29","C3714","REGISTRO GLOBO EM BRONZE ROSC. DE 1\"","UN",107.27]
["16.8.30","C2684","VÁLVULA DE DESCARGA CROMADA C/CANOPLA LISA DE 32 OU 40mm","UN",124.28]
["16.8.31","C2685","VÁLVULA DE DESCARGA CROMADA C/REGISTRO ACOPLADO DE 32 OU 40mm","UN",214.48]
["16.8.32","C2686","VÁLVULA DE DESCARGA PVC RÍGIDO S/REGISTRO .ACOPLADO. D=50mm (1 1/2\")","UN",111.56]
["16.8.33","C2687","VÁLVULA DE FLUXO EM AÇO GALVANIZADO DE  (2 1/2\")","UN",581.89]
["16.8.34","C2688","VÁLVULA DE RETENÇÃO DE PÉ C/CRIVO D= 15mm (1/2\")","UN",29.3]
["16.8.35","C2689","VÁLVULA DE RETENÇÃO DE PÉ C/CRIVO D= 20mm (3/4\")","UN",29.4]
["16.8.36","C2690","VÁLVULA DE RETENÇÃO DE PÉ C/CRIVO D= 25mm (1\")","UN",43.93]
["16.8.37","C2691","VÁLVULA DE RETENÇÃO DE PÉ C/CRIVO D= 32mm (1 1/4\")","UN",54.73]
["16.8.38","C2692","VÁLVULA DE RETENÇÃO DE PÉ C/CRIVO D= 40mm (1 1/2\")","UN",71.59]
["16.8.39","C2693","VÁLVULA DE RETENÇÃO DE PÉ C/CRIVO D= 50mm (2\")","UN",97.19]
["16.8.40","C2694","VÁLVULA DE RETENÇÃO DE PÉ C/CRIVO D= 65mm (2 1/2\")","UN",177.92]
["16.8.41","C2695","VÁLVULA DE RETENÇÃO DE PÉ C/CRIVO D= 80mm (3\")","UN",219.06]
["16.8.42","C2696","VÁLVULA DE RETENÇÃO DE PÉ C/CRIVO D=100mm (4\")","UN",225.69]
["16.8.43","C2707","VÁLVULA DE RETENÇÃO HORIZONTAL D= 15mm (1/2\")","UN",58.69]
["16.8.44","C2708","VÁLVULA DE RETENÇÃO HORIZONTAL D= 20mm (3/4\")","UN",61.52]
["16.8.45","C2709","VÁLVULA DE RETENÇÃO HORIZONTAL D= 25mm (1\")","UN",72.72]
["16.8.46","C2710","VÁLVULA DE RETENÇÃO HORIZONTAL D= 32mm (1 1/4\")","UN",99.73]
["16.8.47","C2711","VÁLVULA DE RETENÇÃO HORIZONTAL D= 40mm (1 1/2\")","UN",112.87]
["16.8.48","C2712","VÁLVULA DE RETENÇÃO HORIZONTAL D= 50mm (2\")","UN",155.62]
["16.8.49","C2713","VÁLVULA DE RETENÇÃO HORIZONTAL D= 65mm (2 1/2\")","UN",213.22]
["16.8.50","C2714","VÁLVULA DE RETENÇÃO HORIZONTAL D= 80mm (3\")","UN",264.24]
["16.8.51","C2706","VÁLVULA DE RETENÇÃO HORIZONTAL D= 100mm (4\")","UN",499.21]
["16.8.52","C2697","VÁLVULA DE RETENÇÃO HORIZ.OU VERT. D= 15mm (1/2\")","UN",58.69]
["16.8.53","C2698","VÁLVULA DE RETENÇÃO HORIZ.OU VERT. D= 20mm (3/4\")","UN",61.52]
["16.8.54","C2699","VÁLVULA DE RETENÇÃO HORIZ.OU VERT. D= 25mm (1\")","UN",72.72]
["16.8.55","C2700","VÁLVULA DE RETENÇÃO HORIZ.OU VERT. D= 32mm (1 1/4\")","UN",99.73]
["16.8.56","C2701","VÁLVULA DE RETENÇÃO HORIZ.OU VERT. D= 40mm (1 1/2\")","UN",112.87]
["16.8.57","C2702","VÁLVULA DE RETENÇÃO HORIZ.OU VERT. D= 50mm (2\")","UN",155.62]
["16.8.58","C2703","VÁLVULA DE RETENÇÃO HORIZ.OU VERT. D= 65mm (2 1/2\")","UN",213.22]
["16.8.59","C2704","VÁLVULA DE RETENÇÃO HORIZ.OU VERT. D= 80mm (3\")","UN",264.24]
["16.8.60","C2705","VÁLVULA DE RETENÇÃO HORIZ.OU VERT. D=100mm (4\")","UN",499.21]
["16.8.61","C4005","VÁLVULA ELETRÔNICA CROMADA P/ MICTÓRIO","UN",223.45]
["16.8.62","C3715","VÁLVULA MOTORIZADA DE 2 VIAS ROSC. DE 3/4\"","UN",1549.14]
["16.8.63","C3716","VÁLVULA MOTORIZADA DE 2 VIAS ROSC. DE 1\"","UN",1575.16]
["16.9","LOUÇAS, METAIS E ACESSÓRIOS",null,null,28784.16]
["16.9.1","C0091","APARELHO MISTURADOR P/PIA TIPO MESA","UN",395.99]
["16.9.2","C0092","APARELHO MISTURADOR P/PIA TIPO PAREDE","UN",363.5]
["16.9.3","C0225","ARMÁRIO DE EMBUTIR C/ESPELHO (45x60)cm","UN",100.5]
["16.9.4","C0348","BACIA DE LOUÇA BRANCA C/CAIXA ACOPLADA","UN",269.96]
["16.9.5","C0349","BACIA DE LOUÇA BRANCA C/CAIXA ACOPLADA, ENTRADA HORIZONTAL","UN",287.14]
["16.9.6","C3247","BACIA DE LOUÇA BRANCA P/ CRIANÇA","UN",195.84]
["16.9.7","C0350","BACIA SIFONADA DE LOUÇA BRANCA C/ACESSÓRIOS E TUBO DE LIGAÇÃO","UN",143.84]
["16.9.8","C0351","BACIA TURCA DE LOUÇA BRANCA","UN",208.56]
["16.9.9","C0355","BANCADA DE GRANITO C/ 2  CUBAS LOUÇAS, S/ACESSÓRIOS (1.60x0.60)m","UN",572.7]
["16.9.10","C0356","BANCADA DE GRANITO C/ 3 CUBAS DE LOUÇAS, S/ACESSÓRIOS (2.00x0.60)m","UN",748.47]
["16.9.11","C0357","BANCADA DE GRANITO (OUTRAS CORES) E= 3cm (COLOCADO)","M2",372.13]
["16.9.12","C4068","BANCADA DE GRANITO CINZA E=2cm","M2",249.73]
["16.9.13","C4069","BANCADA DE GRANITO (OUTRAS CORES) ESP. = 2cm (COLOCADO)","M2",275.83]
["16.9.14","C0358","BANCADA DE GRANITO PRETO C/BOLEAMENTO DUPLO (COLOCADO)","M2",418.87]
["16.9.15","C0359","BANCADA DE MÁRMORE  LARG.= 0.60m  ESP.= 3cm","M",134.05]
["16.9.16","C3996","BANCADA EM GRANITO P/ LAVATÓRIO, INCL. LOUÇA BRANCA E ACESSÓRIOS","CJ",613.51]
["16.9.17","C3997","BANCADA EM GRANITO P/ PIA DE COZINHA, INCL. CUBA DE AÇO INOX  E ACESSÓRIOS","CJ",656.79]
["16.9.18","C3670","BANHEIRA HOSPITALAR C/ TAMPO E CUBA DE AÇO INOX DIMENSÃO 1800X600MM","UN",1598.26]
["16.9.19","C0386","BEBEDOURO EM AÇO INOX COM 1,60m","UN",1866.52]
["16.9.20","C0515","CABIDE DE LOUÇA BRANCA C/DOIS GANCHOS","UN",24.66]
["16.9.21","C0516","CABIDE DE LOUÇA BRANCA C/ UM GANCHO","UN",24.83]
["16.9.22","C0599","CAIXA DE DESCARGA DE EMBUTIR C/REGISTRO INCORPORADO","UN",227.92]
["16.9.23","C0600","CAIXA DE DESCARGA PLÁSTICA DE SOBREPOR","UN",79.85]
["16.9.24","C3513","CHUVEIRO CROMADO C/ ARTICULAÇÃO","UN",50.3]
["16.9.25","C0797","CHUVEIRO PLÁSTICO (INSTALADO)","UN",8.77]
["16.9.26","C3671","CONE PARA EXPURGO EM AÇO INOX","UN",1362.28]
["16.9.27","C0985","CUBA DE INOX PARA BANCADA,COMPLETA","UN",182.01]
["16.9.28","C0986","CUBA DE LOUÇA DE EMBUTIR C/ TORNEIRA E ACESSÓRIOS","UN",185.21]
["16.9.29","C1151","DUCHA P/ WC CROMADO (INSTALADO)","UN",51.43]
["16.9.30","C1241","ENGATE CROMADO (INSTALADO)","UN",18.92]
["16.9.31","C1242","ENGATE PLÁSTICO (INSTALADO)","UN",5.96]
["16.9.32","C1283","ESPELHO TIPO CRISMETAL,MOD.P/WC (INSTALADO)","UN",59.3]
["16.9.33","C3669","LAVA OLHOS DE EMERGÊNCIA C/ CUBA FLEXÍVEL E CHUVEIRO P/ LABORATÓRIO","UN",4153.6]
["16.9.34","C3003","LAVATÓRIO C/TAMPÃO DE MÁRMORE C/ 1 CUBA DE LOUÇA","UN",166.17]
["16.9.35","C1618","LAVATÓRIO DE LOUÇA BRANCA C/COLUNA, C/ TORNEIRA E ACESSÓRIOS","UN",255.33]
["16.9.36","C1619","LAVATÓRIO DE LOUÇA BRANCA S/COLUNA C/TORNEIRA E ACESSÓRIOS","UN",194.42]
["16.9.37","C3004","LAVATÓRIO DE LOUÇA BRANCA S/COLUNA C/TORNEIRA DE METAL E ACESSÓRIOS - PADRÃO POPULAR","UN",140.34]
[]
["16.9.38","C3598","LAVATÓRIO DE LOUÇA BRANCA S/COLUNA C/TORNEIRA PLÁSTICA E ACESSÓRIOS - PADRÃO POPULAR","UN",105.22]
[]
["16.9.39","C1793","MICTÓRIO COLETIVO DE AÇO INOXIDÁVEL","M",607.71]
["16.9.40","C1792","MICTORIO DE LOUÇA BRANCA","UN",222.64]
["16.9.41","C3593","MUTIRÃO MISTO - BACIA SIFONADA DE LOUÇA BRANCA C/ACESSÓRIOS","UN",129.59]
["16.9.42","C3596","MUTIRÃO MISTO - CAIXA DE DESCARGA PLASTICA DE SOBREPOR","UN",59.16]
["16.9.43","C3597","MUTIRÃO MISTO - LAVATÓRIO DE LOUÇA BRANCA S/COLUNA C/TORNEIRA PLÁSTICA E ACESSÓRIOS","UN",83.33]
[]
["16.9.44","C3602","MUTIRÃO MISTO - PIA DE COZINHA EM CIMENTO (1,20x0,50)m","UN",60.36]
["16.9.45","C3594","MUTIRÃO MISTO - TANQUE DE LAVAR DE CIMENTO (1.00X0.50)m COMPLETA","UN",60.33]
["16.9.46","C1898","PEÇAS DE APOIO DEFICIENTES C/TUBO INOX  P/WC'S","M",212.91]
["16.9.47","C3017","PIA DE AÇO INOX  (1.20x0.60)m C/ 1 CUBA E ACESSÓRIOS","UN",423.84]
["16.9.48","C1903","PIA DE AÇO INOX. (1.50X0.58)m C/ 1 CUBA E ACESSÓRIOS","UN",483.86]
["16.9.49","C3018","PIA DE AÇO INOX  (2.20x0.60)m C/ 1 CUBA E ACESSÓRIOS","UN",1065.15]
["16.9.50","C3019","PIA DE AÇO INOX (3.00x0.60)m  C/ 1 CUBA  E  ACESSÓRIOS","UN",1064.08]
["16.9.51","C1902","PIA DE AÇO INOX  (2.00X0.58)m  C/ 2 CUBAS E ACESSÓRIOS","UN",865.11]
["16.9.52","C3020","PIA DE AÇO INOX (4.20X0.60)m C/ 2 CUBAS E ACESSÓRIOS","UN",1947.22]
["16.9.53","C3603","PIA DE COZINHA EM CIMENTO (1,20x0,50)m - PADRÃO POPULAR","UN",71.23]
["16.9.54","C3021","PIA DE COZINHA EM MARMORITE 1,00x0,50m COMP. - PADRÃO POPULAR","UN",139.89]
["16.9.55","C1997","PORTA-PAPEL DE LOUCA BRANCA (15X15)cm","UN",32.6]
["16.9.56","C4670","PORTA PAPEL METÁLICO","UN",22.37]
["16.9.57","C1990","PORTA SABÃO LÍQUIDO DE VIDRO (INSTALAD0)","UN",18.75]
["16.9.58","C1995","PORTA TOALHA DE LOUÇA BRANCA","UN",37]
["16.9.59","C1996","PORTA TOALHA DE PAPEL - METALICO (INSTALADO)","UN",24.34]
["16.9.60","C2255","SABONETEIRA DE LOUÇA BRANCA  (7.5X15)cm","UN",28.96]
["16.9.61","C2254","SABONETEIRA DE LOUÇA BRANCA  (15X15)cm S/ALÇA","UN",29.48]
["16.9.62","C4671","SABONETEIRA METÁLICA","UN",22.37]
["16.9.63","C2271","SIFÃO CROMADO 1\" X 1 1/2\" (INSTALADO)","UN",68.66]
["16.9.64","C2270","SIFÃO CROMADO 1 1/4\" X 2\" (INSTALADO)","UN",64.37]
["16.9.65","C2272","SIFÃO DE PVC RÍGIDO D= 2\"  (INSTALADO)","UN",14.56]
["16.9.66","C2294","SUPORTE DE MÁRMORE P/FILTROS","UN",47.01]
["16.9.67","C2302","TAMPO DE AÇO INOX P/ BANCADAS","M2",355.22]
["16.9.68","C2311","TANQUE DE AÇO INOXIDÁVEL","UN",542.23]
["16.9.69","C3059","TANQUE DE LAVAR DE CIMENTO (1.00x0.50)m COMPLETA C/ TORNEIRA DE METAL - PADRÃO POPULAR","UN",101.83]
[]
["16.9.70","C3595","TANQUE DE LAVAR DE CIMENTO (1.00X0.50)m COMPLETA C/ TORNEIRA DE PLÁSTICO - PADRÃO POPULAR","UN",75.11]
[]
["16.9.71","C2312","TANQUE DE LOUÇA C/COLUNA","UN",312.19]
["16.9.72","C3682","TANQUE LAVANDERIA EM AÇO INOX C/CUBA E ESFREGADOR DIMENSÃO 1200X600X200MM","UN",907.13]
[]
["16.9.73","C2313","TANQUE PRÉ-MOLDADO DE CONCRETO (0.80X0.70)m","UN",115.21]
["16.9.74","C2496","TORNEIRA CIRÚRGICA (INSTALADO)","UN",53.71]
["16.9.75","C2502","TORNEIRA DE FECHAMENTO AUTOMÁTICO","UN",533.76]
["16.9.76","C2503","TORNEIRA DE PAREDE C/ FOTO SENSOR ","UN",569.18]
["16.9.77","C2504","TORNEIRA DE PRESSÃO CROMADA LONGA P/PIA","UN",49.82]
["16.9.78","C2505","TORNEIRA DE PRESSÃO CROMADA USO GERAL","UN",38.38]
["16.9.79","C2506","TORNEIRA DE PRESSÃO P/JARDIM DE 3/4\"","UN",22.67]
["16.9.80","C3998","TORNEIRA ELETRÔNICA C/ ANTI-VANDALISMO, P/ LAVATÓRIO DE BANCADA","UN",162.82]
["16.9.81","C3999","TORNEIRA ELETRÔNICA C/ ANTI-VANDALISMO, P/ PIA DE COZINHA","UN",242.22]
["16.9.82","C4000","TORNEIRA TIPO JARDIM CROMADA","UN",27.14]
["16.10","EQUIPAMENTOS",null,null,87966.74]
["16.10.1","C0001","ABRIGO P/ HIDRANTE C/MANGUEIRA E ESGUICHO DE LATÃO","UN",793.04]
["16.10.2","C0010","ACIONADOR MANUAL, TIPO \"QUEBRA VIDRO\", MOD.EUROTRON/SIMILAR","UN",42.6]
["16.10.3","C0100","AQUECEDOR À GÁS EM CAIXA DE FERRO ESMALTADO","UN",3023.4]
["16.10.4","C0332","AUTOMÁTICO DE BOIA","UN",53.55]
["16.10.5","C0385","BATERIA SELADA 12V/7.5AH, P/LUMINÁRIAS AUTÔNOMAS","UN",170.57]
["16.10.6","C0389","BLOCO LUMINOSO AUTÔNOMO, INDICADOR DE SETA, MOD. UNITRON/SIMILAR","UN",223.07]
["16.10.7","C1802","BOMBA CENTRÍFUGA DE 1/4 CV, INCLUSIVE MAT.DE SUCÇÃO","UN",422.04]
["16.10.8","C0442","BOMBA CENTRÍFUGA DE 1/3 CV, INCLUSIVE MAT.DE SUCÇÃO","UN",392.32]
["16.10.9","C0441","BOMBA CENTRÍFUGA DE 1/2 CV, INCLUSIVE MAT.DE SUCCÃO","UN",452.32]
["16.10.10","C0443","BOMBA CENTRÍFUGA DE 1 CV, INCLUSIVE MAT.DE SUCÇÃO","UN",707.13]
["16.10.11","C0444","BOMBA CENTRÍFUGA DE 1 1/2 CV, INCLUSIVE MAT.DE SUCÇÃO","UN",847.13]
["16.10.12","C0445","BOMBA CENTRÍFUGA DE 2 CV, INCLUSIVE MAT.DE SUCÇÃO","UN",894.34]
["16.10.13","C0446","BOMBA CENTRÍFUGA DE 3 CV, INCLUSIVE MAT.DE SUCÇÃO","UN",975.05]
["16.10.14","C0447","BOMBA CENTRÍFUGA DE 5 CV, INCLUSIVE MAT.DE SUCÇÃO","UN",1639.34]
["16.10.15","C0448","BOMBA CENTRÍFUGA P/ PRESSURIZAÇÃO/HIDRANTE 10 CV","UN",2136.55]
["16.10.16","C0449","BOMBA CENTRÍFUGA P/ PRESSURIZAÇÃO/HIDRANTE 15 CV","UN",2676.55]
["16.10.17","C0451","BOMBA CENTRÍFUGA P/ PRESSURUZAÇÃO/HIDRANTE 20 CV","UN",4732.76]
["16.10.18","C0450","BOMBA CENTRÍFUGA P/ PRESSURIZAÇÃO/HIDRANTE 25 CV","UN",4914.56]
["16.10.19","C0455","BOMBA INJETORA DE 1/3 CV, MONOSÁFICA, INCL.MAT. SUCÇÃO","UN",907.71]
["16.10.20","C0454","BOMBA INJETORA DE 1/2 CV, MONOFÁSICA INCL. MAT. SUCÇÃO","UN",935.31]
["16.10.21","C0459","BOMBA INJETORA DE 3/4 CV, MONOFÁSICA INCL. MAT. SUCÇÃO","UN",1076.34]
["16.10.22","C0453","BOMBA INJETORA DE 1 CV, TRIFÁSICA INCL. MAT. SUCÇÃO","UN",1233.33]
["16.10.23","C0452","BOMBA INJETORA DE 1 1/2 CV, TRIFÁSICA INCL. MAT. SUCÇÃO","UN",1512.61]
["16.10.24","C0457","BOMBA INJETORA DE 2 CV, TRIFÁSICA INCL. MAT. SUCÇÃO","UN",1608.01]
["16.10.25","C0456","BOMBA INJETORA DE 2 1/2 CV, TRIFÁSICA INCL. MAT. SUCÇÃO","UN",1819.61]
["16.10.26","C0458","BOMBA INJETORA DE 3 CV, TRIFÁSICA INCL. MAT. SUCÇÃO","UN",1761.56]
["16.10.27","C0460","BOMBA INJETORA DE 7.5 CV, INCLUSIVE MAT. DE SUCÇÃO","UN",2236.79]
["16.10.28","C0729","CASA DE BOMBAS(1.5X1.5)m,  EM ALVENARIA E CONCRETO","UN",551.95]
["16.10.29","C0732","CENTRAL ALARME P/6 LAÇOS SUPERV., MOD. FIRE-LITE/SIMILAR","UN",7381.39]
["16.10.30","C0730","CENTRAL ALARME P/12 LAÇOS SUPERV., MOD.FIRE-LITE/SIMILAR","UN",14740.89]
["16.10.31","C0731","CENTRAL ALARME P/18 LAÇOS SUPERV., MOD.FIRE-LITE/SIMILAR","UN",22112.92]
["16.10.32","C0796","CHUVEIRO ELÉTRICO AUTOMÁTICO 220V-2800/4400W (INSTALADO)","UN",121.7]
["16.10.33","C4385","ESGUICHO DE AGULHA 1/2\" x 1/2\"","UN",68]
["16.10.34","C4589","EXTINTOR EM CARRETA, CAP. 50KG - PO QUIMICO","UN",2176.67]
["16.10.35","C1357","EXTINTOR DE ÁGUA, PRESSURIZADA CAPACIDADE 10L","UN",126.11]
["16.10.36","C1359","EXTINTOR DE GÁS CARBÔNICO OU PÓ QUÍMICO DE 4 OU 6KG","UN",388.18]
["16.10.37","C1368","FILTRO DE PAREDE INDUSTRIAL (INSTALADO)","UN",180.76]
["16.10.38","C1456","HIDRANTE C/REGISTRO GLOBO ANGULAR  D= 65mm (2 1/2\")","UN",514.02]
["16.10.39","C4304","HIDRANTE DE PISO","UN",760.51]
["16.10.40","C2275","SINALIZADOR AUDIO-VISUAL, SIRENE BITONAL E STROBO/SIMILAR","UN",185.39]
["16.10.41","C2291","SPRINKLERS CROMADO (INSTALADO)","UN",29.82]
["16.10.42","C2292","SPRINKLERS EM BRONZE (INSTALADO)","UN",34.78]
["16.10.43","C2497","TORNEIRA DE BÓIA D= 20mm (3/4\")","UN",44.7]
["16.10.44","C2498","TORNEIRA DE BÓIA D= 25mm (1\")","UN",59.78]
["16.10.45","C2499","TORNEIRA DE BÓIA D= 32mm (1 1/4\")","UN",75.63]
["16.10.46","C2500","TORNEIRA DE BÓIA D= 40mm (1 1/2\")","UN",89.43]
["16.10.47","C2501","TORNEIRA DE BÓIA D= 50mm (2\")","UN",40.03]
["16.10.48","C2507","TORNEIRA ELÉTRICA AUTOMÁTICA 220V-2800W (INSTALADO)","UN",96.48]
["16.11","POÇOS E CAIXAS",null,null,68792.93]
["16.11.1","C0011","ACRÉSCIMO DE CÂMARA EM PV C/ANÉIS DE CONCRETO D= 600mm","M",169.71]
["16.11.2","C0012","ACRÉSCIMO DE CÂMARA EM PV C/ANÉIS DE CONCRETO D=1000mm","M",272.7]
["16.11.3","C0013","ACRÉSCIMO DE CÂMARA EM PV C/ANÉIS DE CONCRETO D=1200mm","M",413.34]
["16.11.4","C0232","ASSENTAMENTO DE TUBO DE QUEDA","M",145.59]
["16.11.5","C3441","CAIXA D´ÁGUA EM FYBERGLASS - CAP. 500L","UN",187.6]
["16.11.6","C3442","CAIXA D´ÁGUA EM FYBERGLASS - CAP. 1000L","UN",311.91]
["16.11.7","C3742","CAIXA D'ÁGUA EM FIBRA DE VIDRO CAP. 5.000 L, MONTADA EM ESTRUTURA DE CONCRETO PRE-FABRICADA COMPOSTA DE SAPATA, PILAR CIRCULAR D=0,40m COM PÉ DIREITO DE 6,00m, LAJE DE APOIO (FORNECIMENTO E MONTAGEM)","UN",5126.38]
[]
["16.11.8","C4595","CAIXA D'ÁGUA EM POLIETILENO CAP. 310 L, COM TAMPA","UN",141.26]
["16.11.9","C0601","CAIXA DE GORDURA/SABÃO EM ALVENARIA","UN",157.9]
["16.11.10","C3584","CAIXA DE GORDURA/SABÃO PRÉ MOLDADA - PADRÃO POPULAR","UN",20.51]
["16.11.11","C4381","CAIXA DE INCÊNDIO 75 x 45 x 17 cm EM ALUMÍNIO","UN",398.17]
["16.11.12","C0605","CAIXA DE INSPEÇÃO EM ALVENARIA - 1/2 TIJOLO COMUM","M2",77.19]
["16.11.13","C0604","CAIXA DE INSPEÇÃO EM ALVENARIA - 1 TIJOLO COMUM","M2",122.18]
["16.11.14","C0606","CAIXA DE INSPEÇÃO EM ALVENARIA - TAMPA DE CONCRETO ESP.= 5cm","M2",106.13]
["16.11.15","C0613","CAIXA DE INSPEÇÃO EM ALVENARIA-LASTRO DE CONCRETO ESP.= 10cm","M3",313.93]
["16.11.16","C0611","CAIXA DE INSPEÇÃO EM ALVENARIA P/LIGAÇÃO CONDOMINIAL, DI= (40X40)cm","UN",89.98]
["16.11.17","C0614","CAIXA DE INSPEÇÃO NO PASSEIO C/TUBO PVC D=300mm TAMPA FoFo","UN",289.29]
["16.11.18","C0615","CAIXA DE INSPEÇÃO NO PASSEIO EM ANÉIS D= 600mm, PADRÃO CAGECE","UN",129.13]
["16.11.19","C0623","CAIXA DE MACROMEDIDOR (2.10 X 2.10)m","UN",2671]
["16.11.20","C0637","CAIXA DE PITOMETRIA (1.30 X 1.30)m","UN",865.53]
["16.11.21","C0638","CAIXA DE PITOMETRIA (1.50 X 1.50)m","UN",1196.15]
["16.11.22","C0639","CAIXA EM ALVENARIA 1 VEZ, S/TAMPA, CINTA ARM., FUNDO CONC. (4.80 X 1.50)m","UN",2910.87]
["16.11.23","C0603","CAIXA EM ALVENARIA (40X40X60cm) DE 1/2 TIJOLO COMUM, LASTRO DE CONCRETO E TAMPA DE CONCRETO","UN",139.08]
[]
["16.11.24","C0610","CAIXA EM ALVENARIA (40X40X60cm) DE 1 TIJOLO COMUM, LASTRO DE CONCRETO E TAMPA DE CONCRETO","UN",237.93]
[]
["16.11.25","C0609","CAIXA EM ALVENARIA (60X60X60cm) DE 1/2 TIJOLO COMUM, LASTRO DE CONCRETO E TAMPA DE CONCRETO","UN",217.18]
[]
["16.11.26","C0607","CAIXA EM ALVENARIA (60X60X60cm) DE 1 TIJOLO COMUM, LASTRO DE CONCRETO E TAMPA DE CONCRETO","UN",342.05]
[]
["16.11.27","C0602","CAIXA EM ALVENARIA (80X80X60cm) DE 1/2 TIJOLO COMUM, LASTRO DE CONCRETO E TAMPA DE CONCRETO","UN",304.34]
[]
["16.11.28","C0608","CAIXA EM ALVENARIA (80X80X60cm) DE 1 TIJOLO COMUM, LASTRO DE CONCRETO E TAMPA DE CONCRETO","UN",449.25]
[]
["16.11.29","C0640","CAIXA EM ALVENARIA C/DOSADOR A NIVEL CONSTANTE ","UN",830.22]
["16.11.30","C0641","CAIXA EM ALVENARIA C/TAMPA EM CONCRETO FUNDO BRITA (1.0 X 1.0)m","UN",491.45]
["16.11.31","C0642","CAIXA EM ALVENARIA S/TAMPA E FUNDO BRITA P/FILTRO (1.0.X.1.0)m","UN",395.97]
["16.11.32","C0643","CAIXA EM ALVENARIA S/TAMPA E FUNDO CONCRETO (1.20 X 1.20)m","UN",593.62]
["16.11.33","C0644","CAIXA EM ALVENARIA S/TAMPA E FUNDO LAJE (1.60 X 1.30)m FILTRO","UN",634.09]
["16.11.34","C0645","CAIXA INSPEÇÃO EM ANÉIS D=600mm, P/REDE CONDOMÍNIO (0.50<h<0.80)m","UN",121.76]
["16.11.35","C0646","CAIXA INSPEÇÃO EM ANÉIS D=800mm, P/REDE CONDOM.(1.00<h<=1.50)m","UN",273.75]
["16.11.36","C0647","CAIXA INSPEÇÃO EM ANÉIS D=800mm, P/REDE CONDOMI.0,80<h<1,00m","UN",183.76]
["16.11.37","C0648","CAIXA INSPEÇÃO NO PASSEIO C/TUBO PVC D=300mm TAMPA FoFo/CONCRETO","UN",431.93]
["16.11.38","C0649","CAIXA INSPEÇÃO NO PASSEIO EM ALVENARIA DI=(50X50)cm, PADRÃO CAGECE","UN",174.13]
["16.11.39","C3411","CAIXA P/ REGISTRO DE DESCARGA EM ALVENARIA DE TIJOLO MACIÇO DN ATÉ 200mm","UN",491.57]
["16.11.40","C3412","CAIXA P/ REGISTRO DE DESCARGA EM ALVENARIA DE TIJOLO MACIÇO  200<DN<=500mm","UN",1566.57]
[]
["16.11.41","C3413","CAIXA P/ REGISTRO DE DESCARGA EM ALVENARIA DE TIJOLO MACIÇO  500<DN<=700mm","UN",2393.33]
[]
["16.11.42","C3414","CAIXA P/ REGISTRO DE DESCARGA EM ALVENARIA DE TIJOLO MACIÇO  700<DN<=900mm","UN",2979.78]
[]
["16.11.43","C0653","CAIXA P/REGISTRO OU VENTOSA EM ALVENARIA DE TIJOLO MACIÇO, DN ATÉ 200mm","UN",326.07]
["16.11.44","C0650","CAIXA P/REGISTRO OU VENTOSA EM ALVENARIA DE TIJOLO MACIÇO, 200<DN<=500mm","UN",1401.06]
["16.11.45","C0651","CAIXA P/REGISTRO OU VENTOSA EM ALVENARIA DE TIJOLO MACIÇO, 500<DN<=700mm","UN",2119.58]
["16.11.46","C0652","CAIXA P/REGISTRO OU VENTOSA EM ALVENARIA DE TIJOLO MACIÇO, 700<DN<=900mm","UN",2699.96]
["16.11.47","C4378","CAIXA SIFONADA EM PVC 185 x 150 x 75 mm C/ GRELHA CROMADA","UN",33.97]
["16.11.48","C4382","CAIXA SIFONADA DE ÓLEO 20 cm REBOCADA C/ TAMPA","UN",648.98]
["16.11.49","C0612","ESCAVAÇÃO MANUAL C/ APILOAMENTO DE  FUNDO P/ CAIXA EM ALVENARIA","UN",34.09]
["16.11.50","C2816","EXECUÇÃO COMPLETA DE TIL (LAJE DE FUNDO EM CONCRETO ARMADO)","UN",176.24]
["16.11.51","C4327","GRELHA DE FERRO FUNDIDO (900 x 500 x 70 mm)","UN",371.54]
["16.11.52","C3583","MUTIRÃO MISTO - CAIXA DE GORDURA/SABÃO PRÉ MOLDADA","UN",16.53]
["16.11.53","C2907","POÇO DE VISITA, C/ANÉIS DE CONCRETO, PROF. ATÉ 1.00m, D= 600mm","UN",315.38]
["16.11.54","C2908","POÇO DE VISITA, C/ANÉIS DE CONCRETO, PROF. ATÉ 1.50m, D=1000mm","UN",826.85]
["16.11.55","C2909","POÇO DE VISITA, C/ANÉIS DE CONCRETO, PROF. ATÉ 1.50m, D=1200mm","UN",1062.01]
["16.11.56","C4572","POÇO DE VISITA PRÉ-MOLDADO PARA GALERIA DE ÁGUAS PLUVIAIS Ø 1,0 m E PROFUNDIDADE 2,0m","UN",1386.64]
[]
["16.11.57","C3648","RESERVATÓRIO PRÉ MOLDADO ELEVADO CILÍNDRICO D=2,0M, CAP.=12,0M3, H=9,0M COMPLETO E CISTERNA CAP.=4,5 M3","UN",20411.9]
[]
["16.11.58","C4573","POÇO DE VISITA PRÉ-MOLDADO PARA GALERIA DE ÁGUAS PLUVIAIS Ø 2,0 m E PROFUNDIDADE 3,0m","UN",1719.52]
[]
["16.11.59","C4574","POÇO DE VISITA PRÉ-MOLDADO PARA GALERIA DE ÁGUAS PLUVIAIS Ø 1,0 m E PROFUNDIDADE 4,0m","UN",2055.73]
[]
["16.11.60","C4312","SOBRETAMPA EM FERRO FUNDIDO COM D=600mm","UN",512.26]
["16.11.61","C4328","SOBRETAMPA EM FERRO FUNDIDO C/ D=800 mm","UN",723.47]
["16.11.62","C4610","TAMPA EM CONCRETO ARMADO (0,70 x 0,70 x 0,15 m)","UN",60.36]
["16.11.63","C4609","TAMPA EM CONCRETO ARMADO (0,80 x 0,80 x 0,15 m)","UN",78.83]
["16.11.64","C4611","TAMPA EM CONCRETO ARMADO (0,90 x 0,90 x 0,15 m)","UN",99.77]
["16.11.65","C4612","TAMPA EM CONCRETO ARMADO (1,00 x 1,00 x 0,15 m)","UN",123.17]
["16.11.66","C4216","TAMPA EM CONCRETO ARMADO PARA REGISTRO (70x70x12cm)","UN",49.19]
["16.11.67","C4399","TANQUE P/ RECOLHIMENTO DE ÓLEO EM ALVENARIA (INSTALADO)","UN",2171.61]
["16.12","GRADEAMENTO, COMPORTA, VERTEDOURO E CALHAS",null,null,13571.05]
["16.12.1","C0663","CALHA PARSHALL W:3\" (FORNECIMENTO E INSTALAÇÃO)","UN",1625.68]
["16.12.2","C0664","CALHA PARSHALL W:6\"(FORNECIMENTO E INSTALAÇÃO)","UN",3069.6]
["16.12.3","C0665","CALHA PARSHALL W:9\"(FORNECIMENTO E INSTALAÇÃO)","UN",4534.29]
["16.12.4","C0823","COMPORTA EM FIBRA, CALHA EM ALUMÍNIO","M2",401.89]
["16.12.5","C0824","COMPORTA EM MADEIRA TRATADA C/ÓLEO DE LINHAÇA, CALHA ALUMÍNIO","M2",74.82]
["16.12.6","C2734","DRENO DE FUNDO EM PVC DO FILTRO D=1.50m, PADRÃO CAGECE","UN",263.6]
["16.12.7","C2735","DRENO DE FUNDO EM PVC DO FILTRO D=2.20m, PADRÃO CAGECE","UN",405.57]
["16.12.8","C2736","DRENO DE FUNDO EM PVC DO FILTRO D=2.80m, PADRÃO CAGECE","UN",891.63]
["16.12.9","C2737","DRENO DE FUNDO EM PVC DO FILTRO D=3.20m, PADRÃO CAGECE","UN",1043.81]
["16.12.10","C2815","GRADE DE PVC DE 25 mm P/ CAIXA DE NÍVEL","UN",175.97]
["16.12.11","C2839","GRADE EM FERRO CHATO 1 1/4\" X 1/2\" ","M2",747.73]
["16.12.12","C2981","VERTEDOURO EM MADEIRA DE LEI TRATADA C/ÓLEO DE LINHAÇA","M2",36.4]
["16.12.13","C2982","VERTEDOURO TRIANGULAR EM CHAPA DE ALUMÍNIO ESP. 3/16\" (50x40)cm","UN",80.03]
["16.12.14","C2983","VERTEDOURO TRIANGULAR EM FIBRA E CANTONEIRA DE ALUMÍNIO","M2",220.05]
["16.13","LIGAÇÕES PREDIAIS",null,null,705.78]
["16.13.1","C3489","CAIXA DE INSPEÇÃO EM ALVENARIA P/ LIGAÇÃO CONDOMINIAL DI=30x30cm","UN",87.77]
["16.13.2","C3415","CAIXA EM ALVENARIA PARA LIGAÇÃO D´ÁGUA 1 1/2\" E 2\"","UN",275.33]
["16.13.3","C3738","INSTALAÇÃO DE TUBO DE VENTILAÇÃO 50mm C/ L=4m, C/ REBOCO E PINTURA A CAL (C/ MATERIAL)","UN",35.81]
[]
["16.13.4","C3739","INSTALAÇÃO DE TUBO DE VENTILAÇÃO 50mm C/ L=4m, COM REBOCO E PINTURA A CAL (SEM MATERIAL)","UN",9.05]
[]
["16.13.5","C2865","LIGAÇÃO PREDIAL D'ÁGUA PADRÃO CAGECE","UN",27.07]
["16.13.6","C3740","RAMAL INTRADOMICILIAR DE ESGOTO C/ TUBO 40mm","M",5.49]
["16.13.7","C3741","RAMAL INTRADOMICILIAR DE ESGOTO C/ TUBO 100mm","M",11.69]
["16.13.8","C2911","RAMAL PREDIAL COM PAVIMENTAÇÃO EM ASFALTO","M",10.92]
["16.13.9","C2912","RAMAL PREDIAL COM PAVIMENTAÇÃO EM PEDRA TOSCA OU PARALELO","M",10.63]
["16.13.10","C2919","RAMAL PREDIAL S/ PAVIMENTAÇÃO","M",6.34]
["16.13.11","C2913","RAMAL PREDIAL DE ESGOTO EM MBV 100mm, C/PAVIMENTO EM ASFALTO","M",42.59]
["16.13.12","C2914","RAMAL PREDIAL DE ESGOTO EM MBV 100mm, C/PAVIMENTO EM PEDRA TOSCA","M",41.7]
["16.13.13","C2915","RAMAL PREDIAL DE ESGOTO EM MBV 100mm, S/PAVIMENTO","M",33.43]
["16.13.14","C2916","RAMAL PREDIAL DE ESGOTO EM PVC 100mm, C/PAVIMENTO EM ASFALTO","M",45.26]
["16.13.15","C2917","RAMAL PREDIAL DE ESGOTO EM PVC 100mm, C/PAVIMENTO EM PEDRA TOSCA","M",32.21]
["16.13.16","C2918","RAMAL PREDIAL DE ESGOTO EM PVC 100mm, S/ PAVIMENTO","M",30.48]
["16.14","OUTROS ELEMENTOS",null,null,27006.97]
["16.14.1","C3435","ABRIGO P/ QUADRO COMANDO(54x54cm) DE POÇOS, ÁREA NÃO INUNDÁVEL","UN",375.5]
["16.14.2","C3433","ABRIGO P/ QUADRO COMANDO(108x108cm), POÇOS ÁREA NÃO INUNDÁVEL","UN",605.7]
["16.14.3","C3434","ABRIGO P/ QUADRO COMANDO(120x120cm),  COM MURETA DE 2,10m","UN",1449.25]
["16.14.4","C1079","DESOBSTRUÇÃO DE TUBULAÇÕES","M",12.7]
["16.14.5","C1250","ENVELOPE DE CONCRETO P/PROTEÇÃO DE TUBO PVC ENTERRADO","M",9.7]
["16.14.6","C1248","ENVELOPE DE CONCRETO P/TUBOS PVC ENTERRADO, TIPO C, FCK= 13,5MPa","M3",408.76]
["16.14.7","C4331","FORNECIMENTO E INSTALAÇÃO DE ESTAÇÃO DE TRATAMENTO DE ESGOTOS","UN",16683.51]
["16.14.8","C2832","FOSSA SÉPTICA E SUMIDOURO  EM ALVENARIA","UN",2249.99]
["16.14.9","C4162","FOSSA SÉPTICA E SUMIDOURO EM ANÉIS D=1,20M","UN",1456.31]
["16.14.10","C1436","GRELHA DE FERRO P/ CALHAS E CAIXAS","M2",125.41]
["16.14.11","C3995","GRELHA HEMISFÉRICA DE FERRO FUNDIDO D=150 mm (6\")","UN",103.67]
["16.14.12","C2852","LAJE C/FURO EXCÊNTRICO DE 600 MM P/POÇO DE VISITA D= 1000mm","UN",104.04]
["16.14.13","C2853","LAJE C/FURO EXCÊNTRICO DE 600 MM P/POÇO DE VISITA D=1200mm","UN",126.87]
["16.14.14","C2854","LAJE DE FUNDO P/POÇO DE VISITA C/ANÉIS PRÉ-MOLDADO D= 600mm","UN",150.93]
["16.14.15","C2856","LAJE DE FUNDO P/POÇO DE VISITA C/ANÉIS PRÉ-MOLDADO D=1000mm","UN",263.81]
["16.14.16","C2855","LAJE DE FUNDO P/POÇO DE VISITA C/ANÉIS PRÉ-MOLDADO D=1200mm","UN",313.41]
["16.14.17","C1948","PONTO HIDRÁULICO, MATERIAL E EXECUÇÃO","PT",127.65]
["16.14.18","C1950","PONTO SANITÁRIO, MATERIAL E EXECUÇÃO","PT",114.25]
["16.14.19","C4602","PONTO DE ESGOTO EM PVC P/ TANQUE E LAVATÓRIO MSD FUNASA TIPO 10 (MATERIAL E EXECUÇÃO)","PT",115.3]
[]
["16.14.20","C4603","PONTO DE ESGOTO EM PVC P/ SANITÁRIO INCLUSIVE COLUNA VENTILAÇÃO MSD FUNASA TIPO 10 (MATERIAL E EXECUÇÃO)","PT",127.77]
[]
["16.14.21","C4020","VASO DE EQUALIZAÇÃO DE 400 L","UN",2082.45]
["16.15","INSTALAÇÕES DE PRODUÇÃO",null,null,31436.42]
["16.15.1","C3465","INSTALAÇÃO E FORNECIMENTO DE MONOVIA: TRILHO, TROLLEY / TALHA MANUAL 0,5 T","UN",4640.11]
[]
["16.15.2","C3463","INSTALAÇÃO E FORNECIMENTO DE MONOVIA:TRILHO,TROLLEY / TALHA MANUAL 1,0 T","UN",4955.11]
["16.15.3","C3464","INSTALAÇÃO E FORNECIMENTO DE MONOVIA:TRILHO,TROLLEY / TALHA MANUAL 2,0 T","UN",5217.61]
["16.15.4","C3417","INSTALAÇÃO ELETROMECÂNICA DE CONJUNTO MOTO-BOMBA ATÉ 4 CV","UN",294.52]
["16.15.5","C3416","INSTALAÇÃO ELETROMECÂNICA DE CONJUNTO MOTO-BOMBA DE 4 À 7,5 CV","UN",884.3]
["16.15.6","C3418","INSTALAÇÃO ELETROMECÂNICA DE CONJUNTO MOTO-BOMBA DE 7,5 À 15 CV","UN",1767.12]
["16.15.7","C3419","INSTALAÇÃO ELETROMECÂNICA DE CONJUNTO MOTO-BOMBA DE 15 À 50 CV","UN",1989.19]
["16.15.8","C3420","INSTALAÇÃO ELETROMECÂNICA DE CONJUNTO MOTO-BOMBA DE 50 À 100 CV","UN",3197.31]
["16.15.9","C3421","INSTALAÇÃO ELETROMECÂNICA DE CONJUNTO MOTO-BOMBA DE 100 À 200 CV","UN",3757.48]
["16.15.10","C3422","INSTALAÇÃO ELETROMECÂNICA DE CONJUNTO MOTO-BOMBA DE 200 À 500 CV","UN",4733.67]
["16.16","SERVIÇOS ESPECIAIS",null,null,133369.02]
["16.16.1","C3462","DESMONTAGEM DE TUBOS, CONEXÕES E PÇS ESPECIAIS, RESERVATÓRIO ELEVADO","UN",1216.29]
["16.16.2","C3523","FORNECIMENTO E MONTAGEM DE PLACA DE FIBRA DE 2,50mX1,20m, ESP. 3mm P/ FLOCULADOR","M2",116.81]
[]
["16.16.3","C4577","FORNECIMENTO E MONTAGEM DE PLACA EM FIBRA DE VIDRO e = 3,00mm","M2",135.58]
["16.16.4","C4578","FORNECIMENTO E MONTAGEM DE PLACA EM FIBRA DE VIDRO COM RESINA ISOFTÁLICA e = 3,00mm","M2",178.78]
[]
["16.16.5","C3471","MONTAGEM BARRILETE FILTRO FIBRA, KIT'S, PÇS VAZÃO ATÉ 50 m3/h","UN",3605.88]
["16.16.6","C3473","MONTAGEM BARRILETE FILTRO FIBRA, KIT'S, PÇS VAZÃO 95,01 À 230 m3/h","UN",9036.19]
["16.16.7","C3502","MONTAGEM DE TUBOS, CONEXÕES E EQUIPAMENTOS DE TRATAMENTO, CASA DE OPERAÇÃO","UN",1265.64]
[]
["16.16.8","C3496","MONTAGEM DE TUBOS, CONEXÕES E PÇS, ELEVATÓRIA CAP ATÉ 5 l/s","UN",956.47]
["16.16.9","C3497","MONTAGEM DE TUBOS, CONEXÕES E PÇS, ELEVATÓRIA C/ VAZÃO DE 5,01 À 10 l/s","UN",1504.27]
["16.16.10","C3498","MONTAGEM DE TUBOS, CONEXÕES E PÇS, ELEVATÓRIA C/ VAZÃO DE 10,01 À 20 l/s","UN",3877.91]
["16.16.11","C3499","MONTAGEM DE TUBOS, CONEXÕES E PÇS, ELEVATÓRIA C/ VAZÃO DE 20,01 À 40 l/s","UN",7625.71]
["16.16.12","C3500","MONTAGEM DE TUBOS, CONEXÕES E PÇS, ELEVATÓRIA C/ VAZÃO DE 40,01 À 60 l/s","UN",13531.82]
["16.16.13","C3501","MONTAGEM DE TUBOS, CONEXÕES E PÇS, ELEVATÓRIA C/ VAZÃO DE 60,01 À 90 l/s","UN",17282.57]
["16.16.14","C3490","MONTAGEM DE TUBOS, CONEXÕES E PÇS, RESERVATÓRIO APOIADO CAP ATÉ 100 M3","UN",590.84]
["16.16.15","C3491","MONTAGEM DE TUBOS, CONEXÕES E PÇS, RESERVATÓRIO APOIADO CAP DE 100,01 À 300 M3","UN",888.28]
[]
["16.16.16","C3492","MONTAGEM DE TUBOS, CONEXÕES E PÇS, RESERVATÓRIO APOIADO CAP DE 300,01 À 600 M3","UN",1189.79]
[]
["16.16.17","C3512","MONTAGEM DE TUBOS, CONEXÕES E PÇS, RESERVATÓRIO ELEVADO CAP. ATÉ 50 M3","UN",1041.45]
["16.16.18","C3493","MONTAGEM DE TUBOS, CONEXÕES E PÇS, RESERVATÓRIO ELEVADO CAP DE 50,01 À 100 M3","UN",1754.16]
[]
["16.16.19","C3494","MONTAGEM DE TUBOS, CONEXÕES E PÇS, RESERVATÓRIO ELEVADO CAP  DE 100,01 À 300 M3","UN",2451.43]
[]
["16.16.20","C3525","MONTAGEM DE TUBOS, CONEXÕES E PÇS ESPECIAIS EM FLOCULADOR/DECANTADOR","UN",1725.73]
["16.16.21","C3495","MONTAGEM DE TUBOS, CONEXÕES E PÇS, RESERVATÓRIO ELEVADO CAP  DE 300,01 À 600 M3","UN",3462.04]
[]
["16.16.22","C3461","MONTAGEM  DE TUBOS, CONEXÕES E PÇS ESPECIAIS, AERADOR BANDEJA","UN",1725.73]
["16.16.23","C3472","MONTAGEM BARRILETE FILTRO FIBRA, KIT'S, PÇS VAZÃO 50,01 À 95 m3/h","UN",7211.76]
["16.16.24","C3503","MONTAGEM DOS EQUIPAMENTOS DA ETE - REATOR E INSTALAÇÕES HIDRÁULICAS","CJ",23744.13]
["16.16.25","C3524","RECUPERAÇÃO DE PLACAS DE CONCRETO DOS FLOCULADORES","M2",122.68]
["16.16.26","C4613","TMND PARA TUBO 500<DN<=800mm","M",5841.96]
["16.16.27","C4614","TMND PARA TUBO 800<DN<=1200mm","M",8991.26]
["16.16.28","C4615","TMND PARA TUBO 1200<DN<=1500mm","M",12293.85]
["16.17","INSTALAÇÕES DIVERSAS",null,null,3034.05]
["16.17.1","C3509","INSTALAÇÕES HIDRO-SANITÁRIAS KIT-01 C/ FORN. DE MATERIAL","UN",374.4]
["16.17.2","C3510","INSTALAÇÕES HIDRO-SANITÁRIAS KIT-02 C/ FORN. DE MATERIAL","UN",622.16]
["16.17.3","C3511","INSTALAÇÕES HIDRO-SANITÁRIAS KIT-03 C/ FORN. DE MATERIAL","UN",577.67]
["16.17.4","C3457","MONTAGEM DAS INSTALAÇÕES HIDRO-SANITÁRIAS DAS ELEVATÓRIAS","UN",1442.35]
["16.17.5","C4006","REDE DE GÁS P/ COZINHA (FORN./MONTAGEM)","M",17.48]
["17","SERVIÇOS OPERACIONAIS",null,null,13359.93]
["17.1","INSTALAÇÃO E SUBSTITUIÇÃO DE HIDRÔMETRO",null,null,366.36]
["17.1.1","C2718","DESLOCAMENTO DE HIDRÔMETRO C/ CAIXA OU CAVALETE","UN",34.95]
["17.1.2","C2844","INST. DE HIDRÔMETRO E CAVALETE 1§ COMPART. (CASO H), RECUO (CASO G)","UN",27.41]
["17.1.3","C2845","INST. DE HIDRÔMETRO E CAVALETE C/ CAIXA NO MURO P002 (CASO I)","UN",35.69]
["17.1.4","C2846","INSTALAÇÃO DE HIDRANTE DE COLUNA","UN",64.34]
["17.1.5","C2847","INSTALAÇÃO DE HIDRANTE SUBTERRÂNEO","UN",91.94]
["17.1.6","C2848","INSTALAÇÃO OU SUBSTITUIÇÃO DE CAIXA DO HIDRÔMETRO","UN",17.17]
["17.1.7","C2956","SUBST. DE HIDRÔMETRO DA CALÇADA P/ PADRÃO CASO: A, B, C OU D C/ CAIXA","UN",36.46]
["17.1.8","C2957","SUBST. DE HIDRÔMETRO CAVALETE MONTADO C/RECUP. CALÇADA/MURO (CASO F)","UN",16.85]
["17.1.9","C2958","SUBSTITUIÇÃO OU INSTALAÇÃO DE HIDRÔMETRO EM CAVALETE MONTADO (CASO E,N)","UN",9.52]
[]
["17.1.10","C2963","SUBSTITUIÇÃO DE REGISTRO PVC 3/4\" NO CAVALETE","UN",6.97]
["17.1.11","C4201","SUBSTITUIÇÃO DE KIT CAVALETE (CASO E, N) CALÇADA / MURO (CASO F)","UN",9.49]
["17.1.12","C4202","SUBSTITUIÇÃO DE KIT CAVALETE MONTADO C/ RECUP. CALÇADA / MURO (CASO F)","UN",15.57]
["17.2","CORTE E SUPRESSÃO DE LIGAÇÃO",null,null,686.43]
["17.2.1","C0029","ADICIONAL DE LIGAÇÃO D'ÁGUA EM CORREDOR DE ATIVIDADE","UN",30.34]
["17.2.2","C0030","ADICIONAL DE LIGAÇÃO DE ESGOTO EM CORREDOR DE ATIVIDADE","UN",37.73]
["17.2.3","C0031","ADICIONAL DE SUPRESSÃO EM CORREDOR DE ATIVIDADE","UN",25.92]
["17.2.4","C3430","CORTE AGRAVADO E EXECUÇÃO DA LIGAÇÃO C/ FORNECIMENTO MATERIAL","UN",30.11]
["17.2.5","C4593","CORTE DO RAMAL PREDIAL DE ÁGUA DE MODO SIMPLES OU AGRAVADO E RELIGAÇÃO COM O FORNECIMENTO DE MATERIAL","UN",28.95]
[]
["17.2.6","C4594","CORTE E RELIGAÇÃO COM CHIBÁGUA COM FORNECIMENTO DE MATERIAL","UN",42.26]
["17.2.7","C4204","CORTE EM TUBULAÇÃO DE F°F° P/ LIGAÇÃO EM NOVO PV","UN",83.06]
["17.2.8","C0931","CORTE OU RELIGAÇÃO DE ÁGUA NO FERRULE(PAV. EM ASFALTO)","UN",30.4]
["17.2.9","C0932","CORTE OU RELIGAÇÃO DE ÁGUA NO FERRULE(PAV. EM P.TOSCA)","UN",21.73]
["17.2.10","C0933","CORTE OU RELIGAÇÃO DE ÁGUA NO MEIO FIO ATE 1\"(CAPITAL)","UN",16.17]
["17.2.11","C0934","CORTE OU RELIGAÇÃO DE ÁGUA NO MEIO FIO ATE 1\"(INTERIOR)","UN",13.16]
["17.2.12","C3432","CORTE SIMPLES E EXECUÇÃO DA SUPRESSÃO DE LIGAÇÃO C/ PAVIMENTO ASFÁLTICO","UN",57.36]
[]
["17.2.13","C3780","CORTE SIMPLES E EXECUÇÃO DA SUPRESSÃO DE LIGAÇÃO C/ PAVIMENTO DE PEDRA TOSCA","UN",28.02]
[]
["17.2.14","C3431","CORTE SIMPLES E EXECUÇÃO DA SUPRESSÃO SEM PAVIMENTO","UN",27.35]
["17.2.15","C4605","RELIGAÇÃO DO RAMAL PREDIAL DE ÁGUA EM QUALQUER TIPO DE PAVIMENTO DO LOGRADOURO COM O FORNECIMENTO DE MATERIAL","UN",15.02]
[]
["17.2.16","C4606","SUPRESSÃO DO RAMAL PREDIAL DE ÁGUA COM A REMOÇÃO DO HIDRÔMETRO EM LOGRADOURO SEM PAVIMENTO","UN",38.61]
[]
["17.2.17","C4607","SUPRESSÃO DO RAMAL PREDIAL DE ÁGUA COM A REMOÇÃO DO HIDRÔMETRO EM LOGRADOURO COM PAVIMENTO DE PEDRA TOSCA OU PARALELO","UN",43.3]
[]
["17.2.18","C4608","SUPRESSÃO DO RAMAL PREDIAL DE ÁGUA COM A REMOÇÃO DO HIDRÔMETRO EM LOGRADOURO COM PAVIMENTO EM ASFALTO","UN",85.48]
[]
["17.2.19","C2979","TRANSFERÊNCIA DE LIGAÇÃO EM REDE REMANEJADA","UN",8.68]
["17.2.20","C2986","VISITA AO LOCAL DA SUPRESSÃO (PAGAR SE HOUVER QUITAÇÃO APÓS VISITA)","UN",6.17]
["17.2.21","C4616","VISITA DE COBRANÇA COM ORDEM DE CORTE AOS CLIENTES INADIMPLENTES","UN",16.63]
["17.3","RETIRADA DE VAZAMENTO EM REDE E LIGAÇÃO D'ÁGUA/OUTROS",null,null,1671.4]
["17.3.1","C0810","COLOCAÇÃO DE REGISTRO EM REDE EM OPERAÇÃO DN  50 a 100","UN",33.58]
["17.3.2","C0811","COLOCAÇÃO DE REGISTRO EM REDE EM OPERAÇÃO DN 150 a 200","UN",47.01]
["17.3.3","C0812","COLOCAÇÃO DE REGISTRO EM REDE EM OPERAÇÃO DN 250 a 300","UN",60.45]
["17.3.4","C2719","DESOBSTRUÇÃO DE REDE EM TUBO FoFo ATÉ 75mm COM VARETAS","M",3.63]
["17.3.5","C2715","RETIRADA DE VAZAMENTO EM LIGAÇÃO, RUA COM PAVIMENTAÇÃO EM ASFALTO","UN",26.73]
["17.3.6","C2738","RETIRADA DE VAZAMENTO EM LIGAÇÃO, NA CALÇADA SEM PAVIMENTAÇÃO","UN",13.03]
["17.3.7","C2739","RETIRADA DE VAZAMENTO EM LIGAÇÃO, NA CALÇADA, QUALQUER TIPO DE PAVIMENTAÇÃO","UN",14.63]
[]
["17.3.8","C2740","RETIRADA DE VAZAMENTO EM LIGAÇÃO, RUA COM PAVIMENTAÇÃO EM PEDRA TOSCA OU PARALELO","UN",21.73]
[]
["17.3.9","C2741","RETIRADA DE VAZAMENTO EM LIGAÇÃO, RUA SEM PAVIMENTAÇÃO","UN",13.03]
["17.3.10","C2742","RETIRADA DE VAZAMENTO EM REDE DE CA/FoFo ATÉ DN 100mm, PAVIMENTAÇÃO EM ASFALTO","UN",71.03]
[]
["17.3.11","C2743","RETIRADA DE VAZAMENTO EM REDE DE CA/FoFo ATÉ DN 100mm, PAVIMENTAÇÃO EM PEDRA TOSCA","UN",61.52]
[]
["17.3.12","C2744","RETIRADA DE VAZAMENTO EM REDE DE CA/FoFo ATÉ DN 100mm, SEM PAVIMENTAÇÃO","UN",52.03]
["17.3.13","C2745","RETIRADA DE VAZAMENTO EM REDE DE CA/FoFo DN 150 À 250mm, PAVIMENTAÇÃO EM ASFALTO","UN",131.88]
[]
["17.3.14","C2746","RETIRADA DE VAZAMENTO EM REDE DE CA/FoFo DN 150 À 250mm, PAVIMENTAÇÃO EM PEDRA TOSCA","UN",122.38]
[]
["17.3.15","C2747","RETIRADA DE VAZAMENTO EM REDE DE CA/FoFo DN 150 À 250mm, S/ PAVIMENTAÇÃO","UN",112.88]
["17.3.16","C2748","RETIRADA DE VAZAMENTO EM REDE DE FoFo DN 300mm, PAVIMENTAÇÃO EM ASFALTO","UN",168.52]
[]
["17.3.17","C2749","RETIRADA DE VAZAMENTO EM REDE DE FoFo DN 300mm, PAVIMENTAÇÃO EM PEDRA TOSCA","UN",163]
[]
["17.3.18","C2750","RETIRADA DE VAZAMENTO EM REDE DE FoFo DN 300mm, S/ PAVIMENTAÇÃO","UN",153.5]
["17.3.19","C2751"," RETIRADA DE VAZAMENTO EM REDE DE PVC ATÉ DN 100mm, PAVIMENTAÇÃO EM ASFALTO","UN",59.68]
[]
["17.3.20","C2752","RETIRADA DE VAZAMENTO EM REDE DE PVC ATÉ DN 100mm, PAVIMENTAÇÃO EM PEDRA TOSCA","UN",50.18]
[]
["17.3.21","C2753","RETIRADA DE VAZAMENTO EM REDE DE PVC ATÉ DN 100mm, S/PAVIMENTAÇÃO","UN",40.08]
["17.3.22","C2754","RETIRADA DE VAZAMENTO EM REDE DE PVC/DEFoFo DN 150 À 250mm","UN",90.62]
["17.3.23","C2755","RETIRADA DE VAZAMENTO EM REDE DE PVC/DEFoFo DN 150 À 250mm, PAVIMENTAÇÃO EM PEDRA TOSCA","UN",80.12]
[]
["17.3.24","C2756","RETIRADA DE VAZAMENTO EM REDE DE PVC/DEFoFo DN 150 À 250mm, S/ PAVIMENTAÇÃO","UN",71.61]
[]
["17.3.25","C2890","RETIRADA DE VAZAMENTO NO CAVALETE","UN",8.56]
["17.4","INJETAMENTO EM TUBULAÇÃO",null,null,6553.02]
["17.4.1","C2762","INJETAMENTO EM TUBO EXISTENTE PVC ATE 100mm INCL. DESLOCAMENTO","UN",116.97]
["17.4.2","C2761","INJETAMENTO EM TUBO EXISTENTE PVC 100<DN<=200mm INCL. DESLOCAMENTO","UN",172.19]
["17.4.3","C2760","INJETAMENTO EM TUBO EXISTENTE FoFo ATE DN 200mm INCL. DESLOCAMENTO","UN",394.63]
["17.4.4","C2757","INJETAMENTO EM TUBO EXISTENTE DE PVC DN>200mm INCL. DESLOCAMENTO","UN",211.62]
["17.4.5","C2758","INJETAMENTO EM TUBO EXISTENTE FoFo 200<DN<=300mm INCL. DESLOCAMETO","UN",617.36]
["17.4.6","C2759","INJETAMENTO EM TUBO EXISTENTE FoFo 300<DN<=500mm INCL. DESLOCAMENTO","UN",1095.71]
["17.4.7","C4596","INJETAMENTO EM TUBO EXISTENTE FoFo 500<DN<=800 INCL. DESLOCAMENTO","UN",1753.12]
["17.4.8","C4597","INJETAMENTO EM TUBO EXISTENTE FoFo 800<DN<=1000 INCL. DESLOCAMENTO","UN",2191.41]
["17.5","MANUTENÇÃO EM REDE DE ESGOTO",null,null,1511.34]
["17.5.1","C0231","ASSENTAMENTO DE TAMPÃO FoFo P/ POÇO DE VISITA","UN",25.2]
["17.5.2","C0514","BY-PASS EM REDE DE ESGOTO","UN",34]
["17.5.3","C4074","CHUMBAMENTO DE RAMAL INTRA-DOMICILIAR DN 100 NA CAIXA DE INSPEÇÃO","UN",13.2]
["17.5.4","C0795","CHUMBAMENTO TUBULAÇÃO NO POÇO VISITA (BLOCO DE CONCRETO)","UN",43.05]
["17.5.5","C0813","COLOCAÇÃO DE TAMPA EM CAIXA DE INSPEÇÃO","UN",7.32]
["17.5.6","C0814","COLOCAÇÃO E CHUMBAMENTO LAJE EXCÊNTRICA, CHAMINÉ E TAMPÃO EM PV","UN",85.37]
["17.5.7","C0815","COLOCAÇÃO E CHUMBAMENTO LAJE EXCENTRICA E TAMPÃO EM PV","UN",73.04]
["17.5.8","C0816","COLOCAÇÃO TUBO CONCRETO PB D= 600 EM PV C/REJUNT./TRANSPORTE","UN",95.2]
["17.5.9","C0817","COLOCAÇÃO TUBO CONCRETO PB D=1000 EM PV C/REJUNT./TRANSPORTE","UN",187.52]
["17.5.10","C2721","DESOBSTRUÇÃO E LIMPEZA DE REDE ENTRE PV's DN ATE 200 C/VARETA","UN",44.06]
["17.5.11","C2720","DESOBSTRUÇÃO E LIMPEZA DE REDE ENTRE PV's DN 200,01 a 400 C/VARETA","UN",88.48]
["17.5.12","C2988","DESOBSTRUÇÃO E LIMPEZA DE REDE ESGOTO ENTRE PV's (INCLUSIVE)","M",1.31]
["17.5.13","C2722","DESOBSTRUÇÃO EM LIGAÇÃO DE ESGOTO DN 100 C/LIMPEZA DA CAIXA","UN",22.21]
["17.5.14","C2723","DESOBSTRUÇÃO EM LIGAÇÃO DE ESGOTO DN>100 C/LIMPEZA DA CAIXA","UN",22.21]
["17.5.15","C2725","DESOBSTRUÇÃO EM REDE ENTRE PV's DN ATE 200mm, C/EQUIP.A JATO","UN",13.69]
["17.5.16","C2724","DESOBSTRUÇÃO EM REDE ENTRE PV's DN 200,01 a 400mm, C/EQUIP. A JATO","UN",13.69]
["17.5.17","C2817","EXECUÇÃO DE CALHA EM CONCRETO NO POÇO DE VISITA","UN",55.56]
["17.5.18","C4212","LIMPEZA DE CAIXAS DE INSPEÇÃO","UN",21.08]
["17.5.19","C2866","LIMPEZA DE PV PROF. ATÉ 2.00m C/EQUIPAMENTO A VÁCUO","UN",18.19]
["17.5.20","C2871","LIMPEZA DE PV PROF. 2,01 a 3,00m C/EQUIPAMENTO A VACUO","UN",23.56]
["17.5.21","C2867","LIMPEZA DE PV PROF. MAIOR QUE 3.00m C/EQUIPAMENTO A VÁCUO","UN",39.24]
["17.5.22","C2868","LIMPEZA DE PV's PROF. ATE 2,00m, MANUAL","UN",53.93]
["17.5.23","C2869","LIMPEZA DE PV's PROF. ENTRE 2.00  A  3.00m, MANUAL","UN",80.99]
["17.5.24","C2870","LIMPEZA DE PV's PROF. MAIOR QUE 3.00m, MANUAL","UN",108.06]
["17.5.25","C2888","NIVELAMENTO DE TAMPÃO DO TIL/TERMINAL DE LIMPEZA","UN",59.81]
["17.5.26","C2889","NIVELAMENTO DE TAMPÃO EM POÇO DE VISITA","UN",118.1]
["17.5.27","C2934","RECUPERAÇÃO DE CAIXA DE INSPEÇÃO","UN",51.76]
["17.5.28","C2943","RETIRADA DE POÇO DE VISITA","UN",64.04]
["17.5.29","C2951","SONDAGEM E INSPEÇÃO EM POÇO DE VISITA","UN",9.72]
["17.5.30","C2977","TAMPONAMENTO PROVISÓRIO DE POÇO DE VISITA","UN",37.74]
["17.6","RECUPERAÇÃO DE TUBULAÇÃO",null,null,43.35]
["17.6.1","C2935","RECUPERAÇÃO TUBULAÇÃO FoFo DN 250mm (CORTE E DESBASTE PONTA)","UN",43.35]
["17.7","SERVIÇO COMERCIAL",null,null,2528.02]
["17.7.1","C4199","COLOCAÇÃO DE APARELHO ELIMINADOR DE AR","UN",109.33]
["17.7.2","C4200","COLOCAÇÃO DE VENTOSA EM REDE EM OPERAÇÃO DN 150 A 200","UN",153.94]
["17.7.3","C2766","ENSAIO DE HIDRÔMETRO","BAN",49.81]
["17.7.4","C4207","INSTALAÇÃO DE MACROMEDIDOR TIPO WALTMANN PARA DIÂMETROS ATÉ 300mm","UN",481.5]
["17.7.5","C4206","INSTALAÇÃO DE MACROMEDIDOR TIPO WALTMANN PARA DIÂMETROS ENTRE 350mm E 600mm","UN",671.54]
[]
["17.7.6","C2859","LANÇAMENTO DE ESGOTO NO INTERCEPTOR","UN",16.24]
["17.7.7","C2880","MEDIÇÃO DE PRESSÃO E VAZÃO","UN",636.01]
["17.7.8","C4213","MONTAGEM DE TUBOS, CONEXÕES E PEÇAS ESPECIAIS, SUBST. REGISTRO P/ TOMADA D'ÁGUA","UN",202.1]
[]
["17.7.9","C2961","SUBSTITUIÇÃO DE REGISTRO COM VOLANTE 3/4\" (C/ MATERIAL)","UN",38.47]
["17.7.10","C2959","SUBSTITUIÇÃO DE REGISTRO COM VOLANTE 1\" (C/ MATERIAL)","UN",48.57]
["17.7.11","C2960","SUBSTITUIÇÃO DE REGISTRO COM VOLANTE 2\" (C/ MATERIAL)","UN",100.69]
["17.7.12","C2962","SUBSTITUIÇÃO DE REGISTRO DE PVC C/BORBOLETA 3/4\"(C/MATERIAL)","UN",19.83]
["18","INST. ELÉTRICAS, TELEFONIA, LÓGICA, SOM E SISTEMAS DE CONTROLE",null,null,24562186.89]
["18.1","ELETRODUTOS DE PVC E CONEXÕES",null,null,741.99]
["18.1.1","C1019","CURVA P/ELETRODUTO PVC ROSC. D= 20mm (1/2\")","UN",2.87]
["18.1.2","C1020","CURVA P/ELETRODUTO PVC ROSC. D= 25mm (3/4\")","UN",3.53]
["18.1.3","C1021","CURVA P/ELETRODUTO PVC ROSC. D= 32mm (1\")","UN",4.44]
["18.1.4","C1022","CURVA P/ELETRODUTO PVC ROSC. D= 40mm (1 1/4\")","UN",7.5]
["18.1.5","C1023","CURVA P/ELETRODUTO PVC ROSC. D= 50mm (1 1/2\")","UN",8.95]
["18.1.6","C1024","CURVA P/ELETRODUTO PVC ROSC. D= 60mm (2\")","UN",13.24]
["18.1.7","C1025","CURVA P/ELETRODUTO PVC ROSC. D= 75mm (2 1/2\")","UN",32.36]
["18.1.8","C1026","CURVA P/ELETRODUTO PVC ROSC. D= 85mm (3\")","UN",39.04]
["18.1.9","C1027","CURVA P/ELETRODUTO PVC ROSC. D=110mm (4\")","UN",60.61]
["18.1.10","C1028","CURVA VERTICAL 90 GRAUS PARA INTERLIGAÇÃO","UN",35.47]
["18.1.11","C1204","ELETRODUTO CONDULETE DE PVC DE 1/2\"","M",7.74]
["18.1.12","C1205","ELETRODUTO CONDULETE DE PVC DE 3/4\"","M",10.6]
["18.1.13","C1203","ELETRODUTO CONDULETE DE PVC DE 1\"","M",14.88]
["18.1.14","C1185","ELETRODUTO PVC ROSC. D= 20mm (1/2\")","M",4.85]
["18.1.15","C1186","ELETRODUTO PVC ROSC. D= 25mm (3/4\")","M",5.73]
["18.1.16","C1187","ELETRODUTO PVC ROSC. D= 32mm (1\")","M",7.72]
["18.1.17","C1188","ELETRODUTO PVC ROSC. D= 40mm (1 1/4\")","M",10.96]
["18.1.18","C1189","ELETRODUTO PVC ROSC. D= 50mm (1 1/2\")","M",13.71]
["18.1.19","C1190","ELETRODUTO PVC ROSC. D= 60mm (2\")","M",17.34]
["18.1.20","C1191","ELETRODUTO PVC ROSC. D= 75mm (2 1/2\")","M",28.76]
["18.1.21","C1192","ELETRODUTO PVC ROSC. D= 85mm (3\")","M",35.61]
["18.1.22","C1193","ELETRODUTO PVC ROSC. D=110mm (4\")","M",50.71]
["18.1.23","C1195","ELETRODUTO PVC ROSC.INCL.CONEXÕES D= 20mm (1/2\")","M",7.49]
["18.1.24","C1196","ELETRODUTO PVC ROSC.INCL.CONEXÕES D= 25mm (3/4\")","M",8.46]
["18.1.25","C1197","ELETRODUTO PVC ROSC.INCL.CONEXÕES D= 32mm (1\")","M",12.87]
["18.1.26","C1198","ELETRODUTO PVC ROSC.INCL.CONEXÕES D= 40mm (1 1/4\")","M",15.3]
["18.1.27","C1199","ELETRODUTO PVC ROSC.INCL.CONEXÕES D= 50mm (1 1/2\")","M",18.76]
["18.1.28","C1194","ELETRODUTO PVC ROSC.INCL.CONEXOES D= 60mm (2\")","M",21.91]
["18.1.29","C1200","ELETRODUTO PVC ROSC.INCL.CONEXÕES D= 75mm (2 1/2\")","M",34.73]
["18.1.30","C1202","ELETRODUTO PVC ROSC.INCL.CONEXÕES D=85MM (3\")","M",41.45]
["18.1.31","C1201","ELETRODUTO PVC ROSC.INCL.CONEXÕES D=110mm (4\")","M",57.69]
["18.1.32","C1184","ELETRODUTO FLEXÍVEL, TIPO GARGANTA","M",8.25]
["18.1.33","C1708","LUVA P/ELETRODUTO PVC ROSC. D= 20mm (1/2\")","UN",0.93]
["18.1.34","C1709","LUVA P/ELETRODUTO PVC ROSC. D= 25mm (3/4\")","UN",1.35]
["18.1.35","C1710","LUVA P/ELETRODUTO PVC ROSC. D= 32mm (1\")","UN",2.21]
["18.1.36","C1711","LUVA P/ELETRODUTO PVC ROSC. D= 40mm (1 1/4\")","UN",3.11]
["18.1.37","C1712","LUVA P/ELETRODUTO PVC ROSC. D= 50mm (1 1/2\")","UN",3.96]
["18.1.38","C1713","LUVA P/ELETRODUTO PVC ROSC. D= 60mm (2\")","UN",5.47]
["18.1.39","C1714","LUVA P/ELETRODUTO PVC ROSC. D= 75mm (2 1/2\")","UN",13.19]
["18.1.40","C1715","LUVA P/ELETRODUTO PVC ROSC. D= 85mm (3\")","UN",19.67]
["18.1.41","C1716","LUVA P/ELETRODUTO PVC ROSC. D=110mm (4\")","UN",34.15]
["18.1.42","C3566","MUTIRÃO MISTO - CURVA P/ELETRODUTO PVC ROSC. D=25mm (3/4\")","UN",2.73]
["18.1.43","C3568","MUTIRÃO MISTO - ELETRODUTO TIPO CONDULETE DE PVC DE 1/2\"","M",6.15]
["18.1.44","C3569","MUTIRÃO MISTO - ELETRODUTO DE PVC ROSC. D=25mm (3/4)\"","M",4.38]
["18.1.45","C3574","MUTIRÃO MISTO - LUVA P/ELETRODUTO PVC ROSC. D=25mm(3/4\")","UN",1.11]
["18.2","ELETRODUTOS DE ALUMÍNIO",null,null,258.93]
["18.2.1","C1179","ELETRODUTO DE ALUMÍNIO, INCLUSIVE CONEXÕES DE  3/4\"","M",16.62]
["18.2.2","C1181","ELETRODUTO DE ALUMÍNIO, INCLUSIVE CONEXÕES DE 1\"","M",20.78]
["18.2.3","C1178","ELETRODUTO DE ALUMÍNIO, INCLUSIVE CONEXÕES DE  1 1/4\"","M",24.34]
["18.2.4","C1180","ELETRODUTO DE ALUMÍNIO, INCLUSIVE CONEXÕES DE 1 1/2\"","M",30.28]
["18.2.5","C1183","ELETRODUTO DE ALUMÍNIO, INCLUSIVE CONEXÕES DE 2\"","M",41.22]
["18.2.6","C1182","ELETRODUTO DE ALUMÍNIO, INCLUSIVE CONEXÕES DE 2 1/2\"","M",52.42]
["18.2.7","C4536","ELETRODUTO DE ALUMÍNIO, INCLUSIVE CONEXÕES DE 3\"","M",73.26]
["18.3","DUTOS E ACESSÓRIOS",null,null,991.05]
["18.3.1","C1162","DUTO PERFURADO - PERFILADOS CHAPA DE AÇO (15X35)mm","M",22.34]
["18.3.2","C1153","DUTO PERFURADO -  PERFILADOS CHAPA DE AÇO (19X38)mm","M",24.36]
["18.3.3","C1163","DUTO PERFURADO - PERFILADOS CHAPA DE AÇO (25X25)mm","M",26.82]
["18.3.4","C1164","DUTO PERFURADO - PERFILADOS CHAPA DE AÇO (35X35)mm","M",27.32]
["18.3.5","C1165","DUTO PERFURADO - PERFILADOS CHAPA DE AÇO (38X38)mm","M",30.62]
["18.3.6","C1156","DUTO PERFURADO - ELETROCALHA CHAPA DE AÇO (25X20)mm","M",31.06]
["18.3.7","C1157","DUTO PERFURADO - ELETROCALHA CHAPA DE AÇO (25X75)mm","M",38.52]
["18.3.8","C1158","DUTO PERFURADO - ELETROCALHA CHAPA DE AÇO (50X50)mm","M",29.41]
["18.3.9","C1161","DUTO PERFURADO - ELETROCALHA DE CHAPA DE AÇO (50X75)mm","M",32.2]
["18.3.10","C1160","DUTO PERFURADO - ELETROCALHA DE CHAPA DE AÇO (50X100)mm","M",37.71]
["18.3.11","C1159","DUTO PERFURADO - ELETROCALHA CHAPA DE AÇO (75X75)mm","M",34.2]
["18.3.12","C1155","DUTO PERFURADO - ELETROCALHA CHAPA DE AÇO (100X100)mm","M",52.62]
["18.3.13","C1154","DUTO PERFURADO - ELETROCALHA CHAPA DE AÇO (100 X 200)mm","M",52.61]
["18.3.14","C4535","DUTO PERFURADO - ELETROCALHA CHAPA DE AÇO (100X300)mm","M",131.98]
["18.3.15","C3617","DUTOS FLEXÍVEIS EM PEAD (POLIETILENO DE ALTA DENSIDADE) - D=1 1/4\", INCLUSIVE CONEXÕES","M",13.84]
[]
["18.3.16","C3618","DUTOS FLEXÍVEIS EM PEAD (POLIETILENO DE ALTA DENSIDADE) - D=1 1/2\", INCLUSIVE CONEXÕES","M",17.23]
[]
["18.3.17","C3619","DUTOS FLEXÍVEIS EM PEAD (POLIETILENO DE ALTA DENSIDADE) - D=2\", INCLUSIVE CONEXÕES","M",19.64]
[]
["18.3.18","C3620","DUTOS FLEXÍVEIS EM PEAD (POLIETILENO DE ALTA DENSIDADE) - D=3\", INCLUSIVE CONEXÕES","M",29.77]
[]
["18.3.19","C3621","DUTOS FLEXÍVEIS EM PEAD (POLIETILENO DE ALTA DENSIDADE) - D=4\", INCLUSIVE CONEXÕES","M",34.91]
[]
["18.3.20","C3623","DUTOS FLEXÍVEIS EM PEAD (POLIETILENO DE ALTA DENSIDADE) - D=5\", INCLUSIVE CONEXÕES","M",60.17]
[]
["18.3.21","C3624","DUTOS FLEXÍVEIS EM PEAD (POLIETILENO DE ALTA DENSIDADE) - D=6\", INCLUSIVE CONEXÕES","M",63.77]
[]
["18.3.22","C2301","TAMPA NORMAL P/DUTO PERFURADO, ATE (100X100)mm","M",44.65]
["18.3.23","C2300","TAMPA NORMAL P/ DUTO PERFURADO, ATE (100 X200)mm","M",59.29]
["18.3.24","C4537","TAMPA NORMAL P/ DUTO PERFURADO, ATÉ (100 x 300) mm","M",75.98]
["18.4","CANALETAS",null,null,392.25]
["18.4.1","C0672","CANALETA PLÁSTICA (20 X 10)MM, SISTEMA \"X\"","M",6.11]
["18.4.2","C0673","CANALETA PLÁSTICA (50 X 20)MM, SISTEMA \"X\"","M",24.46]
["18.4.3","C0671","CANALETA PLÁSTICA (110 X 20)MM, SISTEMA \"X\"","M",66.22]
["18.4.4","C3515","CANALETA EVOLUTIVA SISTEMA DLP 60MM X 50MM COM DIVISÓRIA INTERNA","M",39.14]
["18.4.5","C4026","CANALETA DE CONCRETO 20cm x 20cm C/ TAMPA EM CHAPA DE ALUMÍNIO CORRUGADO","M",115.99]
[]
["18.4.6","C3516","COTOVELO 90 VARIAVEL SISTEMA DLP PARA CANALETA 60MM X 50MM COM DIVISÓRIA INTERNA","UN",35.74]
[]
["18.4.7","C3517","COTOVELO INTERNO SISTEMA DLP PARA CANALETA 60MM X 50MM COM DIVISÓRIA INTERNA","UN",35.74]
[]
["18.4.8","C3518","DERIVAÇÃO EM PVC SISTEMA DLP 60MM X 50MM","UN",33.92]
["18.4.9","C3520","GRAMPO DE SUSTENTAÇÃO DOS CABOS PARA CANALETA EM PVC SISTEMA DLP 60MM X 50MM","UN",4.96]
[]
["18.4.10","C1478","INSTALAÇÃO INTEGRADA DE CANALETA NO PISO (25X30)MM","M",15.07]
["18.4.11","C3519","LUVA PARA CANALETA SISTEMA DLP 60MM X 50MM","UN",14.88]
["18.5","CONEXÕES METÁLICAS",null,null,106.04]
["18.5.1","C0478","BUCHA E ARRUELA DE AÇO GALV. D= 15mm (1/2\")","PAR",0.66]
["18.5.2","C0479","BUCHA E ARRUELA DE AÇO GALV. D= 20mm (3/4\")","PAR",0.95]
["18.5.3","C0480","BUCHA E ARRUELA DE AÇO GALV. D= 25mm (1\")","PAR",1.29]
["18.5.4","C0481","BUCHA E ARRUELA DE AÇO GALV. D= 32mm (1 1/4\")","PAR",1.9]
["18.5.5","C0482","BUCHA E ARRUELA DE AÇO GALV. D= 40mm (1 1/2\")","PAR",2.43]
["18.5.6","C0483","BUCHA E ARRUELA DE AÇO GALV. D= 50mm (2\")","PAR",4.08]
["18.5.7","C0484","BUCHA E ARRUELA DE AÇO GALV. D= 65mm (2 1/2\")","PAR",6.26]
["18.5.8","C0485","BUCHA E ARRUELA DE AÇO GALV. D= 80mm (3\")","PAR",9.19]
["18.5.9","C0486","BUCHA E ARRUELA DE AÇO GALV. D= 90mm (3 1/2\")","PAR",13.87]
["18.5.10","C0487","BUCHA E ARRUELA DE AÇO GALV. D=100mm (4\")","PAR",11.62]
["18.5.11","C0466","BRAÇADEIRA TIPO \"D\", METÁLICA ATE 1\"","UN",3.31]
["18.5.12","C0467","BRAÇADEIRA TIPO \"D\", METÁLICA ATE 2\"","UN",4.29]
["18.5.13","C0468","BRAÇADEIRA TIPO \"D\", METÁLICA ATE 3\"","UN",5.28]
["18.5.14","C0469","BRAÇADEIRA TIPO \"D\", METÁLICA ATE 4\"","UN",5.67]
["18.5.15","C3481","CONECTOR DE CAIXA TIPO RETO (BOX RETO) EM AÇO  DIAM.=1\"","UN",4.12]
["18.5.16","C3480","CONECTOR DE CAIXA TIPO RETO (BOX RETO) EM AÇO  DIAM.=1 1/4\"","UN",6.86]
["18.5.17","C3479","CONECTOR DE CAIXA TIPO RETO (BOX RETO) EM AÇO  DIAM.=2\"","UN",8.69]
["18.5.18","C3484","SUPORTE DE EQUIPAMENTOS P/INSTALAÇÃO DE TOMADAS E INTERRUPTORES EM DUTOS DE ALUMÍNIO C/DIM. 73MM X 25MM","UN",15.58]
[]
["18.6","QUADROS / CAIXAS",null,null,120911.66]
["18.6.1","C0593","CAIXA AQUATIC PVC RÍGIDO REF. 921.07, C/ ENCAIXE","UN",104.43]
["18.6.2","C0594","CAIXA AQUATIC PVC RÍGIDO REF. 921.06 , S/ ENCAIXE","UN",101.76]
["18.6.3","C3504","CAIXA ALVENARIA / REBOCO / C/ TAMPA CONCRETO S/ FUNDO DI=30x30x50 cm","UN",82.94]
["18.6.4","C0591","CAIXA ALVENARIA/REBOCO C/TAMPA CONCRETO FUNDO BRITA 60x60x60cm","UN",147.99]
["18.6.5","C0592","CAIXA ALVENARIA/REBOCO C/TAMPA CONCRETO FUNDO BRITA 80x80x80cm","UN",223.9]
["18.6.6","C0596","CAIXA DE ALVENARIA C/ TAMPA SELADA PELA COELCE","UN",357.31]
["18.6.7","C0595","CAIXA DE ALUMINIO FUNDIDO (40X40X15)cm, C/TAMPA CEGA","UN",202.39]
["18.6.8","C3926","CAIXA DE CONCRETO P/ BASE METÁLICA","UN",354.08]
["18.6.9","C0598","CAIXA DE DERIVAÇÃO NO PISO 300X300MM OU 420X420MM","UN",42.27]
["18.6.10","C0620","CAIXA DE LIGAÇÃO C/TOMADA UNIVERSAL E TOMADA TEL.240X180MM","UN",89.18]
["18.6.11","C0617","CAIXA DE LIGAÇÃO C/2 TOMADAS UNIVERSAL E 2 P/TEL.250X250MM","UN",92.18]
["18.6.12","C0619","CAIXA DE LIGAÇÃO C/TOMADA P/TELEFONE D=9CM C/MOLDURA 11X11CM","UN",92.98]
["18.6.13","C0618","CAIXA DE LIGAÇÃO C/TOMADA DE 3P. D=9CM C/MOLDURA 11X11CM","UN",94.47]
["18.6.14","C0621","CAIXA DE LIGAÇÃO EM CHAPA AÇO ESTAMPADA, 3\"X3\", 4\"X2\",4\"X4\"","UN",7.35]
["18.6.15","C0616","CAIXA DE LIGAÇÃO EM CHAPA AÇO ESTAMPADA 4\"X6\", 5\"X5\"","UN",9.36]
["18.6.16","C0622","CAIXA DE LIGAÇÃO PLÁSTICA DE SOBREPOR, SISTEMA \"X\"","UN",10.22]
["18.6.17","C0626","CAIXA DE PASSAGEM COM TAMPA PARAFUSADA 100X100X80mm","UN",15.01]
["18.6.18","C0627","CAIXA DE PASSAGEM COM TAMPA PARAFUSADA 150X150X80mm","UN",24.89]
["18.6.19","C0628","CAIXA DE PASSAGEM COM TAMPA PARAFUSADA 200X200X100mm","UN",42.02]
["18.6.20","C0629","CAIXA DE PASSAGEM COM TAMPA PARAFUSADA 400X400X150mm","UN",89.39]
["18.6.21","C0630","CAIXA DE PASSAGEM COM TAMPA PARAFUSADA 500X500X150mm","UN",125.06]
["18.6.22","C0636","CAIXA DE PASSAGEM EM ALVENARIA - 1/2 TIJOLO COMUM","M2",77.45]
["18.6.23","C0635","CAIXA DE PASSAGEM EM ALVENARIA - 1 TIJOLO COMUM","M2",122.13]
["18.6.24","C0631","CAIXA EM ALVENARIA (40X40X60cm) DE 1/2 TIJOLO COMUM, LASTRO DE BRITA E TAMPA DE CONCRETO","UN",130.68]
[]
["18.6.25","C0624","CAIXA EM ALVENARIA (40X40X60cm) DE 1 TIJOLO COMUM, LASTRO DE BRITA E TAMPA DE CONCRETO","UN",222.92]
[]
["18.6.26","C0632","CAIXA EM ALVENARIA (60X60X60cm) DE 1/2 TIJOLO COMUM, LASTRO DE BRITA E TAMPA DE CONCRETO","UN",203.04]
[]
["18.6.27","C0625","CAIXA EM ALVENARIA (60X60X60cm) DE 1 TIJOLO COMUM, LASTRO DE BRITA E TAMPA DE CONCRETO","UN",318.15]
[]
["18.6.28","C0634","CAIXA EM ALVENARIA (80X80X60cm) DE 1/2 TIJOLO COMUM, LASTRO DE BRITA E TAMPA DE CONCRETO","UN",280.53]
[]
["18.6.29","C0633","CAIXA EM ALVENARIA (80X80X60cm) DE 1 TIJOLO COMUM, LASTRO DE BRITA E TAMPA DE CONCRETO","UN",416.49]
[]
["18.6.30","C3927","CAIXA DE PASSAGEM TIPO A P/ BALIZAMENTO NOTURNO (80x80x80cm)","UN",566.72]
["18.6.31","C3928","CAIXA DE PASSAGEM TIPO B P/ BALIZAMENTO NOTURNO (150x150x80cm)","UN",891.76]
["18.6.32","C0654","CAIXA PRÉ MOLDADA CONC.P/ AR CONDICIONADO","UN",83.62]
["18.6.33","C0856","CONDULETE DE PVC DE 1/2\", TIPO C - E - LL - LR","UN",11.03]
["18.6.34","C0857","CONDULETE DE PVC DE 3/4\" TIPO C - E - LL - LR","UN",14.4]
["18.6.35","C0855","CONDULETE DE PVC DE 1\" TIPO C - E - LL - LR","UN",18.91]
["18.6.36","C1406","FORNECIMENTO E INSTALAÇÃO DE BARRAMENTO DE COBRE P/QUADROS","KG",83.62]
["18.6.37","C3781","MEDIÇÃO TRIFÁSICA INSTALADA EM MURO - SAÍDA SUBTRRÂNEA","UN",1594.18]
["18.6.38","C3564","MUTIRÃO MISTO - CAIXA DE LIGAÇÃO EM CHAPA AÇO ESTAMPADA, 3\"X3\", 4\"X2\", 4\"X4\"","UN",6.15]
["18.6.39","C3578","MUTIRÃO MISTO - QUADRO DE MEDIÇÃO PADRÃO COELCE","UN",55.84]
["18.6.40","C1895","PETROLET ALUMÍNIO DE 1/2\", TIPO T - X - L","UN",10.48]
["18.6.41","C1890","PETROLET ALUMÍNIO DE 3/4\", TIPO T - X - L","UN",13.93]
["18.6.42","C1894","PETROLET ALUMÍNIO DE 1\", TIPO T - X - L","UN",19.07]
["18.6.43","C1893","PETROLET ALUMÍNIO DE 1 1/4\", TIPO T - X - L","UN",29.37]
["18.6.44","C1892","PETROLET ALUMÍNIO DE 1 1/2\", TIPO T - X - L","UN",33.67]
["18.6.45","C1896","PETROLET ALUMÍNIO DE 2\", TIPO T - X - L","UN",46.93]
["18.6.46","C1887","PETROLET ALUMÍNIO DE 2 1/2\", TIPO T - X - L","UN",79.49]
["18.6.47","C1889","PETROLET ALUMÍNIO DE 3\", TIPO T - X - L","UN",104.34]
["18.6.48","C1888","PETROLET ALUMÍNIO DE 3 1/2\", TIPO T - X - L","UN",116.11]
["18.6.49","C1891","PETROLET ALUMÍNIO DE 4\", TIPO T - X - L","UN",209.84]
["18.6.50","C1946","PONTE DE CRUZAMENTO EM CAIXA DE DERIVAÇÃO","UN",16.08]
["18.6.51","C2064","QUADRO ANUNCIADOR DE ENFERMARIA","UN",98.41]
["18.6.52","C2090","QUADRO P/ MEDIÇÃO EM POSTE DE CONCRETO","UN",935.27]
["18.6.53","C2092","QUADRO P/ MEDIÇÃO PRIMÁRIA 15KV","UN",1063.57]
["18.6.54","C2091","QUADRO P/ MEDIÇÃO PRIMÁRIA 15KV HORA-SAZONAL","UN",1071.79]
["18.6.55","C2065","QUADRO DE COMANDO DE BOMBAS - COMPLETO","UN",252]
["18.6.56","C2076","QUADRO DE DISTRIBUIÇÃO EMBUTIR ATE 3 DIVISÕES, S/BARRAMENTO","UN",32]
["18.6.57","C2078","QUADRO DE DISTRIBUIÇÃO EMBUTIR ATE 6 DIVISÕES, S/BARRAMENTO","UN",46.71]
["18.6.58","C2066","QUADRO DE DISTRIBUIÇÃO DE LUZ SOBREPOR ATE 6 DIVISÕES, C/BARRAMENTO","UN",131.06]
["18.6.59","C2077","QUADRO DE DISTRIBUIÇÃO DE LUZ EMBUTIR ATE 6 DIVISÕES, C/BARRAMENTO","UN",131.06]
["18.6.60","C2067","QUADRO DE DISTRIBUIÇÃO DE LUZ EMBUTIR ATÉ 12 DIVISÕES 207X332X95mm, C/BARRAMENTO","UN",245.36]
[]
["18.6.61","C2068","QUADRO DE DISTRIBUIÇÃO DE LUZ EMBUTIR ATÉ 24 DIVISÕES 332X332X95mm, C/BARRAMENTO","UN",264.36]
[]
["18.6.62","C2069","QUADRO DE DISTRIBUIÇÃO DE LUZ EMBUTIR ATÉ 36 DIVISÕES 457X332X95mm, C/ BARRAMENTO","UN",308.64]
[]
["18.6.63","C2071","QUADRO DE DISTRIBUIÇÃO DE LUZ EMBUTIR ATÉ 72 DIVISÕES 457X646X95mm, C/BARRAMENTO","UN",548.29]
[]
["18.6.64","C2070","QUADRO DE DISTRIBUIÇÃO DE LUZ EMBUTIR ATÉ 72 DIVISÕES 457X646X150mm, C/BARRAMENTO","UN",542.08]
[]
["18.6.65","C2072","QUADRO DE DISTRIBUIÇÃO DE LUZ SOBREPOR ATÉ 12 DIVISÕES 255X315X135mm, C/BARRAMENTO","UN",273.38]
[]
["18.6.66","C2075","QUADRO DE DISTRIBUIÇÃO DE LUZ.SOBREPOR ATÉ 24 DIVISÕES 450X315X135mm, C/BARRAMENTO","UN",350.03]
[]
["18.6.67","C2074","QUADRO DE DISTRIBUIÇÃO DE LUZ.SOBREPOR ATE 64 DIVISÕES 650X440X205mm, C/BARRAMENTO","UN",508.87]
[]
["18.6.68","C2073","QUADRO DE DISTRIBUIÇÃO DE LUZ SOBREPOR ATÉ 128 DIVISÕES 650X875X205mm, C/BARRAMENTO","UN",752.71]
[]
["18.6.69","C2062","QUADRO DE DISTRIBUIÇÃO GERAL BAIXA TENSÃO, C/ACESSÓRIOS - 1UN DE MEDIÇÃO","UN",1760.37]
["18.6.70","C2061","QUADRO DE DISTRIBUIÇÃO GERAL BAIXA TENSÃO, C/ACESSÓRIOS- 3UN DE MEDIÇÃO","UN",2310.04]
["18.6.71","C2084","QUADRO DE DISTRIBUIÇÃO, PADRÃO TELEBRÁS 200X200X120mm","UN",51.58]
["18.6.72","C2085","QUADRO DE DISTRIBUIÇÃO, PADRÃO TELEBRÁS 400X400X120mm","UN",95.05]
["18.6.73","C2086","QUADRO DE DISTRIBUIÇÃO, PADRÃO TELEBRÁS 600X600X120mm","UN",153.11]
["18.6.74","C2087","QUADRO DE DISTRIBUIÇÃO, PADRÃO TELEBRÁS 800X800X120mm","UN",260.08]
["18.6.75","C2080","QUADRO DE DISTRIBUIÇÃO, PADRÃO TELEBRAS 1200X1000X150mm","UN",402.04]
["18.6.76","C2081","QUADRO DE DISTRIBUIÇÃO, PADRÃO TELEBRAS 1200X1200X150mm","UN",518.09]
["18.6.77","C2079","QUADRO DE DISTRIBUIÇÃO PADRÃO TELEBRAS-1200X1500X150mm","UN",520.39]
["18.6.78","C2082","QUADRO DE DISTRIBUIÇÃO, PADRÃO TELEBRAS 1200X1700X150mm","UN",776.61]
["18.6.79","C2088","QUADRO DE FORÇA, C/ BARRAMENTO (0.90X1.90X0.60)M","UN",2488.16]
["18.6.80","C2089","QUADRO DE FORÇA, C/ BARRAMENTO (1.80X1.90X0.60)M","UN",4901.07]
["18.6.81","C3925","QUADRO DE FORÇA P/ 10kW","UN",8867.76]
["18.6.82","C3579","QUADRO DE MEDIÇÃO PADRÃO COELCE - PADRÃO POPULAR","UN",63.8]
["18.6.83","C3969","QUADRO GERAL MÉDIA TENSÃO","UN",71875.02]
["18.6.84","C4027","QUADRO GERAL, COM BARRAMENTO - 15 kV, METÁLICO CHAPA 11MSG, PINTURA EPÓXI, 2,30 x 1,00 x 2,00 - INSTALADO","CJ",8604.14]
[]
["18.6.85","C4052","QUADRO METÁLICO (600 x 400 x 400)mm - INSTALADO","UN",1516.68]
["18.6.86","C2299","TAMPA DE CONCRETO ESP.= 5cm P/CAIXA EM ALVENARIA ","M2",106.04]
["18.7","FIOS, CABOS E ACESSÓRIOS",null,null,6666.37]
["18.7.1","C3424","ABRAÇADEIRA EM FERRO 1 1/4 X 1/2\" C/ PINTURA EPOXI D = 150MM","UN",17.56]
["18.7.2","C4038","ACESSÓRIOS DE BAIXA TENSÃO","CJ",344.7]
["18.7.3","C4030","ACESSÓRIOS DE MÉDIA TENSÃO","CJ",3584.89]
["18.7.4","C0111","ARAME GALVANIZADO PARA PESCA","M",1.33]
["18.7.5","C3750","CABO DE FIBRA ÓPTICA, 01 PAR","M",4.88]
["18.7.6","C3751","CABO DE FIBRA ÓPTICA, 02 PARES","M",5.22]
["18.7.7","C3752","CABO DE FIBRA ÓPTICA, 03 PARES","M",5.75]
["18.7.8","C3753","CABO DE FIBRA ÓPTICA, 04 PARES","M",6.44]
["18.7.9","C0522","CABO COBRE NU 6MM2","M",4.65]
["18.7.10","C0517","CABO COBRE NU 10MM2","M",6.61]
["18.7.11","C0518","CABO COBRE NU 16MM2","M",8.82]
["18.7.12","C0519","CABO COBRE NU 25MM2","M",11.61]
["18.7.13","C0520","CABO COBRE NU 35MM2","M",15.25]
["18.7.14","C0521","CABO COBRE NU 50MM2","M",20.35]
["18.7.15","C0523","CABO COBRE NU 70MM2","M",29.07]
["18.7.16","C3907","CABO COBRE NU, FORMAÇÃO 7 FIOS, 10mm²","M",7.21]
["18.7.17","C4558","CABO CORDPLAST (CABO PP) 3 x 2,50 mm²","M",5.32]
["18.7.18","C4377","CABO EM PVC 1000V 2,5 mm²","M",2.88]
["18.7.19","C0554","CABO EM PVC 1000V  4MM2","M",4.15]
["18.7.20","C0556","CABO EM PVC 1000V  6MM2","M",4.95]
["18.7.21","C0547","CABO EM PVC 1000V  10MM2","M",6.71]
["18.7.22","C0550","CABO EM PVC 1000V  16MM2","M",8.95]
["18.7.23","C0553","CABO EM PVC 1000V  25MM2","M",12.91]
["18.7.24","C0558","CABO EM PVC 1000V  35MM2","M",19.16]
["18.7.25","C0555","CABO EM PVC 1000V  50MM2","M",26.66]
["18.7.26","C0559","CABO EM PVC 1000V  70MM2","M",35.87]
["18.7.27","C0557","CABO EM PVC 1000V  95MM2","M",44.52]
["18.7.28","C0548","CABO EM PVC 1000V  120MM2","M",56.85]
["18.7.29","C0549","CABO EM PVC 1000V  150MM2","M",79.19]
["18.7.30","C0551","CABO EM PVC 1000V  185MM2","M",114.03]
["18.7.31","C0552","CABO EM PVC 1000V  240MM2","M",130.08]
["18.7.32","C4538","CABO EM PVC 15000V 35MM2","M",42.16]
["18.7.33","C4539","CABO EM PVC 15000V 120MM2","M",79.21]
["18.7.34","C0540","CABO ISOLADO PVC 750V 2,5MM2","M",2.82]
["18.7.35","C0534","CABO ISOLADO PVC 750V 4MM2","M",3.73]
["18.7.36","C0537","CABO ISOLADO PVC 750V 6MM2","M",4.64]
["18.7.37","C0524","CABO ISOLADO PVC 750V 10MM2","M",6.02]
["18.7.38","C0527","CABO ISOLADO PVC 750V 16MM2","M",8.33]
["18.7.39","C0530","CABO ISOLADO PVC 750V 25 MM2","M",12.55]
["18.7.40","C0532","CABO ISOLADO PVC 750V 35MM2","M",17.01]
["18.7.41","C0536","CABO ISOLADO PVC 750V 50MM2","M",22.21]
["18.7.42","C0538","CABO ISOLADO PVC 750V 70MM2","M",34.81]
["18.7.43","C0539","CABO ISOLADO PVC 750V 95MM2","M",39.71]
["18.7.44","C0525","CABO ISOLADO PVC 750V 120MM2","M",51.13]
["18.7.45","C0526","CABO ISOLADO PVC 750V 150MM2","M",62.97]
["18.7.46","C0528","CABO ISOLADO PVC 750V 185MM2","M",80.05]
["18.7.47","C0529","CABO ISOLADO PVC 750V 240MM2","M",98.41]
["18.7.48","C0531","CABO ISOLADO PVC 750V 300MM2","M",135.02]
["18.7.49","C0533","CABO ISOLADO PVC 750V 400MM2","M",185.71]
["18.7.50","C0535","CABO ISOLADO PVC 750V 500MM2","M",200.74]
["18.7.51","C0541","CABO LÓGICO 4 PARES, CATEGORIA 3 - UTP (10 MPBS)","M",5.98]
["18.7.52","C0542","CABO LÓGICO 4 PARES, CATEGORIA 4 - UTP (20 MPBS)","M",6.29]
["18.7.53","C0543","CABO LÓGICO 4 PARES, CATEGORIA 5 - UTP (100 MBPS)","M",6.65]
["18.7.54","C4533","CABO LÓGICO 4 PARES, CATEGORIA 6 - UTP","M",7.12]
["18.7.55","C4534","CABO LÓGICO CTP APL-100 - 50","M",32.23]
["18.7.56","C0544","CABO LÓGICO/VÍDEO COAXIAL 5O (OHMS)","M",6.19]
["18.7.57","C0545","CABO LÓGICO/VÍDEO COAXIAL 75 (OHMS)","M",6.46]
["18.7.58","C0546","CABO LÓGICO/VÍDEO COAXIAL 95 (OHMS)","M",6.76]
["18.7.59","C4031","CABO SINGELO ISOLAÇÃO 15 kV, DIÂMETRO 25 mm² - INSTALADO","M",28.65]
["18.7.60","C0562","CABO TELEFÔNICO CCI - 1","M",3.15]
["18.7.61","C0563","CABO TELEFÔNICO CCI - 2","M",3.44]
["18.7.62","C0564","CABO TELEFÔNICO CCI - 3","M",3.74]
["18.7.63","C0565","CABO TELEFÔNICO CCI - 4","M",3.97]
["18.7.64","C0566","CABO TELEFÔNICO CCI - 5","M",4.37]
["18.7.65","C0567","CABO TELEFÔNICO CCI - 6","M",4.74]
["18.7.66","C0568","CABO TELEFÔNICO CI 50-10","M",9.05]
["18.7.67","C0570","CABO TELEFÔNICO CI 50-20","M",11.73]
["18.7.68","C0572","CABO TELEFÔNICO CI 50-30","M",12.77]
["18.7.69","C0573","CABO TELEFÔNICO CI 50-50","M",17.22]
["18.7.70","C0569","CABO TELEFÔNICO CI 50-100","M",34]
["18.7.71","C0571","CABO TELEFÔNICO CI 50-200","M",37.03]
["18.7.72","C0574","CABO TELEFÔNICO CTP-APL 10","M",8.21]
["18.7.73","C0575","CABO TELEFÔNICO CTP-APL 20","M",10.59]
["18.7.74","C0578","CABO TELEFÔNICO CTP-APL 30","M",14.58]
["18.7.75","C0579","CABO TELEFÔNICO CTP-APL 50","M",18.6]
["18.7.76","C0576","CABO TELEFÔNICO CTP-APL 100","M",21.87]
["18.7.77","C0577","CABO TELEFÔNICO CTP-APL 200","M",23.97]
["18.7.78","C0560","CABO TELEFÔNICO CCE - 2","M",4.04]
["18.7.79","C0561","CABO TELEFÔNICO CCE - 3","M",4.2]
["18.7.80","C3908","CABO UNIPOLAR ISOLADO EM EPR 3,6/6kV, 10mm²","M",15.14]
["18.7.81","C0798","CLEATS PARA FIAÇÃO APARENTE","UN",2.85]
["18.7.82","C3565","CLEATS PARA FIAÇÃO APARENTE (MUTIRÃO MISTO)","UN",2.05]
["18.7.83","C3911","CONECTOR DE ATERRAMENTO TIPO K2C17-10mm BURDY","UN",13.81]
["18.7.84","C0859","CONECTOR SPLIT - BOLT P/ CABOS ATE 16MM2","UN",4.14]
["18.7.85","C0860","CONECTOR SPLIT - BOLT P/ CABOS ATE 35MM2","UN",5.26]
["18.7.86","C0858","CONECTOR SPLIT - BOLT P/ CABOS ATE 120MM2","UN",15.18]
["18.7.87","C0861","CONECTOR SPLIT - BOLT P/ CABOS ATE 500MM2","UN",79.32]
["18.7.88","C0869","CORDOALHA COBRE NÚ 35MM2 E ISOLADORES P/PARA-RAIO","M",23.99]
["18.7.89","C0870","CORDOALHA COBRE NÚ 70MM2 E ISOLADORES P/PARA-RAIO","M",38.72]
["18.7.90","C1369","FIO ISOLADO PVC P/750V 0.5MM2","M",1.62]
["18.7.91","C1370","FIO ISOLADO PVC P/750V 0.75MM2","M",1.91]
["18.7.92","C1373","FIO ISOLADO PVC P/750V 1MM2","M",2.18]
["18.7.93","C1371","FIO ISOLADO PVC P/750V 1.5 MM2","M",2.47]
["18.7.94","C1374","FIO ISOLADO PVC P/750V 2.5 MM2","M",2.94]
["18.7.95","C1375","FIO ISOLADO PVC P/750V 4MM2","M",3.71]
["18.7.96","C1376","FIO ISOLADO PVC P/750V 6MM2","M",4.58]
["18.7.97","C1372","FIO ISOLADO PVC P/750V 10MM2","M",7.22]
["18.7.98","C1377","FIO PARALELO ISOLADO, ( 2 X 0,75 )MM2","M",2.23]
["18.7.99","C1378","FIO PARALELO ISOLADO, ( 2 X 1,00 )MM2","M",3.18]
["18.7.100","C1379","FIO PARALELO ISOLADO, ( 2 X 1,50 )MM2","M",4.4]
["18.7.101","C3572","HASTE DE FERRO GALVANIZADO 1.20m PARA ATERRAMENTO (MUTIRÃO MISTO)","UN",14.57]
["18.7.102","C3922","KIT CONECTOR SN-10, 5kV-20A, CABO 10mm²","UN",70.63]
["18.7.103","C4186","MISCELÂNEOS","UN",132.14]
["18.7.104","C3570","MUTIRÃO MISTO - FIO ISOLADO PVC P/750V 1.5MM2","M",1.67]
["18.7.105","C3563","MUTIRÃO MISTO - CABO ISOLADO PVC 750V 6MM2","M",3.6]
["18.7.106","C3571","MUTIRÃO MISTO - FIO PARALELO ISOLADO, (2X0,75)MM2","M",1.68]
["18.7.107","C2455","TERMINAL DE PRESSÃO P/ CABOS ATÉ 16MM2","UN",7.22]
["18.7.108","C2457","TERMINAL DE PRESSÃO P/ CABOS ATÉ 35MM2","UN",8.75]
["18.7.109","C2454","TERMINAL DE PRESSÃO P/ CABOS ATÉ 120MM2","UN",16.69]
["18.7.110","C2456","TERMINAL DE PRESSÃO P/ CABOS ATÉ 240MM2","UN",22.32]
["18.7.111","C2458","TERMINAL DE PRESSÃO P/ CABOS ATÉ 500MM2","UN",45.55]
["18.7.112","C2459","TERMINAL DE PRESSÃO P/ VERGALHÕES DE COBRE 3/8\"","UN",23.8]
["18.7.113","C3482","TERMINAL OLHAL PARA CABO DE 1,50MM2 À 2,50MM2","UN",2.08]
["18.7.114","C3483","TERMINAL OLHAL PARA CABO DE 4,00MM2 À 6,00MM2","UN",2.23]
["18.7.115","C3478","VERGALHÃO ROSCA TOTAL DE 3/8\"","M",5.22]
["18.8","BASES, CHAVES E DISJUNTORES",null,null,158328.75]
["18.8.1","C0380","BASE DE FUSÍVEL DIAZED EM QUADRO DE DISTRIBUIÇÃO ATÉ 25A","UN",29.77]
["18.8.2","C0381","BASE DE FUSÍVEL DIAZED EM QUADRO DE DISTRIBUIÇÃO ATÉ 63A","UN",36.53]
["18.8.3","C0382","BASE DE FUSÍVEL NH 00 EM QUADRO DE DISTRIBUIÇÃO ATÉ 125A","UN",39.33]
["18.8.4","C0376","BASE DE FUSÍVEL TIPO 'NH' 1 ATÉ 250A EM QUADRO DE LUZ E FORÇA","UN",107.83]
["18.8.5","C0377","BASE DE FUSÍVEL TIPO 'NH' 2 ATÉ 400A EM QUADRO DE LUZ E FORÇA","UN",135.72]
["18.8.6","C0378","BASE DE FUSÍVEL TIPO 'NH' 3 ATÉ 630A EM QUADRO DE FORÇA","UN",205.37]
["18.8.7","C0379","BASE DE FUSÍVEL TIPO 'NH' 4 ATÉ 1250A EM QUADRO DE FORÇA","UN",1081.8]
["18.8.8","C4034","CAPACITOR 380 VAC, 25 KVAR - INSTALADO","CJ",937.1]
["18.8.9","C4057","CHAVE PRESSOSTÁTICA 2\" - INSTALADO","UN",328.33]
["18.8.10","C0789","CHAVE SECCIONADORA TRIPOLAR ACIONAM.FRONTAL ROTATIVO 16A","UN",115.7]
["18.8.11","C0792","CHAVE SECCIONADORA TRIPOLAR ACIONAM.FRONTAL ROTATIVO 25A","UN",142.26]
["18.8.12","C0793","CHAVE SECCIONADORA TRIPOLAR ACIONAM.FRONTAL ROTATIVO 40A","UN",222.01]
["18.8.13","C0794","CHAVE SECCIONADORA TRIPOLAR ACIONAM.FRONTAL ROTATIVO 63A","UN",283.38]
["18.8.14","C0787","CHAVE SECCIONADORA TRIPOLAR ACIONAM.FRONTAL ROTATIVO 100A","UN",468.25]
["18.8.15","C0788","CHAVE SECCIONADORA TRIPOLAR ACIONAM.FRONTAL ROTATIVO 125A","UN",555.66]
["18.8.16","C0790","CHAVE SECCIONADORA TRIPOLAR ACIONAM.FRONTAL ROTATIVO 200A","UN",357.78]
["18.8.17","C0791","CHAVE SECCIONADORA TRIPOLAR ACIONAM.FRONTAL ROTATIVO 250A","UN",357.78]
["18.8.18","C0783","CHAVE SECCIONADORA ACIONAMENTO POR ALAVANCA.MONOPOLAR 40A","UN",130.38]
["18.8.19","C0785","CHAVE SECCIONADORA ACIONAMENTO POR ALAVANCA.TRIPOLAR 40A","UN",147.96]
["18.8.20","C0786","CHAVE SECCIONADORA ACIONAMENTO POR ALAVANCA.TRIPOLAR 63A","UN",237.75]
["18.8.21","C0784","CHAVE SECCIONADORA ACIONAMENTO POR ALAVANCA.TRIPOLAR 100A","UN",413.4]
["18.8.22","C4032","CHAVE SECCIONADORA C/ FUSÍVEL, ABERTURA SOB CARGA, 15 kV, 160 A - INSTALADO","UN",1438.04]
["18.8.23","C4037","CHAVE SELETORA DE 3 POSIÇÕES - INSTALADO","UN",72.14]
["18.8.24","C4036","CONTACTOR 65A - INSTALADO","UN",518.92]
["18.8.25","C0780","CONTACTOR AUXILIAR 2NA + 2NF","UN",111.3]
["18.8.26","C0808","CONTROLADOR DE FATOR DE POTÊNCIA COM 8 ESTÁGIOS","UN",5044.57]
["18.8.27","C4028","DISJUNTOR DE MÉDIA TENSÃO SF6 15 kV, 630 A, 3 PÓLOS, 30 kA/15kV, EXTRAÍVEL - INSTALADO","UN",28253.8]
[]
["18.8.28","C1092","DISJUNTOR MONOPOLAR EM QUADRO DE DISTRIBUIÇÃO 10A","UN",12.04]
["18.8.29","C1093","DISJUNTOR MONOPOLAR EM QUADRO DE DISTRIBUIÇÃO 16A","UN",12.04]
["18.8.30","C1095","DISJUNTOR MONOPOLAR EM QUADRO DE DISTRIBUIÇÃO 20A","UN",12.45]
["18.8.31","C1096","DISJUNTOR MONOPOLAR EM QUADRO DE DISTRIBUIÇÃO 25A","UN",12.45]
["18.8.32","C1098","DISJUNTOR MONOPOLAR EM QUADRO DE DISTRIBUIÇÃO 32A","UN",12.45]
["18.8.33","C1099","DISJUNTOR MONOPOLAR EM QUADRO DE DISTRIBUIÇÃO 40A","UN",15.45]
["18.8.34","C1101","DISJUNTOR MONOPOLAR EM QUADRO DE DISTRIBUIÇÃO 50A","UN",15.45]
["18.8.35","C1081","DISJUNTOR BIPOLAR EM QUADRO DE DISTRIBUICAO 10A","UN",47.31]
["18.8.36","C1082","DISJUNTOR BIPOLAR EM QUADRO DE DISTRIBUIÇÃO 16A","UN",50.39]
["18.8.37","C1084","DISJUNTOR BIPOLAR EM QUADRO DE DISTRIBUIÇÃO 20A","UN",50.39]
["18.8.38","C1085","DISJUNTOR BIPOLAR EM QUADRO DE DISTRIBUIÇÃO 25A","UN",50.39]
["18.8.39","C1087","DISJUNTOR BIPOLAR EM QUADRO DE DISTRIBUIÇÃO 32A","UN",50.39]
["18.8.40","C1088","DISJUNTOR BIPOLAR EM QUADRO DE DISTRIBUIÇÃO 40A","UN",55.51]
["18.8.41","C1090","DISJUNTOR BIPOLAR EM QUADRO DE DISTRIBUIÇÃO 50A","UN",55.51]
["18.8.42","C4530","DISJUNTOR DIFERENCIAL DR-16A - 40A, 30mA","UN",147.42]
["18.8.43","C4531","DISJUNTOR DIFERENCIAL DR-80A, 30mA","UN",263.19]
["18.8.44","C1106","DISJUNTOR TRIPOLAR C/ACIONAMENTO NA PORTA DO Q.D.ATE 16 A","UN",64.94]
["18.8.45","C1111","DISJUNTOR TRIPOLAR C/ACIONAMENTO NA PORTA DO Q.D.ATE 32A","UN",70.8]
["18.8.46","C1114","DISJUNTOR TRIPOLAR C/ACIONAMENTO NA PORTA DO Q.D.ATE 63A","UN",101.87]
["18.8.47","C1104","DISJUNTOR TRIPOLAR C/ACIONAMENTO NA PORTA DO Q.D.ATE 100A","UN",181.54]
["18.8.48","C1108","DISJUNTOR TRIPOLAR C/ACIONAMENTO NA PORTA DO Q.D.ATE 160A","UN",337.72]
["18.8.49","C1109","DISJUNTOR TRIPOLAR C/ACIONAMENTO NA PORTA DO Q.D.ATE 250A","UN",1830.46]
["18.8.50","C1112","DISJUNTOR TRIPOLAR C/ACIONAMENTO NA PORTA DO Q.D.ATE 400A","UN",2109.91]
["18.8.51","C1113","DISJUNTOR TRIPOLAR C/ACIONAMENTO NA PORTA DO Q.D.ATE 630A","UN",2916.43]
["18.8.52","C1103","DISJUNTOR TRIPOLAR C/ACIONAMENTO NA PORTA DO Q.D.ATE 1000A","UN",11163.74]
["18.8.53","C1105","DISJUNTOR TRIPOLAR C/ACIONAMENTO NA PORTA DO Q.D.ATE 1250A","UN",11190.7]
["18.8.54","C1107","DISJUNTOR TRIPOLAR C/ACIONAMENTO NA PORTA DO Q.D.ATE 1600A","UN",15558.96]
["18.8.55","C1115","DISJUNTOR TRIPOLAR C/ACIONAMENTO NA PORTA DO Q.D.ATE 2500A","UN",26689.99]
["18.8.56","C1110","DISJUNTOR TRIPOLAR C/ACIONAMENTO NA PORTA DO Q.D.ATE 3150A","UN",27898.6]
["18.8.57","C1116","DISJUNTOR TRIPOLAR EM QUADRO DE DISTRIBUIÇÃO 175A","UN",204.19]
["18.8.58","C1118","DISJUNTOR TRIPOLAR EM QUADRO DE DISTRIBUIÇÃO 10A","UN",67.7]
["18.8.59","C1119","DISJUNTOR TRIPOLAR EM QUADRO DE DISTRIBUIÇÃO 16A","UN",67.7]
["18.8.60","C1121","DISJUNTOR TRIPOLAR EM QUADRO DE DISTRIBUIÇÃO 20A","UN",67.7]
["18.8.61","C1122","DISJUNTOR TRIPOLAR EM QUADRO DE DISTRIBUIÇÃO 25A","UN",67.7]
["18.8.62","C1124","DISJUNTOR TRIPOLAR EM QUADRO DE DISTRIBUIÇÃO 32A","UN",67.7]
["18.8.63","C1125","DISJUNTOR TRIPOLAR EM QUADRO DE DISTRIBUIÇÃO 40A","UN",67.7]
["18.8.64","C1127","DISJUNTOR TRIPOLAR EM QUADRO DE DISTRIBUIÇÃO 50A","UN",67.7]
["18.8.65","C1128","DISJUNTOR TRIPOLAR EM QUADRO DE DISTRIBUIÇÃO 60A","UN",76.49]
["18.8.66","C1130","DISJUNTOR TRIPOLAR EM QUADRO DE DISTRIBUIÇÃO 70A","UN",76.49]
["18.8.67","C1131","DISJUNTOR TRIPOLAR EM QUADRO DE DISTRIBUIÇÃO 90A","UN",76.49]
["18.8.68","C1117","DISJUNTOR TRIPOLAR EM QUADRO DE DISTRIBUIÇÃO 100A","UN",76.49]
["18.8.69","C4035","FUSÍVEL NH 100A - INSTALADO","UN",14.89]
["18.8.70","C3567","MUTIRÃO MISTO - DISJUNTOR MONOPOLAR EM QUADRO DE DISTRIBUIÇÃO DE 16A","UN",9.65]
["18.8.71","C4029","RELÉ DIGITAL MULTIFUNÇÃO, TRIFÁSICO, 115V, TENSÃO AUXILIAR 120Vcc - INSTALADO","UN",11251.57]
[]
["18.8.72","C2260","SECCIONADOR FUSÍVEL DIAZED MONOPOLAR ATE 25A","UN",66.36]
["18.8.73","C2261","SECCIONADOR FUSÍVEL DIAZED MONOPOLAR ATE 63A","UN",102.2]
["18.8.74","C2259","SECCIONADOR FUSÍVEL DIAZED BIPOLAR.ATE 25A","UN",192.48]
["18.8.75","C2258","SECCIONADOR FUSÍVEL DIAZED BIPOLAR ATE 63 A","UN",194.92]
["18.8.76","C2262","SECCIONADOR FUSÍVEL DIAZED TRIPOLAR ATE 25A, EM QUADRO DISTRIBUIÇÃO","UN",180.09]
["18.8.77","C2263","SECCIONADOR FUSÍVEL NH TRIPOLAR MANOBRA C/CARGA.ATE 125A","UN",215.69]
["18.8.78","C2264","SECCIONADOR FUSÍVEL NH TRIPOLAR MANOBRA C/CARGA.ATE 250A","UN",413]
["18.8.79","C2265","SECCIONADOR FUSÍVEL NH TRIPOLAR MANOBRA S/CARGA.ATE 250A","UN",413]
["18.8.80","C2266","SECCIONADOR FUSÍVEL NH TRIPOLAR MANOBRA S/CARGA.ATE 400A","UN",683.71]
["18.8.81","C2267","SECCIONADOR FUSÍVEL NH TRIPOLAR MANOBRA S/CARGA.ATE 630A","UN",855.69]
["18.9","TOMADAS / INTERRUPTORES / ESPELHOS",null,null,1533.91]
["18.9.1","C0597","CAIXA DE AÇO INOXIDÁVEL C/ 8 TOMADAS 2P+T/250V (COMPLETA)","UN",126.46]
["18.9.2","C3477","CAIXA DE PISO EM LATÃO P/ DUAS TOMADAS DIAM.=2\"","UN",56.29]
["18.9.3","C0670","CAMPAINHA TIPO SIRENE ESCOLAR, C/INTERRUPTOR PULSADOR","UN",161.75]
["18.9.4","C0863","CONJUNTO ARSTOP COMPLETO (15 A 30A)","UN",31.62]
["18.9.5","C1491","INTERRUPTOR UMA TECLA BIPOLAR PARALELO 20A 250V","UN",31.4]
["18.9.6","C1492","INTERRUPTOR UMA TECLA PARALELO 10A 250V","UN",14.44]
["18.9.7","C1493","INTERRUPTOR UMA TECLA PARALELO E TOMADA UNIVERSAL 10A 250V","UN",21.52]
["18.9.8","C1494","INTERRUPTOR UMA TECLA SIMPLES 10A 250V","UN",9.79]
["18.9.9","C1498","INTERRUPTOR.UMA TECLA SIMPLES UMA PARALELA.10A.250V","UN",20.49]
["18.9.10","C1497","INTERRUPTOR UMA TECLA SIMPLES UMA P/CAMPAINHA 10A 250V","UN",14.35]
["18.9.11","C1496","INTERRUPTOR UMA TECLA SIMPLES E TOMADA UNIVERSAL 10A 250V","UN",20.92]
["18.9.12","C1495","INTERRUPTOR UMA TECLA SIMPLES DUAS PARALELO 10A 250V","UN",27.28]
["18.9.13","C1490","INTERRUPTOR UMA TECLA 10A - 250V, SISTEMA \"X\"","UN",12.66]
["18.9.14","C1481","INTERRUPTOR DUAS TECLAS PARALELO 10A 250V","UN",23.97]
["18.9.15","C1482","INTERRUPTOR DUAS TECLAS PARALELO E TOMADA 10A 250V","UN",32.6]
["18.9.16","C1479","INTERRUPTOR DUAS TECLAS SIMPLES 10A 250V","UN",18.07]
["18.9.17","C1484","INTERRUPTOR DUAS TECLAS SIMPLES UMA PARALELO 10A 250V","UN",26.8]
["18.9.18","C1483","INTERRUPTOR DUAS TECLAS SIMPLES E TOMADA 10A 250V","UN",26.77]
["18.9.19","C1480","INTERRUPTOR DUAS TECLAS 10A - 250V, SISTEMA \"X\"","UN",15.16]
["18.9.20","C1485","INTERRUPTOR PULSADOR DE CAMPAINHA 10A 250V","UN",10.42]
["18.9.21","C1488","INTERRUPTOR TRES TECLAS PARALELO 10A 250V","UN",31.82]
["18.9.22","C1489","INTERRUPTOR TRES TECLAS SIMPLES 10A 250V","UN",22.76]
["18.9.23","C1486","INTERRUPTOR TECLA SIMPLES TECLA PARALELO E TOMADA 10A 250V","UN",25.93]
["18.9.24","C1487","INTERRUPTOR TIPO CHAMADA ENFERMARIA","UN",13.44]
["18.9.25","C3573","MUTIRÃO MISTO - INTERRUPTOR UMA TECLA SIMPLES E TOMADA UNIVERSAL 10A 250V","UN",17.98]
[]
["18.9.26","C3581","MUTIRÃO MISTO - SOQUETE DE BAQUELITE","UN",4.05]
["18.9.27","C1928","PLACA P/CAIXA ESTAMPADA 4\"X2\" OU 3\"X3\"","UN",4.77]
["18.9.28","C1929","PLACA P/CAIXA ESTAMPADA 4\"X4\"","UN",5.74]
["18.9.29","C1942","PLUG TRIPOLAR (3P+T) - 32A/380V","UN",45.04]
["18.9.30","C3580","SOQUETE DE BAQUELITE - PADRÃO POPULAR","UN",5.25]
["18.9.31","C2298","TAMPA CEGA PLÁSTICA, SISTEMA \"X\"","UN",7.89]
["18.9.32","C2484","TOMADA 2 POLOS MAIS TERRA 20A 250V","UN",15.94]
["18.9.33","C2480","TOMADA 2 POLOS MAIS TERRA 20A - 250V, SISTEMA \"X\"","UN",16.43]
["18.9.34","C2481","TOMADA C/TRAVA MECÂNICA E PLUG DE EMBUTIR 30A/250V","UN",49.83]
["18.9.35","C2482","TOMADA C/TRAVA MECÂNICA E PLUG, DE SOBREPOR 30A/250V","UN",49.83]
["18.9.36","C2483","TOMADA COMPLETA P/ COMPUTADOR","UN",22.15]
["18.9.37","C3485","TOMADA DE PISO FÊMEA PARA RJ-45 (LÓGICA)","UN",44.66]
["18.9.38","C4117","TOMADA ENERGIZADA TIPO PLUG DE GUITARRA PARA SPOT ORIENTÁVEL DE 50W. EMBUTIDA NO FORRO DE GESSO. DEMANDA TOTAL 60%","UN",13.48]
[]
["18.9.39","C2486","TOMADA P/TELEFONE 4 POLOS PADRÃO TELEBRAS","UN",16.92]
["18.9.40","C2487","TOMADA P/TELEFONE 4 POLOS, SISTEMA \"X\"","UN",15.03]
["18.9.41","C2488","TOMADA P/TELEFONE.PINO JACK 1/4\"","UN",13.23]
["18.9.42","C2485","TOMADA P/ COMPUTADOR, SISTEMA \"X\"","UN",16.45]
["18.9.43","C4174","TOMADA P/ CONEXÃO DE REDE C/ CONECTOR RJ 45 C/ ESPELHO EM CAIXA 4 x 4 (INSTALADA)","UN",17.65]
[]
["18.9.44","C3486","TOMADA P/ PISO FÊMEA PARA RJ-11(TELEFÔNICA)","UN",44.26]
["18.9.45","C2490","TOMADA TRIPOLAR, MAIS TERRA - 25A/250V","UN",37.18]
["18.9.46","C2491","TOMADA TRIPOLAR, MAIS TERRA - 30A/250V","UN",44.37]
["18.9.47","C2489","TOMADA TRIPOLAR (3P+T) - 32A/380V","UN",40.34]
["18.9.48","C2493","TOMADA UNIVERSAL 10A 250V","UN",8.9]
["18.9.49","C2492","TOMADA UNIVERSAL 10A - 250V, SISTEMA \"X\"","UN",13.09]
["18.9.50","C2494","TOMADA VOLTAMP - 30A (MACHO/FÊMEA)","UN",57.84]
["18.9.51","C2495","TOMADA VOLTAMP - 60A (MACHO/FÊMEA)","UN",108.85]
["18.10","LUMINÁRIAS INTERNAS / EXTERNAS / ACESSÓRIOS",null,null,44720.82]
["18.10.1","C4114","ARANDELA APLICADA NA LATERAL DO PILAR EM ALUMÍNIO FUNDIDO PINTADO COM REFLETOR EM ALUMÍNIO ANODIZADO E DIFUSOR EM VIDRO PLANO TEMPERADO TRANSPARENTE PARA LÂMPADA VAPOR METÁLICO 400W MAIS REATOR E IGNITOR","UN",691.52]
[]
["18.10.2","C4371","ARANDELA BLINDADA","UN",190.16]
["18.10.3","C4105","ARANDELA PARA FLUORESCENTE COMPACTA 18W EM ALUMÍNIO ANODIZADO E PINTADO POR PROCESSO ELETROSTÁTICO COM UM VISOR EM VIDRO FOSCO","UN",157.24]
[]
["18.10.4","C4106","ARANDELA PARA FLUORESCENTE COMPACTA 18W EM ALUMÍNIO ANODIZADO E PINTADO POR PROCESSO ELETROSTÁTICO COM DOIS VISORES EM VIDRO FOSCO","UN",183.67]
[]
["18.10.5","C4107","ARANDELA PARA LÂMPADA INCANDESCENTE 60W EM ALUMÍNIO ANODIZADO E PINTADO POR PROCESSO ELETROSTÁTICO COM REFLETOR EM ALUMÍNIO ANODIZADO ALTO BRILHO","UN",108.99]
[]
["18.10.6","C3906","BASE METÁLICA INCL. TUBO GALVANIZADO 2\" P/ LUMINÁRIA ELEVADA SN-05","UN",364.97]
["18.10.7","C1029","CÉLULA FOTOELÉTRICA P/ LÂMPADA,  ATÉ 250W","UN",43]
["18.10.8","C1030","CÉLULA FOTOELÉTRICA P/ LÂMPADA, ATÉ 1000W","UN",44.17]
["18.10.9","C4104","CLARABÓIA ARTIFICIAL 60X200CM COM DIFUSOR APOIADO NO FORRO E LUMINÁRIA MAIS REATOR ELETRÔNICO APLICADOS NA LAJE PARA 2 FLUORESCENTES 32W COR QUENTE","UN",124.71]
[]
["18.10.10","C0862","CONJUNTO  C/01 PÉTALA  E  LÂMPADA VAPOR METÁLICO 400W, MONTADA EM POSTE DE CONCRETO CIRCULAR - H=12M","UN",1598.12]
[]
["18.10.11","C3726","CONJUNTO C/02 PÉTALAS E LÂMPADAS VAPOR METÁLICO 400W, MONTADA EM POSTE DE CONCRETO CIRCULAR - H=12M","UN",2023.31]
[]
["18.10.12","C3727","CONJUNTO C/03 PÉTALAS E LÂMPADAS VAPOR METÁLICO 400W, MONTADA EM POSTE DE CONCRETO CIRCULAR - H=12M","UN",2454.98]
[]
["18.10.13","C3728","CONJUNTO C/04 PÉTALAS E LÂMPADAS VAPOR METÁLICO 400W, MONTADA EM POSTE DE CONCRETO CIRCULAR - H=12M","UN",2903.49]
[]
["18.10.14","C3915","GLOBO PRISMÁTICO AZUL PARA LUMINÁRIA SN-05 (45W)","UN",288.61]
["18.10.15","C3917","GLOBO PRISMÁTICO CLARO / ÂMBAR P/ LUMINÁRIA SN-05 (30W)","UN",370.76]
["18.10.16","C3916","GLOBO PRISMÁTICO CLARO PARA LUMINÁRIA SN-05 (30W)","UN",234.84]
["18.10.17","C3918","LÂMPADA 30W-6.6A, BASE MÉDIUM PREFOCUS","UN",108.9]
["18.10.18","C3919","LÂMPADA 45W-6.6A, BASE MÉDIUM PREFOCUS","UN",108.9]
["18.10.19","C1764","LÂMPADA DE SEGURANÇA RED.STANDART C/13.9CM","UN",296.18]
["18.10.20","C4103","LÂMPADA FLUORESCENTE 32W/3000K MAIS REATOR ELETRÔNICO FIXADOS SOBRE SANCA","UN",43.98]
[]
["18.10.21","C1765","LÂMPADA FLUORESCENTE DE 16W OU 20W (SUBSTITUIÇÃO)","UN",10.54]
["18.10.22","C1766","LÂMPADA FLUORESCENTE DE 32W OU 40W (SUBSTITUIÇÃO)","UN",10.54]
["18.10.23","C1767","LÂMPADA FLUORESCENTE, TIPO PL, ATE 13W (SUBSTITUIÇÃO)","UN",17.09]
["18.10.24","C1768","LÂMPADA HALÓGENA ATÉ 500W (SUBSTITUIÇÃO)","UN",31.69]
["18.10.25","C1769","LÂMPADA INCANDESCENTE  ATE 150W (SUBSTITUIÇÃO)","UN",5.03]
["18.10.26","C1763","LÂMPADA  MISTA DE 160  A 500W  (SUBSTITUIÇÃO)","UN",57.41]
["18.10.27","C1770","LÂMPADA VAPOR DE MERCÚRIO ATE 160W (SUBSTITUIÇÃO)","UN",29.72]
["18.10.28","C1771","LÂMPADA VAPOR DE MERCÚRIO ATE 250W  (SUBSTITUIÇÃO)","UN",31.34]
["18.10.29","C1773","LÂMPADA VAPOR DE MERCÚRIO ATÉ 400W (SUBSTITUIÇÃO)","UN",46.96]
["18.10.30","C1772","LÂMPADA VAPOR DE MERCÚRIO ATE 400W (SUBSTITUIÇÃO)","UN",46.96]
["18.10.31","C1776","LÂMPADA VAPOR DE SÓDIO ATE 70W  (SUBSTITUIÇÃO)","UN",30.87]
["18.10.32","C1774","LÂMPADA VAPOR DE SÓDIO ATE 250W  (SUBSTITUIÇÃO)","UN",52.71]
["18.10.33","C1775","LÂMPADA VAPOR DE SÓDIO ATE 400W (SUBSTITUIÇÃO)","UN",52.71]
["18.10.34","C1777","LÂMPADA VAPOR METÁLICO ATE 1000W (SUBSTITUIÇÃO)","UN",431.98]
["18.10.35","C1778","LÂMPADA VAPOR METÁLICO ATE 2000W (SUBSTITUIÇÃO)","UN",556.74]
["18.10.36","C4111","LUMINÁRIA APLICADA NAS LATERAIS DAS PAREDES EXPOSITORAS EM CHAPA DE AÇO PINTADA COM REFLETOR DE ALUMÍNIO ANODIZADO ALTO BRILHO E DIFUSOR EM VIDRO TRANSPARENTE TEMPERADO COM PONTO DE LUZ DE 300W A 2M DO PISO","UN",266.37]
[]
["18.10.37","C4100","LUMINÁRIA CILÍNDRICA DE EMBUTIR COM ANEL DE ARREMATE EM ALUMÍNIO ANODIZADO E PINTADO POR PROCESSO ELETROSTÁTICO COM REFLETOR EM ALUMÍNIO ANODIZADO ALTO BRILHO COM CONTROLE ANTIOFUSCAMENTO PARA LÂMPADA FLUORESCENTE COMPACTA DE 23W","UN",127.63]
[]
["18.10.38","C1650","LUMINÁRIA C/LÂMPADA INCANDESCENTE, A PROVA DE TEMPO, VAPOR, ETC.","UN",54.76]
["18.10.39","C1651","LUMINÁRIA C/LÂMPADA MISTA DE 160 A 500W","UN",631.99]
["18.10.40","C1652","LUMINÁRIA COMPLETA, EMBUTIDA EM LAJE P/ PRESÍDIO","UN",101.44]
["18.10.41","C1653","LUMINÁRIA DE ADVERTENCIA - INTERNA/EXTERNA","UN",71.45]
["18.10.42","C3627","LUMINÁRIA DE ALTO RENDIMENTO, CORPO EM ALUMÍNIO FUNDIDO P/ LÂMPADAS VAPOR DE SÓDIO 400W","UN",513.06]
[]
["18.10.43","C4109","LUMINÁRIA DE APLICAR EM CHAPA DE AÇO TRATADA E PINTADA EM EPÓXI BRANCO COM REFLETOR PARABÓLICO EM CHAPA DE ALUMÍNIO ANODIZADO ALTO BRILHO PARA LÂMPADA FLUORESCENTE 1X32W COR QUENTE MAIS REATOR AFP-PR","UN",134.23]
[]
["18.10.44","C4101","LUMINÁRIA DE EMBUTIR COM ANEL DE ARREMATE EM ALUMÍNIO ANODIZADO E PINTADO POR PROCESSO ELETROSTÁTICO COM REFLETOR EM ALUMÍNIO ANODIZADO ALTO BRILHO COM CONTROLE ANTIOFUSCAMENTO PARA LÂMPADA FLUORESCENTE COMPACTA DE 26W","UN",127.63]
[]
["18.10.45","C4102","LUMINÁRIA DE EMBUTIR COM ANEL DE ARREMATE EM ALUMÍNIO ANODIZADO E PINTADO POR PROCESSO ELETROSTÁTICO PARA LÂMPADA DICRÓICA DE 50W","UN",90.56]
[]
["18.10.46","C4540","LUMINÁRIA DE EMBUTIR CORPO E GRADE DE PROTEÇÃO EM LIGA DE ALUMÍNIO FUNDIDO, REFLETOR EM CHAPA DE ALUMÍNIO ANODIZADO","UN",109.01]
[]
["18.10.47","C4433","LUMINÁRIA DE EMBUTIR EM TETO, CIRCULAR, CORPO EM ALUMÍNIO ANODIZADO COM LÂMPADA HQI DE 70W","UN",128.97]
[]
["18.10.48","C4394","LUMINÁRIA DE EMERGÊNCIA","UN",261.99]
["18.10.49","C4412","LUMINÁRIA DE PISO MÓVEL, CORPO EM ALUMÍNIO, REFLETOR EM ALUMÍNIO ANODIZADO COM PROTETOR DE VIDRO EM GRADE DE ALUMÍNIO","UN",144.92]
[]
["18.10.50","C3628","LUMINÁRIA DECORATIVA, CORPO EM ALUMÍNIO FUNDIDO P/ LÂMPADAS VAPOR DE SÓDIO 250W","UN",422.33]
[]
["18.10.51","C3924","LUMINÁRIA ELEVADA MÉDIA INTENSIDADE SN-05","UN",325.91]
["18.10.52","C1659","LUMINÁRIA FECHADA, BRAÇO, LENTE DE VIDRO E LÂMPADA DE VAPOR DE MERCÚRIO 250W","UN",286.27]
[]
["18.10.53","C1658","LUMINÁRIA FECHADA, BRAÇO LENTE VIDRO C/ LÂMPADA DE VAPOR DE MERCÚRIO 400W","UN",326.91]
[]
["18.10.54","C1660","LUMINÁRIA FECHADA, BRAÇO, LENTE VIDRO E LÂMPADA DE VAPOR DE SÓDIO 360W","UN",361.91]
["18.10.55","C1662","LUMINÁRIA FLUORESCENTE COMPLETA (1 X 16)W","UN",59.17]
["18.10.56","C1637","LUMINÁRIA FLUORESCENTE COMPLETA (1 X 32)W","UN",71.95]
["18.10.57","C1661","LUMINÁRIA FLUORESCENTE COMPLETA ( 2 X 16 )W","UN",78.36]
["18.10.58","C1638","LUMINÁRIA FLUORESCENTE COMPLETA (2 X 32)W","UN",110.54]
["18.10.59","C1639","LUMINÁRIA FLUORESCENTE COMPLETA (4 X 16)W","UN",166.4]
["18.10.60","C1636","LUMINÁRIA FLUORESCENTE COMPLETA ( 4 X 32 )W","UN",212.36]
["18.10.61","C1640","LUMINÁRIA FLUORESCENTE COMPLETA C/1 LÂMPADA DE 20W","UN",47.2]
["18.10.62","C1663","LUMINÁRIA FLUORESCENTE COMPLETA C/ 1 LÂMPADA 40W","UN",50.64]
["18.10.63","C1665","LUMINÁRIA FLUORESCENTE COMPLETA C/2 LÂMPADAS DE 20W","UN",66.87]
["18.10.64","C1666","LUMINÁRIA FLUORESCENTE COMPLETA C/2 LÂMPADAS DE 40W","UN",76.06]
["18.10.65","C1667","LUMINÁRIA FLUORESCENTE COMPLETA C/2 LÂMPADAS DE 65W","UN",145.81]
["18.10.66","C1664","LUMINÁRIA FLUORESCENTE COMPLETA C/ 3 LÂMPADAS 40W","UN",92.52]
["18.10.67","C1641","LUMINÁRIA FLUORESCENTE COMPLETA C/4 LÂMPADAS DE 20W","UN",115.85]
["18.10.68","C1642","LUMINÁRIA FLUORESCENTE COMPLETA C/4 LÂMPADAS DE 40W","UN",143.42]
["18.10.69","C1668","LUMINÁRIA P/MUROS FECHADA  C/ LÂMPADA","UN",74.91]
["18.10.70","C1669","LUMINÁRIA PAREDE,TIPO ARANDELA C/ LÂMPADA INCANDESCENTE","UN",45.09]
["18.10.71","C4108","LUMINÁRIA QUADRADA EMBUTIDA NA PAREDE PARA LÂMPADA FLUORESCENTE COMPACTA 2X26W EM ALUMÍNIO FUNDIDO E PINTADO POR PROCESSO ELETROSTÁTICO COM REFLETOR EM ALUMÍNIO ANODIZADO ALTO BRILHO E DIFUSOR EM VIDRO TRANPARENTE PRISMÁTICO","UN",405.1]
[]
["18.10.72","C1671","LUMINÁRIA REFLETORA COM LÂMPADA HALÓGENA DICROICA 50W","UN",34.65]
["18.10.73","C1670","LUMINÁRIA REFLETORA COM LÂMPADA HALÓGENA DICROICA 75W","UN",56.74]
["18.10.74","C1672","LUMINÁRIA REFLETORA INTERNA SIMPLES C/OU S/VIDRO","UN",98.54]
["18.10.75","C1643","LUMINÁRIA REFLETORA.INTERNA.SIMPLES C/LÂMPADA MERCÚRIO","UN",102.34]
["18.10.76","C1673","LUMINÁRIA TIPO GLOBO PLÁSTICO C/ LÂMPADA INCANDESCENTE","UN",32.03]
["18.10.77","C1674","LUMINÁRIA TIPO GLOBO VIDRO C/ LAMPADA INCANDESCENTE","UN",45.93]
["18.10.78","C1675","LUMINÁRIA TIPO GLOBO VIDRO C/ LÂMPADA MISTA, ATÉ 160W","UN",57.88]
["18.10.79","C1676","LUMINÁRIA TIPO GLOBO VIDRO C/ LÂMPADA MISTA, ATÉ 500W","UN",98.31]
["18.10.80","C1677","LUMINÁRIA TIPO SPOT DIRECIONAL C/ BRAÇO E C/ LÂMPADA INCANDESCENTE","UN",46.45]
["18.10.81","C1678","LUMINÁRIA TIPO SPOT SIMPLES C/ LÂMPADA INCANDESCENTE","UN",26.83]
["18.10.82","C1875","PENDENTE OU PLAFONIER C/GLOBO LEITOSO C/ 1 LÂMPADA DE 60W","UN",28.56]
["18.10.83","C3921","PLACA SUPORTE P/ LUMINÁRIA SN-05","UN",214.4]
["18.10.84","C2001","POSTE CONCRETO H=10M, 1 PROJETOR, LÂMPADA DE VAPOR DE MERCÚRIO 250 A 400W","UN",1440.94]
[]
["18.10.85","C2003","POSTE CONCRETO H=10M, 2 PROJETORES, LÂMPADA DE VAPOR DE MERCÚRIO 250 A 400W","UN",1645.22]
[]
["18.10.86","C2002","POSTE CONCRETO H=10M, 2 PROJETORES, LÂMPADA DE VAPOR DE MERCÚRIO 400W","UN",1766.35]
["18.10.87","C2004","POSTE CONCRETO H=10M, 3 PROJETORES, LÂMPADA DE VAPOR DE MERCÚRIO 250 A 400W","UN",1849.49]
[]
["18.10.88","C2005","POSTE CONCRETO H=10M, 4 PROJETORES, LÂMPADA DE VAPOR DE MERCÚRIO 250 A 400W","UN",2053.76]
[]
["18.10.89","C2006","POSTE CONCRETO H=10M, PROJETOR, LÂMPADA DE VAPOR DE MERCÚRIO 400W","UN",1501.53]
["18.10.90","C2905","POSTE DE CONCRETO 9/150 DUPLO T, 1 LUMINÁRIA FECHADA VM 250W","UN",678.85]
["18.10.91","C2906","POSTE DE CONCRETO 9/150 DUPLO T, 2 LUMINÁRIAS FECHADAS VM 250W","UN",884.94]
["18.10.92","C2008","POSTE DE CONCRETO P/ILUMINAÇÃO, ATÉ H=8.0OM","UN",430.62]
["18.10.93","C2007","POSTE DE CONCRETO P/ ILUMINAÇÃO, ATÉ H=11.0M","UN",660.32]
["18.10.94","C2009","POSTE DE FERRO P/ JARDIM H=2.80M, C/GLOBO E LÂMPADA VAPOR DE SÓDIO 70W","UN",377.8]
["18.10.95","C2010","POSTE DE FERRO P/JARDIM H=2.80M, C/GLOBO DE VIDRO, S/ LÂMPADA","UN",285.59]
["18.10.96","C3625","POSTE METÁLICO CÔNICO RETO FLANGEADO H=10.0m P/02 LUMINÁRIAS DECORATIVAS","UN",1033.62]
[]
["18.10.97","C3626","POSTE METÁLICO DECORATIVO CÔNICO RETO FLANGEADO H=4.0m P/01 OU 02 LUMINÁRIAS DECORATIVAS","UN",821.26]
[]
["18.10.98","C2047","PROJETOR DE ALUMÍNIO, C/ LÂMPADA FLUORESCENTE ATÉ PL-13W","UN",220.75]
["18.10.99","C2044","PROJETOR DE ALUMÍNIO, C/ LÂMPADA FLUORESCENTE ATÉ PL-18W","UN",221.04]
["18.10.100","C2045","PROJETOR DE ALUMÍNIO, C/ LÂMPADA DE VAPOR METÁLICO E FOTOCÉLULA ATÉ 400W","UN",429.79]
[]
["18.10.101","C2046","PROJETOR DE ALUMÍNIO, C/ LÂMPADA DE VAPOR METÁLICO E FOTOCÉLULA ATÉ 1000W","UN",980.65]
[]
["18.10.102","C2048","PROJETOR C/ LÂMPADA DE VAPOR DE MERCÚRIO, C/FOTOCÉLULA","UN",259.04]
["18.10.103","C2050","PROJETOR C/LÂMPADA VAPOR DE  MERCÚRIO DE 250W OU 400W, COMPLETA","UN",213.47]
["18.10.104","C2051","PROJETOR C/ LÂMPADA VAPOR METÁLICO 1000W  C/FOTOCÉLULA","UN",887.15]
["18.10.105","C2049","PROJETOR C/LÂMPADA HALÓGENA DUPLO ENVELOPE DE 500W","UN",225.13]
["18.10.106","C4115","PROJETOR EM ALUMÍNIO POLIDO COM REFLETOR EM ALUMÍNIO ANODIZADO E DIFUSOR EM VIDRO PLANO TEMPERADO TRANSPARENTE DIÂMETRO = 40CM PARA LÂMPADA VAPOR METÁLICO 400W C/ REATOR E IGNITOR","UN",646.98]
[]
["18.10.107","C4112","PROJETOR EMBUTIDO NO FORRO EM CHAPA DE AÇO PINTADA COM REFLETOR DE ALUMÍNIO ANODIZADO ALTO BRILHO E DIFUSOR EM VIDRO TRANSPARENTE TEMPERADO PARA LÂMPADA DE VAPOR METÁLICO 400W C/ REATOR E IGNITOR","UN",382.71]
[]
["18.10.108","C2052","PROJETOR EXTERNO DE ALTA POT.ATE 2000 W","UN",952.49]
["18.10.109","C2053","PROJETOR EXTERNO P/ LÂMPADA DE VAPOR DE MERCÚRIO DE 250 OU 400 W","UN",213.47]
["18.10.110","C2054","PROJETOR LÂMPADA DE VAPOR DE MERCÚRIO 250W, C/FOTOCÉLULA","UN",272.3]
["18.10.111","C2055","PROJETOR TIPO CANHÃO LÂMPADA HALÓGENA 1000W","UN",1002.01]
["18.10.112","C3912","PROLONGAMENTO P/ BASE METÁLICA EXISTENTE","UN",440.18]
["18.10.113","C2105","REATOR AFP-220V, SIMPLES P/ LÂMPADA FLUORESCENTE (SUBSTITUIÇÃO)","UN",25.82]
["18.10.114","C2104","REATOR AFP-220V, DUPLO P/ LÂMPADA FLUORESCENTE (SUBSTITUIÇÃO)","UN",35.73]
["18.10.115","C2106","REATOR DE PARTIDA P/LÂMPADA VAPOR DE MERCÚRIO ATÉ 1000W","UN",79.3]
["18.10.116","C4110","SISTEMA DE ILUMINAÇÃO COM LED BRANCO PARA FIXAÇÃO LATERAL EM LINHA COM DISPERSÃO A 90 GRAUS E SUPORTE DE ALUMÍNIO, ALIMENTAÇÃO POR DRIVER REMOTO EM CORRENTE CONTÍNUA","M",585.55]
[]
["18.10.117","C4113","SPOT ORIENTÁVEL PARA PLUG DE GUITARRA. PARA LÂMPADAS DICRÓICAS DIVERSAS","UN",126.42]
["18.10.118","C4116","TRANSFORMADOR PARA LEDS","UN",45.48]
["18.11","APARELHOS ELÉTRICOS",null,null,23566.35]
["18.11.1","C0081","AMPERÍMETRO (72X72)MM, ESC. 0-250A","UN",105.61]
["18.11.2","C0082","AMPERÍMETRO (96X96)MM, ESC. 0-500A","UN",106.38]
["18.11.3","C0080","AMPERÍMETRO (144X144)MM, ESC. 0-1000A","UN",147.48]
["18.11.4","C0101","AQUECEDOR CENTRAL ELETROAUTOMATICO 220V-5060 A 7480W","UN",897.47]
["18.11.5","C0102","AQUECEDOR ELÉTRICO CAP.50  A 250L. 110/220V","UN",3504.2]
["18.11.6","C0103","AQUECEDOR INDIVIDUAL ELETROAUTOMATICO 220V - 4840 W","UN",11.76]
["18.11.7","C0465","BOTOEIRA EM ALUMÍNIO FUNDIDO \"LIGA - DESLIGA\"","UN",107.35]
["18.11.8","C1286","ESTABILIZADOR DE TENSÃO/CORRENTE DE 1KVA","UN",181.91]
["18.11.9","C1287","ESTABILIZADOR DE TENSÃO/CORRENTE DE 3KVA","UN",277.73]
["18.11.10","C1288","ESTABILIZADOR DE TENSÃO/CORRENTE DE 5KVA","UN",450.15]
["18.11.11","C1289","ESTABILIZADOR DE TENSÃO/CORRENTE DE 7.5KVA","UN",747.11]
["18.11.12","C1285","ESTABILIZADOR DE TENSÃO/CORRENTE DE 10KVA","UN",1245.15]
["18.11.13","C1354","EXAUSTOR ELETROMECÂNICO INDUSTRIAL D= 400MM","UN",1472.52]
["18.11.14","C1477","INSTALAÇÃO DE EXAUSTOR ELÉTRICO TIPO DOMICILIAR","UN",216.98]
["18.11.15","C2276","SINALIZADOR P/ ENTRADA E SAÍDA DE VEÍCULOS","UN",204.73]
["18.11.16","C2512","TRANSFORMADOR 2KVA MONOFASICO 220V/110V","UN",10018.94]
["18.11.17","C2517","TRANSFORMADOR DE CORRENTE EM QD - FAIXA 50 A 250/5A","UN",97.04]
["18.11.18","C2518","TRANSFORMADOR DE CORRENTE EM QD - FAIXA 200 A 400/5A","UN",98.7]
["18.11.19","C2519","TRANSFORMADOR DE CORRENTE EM QD - FAIXA 400 A 800/5A","UN",104.37]
["18.11.20","C2520","TRANSFORMADOR DE CORRENTE EM QD - FAIXA 1000 A 1500/5A","UN",118.69]
["18.11.21","C4059","TRANSFORMADOR DE CORRENTE 15 KV - INSTALADO","UN",805.74]
["18.11.22","C0832","TRANSFORMADOR DE POTENCIAL 115 VAC 400 VA","UN",748.19]
["18.11.23","C4060","TRANSFORMADOR DE POTÊNCIA 15 KV - INSTALADO","UN",1119.97]
["18.11.24","C2664","VENTILADOR DE TETO METÁLICO","UN",237.7]
["18.11.25","C2682","VOLTÍMETRO (72X72)MM, ESC. 0-500V","UN",147.53]
["18.11.26","C2683","VOLTÍMETRO (96X96)MM, ESC. 0-500V","UN",176.3]
["18.11.27","C2681","VOLTÍMETRO (144X144)MM, ESC. 0-500V","UN",216.59]
["18.12","EQUIPAMENTOS",null,null,2741077.97]
["18.12.1","C4372","BALANÇA ELETRÔNICA C/ PLATAFORMA 18x3, CAP. 80 TON. (FORN./MONTAGEM)","UN",97461.18]
["18.12.2","C4126","ELEVADOR CAPACIDADE 225 Kg, 3 PASSAGEIROS OU CADEIRA DE RODAS C/ ACOMPANHANTE, CABINE E PORTAS DE AÇO INOXIDÁVEL ESCOVADO, 3 PARADAS, VELOC. 0,25m/seg","UN",203044.1]
[]
["18.12.3","C4407","ELEVADOR PARA 10 PESSOAS VELOCIDADE 60m/min - 3 PARADAS - FORNECIMENTO E MONTAGEM","UN",110320.63]
[]
["18.12.4","C4184","GRUPO GERADOR 951/1000 KVA, COM QUADRO AUTOMÁTICO","UN",385501.03]
["18.12.5","C4063","GRUPO GERADOR 781/950 KVA C/ QUADRO AUTOMÁTICO","UN",350501.03]
["18.12.6","C4062","GRUPO GERADOR 636/780 KVA C/ QUADRO AUTOMÁTICO","UN",289188.4]
["18.12.7","C3668","GRUPO GERADOR 501/635 KVA, COM QUADRO AUTOMÁTICO","UN",193475.77]
["18.12.8","C4061","GRUPO GERADOR 451/500 KVA COM QUADRO AUTOMÁTICO","UN",136875.77]
["18.12.9","C4183","GRUPO GERADOR 386/450 KVA, COM QUADRO AUTOMÁTICO","UN",128719.46]
["18.12.10","C3667","GRUPO GERADOR 361/385 KVA, COM QUADRO AUTOMÁTICO","UN",126719.46]
["18.12.11","C3666","GRUPO GERADOR 291/360 KVA, COM QUADRO AUTOMÁTICO","UN",113863.15]
["18.12.12","C1443","GRUPO GERADOR 261/290 KVA, C/ QUADRO AUTOMÁTICO","UN",102306.83]
["18.12.13","C3664","GRUPO GERADOR 236/260 KVA, COM QUADRO AUTOMÁTICO","UN",85406.83]
["18.12.14","C4182","GRUPO GERADOR 216/235 KVA, COM QUADRO AUTOMÁTICO","UN",83466.83]
["18.12.15","C3663","GRUPO GERADOR 171/215  KVA, COM QUADRO AUTOMÁTICO","UN",71836.83]
["18.12.16","C1441","GRUPO GERADOR 141/170 KVA, C/ QUADRO AUTOMÁTICO","UN",68675.52]
["18.12.17","C3661","GRUPO GERADOR 121/140  KVA, COM QUADRO AUTOMÁTICO","UN",57500.52]
["18.12.18","C1440","GRUPO GERADOR 86/120 KVA, C/ QUADRO AUTOMÁTICO","UN",51730.52]
["18.12.19","C1444","GRUPO GERADOR 56/85 KVA, C/ QUADRO AUTOMÁTICO","UN",48709.2]
["18.12.20","C3660","GRUPO GERADOR 45/55 KVA, COM QUADRO AUTOMÁTICO","UN",35594.2]
["18.12.21","C2663","VENTILADOR DE TETO C/ ALETAS DE MADEIRA","UN",180.7]
["18.13","POSTES P/ ENERGIA E COMUNICAÇÃO",null,null,16120.08]
["18.13.1","C3576","MUTIRÃO MISTO - MINI POSTE H=1.50m REX MONO E ROLDANA","UN",19.96]
["18.13.2","C2000","POSTE C/ACESSÓRIOS ATÉ  A ENTRADA DA SUBESTAÇÃO ABRIGADA","UN",10639.26]
["18.13.3","C2012","POSTE P/EDIFICAÇÕES POTÊNCIA INSTALADA ATÉ 5KW","UN",490.43]
["18.13.4","C2017","POSTE P/EDIFICAÇÕES POTÊNCIA INSTALADA DE 5,01 À 10KW","UN",594.66]
["18.13.5","C2013","POSTE P/EDIFICAÇÕES POTÊNCIA INSTALADA DE 10,01 À 15KW","UN",716.02]
["18.13.6","C2014","POSTE P/EDIFICAÇÕES POTÊNCIA INSTALADA DE 15,01 À 20KW","UN",789.72]
["18.13.7","C2015","POSTE P/EDIFICAÇÕES POTÊNCIA INSTALADA DE 20,01 À 25 KW","UN",1252.26]
["18.13.8","C2016","POSTE P/EDIFICAÇÕES POTÊNCIA INSTALADA DE 25,01 À 30 KW","UN",1617.77]
["18.14","SUBESTAÇÃO DE DISTRIBUIÇÃO ABRIGADA - CLASSE 15 kV",null,null,1090348.97]
["18.14.1","C0008","ACESSÓRIOS INTERNOS À SUBESTAÇÃO ABRIGADA","UN",29332.74]
["18.14.2","C4247","SUBESTAÇÃO ABRIGADA EM ALVENARIA DE 225 KVA/13.800-380/220 V, ENTRADA AÉREA, COM POSTO DE TRANSFORMAÇÃO, FORNECIDA COM QUADRO DE MEDIÇÃO E PROTEÇÃO GERAL DE BAIXA TENSÃO","UN",52683.03]
[]
["18.14.3","C4248","SUBESTAÇÃO ABRIGADA EM ALVENARIA DE 300 KVA/13.800-380/220 V, ENTRADA AÉREA, COM POSTO DE MEDIÇÃO, DISJUNÇÃO E TRANSFORMAÇÃO, FORNECIDA COM QUADRO DE PROTEÇÃO GERAL DE BAIXA TENSÃO","UN",90583.47]
[]
["18.14.4","C4249","SUBESTAÇÃO ABRIGADA EM ALVENARIA DE 500 KVA/13.800-380/220 V, ENTRADA AÉREA, COM POSTO DE MEDIÇÃO, DISJUNÇÃO E TRANSFORMAÇÃO, FORNECIDA COM QUADRO DE PROTEÇÃO GERAL DE BAIXA TENSÃO","UN",107396.56]
[]
["18.14.5","C4250","SUBESTAÇÃO ABRIGADA EM ALVENARIA DE 750 KVA/13.800-380/220 V, ENTRADA AÉREA, COM POSTO DE MEDIÇÃO, DISJUNÇÃO E TRANSFORMAÇÃO, FORNECIDA COM QUADRO DE PROTEÇÃO GERAL DE BAIXA TENSÃO","UN",123461.03]
[]
["18.14.6","C4251","SUBESTAÇÃO ABRIGADA EM ALVENARIA DE 1000 KVA/13.800-380/220 V, ENTRADA AÉREA, COM POSTO DE MEDIÇÃO, DISJUNÇÃO E TRANSFORMAÇÃO, FORNECIDA COM QUADRO DE PROTEÇÃO GERAL DE BAIXA TENSÃO","UN",143842.69]
[]
["18.14.7","C4252","SUBESTAÇÃO ABRIGADA EM ALVENARIA DE 1250 KVA/13.800-380/220 V, ENTRADA AÉREA, COM POSTO DE MEDIÇÃO, DISJUNÇÃO E TRANSFORMAÇÃO, FORNECIDA COM QUADRO DE PROTEÇÃO GERAL DE BAIXA TENSÃO","UN",162222.46]
[]
["18.14.8","C4253","SUBESTAÇÃO ABRIGADA EM ALVENARIA DE 1500 KVA/13.800-380/220 V, ENTRADA AÉREA, COM POSTO DE MEDIÇÃO, DISJUNÇÃO E TRANSFORMAÇÃO, FORNECIDA COM QUADRO DE PROTEÇÃO GERAL DE BAIXA TENSÃO","UN",189941.13]
[]
["18.14.9","C2524","TRANSFORMADOR P/CABINE PRIMÁRIA 500KVA-15KV","UN",24369.67]
["18.14.10","C4404","TRANSFORMADOR DE FORÇA À SECO 750 KVA/13.800-380/220V (FORNECIMENTO E MONTAGEM)","UN",50587.2]
[]
["18.14.11","C4405","TRANSFORMADOR DE FORÇA À SECO 2.500 KVA/13.800-440/240V (FORNECIMENTO E MONTAGEM)","UN",115929]
[]
["18.15","SUBESTAÇÃO DE DISTRIBUIÇÃO  AÉREA - CLASSE 15 kV",null,null,86620.74]
["18.15.1","C4240","SUBESTAÇÃO AÉREA DE 15 KVA / 13.800-380/220V COM QUADRO DE MEDIÇÃO E PROTEÇÃO GERAL","UN",8009.47]
[]
["18.15.2","C4241","SUBESTAÇÃO AÉREA DE 30 KVA / 13.800-380/220V COM QUADRO DE MEDIÇÃO E PROTEÇÃO GERAL","UN",8778.82]
[]
["18.15.3","C4242","SUBESTAÇÃO AÉREA DE 45 KVA / 13.800-380/220V COM QUADRO DE MEDIÇÃO E PROTEÇÃO GERAL","UN",9537.62]
[]
["18.15.4","C4243","SUBESTAÇÃO AÉREA DE 75 KVA / 13.800-380/220V COM QUADRO DE MEDIÇÃO E PROTEÇÃO GERAL","UN",11419.86]
[]
["18.15.5","C4244","SUBESTAÇÃO AÉREA DE 112,5 KVA / 13.800-380/220V COM QUADRO DE MEDIÇÃO E PROTEÇÃO GERAL","UN",13316.88]
[]
["18.15.6","C4245","SUBESTAÇÃO AÉREA DE 150 KVA / 13.800-380/220V COM QUADRO DE MEDIÇÃO E PROTEÇÃO GERAL","UN",15924.18]
[]
["18.15.7","C4246","SUBESTAÇÃO AÉREA DE 225 KVA / 13.800-380/220V COM QUADRO DE MEDIÇÃO E PROTEÇÃO GERAL","UN",19633.9]
[]
["18.16","SUBESTAÇÃO DE DISTRIBUIÇÃO AO TEMPO - CLASSE 15 kV",null,null,641963.85]
["18.16.1","C4254","SUBESTAÇÃO AO TEMPO AO NÍVEL DO SOLO DE 300 KVA/13.800-380/220 V, COM CONJUNTO DE MEDIÇÃO PRIMÁRIA EM POSTE DE CONCRETO, POSTO DE DISJUNÇÃO EM CUBÍCULO METÁLICO, FORNECIDA COM QUADRO GERAL DE PROTEÇÃO DE BAIXA TENSÃO","UN",71717.17]
[]
["18.16.2","C4255","SUBESTAÇÃO AO TEMPO AO NÍVEL DO SOLO DE 500 KVA/13.800-380/220 V, COM CONJUNTO DE MEDIÇÃO PRIMÁRIA EM POSTE DE CONCRETO, POSTO DE DISJUNÇÃO EM CUBÍCULO METÁLICO, FORNECIDA COM QUADRO GERAL DE PROTEÇÃO DE BAIXA TENSÃO","UN",85399.3]
[]
["18.16.3","C4256","SUBESTAÇÃO AO TEMPO AO NÍVEL DO SOLO DE 750 KVA/13.800-380/220 V, COM CONJUNTO DE MEDIÇÃO PRIMÁRIA EM POSTE DE CONCRETO, POSTO DE DISJUNÇÃO EM CUBÍCULO METÁLICO, FORNECIDA COM QUADRO GERAL DE PROTEÇÃO DE BAIXA TENSÃO","UN",97195.68]
[]
["18.16.4","C4257","SUBESTAÇÃO AO TEMPO AO NÍVEL DO SOLO DE 1000 KVA/13.800-380/220 V, COM CONJUNTO DE MEDIÇÃO PRIMÁRIA EM POSTE DE CONCRETO, POSTO DE DISJUNÇÃO EM CUBÍCULO METÁLICO, FORNECIDA COM QUADRO GERAL DE PROTEÇÃO DE BAIXA TENSÃO","UN",111191.28]
[]
["18.16.5","C4258","SUBESTAÇÃO AO TEMPO AO NÍVEL DO SOLO DE 1250 KVA/13.800-380/220 V, COM CONJUNTO DE MEDIÇÃO PRIMÁRIA EM POSTE DE CONCRETO, POSTO DE DISJUNÇÃO EM CUBÍCULO METÁLICO, FORNECIDA COM QUADRO GERAL DE PROTEÇÃO DE BAIXA TENSÃO","UN",128664.51]
[]
["18.16.6","C4259","SUBESTAÇÃO AO TEMPO AO NÍVEL DO SOLO DE 1500 KVA/13.800-380/220 V, COM CONJUNTO DE MEDIÇÃO PRIMÁRIA EM POSTE DE CONCRETO, POSTO DE DISJUNÇÃO EM CUBÍCULO METÁLICO, FORNECIDA COM QUADRO GERAL DE PROTEÇÃO DE BAIXA TENSÃO","UN",147795.91]
[]
["18.17","SUBESTAÇÃO DE DISTRIBUIÇÃO AO TEMPO - CLASSE 72,5 kV",null,null,18043940.74]
["18.17.1","C4266","SUBESTAÇÃO AO TEMPO, AO NÍVEL DO SOLO, DE 5 MVA/69.000-13.800 V, COM 1 (UM) VÃO DE ENTRADA (69 KV) E 2 (DOIS) VÃOS DE SAÍDA (13,8 KV) EM ESTRUTURA DE CONCRETO ARMADO, COM DISJUNTOR DE PROTEÇÃO SOMENTE NO SECUNDÁRIO, CASA DE COMANDO E BANCO DE CAPACITORES","UN",1564115.64]
[]
["18.17.2","C4267","SUBESTAÇÃO AO TEMPO, AO NÍVEL DO SOLO, DE 7,5 MVA/69.000-13.800 V, COM 1 (UM) VÃO DE ENTRADA (69 KV) E 3 (TRÊS) VÃOS DE SAÍDA (13,8 KV) EM ESTRUTURA DE CONCRETO ARMADO, COM DISJUNTOR DE PROTEÇÃO SOMENTE NO SECUNDÁRIO, CASA DE COMANDO E BANCO DE CAPACITORES","UN",2300172.97]
[]
["18.17.3","C4268","SUBESTAÇÃO AO TEMPO, AO NÍVEL DO SOLO, DE 10/12,5 MVA/69.000-13.800 V, COM 1 (UM) VÃO DE ENTRADA (69 KV) E 4 (QUATRO) VÃOS DE SAÍDA (13,8 KV) EM ESTRUTURA DE CONCRETO ARMADO, COM DISJUNTOR DE PROTEÇÃO NO PRIMÁRIO E SECUNDÁRIO, CASA DE COMANDO E BANCO DE CAPACITORES","UN",3158783.07]
[]
["18.17.4","C4269","SUBESTAÇÃO AO TEMPO, AO NÍVEL DO SOLO, DE 15/20 MVA/69.000-13.800 V, COM 1 (UM) VÃO DE ENTRADA (69 KV) E 5 (CINCO) VÃOS DE SAÍDA (13,8 KV) EM ESTRUTURA DE CONCRETO ARMADO, COM DISJUNTOR DE PROTEÇÃO NO PRIMÁRIO E SECUNDÁRIO, TRANSFORMADOR COM REGULAÇÃO INCORPORADA, CASA DE COMANDO E BANCO DE CAPACITORES","UN",5153659.85]
[]
["18.17.5","C4270","SUBESTAÇÃO AO TEMPO, AO NÍVEL DO SOLO, DE 20/33 MVA/69.000-13.800 V, COM 1 (UM) VÃO DE ENTRADA (69 KV) E 5 (CINCO) VÃOS DE SAÍDA (13,8 KV) EM ESTRUTURA DE CONCRETO ARMADO, COM DISJUNTOR DE PROTEÇÃO NO PRIMÁRIO E SECUNDÁRIO, TRANSFORMADOR COM REGULAÇÃO INCORPORADA, CASA DE COMANDO E BANCO DE CAPACITORES","UN",5867209.21]
[]
["18.18","SUBESTAÇÃO DO TIPO PEDESTAL - CLASSE 15 kV",null,null,304258.74]
["18.18.1","C4260","SUBESTAÇÃO TIPO PEDESTAL DE 75 KVA/13.800-380/220 V, ENTRADA SUBTERRÂNEA, COM FUSÍVEL PRIMÁRIO BAIONETA, FORNECIDA COM PROTEÇÃO, SECCIONAMENTO GERAL E MEDIÇÃO EM BAIXA TENSÃO","UN",39889.87]
[]
["18.18.2","C4261","SUBESTAÇÃO TIPO PEDESTAL DE 112,5 KVA/13.800-380/220 V, ENTRADA SUBTERRÂNEA, COM FUSÍVEL PRIMÁRIO BAIONETA, FORNECIDA COM PROTEÇÃO, SECCIONAMENTO GERAL E MEDIÇÃO EM BAIXA TENSÃO","UN",41904.93]
[]
["18.18.3","C4262","SUBESTAÇÃO TIPO PEDESTAL DE 150 KVA/13.800-380/220 V, ENTRADA SUBTERRÂNEA, COM FUSÍVEL PRIMÁRIO BAIONETA, FORNECIDA COM PROTEÇÃO, SECCIONAMENTO GERAL E MEDIÇÃO EM BAIXA TENSÃO","UN",45326.81]
[]
["18.18.4","C4263","SUBESTAÇÃO TIPO PEDESTAL DE 225 KVA/13.800-380/220 V, ENTRADA SUBTERRÂNEA, COM FUSÍVEL PRIMÁRIO BAIONETA, FORNECIDA COM PROTEÇÃO, SECCIONAMENTO GERAL E MEDIÇÃO EM BAIXA TENSÃO","UN",51546.38]
[]
["18.18.5","C4264","SUBESTAÇÃO TIPO PEDESTAL DE 300 KVA/13.800-380/220 V, ENTRADA SUBTERRÂNEA, COM FUSÍVEL PRIMÁRIO BAIONETA, FORNECIDA COM PROTEÇÃO, SECCIONAMENTO GERAL E MEDIÇÃO EM BAIXA TENSÃO","UN",55607.06]
[]
["18.18.6","C4265","SUBESTAÇÃO TIPO PEDESTAL DE 500 KVA/13.800-380/220 V, ENTRADA SUBTERRÂNEA, COM FUSÍVEL PRIMÁRIO BAIONETA, FORNECIDA COM PROTEÇÃO, SECCIONAMENTO GERAL E MEDIÇÃO EM BAIXA TENSÃO","UN",69983.69]
[]
["18.19","REDE DE DISTRIBUIÇÃO URBANA - MÉDIA E BAIXA TENSÃO",null,null,242143.77]
["18.19.1","C4271","REDE DE DISTRIBUIÇÃO URBANA PRIMÁRIA NA TENSÃO DE 13,80 KV, PARA CABO DE ALUMÍNIO, COM ESTRUTURA DE ALINHAMENTO EM POSTE DE CONCRETO ARMADO DUPLO T 150/10 (CONDUTOR NÃO INCLUSO)","KM",64645.56]
[]
["18.19.2","C4272","REDE DE DISTRIBUIÇÃO URBANA PRIMÁRIA NA TENSÃO DE 13,80 KV, PARA CABO DE COBRE, COM ESTRUTURA DE ALINHAMENTO EM POSTE DE CONCRETO ARMADO DUPLO T 150/10 (CONDUTOR NÃO INCLUSO)","KM",67596.48]
[]
["18.19.3","C4273","REDE DE DISTRIBUIÇÃO SECUNDÁRIA, PARA CABO DE ALUMÍNIO, NA TENSÃO DE 380 V, COM ESTRUTURA DE ALINHAMENTO EM POSTE DE CONCRETO ARMADO DUPLO T 150/9 (CONDUTOR E TRANSFORMADOR NÃO INCLUSOS)","KM",51947.25]
[]
["18.19.4","C4274","REDE DE DISTRIBUIÇÃO SECUNDÁRIA, PARA CABO DE COBRE, NA TENSÃO DE 380 V, COM ESTRUTURA DE ALINHAMENTO EM POSTE DE CONCRETO ARMADO DUPLO T 150/9 (CONDUTOR E TRANSFORMADOR NÃO INCLUSOS)","KM",57954.48]
[]
["18.20","REDE DE DISTRIBUIÇÃO RURAL - MÉDIA E BAIXA TENSÃO",null,null,174738.44]
["18.20.1","C4275","REDE DE DISTRIBUIÇÃO RURAL PRIMÁRIA, TENSÃO DE 13,80 KV, PARA CABO DE ALUMÍNIO, COM ESTRUTURA DE ALINHAMENTO EM POSTE DE CONCRETO ARMADO DUPLO T 150/10 (CONDUTOR NÃO INCLUSO)","KM",28348.66]
[]
["18.20.2","C4276","REDE DE DISTRIBUIÇÃO RURAL PRIMÁRIA, TENSÃO DE 13,80 KV, PARA CABO DE COBRE, COM ESTRUTURA DE ALINHAMENTO EM POSTE DE CONCRETO ARMADO DUPLO T 150/10 (CONDUTOR NÃO INCLUSO)","KM",36175.42]
[]
["18.20.3","C4277","REDE DE DISTRIBUIÇÃO SECUNDÁRIA, PARA CABO DE ALUMÍNIO, TENSÃO DE 380 V, COM ESTRUTURA DE ALINHAMENTO EM POSTE DE CONCRETO ARMADO DUPLO T 150/9 (CONDUTOR E TRANSFORMADOR NÃO INCLUSOS)","KM",52103.57]
[]
["18.20.4","C4278","REDE DE DISTRIBUIÇÃO SECUNDÁRIA, PARA CABO DE COBRE, TENSÃO DE 380 V, COM ESTRUTURA DE ALINHAMENTO EM POSTE DE CONCRETO ARMADO DUPLO T 150/9 (CONDUTOR E TRANSFORMADOR NÃO INCLUSOS)","KM",58110.8]
[]
["18.21","LINHA DE TRANSMISSÃO PADRÃO URBANO - CLASSE 72,5 kV",null,null,217018.69]
["18.21.1","C4279","LINHA DE TRANSMISSÃO, CLASSE 72,5 KV, PADRÃO URBANO, COM ISOLADOR POLIMÉRICO PARA CABO DE ALUMÍNIO LIGA 6201, EM POSTE DE CONCRETO ARMADO DUPLO T600/17 B (CONDUTOR NÃO INCLUSO)","KM",217018.69]
[]
["18.22","LINHA DE TRANSMISSÃO PADRÃO RURAL - CLASSE 72,5 kV",null,null,132577.47]
["18.22.1","C4280","LINHA DE TRANSMISSÃO, CLASSE 72,5 KV, PADRÃO RURAL, COM CRUZETA DE CONCRETO ARMADO PARA CABO DE ALUMÍNIO LIGA 6201, EM POSTE DE CONCRETO ARMADO DUPLO T1500/17 B (CONDUTOR NÃO INCLUSO)","KM",132577.47]
[]
["18.23","SERVIÇOS AUXILIARES DE TELEFONIA, SOM, LÓGICA E SISTEMAS DE CONTROLE",null,null,442666.78]
["18.23.1","C4406","ACESSÓRIOS PARA UNIDADE DE PESAGEM (FAROL LUMINOSO, SENSORES DE POSIÇÃO, SOFTWARE DE CONFIGURAÇÃO, CABOS, ETC) - FORNECIMENTO E MONTAGEM","CJ",21179.41]
[]
["18.23.2","C4532","ADAPTER CABLE, CATEGORIA \"6\" DE 2,50m","UN",11.96]
["18.23.3","C4042","ALARME SONORO/VISUAL, SIRENE 120 dB, COM ACIONADOR MANUAL, ALIMENTAÇÃO 220 VAC - INSTALADO","UN",224.4]
[]
["18.23.4","C0093","APARELHO SINALIZADOR DE OBSTÁCULOS C/CÉLULA FOTOELÉTRICA","UN",88.58]
["18.23.5","C4567","BANDEJA MÓVEL, PADRÃO 19\"","UN",54.65]
["18.23.6","C0390","BLOCO TELEFÔNICO DE LIGAÇÃO INTERNA BLI - 10","UN",8.72]
["18.23.7","C4566","BLOCO IDC-100 PARES INTERNO, IDC-IDC, PADRÃO 19\"","UN",297.63]
["18.23.8","C3973","CÂMERA FIXA - CFTV - INSTALADA/PROGRAMADA","UN",718.57]
["18.23.9","C3972","CÂMERA MÓVEL - CMTV - INSTALADA/PROGRAMADA","UN",8410.43]
["18.23.10","C4043","COMPUTADOR PENTIUM 4 , 2,80 GHz, 512 K CACHE, HD 40 GB, 128 MB DDR SDRAM, INCLUINDO PLACA ","UN",2771.72]
[]
["18.23.11","C4023","CENTRAL DE CONTROLE DE DETECÇÃO E ALARME DE INCÊNDIO","UN",16766.15]
["18.23.12","C4058","CENTRAL DE CONTROLE P/ SEGURANÇA COMPLETA - INSTALADO","UN",3706.39]
["18.23.13","C4024","CENTRAL DE TELEFONIA C/ 50 RAMAIS E 10 LINHAS TRONCO","UN",18950.78]
["18.23.14","C4004","CONTROLADOR LÓGICO PROGRAMÁVEL MODULAR","UN",22684.97]
["18.23.15","C4051","CONTROLE TIPO JOYSTICK PARA CÂMERA MÓVEL C/ DISPLAY E TECLADO INCORPORADO - INSTALADO","UN",3641.07]
[]
["18.23.16","C4176","CONJUNTO DE CONVERSORES (EMISSOR E RECEPTOR) DE UTP/COAXIAL COM TERMINAIS DE CONEXÃO, CAIXAS DE PROTEÇÃO E FONTE DE ALIMENTAÇÃO","UN",790.98]
[]
["18.23.17","C4177","DETECTOR TERMO-VELOCIMÉTRICO, MONTAGEM DE TETO, C/ BASE ALIMENTAÇÃO 220 VAC, OPERAÇÃO EM REDE - INSTALADO","UN",224.7]
[]
["18.23.18","C4041","DETETOR IÔNICO DE FUMAÇA, MONTAGEM DE TETO, C/ BASE ALIMENTAÇÃO 220VAC, UMA SAÍDA DIGITAL - INSTALADO","UN",214]
[]
["18.23.19","C3765","DISTRIBUIDOR INTERNO ÓPTICO PARA 24 FIBRAS","UN",1091.42]
["18.23.20","C4564","DISTRIBUIDOR INTERNO ÓPTICO - D.I.O. PARA 12 FIBRAS MONO-MODO, COM CONCETORES ST, PADRÃO 19\"","UN",445.24]
[]
["18.23.21","C4565","DISTRIBUIDOR INTERNO ÓPTICO - D.I.O. PARA 24 FIBRAS MONO-MODO, COM CONECTORES ST, PADRÃO 19\"","UN",766.7]
[]
["18.23.22","C0835","GATEWAY ETHERNET, 2 SAÍDAS - RS485","UN",19855.7]
["18.23.23","C4050","GRAVADOR DE VÍDEO, TIPO TIME HOPSE, 960 HORAS - INSTALADO","UN",1570.2]
["18.23.24","C4047","GRAVADOR DIGITAL COM 16 CANAIS DE ENTRADA, 2 SAÍDAS MULTIPLEXADAS, GRAVADOR DE CD-ROM INCORPORADO, M - INSTALADO","UN",30140.76]
[]
["18.23.25","C3760","HUB TIPO 24 PORTAS","UN",1749.66]
["18.23.26","C0831","INTERFACE HOMEM/MÁQUINA 5,7\" TOUCHSCREEN, COLORIDA","UN",10589.71]
["18.23.27","C4046","MATRIX DE CHAVEAMENTO MICROPROCESSADA, LOOP DE INPUTS INCORPORADO, 24 ENTRADAS, 4 SAÍDAS, CCU INCORP - INSTALADO","UN",8057.31]
[]
["18.23.28","C4039","MEDIDOR DE GRANDEZAS ELÉTRICAS TIPO \"POWER METER\" PM 600 SCHNEIDER COM DISPLAY NÃO INCORPORADO - INSTALADO","UN",5801.26]
[]
["18.23.29","C4181","MÓDULO PARA COMUNICAÇÃO EM REDE RS 485 PROTOCOLO MODBUS RTU","UN",2030.44]
["18.23.30","C4048","MONITOR INDUSTRIAL DE VÍDEO COLORIDO, DIGITAL, TELA 19\", PORTA PARALELA - INSTALADO","UN",1379.42]
[]
["18.23.31","C4049","MONITOR INDUSTRIAL DE VÍDEO COLORIDO, VÍDEO COMPOSTO, 2 CANAIS DE ENTRADA E 1 DE SAÍDA, DIMENSÕES 14 - INSTALADO","UN",787.62]
[]
["18.23.32","C4033","NO-BREAK TRIFÁSICO, 380/380 VAC-LL, 60 Hz, 2000VA, BATERIAS INCORPORADAS, AUTO-PORTANTE EM GABINETE IP-44 - INSTALADO","CJ",884.38]
[]
["18.23.33","C4568","ORGANIZADOR DE CABOS HORIZONTAL, ABERTO, PADRÃO RACK 19\"","UN",35.12]
["18.23.34","C3768","PATCH PANEL 24 PORTAS, CATEGORIA \"5\" FURUKAWA","UN",470.6]
["18.23.35","C3770","PATCH CABLE EXTRA-FLEXÍVEL RJ-45/RJ-45 DE 1,50m","UN",9.13]
["18.23.36","C4526","PATCH CABLE EXTRA-FLEXÍVEL RJ-45/RJ-45 DE 2,50m","UN",13.02]
["18.23.37","C3764","RACK FECHADO 24 U'S, 670mm, PROFUNDIDADE PADRÃO 19\"","UN",1896.11]
["18.23.38","C3763","RACK FECHADO 36 U'S, 670mm, PROFUNDIDADE PADRÃO 19\"","UN",2165.46]
["18.23.39","C3762","RACK FECHADO 44 U'S, 670mm, PROFUNDIDADE PADRÃO 19\"","UN",2535.73]
["18.23.40","C4569","RÉGUA DE TOMADAS ELÉTRICAS, COM 08 TOMADAS, PADRÃO RACK 19\"","UN",87.93]
["18.23.41","C4563","ROTEADOR AUTO-GERENCIÁVEL P/ COMUNICAÇÃO DE DADOS, PARA FIBRA ÓPTICA MONO-MODO, COM CONECTORES ST - PADRÃO RACK 19\"","UN",5257.22]
[]
["18.23.42","C4044","SENSOR DE INTRUSÃO MICRO-PROCESSADOR, TIPO MULTIFEIXES, MONTAGEM DE PAREDE, ALIMENTAÇÃO 220 VAC, UMA - INSTALADO","UN",109.88]
[]
["18.23.43","C4055","SENSOR INFRA-VERMELHO ATIVO/PASSIVO FEIXE DUPLO DISTÂNCIA MÁXIMA 100m - INSTALADO","UN",595.6]
[]
["18.23.44","C4019","SISTEMA DE CONTROLE DE ACESSO DE PESSOAL C/ 4 CATRACAS ELETRÔNICAS BI-DIRECIONAIS COM LEITORES DE CARTÕES COM TECNOLOGIA DE PROXIMIDADE INCORPORADOS, 1000 CARTÕES DE PROXIMIDADE, 16 FECHADURAS ELETROMAGNÉTICAS COM SENSORES DE ABERTURA E FONTES DE ALIMENTAÇÃO, 2 LEITORAS DE CARTÕES POR PROXIMIDADE, 2 IMPRESSORAS PARA EMISSÃO DE RELATÓRIOS, 3 CÂMERAS PARA CAPTURA DE IMAGENS, TODOS OS DEMAIS COMPONENTES, FORNECIMENTO E MONTAGEM","CJ",79563.47]
[]
["18.23.45","C4163","SISTEMA DE SONORIZAÇÃO COMPLETO PARA 100 PONTOS (80 SONOFLETORES, 06 CORNETAS E 14 RESERVAS), 80 TRAFOS DE LINHA, 35 ATENUADORES DE VOLUME COM DIAL, CD PLAYER, 5 AMPLIFICADORES DE POTÊNCIA, 3 EQUALIZADORES, 2 LINKS FÍSICOS (TRANSMISSOR/RECEPTOR), 1 PRÉ-MIXER, 1 MICROFONE DE MESA, 1 UNIDADE DE GONGO COM TRÊS TONS, 1 PAINEL DE CONTROLE, 1 MATRIZ, FONTES E DEMAIS COMPONENTES, FORNECIMENTO E MONTAGEM","CJ",110455.99]
[]
["18.23.46","C4398","SOFTWARE DE GERENCIAMENTO DE PESAGEM (INSTALADO)","UN",2642.7]
["18.23.47","C4180","SOFTWARE DE GERENCIAMENTO E CADASTRAMENTO COM BANCO DE DADOS, INTERFACE AMIGÁVEL, PLATAFORMA WINDOWS","UN",6118.4]
[]
["18.23.48","C4178","SOFTWARE DE MONITORAÇÃO E CONTROLE SOBRE PLATAFORMA WINDOWS, PROTOCOLO DE COMUNICAÇÃO ABERTO, MÓDULO GRÁFICO PARA CRIAÇÃO DE TELAS","UN",6118.4]
[]
["18.23.49","C4179","SOFTWARE DE MONITORAÇÃO E CONTROLE SOBRE PLATAFORMA WINDOWS, PROTOCOLO DE COMUNICAÇÃO ABERTO","UN",1583.75]
[]
["18.23.50","C4054","SOFTWARE DE PROGRAMAÇÃO DE PLCs RSLOGIX 500, CD - INSTALADO","UN",4624.74]
["18.23.51","C4040","SOFTWARE SUPERVISÓRIO RS VIEW 32 VERSÃO RUNTIME 150 COM GERENCIADOR DE COMUNICAÇÕES RSLINX - INSTALADO","UN",4162.27]
[]
["18.23.52","C4053","SOFTWARE SUPERVISÓRIO RS VIEW 32 VERSÃO RUNTIME 1500 COM GERENCIADOR DE COMUNICAÇÕES RSLINX - INSTALADO","UN",21729.65]
[]
["18.23.53","C4175","SWITCHER AUTO-GERENCIÁVEL P/ COMUNICACÃO DE DADOS COM 24 PORTAS EM CONECTORES RJ 45, 10/100 KBPS E DUAS PORTAS 10/100/1000 KBPS - PADRÃO RACK 19\"","UN",4791.84]
[]
["18.23.54","C4056","TRANSMISSOR ELETRÔNICO DE PRESSÃO TIPO INSERÇÃO, COM INDICADOR INCORPORADO, GERAÇÃO DE SINAL PROPORC - INSTALADO","UN",1804.84]
[]
["18.24","OUTROS ELEMENTOS",null,null,70492.53]
["18.24.1","C0327","ATERRAMENTO COMPLETO C/HASTES COPPERWELD P/PÁRA-RAIOS","UN",641.07]
["18.24.2","C0326","ATERRAMENTO COMPLETO C/ HASTE COPPERWELD 3/4\"X 2.40M","UN",159.21]
["18.24.3","C0325","ATERRAMENTO C/ HASTE COPPERWELD 3/4\" X 3.0M","UN",161.39]
["18.24.4","C4562","DISPOSITIVO DE PROTEÇÃO CONTRA SURTOS DE TENSÃO - DPS's - 40 KA/440V","UN",106.63]
["18.24.5","C1152","DUTO DE ALONGAMENTO PARA EXAUSTOR EÓLICO","M",104.19]
["18.24.6","C1419","FURAÇÃO DE FORRO EM LAJE - E. EÓLICO","UN",109.12]
["18.24.7","C3575","HASTE DE FERRO GALVANIZADO 1.20m PARA ATERRAMENTO - PADRÃO POPULAR","UN",18.55]
["18.24.8","C3910","HASTE DE TERRA 5/8\"x3,00m GCW 19L30","UN",69.99]
["18.24.9","C4408","INSTALAÇÃO ELÉTRICA E SISTEMA ATERRAMENTO E PÁRA-RAIOS - FORNECIMENTO E MONTAGEM","CJ",28740.69]
[]
["18.24.10","C4208","PÁRA-RAIO TIPO FRANKLIN C/ SINALIZADOR (FORNECIMENTO E MONTAGEM)","UN",1617.94]
["18.24.11","C1790","MASTRO SIMPLES DE FERRO GALV. P/PÁRA-RAIO H=3M, D=40 OU 50MM","UN",453.9]
["18.24.12","C4203","MEDIÇÃO TRIFÁSICA INSTALADA EM MURO - SAÍDA SUBTERRÂNEA","UN",1480.18]
["18.24.13","C4561","MÓDULO DE EMERGÊNCIA PARA LUMINÁRIA COMUM","UN",84.95]
["18.24.14","C3577","MINI POSTE H=1.50m REX MONO E ROLDANA - PADRÃO POPULAR","UN",23.94]
["18.24.15","C3453","MONTAGEM DAS INSTALAÇÕES ELÉTRICAS, ELEVATÓRIA VAZÃO ATÉ 10 l/s","UN",1157.38]
["18.24.16","C3452","MONTAGEM DAS INSTALAÇÕES ELÉTRICAS, ELEVATÓRIA VAZÃO 10,01 a 20 l/s","UN",1736.08]
["18.24.17","C3454","MONTAGEM DAS INSTALAÇÕES ELÉTRICAS, ELEVATÓRIA VAZÃO 20,01 a 40 l/s","UN",3030.37]
["18.24.18","C3455","MONTAGEM DAS INSTALAÇÕES ELÉTRICAS, ELEVATÓRIA VAZÃO 40,01 a 60 l/s","UN",5913.48]
["18.24.19","C3456","MONTAGEM DAS INSTALAÇÕES ELÉTRICAS, ELEVATÓRIA VAZÃO 60,01 a 90 l/s","UN",8502.08]
["18.24.20","C4599","MONTAGEM DE PAINEL ELÉTRICO C/ 02 SOFT-STARTER 7,5 CV","UN",1719.46]
["18.24.21","C2059","PÁRA-RAIOS TIPO CRISTAL VALVER","UN",200.87]
["18.24.22","C2060","PARA-RAIOS TIPO FRANKLIN","UN",67.02]
["18.24.23","C3929","POÇO DE ATERRAMENTO DIAM. = 0,60 m P/ BALIZAMENTO NOTURNO","UN",415.65]
["18.24.24","C1947","PONTO ELÉTRICO, MATERIAL E EXECUÇÃO","PT",131.89]
["18.24.25","C1949","PONTO LÓGICO, MATERIAL E EXECUÇÃO","PT",98.74]
["18.24.26","C3679","PONTO PARA SISTEMA DE SOM, MATERIAL E EXECUÇÃO","PT",200.67]
["18.24.27","C1951","PONTO TELEFÔNICO, MATERIAL E EXECUÇÃO","PT",114.05]
["18.24.28","C2056","PROTEÇÃO DA  CORDOALHA DOS PÁRA-RAIOS C/TUBO PVC RIGIDOS 50MM (2\") X3.00M","UN",62.6]
["18.24.29","C4214","RAMAL TRIFÁSICO BAIXA TENSÃO POR VÃO DE 100m","UN",4838.94]
["18.24.30","C3909","SOLDA EXOTÉRMICA","UN",31.73]
["18.24.31","C4215","SUBSTITUIÇÃO DE TRAFO DE 30 Kva PARA 45 Kva","UN",8435.37]
["18.24.32","C2424","TELA PARA ALONGAMENTO DE FORRO - E. EÓLICO","UN",64.4]
["19","PINTURA",null,null,1388.96]
["19.1","PAREDES E FORROS",null,null,416.96]
["19.1.1","C3487","APLICAÇÃO DE LIQUIBRILHO SOBRE PINTURAS, DUAS DEMÃOS","M2",8.41]
["19.1.2","C0588","CAIAÇÃO EM DUAS DEMÃOS COM SUPERCAL","M2",2.47]
["19.1.3","C0589","CAIAÇÃO EM TRES DEMÃOS EM PAREDES","M2",3.7]
["19.1.4","C0866","CONSERVADO \"P\" IMPERMEÁVEL, 2 DEMÃOS (PAREDES INTERNAS)","M2",9.77]
["19.1.5","C0867","CONSERVADO \"P\" IMPERMEÁVEL, 3 DEMÃOS (PAREDES EXTERNAS)","M2",14.51]
["19.1.6","C1207","EMASSAMENTO DE PAREDES EXTERNAS 2 DEMÃOS C/MASSA ACRÍLICA","M2",10.88]
["19.1.7","C1208","EMASSAMENTO DE PAREDES INTERNAS 2 DEMÃOS C/MASSA DE PVA","M2",8.79]
["19.1.8","C1209","EMASSAMENTO DE PAREDES INTERNAS 2 DEMÃOS C/MASSA A ÓLEO","M2",11.59]
["19.1.9","C1233","EMULSÃO DE PAREDES INTERNAS OU CONCRETO 2 DEMÃOS DE RESINA ACRÍLICA","M2",7.08]
["19.1.10","C1234","EMULSÃO DE PAREDES EXTERNAS 2 DEMÃOS EM RESINA ACRÍLICA","M2",16.21]
["19.1.11","C4167","LATEX ACRÍLICO TRÊS DEMÃOS EM PAREDES INTERNAS S/ MASSA","M2",12.95]
["19.1.12","C1614","LATEX DUAS DEMÃOS EM PAREDES EXTERNAS S/MASSA","M2",11.69]
["19.1.13","C1615","LATEX DUAS DEMÃOS EM PAREDES INTERNAS S/MASSA","M2",10.26]
["19.1.14","C1616","LATEX TRÊS DEMÃOS EM PAREDES EXTERNAS S/MASSA","M2",14.14]
["19.1.15","C1617","LATEX TRÊS DEMÃOS EM PAREDES INTERNAS S/MASSA","M2",12.62]
["19.1.16","C3550","MUTIRÃO MISTO - PINTURA HIDRACOR","M2",4.86]
["19.1.17","C1905","PINTURA C/ EMASSAMENTO E LIXAMENTO EM PAREDE INTERNA. À BASE EPÓXI","M2",59.53]
["19.1.18","C3098","PINTURA COM NATA DE CIMENTO EM DUAS DEMÃOS","M2",3.5]
["19.1.19","C3022","PINTURA ESMALTE SINTÉTICO EM PAREDES","M2",11.24]
["19.1.20","C2898","PINTURA HIDRACOR","M2",5.98]
["19.1.21","C4072","PINTURA IMPERMEÁVEL EM PAREDE C/ SIKA 107, DUAS DEMÃOS","M2",8.03]
["19.1.22","C2232","REVESTIMENTO TEXTURIZADO EM PAREDES INTERNA/EXTERNA C/DESEMPENADEIRA  ","M2",15.4]
["19.1.23","C2233","REVESTIMENTO TEXTURIZADO EM PAREDES INTERNA/EXTERNA C/ROLO","M2",10.92]
["19.1.24","C2274","SILICONE UMA DEMÃO EM PAREDES DE TIJOLOS","M2",16.02]
["19.1.25","C2644","TÊMPERA SIMPLES MÉDIA INTERNA","M2",10.18]
["19.1.26","C2461","TEXTURA ACRÍLICA 1 DEMÃO EM PAREDES EXTERNAS","M2",8.05]
["19.1.27","C2462","TEXTURA ACRÍLICA 1 DEMÃO EM PAREDES INTERNAS","M2",9.06]
["19.1.28","C2464","TINTA À ÓLEO EM PAREDES INTERNAS DUAS DEMÃOS S/MASSA","M2",11.18]
["19.1.29","C2465","TINTA À ÓLEO EM PAREDES INTERNAS TRÊS DEMÃOS S/MASSA","M2",13.4]
["19.1.30","C2471","TINTA CERÂMICA DUAS DEMÃOS","M2",9.08]
["19.1.31","C2476","TINTA EPÓXI EM PAREDES, C/ SELADOR E EMASSAMENTO ACRÍLICO","M2",59.02]
["19.1.32","C2477","TINTA IMPERMEÁVEL MINERAL EM PÓ 3 DEMÃOS EM PAREDES EXTERNAS","M2",6.46]
["19.2","PISO",null,null,162.71]
["19.2.1","C1039","DEMARCAÇÃO DE PISO À BASE DE EMULSÃO ACRÍLICA","M",15.39]
["19.2.2","C1040","DEMARCAÇÃO DE QUADRA ESPORTIVA C/TINTA ACRÍLICA","M",15.34]
["19.2.3","C1041","DEMARCAÇÃO DE QUADRA TIPO ESCOLAR C/TINTA ACRÍLICA","M",7.23]
["19.2.4","C1907","PINTURA DE PISO INTERNO/EXTERNO. C/TINTA BASE RESINA ACRÍLICA-QUARTZO.2 DEMÃOS","M2",10.13]
[]
["19.2.5","C1910","PINTURA P/PISO À BASE LATEX ACRÍLICO, TIPO \"NOVACOR\"","M2",12.04]
["19.2.6","C2466","TINTA ACRÍLICA 2 DEMÃOS C/ ROLO DE LÃ","M2",19.58]
["19.2.7","C2470","TINTA CERÂMICA DE ACABAMENTO, DUAS DEMÃOS","M2",9.28]
["19.2.8","C2472","TINTA DE BASE ASFÁLTICA 2 DEMÃOS C/BROXA","M2",7.34]
["19.2.9","C2475","TINTA EPOXI EM PISOS, C/ SELADOR E EMASSAMENTO ACRÍLICO","M2",66.37]
["19.3","ESQUADRIAS DE MADEIRA",null,null,83.8]
["19.3.1","C1206","EMASSAMENTO DE ESQUADRIAS DE MADEIRA P/TINTA ÓLEO OU ESMALTE 2 DEMÃOS","M2",10.76]
["19.3.2","C1280","ESMALTE DUAS DEMÃOS EM ESQUADRIAS DE MADEIRA","M2",11.12]
["19.3.3","C3551","MUTIRÃO MISTO - ESMALTE DUAS DEMÃOS EM ESQUADRIAS DE MADEIRA","M2",8.34]
["19.3.4","C1876","PENTOX  2 DEMÃOS APLICADO EM MADEIRAS","M2",10.11]
["19.3.5","C2897","PINTURA COM SELADOR EM MADEIRA","M2",4.42]
["19.3.6","C2468","TINTA ANTIFLAMA TRÊS DEMÃOS EM ESQUADRIAS DE MADEIRA","M2",27.85]
["19.3.7","C2667","VERNIZ 3 DEMÃOS EM ESQUADRIAS DE MADEIRA","M2",11.2]
["19.4","SUPERFÍCIES METÁLICAS",null,null,338.12]
["19.4.1","C0044","ALUMÍNIO SINTÉTICO EM ESTRUTURA DE AÇO CARBONO 50 MICRA C/REVÓLVER","M2",5.78]
["19.4.2","C0045","ALUMÍNIO SINTÉTICO EM ESTRUTURA DE AÇO CARBONO 50 MICRA C/TRINCHA","M2",9.46]
["19.4.3","C0463","BORRACHA CLORADA EM ESTRUTURA  DE  AÇO CARBONO 50 MICRA C/REVÓLVER","M2",9.19]
["19.4.4","C0464","BORRACHA CLORADA EM ESTRUTURA DE AÇO CARBONO 50 MICRA C/TRINCHA","M2",11.8]
["19.4.5","C1279","ESMALTE DUAS DEMÃOS EM ESQUADRIAS DE FERRO","M2",19.25]
["19.4.6","C1281","ESMALTE SINTÉTICO EM ESTRUTURA DE AÇO CARBONO 50 MICRA C/REVÓLVER","M2",4.72]
["19.4.7","C1282","ESMALTE SINTÉTICO EM ESTRUTURA DE AÇO CARBONO 50 MICRA C/TRINCHA","M2",8.55]
["19.4.8","C1428","GRAFITE DUAS DEMÃOS EM ESQUADRIAS DE FERRO","M2",20.3]
["19.4.9","C1520","JATEAMENTO AO METAL BRANCO EM ESTRUTURAS DE AÇO CARBONO","M2",46.91]
["19.4.10","C1521","JATEAMENTO AO METAL QUASE BRANCO EM ESTRUTURA DE AÇO CARBONO","M2",15.89]
["19.4.11","C1522","JATEAMENTO COMERCIAL EM ESTRUTURA DE AÇO CARBONO","M2",19.92]
["19.4.12","C3425","PINTURA A ÓLEO PARA FERRO FUNDIDO","M2",9.43]
["19.4.13","C1911","PINTURA PARA ESTRUTURA DE ALUMÍNIO","M2",9.31]
["19.4.14","C2040","PINTURA C/ PRIMER EPOXI EM ESTRUTURA DE AÇO CARBONO 25 MICRA C/REVÓLVER","M2",5.53]
["19.4.15","C2473","PINTURA C/ TINTA EPOXI EM ESTRUTURA DE AÇO CARBONO 50 MICRA C/REVÓLVER","M2",9.68]
["19.4.16","C4309","PINTURA POLIURETANO EM 02 (DUAS) DEMÃOS SOBRE TUBULAÇÃO","M2",9.66]
["19.4.17","C4409","PINTURA POLIURETANO EM ESTRUTURAS DE AÇO CARBONO, 65 MICRA C/ REVOLVER","M2",6.94]
["19.4.18","C2036","PRIMER À BASE DE BORRACHA CLORADA. EM ESTRUTURA DE AÇO 25 MICRA C/REVÓLVER","M2",5.21]
[]
["19.4.19","C2037","PRIMER À BASE DE BORRACHA CLORADA. EM ESTRUTURA DE. AÇO 25 MICRA C/TRINCHA","M2",6.1]
[]
["19.4.20","C2038","PRIMER EM ESTRUTURA DE AÇO CARBONO 25 MICRA C/REVÓLVER","M2",3.45]
["19.4.21","C2039","PRIMER EM ESTRUTURA DE AÇO CARBONO 25 MICRA C/TRINCHA","M2",5.06]
["19.4.22","C2041","PRIMER EPOXI EM ESTRUTURA DE AÇO CARBONO 25 MICRA C/TRINCHA","M2",6.42]
["19.4.23","C2042","PRIMER SINTÉTICO EM ESTRUTURA DE AÇO CARBONO 25 MICRA C/REVÓLVER","M2",4.36]
["19.4.24","C2043","PRIMER SINTÉTICO EM ESTRUTURA DE AÇO CARBONO 25 MICRA C/TRINCHA","M2",7.27]
["19.4.25","C2467","TINTA ANTIFLAMA 2 DEMÃOS E PRIMER EM ESQUADRIAS DE FERRO","M2",40.63]
["19.4.26","C2469","TINTA AUTOMOTIVA 2 DEMÃOS EM METÁLICOS","M2",25.09]
["19.4.27","C2474","TINTA EPOXI EM ESTRUTURA DE AÇO CARBONO 50 MICRA C/TRINCHA","M2",12.17]
["19.5","SUPERFÍCIES DE CONCRETO",null,null,59.9]
["19.5.1","C1235","EMULSÃO DE RESINAS ACRÍLICAS EM CONCRETO - 2 DEMÃOS","M2",16.79]
["19.5.2","C2187","REGULARIZAÇÃO DE SUPERFÍCIE DE CONCRETO  APARENTE - 2 DEMÃOS","M2",5.53]
["19.5.3","C2273","SILICONE EM PAREDES DE CONCRETO OU TIJOLO CERÂMICO - 1 DEMÃO","M2",8.68]
["19.5.4","C2542","TRATAMENTO DE SUPERFÍCIE DE CONCRETO APARENTE","M2",8.81]
["19.5.5","C2668","VERNIZ ACRÍLICO EM PAREDES DE CONCRETO - 2 DEMÃOS","M2",5.5]
["19.5.6","C2669","VERNIZ POLIURETANO SOBRE PRIMER EM PAREDE CONCRETO - 3 DEMÃOS","M2",14.6]
["19.6","OUTROS ELEMENTOS",null,null,327.47]
["19.6.1","C4025","DESENHOS INSERIDOS NO PASSEIO DE CONCRETO","M2",36.89]
["19.6.2","C1613","LATEX ACRÍLICO 2 DEMÃOS EM TELHAS DE FIBROCIMENTO","M2",11.53]
["19.6.3","C1620","LETREIRO - LETRA EM CAIXA DE ZINCO, H= 20CM","UN",55.57]
["19.6.4","C1621","LETREIRO - LETRA EM PAREDES","UN",9.16]
["19.6.5","C1906","PINTURA C/ EMASSAMENTO P/ QUADRO-VERDE","M2",23.92]
["19.6.6","C1908","PINTURA EXTERNA DE RUFOS, CALHAS E CONDUTORES C/ESMALTE SINTÉTICO","M",8.16]
["19.6.7","C1909","PINTURA EXTERNA DE RUFOS E  INTERNA DE CALHAS C/TINTA BETUMINOSA 1 DEMÃO","M2",6.49]
["19.6.8","C2899","PINTURA LOGOTIPO CAGECE - PROJETO PADRÃO","UN",133.52]
["19.6.9","C4164","TRATAMENTO EM VIDROS, ANTI-ADERÊNCIA DE PÓ, MARESIA, ETC.","M2",42.22]
["20","PAVIMENTAÇÃO DO SISTEMA VIÁRIO",null,null,2092.47]
["20.1","REGULARIZAÇÃO DO SUB-LEITO",null,null,1.4]
["20.1.1","C3233","REGULARIZAÇÃO DO SUB-LEITO","M2",1.4]
["20.2","REFORÇO, SUB-BASE E BASE",null,null,685.08]
["20.2.1","C3132","BASE DE BRITA GRADUADA (S/TRANSP)","M3",83.25]
["20.2.2","C3133","BASE MACADAME HIDRÁULICO C/ENCHIMENTO DE AREIA (S/TRANSP)","M3",70.82]
["20.2.3","C3134","BASE SOLO BRITA COM 20% DE BRITA (S/TRANSP)","M3",35]
["20.2.4","C3135","BASE SOLO BRITA COM 30% DE BRITA (S/TRANSP)","M3",42.57]
["20.2.5","C3136","BASE SOLO BRITA COM 40% DE BRITA (S/TRANSP)","M3",50.08]
["20.2.6","C3137","BASE SOLO BRITA COM 50% DE BRITA (S/TRANSP)","M3",57.66]
["20.2.7","C3138","BASE SOLO BRITA COM 60% DE BRITA (S/TRANSP)","M3",65.18]
["20.2.8","C3217","ESTABILIZAÇÃO GRANULOMÉTRICA DE SOLOS S/ MISTURA DE MATERIAIS (S/TRANSP)","M3",14.77]
["20.2.9","C3216","ESTABILIZAÇÃO GRANULOMÉTRICA DE SOLOS C/ MISTURA DE MATERIAIS (S/TRANSP)","M3",17.46]
["20.2.10","C3215","ESTABILIZACÂO SOLO BETUME MISTURADO NA PISTA (S/TRANSP)","M3",22.35]
["20.2.11","C3930","SUB BASE/BASE DE SOLO CAL (3%) (S/TRANSP)","M3",60.66]
["20.2.12","C3931","SUB BASE/BASE DE SOLO CAL (4%) (S/TRANSP)","M3",75.32]
["20.2.13","C3968","SUB BASE/BASE DE SOLO CAL (5%) (S/TRANSP)","M3",89.97]
["20.3","RECOMPOSIÇÃO DE SUB BASE E BASE",null,null,433.85]
["20.3.1","C3163","ESCAVAÇÃO E CARGA DE MATERIAL ADICIONAL DE JAZIDA P/ RECOMPOSIÇÃO DE SUB-BASE/BASE/REVESTIMENTO PRIMÁRIO","M3",3.16]
[]
["20.3.2","C3164","ESCARIFICAÇÃO P/APROVEITAMENTO DE SUB-BASE/BASE/REVESTIMENTO PRIMÁRIO","M3",4.06]
["20.3.3","C4549","RECICLAGEM DE BASE E REVESTIMENTO SEM ADIÇÃO DE MATERIAL","M3",44.5]
["20.3.4","C4235","RECICLAGEM DE BASE E REVESTIMENTO COM ADIÇÃO DE BRITA NA TAXA DE 86 Kg/m² (S/ TRANSP.)","M3",57.83]
[]
["20.3.5","C4236","RECICLAGEM DE BASE E REVESTIMENTO COM ADIÇÃO DE BRITA NA TAXA DE 129 Kg/m² (S/ TRANSP.)","M3",65.94]
[]
["20.3.6","C4237","RECICLAGEM DE BASE E REVESTIMENTO COM ADIÇÃO DE BRITA NA TAXA DE 172 Kg/m² (S/ TRANSP.)","M3",73.99]
[]
["20.3.7","C4238","RECICLAGEM DE BASE E REVESTIMENTO COM ADIÇÃO DE BRITA NA TAXA DE 215 Kg/m² (S/ TRANSP.)","M3",82.09]
[]
["20.3.8","C4239","RECICLAGEM DE BASE E REVESTIMENTO COM ADIÇÃO DE BRITA NA TAXA DE 258 Kg/m² (S/ TRANSP.)","M3",90.14]
[]
["20.3.9","C3231","RECOMPOSIÇÃO DE  SUB-BASE/BASE SOLO ESTABILIZADO GRANULOMETRICAMENTE (S/TRANSP)","M3",12.14]
[]
["20.4","IMPRIMAÇÃO",null,null,0.23]
["20.4.1","C3221","IMPRIMAÇÃO - EXECUÇÃO (S/TRANSP)","M2",0.23]
["20.5","PINTURA DE LIGAÇÃO",null,null,0.13]
["20.5.1","C3228","PINTURA DE LIGAÇÃO - EXECUÇÃO (S/TRANSP)","M2",0.13]
["20.6","MISTURAS BETUMINOSAS À QUENTE",null,null,440.33]
["20.6.1","C3126","AREIA ASFALTO USINADA À QUENTE C/ESPALHAMENTO DE MOTONIVELADORA (S/TRANSP)","M3",80.32]
[]
["20.6.2","C3128","AREIA ASFALTO USINADA À QUENTE - AAUQ (S/TRANSP)","M3",83.29]
["20.6.3","C3155","CONCRETO BETUMINOSO USINADO À QUENTE - CBUQ (S/TRANSP)","M3",128.09]
["20.6.4","C3230","PRÉ MISTURADO À QUENTE - PMQ (S/TRANSP)","M3",148.63]
["20.7","MISTURAS BETUMINOSAS À FRIO",null,null,154.72]
["20.7.1","C3127","AREIA ASFALTO USINADA À FRIO - AAUF (S/TRANSP)","M3",48.22]
["20.7.2","C3229","PRÉ MISTURADO À FRIO - PMF (S/TRANSP)","M3",106.5]
["20.8","REVESTIMENTO EM PEDRA",null,null,220.75]
["20.8.1","C3010","PAVIMENTAÇÃO BRIPAR INCLUSIVE COMPACTAÇÃO (S/TRANSP)","M2",44.13]
["20.8.2","C2893","PAVIMENTAÇÃO EM PARALELEPÍPEDO C/ REJUNTAMENTO (AGREGADO ADQUIRIDO)","M2",39.43]
["20.8.3","C3107","PAVIMENTAÇÃO EM PARALELEPÍPEDO C/ REJUNTAMENTO (AGREGADO PRODUZIDO) (S/TRANSP)","M2",34.48]
[]
["20.8.4","C2894","PAVIMENTAÇÃO EM PARALELEPÍPEDO S/ REJUNTAMENTO (AGREGADO ADQUIRIDO)","M2",33.9]
["20.8.5","C2895","PAVIMENTAÇÃO EM PEDRA TOSCA C/ REJUNTAMENTO (AGREGADO ADQUIRIDO)","M2",33.61]
["20.8.6","C3348","PAVIMENTAÇÃO EM PEDRA TOSCA S/ REJUNTAMENTO (AGREGADO PRODUZIDO)","M2",13.8]
["20.8.7","C2896","PAVIMENTAÇÃO EM PEDRA TOSCA S/ REJUNTAMENTO (AGREGADO ADQUIRIDO)","M2",21.4]
["20.9","REVESTIMENTO PRIMÁRIO",null,null,139.68]
["20.9.1","C2944","REVESTIMENTO DE BRITA COM AGREGADO ADQUIRIDO","M3",67.06]
["20.9.2","C2945","REVESTIMENTO DE PEDRISCO COM AGREGADO ADQUIRIDO","M3",65.39]
["20.9.3","C3234","REVESTIMENTO COM SOLO (PIÇARRA) (S/TRANSP)","M3",7.23]
["20.10","TRATAMENTOS SUPERFICIAIS",null,null,16.3]
["20.10.1","C3125","APLICAÇÃO DE EMULSÃO ASFÁLTICA C/ÁGUA EM TRATAMENTO SUPERFICIAL (S/TRANSP)","M2",0.16]
[]
["20.10.2","C3242","TRATAMENTO SUPERFICIAL SIMPLES (S/TRANSP)","M2",1.3]
["20.10.3","C3240","TRATAMENTO SUPERFICIAL DUPLO (S/TRANSP)","M2",3.81]
["20.10.4","C3241","TRATAMENTO SUPERFICIAL DUPLO C/CAPA SELANTE (S/TRANSP)","M2",4.86]
["20.10.5","C3243","TRATAMENTO SUPERFICIAL TRIPLO (S/TRANSP)","M2",6.17]
["21","CONSERVAÇÃO DO SISTEMA VIÁRIO",null,null,81239.21]
["21.1","FERROVIÁRIA",null,null,77805.14]
["21.1.1","C4337","ACABAMENTO MANUAL DO PERFIL DO LASTRO DE BRITA APÓS O NIVELAMENTO, INCLUSIVE COMPACTAÇÃO DA SUPERFÍCIE, BITOLA MÉTRICA, VIA SINGELA","M",2.53]
[]
["21.1.2","C4335","ALARGAMENTO DE CORTE, MANUAL","M3",23.62]
["21.1.3","C4357","APLICAÇÃO DE RETENSORES","UN",0.42]
["21.1.4","C4359","ASSENTAMENTO DE MARCO QUILOMÉTRICO OU MECTOMÉTRICO","UN",12.66]
["21.1.5","C4227","CARGA MANUAL DE ACESSÓRIOS METÁLICOS E MATERIAIS DIVERSOS COM ARRUMAÇÃO DA CARGA EM VAGÕES OU CAMINHÕES, BITOLA MÉTRICA","T",13.67]
[]
["21.1.6","C4367","CARGA MANUAL DE DORMENTE DE CONCRETO COM ARRUMAÇÃO DA CARGA EM VAGÕES OU CAMINHÕES, BITOLA MÉTRICA","UN",2.87]
[]
["21.1.7","C4225","CARGA MANUAL DE DORMENTES DE CONCRETO COM ARRUMAÇÃO DA CARGA EM VAGÕES OU CAMINHÕES - BITOLA MÉTRICA","T",14.35]
[]
["21.1.8","C4224","CARGA MANUAL DE DORMENTES DE MADEIRA COM ARRUMAÇÃO DA CARGA EM VAGÕES OU CAMINHÕES - BITOLA MÉTRICA","UN",1.61]
[]
["21.1.9","C4228","CARGA MANUAL DE DORMENTES ESPECIAIS PARA AMV COM ARRUMAÇÃO DA CARGA EM VAGÕES OU CAMINHÕES, BITOLA MÉTRICA","UN",1.85]
[]
["21.1.10","C4226","CARGA MANUAL DE TRILHOS COM ARRUMAÇÃO DA CARGA EM VAGÕES OU CAMINHÕES","T",16.02]
[]
["21.1.11","C4349","CONSERVAÇÃO MANUAL DE JUNTAS COM DESMONTAGEM - TALAS COM 6 FUROS - INCLUINDO: DESMONTAGEM, LIMPEZA, INSPEÇÃO VISUAL PARA DETECÇÃO DE DEFEITOS NAS EXTREMIDADES DOS TRILHOS E TALA, FIXAÇÃO, LUBRIFICAÇÃO E REMONTAGEM","UN",7.42]
[]
["21.1.12","C4348","CONSERVAÇÃO MANUAL DE JUNTAS SEM DESMONTAGEM","UN",0.34]
["21.1.13","C4352","CONSOLIDAÇÃO MANUAL DA FIXAÇÃO ELÁSTICA - SUBSTITUIÇÃO OU REPOSICIONAMENTO DE PEÇAS DA FIXAÇÃO DOS DORMENTES DE CONCRETO (SEM FORNECIMENTO)","UN",0.76]
[]
["21.1.14","C4351","CONSOLIDAÇÃO MANUAL DA FIXAÇÃO RÍGIDA (PREGO OU TIREFÃO) COM OU SEM SUBSTITUIÇÃO","UN",0.76]
[]
["21.1.15","C4341","CONSOLIDAÇÃO MANUAL DAS FIXAÇÕES DE AMV COM ABERTURA MENOR OU IGUAL A 1:10, BITOLA MÉTRICA","UN",379.63]
[]
["21.1.16","C4342","CONSOLIDAÇÃO MANUAL DAS FIXAÇÕES DE AMV COM ABERTURA MAIOR QUE 1:10, BITOLA MÉTRICA","UN",295.28]
[]
["21.1.17","C4358","CORREÇÃO MANUAL DE BITOLA","M",3.38]
["21.1.18","C4220","DEMOLIÇÃO MANUAL DE AMV COM ABERTURA DE 1:8 COM MATERIAL METÁLICO TIPO ATÉ TR 45, BITOLA MÉTRICA COM SEPARAÇÃO E EMPILHAMENTO DOS MATERIAIS","UN",1012.35]
[]
["21.1.19","C4221","DEMOLIÇÃO MANUAL DE AMV COM ABERTURA DE 1:10 COM MATERIAL METÁLICO TIPO ATÉ TR 45, BITOLA MÉTRICA COM SEPARAÇÃO E EMPILHAMENTO DOS MATERIAIS","UN",1164.19]
[]
["21.1.20","C4222","DEMOLIÇÃO MANUAL DE AMV COM ABERTURA DE 1:14 COM MATERIAL METÁLICO TIPO ATÉ TR 45, BITOLA MÉTRICA COM SEPARAÇÃO E EMPILHAMENTO DOS MATERIAIS","UN",1338.83]
[]
["21.1.21","C4219","DEMOLIÇÃO MANUAL DE LINHA, BITOLA MÉTRICA, DE MATERIAL METÁLICO ATÉ 45 Kg/m INCLUSIVE SEPARAÇÃO E EMPILHAMENTO DO MATERIAL","KM",15185.17]
[]
["21.1.22","C4232","DESCARGA MANUAL DE ACESSÓRIOS METÁLICOS E MATERIAIS DIVERSOS DE VAGÕES OU CAMINHÕES COM EMPILHAMENTO, BITOLA MÉTRICA","T",11.64]
[]
["21.1.23","C4230","DESCARGA MANUAL DE DORMENTES DE CONCRETO EM VAGÕES OU CAMINHÕES, COM EMPILHAMENTO - BITOLA MÉTRICA","T",12.66]
[]
["21.1.24","C4229","DESCARGA MANUAL DE DORMENTES DE MADEIRAS EM VAGÕES OU CAMINHÕES, COM EMPILHAMENTO - BITOLA MÉTRICA","UN",1.35]
[]
["21.1.25","C4231","DESCARGA MANUAL DE TRILHOS DE VAGÕES OU CAMINHÕES, COM EMPILHAMENTO - BITOLA MÉTRICA","T",13.49]
[]
["21.1.26","C4338","DESGUARNECIMENTO MANUAL DA VIA SINGELA PELA RETIRADA DO LASTRO ATÉ A FACE INFERIOR DO DORMENTE, BITOLA MÉTRICA","M",10.96]
[]
["21.1.27","C4223","DESMONTAGEM MANUAL DE CONTRA-TRILHO, ATÉ TR 45 INCLUINDO A RETIRADA DO CONTRA-TRILHO, DAS FIXAÇÕES E EMPILHAMENTO AO LADO DA LINHA","M",4.38]
[]
["21.1.28","C4360","FURAÇÃO MANUAL DE DORMENTE DE MADEIRA PARA APLICAÇÃO DAS FIXAÇÕES","UN",0.42]
["21.1.29","C4369","LASTRAMENTO MANUAL DA VIA COM FORNECIMENTO DE MATERIAL","M3",83.5]
["21.1.30","C4368","LASTRAMENTO MANUAL DA VIA SEM FORNECIMENTO DE MATERIAL","M3",4.38]
["21.1.31","C4233","LASTREAMENTO MANUAL, COM TERRA, EM VIA SINGELA, SEM FORNECIMENTO DO MATERIAL, ESTANDO ESTE NA MARGEM DA LINHA, COMPREENDENDO O RESGUARNECIMENTO (COLOCAÇÃO DO LASTRO), NIVELAMENTO, ALINHAMENTO, SOCARIA E ACABAMENTO - BITOLA MÉTRICA","KM",11388.89]
[]
["21.1.32","C4234","LASTREAMENTO MANUAL, COM TERRA, EM VIA SINGELA, SEM FORNECIMENTO DO MATERIAL, ESTANDO ESTE NA MARGEM DA LINHA, COMPREENDENDO O RESGUARNECIMENTO (COLOCAÇÃO DO LASTRO), SOCARIA E ACABAMENTO - BITOLA MÉTRICA","KM",9111.1]
[]
["21.1.33","C4334","LIMPEZA DE CORTE, MANUAL","M3",21.09]
["21.1.34","C4363","LIMPEZA DE VALETAS REVESTIDAS COM CONCRETO","M",2.11]
["21.1.35","C4365","LIMPEZA MANUAL DE LASTRO","M",9.27]
["21.1.36","C4339","LIMPEZA MANUAL DE LASTRO DE BRITA, POR METRO LINEAR DE LINHA, COMPREENDENDO TODAS AS OPERAÇÕES INCLUSIVE RESGUARNECIMENTO E ACABAMENTO DO PERFIL DO LASTRO, BITOLA MÉTRICA","M",14.17]
[]
["21.1.37","C4364","LIMPEZA DE BUEIRO, INCLUINDO A RETIRADA DOS ENTULHOS BEM COMO A ROÇADA E LIMPEZA GERAL DAS BOCAS","M",8.44]
[]
["21.1.38","C4706","NIVELAMENTO E ALINHAMENTO CONTÍNUO COM MÁQUINA SOCADORA-ALINHADORA-NIVELADORA AUTOMÁTICA PESADA - INCLUSO ACABAMENTO FINAL, MOBILIZAÇÃO E DESMOBILIZAÇÃO","KM",34368.57]
[]
["21.1.39","C4344","NIVELAMENTO MANUAL DA VIA COMPREENDENDO ALINHAMENTO, SOCARIA E ACABAMENTO DO LASTRO DE TERRA, BITOLA MÉTRICA","M",7.16]
[]
["21.1.40","C4343","NIVELAMENTO MANUAL DE VIA COMPREENDENDO SOCARIA E RECOMPOSIÇÃO DO LASTRO DE BRITA, BITOLA MÉTRICA","M",8.44]
[]
["21.1.41","C4347","NIVELAMENTO MANUAL DE JUNTA COMPREENDENDO SOCARIA, REAPERTO E RECOMPOSIÇÃO DO LASTRO, BITOLA MÉTRICA","UN",8.44]
[]
["21.1.42","C4356","PUXAMENTO MANUAL DA LINHA, POR FRAÇÃO DE ATÉ 20 cm, COMPREENDENDO REAPERTO DA FIXAÇÃO, DESGUARNECIMENTO PARCIAL DO OMBRO DO LASTRO, PUXAMENTO, RECOLOCAÇÃO DO LASTRO E ACABAMENTO, BITOLA MÉTRICA","M",7.6]
[]
["21.1.43","C4333","REFORÇO DE ATERRO, MANUAL","M3",16.88]
["21.1.44","C4340","REFORÇO MANUAL DE LASTRO EM LINHAS E AMVs, SEM FORNECIMENTO INCLUSIVE ACABAMENTO DO PERFIL DO LASTRO, BITOLA MÉTRICA","M3",8.44]
[]
["21.1.45","C4350","REGULAGEM MANUAL DE FOLGAS NAS JUNTAS - TALAS COM 6 FUROS (TRILHOS DE 18 METROS). USO DE 91,24% DOS Hh/UN PARA TALA DE 4 FUROS","UN",21.17]
[]
["21.1.46","C4336","REGULARIZAÇÃO DE BANQUETA DE PLATAFORMA, MANUAL","M3",8.44]
["21.1.47","C4366","REGULARIZAÇÃO FINAL DO LASTRO, APÓS O NIVELAMENTO, INCLUINDO PERFILAMENTO E COMPACTAÇÃO MANUAL DO LASTRO","KM",2530.86]
[]
["21.1.48","C4354","REPOSICIONAMENTO, REAPERTO OU REBATIMENTO DAS FIXAÇÕES EM LINHAS COM 2 FIXAÇÕES POR FILA DE TRILHO, MANUAL","M",0.42]
[]
["21.1.49","C4187","ROÇO MANUAL DE FAIXA FERROVIÁRIA","M2",0.16]
["21.1.50","C4345","SOLDAGEM ELÉTRICA EM ESTALEIRO TR-37","UN",67.48]
["21.1.51","C4346","SOLDAGEM ELÉTRICA EM ESTALEIRO TR-45","UN",67.48]
["21.1.52","C4362","SUBSTITUIÇÃO DO LASTRO EM AMV COM ABERTURA MENOR OU IGUAL A 1:10, BITOLA MÉTRICA, MANUAL","AMV",506.18]
[]
["21.1.53","C4353","SUBSTITUIÇÃO, OU COMPLEMENTAÇÃO OU REPOSICIONAMENTO MANUAL DE FIXAÇÕES DE DORMENTES DE CONCRETO (SEM FORNECIMENTO)","UN",1.61]
[]
["21.1.54","C4361","TARUGAMENTO DE DORMENTES","UN",0.26]
["21.2","RODOVIÁRIA",null,null,3226.25]
["21.2.1","C4546","APLICAÇÃO DE REJUVENESCEDOR PDC/REJUVASEAC BR","M2",14.19]
["21.2.2","C3905","BRITA PRA BASE DE REMENDO PROFUNDO","M3",89.6]
["21.2.3","C3954","CAPINA MANUAL","M2",0.3]
["21.2.4","C3884","CAPA SELANTE C/ PEDRISCO (S/TRANSP)","M2",0.73]
["21.2.5","C3891","COMBATE À EXSUDAÇÃO COM AREIA","M2",0.54]
["21.2.6","C3140","CAPA SELANTE COM AREIA ( S/TRANSP)","M2",0.37]
["21.2.7","C3892","COMBATE À EXSUDAÇÃO COM PEDRISCO","M2",0.71]
["21.2.8","C3945","CORREÇÃO DE DEFEITOS (ESPALHAMENTO MANUAL E COMPACTAÇÃO DE MISTURA  BETUMINOSA)","M3",112.81]
[]
["21.2.9","C3904","CORTE E LIMPEZA DE ÁREAS GRAMADAS","M2",0.08]
["21.2.10","C3895","ENCHIMENTO E COMPACTAÇÃO DA MISTURA BETUMINOSA EM TAPA BURACO","M3",211.03]
["21.2.11","C3940","ESPALHAMENTO E COMPACTAÇÃO DE MISTURA BETUMINOSA PRÉ MISTURADA À FRIO","M3",19.11]
[]
["21.2.12","C3942","ESPALHAMENTO E COMPACTAÇÃO  DE MISTURA BETUMINOSA PRÉ MISTURADA À QUENTE","M3",17]
[]
["21.2.13","C3937","ESPALHAMENTO E COMPACTAÇÃO DE MISTURA DE AREIA ASFALTO USINADA À QUENTE","M3",17]
[]
["21.2.14","C3935","ESPALHAMENTO E COMPACTAÇÃO DE MISTURA DE AREIA ASFALTO USINADO À FRIO","M3",18.79]
["21.2.15","C4547","FRESAGEM CONTÍNUA DE REVESTIMENTO BETUMINOSO","M3",102.88]
["21.2.16","C4548","FRESAGEM DESCONTÍNUA DE REVESTIMENTO BETUMINOSO","M3",144.32]
["21.2.17","C3222","LAMA ASFALTICA FAIXA 1 (2MM)-6KG/M2 (S/TRANSP)","M2",0.79]
["21.2.18","C3223","LAMA ASFALTICA FAIXA 2 (4MM)-8KG/M2 (S/TRANSP)","M2",1]
["21.2.19","C4543","LAMA ASFÁLTICA FAIXA 3 (6mm) - 10 Kg/m² (S/TRANSP)","M2",1.41]
["21.2.20","C4544","MICRO-REVESTIMENTO ASFÁLTICO (1 CAMADA) - 14 Kg/m²","M2",1.59]
["21.2.21","C4545","MICRO-REVESTIMENTO ASFÁLTICO (2 CAMADAS) - 25 Kg/m²","M2",2.97]
["21.2.22","C3092","LIMPEZA DE BUEIRO","M3",9.01]
["21.2.23","C3894","LIMPEZA DE DESCIDA D'ÁGUA","M",0.54]
["21.2.24","C3896","LIMPEZA DE PLACA DE SINALIZAÇÃO","M2",4.09]
["21.2.25","C3093","LIMPEZA DE PONTE","M",3.45]
["21.2.26","C3094","LIMPEZA DE SARJETA E MEIO-FIO","M",0.28]
["21.2.27","C3893","LIMPEZA DE VALETA DE DRENAGEM","M",1.63]
["21.2.28","C3096","LIMPEZA DE VALETA DE CORTE","M",0.42]
["21.2.29","C3938","MISTURA BETUMINOSA PRÉ MISTURADA À FRIO EM BETONEIRA (S/TRANSP)","M3",99.8]
["21.2.30","C3939","MISTURA BETUMINOSA PRÉ MISTURADA USINADA À FRIO (S/TRANSP)","M3",92.6]
["21.2.31","C3941","MISTURA BETUMINOSA PRÉ MISTURADA USINADA À QUENTE (S/TRANSP)","M3",133.34]
["21.2.32","C3936","MISTURA DE AREIA ASFALTO USINADA À QUENTE (S/TRANSP)","M3",63.83]
["21.2.33","C3885"," MISTURA DE AREIA ASFALTO À FRIO EM BETONEIRA (S/TRANSP)","M3",31.4]
["21.2.34","C3934","MISTURA DE AREIA ASFALTO USINADA À FRIO (S/TRANSP)","M3",24.2]
["21.2.35","C3889","PENEIRAMENTO MANUAL","M3",15.64]
["21.2.36","C0096","REATERRO APILOADO","M3",20.06]
["21.2.37","C3890","REATERRO E COMPACTAÇÃO DE BUEIRO","M3",23.53]
["21.2.38","C3101","RECOMPOSIÇÃO DE PAVIMENTAÇÃO EM PARALELEPÍPEDO C/REAPROVEITAMENTO","M2",10.63]
["21.2.39","C3100","RECOMPOSIÇÃO DE PAVIMENTAÇÃO EM PEDRA TOSCA  C/REAPROVEITAMENTO","M2",8.02]
["21.2.40","C3897","RECOMPOSIÇÃO DE PLACA DE SINALIZAÇÃO","M2",16.95]
["21.2.41","C3883","RECOMPOSIÇÃO DE REVESTIMENTO PRIMÁRIO","M3",5.28]
["21.2.42","C3952","RECOMPOSIÇÃO MANUAL DE ATERRO","M3",79.06]
["21.2.43","C3953","RECOMPOSIÇÃO MECANIZADA DE ATERRO","M3",13.8]
["21.2.44","C3947","RECOMPOSIÇÃO PARCIAL DE CERCA (SUBSTITUIÇÃO DE ESTACA DE CONCRETO)","UN",29.21]
["21.2.45","C3950","RECOMPOSIÇÃO PARCIAL DE CERCA (SUBSTITUIÇÃO DE ESTACA DE MADEIRA)","UN",10.69]
["21.2.46","C3949","RECOMPOSIÇÃO PARCIAL DE CERCA (SUBSTITUIÇÃO DE MOURÃO DE MADEIRA)","UN",12.09]
["21.2.47","C3948","RECOMPOSIÇÃO PARCIAL DE CERCA DE ESTACAS DE CONCRETO (SUBSTITUIÇÃO DE ARAME FARPADO)","M",1.3]
[]
["21.2.48","C3951","RECOMPOSIÇÃO PARCIAL DE CERCA DE ESTACAS DE MADEIRA(SUBSTITUIÇÃO DE ARAME FARPADO)","M",1.02]
[]
["21.2.49","C3946","RECOMPOSIÇÃO PARCIAL DE CERCA (SUBSTITUIÇÃO DE MOURÕES DE CONCRETO)","UN",67.03]
["21.2.50","C3232","RECONFORMAÇÃO/PATROLAGEM DA PLATAFORMA","M2",0.05]
["21.2.51","C3943","REMENDO PROFUNDO COM DEMOLIÇÃO MANUAL(ENCHIMENTO E COMPACTAÇÃO DO MATERIAL DE BASE E MISTURA BETUMINOSA)","M3",212.43]
[]
["21.2.52","C3944","REMENDO PROFUNDO COM DEMOLIÇÃO MECANIZADA (ENCHIMENTO E COMPACTAÇÃO DO MATERIAL DE BASE E MISTURA BETUMINOSA)","M3",163.22]
[]
["21.2.53","C3902","REMOÇÃO DE MATACÕES","M3",78.96]
["21.2.54","C3888","REMOÇÃO MANUAL DA CAMADA GRANULAR DO PAVIMENTO","M3",52.46]
["21.2.55","C3899","REMOÇÃO MANUAL DE BARREIRA EM ROCHA","M3",21.66]
["21.2.56","C3898","REMOÇÃO MANUAL DE BARREIRA EM SOLO","M3",14.44]
["21.2.57","C3886","REMOÇÃO MANUAL DE REVESTIMENTO BETUMINOSO","M3",81.91]
["21.2.58","C3887","REMOÇÃO MECANIZADA DA CAMADA GRANULAR DO PAVIMENTO","M3",5.19]
["21.2.59","C3901","REMOÇÃO MECANIZADA DE BARREIRA EM ROCHA","M3",6.19]
["21.2.60","C3900","REMOÇÃO MECANIZADA DE BARREIRA EM SOLO","M3",4.05]
["21.2.61","C3159","REMOÇÃO MECANIZADA DE REVESTIMENTO BETUMINOSO","M3",12.66]
["21.2.62","C3109","ROÇADA MANUAL","HA",751.56]
["21.2.63","C3903","ROÇADA MECANIZADA","HA",244.82]
["21.2.64","C3115","SELAGEM DE TRINCA : S/TRANSP","L",1.61]
["21.2.65","C3932","SOLO BRITA PARA BASE DE REMENDO PROFUNDO (S/TRANSP)","M3",33.25]
["21.2.66","C3933","SOLO PARA BASE DE REMENDO PROFUNDO (S/TRANSP)","M3",5.7]
["21.3","URBANA",null,null,207.82]
["21.3.1","C2925","RECOMPOSIÇÃO DE CAPA EM AREIA ASFÁLTICA (AAUQ), ESP.= 5cm","M2",33.62]
["21.3.2","C2926","RECOMPOSIÇÃO DE CAPA EM CONCRETO ASFÁLTICO (CBUQ), ESP.= 5cm","M2",34.05]
["21.3.3","C2135","RECOMPOSIÇÃO DE GUIAS DE CONCRETO","M",19.02]
["21.3.4","C2927","RECOMPOSIÇÃO DE MEIO FIO EM CONCRETO","M",8.99]
["21.3.5","C2928","RECOMPOSIÇÃO DE MEIO FIO EM PEDRA GRANITICA","M",8.73]
["21.3.6","C3036","RECOMPOSIÇÃO DE PAVIMENTAÇÃO C/BLOKRET REAPROVEITADO","M2",7.85]
["21.3.7","C2136","RECOMPOSIÇÃO DE PAVIMENTAÇÃO DE PRÉ- MOLDADO S/ COXIM DE AREIA","M2",15.28]
["21.3.8","C2929","RECOMPOSIÇÃO DE PAVIMENTAÇÃO EM PARALELEPÍPEDO C/REJUNTAMENTO","M2",23.23]
["21.3.9","C2930","RECOMPOSIÇÃO DE PAVIMENTAÇÃO EM PARALELEPÍPEDO S/REJUNTAMENTO","M2",15.5]
["21.3.10","C2931","RECOMPOSIÇÃO DE PAVIMENTAÇÃO EM PEDRA PORTUGUESA","M2",17.48]
["21.3.11","C2932","RECOMPOSIÇÃO DE PAVIMENTAÇÃO EM PEDRA TOSCA C/REJUNTAMENTO","M2",14.74]
["21.3.12","C2933","RECOMPOSIÇÃO DE PAVIMENTAÇÃO EM PEDRA TOSCA S/REJUNTAMENTO","M2",9.35]
["22","OBRAS PORTUÁRIAS",null,null,120751.21]
["22.1","FUNDAÇÕES",null,null,31856.86]
["22.1.1","C4664","CONFECÇÃO DE CAMISA METÁLICA COM CHAPA DE AÇO","T",6366]
["22.1.2","C4319","CRAVAÇÃO DE ESTACA PRÉ-MOLDADA C/ UTILIZAÇÃO DE PLATAFORMA","M",712.76]
["22.1.3","C4296","CRAVAÇÃO DE CAMISA METÁLICA Ø 1,00 m, C/ UTILIZAÇÃO DE PLATAFORMAS","M",375.1]
["22.1.4","C4144","ESCAVAÇÃO EM ROCHA ALTERADA D= 0,93m","M3",740.92]
["22.1.5","C4145","ESCAVAÇÃO EM ROCHA SÃ D= 0,93m","M3",3053.32]
["22.1.6","C4143","ESCAVAÇÃO EM SOLO D= 0,93m","M3",460.53]
["22.1.7","C4298","ESCAVAÇÃO EM ROCHA ALTERADA DIÂMETRO 0,93m C/ UTILIZAÇÃO DE PLATAFORMAS","M3",1907.1]
[]
["22.1.8","C4299","ESCAVAÇÃO EM ROCHA SÃ DIÂMETRO 0,93m C/ UTILIZAÇÃO DE PLATAFORMAS","M3",5533.23]
["22.1.9","C4300","ESCAVAÇÃO EM SOLO DIÂMETRO 0,93m C/ UTILIZAÇÃO DE PLATAFORMAS","M3",961.77]
["22.1.10","C3983","FABRICAÇÃO E FORNECIMENTO DE ACESSÓRIOS METÁLICOS PARA ESTACA DE CONCRETO (PONTEIRA E ANEL)","T",10042.31]
[]
["22.1.11","C4310","POSICIONAMENTO, OPERAÇÃO E REMOÇÃO DE CAMISA METÁLICA C/ UTILIZAÇÃO DE PLATAFORMAS","UN",1703.8]
[]
["22.2","ESTRUTURAS",null,null,88745.91]
["22.2.1","C4324","ACESSÓRIOS P/ TRILHOS A-100","KG",7.43]
["22.2.2","C4149","ARRASAMENTO DE ESTACAS DE CONCRETO D=0,80m","UN",681.58]
["22.2.3","C4286","ARRASAMENTO DE ESTACAS DE CONCRETO C/ UTILIZAÇÃO DE PLATAFORMAS","UN",936.85]
["22.2.4","C4322","CABEÇOS DE AMARRAÇÃO P/ 1500 KN","UN",14292.08]
["22.2.5","C4146","CARGA E TRANSP. DE ESTACA PRÉ-MOLDADA DO ESTOQUE AO LOCAL DE APLICAÇÃO, INCLUSIVE ASSENTAMENTO","M",123.52]
[]
["22.2.6","C4318","CARGA E TRANSPORTE DE ESTACA PRÉ-MOLDADA DO ESTOQUE AO LOCAL DE APLICAÇÃO C/ UTILIZAÇÃO DE PLATAFORMAS, INCLUSIVE ASSENTAMENTO","M",288.94]
[]
["22.2.7","C4153","CARGA E TRANSP. DE PEÇAS PRÉ-MOLDADAS DO ESTOQUE AO LOCAL DE APLICAÇÃO, INCLUSIVE ASSENTAMENTO","M3",79.98]
[]
["22.2.8","C4290","CARGA E TRANSPORTE DE PEÇAS PRÉ-MOLDADAS, INCLUSIVE ASSENTAMENTO C/ UTILIZAÇÃO DE PLATAFORMAS","M3",219.18]
[]
["22.2.9","C4136","CONFECÇÃO DE ESTRUTURA METÁLICA P/ CONTRAVENTAMENTO DE ESTACAS","T",11209.78]
["22.2.10","C4321","DEFENSAS E=600 KNm R=1200 KN","UN",48473.02]
["22.2.11","C4295","FORNECIMENTO E MONTAGEM DE CONTRAVENTAMENTO METÁLICO DE ESTACAS","T",11632.91]
["22.2.12","C4311","POSICIONAMENTO, OPERAÇÃO E REMOÇÃO DE CONTRAVENTAMENTO METÁLICO DE ESTACAS C/ PLATAFORMAS","T",794.34]
[]
["22.2.13","C4323","TRILHOS A-100","KG",6.29]
["22.3","QUEBRA-MAR / ENROCAMENTO",null,null,108.43]
["22.3.1","C4288","CARGA E ARRUMAÇÃO DE PEDRAS (0,001 T ATÉ 1,00 T), INCLUSIVE LANÇAMENTO","M3",8.5]
["22.3.2","C4287","CARGA E ARRUMAÇÃO DE PEDRAS (1,00 T ATÉ 6,00 T), INCLUSIVE LANÇAMENTO","M3",10.81]
["22.3.3","C1097","CARGA E ARRUMAÇÃO DE PEDRAS COM GUINDASTE MUNIDO DE CAÇAMBA METÁLICA","M3",17.16]
["22.3.4","C4289","CARGA E LANÇAMENTO DE BRITA P/ REVESTIMENTO, INCLUSIVE ESPALHAMENTO","M3",13.27]
["22.3.5","C4306","LAVRA, SELEÇÃO E ESTOQUE DE PEDRAS (1,00 T ATÉ 4,00 T)","M3",19.27]
["22.3.6","C4307","LAVRA, SELEÇÃO E ESTOQUE DE PEDRAS (1,00 T ATÉ 6,00 T)","M3",20.6]
["22.3.7","C4308","LAVRA, SELEÇÃO E ESTOQUE DE PEDRAS (0,0001 T ATÉ 1,00 T)","M3",18.81]
["22.3.8","C4332","TRANSPORTE DE PEDRAS ATÉ 1,0 T EM RODOVIA PAVIMENTADA (Y = 1,07X + 2,00)","M3",3.07]
["22.3.9","C4413","TRANSPORTE DE PEDRA ATÉ 1,0 T EM TRECHO NÃO PAVIMENTADO (Y = 1,78X + 2,00)","M3",3.78]
["22.3.10","C4313","TRANSPORTE DE PEDRAS DE 1,0 T ATÉ 6,0 T EM RODOVIA PAVIMENTADA (Y = 1,30X + 3,24)","M3",4.54]
[]
["22.3.11","C4414","TRANSPORTE DE PEDRA DE 1,00 T ATÉ 6,00 T EM TRECHO NÃO PAVIMENTADO (Y = 2,16X + 3,24)","M3",5.4]
[]
["22.4","DRAGAGEM",null,null,40.01]
["22.4.1","C4315","ATERRO HIDRÁULICO, INCLUINDO DRAGAGEM, ESPALHAMENTO NIVELADO E MOBILIZAÇÃO/DESMOBILIZAÇÃO DA DRAGA","M3",21.21]
[]
["22.4.2","C4283","DRAGAGEM INCLUINDO MOBILIZAÇÃO/DESMOBILIZAÇÃO DA DRAGA","M3",18.8]
["23","TRANSPORTES PARA OBRAS RODOVIÁRIAS",null,null,0]
["23.1","LOCAL",null,null,0]
["23.1.1","C3143","TRANSPORTE LOCAL C/ DMT ATÉ 4,00 KM (Y = 0,67X + 0,70)","T",1.37]
["23.1.2","C3144","TRANSPORTE LOCAL COM DMT ENTRE 4,01 Km E 30,00 Km (Y = 0,48X + 0,70)","T",1.18]
["23.1.3","C4161","TRANSPORTE LOCAL C/ DMT SUPERIOR A 30,00 Km (Y = 0,37X + 0,70)","T",1.07]
["23.1.4","C3157","TRANSPORTE  LOCAL D'ÁGUA P/SERVIÇOS DE PAVIMENTAÇÃO C/ DMT SUPERIOR A 7,00 Km (Y = 0,63X)","T",0.63]
[]
["23.1.5","C3312","TRANSPORTE  LOCAL  DE BRITA P/ TRATAMENTOS SUPERFICIAIS (Y = 0,56X + 2,79)","T",3.35]
["23.1.6","C3224","TRANSPORTE LOCAL DE LIGANTES BETUMINOSOS C/DMT SUPERIOR A 15,00 Km (Y = 1,15X)","T",1.15]
[]
["23.1.7","C3225","TRANSPORTE LOCAL DE MISTURA BETUMINOSA À FRIO (Y = 0,56X + 1,67)","T",2.23]
["23.1.8","C3226","TRANSPORTE LOCAL DE MISTURA BETUMINOSA À QUENTE (Y = 0,56X + 2,09)","T",2.65]
["23.2","COMERCIAL",null,null,0]
["23.2.1","C3311","TRANSPORTE COMERCIAL EM RODOVIA PAVIMENTADA (Y = 0,24X)","T",0.24]
["23.2.2","C3310","TRANSPORTE COMERCIAL EM RODOVIA NÃO PAVIMENTADA (Y = 0,30X)","T",0.3]
["23.3","MATERIAL BETUMINOSO",null,null,0]
["23.3.1","I0001","TRANSPORTE COMERCIAL DE MATERIAL BETUMINOSO À FRIO (Y = 0,32X + 32,11)","T",32.43]
["23.3.2","I0002","TRANSPORTE COMERCIAL DE MATERIAL BETUMINOSO À QUENTE (Y = 0,35X + 35,68)","T",36.03]
["24","SINALIZAÇÃO DO SISTEMA VIÁRIO",null,null,174887.7]
["24.1","SINALIZAÇÃO HORIZONTAL",null,null,2607.4]
["24.1.1","C0354","BALIZADOR EM PVC RÍGIDO D=3\" C/ENCHIMENTO DE CONCRETO","UN",99.69]
["24.1.2","C3219","FAIXA.HORIZONTAL/TINTA REFLETIVA/RESINA ACRÍLICA À BASE D'ÁGUA","M2",14.21]
["24.1.3","C3220","FAIXA.HORIZONTAL/TINTA REFLETIVA/RESINA ACRÍLICA","M2",15.35]
["24.1.4","C3616","SEGREGADOR DE TRÁFEGO TIPO JABOTI: FORNECIMENTO E APLICAÇÃO","UN",96.92]
["24.1.5","C3236","SÍMBOLOS NO PAVIMENTO/RESINA ACRÍLICA","M2",18.12]
["24.1.6","C3237","SÍMBOLOS NO PAVIMENTO/RESINA ACRÍLICA À BASE D'ÁGUA","M2",17.11]
["24.1.7","C3116","SONORIZADOR PRÉ-MOLDADO DE CONCRETO (30MPA) L=9,00M","UN",2229.34]
["24.1.8","C3117","TACHA REFLETIVA MONODIRECIONAL : FORNECIMENTO/APLICAÇÃO","UN",14.14]
["24.1.9","C4527","TACHA REFLETIVA BIDIRECIONAL: FORNECIMENTO/APLICAÇÃO","UN",16.12]
["24.1.10","C3118","TACHÃO REFLETIVO MONODIRECIONAL: FORNECIMENTO/APLICAÇÃO","UN",29.23]
["24.1.11","C4528","TACHÃO REFLETIVO BIDIRECIONAL: FORNECIMENTO/APLICAÇÃO","UN",31.72]
["24.1.12","C3119","TARTARUGAS: FORNECIMENTO/APLICAÇÃO","UN",25.46]
["24.2","SINALIZAÇÃO VERTICAL",null,null,172280.3]
["24.2.1","C3350","BANDEIRA SIMPLES  (H=1,50M) FORNECIMENTO/MONTAGEM","UN",14267.56]
["24.2.2","C0362","BANDEIRA DUPLA (H=1,50M)FORNECIMENTO/MONTAGEM","UN",16570.12]
["24.2.3","C4590","COLUNA CÔNICA COM BRAÇO PROJETADO CÔNICO - FORNECIMENTO E MONTAGEM","UN",9266.32]
["24.2.4","C3158","DEFENSAS METÁLICAS SEMI-MALEÁVEIS SIMPLES","M",295.39]
["24.2.5","C3321","MARCO DE REFERÊNCIA DO SISTEMA RODOVIÁRIO ESTADUAL (S.R.E) EM CONCRETO","UN",63.23]
["24.2.6","C3370","MARCO QUILOMÉTRICO REFLETIVO EM AÇO GALVANIZADO","M2",522.01]
["24.2.7","C3286","MARCO QUILOMÉTRICO REFLETIVO EM AÇO GALVANIZADO C/PELÍCULA ANTI-PICHANTE","M2",554.94]
[]
["24.2.8","C3371","MARCO QUILOMÉTRICO REFLETIVO EM ALUMÍNIO","M2",547.25]
["24.2.9","C3285","MARCO QUILOMÉTRICO REFLETIVO EM ALUMÍNIO C/PELÍCULA ANTI-PICHANTE","M2",580.18]
["24.2.10","C3372","MARCO QUILOMÉTRICO REFLETIVO EM POLIÉSTER C/ FIBRA DE VIDRO","M2",890.8]
["24.2.11","C3287","MARCO QUILOMÉTRICO REFLETIVO EM POLIÉSTER C/FIBRA DE VIDRO C/PELÍCULA ANTI-PICHANTE","M2",923.73]
[]
["24.2.12","C3362","PAINEL REFLETIVO EM AÇO GALVANIZADO","M2",477.84]
["24.2.13","C3291","PAINEL REFLETIVO EM AÇO GALVANIZADO C/PELÍCULA ANTI-PICHANTE","M2",510.77]
["24.2.14","C3363","PAINEL REFLETIVO EM ALUMÍNIO","M2",503.08]
["24.2.15","C3290","PAINEL REFLETIVO EM ALUMÍNIO C/PELÍCULA ANTI-PICHANTE","M2",536.01]
["24.2.16","C3374","PAINEL REFLETIVO EM POLIÉSTER COM FIBRA DE VIDRO","M2",847.86]
["24.2.17","C3292","PAINEL REFLETIVO EM POLIÉSTER COM FIBRA DE VIDRO C/PELÍCULA ANTI-PICHANTE","M2",879.56]
["24.2.18","C3364","PAINEL SEMI-REFLETIVO EM AÇO GALVANIZADO","M2",339.54]
["24.2.19","C3294","PAINEL SEMI-REFLETIVO EM AÇO GALVANIZADO C/PELÍCULA ANTI-PICHANTE","M2",372.47]
["24.2.20","C3365","PAINEL SEMI-REFLETIVO EM ALUMÍNIO","M2",472.35]
["24.2.21","C3293","PAINEL SEMI-REFLETIVO EM ALUMÍNIO C/PELÍCULA ANTI-PICHANTE","M2",505.28]
["24.2.22","C3366","PAINEL SEMI-REFLETIVO EM POLIÉSTER COM FIBRA DE VIDRO","M2",742.36]
["24.2.23","C3295","PAINEL SEMI-REFLETIVO EM POLIÉSTER COM FIBRA DE VIDRO C/PELÍCULA ANTI-PICHANTE","M2",775.29]
[]
["24.2.24","C3353","PLACA DE REGULAMENTAÇÃO/ADVERTÊNCIA REFLETIVA EM ACO GALVANIZADO","M2",521.76]
["24.2.25","C3297","PLACA DE REGULAMENTAÇÃO/ADVERTÊNCIA REFLETIVA EM AÇO GALVANIZADO C/PELÍCULA ANTI-PICHANTE","M2",554.69]
[]
["24.2.26","C3354","PLACA DE REGULAMENTAÇÃO/ADVERTÊNCIA REFLETIVA EM ALUMÍNIO","M2",547]
["24.2.27","C3296","PLACA DE REGULAMENTAÇÃO/ADVERTÊNCIA REFLETIVA EM ALUMÍNIO C/PELÍCULA ANTI-PICHANTE","M2",579.93]
[]
["24.2.28","C3355","PLACA DE REGULAMENTAÇÃO/ADVERTÊNCIA REFLETIVA EM POLIÉSTER COM FIBRA DE VIDRO","M2",890.55]
[]
["24.2.29","C3298","PLACA DE REGULAMENTAÇÃO/ADVERTÊNCIA REFLETIVA EM POLIÉSTER COM FIBRA DE VIDRO C/PELÍCULA ANTI-PICHANTE","M2",923.48]
[]
["24.2.30","C3367","PLACA DE SINALIZAÇÃO DE OBRA EM AÇO GALVANIZADO","M2",520.09]
["24.2.31","C3299","PLACA DE SINALIZAÇÃO DE OBRA EM AÇO GALVANIZADO C/PELÍCULA ANTI-PICHANTE","M2",553.02]
["24.2.32","C3368","PLACA DE SINALIZAÇÃO DE OBRA REFLETIVA EM ALUMÍNIO","M2",545.33]
["24.2.33","C3300","PLACA DE SINALIZAÇÃO DE OBRA REFLETIVA EM ALUMÍNIO C/PELÍCULA ANTI-PICHANTE","M2",578.26]
[]
["24.2.34","C3369","PLACA DE SINALIZAÇÃO DE OBRA REFLETIVA EM POLIÉSTER C/ FIBRA DE VIDRO","M2",888.88]
["24.2.35","C3301","PLACA DE SINALIZAÇÃO DE OBRA REFLETIVA EM POLIÉSTER C/FIBRA DE VIDRO C/PELÍCULA ANTI-PICHANTE","M2",921.81]
[]
["24.2.36","C4550","PLACA DE SINALIZAÇÃO REFLETIVA COM REAPROVEITAMENTO DE CHAPA DE AÇO","M2",204.28]
["24.2.37","C4551","PLACA DE SINALIZAÇÃO SEMI-REFLETIVA COM REAPROVEITAMENTO DE CHAPA DE AÇO","M2",166.04]
[]
["24.2.38","C3629","PLACA EM CHAPA GALVANIZADA C/ESTRUTURA INTERNA EM METALON PINTADA, IMPRESSÃO EM VINIL 02 FACES, ABRAÇADEIRAS","M2",604.6]
[]
["24.2.39","C3356","PLACA INDICATIVA/EDUCATIVA/SERVIÇOS REFLETIVA EM AÇO GALVANIZADO","M2",575.4]
["24.2.40","C3303","PLACA INDICATIVA/EDUCATIVA/SERVIÇOS REFLETIVA EM AÇO GALVANIZADO C/PELÍCULA ANTI-PICHANTE","M2",608.33]
[]
["24.2.41","C3357","PLACA INDICATIVA/EDUCATIVA/SERVIÇOS REFLETIVA EM ALUMÍNIO","M2",600.64]
["24.2.42","C3302","PLACA INDICATIVA/EDUCATIVA/SERVIÇOS REFLETIVA EM ALUMÍNIO C/PELÍCULA ANTI-PICHANTE","M2",633.57]
[]
["24.2.43","C3358","PLACA INDICATIVA/EDUCATIVA/SERVIÇOS REFLETIVA EM POLIÉSTER COM FIBRA DE VIDRO","M2",944.19]
[]
["24.2.44","C3304","PLACA INDICATIVA/EDUCATIVA/SERVIÇOS REFLETIVA EM POLIÉSTER COM FIBRA DE VIDRO C/PELÍCULA ANTI-PICHANTE","M2",977.12]
[]
["24.2.45","C3359","PLACA INDICATIVA/EDUCATIVA/SERVIÇOS SEMI-REFLETIVA EM AÇO GALVANIZADO","M2",437.1]
["24.2.46","C3307","PLACA INDICATIVA/EDUCATIVA/SERVIÇOS SEMI-REFLETIVA EM AÇO GALVANIZADO C/PELÍCULA ANTI-PICHANTE","M2",470.03]
[]
["24.2.47","C3360","PLACA INDICATIVA/EDUCATIVA/SERVIÇOS SEMI-REFLETIVA EM ALUMÍNIO","M2",569.91]
["24.2.48","C3306","PLACA INDICATIVA/EDUCATIVA/SERVIÇOS SEMI-REFLETIVA EM ALUMÍNIO C/PELÍCULA ANTI-PICHANTE","M2",602.84]
[]
["24.2.49","C3361","PLACA INDICATIVA/EDUCATIVA/SERVIÇOS SEMI-REFLETIVA EM POLIÉSTER C/ FIBRA DE VIDRO","M2",839.92]
[]
["24.2.50","C3305","PLACA INDICATIVA/EDUCATIVA/SERVIÇOS SEMI-REFLETIVA EM POLIÉSTER C/FIBRA DE VIDRO C/PELÍCULA ANTI-PICHANTE","M2",872.85]
[]
["24.2.51","C4591","PÓRTICO (H=1,50m) FORNECIMENTO E MONTAGEM","UN",41744.74]
["24.2.52","C3349","PORTICO SIMPLES=FORNECIMENTO/MONTAGEM","UN",25869.58]
["24.2.53","C3099","PORTICO DUPLO=FORNECIMENTO E MONTAGEM","UN",36090.37]
["25","URBANIZAÇÃO/PAISAGISMO",null,null,147924.45]
["25.1","URBANIZAÇÃO",null,null,108728.14]
["25.1.1","C0004","ABRIGO PRÉ-MOLDADO EM CONCRETO (PARADA DE ÔNIBUS)","UN",4540.86]
["25.1.2","C0114","AREIA FINA E PIÇARRA 1:1","M3",51.07]
["25.1.3","C3641","BALANÇO ANDORINHA C/02 CADEIRAS, CONFECÇÃO EM TUBO VAPOR E PINTURA ESMALTE SINTÉTICO","UN",454.62]
[]
["25.1.4","C0352","BALANÇO ANDORINHA C/03 CADEIRAS, CONFECÇÃO EM TUBO VAPOR E PINTURA ESMALTE SINTÉTICO","UN",592.98]
[]
["25.1.5","C3611","BANCO DE MADEIRA C/ASSENTO FIXADO EM CONCRETO E ENCOSTO FIXADO EM TUBO DE AÇO GALVANIZADO 3\" (MÓDULO DE 2,60m)","UN",753.52]
[]
["25.1.6","C0360","BANCO DE MADEIRA C/ESTRUTURA DE FERRO - L= 3.00m","UN",800]
["25.1.7","C0361","BANCO EM ALVENARIA, TAMPO EM CONCRETO, C/ENCOSTO H=80cm (PINTADO)","M",95.87]
["25.1.8","C3439","BANCO EM \"U\" S/ ENCOSTO E C/ TIJOLO APARENTE","M",193]
["25.1.9","C3440","BANCO EM \"U\" S/ ENCOSTO PADRÃO","M",197.16]
["25.1.10","C0462","BORBOLETA C/ CONTADOR DE ACESSO","UN",1936.85]
["25.1.11","C0926","CARROSSEL DE RODA","UN",551.52]
["25.1.12","C3642","CARROSSEL ESPECIAL C/ 04 CADEIRAS, CONFECÇÃO EM TUBO VAPOR E PINTURA ESMALTE SINTÉTICO","UN",638.46]
[]
["25.1.13","C3643","CARROSSEL TIPO OLA, CONFECÇÃO EM TUBO VAPOR E PINTURA ESMALTE SINTÉTICO","UN",592.5]
[]
["25.1.14","C0864","CONJUNTO DE MASTRO P/ TRÊS BANDEIRAS E PEDESTAL","UN",2157.98]
["25.1.15","C0865","CONJUNTO DE TABELAS P/ BASQUETE","CJ",380.85]
["25.1.16","C0925","CORRIMÃO EM TUBO GALVANIZADO DE 2\"","M",64.99]
["25.1.17","C3644","EQUIPAMENTO GINASIUM, CONFECÇÃO EM TUBO VAPOR E PINTURA ESMALTE SINTÉTICO","UN",781.59]
[]
["25.1.18","C2995","ESCADA HORIZONTAL E VERTICAL, CONFECÇÃO  EM TUBO VAPOR E PINTURA ESMALTE SINTÉTICO","UN",454.62]
[]
["25.1.19","C2997","ESCORREGADOR GRANDE, CONFECÇÃO EM TUBO VAPOR E PINTURA ESMALTE SINTÉTICO","UN",362.7]
[]
["25.1.20","C3645","ESCORREGADOR PEQUENO, CONFECÇÃO EM TUBO VAPOR E PINTURA ESMALTE SINTÉTICO","UN",443.13]
[]
["25.1.21","C1347","ESTRUTURA METÁLICA C/ TABELAS DE BASQUETE","CJ",2007.71]
["25.1.22","C1348","ESTRUTURA METÁLICA DE TRAVES DE FUTEBOL DE CAMPO OFICIAL","CJ",1991.6]
["25.1.23","C1349","ESTRUTURA METÁLICA DE TRAVES DE FUTSAL","CJ",827.28]
["25.1.24","C1350","ESTRUTURA METÁLICA EM RODÍZIOS, C/ TABELAS DE BASQUETE","CJ",3845.8]
["25.1.25","C1351","ESTRUTURA METÁLICA P/ REDE DE VOLEY","CJ",333.21]
["25.1.26","C3646","GAIOLA LABIRINTO, CONFECÇÃO EM TUBO VAPOR E PINTURA ESMALTE SINTÉTICO","UN",633.47]
["25.1.27","C3647","GANGORRA C/ 02 PRANCHAS, CONFECÇÃO EM TUBO VAPOR E PINTURA ESMALTE SINTÉTICO","UN",730.38]
[]
["25.1.28","C3000","GANGORRA C/ 03 PRANCHAS, CONFECÇÃO EM TUBO VAPOR E PINTURA ESMALTE SINTÉTICO","UN",454.62]
[]
["25.1.29","C3526","LIMPEZA MANUAL DE AGUAPÉS EM LAGOAS","M2",1.47]
["25.1.30","C3527","LIMPEZA MECANIZADA DE AGUAPÉS EM LAGOAS","M2",1.69]
["25.1.31","C3451","LIXEIRA EM FIBRA DE VIDRO CAP.=40L e DIAM.=35cm","UN",251.47]
["25.1.32","C3008","PASSARELA DE MADEIRA","UN",2542.46]
["25.1.33","C2034","PREPARO DE TERRENO P/QUADRAS DE ESPORTES","M3",32.62]
["25.1.34","C2063","QUADRA DE ESPORTES (18X36)m","UN",47770.13]
["25.1.35","C4570","TOTEM RODOVIÁRIO - PADRÃO DER","UN",31140.96]
["25.1.36","C3060","TRAVE DE MADEIRA (3X2)m  P/FUTEBOL DE CAMPO","UN",119]
["25.2","PAISAGISMO",null,null,39167.03]
["25.2.1","C0112","ARBUSTOS ORNAMENTAIS EM GERAL. C/ ALTURA MÍNIMA DE 50CM","UN",12.05]
["25.2.2","C0113","ARBUSTOS ORNAMENTAIS EM GERAL INCLUSIVE CONSERVAÇÃO P/ 60 DIAS","M2",21.89]
["25.2.3","C3061","ÁRVORE C/ TUTOR E ADUBO","UN",20.68]
["25.2.4","C3062","ÁRVORE C/ TUTOR, GRADE, ADUBO E CAVA","UN",54.68]
["25.2.5","C0229","ÁRVORES ORNAMENTAIS EM GERAL. C/ ALTURA  MÉDIA DE 2.50M.EXCETO PALMÁCEAS","UN",24.98]
[]
["25.2.6","C0230","ÁRVORES ORNAMENTAIS EM GERAL.INCLUSIVE CONSERVAÇÃO","M2",71.53]
["25.2.7","C1080","DESPRAGUEJAMENTO DE ÁREAS GRAMADAS","M2",0.04]
["25.2.8","C1253","ESCAVAÇÃO, CARGA E TRANSPORTE DE TERRA RETIRADA DE CAVA ABERTA P/ PLANTIO .ATÉ 5KM","M3",64.31]
[]
["25.2.9","C3443","GRAMA CAPIM DE BURRO / PAPUAN","M2",5.55]
["25.2.10","C1429","GRAMA EM ÁREAS EXTERNAS, INCLUSIVE MATERIAL","M2",4.52]
["25.2.11","C1430","GRAMA EM PLACAS E=6 CM FORNECIMENTO E PLANTIO","M2",7.34]
["25.2.12","C1431","GRAMA EM PLACAS.INCLUSIVE CONSERVAÇÃO","M2",8.57]
["25.2.13","C3426","GRAMA PARA TALUDE DE LAGOA, CONSERVAÇÃO ATÉ 45 DIAS","M2",2.37]
["25.2.14","C1452","HERBÁCEAS ORNAMENTAIS EM GERAL","M2",105.85]
["25.2.15","C1453","HERBÁCEAS ORNAMENTAIS EM GERAL.INCLUSIVE CONSERVAÇÃO P/ 60 DIAS","M2",131.97]
["25.2.16","C1454","HERBICIDA ESTERILIZANTE DE SOLO","M2",1.31]
["25.2.17","C1455","HERBICIDA ESTERILIZANTE DE SOLO","HA",956.88]
["25.2.18","C1457","HIDROSSEMEADURA DE TERRENOS","HA",21405.91]
["25.2.19","C1499","IRRIGAÇÃO DIÁRIA DE ÁREA PLANTADA","M2",0.15]
["25.2.20","C1612","LASTRO URBANIZADO C/ SEIXO ROLADO","M2",103.48]
["25.2.21","C1788","MANUTENÇÃO C/ COBERTURA DE TERRA VEGETAL P/ ÁREAS GRAMADAS","HA",5680.87]
["25.2.22","C1789","MANUTENÇÃO C/ CORTE E REFILAMENTO DE ÁREAS GRAMADAS C/MICROTRATOR","HA",1214.17]
["25.2.23","C1781","MANUTENÇÃO CORTE.REFILAMENTO DE ÁREAS GRAMADAS C/ 25% DE OBSTÁCULOS","HA",1002.32]
["25.2.24","C1782","MANUTENÇÃO, CORTE E REFILAMENTO DE ÁREAS GRAMADAS C/ROÇADEIRA TRACIONADA","HA",1572.36]
[]
["25.2.25","C1783","MANUTENÇÃO MENSAL DE ÁREA PLANTADA C/ LIMPEZA DIÁRIA","M2",0.09]
["25.2.26","C1787","MANUTENÇÃO MENSAL DE ÁREAS VERDES - IRRIGAÇÃO","HA",5734.2]
["25.2.27","C1786","MANUTENÇÃO MENSAL DE ÁREAS VERDES - LIMPEZA GERAL E DIÁRIA","HA",907.18]
["25.2.28","C1784","MANUTENÇÃO MENSAL DE CANTEIROS C/ ATÉ 7.000 M2","M2",0.68]
["25.2.29","C1785","MANUTENÇÃO MENSAL P/PODA E LIMPEZA DE ARBUSTOS","M2",0.02]
["25.2.30","C2035","PREPARO E SUBSTITUIÇÃO DE TERRA P/PLANTAÇÃO","M3",46.96]
["25.2.31","C2235","REVOLVIMENTO MECÂNICO DE TERRA PROFUNDIDADE 20-30cm","M2",0.23]
["25.2.32","C2238","ROÇADO MANUAL INCLUSIVE RASTELAMENTO P/ HERBÁCEAS","M2",0.6]
["25.2.33","C2534","TRANSPORTE DE TERRA FÉRTIL.P/PLANTIO DE HERBÁCEAS/ÁRVORES ORNAMENTAIS","M3",3.29]
["25.3","PROTEÇÃO AMBIENTAL",null,null,29.29]
["25.3.1","C3259","CARGA E TRANSPORTE ATÉ 5KM DE REVESTIMENTO BETUMINOSO DEMOLIDO","M3",19.63]
["25.3.2","C3277","ESCARIFICAÇÃO DE JAZIDAS/EMPRÉSTIMOS/CAMINHOS DE SERVIÇOS","M3",1.49]
["25.3.3","C3279","ESCAVAÇÃO COM ESTOCAGEM DE MATERIAL EXPURGADO (TERRA VEGETAL)","M3",3.91]
["25.3.4","C3283","ESPALHAMENTO DO MATERIAL EXPURGADO (TERRA VEGETAL)","M3",2.94]
["25.3.5","C3308","RECONFORMAÇÃO DA FAIXA DE DOMÍNIO, EMPRÉSTIMOS, JAZIDAS E TALUDES","M2",0.15]
["25.3.6","C3108","REVESTIMENTO VEGETAL DE TALUDES","M2",1.17]
["26","MUROS E FECHAMENTOS",null,null,10231.34]
["26.1","MUROS",null,null,1267.28]
["26.1.1","C1803","MURETA C/TIJOLO MACIÇO, REBOCADA, INCL. FUNDAÇÕES","M2",169.49]
["26.1.2","C1804","MURO DIVISÓRIO C/BLOCOS DE CONCRETO 14x19x39 CM, H=1.80M, C/ SAPATA CORRIDA DE CONCRETO FCK = 13,5 MPa E PILARES DE CONCRETO","M",149.23]
[]
["26.1.3","C1805","MURO DIVISÓRIO C/ BLOCOS DE CONCRETO 14x19x39 CM, H=1,80 M, SOBRE SAPATA CORRIDA, C/ PILARETES E CINTA DE AMARRAÇÃO DE CONCRETO C/ PINGADEIRAS","M",186.72]
[]
["26.1.4","C2887","MURO EM ALVENARIA C/FUNDAÇÃO, REBOCO 2 FACES, ALTURA ÚTIL 1.80M","M",205.69]
["26.1.5","C1806","MURO C/MOURÕES E PLACAS PRÉ-FABRICADAS DE CONCRETO H=2.00M","M",193.79]
["26.1.6","C1807","MURO CONTORNO DE ALVENARIA. E CONCRETO(PILAR+CINTA),INCLUSIVE PINTURA","M2",152.14]
["26.1.7","C4600","MURO DE ALVENARIA COM FUNDAÇÃO, REBOCO 2 FACES, ALT. ÚTIL 1,80m COM CERCA DE PROTEÇÃO EM \"V\" COM ARAME FARPADO","M",210.23]
[]
["26.2","ALAMBRADOS",null,null,1123.74]
["26.2.1","C3736","ALAMBRADO C/ TELA DE ALUMÍNIO FIO ESP.=1.5 MM E MALHA DE (4X4)MM","M2",74.25]
["26.2.2","C0036","ALAMBRADO C/TELA DE ARAME GALVANIZADO.. ALTURA 2M","M",87.52]
["26.2.3","C3436","ALAMBRADO C/TELA DE NYLON FIO ESP.=3MM E MALHA DE (5 X 5)CM","M2",32.9]
["26.2.4","C3680","ALAMBRADO C/ TELA DE PVC FIO 10 MALHA DE 2\"X2\"","M2",62.63]
["26.2.5","C0037","ALAMBRADO C/TELA GALVANIZADA SOLDADA ALTURA 2M","M",53.99]
["26.2.6","C0035","ALAMBRADO C/ TUBO DE AÇO GALVANIZADO 2\", INCLUSIVE PINTURA","M2",147.11]
["26.2.7","C0038","ALAMBRADO C/TUBO DE AÇO GALVANIZADO 4\", INCLUSIVE PINTURA","M2",303.59]
["26.2.8","C0039","ALAMBRADO P/QUADRA ESPORTIVA ALTURA 1M","M",122.29]
["26.2.9","C0040","ALAMBRADO P/QUADRA ESPORTIVA ALTURA 4M","M",239.45]
["26.3","CERCAS",null,null,730.66]
["26.3.1","C0733","CERCA DE ARAME FARPADO 7 FIOS,MURETA C/ ALTURA DE 0,70M - FUNDAÇÃO E REBOCO NAS 2 FACES","M",141.09]
[]
["26.3.2","C0735","CERCA C/ ESTACAS DE CONCRETO - 4 FIOS DE ARAME FARPADO","M",17.44]
["26.3.3","C0743","CERCA C/ ESTACAS DE CONCRETO - 6 FIOS DE ARAME FARPADO","M",22.14]
["26.3.4","C0736","CERCA C/ ESTACAS DE CONCRETO - 8 FIOS DE ARAME FARPADO","M",26.84]
["26.3.5","C0737","CERCA C/ ESTACAS DE MADEIRA -  4 FIOS DE ARAME FARPADO","M",9.37]
["26.3.6","C0738","CERCA C/ ESTACAS DE MADEIRA -  6 FIOS DE ARAME FARPADO","M",11.07]
["26.3.7","C0739","CERCA C/ ESTACAS DE MADEIRA -  8 FIOS  DE ARAME FARPADO","M",13.49]
["26.3.8","C0734","CERCA C/ MOURÕES PM - CONCRETO E ARAME LISO - 6 FIOS","M²",72.29]
["26.3.9","C4555","CERCA COM PAINÉIS TIPO NYLOFOR, EM AÇO REVESTIDO, COR VERDE C/ ALTURA DE 2,43 m","M2",183.97]
[]
["26.3.10","C0742","CERCA DE ARAME FARPADO -  ESTACA PONTA VIRADA, C/11 FIOS","M",47.15]
["26.3.11","C0740","CERCA DE MADEIRA C/ ARAME GALVANIZADO","M2",67.65]
["26.3.12","C0741","CERCA DE MADEIRA C/ TRAVESSAS DE MADEIRA","M2",112.06]
["26.3.13","C3105","REMOÇÃO E RECOLOCAÇÃO DE CERCAS DE MADEIRA - 4 FIOS DE ARAME FARPADO","M",6.1]
["26.4","DISPOSITIVOS DE PROTEÇÃO E ACESSO",null,null,6863.7]
["26.4.1","C1251","ESCADA DE MARINHEIRO,C/TUBO GALVANIZADO 3/4\",H=VAR","M",156.56]
["26.4.2","C2775","ESCADA DE MARINHEIRO, DEGRAUS FERRO REDONDO 3/4\"","M",68.54]
["26.4.3","C2774","ESCADA DE MARINHEIRO, DEGRAUS FERRO REDONDO 1/2\"","M",39.27]
["26.4.4","C2773","ESCADA DE MARINHEIRO, DEGRAUS FERRO REDONDO 1\"","M",86.57]
["26.4.5","C2768","ESCADA DE MARINHEIRO EM FERRO CHATO C/PROTEÇÃO","M",366.22]
["26.4.6","C2769","ESCADA DE MARINHEIRO EM FERRO CHATO S/PROTEÇÃO","M",171.55]
["26.4.7","C2776","ESCADA DE MARINHEIRO EM FERRO REDONDO 1\"","M",87.98]
["26.4.8","C2770","ESCADA DE MARINHEIRO TIPO PISCINA EM FERRO CHATO","M",200.56]
["26.4.9","C2772","ESCADA DE MARINHEIRO TIPO PISCINA, FERRO REDONDO 1\"","M",89.77]
["26.4.10","C2771","ESCADA DE MARINHEIRO TIPO PISCINA, TUBO GALVANIZADO 1\" ","M",127.97]
["26.4.11","C1252","ESCADA HELICOIDAL,PRÉ-MOLDADA CONCRETO,D=1,0M","M",600.54]
["26.4.12","C4383","ESCADA PRÉ-MOLDADA EM CONCRETO Ø = 1,80m - h = 3,50m - FORNECIMENTO / MONTAGEM","UN",2497.35]
[]
["26.4.13","C2814","ESTRADO DE MADEIRA COM BARROTE 3x3\"","M2",86.42]
["26.4.14","C4386","ESTRUTURA PRÉ-FABRICADA EM AÇO GALVANIZADO PARA ESCADA - FORNECIMENTO E MONTAGEM","KG",27]
[]
["26.4.15","C3505","GUARDA CORPO C/ CORRIMÃO EM TUBO DE AÇO GALVANIZADO 3/4\"","M",63.92]
["26.4.16","C3506","GUARDA CORPO C/ CORRIMÃO EM TUBO DE AÇO GALVANIZADO 2\"","M",149.01]
["26.4.17","C2972","TAMPA CHAPA 1/4\" ANTI-DERRAPANTE 50x70cm,C/ CANTONEIRA ARTICULADA","UN",190.35]
["26.4.18","C2970","TAMPA CHAPA 1/4\" ANTI-DERRAPANTE 70x70CM,C/ CANTONEIRA ARTICULADA","UN",229.03]
["26.4.19","C2969","TAMPA CHAPA 1/4\" ANTI-DERRAPANTE 70x130CM, C/CANTONEIRA ARTICULADA","UN",357.73]
["26.4.20","C2971","TAMPA CHAPA 1/4\"ANTI DERRAPANTE 80x150CM,C/ CANTONEIRA ARTICULADA","UN",430.47]
["26.4.21","C2974","TAMPA DE INSPEÇÃO CORREDIÇA EM CHAPA DE AÇO  GALVANIZADA E=1/16\", 125 X 70CM -  PADRÃO CAGECE","UN",244.45]
[]
["26.4.22","C2973","TAMPA DE INSPEÇÃO EM CHAPA DE AÇO GALVANIZADO E=3/16\" P/ RESERVATÓRIO, PADRÃO CAGECE","UN",362.23]
[]
["26.4.23","C2975","TAMPA DE INSPEÇÃO REMOVÍVEL EM CHAPA DE AÇO GALVANIZADO E=1/16\", 70 X 70CM - PADRÃO  CAGECE","UN",97.56]
[]
["26.4.24","C2976","TAMPA DE INSPEÇÃO REMOVÍVEL EM CHAPA DE AÇO GALVANIZADO E=1/16\", 90 X 70CM PADRÃO CAGECE","UN",132.67]
[]
["26.5","OUTROS ELEMENTOS",null,null,245.96]
["26.5.1","C1275","ESFERA PRÉ-MOLDADA DE CONCRETO, DIAMETRO 25 CM","UN",27.25]
["26.5.2","C1276","ESFERA PRÉ-MOLDADA DE CONCRETO, DIAMETRO 40 CM","UN",40.45]
["26.5.3","C1423","GARRA METÁLICA (PEGA LADRÃO) P/ MUROS","M",16.87]
["26.5.4","C1830","OURIÇO P/ ALAMBRADO DE PRESÍDIO","M",47.91]
["26.5.5","C1829","OURIÇO P/ MURALHA DE PRESÍDIO","M",46.74]
["26.5.6","C1945","PONTA DE LANÇA METÁLICA EM EXTREMIDADES","M",66.74]
["27","SISTEMA DE AR CONDICIONADO",null,null,49527.12]
["27.1","EM EDIFICAÇÕES",null,null,49527.12]
["27.1.1","C3866","APARELHO DE JANELA CAP. 7.500 BTU (FORNECIMENTO E MONTAGEM)","UN",952.86]
["27.1.2","C3867","APARELHO DE JANELA CAP. 10.000 BTU (FORNECIMENTO E MONTAGEM)","UN",1233.12]
["27.1.3","C3868","APARELHO DE JANELA CAP. 12.000 BTU (FORNECIMENTO E MONTAGEM)","UN",1345.22]
["27.1.4","C3870","APARELHO DE JANELA CAP. 18.000 BTU (FORNECIMENTO E MONTAGEM)","UN",1824.67]
["27.1.5","C3871","APARELHO DE JANELA CAP. 21.000 BTU (FORNECIMENTO E MONTAGEM)","UN",2017.83]
["27.1.6","C3872","APARELHO DE JANELA CAP. 30.000 BTU (FORNECIMENTO E MONTAGEM)","UN",3138.85]
["27.1.7","C4121","DIFUSOR LINEAR DE INSUFLAMENTO, EM ALUMÍNIO, COM REGISTROS ETC.","M",177.22]
["27.1.8","C3873","GRELHA DE INSUFLAMENTO/RETORNO, EM ALUMÍNIO ATÉ 0,25 M2 (FORNECIMENTO E MONTAGEM)","UN",124.67]
[]
["27.1.9","C3874","GRELHA DE INSUFLAMENTO/RETORNO, EM ALUMÍNIO DE 0,26 M2 À 0,49 M2 (FORNECIMENTO E MONTAGEM)","UN",185.17]
[]
["27.1.10","C3875","GRELHA DE INSUFLAMENTO/RETORNO, EM ALUMÍNIO DE 0,50 M2 À 0,64 M2 (FORNECIMENTO E MONTAGEM)","UN",220]
[]
["27.1.11","C3876","GRELHA DE INSUFLAMENTO/RETORNO, EM ALUMÍNIO DE 0,65 M2 À 0,81M2 (FORNECIMENTO E MONTAGEM)","UN",274.43]
[]
["27.1.12","C3877","GRELHA DE INSUFLAMENTO/RETORNO, EM ALUMÍNIO DE 0,82 M2 À 1,00 M2 (FORNECIMENTO E MONTAGEM)","UN",332.77]
[]
["27.1.13","C4123","REDE DE INSUFLAMENTO/RETORNO C/ DUTOS EM CHAPA GALVANIZADA, DEFLETORES, CHAVEAMENTOS, FIXAÇÕES, ISOLAMENTO TÉRMICO EM CHAPAS DE ISOPOR AUTO-EXTINGUÍVEL, DUTOS FLEXÍVEIS DE LIGAÇÃO ETC.","KG",9.66]
[]
["27.1.14","C4119","REDE DE INSUFLAMENTO/RETORNO, C/ DUTOS EM CHAPA GALVANIZADA, DEFLETORES, CHAVEAMENTOS, FIXAÇÕES, ISOLAMENTO TÉRMICO EM MANTAS DE LÃ DE ROCHA OU VIDRO, DUTOS FLEXÍVEIS DE LIGAÇÃO ETC.","KG",12.47]
[]
["27.1.15","C3734","REMANEJAMENTO DE CONDENSADORES DE MINICENTRAIS DE AR CONDICIONADO, INCLUSIVE PONTO DE FORÇA E RECARGA DE GAS","UN",957.32]
[]
["27.1.16","C3878","REMANEJAMENTO DE GRELHA DE INSUFLAMENTO/RETORNO, ATÉ 0,25 M2","UN",24.97]
["27.1.17","C3879","REMANEJAMENTO DE GRELHA DE INSUFLAMENTO/RETORNO, DE 0,26 M2 À 0,49 M2","UN",50.66]
["27.1.18","C3880","REMANEJAMENTO DE GRELHA DE INSUFLAMENTO/RETORNO, DE 0,50 M2 À 0,64 M2","UN",62.45]
["27.1.19","C3881","REMANEJAMENTO DE GRELHA DE INSUFLAMENTO/RETORNO, DE 0,65 M2 À 0,81 M2","UN",79.07]
["27.1.20","C3882","REMANEJAMENTO DE GRELHA DE INSUFLAMENTO/RETORNO, DE 0,82 M2 À 1,00 M2","UN",97.12]
["27.1.21","C2269","SERVIÇO DE HIGIENIZAÇÃO E TRATAMENTO DE SISTEMA DE AR-CONDICIONADO","M",109.23]
["27.1.22","C4122","SISTEMA DE AR CONDICIONADO EXPOSIÇÃO DIRETA, C/ \"FAN COILS\" (\"SELF CONTAINED\"  OU C/ UNIDADE REMOTA), TUBULAÇÃO","TR",3309.62]
[]
["27.1.23","C4118","SISTEMA DE AR-CONDICIONADO EXPOSIÇÃO INDIRETA, C/ \"CHILLERS\", TORRES, REDES HIDRÁULICAS (TUBULAÇÕES","TR",4948.85]
[]
["27.1.24","C3860","SPLIT SYSTEM COMPLETO C/ CONTROLE REMOTO - CAP. 1,00 TR (FORNECIMENTO E MONTAGEM)","UN",2488.66]
[]
["27.1.25","C3861","SPLIT SYSTEM COMPLETO C/ CONTROLE REMOTO - CAP. 1,50 TR (FORNECIMENTO E MONTAGEM)","UN",3272.25]
[]
["27.1.26","C3862","SPLIT SYSTEM COMPLETO C/ CONTROLE REMOTO - CAP. 2,00 TR (FORNECIMENTO E MONTAGEM)","UN",3637.7]
[]
["27.1.27","C3863","SPLIT SYSTEM COMPLETO C/ CONTROLE REMOTO - CAP. 2,50 TR (FORNECIMENTO E MONTAGEM)","UN",5197.04]
[]
["27.1.28","C3864","SPLIT SYSTEM COMPLETO C/ CONTROLE REMOTO - CAP. 3,00 TR (FORNECIMENTO E MONTAGEM)","UN",6130.84]
[]
["27.1.29","C3865","SPLIT SYSTEM COMPLETO C/ CONTROLE REMOTO - CAP. 4,00 TR (FORNECIMENTO E MONTAGEM)","UN",7312.4]
[]
["28","ALUGUEL DE EQUIPAMENTOS",null,null,1552.56]
["28.1","HORA TRABALHADA",null,null,1544.12]
["28.1.1","C3256","CAMINHÃO DISTRIBUIDOR DE LIGANTE (ALUGUEL)","H",121.35]
["28.1.2","C3257","CAMINHÃO TANQUE 6.000 l (ALUGUEL)","H",63.09]
["28.1.3","C3258","CAMINHÃO TANQUE 8.000 l (ALUGUEL)","H",71.88]
["28.1.4","C3260","CARREGADEIRA DE PNEUS 1,70 M3 (ALUGUEL)","H",94.19]
["28.1.5","C3261","CARREGADEIRA DE PNEUS 3,00 M3 (ALUGUEL)","H",153.07]
["28.1.6","C3264","COMPACTADOR DE PNEUS AUTOPROPELIDO (ALUGUEL)","H",103.75]
["28.1.7","C3265","COMPACTADOR LISO TANDEM AUTOPROPELIDO (ALUGUEL)","H",54.15]
["28.1.8","C3266","COMPACTADOR LISO VIBRATÓRIO AUTOPROPELIDO (ALUGUEL)","H",98.98]
["28.1.9","C3267","COMPACTADOR PÉ DE CARNEIRO VIBRATÓRIO AUTOPROPELIDO (ALUGUEL)","H",103.32]
["28.1.10","C3278","ESCAVADEIRA HIDRÁULICA (ALUGUEL)","H",144.56]
["28.1.11","C3288","MOTONIVELADORA (ALUGUEL)","H",123.52]
["28.1.12","C3309","RETROESCAVADEIRA DE PNEUS (ALUGUEL)","H",62.2]
["28.1.13","C3313","TRATOR DE ESTEIRAS COM LÂMINA E ESCARIFICADOR (ALUGUEL)","H",155.93]
["28.1.14","C3314","TRATOR DE PNEUS (ALUGUEL)","H",55.19]
["28.1.15","C3317","VIBRO ACABADORA DE MISTURAS BETUMINOSAS (ALUGUEL)","H",138.94]
["28.2","KM RODADO",null,null,8.44]
["28.2.1","C3255","CAMINHÃO BASCULANTE 6 M3","KM",1.14]
["28.2.2","C3254","CAMINHÃO BASCULANTE 12 M3","KM",1.43]
["28.2.3","C3262","CAVALO MECÂNICO COM PRANCHA DE 2 EIXOS","KM",2.68]
["28.2.4","C3263","CAVALO MECÂNICO COM PRANCHA DE 3 EIXOS","KM",3.2]
["29","ACESSIBILIDADE À EDIFICAÇÕES E ESPAÇOS",null,null,7429.13]
["29.1","SERVIÇOS PRELIMINARES",null,null,49.8]
["29.1.1","C4618","DEMOLIÇÃO DE INSTALAÇÃO HIDRÁULICA - TUBOS E CONEXÕES","PT",16.5]
["29.1.2","C4619","DEMOLIÇÃO DE INSTALAÇÃO SANITÁRIA - TUBOS E CONEXÕES","PT",16.02]
["29.1.3","C4639","RETIRADA DE GUARDA-CORPO EM TUBOS C/ PEÇAS E CONEXÕES FERRO GALVANIZADO (SEM REAPROVEITAMENTO) DN ATÉ 60mm","M",13.05]
[]
["29.1.4","C4640","RETIRADA DE GUIAS PRE-FABRICADAS DE CONCRETO","M",4.24]
["29.2","ESQUADRIAS E FERRAGENS",null,null,1606.2]
["29.2.1","C4621","BATEDOR PARA PORTA EM CHAPA DE ALUMÍNIO TIPO XADREZ LAVRADA ESP. 3mm C/ FIXAÇÃO SOBRE MADEIRA LISA OU REVESTIMENTO MELAMÍNICO COM FITA DUPLA FACE","M2",170.08]
[]
["29.2.2","C4643","INSTALAÇÃO DE BARRA ANTI-PÂNICO C/ TRAVA EM AÇO INOX DIÂM. 1 1/2","CJ",1115.58]
["29.2.3","C4638","PUXADOR HORIZONTAL/VERTICAL PARA PORTA","M",223.28]
["29.2.4","C4647","RETIRADA DE DISPOSITIVO DE PRESSÃO DAS PORTAS","UN",14.25]
["29.2.5","C4637","RETIRADA COM SUBSTITUIÇÃO DE MAÇANETA EXISTENTE POR TIPO ALAVANCA","UN",83.01]
["29.3","INSTALAÇÕES, LOUÇAS E ACESSÓRIOS",null,null,3033.48]
["29.3.1","C4642","ASSENTO ARTICULÁVEL (ASSEIO DE DEFICIENTE)","UN",604.76]
["29.3.2","C4635","BACIA SANITÁRIA PARA CADEIRANTES C/ ASSENTO (ABERTURA FRONTAL)","UN",804.06]
["29.3.3","C4634","BASE EM GRANITO COM MAPA TÁTIL","UN",915.77]
["29.3.4","C4636","LAVATÓRIO DE LOUÇA BRANCA C/ COLUNA SUSPENSA E ACESSÓRIOS","UN",447.5]
["29.3.5","C4630","REINSTALAÇÃO DE PONTO HIDRÁULICO, MATERIAL E EXECUÇÃO","PT",59.96]
["29.3.6","C4631","REINSTALAÇÃO DE PONTO SANITÁRIO, MATERIAL E EXECUÇÃO","PT",68.63]
["29.3.7","C4632","REMANEJAMENTO DE BACIA SANITÁRIA","UN",84.76]
["29.3.8","C4633","REMANEJAMENTO DE BANCADA DE GRANITO","M2",48.03]
["29.4","PISOS",null,null,236.14]
["29.4.1","C4625","BASE EM PREMOLDADO DE CONCRETO COM ADITIVO IMPERMEABILIZANTE P/ INSTALAÇÃO DE BACIA SANITÁRIA","UN",44.78]
[]
["29.4.2","C4622","FITA ADESIVA ANTIDERRAPANTE E FOSFORESCENTE","UN",33.83]
["29.4.3","C4623","PISO PODOTÁTIL INTERNO EM BORRACHA 30x30cm ASSENTAMENTO COM COLA VINIL (FORNECIMENTO E ASSENTAMENTO)","M2",97.74]
[]
["29.4.4","C4624","PISO PODOTÁTIL EXTERNO EM PMC ESP. 3CM, ASSENTADO COM ARGAMASSA (FORNECIMENTO E ASSENTAMENTO)","M2",59.79]
[]
["29.5","SINALIZAÇÃO",null,null,451.47]
["29.5.1","C4626","PLACA EM ALUMÍNIO 15x30cm C/ VINIL APLICADO EM 1 FACE E FIXAÇÃO COM FITA DUPLA FACE (FORNECIMENTO E MONTAGEM)","UN",12.96]
[]
["29.5.2","C4627","PLACA EM ALUMÍNIO 20x20cm C/ VINIL APLICADO EM 1 FACE E FIXAÇÃO COM FITA DUPLA FACE (FORNECIMENTO E MONTAGEM)","UN",11.37]
[]
["29.5.3","C4628","PLACA EM ALUMÍNIO 20x25cm C/ VINIL APLICADO EM 1 FACE E FIXAÇÃO COM FITA DUPLA FACE (FORNECIMENTO E MONTAGEM)","UN",14.04]
[]
["29.5.4","C4629","PLACA EM AÇO GALVANIZADO C/ APLICAÇÃO EM 1 FACE EM VINIL E FUNDO C/ PINTURA EM ESMALTE SINTÉTICO PRETO FOSCO (FORNECIMENTO E MONTAGEM)","M2",330.01]
[]
["29.5.5","C4648","PLACAS COM BRAILLE PARA SINALIZAÇÃO TÁTIL","UN",46.71]
["29.5.6","C4641","SÍMBOLO INTERNACIONAL DE ACESSO - SIA - 15x15cm","UN",13.13]
["29.5.7","C4649","SINALIZAÇÃO PARA EXTINTOR","UN",23.25]
["29.6","DIVERSOS",null,null,2052.03]
["29.6.1","C4646","CORRIMÃO DUPLA ALTURA EM AÇO INOX DIAM 1 1/2","M",314.4]
["29.6.2","C4644","FORNECIMENTO E MONTAGEM DE BOTÕES EM BRAILLE COM SINALIZAÇÃO SONORA","CJ",924.36]
["29.6.3","C4620","GUIA DE BALIZAMENTO EM ALVENARIA ESP.=10cm ALTURA ATÉ 15cm COMPLETAMENTE EXECUTADA E ACABAMENTO EM TEXTURA ACRÍLICA E TOPO EM CHAPIM EM PMC","M",88.52]
[]
["29.6.4","C4645","IMPLANTAÇÃO DE ASSENTO PARA PESSOAS OBESAS (PO), PESSOAS COM MOBILIDADE REDUZIDA (PMR) E PESSOAS COM CADEIRA DE RODAS (PCR)","UN",724.76]
[]
["30","SERVIÇOS DIVERSOS",null,null,87.33]
["30.1","INDENIZAÇÕES",null,null,1.08]
["30.1.1","C2840","INDENIZAÇÃO DE JAZIDA","M3",1.08]
["30.2","LIMPEZA FINAL",null,null,86.25]
["30.2.1","C1078","DESCUPINIZAÇÃO C/ MATERIAL INSETICIDA","M2",5.94]
["30.2.2","C3605","LIMPEZA DA UNIDADE CASA TIPO \"T 01\" - PADRÃO POPULAR","UN",58.9]
["30.2.3","C3447","LIMPEZA DE PISO EM ÁREA URBANIZADA","M2",0.56]
["30.2.4","C1625","LIMPEZA DE PISOS E REVESTIMENTOS","M2",3.63]
["30.2.5","C1626","LIMPEZA DE REVESTIMENTOS CERÂMICOS","M2",3.3]
["30.2.6","C1627","LIMPEZA DE VIDROS","M2",4.42]
["30.2.7","C1628","LIMPEZA GERAL","M2",5.15]
["30.2.8","C1629","LIMPEZA, RETIRADA DO PAPEL E LAVAGEM DE MOSAICO VIDROSO","M2",4.35]

{"sheet":"SEINF","index":6,"n_rows":7898,"n_cols":7,"rows_kept":7898,"flags":["formulas_cached_only"]}
[]
[null,"SECRETARIA MUNICIPAL DE INFRAESTRUTURA - SEINF"]
[null,"COORDENADORIA DE ELABORAÇÃO DE PROJETOS - CÉLULA DE ORÇAMENTO"]
[null,"Av. Dep. Paulino Rocha, 1343 - Cajazeiras     FORTALEZA-CE     CEP:60864-311     FONE: (85) 3105-1113"]
[null,"Email: seinf.edificacoes@fortaleza.ce.gov.br"]
[]
[null,null,"TABELA OFICIAL DO MUNICÍPIO"]
[{"$nulls":4},"Encargos Sociais: 83,84%"]
[null,null,"Relatório de Composições Sintético - COM DESONERAÇÃO"]
[null,null,"Mês de Coleta: 01/2014",null,"BDI: 0%"]
["Composição",null,"Descrição","Unidade","Preço","Composição"]
[null,null,"001     Grupo:      SERVIÇOS PRELIMINARES"]
[null,null,"001     SubGrupo:      CONSTRUÇÃO DO CANTEIRO DA OBRA"]
["0010010001","0001","ABRIGO PROVISÓRIO  P/ ALOJAMENTO, DEPÓSITO E ESCRITÓRIO COM 01 PAVIMENTO","M2",529.03,"0010010001"]
[]
["0010010002","0002","ALOJAMENTO","M2",164.32,"0010010002"]
["0010010003","0003","ANDAIME METÁLICO DE ENCAIXE P/ FACHADAS - LOCAÇÃO MENSAL","UN",4.36,"0010010003"]
["0010010004","0004","BARRACÃO ABERTO","M2",62.42,"0010010004"]
["0010010005","0005","CONSTRUÇÃO CANTEIRO DE OBRA INCL. M. O. E INSTALAÇÕES","M2",311.98,"0010010005"]
["0010010006","0006","FOSSA SUMIDOURO P/ BARRACÃO","UN",1079.3,"0010010006"]
["0010010007","0007","LIGAÇÃO PROVISÓRIA DE ÁGUA E SANITÁRIO","UN",1512.67,"0010010007"]
["0010010008","0008","LIGAÇÃO PROVISÓRIA DE LUZ, FORÇA, TELEFONE E LÓGICA","UN",1216.09,"0010010008"]
["0010010009","0009","LOCAÇÃO DE BANHEIRO QUÍMICO","MÊS",475,"0010010009"]
["0010010010","0010","LOCAÇÃO DE CABINE ESCRITÓRIO C/ WC","MÊS",1300,"0010010010"]
["0010010011","0011","LOCAÇÃO DE CABINE ESCRITÓRIO S/ WC","MÊS",1200,"0010010011"]
["0010010012","0012","LOCAÇÃO DE CONTAINER ESCRITÓRIO (14M2) C/ WC","MÊS",1005,"0010010012"]
["0010010013","0013","LOCAÇÃO DE CONTAINER ESCRITÓRIO (14M2) S/ WC","MÊS",895,"0010010013"]
["0010010014","0014","LOCAÇÃO DE GRUPO GERADOR 150/170KVA (CHP)","H",81.53,"0010010014"]
["0010010015","0015","LOCAÇÃO DE GRUPO GERADOR, 125/145 KVA, MOTOR A DIESEL 165 CV,","H",80.74,"0010010015"]
[null,null,"1800 RPM, ESTACIONÁRIO (CHP)"]
["0010010016","0016","LOCAÇÃO DE GRUPO GERADOR COM SILENCIADOR, MOTOR A DIESEL DE","H",22.16,"0010010016"]
[null,null,"40/44 KVA (32/35 KW) (CHP)"]
["0010010017","0017","LOCAÇÃO DE GRUPO GERADOR COM SILENCIADOR, MOTOR A DIESEL DE","H",84.86,"0010010017"]
[null,null,"180 KVA (144 KW) (CHP)"]
["0010010018","0018","MOBILIZAÇÃO E DESMOBILIZAÇÃO DE EQUIPAMENTOS EM CAMINHÃO","KM",3.34,"0010010018"]
[null,null,"EQUIPADO COM GUINDASTE"]
["0010010019","0019","PLACA DA OBRA PADRÃO PREFEITURA","M2",105.6,"0010010019"]
["0010010020","0020","PLACA PADRÃO P/ OBRAS","M2",105.6,"0010010020"]
["0010010021","0021","REFEITÓRIOS","M2",171.74,"0010010021"]
["0010010022","0022","SANITÁRIOS E CHUVEIROS","M2",137.77,"0010010022"]
["0010010023","0023","TAPUME DE CHAPA DE MADEIRA COMPENSADA ESP=10MM COM ABERTURA","M2",83.03,"0010010023"]
[null,null,"E PORTÃO"]
["0010010024","0024","TAPUME DE CHAPA DE MADEIRA COMPENSADA ESP=6MM COM ABERTURA","M2",74.01,"0010010024"]
[null,null,"E PORTÃO"]
[null,null,"002     SubGrupo:      PREPARAÇÃO DO TERRENO"]
["0010020001","0001 ","CAPINA MANUAL","M2",0.46,"0010020001"]
["0010020002","0002"," CORTE DE CAPOEIRA FINA FOICE","M2",0.46,"0010020002"]
["0010020003","0003","DESMATAMENTO, DESTOCAMENTO DE ÁRVORES E LIMPEZA DO TERRENO","M2",0.2,"0010020003"]
[null,null,"COM REMOÇÃO LATERAL"]
["0010020004","0004","0004 ESPALHAMENTO MECÂNICO DE SOLO EM BOTA-FORA","M3",1.9,"0010020004"]
["0010020005","0005","0005 RASPAGEM E LIMPEZA DO TERRENO COM REMOÇÃO LATERAL","M2",1.51,"0010020005"]
["0010020006","0006","0006 RECONFORMAÇÃO DE EMPRÉSTIMOS E JAZIDAS","M2",0.14,"0010020006"]
["0010020007","0007","0007 VARRIÇÃO DA VIA COM REMOÇÃO LATERAL","M2",0.53,"0010020007"]
[null,null,"003     SubGrupo:      LOCAÇÃO DA OBRA"]
["0010030001","0001"," LOCAÇÃO DA OBRA - EXECUÇÃO DE GABARITO","M2",3.02,"0010030001"]
["0010030002","0002","LOCAÇÃO DA OBRA COM AUXÍLIO TOPOGRÁFICO (ÁREA > 5.000M2)","HA",318.99,"0010030002"]
["0010030003","0003","LOCAÇÃO DA OBRA COM AUXÍLIO TOPOGRÁFICO (ÁREA ATÉ 5.000M2)","M2",0.16,"0010030003"]
["0010030004","0004","LOCAÇÃO DE REDE DE ÁGUA","M",0.11,"0010030004"]
[]
[null,"Página 1 de 120"]
[]
[]
[]
[]
[]
[null,"SECRETARIA MUNICIPAL DE INFRAESTRUTURA - SEINF"]
[null,"COORDENADORIA DE ELABORAÇÃO DE PROJETOS - CÉLULA DE ORÇAMENTO"]
[null,"Av. Dep. Paulino Rocha, 1343 - Cajazeiras     FORTALEZA-CE     CEP:60864-311     FONE: (85) 3105-1113"]
[null,"Email: seinf.edificacoes@fortaleza.ce.gov.br"]
[]
[null,null,"TABELA OFICIAL DO MUNICÍPIO"]
[{"$nulls":4},"Encargos Sociais: 83,84%"]
[null,null,"Relatório de Composições Sintético - COM DESONERAÇÃO"]
[null,"Mês de Coleta: 01/2014",null,null,"BDI: 0%"]
["Composição",null,"Descrição","Unidade","Preço","Composição"]
["0010030005",null,"0005 LOCAÇÃO E NIVELAMENTO DE REDE ESGOTO, EMISSÁRIO OU DRENAGEM","M",1.65,"0010030005"]
[null,null,"004     SubGrupo:      DEMOLIÇÕES, RETIRADAS E REPOSIÇÕES"]
["0010040001","0001","ARRANCAMENTO DE TUBOS DE CONCRETO D = 0,40M","M",15.13,"0010040001"]
["0010040002","0002","ARRANCAMENTO DE TUBOS DE CONCRETO D = 0,60M","M",25.57,"0010040002"]
["0010040003","0003","ARRANCAMENTO DE TUBOS DE CONCRETO D = 0,80M","M",36.75,"0010040003"]
["0010040004","0004","ARRANCAMENTO DE TUBOS DE CONCRETO D = 1,00M","M",62.74,"0010040004"]
["0010040005","0005","DEMOLIÇÃO DE ALVENARIA EM TIJOLO DE VIDRO","M2",4.8,"0010040005"]
["0010040006","0006","DEMOLIÇÃO DE ASFALTO COM UTILIZAÇÃO DE MARTELETE PNEUMÁTICO","M2",11.08,"0010040006"]
[null,null,"COM REMOÇÃO LATERAL"]
["0010040007","0007","DEMOLIÇÃO DE CALÇADA/PISO CERÂMICO OU LADRILHO PRÉ-MOLDADO DE","M2",9.41,"0010040007"]
[null,null,"CONCRETO COM REMOÇÃO LATERAL"]
["0010040008","0008","DEMOLIÇÃO DE CONCRETO ARMADO COM MARTELETE PNEUMÁTICO","M3",275.03,"0010040008"]
["0010040009","0009","DEMOLIÇÃO DE ESTRUTURA DE CONCRETO P/ BASQUETE","UN",48.41,"0010040009"]
["0010040010","0010","DEMOLIÇÃO DE ESTRUTURA METÁLICA","M2",11.73,"0010040010"]
["0010040011","0011","DEMOLIÇÃO DE FORRO DE GESSO","M2",1.54,"0010040011"]
["0010040012","0012","DEMOLIÇÃO DE FORRO PACOTE","M2",3.62,"0010040012"]
["0010040013","0013","DEMOLIÇÃO DE LAJES PRÉ MOLDADAS","M2",11.67,"0010040013"]
["0010040014","0014","DEMOLIÇÃO DE MOSAICO","M2",6.66,"0010040014"]
["0010040015","0015","DEMOLIÇÃO DE PAVIMENTAÇÃO COM PARALELEPÍPEDOS COM REMOÇÃO","M2",3.03,"0010040015"]
[null,null,"LATERAL"]
["0010040016","0016","DEMOLIÇÃO DE PAVIMENTO EM PEDRA TOSCA COM REMOÇÃO LATERAL","M2",3.03,"0010040016"]
["0010040017","0017","DEMOLIÇÃO DE PISO CERÂMICO SOBRE LASTRO CONCRETO","M2",10.68,"0010040017"]
["0010040018","0018","DEMOLIÇÃO DE PISO CIMENTADO SOBRE LASTRO DE CONCRETO COM","M2",10.07,"0010040018"]
[null,null,"REMOÇÃO LATERAL"]
["0010040019","0019","DEMOLIÇÃO DE PISO E VIGAS DE MADEIRA","M2",9.65,"0010040019"]
["0010040020","0020","DEMOLIÇÃO DE PISO INDUSTRIAL","M2",18.59,"0010040020"]
["0010040021","0021","DEMOLIÇÃO DE PISO MORTO DE TIJOLO SEM REAPROVEITAMENTO","M2",9.08,"0010040021"]
["0010040022","0022","DEMOLIÇÃO DE PISO TÁBUA DE PEROBA","M2",8.13,"0010040022"]
["0010040023","0023","DEMOLIÇÃO DE PISO VINÍLICO","M2",2.7,"0010040023"]
["0010040024","0024","DEMOLIÇÃO DE REVESTIMENTO COM AZULEJOS","M2",19.43,"0010040024"]
["0010040025","0025","DEMOLIÇÃO DE REVESTIMENTO CERÂMICO EM PAREDES","M2",19.43,"0010040025"]
["0010040026","0026","DEMOLIÇÃO DE REVESTIMENTO EM LAMBRI","M2",19.43,"0010040026"]
["0010040027","0027","DEMOLIÇÃO DO PAVIMENTO EM BLOCOS INTERTRAVADOS DE CONCRETO","M2",3.93,"0010040027"]
["0010040028","0028","DEMOLIÇÃO MANUAL DE  ALVENARIA EM TIJOLO COMUM COM REMOÇÃO","M3",23.49,"0010040028"]
[null,null,"LATERAL"]
["0010040029","0029","DEMOLIÇÃO MANUAL DE ALVENARIA EM PEDRA COM REMOÇÃO LATERAL","M3",61.84,"0010040029"]
["0010040030","0030","DEMOLIÇÃO MANUAL DE ALVENARIA EM TIJOLO FURADO COM REMOÇÃO","M3",20.79,"0010040030"]
["0010040031","0031","DEMOLIÇÃO MANUAL DE ASFALTO COM ESP. MÉDIA DE 10CM COM","M2",7.15,"0010040031"]
[null,null,"REMOÇÃO LATERAL"]
["0010040032","0032","DEMOLIÇÃO MANUAL DE ASFALTO COM ESP. MÉDIA DE 15CM COM","M2",10.75,"0010040032"]
[null,null,"REMOÇÃO LATERAL"]
["0010040033","0033","DEMOLIÇÃO MANUAL DE ASFALTO COM ESP. MÉDIA DE 20CM COM","M2",14.34,"0010040033"]
[null,null,"REMOÇÃO LATERAL"]
["0010040034","0034","DEMOLIÇÃO MANUAL DE ASFALTO COM ESP. MÉDIA DE 4CM COM","M2",2.87,"0010040034"]
[null,null,"REMOÇÃO LATERAL"]
["0010040035","0035","DEMOLIÇÃO MANUAL DE ASFALTO COM ESP. MÉDIA DE 7CM COM","M2",5.02,"0010040035"]
[null,null,"REMOÇÃO LATERAL"]
["0010040036","0036","DEMOLIÇÃO MANUAL DE CONCRETO ARMADO COM REMOÇÃO LATERAL","M3",166.41,"0010040036"]
["0010040037","0037","DEMOLIÇÃO MANUAL DE CONCRETO CICLÓPICO COM REMOÇÃO LATERAL","M3",121.28,"0010040037"]
[]
[null,"Página 2 de 120"]
[]
[]
[]
[]
[]
[null,"SECRETARIA MUNICIPAL DE INFRAESTRUTURA - SEINF"]
[null,"COORDENADORIA DE ELABORAÇÃO DE PROJETOS - CÉLULA DE ORÇAMENTO"]
[null,"Av. Dep. Paulino Rocha, 1343 - Cajazeiras     FORTALEZA-CE     CEP:60864-311     FONE: (85) 3105-1113"]
[null,"Email: seinf.edificacoes@fortaleza.ce.gov.br"]
[]
[null,null,"TABELA OFICIAL DO MUNICÍPIO"]
[{"$nulls":4},"Encargos Sociais: 83,84%"]
[null,null,"Relatório de Composições Sintético - COM DESONERAÇÃO"]
[null,null,"Mês de Coleta: 01/2014",null,"BDI: 0%"]
["Composição",null,"Descrição","Unidade","Preço","Composição"]
["0010040038","0038","DEMOLIÇÃO MANUAL DE CONCRETO SIMPLES COM REMOÇÃO LATERAL","M3",90.14,"0010040038"]
["0010040039","0039","DEMOLIÇÃO MECÂNICA DE PAVIMENTO (PEDRA TOSCA/REVESTIMENTO","M2",1.06,"0010040039"]
[null,null,"BETUMINOSO) COM REMOÇÃO LATERAL"]
["0010040040","0040","DERRUBADA, CARGA MANUAL E TRANSPORTE (DMT=7KM) DE ÁRVORE DE","UN",404.14,"0010040040"]
[null,null,"GRANDE PORTE DIAM. > 0,50M"]
["0010040041","0041","DERRUBADA, CARGA MANUAL E TRANSPORTE (DMT=7KM) DE ÁRVORE DE","UN",170.09,"0010040041"]
[null,null,"MÉDIO PORTE DIAM. ATÉ 0,50M"]
["0010040042","0042","DERRUBADA, CARGA MANUAL E TRANSPORTE (DMT=7KM) DE ÁRVORE DE","UN",51.22,"0010040042"]
[null,null,"PEQUENO PORTE DIAM. ATÉ 0,20M"]
["0010040043","0043","REMOÇÃO DE PINTURA ANTIGA A CAL","M2",1.32,"0010040043"]
["0010040044","0044","REMOÇÃO DE PINTURA ESMALTE/ÓLEO","M2",4.82,"0010040044"]
["0010040045","0045","REMOÇÃO DE PINTURA LÁTEX","M2",2.43,"0010040045"]
["0010040046","0046","RETIRADA DE ALAMBRADO","M2",6.23,"0010040046"]
["0010040047","0047","RETIRADA DE BANCADA EM GRANITO/AÇO INOX","M",14.43,"0010040047"]
["0010040048","0048","RETIRADA DE BANCO DE MADEIRA COM PÉS DE FERRO","UN",3.77,"0010040048"]
["0010040049","0049","RETIRADA DE BANCOS PRÉ-MOLDADOS","UN",9.45,"0010040049"]
["0010040050","0050","RETIRADA DE BATE MACAS COM REAPROVEITAMENTO","M",3.03,"0010040050"]
["0010040051","0051","RETIRADA DE BATENTE DE AÇO EM ESQUADRIAS","M",3.03,"0010040051"]
["0010040052","0052","RETIRADA DE BEBEDOURO METÁLICO","UN",6.88,"0010040052"]
["0010040053","0053","RETIRADA DE BRINQUEDOS DE PLAY-GROUND","UN",14.76,"0010040053"]
["0010040054","0054","RETIRADA DE CAIXA DE AR CONDICIONADO","UN",31.27,"0010040054"]
["0010040055","0055","RETIRADA DE CALHA DE ZINCO","M2",1.08,"0010040055"]
["0010040056","0056","RETIRADA DE CANTONEIRA METÁLICA","M",0.86,"0010040056"]
["0010040057","0057","RETIRADA DE CARPETE","M2",1.69,"0010040057"]
["0010040058","0058","RETIRADA DE CERCA DE ARAME EM ESTACA DE MADEIRA","M",0.18,"0010040058"]
["0010040059","0059","RETIRADA DE CHAPIM DE CONCRETO","M",2.43,"0010040059"]
["0010040060","0060","RETIRADA DE COMBOGÓ","M2",4.8,"0010040060"]
["0010040061","0061","RETIRADA DE DIVISÓRIAS","M2",3.88,"0010040061"]
["0010040062","0062","RETIRADA DE ESQUADRIAS METÁLICAS","M2",3.62,"0010040062"]
["0010040063","0063","RETIRADA DE ESTRUTURA DE MADEIRA EM PONTE COM REMOÇÃO","M2",11.2,"0010040063"]
[null,"LATERAL"]
["0010040064","0064","RETIRADA DE ESTRUTURA DE MADEIRA P/ TELHA CERÂMICA","M2",8.38,"0010040064"]
["0010040065","0065","RETIRADA DE ESTRUTURA DE MADEIRA P/ TELHA ONDULADA","M2",6.62,"0010040065"]
["0010040066","0066","RETIRADA DE ESTRUTURA METÁLICA COM TELHA TRANSPARENTE","M2",13.46,"0010040066"]
["0010040067","0067","RETIRADA DE FORRAMENTO","M",2.22,"0010040067"]
["0010040068","0068","RETIRADA DE FORRO DE MADEIRA","M2",5.06,"0010040068"]
["0010040069","0069","RETIRADA DE FORRO DE PVC","M2",3.11,"0010040069"]
["0010040070","0070","RETIRADA DE GRADIL DE FERRO","M2",3.03,"0010040070"]
["0010040071","0071","RETIRADA DE GRANITO EM PAREDE","M2",9.47,"0010040071"]
["0010040072","0072","RETIRADA DE GUARDA-CORPO TUBULAR","M",12.26,"0010040072"]
["0010040073","0073","RETIRADA DE GUIAS PRÉ-FABRICADAS DE CONCRETO (GELO BAIANO)","M",3.92,"0010040073"]
["0010040074","0074","RETIRADA DE IMPERMEABILIZAÇÃO COM MANTA","M2",9.03,"0010040074"]
["0010040075","0075","RETIRADA DE ISOPOR EM CAMADA DE REGULARIZAÇÃO","M2",9.03,"0010040075"]
["0010040076","0076","RETIRADA DE LOUÇAS SANITÁRIAS","UN",8.44,"0010040076"]
["0010040077","0077","RETIRADA DE MEIO FIO COM REMOÇÃO LATERAL","M",3.33,"0010040077"]
["0010040078","0078","RETIRADA DE PALHA EM COBERTURA","M2",3.47,"0010040078"]
["0010040079","0079","RETIRADA DE PASSARELA METÁLICA","M2",34.27,"0010040079"]
["0010040080","0080","RETIRADA DE PAVIMENTAÇÃO ASFÁLTICA COM BASE EM PEDRA","M2",14.12,"0010040080"]
["0010040081","0081","RETIRADA DE PAVIMENTAÇÃO EM PARALELEPÍPEDO OU PEDRA TOSCA","M2",3.99,"0010040081"]
[]
[null,"Página 3 de 120"]
[]
[]
[]
[]
[]
[null,"SECRETARIA MUNICIPAL DE INFRAESTRUTURA - SEINF"]
[null,"COORDENADORIA DE ELABORAÇÃO DE PROJETOS - CÉLULA DE ORÇAMENTO"]
[null,"Av. Dep. Paulino Rocha, 1343 - Cajazeiras     FORTALEZA-CE     CEP:60864-311     FONE: (85) 3105-1113"]
[null,"Email: seinf.edificacoes@fortaleza.ce.gov.br"]
[]
[null,null,"TABELA OFICIAL DO MUNICÍPIO"]
[{"$nulls":4},"Encargos Sociais: 83,84%"]
[null,null,"Relatório de Composições Sintético - COM DESONERAÇÃO"]
[null,null,"Mês de Coleta: 01/2014",null,"BDI: 0%"]
["Composição",null,"Descrição","Unidade","Preço","Composição"]
["0010040082","0082","RETIRADA DE PEDRA PORTUGUESA COM REMOÇÃO LATERAL","M2",3.38,"0010040082"]
["0010040083","0083","RETIRADA DE PERFIS METÁLICOS EM ESTRUTURAS","M2",1.95,"0010040083"]
["0010040084","0084","RETIRADA DE PIA E/OU TANQUE","UN",4.19,"0010040084"]
["0010040085","0085","RETIRADA DE PISO EM GRANITO","M2",9.65,"0010040085"]
["0010040086","0086","RETIRADA DE PISO TACO DE MADEIRA","M2",2.5,"0010040086"]
["0010040087","0087","RETIRADA DE PORTAS E/OU JANELAS DE MADEIRAS","M2",6.16,"0010040087"]
["0010040088","0088","RETIRADA DE POSTE","UN",113.7,"0010040088"]
["0010040089","0089","RETIRADA DE PRATELEIRA","M",11.1,"0010040089"]
["0010040090","0090","RETIRADA DE QUADRO ELÉTRICO","UN",26.66,"0010040090"]
["0010040091","0091","RETIRADA DE REBOCO, EMBOÇO E/OU REVESTIMENTOS EM ARGAMASSA","M2",3.47,"0010040091"]
["0010040092","0092","RETIRADA DE RESÍDUOS CLASSES A E B (TIJ ,ARG, CONC, CER, PLAS, PAP,","UN",82.5,"0010040092"]
[null,null,"VIDR, ETC) EM CONTAINER CAP.= 4,5 M3"]
["0010040093","0093","RETIRADA DE RESÍDUOS CLASSE C + ORGÂN. (GESS, AMIAN, ALIM, PODAS,","UN",110,"0010040093"]
[null,null,"CAPIN, ETC) EM CONTAINER CAP.= 4,5 M3"]
["0010040094","0094","RETIRADA DE TELA DE NYLON","M2",2.54,"0010040094"]
["0010040095","0095","RETIRADA DE TELHA CERÂMICA EM COBERTURA","M2",4.15,"0010040095"]
["0010040096","0096","RETIRADA DE TELHA DE FIBRA DE VIDRO","M2",1.86,"0010040096"]
["0010040097","0097","RETIRADA DE TELHA FIBROCIMENTO EM COBERTURA","M2",1.86,"0010040097"]
["0010040098","0098","RETIRADA DE TESOURAS","UN",57.14,"0010040098"]
["0010040099","0099","RETIRADA DE TOLDO/CLARABÓIA","M2",6.62,"0010040099"]
["0010040100","0100","RETIRADA DE TUBO DE FERRO GALVANIZADO","M",3.86,"0010040100"]
["0010040101","0101","RETIRADA DE TUBO DE PVC DE 1/2\"A 4\"","M",1.78,"0010040101"]
["0010040102","0102","RETIRADA DE TUBO POROSO D=20CM","M",4.83,"0010040102"]
["0010040103","0103","RETIRADA DE TUBO PVC ENTERRADO  100MM<DN<=150MM","M",5.72,"0010040103"]
["0010040104","0104","RETIRADA E RECOLOCAÇÃO DE CAIXAS DE AR CONDICIONADO","UN",34.85,"0010040104"]
["0010040105","0105","RETIRADA E RECOLOCAÇÃO DE CERCA DE CONCRETO COM","M",11.97,"0010040105"]
[null,null,"REAPROVEITAMENTO DO MATERIAL"]
["0010040106","0106","RETIRADA E RECOLOCAÇÃO DE CERCA DE MADEIRA COM","M",5.39,"0010040106"]
[null,null,"REAPROVEITAMENTO DO MATERIAL"]
["0010040107","0107","RETIRADA E RECOLOCAÇÃO DE POSTE DE FERRO COM APROVEITAMENTO","UN",81.52,"0010040107"]
[null,null,"DE LUMINÁRIAS E CABEAMENTO"]
[null,null,"005     SubGrupo:      TRÂNSITO E SEGURANÇA"]
["0010050001",null,"0001 BANDEJA SALVA-VIDAS COM TÁBUAS DE 1\"X 12\"L=1,40M","M",145.67,"0010050001"]
["0010050002",null,"0002 BANDEJA SALVA-VIDAS COM TÁBUAS DE 1\"X 12\"L=2,50M","M",175.92,"0010050002"]
["0010050003",null,"0003 PASSADIÇOS COM PRANCHAS DE AÇO","M2",7.73,"0010050003"]
["0010050004",null,"0004 PASSADIÇOS COM PRANCHAS DE MADEIRA","M2",22.28,"0010050004"]
["0010050005",null,"0005 PLACAS DE ADVERTÊNCIA","UN",74.13,"0010050005"]
["0010050006",null,"0006 SINALIZAÇÃO COM FITA EM PVC ZEBRADA","M",1.75,"0010050006"]
["0010050007",null,"0007 SINALIZAÇÃO DE ADVERTÊNCIA","UN",9.5,"0010050007"]
["0010050008",null,"0008 SINALIZAÇÃO DE TRÂNSITO COM BARREIRAS","M",2.55,"0010050008"]
["0010050009",null,"0009 SINALIZAÇÃO DE TRÂNSITO NOTURNA","M",1.13,"0010050009"]
["0010050010",null,"0010 SINALIZAÇÃO EM CHAPA GALVANIZADA COM INDICATIVO DE FLUXO","M2",5.21,"0010050010"]
["0010050011",null,"0011 SINALIZAÇÃO EM TAPUME COM INDICATIVO DE FLUXO","M2",3.87,"0010050011"]
["0010050012",null,"0012 SINALIZAÇÃO HORIZONTAL COM FAIXA HORIZONTAL COM TINTA REFLETIVA","M2",13.51,"0010050012"]
[null,null,"- RESINA ACRÍLICA A BASE D'AGUA"]
["0010050013",null,"0013 SINALIZAÇÃO HORIZONTAL COM SÍMBOLOS NO PAVIMENTO - RESINA","M2",16.69,"0010050013"]
[null,null,"ACRÍLICA A BASE D'AGUA"]
["0010050014",null,"0014 SINALIZAÇÃO VERTICAL COM PLACA DE REGULAMENTAÇÃO /","M2",577.8,"0010050014"]
[null,"ADVERTÊNCIA REFLETIVA EM ALUMÍNIO C/ PELÍCULA ANTI-PICHANTE"]
[]
[null,null,"Página 4 de 120"]
[]
[]
[]
[]
[]
[null,null,"SECRETARIA MUNICIPAL DE INFRAESTRUTURA - SEINF"]
[null,null,"COORDENADORIA DE ELABORAÇÃO DE PROJETOS - CÉLULA DE ORÇAMENTO"]
[null,null,"Av. Dep. Paulino Rocha, 1343 - Cajazeiras     FORTALEZA-CE     CEP:60864-311     FONE: (85) 3105-1113"]
[null,null,"Email: seinf.edificacoes@fortaleza.ce.gov.br"]
[]
[null,null,"TABELA OFICIAL DO MUNICÍPIO"]
[{"$nulls":4},"Encargos Sociais: 83,84%"]
[null,null,"Relatório de Composições Sintético - COM DESONERAÇÃO"]
[null,null,"Mês de Coleta: 01/2014",null,"BDI: 0%"]
[null,null,"Descrição","Unidade","Preço","Composição"]
[10050015,null,"0015 SINALIZAÇÃO VERTICAL COM PLACA INDICATIVA DE SERVIÇO, REFLETIVA,","M2","631,42",10050015]
[null,null,"EM ALUMÍNIO ANTI-PICHANTE"]
[10050016,null,"0016 TELA TAPUME EM PVC VEZES (H=1,20M)","M2","2,76",10050016]
[null,null,"006     SubGrupo:      CADASTRO"]
[10060001,null,"0001 CADASTRO DE LIGAÇÃO","UN","1,63",10060001]
[10060002,null,"0002 CADASTRO DE REDE DE ÁGUA (MEIO MAGNÉTICO)","M","0,66",10060002]
[10060003,null,"0003 CADASTRO DE REDE DE ESGOTO, EMISSÁRIO OU DRENAGEM (MEIO","M","1,08",10060003]
[null,null,"MAGNÉTICO)"]
[10060004,null,"0004 CADASTRO OPERACIONAL DE CLIENTE CAPITAL","UN","4,80",10060004]
[null,null,"007     SubGrupo:      TAXAS E EMOLUMENTOS"]
[10070001,null,"0001 LICENÇA AMBIENTAL PROVISÓRIA (SEUMA) - PORTE MENOR IGUAL A 0,50HA","UN","630,90",10070001]
[10070002,null,"0002 LICENÇA AMBIENTAL PROVISÓRIA (SEUMA) - PORTE ENTRE 0,5 E 1HA","UN","1.051,50",10070002]
[10070003,null,"0003 LICENÇA AMBIENTAL PROVISÓRIA (SEUMA) - PORTE > 1HA","UN","1.051,50",10070003]
[10070004,null,"0004 LICENÇA AMBIENTAL INSTALAÇÃO (SEUMA) - PORTE MENOR IGUAL A","UN","841,20",10070004]
[null,null,"0,50HA"]
[10070005,null,"0005 LICENÇA AMBIENTAL INSTALAÇÃO (SEUMA) - PORTE ENTRE 0,5 E 1HA","UN","1.260,84",10070005]
[10070006,null,"0006 LICENÇA AMBIENTAL INSTALAÇÃO (SEUMA) - PORTE ENTRE > 1HA","UN","1.260,84",10070006]
[10070007,null,"0007 REGISTRO NO CREA - ÁREA ACIMA DE 270,00M2","UN","672,00",10070007]
[10070008,null,"0008 REGISTRO NO CREA - ÁREA DE 100,01 A 130,00M2","UN","184,00",10070008]
[10070009,null,"0009 REGISTRO NO CREA - ÁREA DE 130,01 A 170,00M2","UN","216,00",10070009]
[10070010,null,"0010 REGISTRO NO CREA - ÁREA DE 170,01 A 210,00M2","UN","368,00",10070010]
[10070011,null,"0011 REGISTRO NO CREA - ÁREA DE 210,01 A 270,00M2","UN","488,00",10070011]
[10070012,null,"0012 TAXA P/ LIBERAÇÃO DE ALVARÁ DO CCO","UN","0,80",10070012]
[null,null,"008     SubGrupo:      SONDAGEM"]
[10080001,null,"0001 LEVANTAMENTO BATIMÉTRICO","M2","0,34",10080001]
[10080002,null,"0002 RELATÓRIO FINAL DE BATIMETRIA","UN","610,07",10080002]
[10080003,null,"0003 RELATÓRIO FINAL DE SONDAGEM","UN","610,07",10080003]
[10080004,null,"0004 SONDAGEM JET-PROBE (FURO)","UN","100,00",10080004]
[10080005,null,"0005 SONDAGEM ROTATIVA P/ RECONHECIMENTO DO SUBSOLO","M","271,46",10080005]
[null,null,"002     Grupo:      MOVIMENTO DE TERRA"]
[null,null,"001     SubGrupo:      ESCAVAÇÕES EM CAMPO ABERTO"]
[20010001,null,"0001 ESCARIFICAÇÃO, ESCAVAÇÃO E REMOÇÃO DE TERRA ATÉ 1KM","M3","11,34",20010001]
[20010002,null,"0002 ESCAVAÇÃO COM ESTOCAGEM DE MATERIAL EXPURGADO","M3","3,66",20010002]
[20010003,null,"0003 ESCAVAÇÃO DE MATERIAL DE 1A. CATEGORIA COM ESGOTAMENTO","M3","8,47",20010003]
[20010004,null,"0004 ESCAVAÇÃO DE MATERIAL DE 3A. CATEGORIA A FOGO","M3","75,22",20010004]
[20010005,null,"0005 ESCAVAÇÃO EM ROCHA BRANDA A FRIO","M3","147,21",20010005]
[20010006,null,"0006 ESCAVAÇÃO MANUAL EM CAMPO ABERTO DE ROCHA FRATURADA COM","M3","129,42",20010006]
[null,null,"PERFURATRIZ MANUAL ATÉ 2M"]
[20010007,null,"0007 ESCAVAÇÃO MANUAL EM CAMPO ABERTO EM TERRA ATÉ 2M","M3","17,72",20010007]
[20010008,null,"0008 ESCAVAÇÃO MANUAL EM CAMPO ABERTO EM TERRA DE 2 A 4 M","M3","21,12",20010008]
[20010009,null,"0009 ESCAVAÇÃO MANUAL EM CAMPO ABERTO EM TERRA DE 4 A 6 M","M3","24,51",20010009]
[20010010,null,"0010 ESCAVAÇÃO MANUAL EM CAMPO ABERTO EM TERRA DE 6 A 8 M","M3","28,26",20010010]
[20010011,null,"0011 ESCAVAÇÃO MANUAL SOLO DE 2A. CATEGORIA ATÉ 1,50M","M3","21,18",20010011]
[]
[null,"Página 5 de 120"]
[]
[]
[]
[]
[]
[null,"SECRETARIA MUNICIPAL DE INFRAESTRUTURA - SEINF"]
[null,"COORDENADORIA DE ELABORAÇÃO DE PROJETOS - CÉLULA DE ORÇAMENTO"]
[null,"Av. Dep. Paulino Rocha, 1343 - Cajazeiras     FORTALEZA-CE     CEP:60864-311     FONE: (85) 3105-1113"]
[null,"Email: seinf.edificacoes@fortaleza.ce.gov.br"]
[]
[null,null,"TABELA OFICIAL DO MUNICÍPIO"]
[{"$nulls":4},"Encargos Sociais: 83,84%"]
[null,null,"Relatório de Composições Sintético - COM DESONERAÇÃO"]
[null,null,"Mês de Coleta: 01/2014",null,"BDI: 0%"]
["Composição",null,"Descrição","Unidade","Preço","Composição"]
["0020010012",null,"0012 ESCAVAÇÃO MECANIZADA EM CAMPO ABERTO EM TERRA, EXCETO ROCHA,","M3",1.95,"0020010012"]
[null,"ATÉ 2M"]
["0020010013",null,"0013 ESCAVAÇÃO MECANIZADA EM CAMPO ABERTO EM TERRA, EXCETO ROCHA,","M3",2.24,"0020010013"]
[null,"ATÉ 4M"]
[null,null,"002     SubGrupo:      ESCAVAÇÕES EM VALAS, VALETAS, CANAIS E FUNDAÇÕES"]
["0020020001","0001","ESCAVAÇÃO DE BASE DE TUBULÃO A AR COMPRIMIDO COM PROF. ATÉ 12M","M3",373.48,"0020020001"]
["0020020002","0002","ESCAVAÇÃO DE POÇO PARA TUBULÃO SOB AR COMPRIMIDO ATÉ 12M","M3",539.36,"0020020002"]
["0020020003","0003","ESCAVAÇÃO MANUAL DE VALAS, SOLO QUALQUER CATEGORIA, EXCETO","M3",19.67,"0020020003"]
[null,null,"ROCHA, ATÉ 2M"]
["0020020004","0004","ESCAVAÇÃO MANUAL DE VALAS, SOLO QUALQUER CATEGORIA, EXCETO","M3",23.48,"0020020004"]
[null,null,"ROCHA, DE 2M A 4M"]
["0020020005","0005","ESCAVAÇÃO MANUAL DE VALAS, SOLO QUALQUER CATEGORIA, EXCETO","M3",27.23,"0020020005"]
[null,null,"ROCHA, DE 4M A 6M"]
["0020020006","0006","ESCAVAÇÃO MANUAL EM CAMPO ABERTO DE ROCHA C/ USO DE","M3",146.32,"0020020006"]
[null,null,"EXPLOSIVO E PERFURAÇÃO MANUAL ATÉ 2M"]
["0020020007","0007","ESCAVAÇÃO MANUAL EM CAMPO ABERTO DE ROCHA C/ USO DE","M3",107.94,"0020020007"]
[null,null,"EXPLOSIVO E PERFURAÇÃO MECÂNICA ATÉ 2M"]
["0020020008","0008","ESCAVAÇÃO MANUAL SOLO DE 1A. CATEGORIA ATÉ 1,50M","M3",16.03,"0020020008"]
["0020020009","0009","ESCAVAÇÃO MANUAL SOLO DE 1A. CATEGORIA ATÉ 2,00M","M3",19.67,"0020020009"]
["0020020010","0010","ESCAVAÇÃO MANUAL SOLO DE 1A. CATEGORIA DE 1,51M A 3,00M","M3",21.18,"0020020010"]
["0020020011","0011","ESCAVAÇÃO MANUAL SOLO DE 1A. CATEGORIA DE 3,01M A 4,50M","M3",24.8,"0020020011"]
["0020020012","0012","ESCAVAÇÃO MANUAL SOLO DE 1A. CATEGORIA DE 4,51M A 6,00M","M3",29.05,"0020020012"]
["0020020013","0013","ESCAVAÇÃO MANUAL SOLO DE 2A. CATEGORIA DE 1,51M A 3,00M","M3",32.01,"0020020013"]
["0020020014","0014","ESCAVAÇÃO MANUAL SOLO DE 2A. CATEGORIA DE 3,01M A 4,50M","M3",42.83,"0020020014"]
["0020020015","0015","ESCAVAÇÃO MANUAL SOLO DE 2A. CATEGORIA DE 4,51M A 6,00M","M3",53.72,"0020020015"]
["0020020016","0016","ESCAVAÇÃO MECÂNICA SOLO DE 1A. CATEGORIA DE 2,01M A 4,00M","M3",6.06,"0020020016"]
["0020020017","0017","ESCAVAÇÃO MECÂNICA SOLO DE 1A. CATEGORIA DE 4,01M A 6,00M","M3",10.7,"0020020017"]
["0020020018","0018","ESCAVAÇÃO MECÂNICA SOLO DE 1A. CATEGORIA DE 6,01M A 8,00M","M3",27.68,"0020020018"]
["0020020019","0019","ESCAVAÇÃO MECÂNICA SOLO DE 2A. CATEGORIA ATÉ 2,00M","M3",10.79,"0020020019"]
["0020020020","0020","ESCAVAÇÃO MECÂNICA SOLO DE 2A. CATEGORIA DE 2,01M A 4,00M","M3",16.01,"0020020020"]
["0020020021","0021","ESCAVAÇÃO MECÂNICA SOLO DE 2A. CATEGORIA DE 4,01M A 6,00M","M3",25.14,"0020020021"]
["0020020022","0022","ESCAVAÇÃO MECANIZADA EM CAMPO ABERTO EM TERRA , EXCETO","M3",2.76,"0020020022"]
[null,null,"ROCHA, ATÉ 6M DE PROFUNDIDADE"]
["0020020023","0023","ESCAVAÇÃO MECANIZADA VALA, SOLO QUALQUER CATEGORIA, EXCETO","M3",11.74,"0020020023"]
[null,null,"ROCHA, ATÉ 4M"]
["0020020024","0024","ESCAVAÇÃO SUBMERSA (DRAGAGEM)","M3",18.43,"0020020024"]
["0020020025","0025","TRAVESSIA MÉTODO NÃO DESTRUTIVO P/ TUBO 300<DN<=500 (COMPLETO)","UN",3691.05,"0020020025"]
[null,null,"003     SubGrupo:      ATERRO, REATERRO E COMPACTAÇÃO"]
["0020030001",null,"0001 APILOAMENTO DE PISO OU DE FUNDO DE VALAS COM MALHO 30KG","M2",10.28,"0020030001"]
["0020030002",null,"0002 AQUISIÇÃO DE PIÇARRA P/ ATERRO (POSTO OBRA)","M3",24.82,"0020030002"]
["0020030003",null,"0003 ATERRO COM AREIA GROSSA INCL. ESPALHAMENTO E ADENSAMENTO","M3",61.99,"0020030003"]
[null,null,"MECÂNICO (COM AQUISIÇÃO)"]
["0020030004",null,"0004 ATERRO COM AREIA VERMELHA E COMPACTAÇÃO MANUAL S/ CONTROLE","M3",48.23,"0020030004"]
[null,null,"(COM AQUISIÇÃO)"]
["0020030005",null,"0005 ATERRO COM AREIA VERMELHA E COMPACTAÇÃO MECÂNICA (COM","M3",47.72,"0020030005"]
[null,"AQUISIÇÃO)"]
["0020030006",null,"0006 ATERRO COM AREIA VERMELHA, INCLUSIVE ESPALHAMENTO (COM","M3",46.23,"0020030006"]
[null,"AQUISIÇÃO)"]
[]
[null,"Página 6 de 120"]
[]
[]
[]
[]
[]
[null,"SECRETARIA MUNICIPAL DE INFRAESTRUTURA - SEINF"]
[null,"COORDENADORIA DE ELABORAÇÃO DE PROJETOS - CÉLULA DE ORÇAMENTO"]
[null,"Av. Dep. Paulino Rocha, 1343 - Cajazeiras     FORTALEZA-CE     CEP:60864-311     FONE: (85) 3105-1113"]
[null,"Email: seinf.edificacoes@fortaleza.ce.gov.br"]
[]
[null,null,"TABELA OFICIAL DO MUNICÍPIO"]
[{"$nulls":4},"Encargos Sociais: 83,84%"]
[null,null,"Relatório de Composições Sintético - COM DESONERAÇÃO"]
[null,"Mês de Coleta: 01/2014",null,null,"BDI: 0%"]
["Composição",null,"Descrição","Unidade","Preço","Composição"]
["0020030007","0007","ATERRO COM AREIA VERMELHA, INCL. ESPALHAMENTO E APILOAMENTO","M3",51.97,"0020030007"]
[null,null,"(COM AQUISIÇÃO)"]
["0020030008","0008","ATERRO COM MATERIAL ARENOSO, INCLUSIVE ESPALHAMENTO","M3",46.57,"0020030008"]
["0020030009","0009","ATERRO COM MISTURA DE PIÇARRA E AREIA DO MORRO, PROP. 1:1 INCL.","M3",55.41,"0020030009"]
[null,null,"ESPALHAM. E APILOAMENTO (COM AQUISIÇÃO)"]
["0020030010","0010","ATERRO COM PEDRISCO, INCLUSIVE ESPALHAMENTO (COM AQUISIÇÃO)","M3",76.24,"0020030010"]
["0020030011","0011","ATERRO COM PIÇARRA INCL. ESPALHAMENTO E APILOAMENTO (COM","M3",39.59,"0020030011"]
[null,"AQUISIÇÃO)"]
["0020030012","0012","ATERRO COM PÓ DE PEDRA INCL. ESPALHAMENTO E ADENSAMENTO (COM","M3",44.12,"0020030012"]
[null,"AQUISIÇÃO)"]
["0020030013","0013","ATERRO COM PÓ DE PEDRA, COM COMPACTAÇÃO MECÂNICA E CONTROLE","M3",55.75,"0020030013"]
["0020030014","0014","ATERRO HIDRÁULICO, INCLUINDO CARGA E TRANSPORTE DA AREIA C/","M3",12.17,"0020030014"]
[null,null,"DMT= 7KM E ESPALHAMENTO NIVELADO"]
["0020030015","0015","ATERRO PROVENIENTE DO CORTE INCLUSIVE COMPACTAÇÃO (S/","M3",10.57,"0020030015"]
[null,"AQUISIÇÃO)"]
["0020030016","0016","COMPACTAÇÃO DE ATERRO COM PATRULHA MECANIZADA","M3",2.34,"0020030016"]
["0020030017","0017","CORTE E ATERRO COMPENSADO S/ CONTROLE DO GRAU DE","M3",5.63,"0020030017"]
[null,"COMPACTAÇÃO"]
["0020030018","0018","ESPALHAMENTO E ADENSAMENTO MECÂNICO DE AREIA","M3",5.7,"0020030018"]
["0020030019","0019","REATERRO APILOADO DE VALAS","M3",18.42,"0020030019"]
["0020030020","0020","REATERRO COM COMPACTAÇÃO MANUAL S/ CONTROLE, MATERIAL DA","M3",10.28,"0020030020"]
[null,"VALA"]
["0020030021","0021","REATERRO COM COMPACTAÇÃO MECÂNICA E CONTROLE,  MATERIAL DA","M3",9.77,"0020030021"]
[null,"VALA"]
["0020030022","0022","REATERRO COMPACTADO DE VALAS COM COMPACTADOR VIBRATÓRIO DE","M3",10,"0020030022"]
[null,"PLACA"]
[null,null,"004     SubGrupo:      CARGAS, TRANSPORTES E DESCARGA DE MATERIAL"]
["0020040001",null,"0001 CARGA E DESCARGA MECANIZADA DE TUBOS DE CONCRETO","TON",36.02,"0020040001"]
["0020040002",null,"0002 CARGA E DESCARGA MECANIZADA DE TUBOS E CONEXÕES EM AÇO","TON",26.99,"0020040002"]
["0020040003",null,"0003 CARGA E DESCARGA MECANIZADA DE TUBOS E CONEXÕES EM FOFO","TON",30.46,"0020040003"]
["0020040004",null,"0004 CARGA MANUAL DE ENTULHO EM CAMINHÃO BASCULANTE","M3",12.17,"0020040004"]
["0020040005",null,"0005 CARGA MANUAL DE ROCHA EM CAMINHÃO BASCULANTE","M3",11.48,"0020040005"]
["0020040006",null,"0006 CARGA MANUAL DE TERRA EM CAMINHÃO BASCULANTE","M3",9.33,"0020040006"]
["0020040007",null,"0007 CARGA MANUAL E DESCARGA DE MEIO FIO GRANÍTICO","M",1.07,"0020040007"]
["0020040008",null,"0008 CARGA MANUAL E DESCARGA DE PARALELEPÍPEDO","M2",4.06,"0020040008"]
["0020040009",null,"0009 CARGA MANUAL, DESCARGA E TRANSPORTE (DMT=15 KM) DE PEÇAS PRÉ","M3",66.12,"0020040009"]
[null,null,"MOLDADAS DE CONCRETO"]
["0020040010",null,"0010 CARGA MECANIZADA DE ENTULHO EM CAMINHÃO BASCULANTE","M3",2.18,"0020040010"]
["0020040011",null,"0011 CARGA MECANIZADA DE ROCHA EM CAMINHÃO BASCULANTE","M3",2.32,"0020040011"]
["0020040012",null,"0012 CARGA MECANIZADA DE TERRA EM CAMINHÃO BASCULANTE","M3",2.04,"0020040012"]
["0020040013",null,"0013 TRANSPORTE DE MATERIAL EXCETO ROCHA EM CAMINHÃO BASCULANTE","M3",17.31,"0020040013"]
[null,"12M3, DMT = 10KM"]
["0020040014",null,"0014 TRANSPORTE DE MATERIAL EXCETO ROCHA EM CAMINHÃO BASCULANTE","M3",18.21,"0020040014"]
[null,"12M3, DMT = 12KM"]
["0020040015",null,"0015 TRANSPORTE DE MATERIAL EXCETO ROCHA EM CAMINHÃO BASCULANTE","M3",20.01,"0020040015"]
[null,"12M3, DMT = 15KM"]
["0020040016",null,"0016 TRANSPORTE DE MATERIAL EXCETO ROCHA EM CAMINHÃO BASCULANTE","M3",3.33,"0020040016"]
[null,"12M3, DMT = 1KM"]
["0020040017",null,"0017 TRANSPORTE DE MATERIAL EXCETO ROCHA EM CAMINHÃO BASCULANTE","M3",26.88,"0020040017"]
[null,"12M3, DMT = 20KM"]
[]
[null,"Página 7 de 120"]
[]
[]
[]
[]
[]
[null,"SECRETARIA MUNICIPAL DE INFRAESTRUTURA - SEINF"]
[null,"COORDENADORIA DE ELABORAÇÃO DE PROJETOS - CÉLULA DE ORÇAMENTO"]
[null,"Av. Dep. Paulino Rocha, 1343 - Cajazeiras     FORTALEZA-CE     CEP:60864-311     FONE: (85) 3105-1113"]
[null,"Email: seinf.edificacoes@fortaleza.ce.gov.br"]
[]
[null,"TABELA OFICIAL DO MUNICÍPIO"]
[{"$nulls":4},"Encargos Sociais: 83,84%"]
[null,"Relatório de Composições Sintético - COM DESONERAÇÃO"]
[null,"Mês de Coleta: 01/2014",null,null,"BDI: 0%"]
["Composição",null,"Descrição","Unidade","Preço","Composição"]
["0020040018","0018","TRANSPORTE DE MATERIAL EXCETO ROCHA EM CAMINHÃO BASCULANTE","M3",27.78,"0020040018"]
[null,"12M3, DMT = 25KM"]
["0020040019","0019","TRANSPORTE DE MATERIAL EXCETO ROCHA EM CAMINHÃO BASCULANTE","M3",31.91,"0020040019"]
[null,"12M3, DMT = 30KM"]
["0020040020","0020","TRANSPORTE DE MATERIAL EXCETO ROCHA EM CAMINHÃO BASCULANTE","M3",14.88,"0020040020"]
[null,"12M3, DMT = 5KM"]
["0020040021","0021","TRANSPORTE DE MATERIAL EXCETO ROCHA EM CAMINHÃO BASCULANTE","M3",18.4,"0020040021"]
[null,"6M3, DMT ATÉ 10KM"]
["0020040022","0022","TRANSPORTE DE MATERIAL EXCETO ROCHA EM CAMINHÃO BASCULANTE","M3",22.66,"0020040022"]
[null,"6M3, DMT ATÉ 15KM"]
["0020040023","0023","TRANSPORTE DE MATERIAL EXCETO ROCHA EM CAMINHÃO BASCULANTE","M3",3.67,"0020040023"]
[null,"6M3, DMT ATÉ 1KM"]
["0020040024","0024","TRANSPORTE DE MATERIAL EXCETO ROCHA EM CAMINHÃO BASCULANTE","M3",28.11,"0020040024"]
[null,"6M3, DMT ATÉ 20KM"]
["0020040025","0025","TRANSPORTE DE MATERIAL EXCETO ROCHA EM CAMINHÃO BASCULANTE","M3",15.11,"0020040025"]
[null,"6M3, DMT ATÉ 5KM"]
["0020040026","0026","TRANSPORTE DE MEIO FIO GRANÍTICO EM CAMINHÃO CARROCERIA COM","M",0.78,"0020040026"]
[null,"DMT ATÉ 10 KM"]
["0020040027","0027","TRANSPORTE DE MEIO FIO GRANÍTICO EM CAMINHÃO CARROCERIA COM","M",0.99,"0020040027"]
[null,"DMT ATÉ 15 KM"]
["0020040028","0028","TRANSPORTE DE MEIO FIO GRANÍTICO EM CAMINHÃO CARROCERIA COM","M",1.15,"0020040028"]
[null,"DMT ATÉ 20 KM"]
["0020040029","0029","TRANSPORTE DE MEIO FIO GRANÍTICO EM CAMINHÃO CARROCERIA COM","M",0.54,"0020040029"]
[null,"DMT ATÉ 5 KM"]
["0020040030","0030","TRANSPORTE DE MISTURA BETUMINOSA A QUENTE, DMT = 20KM","TON",11.12,"0020040030"]
["0020040031","0031","TRANSPORTE DE PARALELEPÍPEDO EM CAMINHÃO BASCULANTE COM DMT","M2",1.29,"0020040031"]
[null,"ATÉ 10 KM"]
["0020040032","0032","TRANSPORTE DE PARALELEPÍPEDO EM CAMINHÃO BASCULANTE COM DMT","M2",1.55,"0020040032"]
[null,"ATÉ 15 KM"]
["0020040033","0033","TRANSPORTE DE PARALELEPÍPEDO EM CAMINHÃO BASCULANTE COM DMT","M2",1.76,"0020040033"]
[null,"ATÉ 20 KM"]
["0020040034","0034","TRANSPORTE DE PARALELEPÍPEDO EM CAMINHÃO BASCULANTE COM DMT","M2",1,"0020040034"]
[null,"ATÉ 5 KM"]
["0020040035","0035","TRANSPORTE DE TUBOS E CONEXÕES EM FOFO, AÇO OU CONCRETO","TON",16.26,"0020040035"]
["0020040036","0036","TRANSPORTE E EXECUÇÃO DE AAUQ EM VIAS URBANAS (PROD=24T)","M3",208.85,"0020040036"]
["0020040037","0037","TRANSPORTE E EXECUÇÃO DE AAUQ ESP.=4CM P/ SERVIÇOS DE TAPA-","M2",5.22,"0020040037"]
[null,"BURACO (MASSA FORNECIDA PELA PMF)"]
["0020040038","0038","TRANSPORTE E EXECUÇÃO DE CBUQ ESP.=4CM P/ VIAS URBANAS (MASSA","M2",1.84,"0020040038"]
[null,"FORNECIDA PELA PMF)"]
["0020040039","0039","TRANSPORTE E EXECUÇÃO DE CBUQ ESP=5CM EM VIAS URBANAS","M3",199,"0020040039"]
[null,null,"(PROD=24T)"]
["0020040040","0040","TRANSPORTE HORIZONTAL DE MATERIAIS DIVERSOS ATÉ 50 M","M3",18.75,"0020040040"]
["0020040041","0041","TRANSPORTE HORIZONTAL DE MATERIAIS DIVERSOS DE 50,01 A 150 M","M3",24.8,"0020040041"]
[null,"003     Grupo:      SERVIÇOS AUXILIARES"]
[null,"001     SubGrupo:      LASTROS"]
["0030010001","0001","0001 LASTRO DE AREIA GROSSA","M3",59.62,"0030010001"]
["0030010002","0002","LASTRO DE BRITA APILOADO MANUALMENTE","M3",82.33,"0030010002"]
["0030010003","0003 ","LASTRO DE CONCRETO ESP. = 6 CM","M2",30.86,"0030010003"]
["0030010004","0003 ","LASTRO DE CONCRETO ESP. = 6 CM","M2",43.6,"0030010004"]
["0030010005","0005","LASTRO DE PEDRA DE MÃO","M3",73.63,"0030010005"]
[]
[null,"Página 8 de 120"]
[]
[]
[]
[]
[]
[null,null,"SECRETARIA MUNICIPAL DE INFRAESTRUTURA - SEINF"]
[null,null,"COORDENADORIA DE ELABORAÇÃO DE PROJETOS - CÉLULA DE ORÇAMENTO"]
[null,null,"Av. Dep. Paulino Rocha, 1343 - Cajazeiras     FORTALEZA-CE     CEP:60864-311     FONE: (85) 3105-1113"]
[null,null,"Email: seinf.edificacoes@fortaleza.ce.gov.br"]
[]
[null,null,"TABELA OFICIAL DO MUNICÍPIO"]
[{"$nulls":4},"Encargos Sociais: 83,84%"]
[null,null,"Relatório de Composições Sintético - COM DESONERAÇÃO"]
[null,null,"Mês de Coleta: 01/2014",null,"BDI: 0%"]
[null,null,"Descrição","Unidade","Preço","Composição"]
[null,null,"002     SubGrupo:      ESCORAMENTO DE MADEIRA"]
[30020001,null,"0001 CIMBRAMENTO E DESCIMBRAMENTO","M3","140,56",30020001]
[30020002,null,"0002 ESCORAMENTO COMUM DE VALAS TIPO CONTÍNUO","M2","56,27",30020002]
[30020003,null,"0003 ESCORAMENTO COMUM DE VALAS TIPO DESCONTÍNUO","M2","26,00",30020003]
[30020004,null,"0004 ESCORAMENTO DE POSTE","UN","695,91",30020004]
[30020005,null,"0005 ESCORAMENTO DE VALAS COM MADEIRA","M2","31,45",30020005]
[null,null,"003     SubGrupo:      ESCORAMENTO METÁLICO"]
[30030001,null,"0001 ESCORAMENTO CONTÍNUO DE ENCOSTA COM PRANCHAS METÁLICAS ATÉ","M2","29,18",30030001]
[null,null,"6 M"]
[30030002,null,"0002 ESCORAMENTO CONTÍNUO DE VALAS COM PRANCHAS METÁLICAS DE","M2","17,15",30030002]
[null,null,"2,00M"]
[30030003,null,"0003 ESCORAMENTO CONTÍNUO DE VALAS COM PRANCHAS METÁLICAS DE","M2","24,58",30030003]
[null,null,"3,00M"]
[30030004,null,"0004 ESCORAMENTO CONTÍNUO DE VALAS COM PRANCHAS METÁLICAS DE","M2","30,87",30030004]
[null,null,"4,00M"]
[30030005,null,"0005 ESCORAMENTO CONTÍNUO DE VALAS COM PRANCHAS METÁLICAS DE","M2","45,71",30030005]
[null,null,"6,00M"]
[30030006,null,"0006 ESCORAMENTO ESPECIAL P/ VIA FÉRREA COM TRILHOS E PLACAS DE","M2","87,88",30030006]
[null,null,"CONCRETO ARMADO FCK 15 MPA"]
[30030007,null,"0007 ESCORAMENTO METÁLICO P/ ENSECADEIRA DE BLOCOS DE COROAMENTO","M2","204,12",30030007]
[null,null,"DE ESTACAS"]
[30030008,null,"0008 ESCORAMENTO METÁLICO P/ GALERIA","M2","35,24",30030008]
[30030009,null,"0009 ESCORAMENTO METÁLICO P/ MANILHA","M2","23,25",30030009]
[30030010,null,"0010 ESCORAMENTO METÁLICO P/ SUPERESTRUTURA","M3","36,65",30030010]
[30030011,null,"0011 ESCORAMENTO TUBULAR TIPO CONVENCIONAL","M3","20,61",30030011]
[null,null,"004     SubGrupo:      SERVIÇOS FERROVIÁRIOS"]
[30040001,null,"0001 AQUISIÇÃO DE DORMENTES DE MADEIRA DE 1ª CLASSE, POSTOS NA OBRA","UN","46,64",30040001]
[30040002,null,"0002 DEMOLIÇÃO DE LINHA, BIT. MÉTRICA, MAT. METÁL. TR 37KG/M, INCLUS.","MLn","21,60",30040002]
[null,null,"SEPARAÇÃO E EMPILHAMENTO DOS MATERIAIS"]
[30040003,null,"0003 MONTAGEM DA GRADE DA LINHA, BIT. MÉTRICA E MAT. METÁL.TR 37 KG/M","MLn","102,00",30040003]
[null,null,"(S/ AQUISIÇÃO DE MATERIAIS)"]
[30040004,null,"0004 TRANSPORTE DE TRILHOS EM CAMINHÃO CARROCERIA DMT=10KM","TON","7,75",30040004]
[30040005,null,"0005 TRAVESSIA DE RAMAL FERROVIÁRIO PELO MÉTODO NÃO DESTRUTIVO","UN","1.200,00",30040005]
[null,null,"USANDO SONDA DIGITRAK (EXECUÇÃO)"]
[null,null,"005     SubGrupo:      OUTROS ELEMENTOS (SERVIÇOS AUXILIARES)"]
[30050001,null,"0001 ADMINISTRAÇÃO LOCAL DA OBRA","UN","5.288,43",30050001]
[null,null,"004     Grupo:      OBRAS DE DRENAGEM"]
[null,null,"001     SubGrupo:      ESGOTAMENTO DE ÁREAS E VALAS"]
[40010001,null,"0001 ESGOTAMENTO COM BOMBA ELÉTRICA DE IMERSÃO 1KW ATÉ 8M DE","M3","0,04",40010001]
[null,null,"PROFUNDIDADE"]
[40010002,null,"0002 ESGOTAMENTO COM CONJUNTO MOTO-BOMBA DE 20M³/H E ALT.","H","4,26",40010002]
[null,null,"MANOMÉTRICA ATÉ 10 M.C.A."]
[40010003,null,"0003 ESGOTAMENTO MANUAL DE VALAS","M3","12,70",40010003]
[]
[null,null,"002     SubGrupo:      REBAIXAMENTO DO LENÇOL FREÁTICO"]
[]
[null,null,"Página 9 de 120"]
[]
[]
[]
[]
[]
[null,null,"SECRETARIA MUNICIPAL DE INFRAESTRUTURA - SEINF"]
[null,null,"COORDENADORIA DE ELABORAÇÃO DE PROJETOS - CÉLULA DE ORÇAMENTO"]
[null,"Av. Dep. Paulino Rocha, 1343 - Cajazeiras     FORTALEZA-CE     CEP:60864-311     FONE: (85) 3105-1113"]
[null,"Email: seinf.edificacoes@fortaleza.ce.gov.br"]
[]
[null,"TABELA OFICIAL DO MUNICÍPIO"]
[{"$nulls":4},"Encargos Sociais: 83,84%"]
[null,null,"Relatório de Composições Sintético - COM DESONERAÇÃO"]
[null,"Mês de Coleta: 01/2014",null,null,"BDI: 0%"]
["Composição",null,"Descrição","Unidade","Preço","Composição"]
["0040020001","0001","REBAIXAMENTO DE LENÇOL FREÁTICO EM ÁREAS","PT/DIA",12.54,"0040020001"]
["0040020002",null,"0002 REBAIXAMENTO DE LENÇOL FREÁTICO EM ÁREAS (POÇOS DE VISITA)","PT/DIA",22.87,"0040020002"]
["0040020003","0003 ","REBAIXAMENTO DE LENÇOL FREÁTICO EM VALAS","M",22.68,"0040020003"]
["0040020004",null,"0004 REBAIXAMENTO DE LENÇOL FREATICO P/ GALERIA DE CONCRETO ARMADO","M",71.65,"0040020004"]
["0040020005",null,"0005 REBAIXAMENTO DE LENÇOL FREÁTICO P/ MANILHA","M",22.68,"0040020005"]
[null,"003     SubGrupo:      OBRAS DE ARTE CORRENTE"]
["0040030001","0001","BOCA DE BUEIRO D = 0,60M ( INCL. ESCAVAÇÃO )","UN",712.43,"0040030001"]
["0040030002","0002","BOCA DE BUEIRO D = 0,80M ( INCL. ESCAVAÇÃO )","UN",974.63,"0040030002"]
["0040030003","0003","BOCA DE BUEIRO D = 1,00M ( INCL. ESCAVAÇÃO )","UN",1289.9,"0040030003"]
["0040030004","0004","BOCA DE BUEIRO D = 1,20M ( INCL. ESCAVAÇÃO )","UN",1416.68,"0040030004"]
["0040030005","0005","BOCA DE BUEIRO RETANGULAR 1,50X1,10M ( INCL. ESCAVAÇÃO )","UN",1507.66,"0040030005"]
["0040030006","0006","GALERIA PRÉ-MOLDADA DE CONCRETO ARMADO SEÇÃO 2,20X1,00M, INCL.","M",1790.88,"0040030006"]
[null,"CARGA, TRANSPORTE E GRAUTEAMENTO"]
["0040030007","0007","TUBO DE CONCRETO ARMADO DIAM. = 1000 MM INCL. REJUNTAMENTO","M",270.09,"0040030007"]
["0040030008","0008","TUBO DE CONCRETO ARMADO DIAM. = 1200 MM INCL. REJUNTAMENTO","M",432.86,"0040030008"]
["0040030009","0009","TUBO DE CONCRETO ARMADO DIAM. = 1500 MM INCL. REJUNTAMENTO","M",561.4,"0040030009"]
["0040030010","0010","TUBO DE CONCRETO ARMADO DIAM. = 400 MM INCL. REJUNTAMENTO","M",67.87,"0040030010"]
["0040030011","0011","TUBO DE CONCRETO ARMADO DIAM. = 600 MM INCL. REJUNTAMENTO","M",137.21,"0040030011"]
["0040030012","0012","TUBO DE CONCRETO ARMADO DIAM. = 800 MM INCL. REJUNTAMENTO","M",211.2,"0040030012"]
["0040030013","0013","TUBO DE CONCRETO ARMADO P/TRAFEGO DIRETO DIAM. = 400 MM INCL.","M",98.76,"0040030013"]
[null,"REJUNTAMENTO"]
["0040030014","0014","TUBO DE CONCRETO ARMADO P/TRAFEGO DIRETO DIAM. = 600 MM INCL.","M",162.44,"0040030014"]
[null,"REJUNTAMENTO"]
["0040030015","0015","TUBO DE CONCRETO ARMADO P/TRAFEGO DIRETO DIAM. = 800 MM INCL.","M",244.51,"0040030015"]
[null,"REJUNTAMENTO"]
["0040030016","0016","TUBO DE CONCRETO ARMADO P/TRAFEGO DIRETO DIAM. =1000 MM INCL.","M",277.39,"0040030016"]
[null,"REJUNTAMENTO"]
["0040030017","0017","TUBO DE CONCRETO ARMADO P/TRAFEGO DIRETO DIAM. =1200 MM INCL.","M",502.65,"0040030017"]
[null,"REJUNTAMENTO"]
["0040030018","0018","TUBO DE CONCRETO SIMPLES DIAM. = 400 MM INCL. REJUNTAMENTO","M",59.54,"0040030018"]
["0040030019","0019","TUBO DE CONCRETO SIMPLES DIAM. = 600 MM INCL. REJUNTAMENTO","M",99.53,"0040030019"]
["0040030020","0020","TUBO EM PVC RIB LOC D=1000MM, INCL. COLAGEM DAS EMENDAS","M",576.02,"0040030020"]
["0040030021","0021","TUBO EM PVC RIB LOC D=600MM, INCL. COLAGEM DAS EMENDAS","M",163.02,"0040030021"]
["0040030022","0022","TUBO EM PVC RIB LOC D=800MM, INCL. COLAGEM DAS EMENDAS","M",316,"0040030022"]
["0040030023","0023","TUBO EM PVC RIB LOC D=900MM, INCL. COLAGEM DAS EMENDAS","M",518.48,"0040030023"]
[null,"004     SubGrupo:      DRENAGEM SUB-SUPERFICIAL"]
["0040040001",null,"0001 APLICAÇÃO DE MANTA GEOTEXTIL EM VALAS DE DRENAGEM","M2",3.86,"0040040001"]
["0040040002","0002","AREIA GROSSA P/ DRENOS","M3",57.34,"0040040002"]
["0040040003",null,"0003 BARBACÃ EM TUBO PVC 50MM INCL. BIDIM E BRITA DE ENCHIMENTO","UN",3.41,"0040040003"]
["0040040004",null,"0004 BARBACÃ EM TUBO PVC 75MM COM BOLSA DE BRITA (40X40X40)CM","UN",19.34,"0040040004"]
[null,null,"REVEST. COM MANTA POLIESTER, INCL. ESCAVAÇÃO"]
["0040040005",null,"0005 BARBACÃ EM TUBO PVC 75MM INCL. BIDIM E BRITA DE ENCHIMENTO","UN",5.37,"0040040005"]
["0040040006",null,"0006 BERÇO DE AREIA GROSSA PARA ASSENTAMENTO DE TUBOS","M3",68.25,"0040040006"]
["0040040008","0008","BRITA PARA DRENOS","M3",63.04,"0040040008"]
["0040040009","0009","DRENO COM TUBO PVC D=100MM","UN",13.66,"0040040009"]
["0040040010","0010","DRENO COM TUBO PVC D=75MM","UN",9.4,"0040040010"]
["0040040011","0011","DRENO CORRIDO DE AREIA GROSSA","M3",68.25,"0040040011"]
[]
[null,"Página 10 de 120"]
[]
[]
[]
[]
[]
[null,"SECRETARIA MUNICIPAL DE INFRAESTRUTURA - SEINF"]
[null,"COORDENADORIA DE ELABORAÇÃO DE PROJETOS - CÉLULA DE ORÇAMENTO"]
[null,"Av. Dep. Paulino Rocha, 1343 - Cajazeiras     FORTALEZA-CE     CEP:60864-311     FONE: (85) 3105-1113"]
[null,"Email: seinf.edificacoes@fortaleza.ce.gov.br"]
[]
[null,null,"TABELA OFICIAL DO MUNICÍPIO"]
[{"$nulls":4},"Encargos Sociais: 83,84%"]
[null,null,"Relatório de Composições Sintético - COM DESONERAÇÃO"]
[null,null,"Mês de Coleta: 01/2014",null,"BDI: 0%"]
["Composição",null,"Descrição","Unidade","Preço","Composição"]
["0040040012","0012","DRENO CORRIDO DE AREIA GROSSA DO RIO (0,40X0,20)M (S/ ESCAVAÇÃO)","M",5.74,"0040040012"]
["0040040013","0013","DRENO LONGITUDINAL DE CORTE COM TUBO PEAD PERFURADO D=20CM","M",106.5,"0040040013"]
[null,null,"INCLUS. MANTA SINTÉTICA E ENCHIMENTO DE BRITA"]
["0040040014","0014","DRENO SUBTERRÂNEO POROSO D=0,20M, INCL. ESCAVAÇÃO, AREIA","M",65.92,"0040040014"]
[null,null,"GROSSA E REATERRO"]
["0040040015","0015","DRENO SUBTERRÂNEO POROSO D=0,40M, INCL. ESCAVAÇÃO, AREIA","M",76.03,"0040040015"]
[null,null,"GROSSA E REATERRO"]
["0040040016","0016","FILTRO BRITA N.º 2 E AREIA GROSSA E=0,20M COMP. EXEC. (S/","M3",118.14,"0040040016"]
[null,null,"ESCAVAÇÃO)"]
["0040040017","0017","MANILHA POROSA D = 20CM","UN",35.1,"0040040017"]
["0040040018","0018","MANILHA POROSA D = 25CM","UN",41.1,"0040040018"]
["0040040019","0019","MANILHA POROSA D = 30CM","UN",45.48,"0040040019"]
["0040040020","0020","MANILHA POROSA D = 40CM","UN",46.1,"0040040020"]
["0040040021","0021","MANILHA POROSA D = 40CM - COM FUNDO","UN",47,"0040040021"]
["0040040022","0022","MANILHA POROSA D = 50CM","UN",52.7,"0040040022"]
["0040040023","0023","TAMPONAMENTO DE ESGOTO CLANDESTINO EM GALERIAS","UN",15.75,"0040040023"]
["0040040024","0024","TRINCHEIRA DRENANTE (0,45X0,50)M, INCL. ESCAVAÇÃO,  BIDIM, BRITA E","M",38.34,"0040040024"]
[null,"REATERRO"]
["0040040025","0025","TUBO DRENO, KANANET D=100MM, CORRUGADO REVESTIDO COM MANTA","M",56.98,"0040040025"]
[null,null,"GEOTEXTIL E BRITA"]
[null,null,"005     SubGrupo:      DRENAGEM SUPERFICIAL"]
["0040050001","0001","AQUISIÇÃO E ASSENTAMENTO DE TRILHOS - TR 25KG/M","M",130.16,"0040050001"]
["0040050002","0002","AQUISIÇÃO E ASSENTAMENTO DE TRILHOS - TR 32KG/M","M",163.34,"0040050002"]
["0040050003","0003","ASSENTAMENTO DE CALHA EM BALANÇO COM ARGAMASSA DE CIMENTO E","UN",58.03,"0040050003"]
[null,null,"AREIA GROSSA NO TRAÇO 1:4 (S/AQUISIÇÃO)"]
["0040050004","0004","CAIXA BOCA DE LOBO COM TRILHOS, INCL. ESCAVAÇÃO, BARBACÃS E","UN",1739.56,"0040050004"]
[null,null,"DRENO DE AREIA GROSSA"]
["0040050005","0005","CAIXA BOCA DE LOBO INCL. ESCAVAÇÃO, BARBACÃS E DRENO DE AREIA","UN",959.69,"0040050005"]
[null,"GROSSA"]
["0040050006","0006","CAIXA CEGA TIPO A, INCL. BARBACÃS, DRENO CORRIDO DE AREIA GROSSA","UN",949.21,"0040050006"]
["0040050007","0007","CAIXA DE ALVENARIA DE TIJOLO COM TAMPA EM CONCRETO ARMADO P/","UN",128.4,"0040050007"]
[null,null,"DRENO SUBTERRÂNEO, INCL. REBOCO"]
["0040050008","0008","CAIXA DE PASSAGEM TIPO A, INCL. BARBACÃS, DRENO E AREIA GROSSA","UN",1097.4,"0040050008"]
["0040050009","0009","CAIXA DE PASSAGEM TIPO A1, INCL. BARBACÃS E DRENO CORRIDO DE","UN",1307.29,"0040050009"]
[null,null,"AREIA GROSSA"]
["0040050010","0010","CAIXA DE PASSAGEM TIPO A2, INCL. BARBACÃS E DRENO CORRIDO DE","UN",1510.24,"0040050010"]
[null,null,"AREIA GROSSA"]
["0040050011","0011","CAIXA DE PASSAGEM TIPO B, INCL. BARBACÃS E DRENO CORRIDO DE","UN",1142.76,"0040050011"]
[null,null,"AREIA GROSSA"]
["0040050012","0012","CAIXA DE PASSAGEM TIPO B2, INCL. BARBACÃS E DRENO CORRIDO DE","UN",1720.2,"0040050012"]
[null,null,"AREIA GROSSA"]
["0040050013","0013","CAIXA DE PASSAGEM TIPO C1, INCL. BARBACÃS E DRENO CORRIDO DE","UN",1393.58,"0040050013"]
[null,null,"AREIA GROSSA"]
["0040050014","0014","CALHA DE CONCRETO ARMADO (30X35)CM COM DMT=5KM (AQUISIÇÃO,","M",125.44,"0040050014"]
[null,null,"TRANSPORTE E ASSENTAMENTO)"]
["0040050015","0015","CALHAS BALANÇO COMPL. EXECUT. DMT=10KM (TRANSPORTE E","M",80.48,"0040050015"]
[null,null,"ASSENTAMENTO)"]
["0040050016","0016","CALHAS BALANÇO COMPL. EXECUT. DMT=15KM (TRANSPORTE E","M",85.83,"0040050016"]
[null,null,"ASSENTAMENTO)"]
["0040050017","0017","CALHAS BALANÇO COMPL. EXECUT. DMT=20KM (TRANSPORTE E","M",91.17,"0040050017"]
[null,"ASSENTAMENTO)"]
[]
[null,"Página 11 de 120"]
[]
[]
[]
[]
[]
[null,"SECRETARIA MUNICIPAL DE INFRAESTRUTURA - SEINF"]
[null,"COORDENADORIA DE ELABORAÇÃO DE PROJETOS - CÉLULA DE ORÇAMENTO"]
[null,"Av. Dep. Paulino Rocha, 1343 - Cajazeiras     FORTALEZA-CE     CEP:60864-311     FONE: (85) 3105-1113"]
[null,"Email: seinf.edificacoes@fortaleza.ce.gov.br"]
[]
[null,null,"TABELA OFICIAL DO MUNICÍPIO"]
[{"$nulls":4},"Encargos Sociais: 83,84%"]
[null,null,"Relatório de Composições Sintético - COM DESONERAÇÃO"]
[null,null,"Mês de Coleta: 01/2014",null,"BDI: 0%"]
["Composição",null,"Descrição","Unidade","Preço","Composição"]
["0040050018","0018","CALHAS BALANÇO COMPL. EXECUT. DMT=25KM (TRANSPORTE E","M",96.52,"0040050018"]
[null,null,"ASSENTAMENTO)"]
["0040050019","0019","CALHAS EM BALANÇO COM DMT=10KM (AQUISIÇÃO, TRANSPORTE E","M",302.94,"0040050019"]
[null,null,"ASSENTAMENTO)"]
["0040050020","0020","CALHAS EM BALANÇO COM DMT=15KM (AQUISIÇÃO, TRANSPORTE E","M",308.29,"0040050020"]
[null,null,"ASSENTAMENTO)"]
["0040050021","0021","CALHAS EM BALANÇO COM DMT=20KM (AQUISIÇÃO, TRANSPORTE E","M",313.63,"0040050021"]
[null,null,"ASSENTAMENTO)"]
["0040050022","0022","CALHAS EM BALANÇO COM DMT=25KM (AQUISIÇÃO, TRANSPORTE E","M",318.98,"0040050022"]
[null,null,"ASSENTAMENTO)"]
["0040050023","0023","CAMADA DE BRITA ARRUMADA A MÃO, (COMPLETAMENTE EXECUTADA)","M3",75.43,"0040050023"]
["0040050024","0024","CHAMINÉ P/ POÇO DE VISITA DE GALERIA COM ESCADA DE ACESSO","M",363.35,"0040050024"]
["0040050025","0025","COLOCAÇÃO DE MATERIAL PARA O LEITO FILTRANTE","M3",31.05,"0040050025"]
["0040050026","0026","DRENAGEM DE CICLOVIA C/ TUBO DE PVC 75MM, INCLUSIVE CORTE E","M",23.72,"0040050026"]
[null,null,"RECUPERAÇÃO DO CANTEIRO"]
["0040050027","0027","GRELHA DE FERRO P/ CANALETAS","M2",128.83,"0040050027"]
["0040050028","0028","GRELHA DE FERRO P/ CALHA EM PASSEIO (FORN. E ASSENTAMENTO)","M",142.34,"0040050028"]
["0040050029","0029","GRELHAS P/ CAIXA DE DRENAGEM","KG",12.53,"0040050029"]
["0040050030","0030","MEIO FIO DE PEDRA GRANÍTICA INCL. REJUNTAMENTO","M",23.6,"0040050030"]
["0040050031","0031","MEIO FIO PRÉ MOLDADO EM PÉ (0,12X0,35X1,00)M INCLUSIVE","M",15.27,"0040050031"]
[null,null,"REJUNTAMENTO"]
["0040050032","0032","NIVELAMENTO DE TAMPÃO DE POÇO DE VISITA","UN",101.1,"0040050032"]
["0040050033","0033","NIVELAMENTO DE TRILHOS EM CAIXAS DE DRENAGEM (BOCA DE LOBO","M",26.92,"0040050033"]
[null,null,"HORIZONTAL)"]
["0040050034","0034","PROTEÇÃO BOCA DE LOBO COM BARRA CHATA DE FERRO 1 1/2\"X1/4\"SOLD.","UN",54.21,"0040050034"]
[null,null,"EM TRILHO FERRO (INCL. ASSENTAMENTO ARGAMASSA)"]
["0040050035","0035","REFORMA DE MEIO FIO PRÉ MOLDADO, INCL. REJUNTAMENTO","M",6.15,"0040050035"]
["0040050036","0036","SAÍDA D'ÁGUA COM DISSIPADOR DE ENERGIA","UN",108.07,"0040050036"]
["0040050037","0037","SARJETA DE CONCRETO 20 MPA (LARG.=30CM E ESP.=10CM), MOLDADA IN","M",10.8,"0040050037"]
[null,"LOCO"]
["0040050038","0038","TRILHO TR-32 REVEST. COM TUBO PVC RÍGIDO DN 300MM COM","M",357.31,"0040050038"]
[null,null,"ENCHIMENTO CONCRETO SIMPLES (AQUIS. E ASSENTAMENTO)"]
[null,null,"005     Grupo:      ARGAMASSAS"]
[null,null,"001     SubGrupo:      ARGAMASSA DE CIMENTO E AREIA"]
["0050010001",null,"0001 ARGAMASSA DE CIMENTO E AREIA GROSSA S/ PENEIRAR TRAÇO 1:20","M3",148.8,"0050010001"]
["0050010002",null,"0002 ARGAMASSA DE CIMENTO E AREIA GROSSA S/ PENEIRAR TRAÇO 1:3","M3",338.78,"0050010002"]
["0050010003",null,"0003 ARGAMASSA DE CIMENTO E AREIA GROSSA S/ PENEIRAR TRAÇO 1:4","M3",283.12,"0050010003"]
["0050010004",null,"0004 ARGAMASSA DE CIMENTO E AREIA GROSSA S/ PENEIRAR TRAÇO 1:5","M3",249.54,"0050010004"]
[null,null,"002     SubGrupo:      OUTROS ELEMENTOS (ARGAMASSAS)"]
["0050020001",null,"0001 ARGAMASSA DE CAL EM PASTA E AREIA PENEIRADA TRAÇO 1:3","M3",434.19,"0050020001"]
["0050020002",null,"0002 ARGAMASSA EPÓXIDA COM GROUT P/ REGULARIZAÇÃO","M3",2436.3,"0050020002"]
["0050020003",null,"0003 ARGAMASSA EXPANSIVA P/ GROUTEAMENTO, INCLUSIVE PREPARO E","M3",6052.38,"0050020003"]
[null,"APLICAÇÃO"]
["0050020004",null,"0004 INJEÇÃO DE CIMENTO, INCLUSIVE MATERIAL","UN",1.26,"0050020004"]
["0050020005",null,"0005 PERFURAÇÃO E INJEÇÃO DE ARGAMASSA DE CIMENTO E ÁGUA CONSUMO","M3",1265.8,"0050020005"]
[null,"1.125KG/M3"]
[]
[null,"Página 12 de 120"]
[]
[]
[]
[]
[]
[null,"SECRETARIA MUNICIPAL DE INFRAESTRUTURA - SEINF"]
[null,"COORDENADORIA DE ELABORAÇÃO DE PROJETOS - CÉLULA DE ORÇAMENTO"]
[null,"Av. Dep. Paulino Rocha, 1343 - Cajazeiras     FORTALEZA-CE     CEP:60864-311     FONE: (85) 3105-1113"]
[null,"Email: seinf.edificacoes@fortaleza.ce.gov.br"]
[]
[null,"TABELA OFICIAL DO MUNICÍPIO"]
[{"$nulls":4},"Encargos Sociais: 83,84%"]
[null,"Relatório de Composições Sintético - COM DESONERAÇÃO"]
[null,"Mês de Coleta: 01/2014",null,null,"BDI: 0%"]
["Composição",null,"Descrição","Unidade","Preço","Composição"]
[null,"006     Grupo:      FUNDAÇÕES E ESTRUTURAS"]
[null,"001     SubGrupo:      ESTACAS"]
["0060010001","0001","BROCA DE CONCRETO ARMADO D=20CM (INCL. ESCAVAÇÃO)","M",21.58,"0060010001"]
["0060010002","0002","BROCA DE CONCRETO ARMADO D=25CM (INCL. ESCAVAÇÃO)","M",29.85,"0060010002"]
["0060010003","0003","BROCA DE CONCRETO ARMADO D=25CM, EXECUÇÃO MECÂNICA,","M",70,"0060010003"]
[null,"INCLUSIVE FORNECIMENTO DOS MATERIAIS"]
["0060010004","0004","BROCA DE CONCRETO ARMADO FCK 25MPA, AÇO CA 50, D=30CM,","M",70.83,"0060010004"]
[null,"INCLUSIVE ESCAVAÇÃO PROFUNDA DE 4 A 6M"]
["0060010005","0005","BROCA DE CONCRETO ARMADO FCK 25MPA, AÇO CA 50, D=30CM,","M",78.99,"0060010005"]
[null,"INCLUSIVE ESCAVAÇÃO PROFUNDA DE 6 ATÉ 8M"]
["0060010006","0006","ESTACA METÁLICA EM TRILHO DE AÇO TR 37 (FORN. E CRAVAÇÃO)","M",290,"0060010006"]
["0060010007","0007","ESTACA METÁLICA HP 250X85, AÇO ASTM 572-GRAU 50 (FORNECIMENTO E","M",570.81,"0060010007"]
[null,"CRAVAÇÃO)"]
["0060010008","0008","ESTACA PRÉ-MOLDADA EM CONCRETO ARMADO 20X20CM (FORN. E","M",104.6,"0060010008"]
[null,"CRAVAÇÃO)"]
["0060010009","0009","ESTACA PRÉ-MOLDADA EM CONCRETO ARMADO 23X23CM (FORN. E","M",115.4,"0060010009"]
[null,"CRAVAÇÃO)"]
["0060010010","0010","ESTACA PRÉ-MOLDADA EM CONCRETO ARMADO 25X25CM (FORN. E","M",127,"0060010010"]
[null,"CRAVAÇÃO)"]
["0060010011","0011","ESTACA PRÉ-MOLDADA EM CONCRETO ARMADO 27,5X27,5CM (FORN. E","M",146.6,"0060010011"]
[null,"CRAVAÇÃO)"]
["0060010012","0012","ESTACA PRÉ-MOLDADA EM CONCRETO ARMADO 30X30CM (FORN. E","M",165.8,"0060010012"]
[null,"CRAVAÇÃO)"]
["0060010013","0013","ESTACA RAÍZ EM SOLO D=150MM (COMPLETAMENTE EXECUTADA -","M",169.58,"0060010013"]
[null,"INCLUSIVE ENCAMISAMENTO)"]
["0060010014","0014","ESTACA RAIZ EM SOLO D=200MM (COMPLETAMENTE EXECUTADA -","M",214.67,"0060010014"]
[null,"INCLUSIVE ENCAMISAMENTO)"]
["0060010015","0015","ESTACA RAIZ EM SOLO D=250MM (COMPLETAMENTE EXECUTADA -","M",276.88,"0060010015"]
[null,"INCLUSIVE ENCAMISAMENTO)"]
["0060010016","0016","ESTACA RAIZ EM SOLO D=300MM (COMPLETAMENTE EXECUTADA -","M",327.23,"0060010016"]
[null,"INCLUSIVE ENCAMISAMENTO)"]
["0060010017","0017","ESTACA RAÍZ EM SOLO D=350MM (COMPLETAMENTE EXECUTADA -","M",380.17,"0060010017"]
[null,"INCLUSIVE ENCAMISAMENTO)"]
["0060010018","0018","ESTACA TIPO FRANKI D=350 MM, PARA CARGA 55T S/ BATE ESTACA","M",264.96,"0060010018"]
["0060010019","0019","ESTACA TIPO FRANKI D=400 MM, PARA CARGA 75T S/ BATE ESTACA","M",306.2,"0060010019"]
["0060010020","0020","ESTACA TIPO FRANKI D=450 MM, PARA CARGA 95T S/ BATE ESTACA","M",452.66,"0060010020"]
["0060010021","0021","ESTACA TIPO FRANKI D=520 MM, PARA CARGA 130T S/ BATE ESTACA","M",537.82,"0060010021"]
[null,"002     SubGrupo:      EMBASAMENTOS E BALDRAMES"]
["0060020001",null,"0001 ALVENARIA DE EMBASAMENTO COM PEDRA ARGAMASSADA","M3",220.13,"0060020001"]
["0060020002","0002","ALVENARIA DE EMBASAMENTO COM TIJOLO COMUM","M3",383.51,"0060020002"]
["0060020003","0003","ALVENARIA DE EMBASAMENTO COM TIJOLO FURADO","M3",270.85,"0060020003"]
["0060020004",null,"0004 ALVENARIA DE PEDRA COM ARGAMASSA DE CIMENTO E AREIA GROSSA","M3",187.92,"0060020004"]
[null,"TRAÇO 1:3 (S/ AQUISIÇÃO DA PEDRA)"]
["0060020005",null,"0005 CINTA DE IMPERMEABILIZAÇÃO 10 X 15CM (COMPLETAMENTE EXECUTADA)","M",22.22,"0060020005"]
["0060020006",null,"0006 CINTA DE IMPERMEABILIZAÇÃO (COMPLETAMENTE EXECUTADA)","M3",1480.97,"0060020006"]
[null,"003     SubGrupo:      FORMAS"]
["0060030001",null,"0001 FORMA CURVA EM CHAPA COMPENSADA RESINADA ESP = 6 MM","M2",117.9,"0060030001"]
[null,null,"(REUTILIZAÇÃO 3 VEZES)"]
[]
[null,"Página 13 de 120"]
[]
[]
[]
[]
[]
[null,"SECRETARIA MUNICIPAL DE INFRAESTRUTURA - SEINF"]
[null,"COORDENADORIA DE ELABORAÇÃO DE PROJETOS - CÉLULA DE ORÇAMENTO"]
[null,"Av. Dep. Paulino Rocha, 1343 - Cajazeiras     FORTALEZA-CE     CEP:60864-311     FONE: (85) 3105-1113"]
[null,"Email: seinf.edificacoes@fortaleza.ce.gov.br"]
[]
[null,"TABELA OFICIAL DO MUNICÍPIO"]
[{"$nulls":4},"Encargos Sociais: 83,84%"]
[null,"Relatório de Composições Sintético - COM DESONERAÇÃO"]
[null,"Mês de Coleta: 01/2014",null,null,"BDI: 0%"]
["Composição",null,"Descrição","Unidade","Preço","Composição"]
["0060030002","0002","FORMA DE MADEIRA (ASSOALHO) ESP=12MM P/ LAJE EM MOLDES","M2",51.9,"0060030002"]
[null,null,"REMOVÍVEIS COM DESMOLDANTE (REUTILIZAÇÃO 5 VEZES)"]
["0060030003","0003","FORMA DE MADEIRIT RESINADA 12 MM P/ FUNDAÇÕES (REUTILIZAÇÃO 5","M2",66.78,"0060030003"]
[null,"VEZES)"]
["0060030004","0004","FORMA DE PVC P/ ESTACAS DE CONCRETO D=25CM (REUTILIZAÇÃO 5","M",13.18,"0060030004"]
[null,"VEZES)"]
["0060030005","0005","FORMA DE PVC P/ ESTACAS DE CONCRETO D=30CM (REUTILIZAÇÃO 5","M",18.45,"0060030005"]
[null,"VEZES)"]
["0060030006","0006","FORMA EM CHAPA DE MADEIRA COMPENSADA ESP=12 MM P/ GALERIA E/OU","M2",41.96,"0060030006"]
[null,"ALV. DE PEDRA (REUTILIZAÇÃO 5 VEZES)"]
["0060030007","0007","FORMA EM CHAPA DE MADEIRA COMPENSADA PLASTIFICADA ESP=12 MM","M2",56.55,"0060030007"]
[null,null,"(REUTILIZAÇÃO 5 VEZES)"]
["0060030008","0008","FORMA EM CHAPA DE MADEIRA COMPENSADA RESINADA ESP = 12 MM","M2",70.82,"0060030008"]
[null,null,"(REUTILIZAÇÃO 3 VEZES)"]
["0060030009","0009","FORMA EM TÁBUA DE MADEIRA DE 1A. (REUTILIZAÇÃO 5 VEZES)","M2",36.33,"0060030009"]
["0060030010","0010","FORMA EM TÁBUA DE MADEIRA DE 3A.  P/ ESTRUTURAS EM GERAL","M2",58.88,"0060030010"]
[null,null,"(REUTILIZAÇÃO 3 VEZES)"]
["0060030011","0011","FORMA PADRÃO TIPO CAIXOTE REMOVÍVEL EM PLÁSTICO P/LAJE, COM","M2",28.72,"0060030011"]
[null,null,"LOC. MENSAL DE MOLDE, ESCORAMENTO E CIMBRAMENTO"]
["0060030012","0012","FORMA PADRÃO TIPO CAIXOTE REMOVÍVEL EM PLÁSTICO P/ LAJE","UN",4.02,"0060030012"]
[null,"NERVURADA (REUTILIZAÇÃO 4 VEZES)"]
[null,"004     SubGrupo:      ARMADURAS"]
["0060040001",null,"0001 ANCORAGEM ATIVA PARA CABO COM 12  CORDOALHAS DE 12,7MM","UN",500.27,"0060040001"]
["0060040002",null,"0002 ANCORAGEM ATIVA PARA CABO COM CORDOALHA DE 12,7MM (SISTEMA","UN",47.37,"0060040002"]
[null,"NÃO ADERENTE)"]
["0060040003",null,"0003 ANCORAGEM PASSIVA PARA CABO COM 1 CORDOALHA DE 12,7MM","UN",24.81,"0060040003"]
[null,null,"(SISTEMA NÃO ADERENTE)"]
["0060040004","0004","ARMADURA CA-25 GROSSA D=12.5 A 25.0MM","KG",5.6,"0060040004"]
["0060040005","0005","ARMADURA CA-25 MÉDIA D=6.3 A 10.0MM","KG",5.2,"0060040005"]
["0060040006","0006","ARMADURA CA-50 GROSSA D=12.5 A 25.0MM","KG",5.27,"0060040006"]
["0060040007","0007 ","ARMADURA CA-50 MÉDIA D=6.3 A 10.0MM","KG",4.87,"0060040007"]
["0060040008","0008","ARMADURA CA-60 FINA D=3.4 A 6.0MM","KG",4.72,"0060040008"]
["0060040009","0009 ","ARMADURA CA-60 MEDIA D=6.4 A 9.5MM","KG",4.87,"0060040009"]
["0060040010","0010 ","ARMADURA EM TELA SOLDADA DE AÇO CA-60","M2",10.28,"0060040010"]
["0060040011","0011","ARMADURA EM TELA SOLDADA P/ PISO","M2",10.78,"0060040011"]
["0060040012",null,"0012 CABOS COM 12 CORDOALHAS DE 12,7MM COM BAINHA - AÇO CP190-RB","KG",9.52,"0060040012"]
[null,null,"(CONFECÇÃO E MONTAGEM)"]
["0060040013","0013 ","CANTONEIRA DE AÇO 2\"X 2\"X 3/16\"","M",26.73,"0060040013"]
["0060040014",null,"0014 FORNECIMENTO, CORTE, MONTAGEM E PROTENSÃO DE CABO COM 1","KG",12.73,"0060040014"]
[null,"CORDOALHA DE 12,7MM (SISTEMA NÃO ADERENTE)"]
["0060040015",null,"0015 PROTENSÃO E INJEÇÃO EM CABO COM 12 CORDOALHAS DE 12,7MM","KG",7.08,"0060040015"]
[null,"005     SubGrupo:      CONCRETO"]
["0060050001",null,"0001 ALIZAMENTO DE CONCRETO COM IMPERMEABILIZANTE ENDURECEDOR DE","M2",33.65,"0060050001"]
[null,"SUPERFÍCIE"]
["0060050002","0002","CINTA AÉREA 10 X 15CM (COMPLETAMENTE EXECUTADA)","M",20.7,"0060050002"]
["0060050003",null,"0003 CONCRETAGEM DE TUBULÃO (CAMISA / ENCHIMENTO) A AR COMPRIMIDO","M",1448.45,"0060050003"]
[null,"D=1,20M PROFUNDIDADE ATÉ 12M"]
["0060050004",null,"0004 CONCRETAGEM DE TUBULÃO (CAMISA / ENCHIMENTO) A AR COMPRIMIDO","M",1975.12,"0060050004"]
[null,"D=1,40M PROFUNDIDADE ATÉ 12M"]
["0060050005",null,"0005 CONCRETO ARMADO APARENTE COM CORANTE COMPLETAMENTE","M3",2051.09,"0060050005"]
[null,"EXECUTADO 25MPA INCL. LANÇAMENTO"]
[]
[null,"Página 14 de 120"]
[]
[]
[]
[]
[]
[null,"SECRETARIA MUNICIPAL DE INFRAESTRUTURA - SEINF"]
[null,"COORDENADORIA DE ELABORAÇÃO DE PROJETOS - CÉLULA DE ORÇAMENTO"]
[null,"Av. Dep. Paulino Rocha, 1343 - Cajazeiras     FORTALEZA-CE     CEP:60864-311     FONE: (85) 3105-1113"]
[null,"Email: seinf.edificacoes@fortaleza.ce.gov.br"]
[]
[null,null,"TABELA OFICIAL DO MUNICÍPIO"]
[{"$nulls":4},"Encargos Sociais: 83,84%"]
[null,null,"Relatório de Composições Sintético - COM DESONERAÇÃO"]
[null,null,"Mês de Coleta: 01/2014",null,"BDI: 0%"]
["Composição",null,"Descrição","Unidade","Preço","Composição"]
["0060050006","0006","CONCRETO ARMADO COMPLETAMENTE EXECUTADO 15 MPA INCL.","M3",1458.79,"0060050006"]
[null,null,"LANÇAMENTO"]
["0060050007","0007","CONCRETO ARMADO COMPLETAMENTE EXECUTADO 15 MPA P/ GALERIA","M3",802.34,"0060050007"]
[null,null,"INCL. LANÇAMENTO"]
["0060050008","0008","CONCRETO ARMADO COMPLETAMENTE EXECUTADO 18 MPA INCL.","M3",1467.14,"0060050008"]
[null,null,"LANÇAMENTO"]
["0060050009","0009","CONCRETO ARMADO COMPLETAMENTE EXECUTADO 20 MPA INCL.","M3",1476.05,"0060050009"]
[null,null,"LANÇAMENTO"]
["0060050010","0010","CONCRETO ARMADO COMPLETAMENTE EXECUTADO 20 MPA P/ GALERIA","M3",823.57,"0060050010"]
[null,null,"INCL. LANÇAMENTO"]
["0060050011","0011","CONCRETO ARMADO COMPLETAMENTE EXECUTADO 25 MPA INCL.","M3",1489.31,"0060050011"]
[null,null,"LANÇAMENTO"]
["0060050012","0012","CONCRETO ARMADO COMPLETAMENTE EXECUTADO 30 MPA INCL.","M3",1500.23,"0060050012"]
[null,null,"LANÇAMENTO"]
["0060050013","0013","CONCRETO ARMADO COMPLETAMENTE EXECUTADO 30 MPA P/ GALERIA","M3",857.7,"0060050013"]
[null,null,"INCL. LANÇAMENTO"]
["0060050014","0014","CONCRETO CELULAR 25 MPA","M3",387.47,"0060050014"]
["0060050015","0015","CONCRETO CICLÓPICO COM 30% DE PEDRA DE MÃO MISTURADO EM","M3",285.53,"0060050015"]
[null,null,"BETONEIRA FCK 15 MPA"]
["0060050016","0016","CONCRETO CICLÓPICO COM 30% DE PEDRA DE MÃO USINADO FCK 15 MPA","M3",331.43,"0060050016"]
["0060050017","0017","CONCRETO DE REGULARIZAÇÃO FCK 10 MPA","M3",330.56,"0060050017"]
["0060050018","0018","CONCRETO DE REGULARIZAÇÃO FCK 15 MPA","M3",362.46,"0060050018"]
["0060050019","0019","CONCRETO ESTRUTURAL P/ VIBRAÇÃO FCK 10 MPA","M3",253.11,"0060050019"]
["0060050020","0020","CONCRETO ESTRUTURAL P/ VIBRAÇÃO FCK 15 MPA","M3",270.04,"0060050020"]
["0060050021","0021","CONCRETO ESTRUTURAL P/ VIBRAÇÃO FCK 18 MPA","M3",281.09,"0060050021"]
["0060050022","0022","CONCRETO ESTRUTURAL P/ VIBRAÇÃO FCK 20 MPA","M3",287.81,"0060050022"]
["0060050023","0023","CONCRETO ESTRUTURAL P/ VIBRAÇÃO FCK 25 MPA","M3",293.16,"0060050023"]
["0060050024","0024","CONCRETO ESTRUTURAL P/ VIBRAÇÃO FCK 30 MPA","M3",314.14,"0060050024"]
["0060050025","0025","CONCRETO ESTRUTURAL P/ VIBRAÇÃO FCK 35 MPA","M3",336.36,"0060050025"]
["0060050026","0026","CONCRETO ESTRUTURAL P/ VIBRAÇÃO FCK 40 MPA","M3",361.35,"0060050026"]
["0060050027","0027","CONCRETO GROUT (ARGAMASSA AUTONIVELANTE), LANÇAMENTO E CURA","M3",3047.53,"0060050027"]
["0060050028","0028","CONCRETO PRÉ-MISTURADO BOMBEADO, INCL. ADENSAMENTO, FCK 13,5","M3",314.6,"0060050028"]
[null,"MPA"]
["0060050029","0029","CONCRETO PRÉ-MISTURADO BOMBEADO, INCL. ADENSAMENTO, FCK 15","M3",288.59,"0060050029"]
[null,"MPA"]
["0060050030","0030","CONCRETO PRÉ-MISTURADO BOMBEADO, INCL. ADENSAMENTO, FCK 20","M3",344.62,"0060050030"]
[null,"MPA"]
["0060050031","0031","CONCRETO PRÉ-MISTURADO BOMBEADO, INCL. ADENSAMENTO, FCK 25","M3",368.31,"0060050031"]
[null,"MPA"]
["0060050032","0032","CONCRETO PRÉ-MISTURADO BOMBEADO, INCL. ADENSAMENTO, FCK","M3",398.49,"0060050032"]
[null,"30MPA"]
["0060050033","0033","CONCRETO PRE-MISTURADO BOMBEADO, INCL. ADENSAMENTO, FCK","M3",415.66,"0060050033"]
[null,"35MPA"]
["0060050034","0034","CONCRETO SIMPLES NÃO ESTRUTURAL PREPARO COM BETONEIRA","M3",224.9,"0060050034"]
["0060050035","0035","CONCRETO SIMPLES NÃO ESTRUTURAL PREPARO MANUAL","M3",238.71,"0060050035"]
["0060050036","0036","CONTROLE TECNOLÓGICO DE CONCRETO (ACOMPANHAMENTO)","MES",2600,"0060050036"]
["0060050037","0037","LANÇAMENTO E APLICAÇÃO DE CONCRETO EM ESTRUTURA C/ ELEVAÇÃO","M3",92.62,"0060050037"]
["0060050038","0038","LANÇAMENTO E APLICAÇÃO DE CONCRETO EM FUNDAÇÃO","M3",53.99,"0060050038"]
["0060050039","0039","MONTAGEM DE CÂMARA DE DECANTAÇÃO PRÉ-MOLDADA","UN",216.57,"0060050039"]
["0060050040","0040","PILAR DE CONCRETO COM MANILHA POROSA D=0,25M H=0,50M","M",56.17,"0060050040"]
[]
[null,"Página 15 de 120"]
[]
[]
[]
[]
[]
[null,"SECRETARIA MUNICIPAL DE INFRAESTRUTURA - SEINF"]
[null,"COORDENADORIA DE ELABORAÇÃO DE PROJETOS - CÉLULA DE ORÇAMENTO"]
[null,"Av. Dep. Paulino Rocha, 1343 - Cajazeiras     FORTALEZA-CE     CEP:60864-311     FONE: (85) 3105-1113"]
[null,"Email: seinf.edificacoes@fortaleza.ce.gov.br"]
[]
[null,null,"TABELA OFICIAL DO MUNICÍPIO"]
[{"$nulls":4},"Encargos Sociais: 83,84%"]
[null,null,"Relatório de Composições Sintético - COM DESONERAÇÃO"]
[null,"Mês de Coleta: 01/2014",null,null,"BDI: 0%"]
["Composição",null,"Descrição","Unidade","Preço","Composição"]
["0060050041",null,"0041 PILAR DE CONCRETO COM MANILHA POROSA D=0,30M H=0,50M","M",65.71,"0060050041"]
["0060050042",null,"0042 PILAR DE CONCRETO COM MANILHA POROSA D=0,40M H=0,50M","M",68.58,"0060050042"]
["0060050043",null,"0043 PREPARO E LANÇAMENTO DE CONCRETO FCK=20MPA P/ BASE DE","M3",493.78,"0060050043"]
[null,null,"TUBULÃO A AR COMPRIMIDO C/ PROFUNDIDADE ATÉ 12M"]
["0060050044",null,"0044 RADIER PROTENDIDO H=15 CM","M2",90.1,"0060050044"]
[null,null,"006     SubGrupo:      ELEMENTOS DE CONCRETO PRÉ-FABRICADOS"]
["0060060001","0001","ANEL PRÉ-MOLDADO EM CONCRETO D=1,50 M  E H=0,50 M","UN",163.55,"0060060001"]
["0060060002","0002","ANEL PRÉ-MOLDADO EM CONCRETO D=2,00 M  E H=0,50 M","UN",223.55,"0060060002"]
["0060060003","0003","ANEL PRÉ-MOLDADO EM CONCRETO D=3,50 M  E H=0,50 M","UN",528.92,"0060060003"]
["0060060004","0004","BARREIRA DE CONCRETO ARMADO NEW JERSEY","M",323.81,"0060060004"]
["0060060005","0005","BRISE DE CONCRETO ESP.= 5 CM  E  LARG.= 25 CM","M",40.49,"0060060005"]
["0060060006","0006","CAIXA PRE-MOLDADA P/ AR CONDICIONADO","UN",78.44,"0060060006"]
["0060060007","0007","LAJE PROTENDIDA FCK=30MPA (COMPLETAMENTE EXECUTADA), INCL.","M2",115.03,"0060060007"]
[null,"ESCORAMENTO"]
["0060060008","0008","LAJE TRELIÇADA P/ FORRO INCL. CAPEAMENTO ESP.=2CM","M2",60.38,"0060060008"]
["0060060009","0009","LAJE TRELIÇADA P/ PISO INCL. CAPEAMENTO ESP.=5CM","M2",88.07,"0060060009"]
["0060060010","0010","LAJE VOLTERRANA P/ FORRO","M2",83.76,"0060060010"]
["0060060011","0011","LAJE VOLTERRANA P/ PISO","M2",88.29,"0060060011"]
["0060060012","0012","MONTAGEM DE ANEL PRÉ-MOLDADO D=600MM, H=0,50M","UN",4.1,"0060060012"]
["0060060013","0013","MONTAGEM DE ANEL PRÉ-MOLDADO P/DECANTO DIGESTOR/FILTRO","UN",29.68,"0060060013"]
[null,"ANAERÓBIO"]
["0060060014","0014","MONTAGEM DE CALHA VERTEDOURA PRÉ-MOLDADA P/ FILTRO ANAERÓBIO","UN",15.38,"0060060014"]
["0060060015","0015","MONTAGEM DE TAMPA DE FECHAMENTO (LAJE DE FUNDO) P/ANEL","UN",2.22,"0060060015"]
[null,"D=600MM"]
["0060060016","0016","MONTAGEM DE TAMPA PRÉ-MOLDADA P/ DECANTO - FILTRO/FUNDO FALSO","UN",24.51,"0060060016"]
["0060060017","0017","MOURÃO DE CONCRETO APARENTE PRÉ-MOLDADO H=1,00M D=0,30M","UN",161.72,"0060060017"]
["0060060018","0018","PÉRGOLA DE CONCRETO ESP.= 5CM  E  LARG.= 20CM","M",32.69,"0060060018"]
["0060060019","0019","PLACA LISA PRÉ-MOLDADA DE CONCRETO (0,82X0,52X0,03) INTERMEDIÁRIA","UN",30.25,"0060060019"]
[null,"P/ JAZIGO"]
["0060060020","0020","PLACA LISA PRÉ-MOLDADA DE CONCRETO (0,82X0,60X0,03) P/ JAZIGO, REJ.","UN",31.25,"0060060020"]
[null,null,"COM ARG. CIMENTO E AREIA 1:4"]
["0060060021","0021","PLACA LISA PRÉ-MOLDADA DE CONCRETO (0,84X0,78X0,03) P/ JAZIGO, REJ.","UN",40.35,"0060060021"]
[null,null,"COM ARG. CIMENTO E AREIA 1:4"]
["0060060022","0022","PLACA PRÉ-MOLDADA DE CONCRETO PERFIL CRUZ (2,20X0,57X0,02) P/","UN",74.68,"0060060022"]
[null,null,"JAZIGO, REJ. COM ARG. CIMENTO E AREIA 1:4"]
["0060060023","0023","PLACA PRÉ-MOLDADA DE CONCRETO PERFIL CRUZ (2,20X0,57X0,03) P/","UN",85.48,"0060060023"]
[null,null,"JAZIGO, REJ. COM ARG. CIMENTO E AREIA 1:4"]
["0060060024","0024","PLACA PRÉ-MOLDADA DE CONCRETO PERFIL T (2,20X0,55X0,03) P/ JAZIGO,","UN",84.92,"0060060024"]
[null,null,"REJ. COM ARG. CIMENTO E AREIA 1:4"]
["0060060025","0025","PLACA PRÉ-MOLDADA DE CONCRETO PERFIL T (2,20X0,55X0,02) P/ JAZIGO,","UN",74.12,"0060060025"]
[null,null,"REJ. COM ARG. CIMENTO E AREIA 1:4"]
["0060060026","0026","TAMPO PRÉ-MOLDADO EM CONCRETO ARMADO P/ ANEL","M2",68.36,"0060060026"]
["0060060027","0027","VIGA TRELIÇADA BIAPOIADA INCL SAPATA DE APOIO E TRAT. 02 DEMÃOS","KG",19.8,"0060060027"]
[null,null,"DE PRIMER (FORN. E MONTAGEM)"]
["0060060028","0028","VIGOTA DE CONCRETO 10 X 20 CM FCK = 30 MPA (CONFECÇÃO E","M",77.64,"0060060028"]
[null,"ASSENTAMENTO)"]
[null,null,"007     SubGrupo:      JUNTA DE DILATAÇÃO"]
["0060070001",null,"0001 JUNTA DE DILATAÇÃO A BASE DE MASTIQUE","M",31.94,"0060070001"]
[]
[null,"Página 16 de 120"]
[]
[]
[]
[]
[]
[null,"SECRETARIA MUNICIPAL DE INFRAESTRUTURA - SEINF"]
[null,"COORDENADORIA DE ELABORAÇÃO DE PROJETOS - CÉLULA DE ORÇAMENTO"]
[null,"Av. Dep. Paulino Rocha, 1343 - Cajazeiras     FORTALEZA-CE     CEP:60864-311     FONE: (85) 3105-1113"]
[null,"Email: seinf.edificacoes@fortaleza.ce.gov.br"]
[]
[null,"TABELA OFICIAL DO MUNICÍPIO"]
[{"$nulls":3},"Encargos Sociais: 83,84%"]
[null,"Relatório de Composições Sintético - COM DESONERAÇÃO"]
[null,"Mês de Coleta: 01/2014",null,"BDI: 0%"]
[null,"Descrição","Unidade","Preço","Composição"]
[60070002,"0002 JUNTA DE DILATAÇÃO COM FUGENBAND TIPO O-12",null,"M","75,69"]
[60070003,"0003 JUNTA DE DILATAÇÃO EM ISOPOR ESP.=10MM",null,"M2","8,52"]
[60070004,"0004 JUNTA DE TRANSFERÊNCIA",null,"M","9,21"]
[60070005,"0005 JUNTA JEENE JJ 5070-VV",null,"M","485,54"]
[60070006,"0006 JUNTA JEENE JJ 2030-W",null,"M","80,74"]
[60070007,"0007 JUNTA JEENE JJ 2540-VV",null,"M","211,34"]
[60070008,"0008 JUNTA JEENE JJ 3550-W",null,"M","285,56"]
[60070009,"0009 LÁBIOS POLIMÉRICOS 3 X 2CM (FORN. E APLICAÇÃO)",null,"M","138,18"]
[60070010,"0010 SELANTE ELASTÔMETRO P/ JUNTA DE DILATAÇÃO",null,"M","24,66"]
[null,"008     SubGrupo:      RECUPERAÇÃO ESTRUTURAL"]
[60080001,"0001 ACABAMENTO DE PEDREIRO",null,"M2","31,56"]
[60080002,"0002 ADESIVO ESTRUTURAL P/ FERRAGENS",null,"KG","55,08"]
[60080003,"0003 APICOAMENTO EM CONCRETO P/ PREPARO DA SUPERFÍCIE",null,"M2","12,70"]
[60080004,"0004 ARGAMASSA POLIMÉRICA P/ REPAROS SUPERFICIAIS",null,"M2","61,80"]
[60080005,"0005 CONCRETO PROJETADO",null,"M2","70,00"]
[60080006,"0006 CORTE EM CONCRETO DETERIORADO",null,"M2","12,70"]
[60080007,"0007 JATEAMENTO DE AR COMPRIMIDO",null,"M2","7,92"]
[60080008,"0008 JATEAMENTO DE AREIA ÚMIDA",null,"M2","46,29"]
[60080009,"0009 LIMPEZA DE SUPERFÍCIES COM ESCOVA DE AÇO",null,"M2","2,48"]
[60080010,"0010 LIMPEZA DE SUPERFÍCIES COM LAVA JATO, À BASE DE ÁGUA",null,"M2","2,77"]
[60080011,"0011 LIXAMENTO ELÉTRICO DA ARMADURA COM ESCOVA CIRCULAR",null,"M","1,85"]
[60080012,"0012 MICRO CONCRETO FLUIDO COM ATIVADOR ELETROQUÍMICO",null,"M3","5.253,94"]
[60080013,"0013 PONTE DE ADERÊNCIA P/ CONCRETO, ARGAMASSA DE GRAUTEAMENTO",null,"M2","19,46"]
[null,"OU POLIMÉRICA"]
[60080014,"0014 PROTEÇÃO CATÓDICA COM FIO GALVANIZADO G",null,"M","25,09"]
[60080015,"0015 PROTEÇÃO CATÓDICA COM PRIMER ANTICORROSIVO À BASE DE",null,"M2","15,54"]
[null,"CROMATO DE ZINCO"]
[60080016,"0016 PROTEÇÃO CATÓDICA COM TELA GALVANIZADA G",null,"M2","247,71"]
[60080017,"0017 RECOMPOSIÇÃO SUPERFICIAL DE CONCRETO COM ARGAMASSA",null,"M2","174,59"]
[null,"POLIMÉRICA, PROFUNDIDADE ATÉ 3CM"]
[60080018,"0018 RECOMPOSIÇÃO SUPERFICIAL EM CONCRETO ESTRUTURAL",null,"M2","41,24"]
[60080019,"0019 RECUPERAÇÃO DE CONCRETO APARENTE",null,"M2","29,13"]
[60080020,"0020 RECUPERAÇÃO DE CONCRETO COM REFORÇO E RECONSTITUIÇÃO COM",null,"M3","6.152,35"]
[null,"GROUT"]
[null,"009     SubGrupo:      RASGO EM CONCRETO P/ TUBULAÇÃO"]
[60090001,"0001 RASGO EM CONCRETO PARA TUBULAÇÃO D=15MM (1/2\") A 25MM (1\")",null,"M","7,24"]
[60090002,"0002 RASGO EM CONCRETO PARA TUBULAÇÃO D=32MM (1 1/4\") A 50MM (2\")",null,"M","11,89"]
[60090003,"0003 RASGO EM CONCRETO PARA TUBULAÇÃO D=65MM (2 1/2\") A 100MM (4\")",null,"M","16,51"]
[null,"010     SubGrupo:      OUTROS ELEMENTOS (FUNDAÇÕES E ESTRUTURAS)"]
[60100001,"0001 ADIÇÃO DE IMPERMEABILIZANTE E ACELERADOR DE PEGA EM CONCRETOS",null,"L","9,04"]
[null,"E ARGAMASSAS"]
[60100002,"0002 ADIÇÃO DE MICROSÍLICA E SUPERPLASTIFICANTE EM CONCRETO",null,"M3","144,25"]
[60100003,"0003 APARELHO DE APOIO NEOPRENE FRETADO (FORN. E APLICAÇÃO)",null,"KG","35,74"]
[60100004,"0004 BASE DE CONCRETO SIMPLES NAS DIMENSÕES 30X30X20CM, PARA",null,"UN","7,83"]
[null,"FIXAÇÃO DE POSTES"]
[60100005,"0005 BASE EM ALVENARIA E PEÇAS PRÉ-MOLDADAS DE CONCRETO P/ EQUIP.",null,"UN","565,88"]
[null,"DE REFRIGERAÇÃO SOBRE LAJES, INCL. CAIAÇÃO"]
[]
[null,"Página 17 de 120"]
[]
[]
[]
[]
[]
[null,"SECRETARIA MUNICIPAL DE INFRAESTRUTURA - SEINF"]
[null,"COORDENADORIA DE ELABORAÇÃO DE PROJETOS - CÉLULA DE ORÇAMENTO"]
[null,"Av. Dep. Paulino Rocha, 1343 - Cajazeiras     FORTALEZA-CE     CEP:60864-311     FONE: (85) 3105-1113"]
[null,"Email: seinf.edificacoes@fortaleza.ce.gov.br"]
[]
[null,null,"TABELA OFICIAL DO MUNICÍPIO"]
[{"$nulls":4},"Encargos Sociais: 83,84%"]
[null,null,"Relatório de Composições Sintético - COM DESONERAÇÃO"]
[null,null,"Mês de Coleta: 01/2014",null,"BDI: 0%"]
["Composição",null,"Descrição","Unidade","Preço"]
["0060100006","0006","BLOCO DE ANCORAGEM EM CONCRETO SIMPLES FCK=10MPA","M3",414.57]
["0060100007","0007","CANTONEIRA AÇO CARBONO 4\" X 1 1/2\" ESP.=1/8\" (ABAS DESIGUAIS)","M",33.26]
["0060100008","0008","CANTONEIRA AÇO GALVANIZADO 4'' X 4'' ESP.= 3/16''","M",67.74]
["0060100009","0009","CANTONEIRA DE AÇO 1\"X1\"X3/16\" COM RABO DE ANDORINHA","M",21.88]
["0060100010","0010","CANTONEIRA DE AÇO 2 1/2\" X 2 1/2\" X 1/4\" COM RABO DE ANDORINHA","M",34.89]
["0060100011","0011","CANTONEIRA EM AÇO 100X100X10MM","M",105.34]
["0060100012","0012","CONFECÇÃO, TRANSPORTE E COLOCAÇÃO DE VIGAS PRÉ-MOLDADAS (PRÉ-","UN",3337.71]
[null,null,"TRAÇÃO) G=3,5TON"]
["0060100013","0013","CONJUNTO DE 3 CONECTORES EM AÇO CARBONO P/ ARMADURA DE","UN",26.45]
[null,null,"PROTEÇÃO CONTRA PUNÇÃO"]
["0060100014","0014","FURO D=20CM EM LAJE COM EQUIPAMENTO DE FURAÇÃO","UN",33.96]
["0060100015","0015","FURO EM CONCRETO COM BROCA DE VÍDEA, UTILIZ. MART. ELÉTRICO,","UN",13]
[null,null,"PROF ATÉ 15 CM D=3/8\""]
["0060100016","0016","ISOPOR PARA COMPLEMENTO DE FORMA DE LAJE NERVURADA","M3",74.07]
["0060100017","0017","MOBILIZAÇÃO E DESMOBILIZAÇÃO DE EQUIPAMENTOS P/ EXECUÇÃO DE","UN",2000]
[null,null,"ESTACA BROCA DE CONCRETO ARMADO D=25CM"]
["0060100018","0018","MOBILIZAÇÃO E DESMOBILIZAÇÃO DE EQUIPAMENTOS P/ EXECUÇÃO DE","UN",4000]
[null,"ESTACA RAÍZ"]
["0060100019","0019","MOBILIZAÇÃO E DESMOBILIZAÇÃO DE EQUIPAMENTOS P/ CRAVAÇÃO DE","UN",2500]
[null,null,"ESTACAS PRÉ-MOLDADAS DE CONCRETO ARMADO"]
["0060100020","0020","MOVIMENTAÇÃO, TRANSPORTE E COLOCAÇÃO DE VIGAS PRE-MOLDADAS","UN",332]
[null,null,"COM PESO DE 1,5 A 4 TON/VIGA"]
["0060100021","0021","PARAFUSO, PORCA E ARRUELA C/ CHUMBADOR QUÍMICO DE ADESÃO P/","UN",8.26]
[null,null,"CONCRETO, D=10MM E COMP.=60MM INCL. FURO"]
["0060100022","0022","PERFIL METÁLICO \"I\" (W360 X 32,9) ASTM-A572, COM APLICAÇÃO DE","M",227.34]
[null,null,"ZARCÃO MARÍTIMO (2 DEMÃOS)"]
["0060100023","0023","PERFIL METÁLICO \"I\" (W460 X 60) ASTM-A572, COM APLICAÇÃO DE ZARCÃO","M",340.58]
[null,null,"MARÍTIMO (2 DEMÃOS)"]
["0060100024","0024","PERFIL \"U\" 6\"x2\" EM ESTRUTURA METÁLICA, C/ APLICAÇÃO DE ZARCÃO","M",116.47]
["0060100025","0025","PERFIL \"U\" GALVANIZADO 3\"X1\"X3/16\" FIX. C/ PARAFUSO, CHAPA GALV. 3/16\"","KG",21.81]
[null,null,"P/ SUPORTE DE TUBULAÇÃO, INCL. PINTURA AUTOMOTIVA"]
["0060100026","0026","PILAR METÁLICO COM DUPLO PERFIL \"U\" SOLDADO 4''X2''X1/8''","M",140.07]
["0060100027","0027","PILAR TIPO CRUZ, INCL. BASE, PRÉ-MOLDADO EM CONCRETO P/ JAZIGO","UN",35.23]
[null,null,"(1,90X0,12X0,12)M"]
["0060100028","0028","SOLDA DE TOPO EM PERFIL METÁLICO \"I\" DE 12\"X5\"X1/4\" P/ EMPREITADA","UN",188.34]
["0060100029","0029","TESTE DE TRAÇÃO DE ARMADURAS EXISTENTES","UN",40]
["0060100030","0030","VIGA METÁLICA EM CHAPA DE AÇO SAC 300 ESP.=9,5MM","M",187.27]
[null,null,"011     SubGrupo:      ALVENARIAS DE PEDRA"]
["0060110001",null,"0001 ALVENARIA DE PEDRA ARGAMASSADA, TRAÇO 1:3","M3",251.69]
["0060110002",null,"0002 ALVENARIA DE PEDRA ARGAMASSADA, TRAÇO 1:3 (C/ ADITIVO","M3",258.85]
[null,null,"IMPERMEABILIZANTE E ACELERADOR DE PEGA)"]
["0060110003",null,"0003 ALVENARIA DE PEDRA ARGAMASSADA, TRAÇO 1:4","M3",237.99]
["0060110004",null,"0004 ALVENARIA DE PEDRA ARGAMASSADA, TRAÇO 1:5","M3",211.99]
["0060110005",null,"0005 ALVENARIA DE PEDRA SOLTA S/ ARGAMASSA","M3",147.68]
[null,null,"007     Grupo:      CONTENÇÕES"]
[null,null,"001     SubGrupo:      ENROCAMENTO E PROTEÇÃO DE TALUDES"]
["0070010001",null,"0001 ENROCAMENTO COM PEDRA ARRUMADA MECANICAMENTE COM PESO","TON",99.74]
[null,"VARIANDO 2 A 6 T"]
[]
[null,"Página 18 de 120"]
[]
[]
[]
[]
[]
[null,null,"SECRETARIA MUNICIPAL DE INFRAESTRUTURA - SEINF"]
[null,null,"COORDENADORIA DE ELABORAÇÃO DE PROJETOS - CÉLULA DE ORÇAMENTO"]
[null,null,"Av. Dep. Paulino Rocha, 1343 - Cajazeiras     FORTALEZA-CE     CEP:60864-311     FONE: (85) 3105-1113"]
[null,null,"Email: seinf.edificacoes@fortaleza.ce.gov.br"]
[]
[null,null,"TABELA OFICIAL DO MUNICÍPIO"]
[{"$nulls":4},"Encargos Sociais: 83,84%"]
[null,null,"Relatório de Composições Sintético - COM DESONERAÇÃO"]
[null,null,"Mês de Coleta: 01/2014",null,"BDI: 0%"]
[null,null,"Descrição","Unidade","Preço"]
[70010002,null,"0002 ENROCAMENTO DE PEDRA ARRUMADA","M3","76,14"]
[70010003,null,"0003 ENROCAMENTO DE PEDRA JOGADA","M3","67,08"]
[70010004,null,"0004 GEOTEXTIL COMO SEPARADOR, ANTICONTAMINANTE, DISTRIBUIDOR DE","M2","7,61"]
[null,null,"CARGAS E REFORÇO"]
[null,null,"002     SubGrupo:      GABIÕES"]
[70020001,null,"0001 ENCHIMENTO DE GABIÕES COM PEDRA DE MÃO","M3","81,99"]
[70020002,null,"0002 GABIÃO TIPO CAIXA ALT. = 1,00M COM TELA GALVANIZADA REVESTIDA COM","M3","213,96"]
[null,null,"PVC INCL. BIDIM E PEDRA"]
[70020003,null,"0003 GABIÃO TIPO CAIXA COM MALHA 8X10CM EM POLIPROPILENO","M3","217,41"]
[null,null,"FOTODEGRADÁVEL, INCL. PEDRA DE MÃO"]
[70020004,null,"0004 GABIÃO TIPO COLCHÃO ALT. = 0,17M COM TELA GALVANIZADA REVESTIDA","M2","70,18"]
[null,null,"COM PVC INCL. BIDIM E PEDRA"]
[70020005,null,"0005 GABIÃO TIPO COLCHÃO ALT. = 0,23M COM TELA GALVANIZADA REVESTIDA","M2","74,68"]
[null,null,"COM PVC INCL. BIDIM E PEDRA"]
[70020006,null,"0006 GABIÃO TIPO COLCHÃO ALT. = 0,30M COM TELA GALVANIZADA REVESTIDA","M2","82,72"]
[null,null,"COM PVC INCL. BIDIM E PEDRA"]
[70020007,null,"0007 MURO DE ARRIMO COM GABIÃO, ALTURA 2M","M","279,21"]
[null,null,"003     SubGrupo:      ENSECADEIRAS"]
[70030001,null,"0001 ENSECADEIRA DE PAREDE DUPLA","M2","210,00"]
[70030002,null,"0002 ENSECADEIRA DE PAREDE SIMPLES","M2","84,11"]
[70030003,null,"0003 ENSECADEIRA DE SACOS DE AREIA COM FORNECIMENTO DE AREIA","M3","80,16"]
[null,null,"008     Grupo:      PAREDES E PAINÉIS"]
[null,null,"001     SubGrupo:      ALVENARIAS DE ELEVAÇÃO"]
[80010001,null,"0001 ALVENARIA DE BLOCO CERÂMICO ESTRUTURAL 14X19X29CM","M2","35,17"]
[80010002,null,"0002 ALVENARIA DE BLOCO CERÂMICO ESTRUTURAL 14X19X39CM","M2","33,49"]
[80010003,null,"0003 ALVENARIA DE BLOCO DE CONCRETO ESTRUTURAL 14X19X39CM","M2","39,62"]
[80010004,null,"0004 ALVENARIA DE BLOCO DE CONCRETO TIPO STONE CINZA 14X19X49CM","M2","46,05"]
[80010005,null,"0005 ALVENARIA DE ELEVAÇÃO EM PEDRA","M3","220,22"]
[80010006,null,"0006 ALVENARIA DE ELEVAÇÃO TIJOLO SEMI-REFRATÁRIO OU APARENTE","M2","163,38"]
[null,null,"ESP.=20CM"]
[80010007,null,"0007 ALVENARIA DE TIJOLO COMUM ESP. = 10CM","M2","51,53"]
[80010008,null,"0008 ALVENARIA DE TIJOLO COMUM ESP. = 20CM","M2","92,39"]
[80010009,null,"0009 ALVENARIA DE TIJOLO COMUM ESP. = 30CM","M2","130,59"]
[80010010,null,"0010 ALVENARIA DE TIJOLO COMUM ESP. = 5CM","M2","27,18"]
[80010011,null,"0011 ALVENARIA DE TIJOLO FURADO ESP. = 10CM","M2","28,67"]
[80010012,null,"0012 ALVENARIA DE TIJOLO FURADO ESP. = 20CM","M2","51,28"]
[80010013,null,"0013 ALVENARIA DE TIJOLO REFRATÁRIO OU APARENTE ESP. = 10CM","M2","86,91"]
[80010014,null,"0014 ALVENARIA DE TIJOLO REFRATÁRIO OU APARENTE ESP. = 40CM","M2","353,66"]
[80010015,null,"0015 ALVENARIA DE VEDAÇÃO COM BLOCO CERÂMICO 9 x 19 x 39 CM","M2","11,91"]
[80010016,null,"0016 ALVENARIA DE VEDAÇÃO COM BLOCOS DE CONCRETO 11,5 X 19 X 39CM","M2","23,20"]
[80010017,null,"0017 AMARRAÇÃO DE ALVENARIA COM FERRO","M","23,00"]
[80010018,null,"0018 CHAPEAMENTO DE ALVENARIA","M2","27,30"]
[]
[null,null,"002     SubGrupo:      ELEMENTOS VAZADOS"]
[]
[null,null,"Página 19 de 120"]
[]
[]
[]
[]
[]
[null,"SECRETARIA MUNICIPAL DE INFRAESTRUTURA - SEINF"]
[null,"COORDENADORIA DE ELABORAÇÃO DE PROJETOS - CÉLULA DE ORÇAMENTO"]
[null,"Av. Dep. Paulino Rocha, 1343 - Cajazeiras     FORTALEZA-CE     CEP:60864-311     FONE: (85) 3105-1113"]
[null,"Email: seinf.edificacoes@fortaleza.ce.gov.br"]
[]
[null,null,"TABELA OFICIAL DO MUNICÍPIO"]
[{"$nulls":4},"Encargos Sociais: 83,84%"]
[null,null,"Relatório de Composições Sintético - COM DESONERAÇÃO"]
[null,"Mês de Coleta: 01/2014",null,null,"BDI: 0%"]
["Composição",null,"Descrição","Unidade","Preço"]
["0080020001",null,"0001 ALVENARIA DE ELEMENTO VAZADO DE CONCRETO (20X10X6CM) COM","M2",276.61]
[null,null,"CIMENTO E AREIA TRAÇO 1:3 ANTI-CHUVA"]
["0080020002",null,"0002 BLOCO DE VIDRO (19X19X9) CM ASSENTADO COM ARGAMASSA DE","M2",527.13]
[null,null,"CIMENTO E AREIA"]
["0080020003",null,"0003 COMBOGÓ DE CIMENTO TIPO DIAMANTE ASSENTADO COM ARGAMASSA DE","M2",67.06]
[null,null,"CIEMNTO E AREIA"]
["0080020004",null,"0004 COMBOGÓ DE CONCRETO (19x19x10) CM ASSENTADO COM ARGAMASSA DE","M2",80.22]
[null,null,"CIEMNTO E AREIA"]
["0080020005",null,"0005 COMBOGÓ DE CONCRETO (20X20X20) CM ASSENTADO COM ARGAMASSA","M2",136.56]
[null,null,"DE CIMENTO E AREIA"]
["0080020006",null,"0006 COMBOGÓ DE CONCRETO TIPO ANTI-CHUVA (50X50X6)CM","M2",38.14]
["0080020007",null,"0007 COMBOGÓ DE CONCRETO TIPO MEIA LUA (30X15X10) CM","M2",66.73]
["0080020008",null,"0008 COMBOGÓ DE VIDRO TIPO CAPELINHA (20X10X18)CM","M2",851.21]
[null,null,"003     SubGrupo:      RASGO EM ALVENARIA P/ TUBULAÇÕES"]
["0080030001",null,"0001 ENCHIMENTO DE RASGO COM ARGAMASSA MISTA PARA TUBULAÇÃO","M",1.97]
[null,null,"D=15MM (1/2\") A 25MM (1\")"]
["0080030002",null,"0002 ENCHIMENTO DE RASGO COM ARGAMASSA MISTA PARA TUBULAÇÃO","M",2.76]
[null,null,"D=32MM (1 1/4\") A 50MM (2\")"]
["0080030003",null,"0003 ENCHIMENTO DE RASGO COM ARGAMASSA MISTA PARA TUBULAÇÃO","M",4.45]
[null,null,"D=65MM (2 1/2\") A 100MM (4\")"]
["0080030004",null,"0004 RASGO EM ALVENARIA PARA TUBULAÇÃO D=15MM (1/2\") A 25MM (1\")","M",2.52]
["0080030005",null,"0005 RASGO EM ALVENARIA PARA TUBULAÇÃO D=32MM (1 1/4\") A 50MM (2\")","M",3.95]
["0080030006",null,"0006 RASGO EM ALVENARIA PARA TUBULAÇÃO D=65MM (2 1/2\") A 100MM (4\")","M",5.72]
[null,"004     SubGrupo:      DIVISÓRIAS"]
["0080040001","0001","ADICIONAL DE FERRAGEM P/ PORTA DE DIVISÓRIA COMPLETA (FORN. E","UN",190]
[null,"MONTAGEM)"]
["0080040002","0002","ASSENTAMENTO DE DIVISÓRIA (S/ AQUISIÇÃO)","M2",11.89]
["0080040003","0003","BOX BLINDEX (FORN. E MONTAGEM)","M2",150]
["0080040004","0004","BOX EM ACRÍLICO COM ESTRUTURA DE ALUMÍNIO ANODIZADO PRETO","M2",121]
[null,null,"(FORN. E MONTAGEM)"]
["0080040005","0005","CORTINA E TELA DE VENTILAÇÃO 100% POLIÉSTER REVESTIDO COM","M",130.9]
[null,null,"CAMADAS DE PVC H=2,0M (FORN. E MONTAGEM)"]
["0080040006","0006","DIVISÓRIA ACÚSTICA ARTICULADA EM PAINÉIS AUTO-PORTANTE,","M2",1108.36]
[null,null,"INDIVIDUAIS SUSPENSOS POR DUAS ROLDANAS"]
["0080040007","0007","DIVISÓRIA ACÚSTICA COMPOSTA POR PAINÉIS FIXOS DE VIDROS DUPLOS,","M2",1369.86]
[null,null,"LINHA A-46 EUROPÉIA"]
["0080040008","0008","DIVISÓRIA ACÚSTICA DE GESSO ACARTONADO COM LÃ DE VIDRO (FORN. E","M2",66.33]
[null,"MONTAGEM)"]
["0080040009","0009","DIVISÓRIA DE GESSO ACARTONADO E=70mm - DRY WALL (FORNECIMENTO","M2",78.42]
[null,"E MONTAGEM)"]
["0080040010","0010","DIVISÓRIA DE GESSO HIDRÓFILO CHAPA VERDE E=10CM (FORN. E","M2",85]
[null,"MONTAGEM)"]
["0080040011","0011","DIVISÓRIA DE GRANITO CINZA","M2",304.43]
["0080040012","0012","DIVISÓRIA DE GRANITO VERDE UBATUBA (OU OUTRAS CORES) POLIDO","M2",310.29]
[null,null,"DUAS FACES ESP.=2CM"]
["0080040013","0013","DIVISÓRIA DE PVC MONTANTE DUPLO EM PERFIL DE AÇO (FORN. E","M2",135.67]
[null,"MONTAGEM)"]
["0080040014","0014","DIVISÓRIA DE PVC MONTANTE DUPLO EM PERFIL DE ALUMÍNIO (FORN. E","M2",135.67]
[null,"MONTAGEM)"]
["0080040015","0015","DIVISÓRIA DE PVC MONTANTE SIMPLES EM PERFIL DE AÇO (FORN. E","M2",119.83]
[null,"MONTAGEM)"]
[]
[null,"Página 20 de 120"]
[]
[]
[]
[]
[]
[null,"SECRETARIA MUNICIPAL DE INFRAESTRUTURA - SEINF"]
[null,"COORDENADORIA DE ELABORAÇÃO DE PROJETOS - CÉLULA DE ORÇAMENTO"]
[null,"Av. Dep. Paulino Rocha, 1343 - Cajazeiras     FORTALEZA-CE     CEP:60864-311     FONE: (85) 3105-1113"]
[null,"Email: seinf.edificacoes@fortaleza.ce.gov.br"]
[]
[null,null,"TABELA OFICIAL DO MUNICÍPIO"]
[{"$nulls":4},"Encargos Sociais: 83,84%"]
[null,null,"Relatório de Composições Sintético - COM DESONERAÇÃO"]
[null,null,"Mês de Coleta: 01/2014",null,"BDI: 0%"]
["Composição",null,"Descrição","Unidade","Preço"]
["0080040016","0016","DIVISÓRIA DE PVC MONTANTE SIMPLES EM PERFIL DE ALUMÍNIO (FORN. E","M2",145]
[null,"MONTAGEM)"]
["0080040017","0017","DIVISÓRIA DIVILUX MONTANTE DUPLO","M2",108.9]
["0080040018","0018","DIVISÓRIA DIVILUX MONTANTE SIMPLES","M2",68.41]
["0080040019","0019","DIVISÓRIA EM CHAPA DE AÇO GALVANIZADO FIXADO EM ESTRUTURA DE","M2",340.37]
[null,"AÇO METALON"]
["0080040020","0020","DIVISÓRIA EM CONCRETO PRÉ-MOLDADO ESP. = 5 CM","M2",107.16]
["0080040021","0021","DIVISÓRIA EM GESSO COMUM COM BLOCO COMPACTO (70X50)CM","M2",25]
[null,null,"ESP.=7,50CM (FORN. E MONTAGEM)"]
["0080040022","0022","DIVISÓRIA EM GRANILITE PRÉ-MOLDADA ESP.=3 CM ASSENTADA COM","M2",168.12]
[null,null,"ARGAMASSA DE CIMENTO E AREIA"]
["0080040023","0023","DIVISÓRIA EM GRANITO BRANCO POLIDO DUAS FACES ESP. = 3 CM","M2",338.68]
[null,null,"ASSENTADA COM ARGAMASSA DE CIMENTO E AREIA"]
["0080040024","0024","DIVISÓRIA EM LAMINADO MELAMÍNICO ESTRUTURAL TS TEXTURIZADO","M2",50.26]
[null,null,"DUPLA FACE COM 8 MM NOS PAINÉIS FRONTAIS"]
["0080040025","0025","DIVISÓRIA EM MÁRMORE BRANCO ESP. = 3 CM ASSENTADA COM","M2",187.17]
[null,null,"ARGAMASSA DE CIMENTO E AREIA"]
["0080040026","0026","DIVISÓRIA SANITÁRIA COMPOSTA DE LAMINADO ALTA PRESSÃO, INCL.","M2",261.45]
[null,null,"FERRAGENS (FORN. E MONTAGEM)"]
["0080040027","0027","DIVISÓRIA VIDRO TEMPERADO JATEADO 8MM EM ESTRUT. AÇO INOX","UN",680]
[null,null,"4X2CM E TUBO INOX 1\" (FORN. E MONT.)"]
["0080040028","0028","FIXAÇÃO DE DIVISÓRIAS COM TUBO METALON QUADRADO 80X80MM","M",42.33]
["0080040029","0029","PAINÉIS EM CHAPA DE COMPENSADO 6MM, MADEIRA PADRÃO FREIJÓ, COM","M2",32.36]
[null,null,"ACABAMENTO ENCERADO"]
["0080040030","0030","PAINÉIS EM CHAPA DE COMPENSADO 6MM, MADEIRA PADRÃO MARFIM","M2",25.36]
[null,null,"TAUARI, COM ACABAMENTO ENCERADO"]
["0080040031","0031","PAINÉIS EM PLACAS DE MADEIRA TIPO MDF, ESPESSURA 10,00MM","M2",27.26]
["0080040032","0032","PAINEL ACÚSTICO 100X100CM ESP.=20/35 (FORN. E MONTAGEM)","M2",55]
["0080040033","0033","PAINEL ACÚSTICO 625X625CM (FORN. E MONTAGEM)","M2",68]
["0080040034","0034","PAINEL ACÚSTICO MODELO SONARE (FORN. E MONTAGEM)","M2",195]
["0080040035","0035","PAINEL ACÚSTICO MONTADO COM ESTRUTURA E PERFIL BRANCO ESP=","M2",205]
[null,null,"4CM (FORN. E MONTAGEM)"]
["0080040036","0036","PAINEL DE FÓRMICA TEXTURIZADA COM FRISOS EM PERFIL \"U\" DE 1CM","M2",117.71]
["0080040037","0037","PAINEL DIVISÓRIA EUCATEX COM REVEST. LAMINADO MELAMÍNICO EM","M2",120]
[null,null,"PERFIL ALUM. ANOD. NAT. (FORNEC. E MONT.)"]
["0080040038","0038","PAINEL EM LAMINADO DECORATIVO ESP.=2,50CM (FORN. E MONTAGEM)","M2",96.8]
["0080040039","0039","PAINEL MÓVEL EM COMPENSADO DE MADEIRA FIXADO EM ESTRUTURA DE","M2",180.92]
[null,"AÇO METALON"]
["0080040040","0040","PAREDE DE GESSO E LÃ DE VIDRO ESP. = 5 CM","M2",79.15]
["0080040041","0041","PLACA ACÚSTICA 625X625CM E ESP.=3CM","M2",78]
[null,null,"005     SubGrupo:      VERGAS E CHAPIM"]
["0080050001",null,"0001 CHAPIM DE CONCRETO","M2",76.24]
["0080050002",null,"0002 CHAPIM DE TELHA CERÂMICA","M",13.19]
["0080050003",null,"0003 CHAPIM EM CONCRETO LARG. = 15 CM","M",9.44]
["0080050004","0004 CHAPIM EM GRANITO",null,"M",48.87]
["0080050005",null,"0005 CHAPIM EM PEDRA PORFIDO - RED KING LARG.=30 CM","M",103.83]
["0080050006",null,"0006 CHAPIM EM PEDRA PORFIDO - RED KING LARG.=60 CM","M",249.9]
["0080050007",null,"0007 VERGA RETA DE CONCRETO ARMADO","M3",811.33]
[null,null,"006     SubGrupo:      BANCADAS, PAINÉIS E PRATELEIRAS"]
["0080060001",null,"0001 ASSENTAMENTO DE BANCADA OU PIA INOX (S/ AQUISIÇÃO)","M2",62.66]
[]
[null,"Página 21 de 120"]
[]
[]
[]
[]
[]
[null,"SECRETARIA MUNICIPAL DE INFRAESTRUTURA - SEINF"]
[null,"COORDENADORIA DE ELABORAÇÃO DE PROJETOS - CÉLULA DE ORÇAMENTO"]
[null,"Av. Dep. Paulino Rocha, 1343 - Cajazeiras     FORTALEZA-CE     CEP:60864-311     FONE: (85) 3105-1113"]
[null,"Email: seinf.edificacoes@fortaleza.ce.gov.br"]
[]
[null,null,"TABELA OFICIAL DO MUNICÍPIO"]
[{"$nulls":4},"Encargos Sociais: 83,84%"]
[null,null,"Relatório de Composições Sintético - COM DESONERAÇÃO"]
[null,null,"Mês de Coleta: 01/2014",null,"BDI: 0%"]
["Composição",null,"Descrição","Unidade","Preço"]
["0080060002","0002","BALCÃO DE CONCRETO E=15 CM REVESTIDO DE GRANITO POLIDO NA COR","M2",286.53]
[null,"PRETA E=2CM"]
["0080060003","0003","BALCÃO DE GRANITO","M2",161.32]
["0080060004","0004","BALCÃO DE GRANITO VERDE UBATUBA (OU OUTRAS CORES) ESP.=2CM","M2",296.79]
["0080060005","0005","BALCÃO DE GRANITO VERDE UBATUBA ESP.=2CM FIXADO COM","M2",299.73]
[null,null,"PROLONGADORES DE AÇO ESCOVADO DE 2\""]
["0080060006","0006","BANCADA COM BANHEIRA ACOPLADA EM FIBRA DE VIDRO (1,80X0,55CM)  P/","UN",777.81]
[null,null,"BERÇARIO (S/ ACESSÓRIOS)"]
["0080060007","0007","BANCADA EM CONCRETO E=10 CM REVESTIDA DE VIDRO E=10MM","M2",316.24]
["0080060008","0008","BANCADA EM COMPENSADO BRUMASA REVESTIDA COM FÓRMICA","M2",274.48]
[null,"TEXTURIZADA"]
["0080060009","0009","BANCADA EM GRANITO","M2",244.45]
["0080060010","0010","BANCADA EM GRANITO VERDE UBATUBA (OU OUTRAS CORES) ESP.=2CM P/","M2",270.63]
[null,"CUBAS"]
["0080060011","0011","BANCADA EM GRANITO PRETO","M2",315.19]
["0080060012","0012","BANCADA LISA EM AÇO INOX","M2",340.14]
["0080060013","0013","BANCADA LISA EM GRANTIO BRANCO CRISTAL ASSENTADA COM","M2",430.69]
[null,"ARGAMASSA"]
["0080060014","0014","BANCADA LISA EM MÁRMORE ESP. = 3 CM","M2",180.54]
["0080060015","0015","BANCADA LISA EM MARMORITE","M2",84.86]
["0080060016","0016","BANCADA P/ ESCOVAÇÃO EM AÇO INOX (2,00X0,65X0,40)M COM","UN",1505.27]
[null,"ACESSÓRIOS"]
["0080060017","0017","BANCADA/BALCÃO EM MÁRMORE SILESTONE ROJO EROS ESP.=2CM COM","M2",1130.63]
[null,null,"PROLONGADORES DE AÇO ESCOVADO 2\""]
["0080060018","0018","GRANITO BRANCO CRISTAL ASSENTADO COM ARGAMASSA","M2",394.48]
[null,null,"INDUSTRIALIZADA"]
["0080060019","0019","PRATELEIRA DE COMPENSADO REVESTIDA COM FÓRMICA TEXTURIZADA","M2",154.19]
[null,"ESP. = 5 CM"]
["0080060020","0020","PRATELEIRA DE CONCRETO PRÉ-MOLDADO ESP. = 5 CM REVESTIDA COM","M2",119.25]
[null,"FÓRMICA"]
["0080060021","0021","PRATELEIRA EM GRANITO POLIDO NA COR PRETA ESP.=4CM","M",298.1]
["0080060022","0022","PRATELEIRA EM GRANITO VERDE UBATUBA (OUTRAS CORES) POLIDO 01","M2",250.1]
[null,null,"FACE ESP.=2CM"]
["0080060023","0023","PRATELEIRA EM MÁRMORE ESP.=3CM - POLIDA 1 FACE","M2",170.07]
["0080060024","0024","PRATELEIRA EM MARMORITE NATURAL - POLIDA 1 FACE","M2",74.4]
["0080060025","0025","PRATELEIRA EM PLACA DE CONCRETO PRÉ-MOLDADO ESP.=5CM","M2",64.14]
["0080060026","0026","PRATELEIRAS EM GRANITO POLIDO TIPO CINZA CORUMBÁ OU","M2",181.39]
[null,null,"EQUIVALENTE, A 1,20 M DE ALTURA COM ESP.=2CM"]
["0080060027","0027","PRATELEIRAS EM GRANITO POLIDO TIPO CINZA E=2CM, LARGURA DE 25CM","M2",150.88]
["0080060028","0028","TAMPO EM GRANITO","M2",161.37]
["0080060029","0029","TAMPO EM MÁRMORE","M2",180.59]
["0080060030","0030","TAMPO EM MARMORITE","M2",84.91]
[null,null,"007     SubGrupo:      OUTROS ELEMENTOS (PAREDES E PAINEIS)"]
["0080070001",null,"0001 ATENUADOR SONORO EM PLACA DURATEX E PAINEL ACÚSTICO P/ CANTO","M2",100]
[null,null,"DE PAREDES (FORN. E MONTAGEM)"]
["0080070002",null,"0002 ISOLANTE TERMO-ACÚSTICO COM PAINEL FLEXÍVEL EM FIBRA DE VIDRO","M2",27.96]
[null,null,"ESP.=100MM, FIXADO COM ADESIVO HIDRO-ASFÁLTICO"]
["0080070003",null,"0003 MOLDURA EM CONCRETO PRÉ-MOLDADO LARG.=5CM","M",31.93]
["0080070004",null,"0004 PAINÉIS ABSORVEDOR ACÚSTICO REVESTIDO EM LÃ DE ROCHA OU VIDRO","M2",203.36]
[null,null,"AGLOMERADOS COM RESINAS ESPECIAIS"]
["0080070005",null,"0005 PAINEL ACÚSTICO EM LÃ DE ROCHA","M2",42.77]
[]
[null,"Página 22 de 120"]
[]
[]
[]
[]
[]
[null,"SECRETARIA MUNICIPAL DE INFRAESTRUTURA - SEINF"]
[null,"COORDENADORIA DE ELABORAÇÃO DE PROJETOS - CÉLULA DE ORÇAMENTO"]
[null,"Av. Dep. Paulino Rocha, 1343 - Cajazeiras     FORTALEZA-CE     CEP:60864-311     FONE: (85) 3105-1113"]
[null,"Email: seinf.edificacoes@fortaleza.ce.gov.br"]
[]
[null,null,"TABELA OFICIAL DO MUNICÍPIO"]
[{"$nulls":4},"Encargos Sociais: 83,84%"]
[null,null,"Relatório de Composições Sintético - COM DESONERAÇÃO"]
[null,null,"Mês de Coleta: 01/2014",null,"BDI: 0%"]
["Composição",null,"Descrição","Unidade","Preço"]
["0080070006",null,"0006 PAINEL ACÚSTICO EM MADEIRA","M2",40.77]
["0080070007",null,"0007 PAINEL DE CONEXÃO LOCAL-TIPO 1","M2",7.65]
["0080070008",null,"0008 PELE DE VIDRO INCL. ESTRUTURA EM ALUMÍNIO (FORN. E MONTAGEM)","M2",600]
["0080070009",null,"0009 QUADRO EM COMPENSADO DE 15MM REVESTIDO DE FÓRMICA","M2",118.47]
["0080070010",null,"0010 REVESTIMENTO COM PAINEL ACÚSTICO EM VÉU DE FIBRA DE VIDRO FACE","M2",35]
[null,null,"ÚNICA (FORN. E MONTAGEM)"]
["0080070011",null,"0011 REVESTIMENTO RANHURADO COM ISOLAMENTO ACÚSTICO (FORN. E","M2",18]
[null,"MONTAGEM)"]
["0080070012",null,"0012 SUPORTE EM BARRA CHATA DE FERRO ENGASTADO NA PAREDE P/ APOIO","UN",7.36]
[null,null,"DE BANCADAS E/OU PRATELEIRAS"]
["0080070013",null,"0013 VEDAÇÃO EM CHAPA DE ACRÍLICO ESP.= 2,40MM ASSENTADA EM PERFIL","M2",227.68]
[null,"DE ALUMÍNIO"]
[null,null,"009     Grupo:      ESQUADRIAS E FERRAGENS"]
[null,null,"001     SubGrupo:      ESQUADRIAS DE MADEIRA"]
["0090010001","0001","ASSENTAMENTO DE ESQUADRIA DE MADEIRA (S/ AQUISIÇÃO)","M2",9.34]
["0090010002","0002","ESQUADRIA DE MADEIRA E VIDRO COMPLETA","M2",374.7]
["0090010003","0003","JANELA DE MADEIRA TIPO FICHA COMPLETA","M2",368.31]
["0090010004","0004","JANELA DE MADEIRA TIPO FICHA COMPLETA - PADRÃO POPULAR","M2",220.01]
["0090010005","0005","JANELA DE MADEIRA TIPO MAXIMAR COM VIDRO COMPLETA","M2",541.27]
["0090010006","0006","JANELA VENEZIANA FIXA COMPLETA","M2",336.12]
["0090010007","0007","JANELA VENEZIANA MÓVEL COMPLETA","M2",415.28]
["0090010008","0008","MUXARABI EM MADEIRA 1,18X1,18M","UN",100.25]
["0090010009","0009","PORTA ACÚSTICA DE MADEIRA COMPLETA (FORN. E MONTAGEM)","M2",1309.52]
["0090010010","0010","PORTA ACÚSTICA DE MADEIRA, DE ABRIR, EM MDF, PREENCHIDA EM LÃ DE","M2",137.47]
[null,null,"ROCHA E MANTA DE CHUMBO (INCL. ACABAMENTO)"]
["0090010011","0011","PORTA BLINDOR (80 X 210)CM REVESTIDA COM CHUMBO COMPLETA","UN",1063.75]
["0090010012","0012","PORTA COM VENEZIANA COMPLETA","M2",415.05]
["0090010013","0013","PORTA COLMEIA EM MDF MED. 3,20X3,00M CORRER COM VISOR EM VIDRO","UN",2170.56]
["0090010014","0014","PORTA DE CEDRO LISA EXTERNA COMPLETA","M2",206.52]
["0090010015","0015","PORTA EM MDF MED. 0,80X2,10M ABRIR COM VISOR EM VIDRO","UN",758.95]
["0090010016","0016","PORTA EM MDF MED. 1,60X2,10M TIPO VAI-E-VEM COM VISOR EM VIDRO","UN",1351.59]
["0090010017","0017","PORTA EM MDF MED. 1,80X2,10M ABRIR COM VISOR EM VIDRO","UN",1609.47]
["0090010018","0018","PORTA EM MDF MED. 1,80X2,10M TIPO VAI-E-VEM COM VISOR EM VIDRO","UN",1524.81]
["0090010019","0019","PORTA EM MDF MED. 100X2,10M TIPO VAI-E-VEM COM VISOR EM VIDRO","UN",877.48]
["0090010020","0020","PORTA EM MDF MED. 4,00X3,00M CORRER COM VISOR EM VIDRO","UN",5050.67]
["0090010021","0021","PORTA EM MDF REVEST. DE CHUMBO MED. 1,80X2,10M TIPO PIVOTANTE","UN",4187.84]
["0090010022","0022","PORTA EM MDF REVEST. DE CHUMBO MED. 1,00X2,10M ABRIR","UN",2342.17]
["0090010023","0023","PORTA FICHA, REVEST. COM CHAPA INOX N.26 DE L=40CM E PUXADOR","M2",534.02]
[null,null,"INOX (NOS DOIS LADOS), P/WC DE DEFICIENTES"]
["0090010024","0024","PORTA PARANÁ DUPLA REVESTIDA COM FÓRMICA TEXT. BCA, BAND. 40CM","UN",627.35]
[null,null,"VIDRO 8MM COM PROT. AÇO (1,60X2,10)M COMPLETA"]
["0090010025","0025","PORTA PARANÁ REVEST. COM CHAPA INOX N.26 DE L=40CM E PUXADOR","M2",476.75]
[null,null,"INOX (NOS DOIS LADOS), P/WC DE DEFICIENTES"]
["0090010026","0026","PORTA PARANÁ REVESTIDA COM CHAPA INOX N.26 DE L=80CM (NOS DOIS","M2",361.45]
[null,"LADOS)"]
["0090010027","0027","PORTA PARANÁ REVESTIDA COM FÓRMICA E CHAPA INOX N.26 DE L=20CM","M2",292.4]
[null,null,"(NOS DOIS LADOS)"]
["0090010028","0028","PORTA SANFONADA EM PVC (FORN. E MONTAGEM)","UN",168]
[]
[null,"Página 23 de 120"]
[]
[]
[]
[]
[]
[null,"SECRETARIA MUNICIPAL DE INFRAESTRUTURA - SEINF"]
[null,"COORDENADORIA DE ELABORAÇÃO DE PROJETOS - CÉLULA DE ORÇAMENTO"]
[null,"Av. Dep. Paulino Rocha, 1343 - Cajazeiras     FORTALEZA-CE     CEP:60864-311     FONE: (85) 3105-1113"]
[null,"Email: seinf.edificacoes@fortaleza.ce.gov.br"]
[]
[null,null,"TABELA OFICIAL DO MUNICÍPIO"]
[{"$nulls":4},"Encargos Sociais: 83,84%"]
[null,null,"Relatório de Composições Sintético - COM DESONERAÇÃO"]
[null,"Mês de Coleta: 01/2014",null,null,"BDI: 0%"]
["Composição",null,"Descrição","Unidade","Preço"]
["0090010029","0029","PORTA TIPO FICHA DE CORRER COMPLETA","M2",298.55]
["0090010030","0030","PORTA TIPO FICHA DE EMBUTIR (60X160)CM COMPLETA","UN",313.02]
["0090010031","0031","PORTA TIPO FICHA EMBUTIDA (100 X 210)CM COMPLETA","UN",558.73]
["0090010032","0032","PORTA TIPO FICHA EMBUTIDA (60 X 210)CM  COMPLETA","UN",444.96]
["0090010033","0033","PORTA TIPO FICHA EMBUTIDA (70 X 210)CM  COMPLETA","UN",473.41]
["0090010034","0034","PORTA TIPO FICHA EMBUTIDA (80 X 210)CM COMPLETA","UN",501.84]
["0090010035","0035","PORTA TIPO FICHA EMBUTIDA (SUSTITUIÇÃO DE FOLHA / DOBRADIÇA /","M2",177.28]
[null,"FECHADURA)"]
["0090010036","0036","PORTA TIPO FICHA EMBUTIDA 90 X 210 CM  COMPLETA","UN",530.29]
["0090010037","0037","PORTA TIPO FICHA EMBUTIDA COMPLETA","M2",266.85]
["0090010038","0038","PORTA TIPO FICHA EMBUTIDA COMPLETA - PADRÃO POPULAR","M2",148.69]
["0090010039","0039","PORTA TIPO FICHA REVESTIDA COM FÓRMICA","M2",292.45]
["0090010040","0040","PORTA TIPO PARANÁ (100X210)CM COMPLETA","UN",431.96]
["0090010041","0041","PORTA TIPO PARANÁ (60X210)CM COMPLETA","UN",324.49]
["0090010042","0042","PORTA TIPO PARANÁ (70X210)CM COMPLETA","UN",332.26]
["0090010043","0043","PORTA TIPO PARANÁ (80X210)CM COMPLETA","UN",340.02]
["0090010044","0044","PORTA TIPO PARANÁ (90X210)CM COMPLETA","UN",372.79]
["0090010045","0045","PORTA TIPO PARANÁ (SUSTITUIÇÃO DE FOLHA E DOBRADIÇA)","M2",85.8]
["0090010046","0046","PORTA TIPO PARANÁ COM BANDEIROLA COMPLETA","M2",234.89]
["0090010047","0047","PORTA TIPO PARANÁ COM VISOR DE VIDRO COMPLETA","M2",237.41]
["0090010048","0048","PORTA TIPO PARANÁ COMPLETA","M2",194.61]
["0090010049","0049","PORTA TIPO PARANÁ COMPLETA - PADRÃO POPULAR","M2",184.15]
["0090010050","0050","PORTA TIPO PARANÁ DE CORRER COMPLETA","M2",245.73]
["0090010051","0051","PORTA TIPO PARANÁ REVESTIDA COM FÓRMICA COMPLETA","M2",219.13]
["0090010052","0052","RECUPERAÇÃO EM ESQUADRIA DE MADEIRA E VIDRO, INCLUINDO 50% DE","M2",87.36]
[null,"VIDRO NOVO"]
[null,null,"002     SubGrupo:      ESQUADRIAS METÁLICAS"]
["0090020001",null,"0001 ASSENTAMENTO DE ESQUADRIA METÁLICA (S/ AQUISIÇÃO)","M2",46.48]
["0090020002",null,"0002 ASSENTAMENTO DE GRADE DE FERRO","M2",23.82]
["0090020003",null,"0003 BATENTE DE AÇO P/ ESQUADRIAS","M",28.46]
["0090020004",null,"0004 ESTRUTURA EM METALON PARA RECEBER VIDRO","M2",353.97]
["0090020005",null,"0005 GRADE DE FERRO COM PONTEIRAS","M2",176.07]
["0090020006",null,"0006 GRADE DE FERRO COM PONTEIRAS INCL. APARELHAMENTO E PINTURA","M2",192.78]
[null,"ESMALTE"]
["0090020007",null,"0007 GRADE DE FERRO DE PROTEÇÃO","M2",141.47]
["0090020008",null,"0008 GRADE DE FERRO DE PROTEÇÃO - PADRÃO POPULAR","M2",142.8]
["0090020009",null,"0009 GRADE DE FERRO EM METALON","M2",176.07]
["0090020010",null,"0010 GRADE DE FERRO TUBULAR COM MOLDURA EM BARRA CHATA DE FERRO","M2",274.63]
[null,"CONF. PROJETO"]
["0090020011",null,"0011 GRADE EM CHAPA DE FERRO DOBRADA E CANTONEIRA EM TUBO DE","M2",123.2]
[null,null,"FERRO GALVANIZADO"]
["0090020012",null,"0012 GRADE EM FERRO CHATO 1 1/4\" X 1/2\" (RETENÇÃO DE SÓLIDOS)","M2",454.11]
["0090020013",null,"0013 GRADIL EM AÇO GALVANIZADO COM PINTURA ELETROSTÁTICA COR VERDE","M",350.02]
["0090020014",null,"0014 GRADIL EM BARRA DE AÇO 2\"X1/8\" E MONTANTES COM TUBOS DE AÇO","M2",189.22]
[null,null,"GALVANIZADO 6\" (H=2,10M)"]
["0090020015",null,"0015 GRADIL EM FERRO FUNDIDO GALV. A FOGO, BARRAS QUADRADAS S=1 1/2\"","M2",132.12]
[null,"(MONT.), 1/2\" (TRAV. E FECHAMENTO)"]
[]
[null,"Página 24 de 120"]
[]
[]
[]
[]
[]
[null,"SECRETARIA MUNICIPAL DE INFRAESTRUTURA - SEINF"]
[null,"COORDENADORIA DE ELABORAÇÃO DE PROJETOS - CÉLULA DE ORÇAMENTO"]
[null,"Av. Dep. Paulino Rocha, 1343 - Cajazeiras     FORTALEZA-CE     CEP:60864-311     FONE: (85) 3105-1113"]
[null,"Email: seinf.edificacoes@fortaleza.ce.gov.br"]
[]
[null,null,"TABELA OFICIAL DO MUNICÍPIO"]
[{"$nulls":4},"Encargos Sociais: 83,84%"]
[null,null,"Relatório de Composições Sintético - COM DESONERAÇÃO"]
[null,"Mês de Coleta: 01/2014",null,null,"BDI: 0%"]
["Composição",null,"Descrição","Unidade","Preço"]
["0090020016","0016","GRADIL EM FERRO FUNDIDO GALV. A FOGO, BARRAS QUADRADAS S=3/4\"","M2",107.47]
[null,null,"(MONT.), 1/2\" (TRAVES.), 3/8\" (FECHAMENTO)"]
["0090020017","0017","JANELA CORRER COM VIDRO TEMPERADO 6MM DUPLO, PERFIL DE AL.","M2",680]
[null,null,"PINT. ELETROSTÁTICA BRANCA (FORN. E MONTAGEM)"]
["0090020018","0018","JANELA DE CORRER EM METALON COM VIDRO MINI-BOREAL (FORN. E","M2",290.51]
[null,"MONTAGEM)"]
["0090020019","0019","JANELA DE FERRO BASCULANTE TIPO CAIXILHO COM VIDRO","M2",279.14]
["0090020020","0020","JANELA DE FERRO DE CORRER","M2",323.56]
["0090020021","0021","JANELA DE FERRO TIPO MAXIMAR COM VIDRO","M2",325.68]
["0090020022","0022","JANELA DE METALON BASCULANTE COM VIDRO MINI-BOREAL (FORN. E","M2",290.51]
[null,"MONTAGEM)"]
["0090020023","0023","PORTA ACÚSTICA METÁLICA COMPLETA (FORN. E MONTAGEM)","M2",1726.19]
["0090020024","0024","PORTA CORTA-FOGO UMA FOLHA (0,80X2,10) OU (0,90X2,10)M","UN",909.48]
["0090020025","0025","PORTA DE AÇO DE ENROLAR COM FECHADURA","M2",183.63]
["0090020026","0026","PORTA DE FERRO EM CHAPA DUPLA","M2",130.05]
["0090020027","0027","PORTA DE FERRO P/ CAMBIAMENTO","M2",866.91]
["0090020028","0028","PORTA DE FERRO TIPO CAIXILHO","M2",256.08]
["0090020029","0029","PORTA DE METALON COM VIDRO MINI-BOREAL (FORN. E MONTAGEM)","M2",410]
["0090020030","0030","PORTA METÁLICA, UMA FOLHA, DE ABRIR, ESPESSURA 50,00MM, SEM","M2",240.5]
[null,null,"BATENTE, COM ATENUADOR DE RUÍDOS"]
["0090020031","0031","PORTA TIPO CAIXILHO DE FERRO BASCULANTE COM VIDRO ESP.= 4MM","M2",355.6]
["0090020032","0032","PORTÃO DE FERRO","M2",209.93]
["0090020033","0033","PORTÃO DE FERRO COM PONTEIRAS INCL. APARELHAMENTO E PINTURA","M2",233.29]
[null,"ESMALTE"]
["0090020034","0034","PORTÃO DE FERRO COM TELA GALVANIZADA","M2",222.93]
["0090020035","0035","PORTÃO DE FERRO EM BARRA CHATA TIPO TIJOLINHO","M2",157.12]
["0090020036","0036","PORTÃO DE FERRO EM METALON INCL. APARELHAMENTO E PINTURA","M2",304.03]
[null,"ESMALTE"]
["0090020037","0037","PORTÃO DE FERRO FUNDIDO GALV. A FOGO, BARRAS QUADRADAS S=3/4\"","M2",132.83]
[null,null,"(MONT.),1/2'' (TRAVES.),3/8'' (FECHAMENTO)"]
["0090020038","0038","PORTÃO DE TUBO DE AÇO GALVANIZADO DE 2\" (1X2)M - PADRÃO CAGECE","UN",646.28]
["0090020039","0039","PORTÃO DE TUBO DE AÇO GALVANIZADO DE 2\" (4X2)M - PADRÃO CAGECE","UN",2156.85]
["0090020040","0040","PORTÃO EM AÇO GALVANIZADO COM PINTURA ELETROSTÁTICA COR","M2",219.8]
[null,"VERDE"]
["0090020041","0041","PORTÃO EM CHAPA DE FERRO (AQUISIÇÃO E ASSENTAMENTO)","M2",134.23]
["0090020042","0042","RECUPERAÇÃO E RECOLOCAÇÃO DE GRADE DE FERRO COM PONTEIRAS,","M2",40.53]
[null,null,"INCL. APARELHAMENTO E PINTURA ESMALTE"]
[null,null,"003     SubGrupo:      ESQUADRIAS DE ALUMÍNIO"]
["0090030001",null,"0001 BRISE DE ALUMÍNIO ANODIZADO FOSCO (FORN. E MONTAGEM)","M2",480]
["0090030002",null,"0002 BRISE DE ALUMÍNIO ANODIZADO PRETO (FORN. E MONTAGEM)","M2",500]
["0090030003",null,"0003 BRISE DE ÂNGULO FIXO COMPOSTO POR PAINÉIS LINEARES DE ALUMÍNIO","M2",161.7]
[null,null,"(FORN. E MONTAGEM)"]
["0090030004",null,"0004 BRISE SOLEIL DE ALUMÍNIO 20X3,20CM NA COR AMARELO CATERPILAR","M2",221.53]
["0090030005",null,"0005 ESQUADRIA (PORTA E FIXO) EM PERFIL DE ALUMÍNIO COR BRANCA COM","M2",600]
[null,null,"VIDRO INCOLOR TEMPERADO 6MM (FORN. E MONTAGEM)"]
["0090030006",null,"0006 ESQUADRIA (PORTA E FIXO) EM PERFIL DE ALUMÍNIO COR BRANCA COM","M2",700]
[null,null,"VIDRO INCOLOR TEMPERADO 8MM (FORN. E MONTAGEM)"]
["0090030007",null,"0007 ESQUADRIA DE ALUMÍNIO ANODIZADO FIXA COM VENEZIANA","M2",273.69]
["0090030008",null,"0008 ESQUADRIAS FIXA DE ALUMÍNIO COM TELA METÁLICA DE ARAME","M2",308.35]
[null,"GALVANIZADO"]
[]
[null,"Página 25 de 120"]
[]
[]
[]
[]
[]
[null,"SECRETARIA MUNICIPAL DE INFRAESTRUTURA - SEINF"]
[null,"COORDENADORIA DE ELABORAÇÃO DE PROJETOS - CÉLULA DE ORÇAMENTO"]
[null,"Av. Dep. Paulino Rocha, 1343 - Cajazeiras     FORTALEZA-CE     CEP:60864-311     FONE: (85) 3105-1113"]
[null,"Email: seinf.edificacoes@fortaleza.ce.gov.br"]
[]
[null,null,"TABELA OFICIAL DO MUNICÍPIO"]
[{"$nulls":4},"Encargos Sociais: 83,84%"]
[null,null,"Relatório de Composições Sintético - COM DESONERAÇÃO"]
[null,null,"Mês de Coleta: 01/2014",null,"BDI: 0%"]
["Composição",null,"Descrição","Unidade","Preço"]
["0090030009","0009","GRADE TUBULAR  DE ALUMÍNIO ANODIZADO (FORN. E MONTAGEM)","M2",126]
["0090030010","0010","GRADE TUBULAR  DE ALUMÍNIO ANODIZADO FOSCO (FORN. E MONTAGEM)","M2",126]
["0090030011","0011","JANELA BASCULANTE DE ALUMÍNIO COM VIDRO CRISTAL ESP.=4MM INCL.","M2",250]
[null,null,"FERRAGENS (FORN. E MONTAGEM)"]
["0090030012","0012","JANELA DE ALUMÍNIO ANODIZADO COM VIDRO TIPO GUILHOTINA","M2",258.35]
["0090030013","0013","JANELA DE ALÚMINIO BASCULANTE COM VIDRO MINI-BOREAU (FORN. E","M2",206.69]
[null,"MONTAGEM)"]
["0090030014","0014","JANELA DE ALUMÍNIO COM VIDRO DUPLO P/ TRATAMENTO ACÚSTICO","M2",623.97]
["0090030015","0015","JANELA DE ALUMÍNIO FIXA","M2",356.69]
["0090030016","0016","JANELA DE ALUMÍNIO, TIPO VENEZIANA","M2",391.13]
["0090030017","0017","JANELA DE CORRER EM ALUMÍNIO ANODIZADO FOSCO COM CAIXILHO","M2",220]
[null,null,"(FORN. E MONTAGEM)"]
["0090030018","0018","JANELA DE CORRER EM ALUMÍNIO ANODIZADO PRETO COM CAIXILHO","M2",240]
[null,null,"(FORN. E MONTAGEM)"]
["0090030019","0019","JANELA EM ALUMÍNIO ANODIZADO COM VENEZIANA DE ABRIR","M2",266.69]
["0090030020","0020","JANELA FIXA EM ALUMIN. ANODIZ. FOSCO COM VIDRO TEMPERADO LISO,","M2",350]
[null,null,"ESP.=6MM (FORN. E MONTAGEM)"]
["0090030021","0021","JANELA MAXIMAR EM PERFIL DE ALUMÍNIO COR BRANCA COM VIDRO","M2",300]
[null,null,"INCOLOR 4MM (FORN. E MONTAGEM)"]
["0090030022","0022","JANELA TIPO MAXIMAR EM ALUMÍNIO ANODIZADO FOSCO COM CAIXILHO","M2",250]
[null,null,"(FORN. E MONTAGEM)"]
["0090030023","0023","JANELA TIPO MAXIMAR EM ALUMÍNIO ANODIZADO PRETO COM CAIXILHO","M2",280]
[null,null,"(FORN. E MONTAGEM)"]
["0090030024","0024","PORTA DE ALUMÍNIO ANODIZADO COM PERFIL P/ VIDRO (FORN. E","M2",217.36]
[null,"MONTAGEM)"]
["0090030025","0025","PORTA DE ALUMÍNIO ANODIZADO COMPACTA (FORN. E MONTAGEM)","M2",344.45]
["0090030026","0026","PORTA DE ALUMÍNIO COM PREENCHIMENTO LAMINADO MELANÍMICO","M2",303.64]
["0090030027","0027","PORTA DE ALUMÍNIO COM VENEZIANA PRENCHIDA COM POLIURETANO","M2",338.64]
[null,null,"EXPANDIDO DE ABRIR"]
["0090030028","0028","PORTA DE ALUMÍNIO DE ABRIR COM VENEZIANA","M2",415.51]
["0090030029","0029","PORTA DE ALUMÍNIO E VIDRO DE ABRIR TIPO VAI/VEM (FORN. E","M2",308]
[null,"MONTAGEM)"]
["0090030030","0030","PORTA EM PERFIL DE ALUMÍNIO COR BRANCA COM VIDRO INCOLOR","M2",650]
[null,null,"TEMPERADO 8MM (FORN. E MONTAGEM)"]
["0090030031","0031","PORTA VENEZIANA DE ALUMÍNIO COR BRANCA (FORN. E MONTAGEM)","M2",320]
["0090030032","0032","PORTÃO DE ABRIR EM ALUMÍNIO ANODIZADO FOSCO OU PRETO (FORN. E","M2",352.47]
[null,"MONTAGEM)"]
["0090030033","0033","QUADRO FIXO EM ALUMÍNIO COM LAMBRI DUPLO COMUM COR BRANCA","M2",400]
[null,null,"(FORN. E MONTAGEM)"]
["0090030034","0034","QUADRO FIXO EM PERFIL DE ALUMÍNIO COR BRANCA COM VIDRO INCOLOR","M2",560]
[null,null,"LAMINADO 6MM (FORN. E MONTAGEM)"]
["0090030035","0035","QUADRO FIXO EM PERFIL DE ALUMÍNIO COR BRANCA COM VIDRO INCOLOR","M2",600]
[null,null,"TEMPERADO 8MM (FORN. E MONTAGEM)"]
["0090030036","0036","TERMOBRISE AL. ESTRUT.150MM,COM ISOPOR, ENCABEÇAMENTO","M2",413.25]
[null,null,"AMARELO CATERPILLA COM ACESSÓRIOS (FORN. E MONTAGEM)"]
["0090030037","0037","TERMOBRISE AL. ESTRUT.150MM,COM POLIURETANO, ENCABEÇAMENTO","M2",485]
[null,null,"AMARELO CATERPILLA COM ACESSÓRIOS (FORN. E MONTAGEM)"]
[null,"004     SubGrupo:      MOBILIÁRIO"]
["0090040001",null,"0001 ARMÁRIO EM BRUMASA REVESTIDO COM FÓRMICA COM GAVETAS E","M2",289.67]
[null,"PUXADORES"]
["0090040002",null,"0002 ARMÁRIO EM BRUMASA REVESTIDO COM FÓRMICA E COM PUXADORES","M2",148.76]
[]
[null,"Página 26 de 120"]
[]
[]
[]
[]
[]
[null,"SECRETARIA MUNICIPAL DE INFRAESTRUTURA - SEINF"]
[null,"COORDENADORIA DE ELABORAÇÃO DE PROJETOS - CÉLULA DE ORÇAMENTO"]
[null,"Av. Dep. Paulino Rocha, 1343 - Cajazeiras     FORTALEZA-CE     CEP:60864-311     FONE: (85) 3105-1113"]
[null,"Email: seinf.edificacoes@fortaleza.ce.gov.br"]
[]
[null,null,"TABELA OFICIAL DO MUNICÍPIO"]
[{"$nulls":4},"Encargos Sociais: 83,84%"]
[null,null,"Relatório de Composições Sintético - COM DESONERAÇÃO"]
[null,"Mês de Coleta: 01/2014",null,null,"BDI: 0%"]
["Composição",null,"Descrição","Unidade","Preço"]
["0090040003",null,"0003 ARMÁRIO EM MADEIRA REVESTIDO COM FÓRMICA BRILHANTE  MED.","UN",4217.54]
[null,null,"162X40X205CM (FORN. E MONTAGEM)"]
["0090040004",null,"0004 ARMÁRIO EM MADEIRA REVESTIDO COM FÓRMICA BRILHANTE MED.","UN",7029.24]
[null,null,"270X40X205CM (FORN. E MONTAGEM)"]
["0090040005",null,"0005 ARMÁRIO EM MDF COM PORTAS E GAVETAS, REVESTIDO INT. E","UN",134.74]
[null,null,"EXTERNAMENTE COM LAMINADO PLÁSTICO (FORN. E MONTAGEM)"]
["0090040007",null,"0006 CONE AÇO ESCOVADO  D=10 E 3CM, H=70CM SOLDADO EM CHAPA INOX","UN",176]
[null,null,"20X20CM, P/ APOIAR BALCÃO (FORN. E MONTAGEM)"]
["0090040008",null,"0007 GAVETEIRO EM MADEIRA REVESTIDO COM FÓRMICA BRILHANTE MED.","UN",38.09]
[null,null,"50X50X65CM SOBRE RODÍZIOS (FORN. E MONTAGEM)"]
["0090040009",null,"0008 QUADRO VERDE / NEGRO","M2",56.19]
[null,null,"005     SubGrupo:      OUTROS ELEMENTOS (ESQUADRIAS E FERRAGENS)"]
["0090050001","0001","ALIZAR DE MADEIRA","M",5.66]
["0090050002","0002","AQUISIÇÃO DE CADEADO","UN",12.69]
["0090050003","0003","AUTOMAÇÃO DE PORTÃO DE CORRER P/ GARAGEM COM CREMALHEIRAS -","UN",1556.11]
[null,null,"01 FOLHA (FORN. E MONTAGEM)"]
["0090050004","0004","BARRA DE FERRO FUNDIDO (50X20)CM COM PESO=15KG P/ CORTINA, INCL.","UN",188.73]
[null,"PINTURA"]
["0090050005","0005","BARRA ROSCÁVEL DE AÇO INOX 3/8\"","M",22.67]
["0090050006","0006","BRISE DE MATERIAL RECICLADO","M2",118.82]
["0090050007","0007","BRISE DE POLIPROPILENO","M2",118.82]
["0090050008","0008","CHAPA DE AÇO INOX 10MM (3/8\")","M2",1646.01]
["0090050009","0009","CHAPA DE AÇO INOX 5MM (3/16\")","M2",875.09]
["0090050010","0010","DOBRADIÇA CROMADA 3\"X 2 1/2\"","UN",14.22]
["0090050011","0011","DOBRADIÇA LATÃO CROMADA 3 X 3 1/2\"","UN",14.34]
["0090050012","0012","ESTRUTURA DE ELEVAÇÃO P/ PORTA GUILHOTINA COM CABO E ROLDANA","UN",2271.49]
[null,"ATÉ 2,00M2"]
["0090050013","0013","ESTRUTURA METÁLICA E TELA DE SEGURANÇA P/ CAMBIAMENTO","M2",170.29]
["0090050014","0014","FECHADURA COMPLETA P/ PORTA EXTERNA","UN",77]
["0090050015","0015","FECHADURA DE SOBREPOR","UN",54.59]
["0090050016","0016","FECHADURA ELÉTRICA P/ PORTA COM CONTROLE REMOTO (FORN. E","UN",680]
[null,"MONTAGEM)"]
["0090050017","0017","FECHADURA LIVRE-OCUPADO P/ BOX","UN",24.71]
["0090050018","0018","FORRAMENTO DE MADEIRA L=15CM","M",32.63]
["0090050019","0019","JANELA COM VIDRO LISO DUPLO INCOLOR E RECHEIO DE AR COM SÍLICA","M2",569.57]
[null,"(E=10MM)"]
["0090050020","0020","MOLA HIDRÁULICA DE PISO P/ VIDRO TEMPERADO 10MM","UN",535.62]
["0090050021","0021","MOLA P/ PORTA TIPO COIMBRA","UN",147.17]
["0090050022","0022","PARABOLT AÇO INOX 3/8\" X 5\"","UN",26.8]
["0090050023","0023","PEÇA EM CHAPA POLIDA DE AÇO INOX EM \"L\" 1/8\" - 7,5X18CM, INCL.","UN",91.42]
[null,"PARAFUSO"]
["0090050024","0024","PORCA E ARRUELA AÇO INOX 3/8\"","UN",1.5]
["0090050025","0025","PORTA DE INSPEÇÃO","UN",66.02]
["0090050026","0026","PORTA DIVISÓRIA PARA BOX SANITÁRIO EM PAINEL DE MDF DE 10MM","M2",188.36]
[null,null,"REVESTIDA EM LAMINADO MELAMÍNICO ESTRUTU"]
["0090050027","0027","PORTA EM ACRÍLICO COM PERFIS EM ALUMÍNIO ANODIZADO NATURAL E","M2",318.36]
[null,null,"ACRÍLICO LEITOSO NA COR BRANCA ESP. 3MM"]
["0090050028","0028","PORTA EM ALUMÍNIO COM VENEZIANAS DE ABRIR","M2",338.64]
["0090050029","0029","PORTA EM CHAPA DE FERRO 18 DOBRADA, COMPOSTA POR BARRAS","M2",295.5]
[null,"VERTICAIS DE 3/4” DE DIÂMETRO E TUBOS DE FERRO"]
[]
[null,"Página 27 de 120"]
[]
[]
[]
[]
[]
[null,"SECRETARIA MUNICIPAL DE INFRAESTRUTURA - SEINF"]
[null,"COORDENADORIA DE ELABORAÇÃO DE PROJETOS - CÉLULA DE ORÇAMENTO"]
[null,"Av. Dep. Paulino Rocha, 1343 - Cajazeiras     FORTALEZA-CE     CEP:60864-311     FONE: (85) 3105-1113"]
[null,"Email: seinf.edificacoes@fortaleza.ce.gov.br"]
[]
[null,null,"TABELA OFICIAL DO MUNICÍPIO"]
[{"$nulls":4},"Encargos Sociais: 83,84%"]
[null,null,"Relatório de Composições Sintético - COM DESONERAÇÃO"]
[null,null,"Mês de Coleta: 01/2014",null,"BDI: 0%"]
["Composição",null,"Descrição","Unidade","Preço"]
["0090050030","0030","PORTA EM FOLHA DE METALON, MONTANTE DE 3X3CM E CHAPA DE FERRO","M2",300.5]
[null,null,"18 TRATADA, COM TINTA ANTI-FERRUGINOSA"]
["0090050031","0031","PORTA EQUIPAMENTOS P/ 1 TOMADA RJ 45","UN",17]
["0090050032","0032","PORTA EQUIPAMENTOS P/ 2 TOMADAS QUADRADAS","UN",17]
["0090050033","0033","PORTA GIRATÓRIA CORTA-LUZ, EM AÇO COM 02 CILINDROS","UN",1695.78]
[null,null,"CONCÊNTRICOS, DIMENSÕES 80X215CM"]
["0090050034","0034","PORTA METÁLICA, UMA FOLHA, DE ABRIR, ESPESSURA 50MM, COM","M2",272.5]
[null,null,"BATENTE (STANDART), COM ATENUADOR DE RUÍDO"]
["0090050035","0035","PORTA PARANÁ REVESTIDA COM FÓRMICA E CHAPA INOX N.26, L=40CM","M2",140.5]
[null,null,"(NOS DOIS LADOS)"]
["0090050036","0036","PORTA TIPO PARANÁ (160X210CM) COMPLETA","UN",246.72]
["0090050037","0037","PORTAS DIVISÓRIAS PARA BOXES SANITÁRIOS EM PAINÉIS DE MDF DE","M2",228.36]
[null,null,"10MM, REVESTIDOS EM LAMINADO MELAMÍNICO"]
["0090050038","0038","PUXADOR EM AÇO INOX ESCOVADO 2\" C=1,00M","UN",326.5]
["0090050039","0039","REVESTIMENTO DE FÓRMICA EM ESQUADRIAS E/OU MÓVEIS","M2",31.53]
["0090050040","0040","SERVIÇO DE GALVANIZAÇÃO A FOGO","KG",3.5]
["0090050041","0041","SERVIÇO DE GALVANIZAÇÃO ELETROLÍTICA","KG",1.6]
["0090050042","0042","SISTEMA AUTOMÁTICO P/ ABERTURA E FECHAMENTO DE PORTA DE VIDRO,","UN",6500]
[null,null,"COMPLETO (FORN. E MONTAGEM)"]
["0090050043","0043","TELA DE AÇO SOLDÁVEL Q.138","M2",31.56]
["0090050044","0044","VENEZIANA PRÉ-MOLDADA DE CONCRETO (30X30X6,8CM)","M2",36.69]
["0090050045","0045","VENEZIANA PRÉ-MOLDADA DE CONCRETO (39X39X10CM)","M2",36.69]
[null,null,"010     Grupo:      VIDROS"]
[null,null,"001     SubGrupo:      VIDRO CRISTAL COMUM / FUMÊ"]
["0100010001",null,"0001 VIDRO CRISTAL COMUM ESP. = 3 MM","M2",80.46]
["0100010002",null,"0002 VIDRO CRISTAL COMUM ESP. = 3 MM EM CAIXILHO COM BORRACHA EPDM","M2",90.47]
["0100010003",null,"0003 VIDRO CRISTAL COMUM ESP. = 4 MM","M2",72.08]
["0100010004",null,"0004 VIDRO CRISTAL COMUM ESP. = 6 MM","M2",183.34]
["0100010005",null,"0005 VIDRO FUMÊ ESP=6MM EM CAIXILHO (COLOCADO)","M2",150]
["0100010006",null,"0006 VIDRO IMPRESSO ARAMADO ESP.=7MM (COLOCADO)","M2",279.66]
["0100010007",null,"0007 VIDRO JATEADO ESP.=6MM (COLOCADO)","M2",160]
["0100010008",null,"0008 VIDRO LAMINADO INCOLOR 4+4MM COM PVB INCOLOR","M2",427.2]
["0100010009",null,"0009 VIDRO TIPO FANTASIA ESP. = 4 MM P/ BASCULANTE","M2",126.84]
[null,null,"002     SubGrupo:      VIDRO CRISTAL TEMPERADO"]
["0100020001",null,"0001 JANELA PIVOTANTE DE VIDRO TEMPERADO INCOLOR ESP.=8MM INCL.","M2",220]
[null,null,"FERRAGENS (FORN. E MONTAGEM)"]
["0100020002",null,"0002 PAINEL FIXO DE VIDRO TEMPERADO 10MM, INCOLOR COM FERRAGENS","M2",262.26]
[null,null,"INOX (FORN. E MONTAGEM)"]
["0100020003",null,"0003 PAINEL FIXO DE VIDRO TEMPERADO 8MM, INCOLOR COM FERRAGENS INOX","M2",235.27]
[null,null,"(FORN. E MONTAGEM)"]
["0100020004",null,"0004 PORTA DE BOX DE CORRER EM VIDRO TEMPERADO LISO, NA COR VERDE,","M2",228.36]
[null,"ESP. = 8MM"]
["0100020005",null,"0005 PORTA DE VIDRO TEMPERADO ESP. = 10MM INCOLOR COM MOLA E","M2",631.34]
[null,null,"FERRAGENS INOX (FORN. E MONTAGEM)"]
["0100020006",null,"0006 PORTA DE VIDRO TEMPERADO ESP. = 10MM INCOLOR COM PERFIS DE","M2",275]
[null,null,"INSTALAÇÃO E ACESSÓRIOS (FORN. E MONTAGEM)"]
["0100020007",null,"0007 PORTA DE VIDRO TEMPERADO ESP. = 8MM INCOLOR COM MOLA E","M2",604.35]
[null,"FERRAGENS INOX (FORN. E MONTAGEM)"]
[]
[null,"Página 28 de 120"]
[]
[]
[]
[]
[]
[null,"SECRETARIA MUNICIPAL DE INFRAESTRUTURA - SEINF"]
[null,"COORDENADORIA DE ELABORAÇÃO DE PROJETOS - CÉLULA DE ORÇAMENTO"]
[null,"Av. Dep. Paulino Rocha, 1343 - Cajazeiras     FORTALEZA-CE     CEP:60864-311     FONE: (85) 3105-1113"]
[null,"Email: seinf.edificacoes@fortaleza.ce.gov.br"]
[]
[null,"TABELA OFICIAL DO MUNICÍPIO"]
[{"$nulls":3},"Encargos Sociais: 83,84%"]
[null,"Relatório de Composições Sintético - COM DESONERAÇÃO"]
[null,"Mês de Coleta: 01/2014",null,"BDI: 0%"]
[null,null,"Descrição","Unidade","Preço",null,"Composição"]
[100020008,null,"0008 VIDRO LAMINADO TEMPERADO 20MM (10+10MM) INCOLOR P/ CAIXILHO","M2","856,67",null,100020008]
[100020009,null,"0009 VIDRO TEMPERADO ESP. =10MM EM CAIXILHO COM BORRACHA EPDM","M2","291,98",null,100020009]
[null,null,"003     SubGrupo:      OUTROS ELEMENTOS (VIDROS)"]
[100030001,null,"0001 DIVISÓRIA EM VIDRO H=2,10M (FORN. E MONTAGEM)","M","604,74",null,100030001]
[100030002,null,"0002 ESPELHO CRISTAL BISOTADO ESP.=5MM E DIAM.=90CM SOBRE PERLON,","UN","328,99",null,100030002]
[null,null,"COM BOTÃO (COLOCADO)"]
[100030003,null,"0003 ESPELHO CRISTAL BISOTADO ESP.=5MM SOBRE PERLON COM BOTÃO","M2","342,99",null,100030003]
[null,null,"(COLOCADO)"]
[100030004,null,"0004 ESPELHO CRISTAL BISOTADO ESP.=6MM E DIAM.=60CM (COLOCADO)","UN","161,21",null,100030004]
[100030005,null,"0005 FORRO CURVO EM CHAPAS GESSO, ESPESSURA 6,50MM","M2","57,88",null,100030005]
[100030006,null,"0006 PELÍCULA ANTI-IMPACTO P/ VIDROS (FORN. E MONTAGEM)","M2","120,00",null,100030006]
[100030007,null,"0007 PELÍCULA DE INSULFILM P/ VIDROS (COLOCADA)","M2","34,62",null,100030007]
[100030008,null,"0008 VIDRO TEMPERADO INCOLOR ESP. = 6 MM EM CAIXILHO COM BORRACHA","M2","159,98",null,100030008]
[null,null,"EPDM"]
[100030009,null,"0009 VIDRO TEMPERADO VERDE ESP. = 6 MM EM CAIXILHO COM BORRACHA","M2","42,19",null,100030009]
[null,null,"EPDM"]
[100030010,null,"0010 VISOR DE RETROLAVAGEM - FORN. E MONTAGEM","M2","92,09",null,100030010]
[100030011,null,"0011 VISOR DE VIDRO TEMPERADO ESP.=6 MM EM MOLDURA DE ALUMÍNIO","M2","225,49",null,100030011]
[100030012,null,"0012 VISOR EM VIDRO DUPLO (FORN. E MONTAGEM)","M2","50,00",null,100030012]
[100030013,null,"0013 VISOR FIXO EM PERFIL DE ALUMÍNIO COR BRANCA COM VIDRO INCOLOR","M2","245,00",null,100030013]
[null,null,"LAMINADO 6MM (FORN. E MONTAGEM)"]
[null,null,"011     Grupo:      COBERTAS"]
[null,null,"001     SubGrupo:      ESTRUTURAS DE MADEIRA"]
[110010001,null,"0001 AQUISIÇÃO E COLOCAÇÃO DE LINHA MASSARANDUBA 10X3\"","M","76,63",null,110010001]
[110010002,null,"0002 COBERTA COM ESTRUTURA DE MADEIRA E PALHA DE CARNAÚBA","M2","146,96",null,110010002]
[110010003,null,"0003 ESTRUTURA DE MADEIRA PARA COBERTA DE PALHA DE CARNAÚBA","M2","48,35",null,110010003]
[110010004,null,"0004 ESTRUTURA DE MADEIRA P/ TELHA FIBROCIMENTO ONDULADA/ECOLÓGICA","M2","51,18",null,110010004]
[110010005,null,"0005 ESTRUTURA EM TORA DE EUCALÍPTO P/ COBERTA D=12CM","M","51,83",null,110010005]
[110010006,null,"0006 ESTRUTURA MADEIRA P/ TELHA CERÂMICA","M2","78,74",null,110010006]
[110010007,null,"0007 LINHA MASSARANDUBA 10\"X8\" (AQUISIÇÃO E COLOCAÇÃO)","M","201,02",null,110010007]
[110010008,null,"0008 LINHA MASSARANDUBA 4\"X4\" (AQUISIÇÃO E COLOCAÇÃO)","M","48,70",null,110010008]
[110010009,null,"0009 LINHA MASSARANDUBA 5\"X 2 1/2\" (AQUISIÇÃO E COLOCAÇÃO)","M","29,71",null,110010009]
[110010010,null,"0010 LINHA MASSARANDUBA 6\"X3\" (AQUISIÇÃO E COLOCAÇÃO)","M","37,36",null,110010010]
[110010011,null,"0011 LINHA MASSARANDUBA 6\"X6\" (AQUISIÇÃO E COLOCAÇÃO)","M","100,42",null,110010011]
[110010012,null,"0012 LINHA MASSARANDUBA 8\"X6\" (AQUISIÇÃO E COLOCAÇÃO)","M","166,82",null,110010012]
[110010013,null,"0013 LINHA MASSARANDUBA 8\"X3\" (AQUISIÇÃO E COLOCAÇÃO)","M","60,29",null,110010013]
[110010014,null,"0014 LINHA MASSARANDUBA 8\"X4\" (AQUISIÇÃO E COLOCAÇÃO)","M","98,62",null,110010014]
[110010015,null,"0015 LINHA PAU DARCO 10X5CM (AQUISIÇÃO E COLOCAÇÃO)","M","45,56",null,110010015]
[110010016,null,"0016 MÃO FRANCESA DE MADEIRA (LINHA 6\"X3\") BEIRAL L=1,50M APOIADO EM","UN","185,76",null,110010016]
[null,null,"CONSOLE DE MADEIRA"]
[110010017,null,"0017 RECUPERAÇÃO DE ESTRUTURA DE MADEIRA","M2","38,25",null,110010017]
[110010018,null,"0018 TESOURA P/ VÃOS ATÉ 3,00 M","UN","503,47",null,110010018]
[110010019,null,"0019 TESOURA P/ VÃOS ATÉ 6,00 M","UN","975,55",null,110010019]
[110010020,null,"0020 TESOURA P/ VÃOS ATÉ 9,00 M","UN","1.867,83",110010020]
[110010021,null,"0021 TESOURA P/ VÃOS MAIORES QUE 9,00 M","UN","2.947,76",110010021]
[]
[null,"Página 29 de 120"]
[]
[]
[]
[]
[]
[null,"SECRETARIA MUNICIPAL DE INFRAESTRUTURA - SEINF"]
[null,"COORDENADORIA DE ELABORAÇÃO DE PROJETOS - CÉLULA DE ORÇAMENTO"]
[null,"Av. Dep. Paulino Rocha, 1343 - Cajazeiras     FORTALEZA-CE     CEP:60864-311     FONE: (85) 3105-1113"]
[null,"Email: seinf.edificacoes@fortaleza.ce.gov.br"]
[]
[null,null,"TABELA OFICIAL DO MUNICÍPIO"]
[{"$nulls":4},"Encargos Sociais: 83,84%"]
[null,null,"Relatório de Composições Sintético - COM DESONERAÇÃO"]
[null,"Mês de Coleta: 01/2014",null,null,"BDI: 0%"]
["Composição",null,"Descrição","Unidade","Preço","Composição"]
[null,null,"002     SubGrupo:      ESTRUTURAS METÁLICAS"]
["0110020001","0001","COBERTA EM ESTRUTURA METÁLICA COM TELHA METÁLICA OU ALUMÍNIO","M2",130,"0110020001"]
[null,null,"NATURAL COMPLETA (FORN. E MONTAGEM)"]
["0110020002","0002","COBERTA EM ESTRUTURA METÁLICA COMTELHA METÁLICA OU ALUMÍNIO","M2",140,"0110020002"]
[null,null,"PINTADO (FORN. E MONTAGEM)"]
["0110020003","0003","COLUNA EM ESTRUTUTURA METÁLICA PARA PÉ DIREITO DE 6m E VÃO DE","M2",37.64,"0110020003"]
[null,"20m"]
["0110020004","0004","ESTRUTURA DE ALUMÍNIO EM ARCO VÃO DE 20M","M2",118.33,"0110020004"]
["0110020005","0005","ESTRUTURA DE ALUMÍNIO EM DUAS ÁGUAS VÃO DE 20M","M2",127.05,"0110020005"]
["0110020006","0006","ESTRUTURA DE ALUMÍNIO EM SHED VÃO DE 20 A 30M","M2",177.19,"0110020006"]
["0110020007","0007","ESTRUTURA METÁLICA (S/TELHA)  P/ COBERTA (FORN. E MONTAGEM)","M2",90,"0110020007"]
["0110020008","0008","ESTRUTURA METÁLICA (COMPLETAMENTE EXECUTADA)","KG",7.42,"0110020008"]
["0110020009","0009","ESTRUTURA METÁLICA P/ COBERTA / FECHAMENTOS, INCL. CALHAS, PINT.","M2",96.08,"0110020009"]
[null,null,"EPÓXI E ACES. DE FIXAÇÃO (FORNEC. E MONTAGEM)"]
["0110020010","0010","ESTRUTURA METÁLICA PARA COBERTA","M2",58.65,"0110020010"]
["0110020011","0011","ESTRUTURA METÁLICA TRELIÇADA EM AÇO P/ MARQUISES","M2",106.67,"0110020011"]
["0110020012","0012","ESTRUTURA, INCL.TESOURAS E EST. SUSPENSA, METÁLICAS P/ REFORÇO","M2",166.1,"0110020012"]
[null,null,"COBERTA COM TELHA CERÂMICA (FORN./MONTAGEM)"]
["0110020013","0013","LANTERNIM DE ALUMÍNIO (FORN. E MONTAGEM)","M2",160,"0110020013"]
["0110020014","0014","PLACA METÁLICA P/ MEZANINO, INCL. ESTRUTURA METÁLICA (FORN. E","M2",548,"0110020014"]
[null,"MONTAGEM)"]
["0110020015","0015","PLATIBANDA DE ALUMÍNIO","M2",96.84,"0110020015"]
["0110020016","0016","POLICARBONATO ALVEOLAR ESP.=10MM FIXADA EM ESTRUTURA DE","M2",372.19,"0110020016"]
[null,null,"ALUMíNIO ANODIZADO FOSCO (FORN. E MONTAGEM)"]
["0110020017","0017","POLICARBONATO ALVEOLAR ESP.=4MM FIXADA EM ESTRUTURA DE","M2",289.12,"0110020017"]
[null,null,"ALUMíNIO ANODIZADO FOSCO (FORN. E MONTAGEM)"]
["0110020018","0018","POLICARBONATO ALVEOLAR ESP.=6MM FIXADA EM ESTRUTURA DE","M2",324.2,"0110020018"]
[null,null,"ALUMíNIO ANODIZADO FOSCO (FORN. E MONTAGEM)"]
["0110020019","0019","SUBSTITUIÇÃO DE PERFIS EM AÇO COR 420 INCL. CORTE E VIRADA","KG",7.39,"0110020019"]
[null,"003     SubGrupo:      TELHAS"]
["0110030001",null,"0001 ALGEROZ EM TELHAMENTO COLONIAL","M",9.76,"0110030001"]
["0110030002",null,"0002 ASSENTAMENTO DE TELHA DE ALUMÍNIO TRAPEZOIDAL (S/ AQUISIÇÃO)","M2",7.13,"0110030002"]
["0110030003",null,"0003 BEIRAL DE MADEIRA COM RIPA DE 2X8CM","M",16.94,"0110030003"]
["0110030004",null,"0004 BEIRA E BICA EM TELHA COLONIAL","M",5.32,"0110030004"]
["0110030005",null,"0005 CUMEEIRA ARTICULADA DE FIBROCIMENTO EM TELHA MODULADA","M",84.38,"0110030005"]
["0110030006",null,"0006 CUMEEIRA EM TELHA CERÂMICA PLAN, INCL. EMBOÇAMENTO","M",10.13,"0110030006"]
["0110030007",null,"0007 CUMEEIRA EM TELHA COLONIAL, INCL. EMBOÇAMENTO","M",15.3,"0110030007"]
["0110030008",null,"0008 CUMEEIRA NORMAL DE FIBROCIMENTO EM TELHA KALHETÃO","M",75.79,"0110030008"]
["0110030009",null,"0009 CUMEEIRA NORMAL DE FIBROCIMENTO EM TELHA ONDULADA","M",34.84,"0110030009"]
["0110030010",null,"0010 POLICARBONATO ALVEOLAR ESP.=10MM (FORNEC. E MONTAGEM)","M2",95,"0110030010"]
["0110030011",null,"0011 RETELHAMENTO COM TELHA CERÂMICA (COM AQUISIÇÃO DE ATÉ 20%","M2",21.19,"0110030011"]
[null,"NOVA)"]
["0110030012",null,"0012 RETELHAMENTO COM TELHA CERÂMICA (S/ AQUISIÇÃO)","M2",4.95,"0110030012"]
["0110030013",null,"0013 RETELHAMENTO COM TELHA FIBROCIMENTO ONDULADA ESP.=6 MM (COM","M2",24.98,"0110030013"]
[null,null,"ATÉ 40% DE TELHA NOVA)"]
["0110030014",null,"0014 TELHA CERÂMICA COLONIAL OU PAULISTA","M2",33.07,"0110030014"]
["0110030015","0015 TELHA CERÂMICA PLAN",null,"M2",45.04,"0110030015"]
["0110030016",null,"0016 TELHA DE AÇO ZINCADA PRÉ-PINTADA INCLINAÇÃO 2.75% VÃO 16M (FORN.","M2",85.46,"0110030016"]
[null,"E MONTAGEM)"]
[]
[null,"Página 30 de 120"]
[]
[]
[]
[]
[]
[null,"SECRETARIA MUNICIPAL DE INFRAESTRUTURA - SEINF"]
[null,"COORDENADORIA DE ELABORAÇÃO DE PROJETOS - CÉLULA DE ORÇAMENTO"]
[null,"Av. Dep. Paulino Rocha, 1343 - Cajazeiras     FORTALEZA-CE     CEP:60864-311     FONE: (85) 3105-1113"]
[null,"Email: seinf.edificacoes@fortaleza.ce.gov.br"]
[]
[null,null,"TABELA OFICIAL DO MUNICÍPIO"]
[{"$nulls":4},"Encargos Sociais: 83,84%"]
[null,null,"Relatório de Composições Sintético - COM DESONERAÇÃO"]
[null,"Mês de Coleta: 01/2014",null,null,"BDI: 0%"]
["Composição",null,"Descrição","Unidade","Preço","Composição"]
["0110030017","0017","TELHA DE ALUMÍNIO NATURAL, PERFIL ONDULADO ESP.=0,7MM","M2",40.8,"0110030017"]
["0110030018","0018","TELHA DE ALUMÍNIO ONDULADA ESP.=0,70MM","M2",40.02,"0110030018"]
["0110030019","0019","TELHA DE ALUMÍNIO PERFIL TRAPEZOIDAL ESP. = 0,50MM","M2",40.61,"0110030019"]
["0110030020","0020","TELHA DE ALUMÍNIO PINTADA 1 FACE, PERFIL ONDULADO ESP= 0,7MM","M2",54.5,"0110030020"]
["0110030021","0021","TELHA DE ALUMÍNIO TRAPEZOIDAL ESP.=0,70MM","M2",42.33,"0110030021"]
["0110030022","0022","TELHA DE FIBROCIMENTO KALHETÃO INCLINAÇÃO 3%","M2",69.69,"0110030022"]
["0110030023","0023","TELHA DE FIBROCIMENTO ONDULADA 6MM","M2",35.74,"0110030023"]
["0110030024","0024","TELHA DE POLICARBONATO TRANSLUCIDA ONDULADA ESP.=1,5MM","M2",72.46,"0110030024"]
["0110030025","0025","TELHA DUPLA DE ALUM. OND. TÉRMICA (E=0,5MM-L=1,345M) COM ESPUMA","M2",91.73,"0110030025"]
[null,null,"POLIURETANO, ACESSÓ. PINT. VERNIZ (COMPLETA)"]
["0110030026","0026","TELHA DUPLA DE ALUMÍNIO COM RECHEIO DE LÃ DE VIDRO","M2",115.18,"0110030026"]
["0110030027","0027","TELHA DUPLA SUP. ALUM. OND. PINT. VRZ-INFERIOR ALUM. NAT. (E=0,7MM-","M2",270.73,"0110030027"]
[null,null,"L=1,345M) COM RECHEIO LÃ DE ROCHA E ACESSÓRIOS DE FIXAÇÃO"]
["0110030028","0028","TELHA ECOLÓGICA MONOCAMADA FIBRAS VEGETAIS, IMPREGN. DE","M2",20.88,"0110030028"]
[null,null,"BETUME, PROTEG. COM RESINA (VERMELHO, VERDE, MARROM)"]
["0110030029","0029","TELHA EM CHAPA METÁLICA DE AÇO ZINCADA PINTADA COM FIXADORES,","M2",36.49,"0110030029"]
[null,null,"INCLINAÇAÕ 35% VÃO 8,50M"]
["0110030030","0030","TELHA EM MADEIRA COMPENSADA ONDULADA","M2",14.78,"0110030030"]
["0110030031","0031","TELHA METÁLICA TRAPEZOIDAL INCLUINDO PINTURA","M2",42.15,"0110030031"]
["0110030032","0032","TELHA ONDULADA POLICARBONATO CRISTAL ESP.=0,8MM","M2",55.5,"0110030032"]
["0110030033","0033","TELHA TRANSLÚCIDA ONDULADA ESP.=1MM","M2",51.46,"0110030033"]
[null,null,"004     SubGrupo:      OUTROS ELEMENTOS (COBERTURA)"]
["0110040001","0001","BARROTE DE MADEIRA 2 1/2\"X 2 1/2\"","M",15.22,"0110040001"]
["0110040002","0002","BARROTE DE MADEIRA 2\"X 2\"","M",11.45,"0110040002"]
["0110040003","0003","CAIBRO DE MASSARANDUBA (5X6)CM","M",21.14,"0110040003"]
["0110040004","0004","CAIBRO DE PAU DARCO (4X7)CM","M",28.29,"0110040004"]
["0110040005","0005","CALHA DE CHAPA GALVANIZADA 20 DESENVOLVIMENTO 100 CM","M",55.7,"0110040005"]
["0110040006","0006","CALHA DE CHAPA GALVANIZADA/ZINCO 26 DESENVOLVIMENTO 33 CM","M",32.55,"0110040006"]
["0110040007","0007","CALHA DE CHAPA GALVANIZADA/ZINCO 26 DESENVOLVIMENTO 50 CM","M",49.66,"0110040007"]
["0110040008","0008","CALHA DE CONCRETO ARMADO (30X30)CM","M",21.5,"0110040008"]
["0110040009","0009","CALHA DE CONCRETO ARMADO (50X30)CM","M",33.44,"0110040009"]
["0110040010","0010","CALHA DE MADEIRA COM PRANCHA DE MASSARANDUBA, ESP = 5CM","M",146.12,"0110040010"]
["0110040011","0011","CALHA DE ZINCO LARG. = 12 CM","M",15.47,"0110040011"]
["0110040012","0012","CALHA EM PVC TIPO AQUAPLUV","M",36.31,"0110040012"]
["0110040013","0013","CALHA FIBERGLASS ESP.=2 OU 3MM, DESENVOLVIMENTO 300 A 1000MM","M",27.7,"0110040013"]
["0110040014","0014","CHAPA DE FERRO GALVANIZADO Nº 14","M2",92.22,"0110040014"]
["0110040015","0015","CHAPA DE FERRO 5/8\" Nº 16","M2",81.99,"0110040015"]
["0110040016","0016","CUMEEIRA DE ALUMÍNIO","M",36.18,"0110040016"]
["0110040017","0017","ESTRUTURA METÁLICA P/ COBERTAS E FECHAMENTOS (S/TELHAS),","M2",172.15,"0110040017"]
[null,null,"CALHAS INCLUINDO PINTURA EPOXI E MONTAGEM"]
["0110040018","0018","FERRAGENS P/ COBERTAS COM TIRANTES DE AÇO E ACESSÓRIOS","M2",42.47,"0110040018"]
["0110040019","0019","LAVAGEM DE TELHA CERÂMICA COM ESCOVAÇÃO","M2",5,"0110040019"]
["0110040020","0020","LINHA DE PAU DARCO 15X10CM - LIMPA (AQUISIÇÃO E COLOCAÇÃO)","M",119.95,"0110040020"]
["0110040021","0021","LINHA DE PAU DARCO 15X8CM - LIMPA (AQUISIÇÃO E COLOCAÇÃO)","M",95.69,"0110040021"]
["0110040022","0022","LIXAMENTO MANUAL EM ESTRUTURA METÁLICA - NORMA SSPC - SP2 OU","M2",5.39,"0110040022"]
[null,"ST2"]
["0110040023","0023","PERFIS DE ALUMÍNIO PARA SUSTENTAÇÃO DO TELHADO","M2",92.73,"0110040023"]
["0110040024","0024","PILAR DE MASSARANDUBA 6\"X6\"","M",102.49,"0110040024"]
[]
[null,"Página 31 de 120"]
[]
[]
[]
[]
[]
[null,"SECRETARIA MUNICIPAL DE INFRAESTRUTURA - SEINF"]
[null,"COORDENADORIA DE ELABORAÇÃO DE PROJETOS - CÉLULA DE ORÇAMENTO"]
[null,"Av. Dep. Paulino Rocha, 1343 - Cajazeiras     FORTALEZA-CE     CEP:60864-311     FONE: (85) 3105-1113"]
[null,"Email: seinf.edificacoes@fortaleza.ce.gov.br"]
[]
[null,null,"TABELA OFICIAL DO MUNICÍPIO"]
[{"$nulls":4},"Encargos Sociais: 83,84%"]
[null,null,"Relatório de Composições Sintético - COM DESONERAÇÃO"]
[null,"Mês de Coleta: 01/2014",null,null,"BDI: 0%"]
["Composição",null,"Descrição","Unidade","Preço","Composição"]
["0110040025","0025","PILAR DE MASSARANDUBA 8\"X8\"","M",190.36,"0110040025"]
["0110040026","0026","PILAR DE PAU DARCO (IPÊ) 15X15CM","M",170.49,"0110040026"]
["0110040027","0027","PILAR DE PAU DARCO (IPÊ) 20X20CM, COMPOSTO POR PEÇAS DE MADEIRA","M",335.82,"0110040027"]
[null,null,"(10X10CM), INCL. PEÇAS DE FIXAÇÃO"]
["0110040028","0028","TORA DE EUCALÍPTO CERTIFICADO D=21 A 25CM","M",8.81,"0110040028"]
["0110040029","0029","REDE DE POLIETILENO FIO 1,9MM - MALHA 5X5CM COM GANCHO","M2",12,"0110040029"]
[null,null,"GALVANIZADO E BUCHA DE NYLON (COLOCADA)"]
["0110040030","0030","REFORMA E RECUPERAÇÃO DE TOLDO, INCL. LONA, PINTURA E","M2",47.25,"0110040030"]
[null,null,"REASSENTAMENTO"]
["0110040031","0031","REMADEIRAMENTO P/ TELHA CERÂMICA (S/ AQUISIÇÃO)","M2",19.05,"0110040031"]
["0110040032","0032","REMADEIRAMENTO P/ TELHA DE FIBROCIMENTO ONDULADA (S/","M2",17.47,"0110040032"]
[null,"AQUISIÇÃO)"]
["0110040033","0033","RIPA DE PEROBA DE (2X8)CM","M",8.5,"0110040033"]
["0110040034","0034","RIPA DE MASSARANDUBA DE 1X5CM","M",9.06,"0110040034"]
["0110040035","0035","RUFO DE ALUMÍNIO L=80 CM","M",73.12,"0110040035"]
["0110040036","0036","RUFO DE ALUMÍNIO NATURAL ESP. = 8 MM","M",38.95,"0110040036"]
["0110040037","0037","RUFO DE CHAPA GALVANIZADA/ZINCO 26 DESENVOLVIMENTO 33CM","M",22.79,"0110040037"]
["0110040038","0038","RUFO DE FIBROCIMENTO P/ TELHA MODULADA","M",28.86,"0110040038"]
["0110040039","0039","RUFO DE FIBROCIMENTO P/ TELHA ONDULADA","M",39.3,"0110040039"]
["0110040040","0040","SUPORTE EM BARRA CHATA DE FERRO 1 1/2\" X 3/16\" P/ CALHA EM CHAPA","M",12.04,"0110040040"]
[null,"DE AÇO"]
["0110040041","0041","TÁBUA DE PAU DARCO 10X2CM - LIMPA","M",20.39,"0110040041"]
["0110040042","0042","TELHA DUPLA ALUMÍNIO 5,00MM  COM RECHEIO DE LÃ DE VIDRO (S/","M2",83.37,"0110040042"]
[null,"PINTURA)"]
["0110040043","0043","TIRANTE DE AÇO 8MM P/ CONTRAVENTAMENTO DE COBERTA, INCL.","M",55.31,"0110040043"]
[null,null,"FERRAGENS DE FIXAÇÃO"]
["0110040044","0044","TOLDO DE LONA LISA SINTÉTICA COM ESTRUTURA DE FERRO (FORN. E","M2",181.27,"0110040044"]
[null,"MONTAGEM)"]
["0110040045","0045","TRATAMENTO ANTICUPIM EM MADEIRAMENTO DE COBERTA","M2",2.49,"0110040045"]
["0110040046","0046","TRELIÇA EM MADEIRA DE LEI CEDRO 2,00X0,50M","UN",67.22,"0110040046"]
["0110040047","0047","VIGA DE MASSARANDUBA 4''X2\"","M",26.37,"0110040047"]
["0110040048","0048","VIGA DE MASSARANDUBA 6\"X3\"","M",39.89,"0110040048"]
[null,null,"012     Grupo:      IMPERMEABILIZAÇÃO"]
[null,null,"001     SubGrupo:      IMPERMEABILIZAÇÃO E TRATAMENTOS"]
["0120010001",null,"0001 IMPERMEABILIZAÇÃO COM ARGAMASSA DE CIMENTO E AREIA 1:3","M2",22.66,"0120010001"]
[null,"ADITIVADA"]
["0120010002",null,"0002 IMPERMEABILIZAÇÃO COM CIMENTO CRISTALIZANTE, BASE ACRÍLICA","M2",36.79,"0120010002"]
["0120010003",null,"0003 IMPERMEABILIZAÇÃO COM EMULSÃO ASFÁLTICA CONSUMO 2KG/M²","M2",9.5,"0120010003"]
["0120010004",null,"0004 IMPERMEABILIZAÇÃO COM MANTA ASFÁLTICA ESP=4,0MM P/ COBERTURAS","M2",35.91,"0120010004"]
[null,null,"E ÁREAS MOLHADAS"]
["0120010005",null,"0005 IMPERMEABILIZAÇÃO COM ENCHIMENTO DE CONCRETO LEVE, MANTA","M2",92.38,"0120010005"]
[null,null,"ASFÁLTICA DE ALUMÍNIO"]
["0120010006",null,"0006 IMPERMEABILIZAÇÃO DE ALVENARIA DE EMBASAMENTO COM ARGAMASSA","M2",20.75,"0120010006"]
[null,null,"DE CIMENTO E AREIA TRAÇO 1:3"]
["0120010007",null,"0007 IMPERMEABILIZAÇÃO DE CALHA, VIGA-CALHA E JARDINEIRA COM APLIC. DE","M2",40.27,"0120010007"]
[null,null,"MEMBRANA ACRÍLICA E IMPERM. ESTRUTURAL"]
["0120010008",null,"0008 IMPERMEABILIZAÇÃO DE JARDINEIRAS COM ARGAMASSA DE CIMENTO E","M2",25.11,"0120010008"]
[null,"AREIA"]
["0120010009",null,"0009 IMPERMEABILIZAÇÃO DE PISOS EXTERNOS COM LONA PLÁSTICA","M2",2.47,"0120010009"]
[]
[null,"Página 32 de 120"]
[]
[]
[]
[]
[]
[null,"SECRETARIA MUNICIPAL DE INFRAESTRUTURA - SEINF"]
[null,"COORDENADORIA DE ELABORAÇÃO DE PROJETOS - CÉLULA DE ORÇAMENTO"]
[null,"Av. Dep. Paulino Rocha, 1343 - Cajazeiras     FORTALEZA-CE     CEP:60864-311     FONE: (85) 3105-1113"]
[null,"Email: seinf.edificacoes@fortaleza.ce.gov.br"]
[]
[null,null,"TABELA OFICIAL DO MUNICÍPIO"]
[{"$nulls":4},"Encargos Sociais: 83,84%"]
[null,null,"Relatório de Composições Sintético - COM DESONERAÇÃO"]
[null,null,"Mês de Coleta: 01/2014",null,"BDI: 0%"]
["Composição",null,"Descrição","Unidade","Preço","Composição"]
["0120010010","0010","IMPERMEABILIZAÇÃO DE REBAIXO DE BANHEIRO E/OU COZINHA COM TRÊS","M2",27.69,"0120010010"]
[null,null,"DEMÃOS DE TINTA ASFÁLTICA"]
["0120010011","0011","IMPERMEABILIZAÇÃO DE SUPERFÍCIES SUJEITA A INFILTRAÇÃO P/ LENÇOL","M2",24.42,"0120010011"]
[null,"FREÁTICO"]
["0120010012","0012","IMPERMEABILIZAÇÃO ELASTOMEROS SINTÉTICO NEOPRENE + HYPALON","M2",114.51,"0120010012"]
[null,null,"ACABAMENTO P/ COBERTURAS"]
["0120010013","0013","IMPERMEABILIZAÇÃO EMULSÃO ASFÁLTICA COM VÉU DE FIBRA DE VIDRO","M2",60.7,"0120010013"]
["0120010014","0014","IMPERMEABILIZAÇÃO HORIZONTAL DE ALICERCES COM MAT.","M",6.16,"0120010014"]
[null,null,"FIBROASFÁLTICOS"]
["0120010015","0015","IMPERMEABILIZAÇÃO INTERNA DE PISCINA ENTERRADA/ RESERVATÓRIO","M2",19.04,"0120010015"]
[null,null,"COM CIMENTO IMPERMEABILIZANTE ESTRUTURAL"]
["0120010016","0016","IMPERMEABILIZAÇÃO INTERNA P/ RESERVATÓRIOS DE ÁGUA E PISCINAS","M2",19.49,"0120010016"]
["0120010017","0017","IMPERMEABILIZAÇÃO MULTIMEMBRANAS DE FELTRO ASFÁLTICO P/","M2",58.79,"0120010017"]
[null,"COBERTURAS"]
["0120010018","0018","IMPERMEABILIZAÇÃO RESERVATÓRIO ELEVADO COM MEMBRANA","M2",18.63,"0120010018"]
[null,null,"ELÁSTICA BICOMPONENTE"]
["0120010019","0019","IMPERMEABILIZANTE ESTRUTURAL EM RESERVATÓRIO","M2",14.64,"0120010019"]
["0120010020","0020","PREPARO DE SUPERFÍCIE INTERNA P/ RESERVATÓRIO","M2",1.45,"0120010020"]
["0120010021","0021","PROTEÇÃO DE SUPERFÍCIES IMPERMEABILIZADAS","M2",17.89,"0120010021"]
[null,null,"REGULARIZAÇÃO DE SUPERFÍCIES HORIZONTAIS E VERTICAIS C/"]
["0120010022","0022","ARGAMASSA DE CIMENTO E AREIA S/ PENEIRAMENTO, TRAÇO 1:3, ESP.=","M2",24.79,"0120010022"]
[null,null,"6CM P/ APLICAÇÃO DE IMPERMEABILIZAÇÃO"]
["0120010023","0023","VEDAÇÃO COM MULTIFEAL 10CM","M",4.59,"0120010023"]
["0120010024","0024","VEDAÇÃO COM MULTIFEAL 20CM","M",8.84,"0120010024"]
[null,null,"002     SubGrupo:      IMPERMEABILIZAÇÕES COM MANTAS"]
["0120020001",null,"0001 GEOCOMPOSTO DE PVC COM GEOMEMBRANA DE GEOTEXTIL DE 1MM","M2",62.11,"0120020001"]
["0120020002",null,"0002 IMPERMEABILIZAÇÃO COM ELASTÔMERO SINTÉTICO, CALANDRADADO E","M2",50.31,"0120020002"]
[null,null,"PRÉ-VULCANIZADO E MANTA BUTÍLICA"]
["0120020003",null,"0003 IMPERMEABILIZAÇÃO COM MANTA ASFÁLTICA ESP=2MM P/ COBERTURAS E","M2",27.47,"0120020003"]
[null,null,"ÁREAS MOLHADAS"]
["0120020004",null,"0004 IMPERMEABILIZAÇÃO COM MANTA ASFÁLTICA ESP=3MM COM PROTEÇÃO","M2",20.25,"0120020004"]
[null,"DE ALUMÍNIO"]
["0120020005",null,"0005 IMPERMEABILIZAÇÃO COM MANTA ASFÁLTICA ESP=3MM P/ COBERTURAS E","M2",22.76,"0120020005"]
[null,null,"ÁREAS MOLHADAS"]
["0120020006",null,"0006 IMPERMEABILIZAÇÃO DE CALHA, VIGA-CALHA E JARDINEIRA COM MANTA","M2",22.1,"0120020006"]
[null,null,"ASFÁLTICA AUTO-ADESIVA"]
["0120020007",null,"0007 IMPERMEABILIZAÇÃO HORIZONTAL DE ALICERCES COM MANTA BUTÍLICA","M",10.39,"0120020007"]
["0120020008",null,"0008 IMPERMEABILIZAÇÃO MANTA ASFÁLTICA COM VÉU DE POLIESTER P/ LAJES","M2",17.47,"0120020008"]
["0120020009",null,"0009 IMPERMEABILIZAÇÃO MANTA CONTINUA PVC EXTRUDADA P/ COBERTURAS","M2",28.01,"0120020009"]
[null,null,"013     Grupo:      REVESTIMENTOS"]
[null,null,"001     SubGrupo:      ARGAMASSA PARA PAREDES INTERNAS E EXTERNAS"]
["0130010001",null,"0001 CHAPISCO DE BASE TRAÇO 1:3","M2",3.11,"0130010001"]
["0130010002",null,"0002 CHAPISCO DECORATIVO","M2",4.82,"0130010002"]
["0130010003",null,"0003 EMBOÇO C/ ARGAMASSA DE CIMENTO E AREIA S/ PENEIRAR, TRAÇO 1:3","M2",15.47,"0130010003"]
["0130010004","0004 REBOCO COM SIKA",null,"M2",21.42,"0130010004"]
["0130010005",null,"0005 REBOCO DE GESSO SOBRE BLOCOS DE CONCRETO","M2",11.3,"0130010005"]
[]
[null,"Página 33 de 120"]
[]
[]
[]
[]
[]
[null,"SECRETARIA MUNICIPAL DE INFRAESTRUTURA - SEINF"]
[null,"COORDENADORIA DE ELABORAÇÃO DE PROJETOS - CÉLULA DE ORÇAMENTO"]
[null,"Av. Dep. Paulino Rocha, 1343 - Cajazeiras     FORTALEZA-CE     CEP:60864-311     FONE: (85) 3105-1113"]
[null,"Email: seinf.edificacoes@fortaleza.ce.gov.br"]
[]
[null,null,"TABELA OFICIAL DO MUNICÍPIO"]
[{"$nulls":4},"Encargos Sociais: 83,84%"]
[null,null,"Relatório de Composições Sintético - COM DESONERAÇÃO"]
[null,null,"Mês de Coleta: 01/2014",null,"BDI: 0%"]
["Composição",null,"Descrição","Unidade","Preço","Composição"]
["0130010006",null,"0006 REBOCO DE PAREDES","M2",12.05,"0130010006"]
[null,null,"002     SubGrupo:      ACABAMENTOS DE PAREDES INTERNAS E EXTERNAS"]
["0130020001","0001","BATE MACAS EM AÇO INOXIDÁVEL","M",248.3,"0130020001"]
["0130020002","0002","CERÂMICA 10X20CM (S/ AQUISIÇÃO) ASSENTADA EM PAREDE COM","M2",16.36,"0130020002"]
[null,null,"ARGAMASSA INDUSTRIALIZADA"]
["0130020003","0003","CERÂMICA 7.5X7.5CM ASSENTADA COM ARGAMASSA INDUSTRIALIZADA","M2",83.5,"0130020003"]
["0130020004","0004","COLOCAÇÃO DE BATE MACAS S/ AQUISIÇÃO","M",19.6,"0130020004"]
["0130020005","0005","ENCERAMENTO EM REVESTIMENTOS","M2",1.12,"0130020005"]
["0130020006","0006","FILETE DE GRANITO CINZA LARGURA 5 CM","M",20.33,"0130020006"]
["0130020007","0007","FILETE DE GRANITO CINZA LARGURA 7 CM","M",26.8,"0130020007"]
["0130020008","0008","FILETE DE GRANITO DIVERSAS CORES LARGURA 5 CM","M",23.33,"0130020008"]
["0130020009","0009","FILETE DE GRANITO DIVERSAS CORES LARGURA 7 CM","M",32.4,"0130020009"]
["0130020010","0010","FILETE DE MÁRMORE","M",25.75,"0130020010"]
["0130020011","0011","MOLDAGEM EM ARGAMASSA ARMADA QUELAPS, INCL. PINTURA","M2",188.86,"0130020011"]
["0130020012","0012","MOLDURA DE GRANITO POLIDO LARG. ATÉ 10CM E ESP.=2CM","M",40.69,"0130020012"]
["0130020013","0013","MOLDURA DE GRANITO PRETO LARG. 17CM E ESP.=2CM","M",65.44,"0130020013"]
["0130020014","0014","PAINEL EM PASTILHA DE VIDRO (CORTE GEOMÉTRICO) ASSENTADA COM","M2",689.16,"0130020014"]
[null,null,"ARGAMASSA COLANTE - PADRÃO BEIRA-MAR"]
["0130020015","0015","PASTILHA DE PORCELANA ASSENTADA COM ARGAMASSA COLANTE","M2",116.41,"0130020015"]
["0130020016","0016","PASTILHA DE VIDRO (AMARELO, LARANJA, VERMELHO) ASSENTADA COM","M2",434.37,"0130020016"]
[null,null,"ARGAMASSA COLANTE"]
["0130020017","0017","PASTILHA DE VIDRO (VD, AZ, CZ, RO, PR, LI, MAR, BR) ASSENTADA COM","M2",238.69,"0130020017"]
[null,null,"ARGAMASSA COLANTE"]
["0130020018","0018","PEITORIL DE GRANITO ARABESCO ESP. 2CM","M2",224.8,"0130020018"]
["0130020019","0019","PEITORIL DE GRANITO CINZA LARG. = 15 CM","M",40.37,"0130020019"]
["0130020020","0020","PEITORIL DE GRANITO CINZA LARG. = 25 CM","M",90.06,"0130020020"]
["0130020021","0021","PEITORIL DE GRANITO PRETO LARG. = 17 CM","M",89.53,"0130020021"]
["0130020022","0022","PEITORIL DE MÁRMORE LARG. = 15 CM","M",27.05,"0130020022"]
["0130020023","0023","PEITORIL DE MÁRMORE LARG. = 20 CM","M",85.53,"0130020023"]
["0130020024","0024","PEITORIL DE MARMORITE","M2",73.09,"0130020024"]
["0130020025","0025","PEITORIL PRÉ-MOLDADO DE CONCRETO","M2",67.9,"0130020025"]
["0130020026","0026","PLACA CIMENTÍCIA ESP.=10MM EM FACHADAS DE ESTRUTURA METÁLICA","M2",70.68,"0130020026"]
["0130020027","0027","PLACA PRÉ-MOLDADA DE CONCRETO","M2",63.08,"0130020027"]
["0130020028","0028","PORCELANATO POLIDO 40 X 40CM ASSENTADO COM ARGAMASSA","M2",80.63,"0130020028"]
[null,null,"INDUSTRIALIZADA"]
["0130020029","0029","REBOCO COM BARITA","M2",76.25,"0130020029"]
["0130020030","0030","REBOCO DE PAREDES EXTERNAS COM ADITIVO PLASTIFICANTE","M2",12.14,"0130020030"]
["0130020031","0031","REJUNTAMENTO A BASE DE EPOXI P/ PAREDE ESP.=3MM","M2",4.65,"0130020031"]
["0130020032","0032","REJUNTAMENTO DE AZULEJO COM CIMENTO BRANCO  ESP. = 3 MM","M2",3.84,"0130020032"]
["0130020033","0033","REJUNTAMENTO P/ REVESTIMENTO CERÂMICO COM ARGAMASSA PRÉ-","M2",4.01,"0130020033"]
[null,null,"FABRICADA - ESP.=3MM"]
["0130020034","0034","REVESTIMENTO COM PAPEL DE PAREDE EM FIBRA NATURAL TIPO PALHA","M2",70.1,"0130020034"]
["0130020035","0035","REVESTIMENTO CERÂMICO PEI-5 30 X30 CM ASSENTADO COM ARGAMASSA","M2",48.47,"0130020035"]
[null,null,"DE CIMENTO E AREIA"]
["0130020036","0036","REVESTIMENTO CIMENTADO IMPERMEABILIZADO COM SIKA","M2",20.56,"0130020036"]
["0130020037","0037","REVESTIMENTO CURVO EM CHAPA DE ALUMÍNIO COMPOSTO ESP.=4MM,","M2",387,"0130020037"]
[null,null,"FIX. EM ESTRUT. DE ALUMÍNIO (FORN. E MONTAGEM)"]
["0130020038","0038","REVESTIMENTO EM AZULEJO ASSENTADO COM ARGAMASSA DE CIMENTO","M2",54.86,"0130020038"]
[null,"E AREIA (COM REJUNTAMENTO)"]
[]
[null,"Página 34 de 120"]
[]
[]
[]
[]
[]
[null,"SECRETARIA MUNICIPAL DE INFRAESTRUTURA - SEINF"]
[null,"COORDENADORIA DE ELABORAÇÃO DE PROJETOS - CÉLULA DE ORÇAMENTO"]
[null,"Av. Dep. Paulino Rocha, 1343 - Cajazeiras     FORTALEZA-CE     CEP:60864-311     FONE: (85) 3105-1113"]
[null,"Email: seinf.edificacoes@fortaleza.ce.gov.br"]
[]
[null,"TABELA OFICIAL DO MUNICÍPIO"]
[{"$nulls":4},"Encargos Sociais: 83,84%"]
[null,null,"Relatório de Composições Sintético - COM DESONERAÇÃO"]
[null,"Mês de Coleta: 01/2014",null,null,"BDI: 0%"]
["Composição",null,"Descrição","Unidade","Preço","Composição"]
["0130020039","0039","REVESTIMENTO EM AZULEJO ASSENTADO COM ARGAMASSA","M2",37.71,"0130020039"]
[null,null,"INDUSTRIALIZADA (COM REJUNTAMENTO)"]
["0130020040","0040","REVESTIMENTO EM AZULEJO COM JUNTA AMARRADA (S/ REJUNTAMENTO)","M2",48.9,"0130020040"]
["0130020041","0041","REVESTIMENTO EM AZULEJO DECORATIVO RETALHADO ASSENTADO COM","M2",33.69,"0130020041"]
[null,null,"ARGAM. DE CIMENTO E AREIA (COM REJUNTAMENTO)"]
["0130020042","0042","REVESTIMENTO EM CACO CERÂMICO ASSENTADA COM ARGAMASSA DE","M2",36.81,"0130020042"]
[null,"CIMENTO E AREIA"]
["0130020043","0043","REVESTIMENTO EM CERÂMICA DE 1ª QUALIDADE 10X10 CM ASSENT. COM","M2",62.96,"0130020043"]
[null,null,"ARGAM. DE CIMENTO E AREIA (S/ REJUNTAMENTO)"]
["0130020044","0044","REVESTIMENTO EM CERÂMICA DE 1ª QUALIDADE 10X10 CM ASSENT. COM","M2",48.46,"0130020044"]
[null,null,"ARGAM. INDUSTRIALIZADA (COM REJUNTAMENTO)"]
["0130020045","0045","REVESTIMENTO EM CERÂMICA DE 1ª QUALIDADE 20X20 CM ASSENT. COM","M2",57.68,"0130020045"]
[null,null,"ARGAM. DE CIMENTO E AREIA (S/ REJUNTAMENTO)"]
["0130020046","0046","REVESTIMENTO EM CERÂMICA DE 1ª QUALIDADE 20X20 CM ASSENT. COM","M2",47.19,"0130020046"]
[null,null,"ARGAM. INDUSTRIALIZADA (COM REJUNTAMENTO)"]
["0130020047","0047","REVESTIMENTO EM CERÂMICA DE 1ª QUALIDADE 30X30 CM ASSENT. COM","M2",56.56,"0130020047"]
[null,null,"ARGAM. DE CIMENTO E AREIA (COM REJUNTAMENTO)"]
["0130020048","0048","REVESTIMENTO EM CERÂMICA DE 1ª QUALIDADE 30X30 CM ASSENT. COM","M2",47.19,"0130020048"]
[null,null,"ARGAM. INDUSTRIALIZADA (COM REJUNTAMENTO)"]
["0130020049","0049","REVESTIMENTO EM CERÂMICA DE 1ª QUALIDADE 30X30 CM ASSENT. COM","M2",45.69,"0130020049"]
[null,null,"ARGAM. INDUSTRIALIZADA (S/ REJUNTAMENTO)"]
["0130020050","0050","REVESTIMENTO EM CERÂMICA DE 1ª QUALIDADE 30X90 CM ASSENT. COM","M2",91.12,"0130020050"]
[null,null,"ARGAM. INDUSTRIALIZADA (S/ REJUNTAMENTO)"]
["0130020051","0051","REVESTIMENTO EM CERÂMICA DE 1ª QUALIDADE 40X40 CM ASSENT. COM","M2",50.51,"0130020051"]
[null,null,"ARGAM. INDUSTRIALIZADA (S/ REJUNTAMENTO)"]
["0130020052","0052","REVESTIMENTO EM CERÂMICA GAIL 5,5 X 24 CM ASSENT. COM ARGAMASSA","M2",97.29,"0130020052"]
[null,null,"DE CIMENTO E AREIA (S/ REAJUNTAMENTO)"]
["0130020053","0053","REVESTIMENTO EM GRANITO APICOADO BRANCO CRISTAL ESP.= 3,0 CM","M2",267.79,"0130020053"]
[null,null,"ASSENTADO COM ARGAMASSA INDUSTRIALIZADA"]
["0130020054","0054","REVESTIMENTO EM GRANITO ASSENTADO COM ARGAMASSA","M2",127.54,"0130020054"]
[null,"INDUSTRIALIZADA"]
["0130020055","0055","REVESTIMENTO EM MÁRMORE TRAVERTINO TIPO CANJIQUINHA","M2",286.79,"0130020055"]
["0130020056","0056","REVESTIMENTO EM MOSAICO 20X20CM ASSENT. COM ARGAM. DE CIMENTO","M2",46.88,"0130020056"]
[null,"E AREIA"]
["0130020057","0057","REVESTIMENTO EM PAREDE COM CARPETE (E=5MM)","M2",50.55,"0130020057"]
["0130020058","0058","REVESTIMENTO EM PEDRA LAJEADA DE ITAITINGA IRREGULAR ASSENTADA","M2",73.53,"0130020058"]
[null,null,"COM ARGAMASSA INDUSTRIALIZADA"]
["0130020059","0059","REVESTIMENTO EM PEDRA PÓRFIDO - RED KING 30X30CM ESP.=2CM COM","M2",98.48,"0130020059"]
[null,null,"ARGAMASSA INDUSTRIALIZADA"]
["0130020060","0060","REVESTIMENTO EM PEDRA PORTUGUESA BRANCA","M2",24.25,"0130020060"]
["0130020061","0061","REVESTIMENTO EM PORCELANATO ESMALTADO RETIFICADO 45,5X45,5CM","M2",75.01,"0130020061"]
[null,null,"COM ARGAMASSA INDUSTRIALIZADA E REJUNTAMENTO"]
["0130020062","0062","REVESTIMENTO EM PORCELANATO POLIDO 30 X 30CM ASSENTADO COM","M2",66.67,"0130020062"]
[null,null,"ARGAMASSA INDUSTRIALIZADA"]
["0130020063","0063","REVESTIMENTO EM PORCELANATO POLIDO 30 X 60CM ASSENTADO COM","M2",77.38,"0130020063"]
[null,null,"ARGAMASSA INDUSTRIALIZADA"]
["0130020064","0064","REVESTIMENTO EM PORCELANATO POLIDO 45 X 45CM ASSENTADO COM","M2",77.07,"0130020064"]
[null,null,"ARGAMASSA INDUSTRIALIZADA (S/ REJUNTAMENTO)"]
["0130020065","0065","REVESTIMENTO EM SONITER CLASSIC 60X60CM ESP. = 20 MM (COLOCADO)","M2",85.1,"0130020065"]
["0130020066","0066","REVESTIMENTO EM TIJOLINHO CERÂMICO 10 X 20CM ASSENTADO COM","M2",55.69,"0130020066"]
[null,null,"ARGAMASSA DE CIMENTO E AREIA"]
["0130020067","0067","REVESTIMENTO EM TIJOLINHO CERÂMICO 5 X 20 CM ASSENTADO COM","M2",43.53,"0130020067"]
[null,null,"ARGAMASSA DE CIMENTO E AREIA"]
["0130020068","0068","REVESTIMENTO P/ PAREDE COM LAMBRI DE CEREJEIRA COLADO","M2",75.1,"0130020068"]
[]
[null,"Página 35 de 120"]
[]
[]
[]
[]
[]
[null,"SECRETARIA MUNICIPAL DE INFRAESTRUTURA - SEINF"]
[null,"COORDENADORIA DE ELABORAÇÃO DE PROJETOS - CÉLULA DE ORÇAMENTO"]
[null,"Av. Dep. Paulino Rocha, 1343 - Cajazeiras     FORTALEZA-CE     CEP:60864-311     FONE: (85) 3105-1113"]
[null,"Email: seinf.edificacoes@fortaleza.ce.gov.br"]
[]
[null,null,"TABELA OFICIAL DO MUNICÍPIO"]
[{"$nulls":4},"Encargos Sociais: 83,84%"]
[null,null,"Relatório de Composições Sintético - COM DESONERAÇÃO"]
[null,null,"Mês de Coleta: 01/2014",null,"BDI: 0%"]
["Composição",null,"Descrição","Unidade","Preço","Composição"]
["0130020069",null,"0069 REVESTIMENTO RETO EM CHAPA DE ALUMÍNIO COMPOSTO ESP.=4MM, FIX.","M2",332,"0130020069"]
[null,null,"EM ESTRUT. DE ALUMÍNIO (FORN. E MONTAGEM)"]
[null,null,"003     SubGrupo:      ACABAMENTOS DE FORROS"]
["0130030001","0001","CHAPISCO DE LAJE COM ARGAMASSA DE CIMENTO E AREIA","M2",6.01,"0130030001"]
["0130030002","0002","ESTRUTURA COM MÓD. 70X70CM P/ FIXAR FORRO PVC COM MONT. E","M2",8.4,"0130030002"]
[null,null,"TIRANTES PERFIL DE ALUMÍNIO (FORN. E MONTAGEM)"]
["0130030003","0003","FORRO ACÚSTICO ESP.=3MM (FORN. E MONTAGEM)","M2",66.35,"0130030003"]
["0130030004","0004","FORRO COLMÉIA (FORN. E MONTAGEM)","M2",183.46,"0130030004"]
["0130030005","0005","FORRO DE GESSO ACARTONADO TIPO F.G.A. ARAMADO (FORN. E","M2",30.33,"0130030005"]
[null,"MONTAGEM)"]
["0130030006","0006","FORRO DE GESSO ACARTONADO TIPO F.G.E. ESTRUTURADO (FORN. E","M2",41.4,"0130030006"]
[null,"MONTAGEM)"]
["0130030007","0007","FORRO DE GESSO EM PLACAS 60X60CM","M2",20.32,"0130030007"]
["0130030008","0008","FORRO DE POLICARBONATO ALVEOLAR CRISTAL ESP.=10MM","M2",115.77,"0130030008"]
["0130030009","0009","FORRO DE PVC (FORN. E MONTAGEM)","M2",35.29,"0130030009"]
["0130030010","0010","FORRO DE PVC (S/ AQUISIÇÃO)","M2",17.18,"0130030010"]
["0130030011","0011","FORRO DE PVC COM LÃ DE VIDRO (FORN. E MONTAGEM)","M2",52.02,"0130030011"]
["0130030012","0012","FORRO DE PVC REMOVÍVEL EM RÉGUA DE 20CM (FORN. E MONTAGEM)","M2",84.7,"0130030012"]
["0130030013","0013","FORRO EM LAMBRI DE MADEIRA DE LEI AVERMELHADA ANGELIM PEDRA","M2",113.65,"0130030013"]
[null,null,"COM ESTRUT. CAIBRO DE MAÇARANDUBA 5X6CM"]
["0130030014","0014","FORRO EM LAMBRI DE MADEIRA MUIRACATIARA 10 X 1CM","M2",120.25,"0130030014"]
["0130030015","0015","FORRO EM PLACA DE GESSO ACARTONADO ESPECIAL COM PERFURAÇÃO","M2",44.88,"0130030015"]
[null,null,"1,20X2,00 (FORN. E MONTAGEM)"]
["0130030016","0016","FORRO EM PLACA DE GESSO ACARTONADO PERFURADO 0,625X0,625","M2",44.88,"0130030016"]
[null,null,"(FORN. E MONTAGEM)"]
["0130030017","0017","FORRO METÁLICO TIPO BANDEJA EM CHAPA DE AÇO OU ALUMÍNIO DE","M2",200,"0130030017"]
[null,null,"125MM X 20MM (FORN. E MONTAGEM)"]
["0130030018","0018","FORRO PACOTE FIXADO EM PERFIL DE ALUMÍNIO (FORN. E MONTAGEM)","M2",74.8,"0130030018"]
["0130030019","0019","REBOCO DE LAJE","M2",18.74,"0130030019"]
["0130030020","0020","RESTAURAÇÃO DE FORRO METÁLICO, INCL. COLOCAÇÃO DE PERFIS,","M2",82.69,"0130030020"]
[null,null,"CANTONEIRAS NOVOS E PINTURA AUTOMOTIVA"]
["0130030021","0021","SANCA/RODATETO DE GESSO ACARTONADO (FORN. E MONTAGEM)","M",22,"0130030021"]
[null,null,"004     SubGrupo:      OUTROS ELEMENTOS (REVESTIMENTOS)"]
["0130040001",null,"0001 ARMADOR TIPO RABO DE ANDORINHA","UN",13.7,"0130040001"]
["0130040002",null,"0002 ARMADOR TIPO RABO DE ANDORINHA - PADRÃO POPULAR","UN",7.77,"0130040002"]
["0130040003",null,"0003 CANTONEIRA DE ALUMÍNIO P/ REVESTIMENTO EM AZULEJO/ CERÂMICA","M",10.62,"0130040003"]
["0130040004",null,"0004 FITA FOTOLUMINESCENTE INDICATIVA DE DIREÇÃO EM POLIESTER","M",104.86,"0130040004"]
["0130040005",null,"0005 FÓRMICA TEXTURIZADA BRANCA E PERFIL DE METALON EM AÇO INOX-","UN",300.94,"0130040005"]
[null,"BALCÕES"]
["0130040006",null,"0006 PAINEL FLEXÍVEL EM LÂ DE VIDRO ESP.=38MM, FIXADO COM ADESIVO","M2",21.84,"0130040006"]
[null,null,"HIDRO-ASFÁLTICO"]
["0130040007",null,"0007 PASTILHA CERAMICA 5X5CM ASSENTADA COM ARGAMASSA COLANTE","M2",82.06,"0130040007"]
["0130040008",null,"0008 PASTILHA CERÂMICA COR CROMO B-2153 (5x5 E 5x10)CM","M2",102.54,"0130040008"]
["0130040009",null,"0009 PASTILHA CERÂMICA COR DUNA B-2141 (5x5)CM","M2",73.04,"0130040009"]
["0130040010",null,"0010 PASTILHA CERÂMICA COR MOSTARDA B-2150 (5x5 E 5x10)CM","M2",101.38,"0130040010"]
["0130040011",null,"0011 PASTILHA VITRIFICADA","M2",198.48,"0130040011"]
["0130040012",null,"0012 PERFIL DE ALUMÍNIO ANODIZADO PRETO TIPO \"U\" DE 1 1/2\" X 3/8\"","M",11.37,"0130040012"]
["0130040013",null,"0013 PERFIL DE ALUMÍNIO ANODIZADO PRETO TIPO \"U\" DE 1\" X 1/2\"","M",8.02,"0130040013"]
["0130040014",null,"0014 PERFIL DE ALUMÍNIO ANODIZADO PRETO TIPO \"U\" DE 1/2\" X 1/2\"","M",5.17,"0130040014"]
[]
[null,"Página 36 de 120"]
[]
[]
[]
[]
[]
[null,"SECRETARIA MUNICIPAL DE INFRAESTRUTURA - SEINF"]
[null,"COORDENADORIA DE ELABORAÇÃO DE PROJETOS - CÉLULA DE ORÇAMENTO"]
[null,"Av. Dep. Paulino Rocha, 1343 - Cajazeiras     FORTALEZA-CE     CEP:60864-311     FONE: (85) 3105-1113"]
[null,"Email: seinf.edificacoes@fortaleza.ce.gov.br"]
[]
[null,null,"TABELA OFICIAL DO MUNICÍPIO"]
[{"$nulls":4},"Encargos Sociais: 83,84%"]
[null,null,"Relatório de Composições Sintético - COM DESONERAÇÃO"]
[null,null,"Mês de Coleta: 01/2014",null,"BDI: 0%"]
["Composição",null,"Descrição","Unidade","Preço","Composição"]
["0130040015","0015","PERFIL DE ALUMÍNIO NATURAL EM \"L\" DE 1\" X 1\" X 1/8\"","M",10.92,"0130040015"]
["0130040016","0016","PERFIL EM ALUMÍNIO NATURAL 1/2\"","M",4.05,"0130040016"]
["0130040017","0017","PERFIL EM ALUMÍNIO PRETO 1\"","M",8.6,"0130040017"]
["0130040018","0018","PERFIL U EM ALUMÍNIO NATURAL 1 X 1 CM","M",4.38,"0130040018"]
["0130040019","0019","PERFIL U EM ALUMÍNIO NATURAL 2 1/2\"","M",4.7,"0130040019"]
["0130040020","0020","PERFIL U EM ALUMÍNIO PRETO 4 X 4 CM","M",6.57,"0130040020"]
["0130040021","0021","POLICARBONATO COMPACTO ESP.=6MM (FORN. E MONTAGEM)","M2",363.34,"0130040021"]
["0130040022","0022","PROTETOR DE PAREDE BATE-MACAS EM PVC (200X30MM) COM","M",51.62,"0130040022"]
[null,"ACESSÓRIOS"]
["0130040023","0023","REVESTIMENTO CERÂMICO ESMALTADO, NA COR GELO H=10CM","M2",46.93,"0130040023"]
["0130040024","0024","REVESTIMENTO JATEADO TERMO-ACÚSTICO, COMPOSTO POR CELULOSE","M2",57.74,"0130040024"]
[null,null,"DESFIBRADA MINERALIZADA, ATÓXICO"]
["0130040025","0025","REVESTIMENTO NATURA, COMPOSTO POR BANDEJAS DE MADEIRA","M2",108.54,"0130040025"]
[null,null,"AGLOMERADA RH100, CHAPEADA EM AMBOS OS LADOS"]
["0130040026","0026","REVESTIMENTO RETO EM CHAPA GALVANIZADA (FORN. E ASSENTAMENTO)    M2",null,37.2,"0130040026"]
["0130040027","0027","RODAMEIO EM MADEIRA H = 10CM","M",13.5,"0130040027"]
["0130040028","0028","RODAPÉ EM MADEIRA H = 10CM","M",11.15,"0130040028"]
["0130040029","0029","RODAPIA DIM.: 2X0,10M EM GRANITO CINZA","M",41.5,"0130040029"]
["0130040030","0030","RODATETO EM MADEIRA H=10CM ESP.=1,5CM","M",13.42,"0130040030"]
["0130040031","0031","SUPORTE DE MÁRMORE P/ FILTROS","UN",43.49,"0130040031"]
["0130040032","0032","TAPA VISTAS EM GRANITO CINZA CORUMBÁ POLIDO E=2CM, FIXADA","M2",131.65,"0130040032"]
[null,null,"ATRAVÉS DE CANTONEIRAS E PARAFUSOS CROMADO"]
["0130040033","0033","TESTEIRA EM GRANITO CINZA CORUMBÁ POLIDO 2X12CM","M2",31.41,"0130040033"]
[null,null,"014     Grupo:      PISOS"]
[null,null,"001     SubGrupo:      PISOS INTERNOS E EXTERNOS"]
["0140010001",null,"0001 ASSENTAMENTO DE CERÂMICA EM PISO (S/ AQUISIÇÃO)","M2",29.15,"0140010001"]
["0140010002",null,"0002 CALÇADA DE PROTEÇÃO EM CIMENTADO COM BASE DE CONCRETO LARG.","M2",146.42,"0140010002"]
[null,null,"= 0,60 M (COMPLETAMENTE EXECUTADA)"]
["0140010003",null,"0003 CERÂMICA 1ª QUALIDADE 9,5X9,5CM","M2",61.16,"0140010003"]
["0140010004",null,"0004 CERÂMICA 10X20CM ASSENTADA EM PISO COM ARGAMASSA","M2",9.81,"0140010004"]
[null,null,"INDUSTRIALIZADA (S/ AQUISIÇÃO)"]
["0140010005",null,"0005 LIMPEZA DE BASE OU LASTRO","M2",0.61,"0140010005"]
["0140010006",null,"0006 PISO ABSORVEDOR DE IMPACTOS, TIPO ABSOLUTE TOTALSAFE ACOUSTIC","M2",129.23,"0140010006"]
[null,null,"OU EQUIVALENTE TECNICO."]
["0140010007",null,"0007 PISO CARPETE  E= 6,5MM","M2",63.65,"0140010007"]
["0140010008",null,"0008 PISO CERÂMICO (20 X 20) CM ASSENTADO COM ARGAMASSA DE CIMENTO E","M2",45.74,"0140010008"]
[null,null,"AREIA (PADRÃO POPULAR)"]
["0140010009",null,"0009 PISO CERÂMICO DE 1ª QUALIDADE (20X20) CM ASSENTADO COM","M2",53.35,"0140010009"]
[null,null,"ARGAMASSA DE CIMENTO E AREIA"]
["0140010010",null,"0010 PISO CERÂMICO DE 1ª QUALIDADE (20X20) CM ASSENTADO COM","M2",32.91,"0140010010"]
[null,null,"ARGAMASSA INDUSTRIALIZADA"]
["0140010011",null,"0011 PISO CERÂMICO DE 1ª QUALIDADE (30X30) CM ANTIDERRAPANTE","M2",34.17,"0140010011"]
[null,null,"ASSENTADO COM ARGAMASSA INDUSTRIALIZADA"]
["0140010012",null,"0012 PISO CERÂMICO DE 1ª QUALIDADE (30X30) CM ASSENTADO COM","M2",53.64,"0140010012"]
[null,null,"ARGAMASSA DE CIMENTO E AREIA"]
["0140010013",null,"0013 PISO CERÂMICO DE 1ª QUALIDADE (30X30) CM ASSENTADO COM","M2",45,"0140010013"]
[null,"ARGAMASSA INDUSTRIALIZADA"]
[]
[null,"Página 37 de 120"]
[]
[]
[]
[]
[]
[null,"SECRETARIA MUNICIPAL DE INFRAESTRUTURA - SEINF"]
[null,"COORDENADORIA DE ELABORAÇÃO DE PROJETOS - CÉLULA DE ORÇAMENTO"]
[null,"Av. Dep. Paulino Rocha, 1343 - Cajazeiras     FORTALEZA-CE     CEP:60864-311     FONE: (85) 3105-1113"]
[null,"Email: seinf.edificacoes@fortaleza.ce.gov.br"]
[]
[null,"TABELA OFICIAL DO MUNICÍPIO"]
[{"$nulls":4},"Encargos Sociais: 83,84%"]
[null,null,"Relatório de Composições Sintético - COM DESONERAÇÃO"]
[null,"Mês de Coleta: 01/2014",null,null,"BDI: 0%"]
["Composição",null,"Descrição","Unidade","Preço","Composição"]
["0140010014","0014","PISO CERÂMICO DE 1ª QUALIDADE (40X40) CM ASSENTADO COM","M2",54.67,"0140010014"]
[null,null,"ARGAMASSA DE CIMENTO E AREIA"]
["0140010015","0015","PISO CERÂMICO DE 1ª QUALIDADE (40X40) CM ASSENTADO COM","M2",49.68,"0140010015"]
[null,null,"ARGAMASSA INDUSTRIALIZADA"]
["0140010016","0016","PISO CIMENTADO DE REGULARIZAÇÃO COM BARITA","M2",78.56,"0140010016"]
["0140010017","0017","PISO CIMENTADO IMPERMEABILIZADO ESP. = 1,5 CM","M2",21.23,"0140010017"]
["0140010018","0018","PISO CIMENTADO LISO ESP. = 1,5 CM","M2",19.13,"0140010018"]
["0140010019","0019","PISO CIMENTADO LISO ESP. = 1,5 CM COM JUNTA DE DILATAÇÃO (TRAÇO","M2",29.03,"0140010019"]
[null,"1:4)"]
["0140010020","0020","PISO CIMENTADO LISO ESPONJADO COM ADITIVO XADREZ ESP. = 1,5 CM","M2",25,"0140010020"]
["0140010021","0021","PISO DE ASSOALHO DE MADEIRA ITAÚBA COM 10CMX4CM","M2",64.95,"0140010021"]
["0140010022","0022","PISO ELEVADO COM ESTRUTURA DE SUSTENTAÇÃO REGULÁVEL (FORN. E","M2",324.37,"0140010022"]
[null,"MONTAGEM)"]
["0140010023","0023","PISO ELEVADO COM ESTRUTURA DE SUSTENTAÇÃO REGULÁVEL","M2",467.1,"0140010023"]
[null,null,"REVESTIDO COM PAVIFLEX (FORNEC. E MONTAGEM)"]
["0140010024","0024","PISO ELEVADO EM CHAPA DE AÇO COM CONCRETO CELULAR REVESTIDO","M2",319,"0140010024"]
[null,null,"COM LAMINADO (FORN. E MONTAGEM)"]
["0140010025","0025","PISO EM CACOS CERÂMICOS COLORIDOS ASSENTADO COM ARGAMASSA","M2",33.18,"0140010025"]
[null,"DE CIMENTO E AREIA"]
["0140010026","0026","PISO EM CARPETE ESP. = 5MM","M2",55.32,"0140010026"]
["0140010027","0027","PISO EM CARPETE ESP. = 5MM P/ TRAFEGO MODERADO","M2",61.32,"0140010027"]
["0140010028","0028","PISO EM CONCRETO FCK=15 MPA ESP. = 12CM, ARMADO COM TELA DE AÇO","M2",59.64,"0140010028"]
["0140010029","0029","PISO EM CONCRETO FCK=15 MPA ESP. = 8 CM, ARMADO COM TELA DE AÇO","M2",40.53,"0140010029"]
["0140010030","0030","PISO EM GRANITO (40X40) CM ASSENTADO COM ARGAMASSA DE CIMENTO","M2",140.47,"0140010030"]
[null,"E AREIA"]
["0140010031","0031","PISO EM GRANITO APICOADO (45X105X1,5) CM COR BRANCO CRISTAL COM","M2",265.87,"0140010031"]
[null,null,"ARGAMASSA DE CIMENTO E AREIA"]
["0140010032","0032","PISO EM GRANITO APICOADO PRETO","M2",157.64,"0140010032"]
["0140010033","0033","PISO EM GRANITO BRANCO CRISTAL","M2",425.39,"0140010033"]
["0140010034","0034","PISO EM GRANITO CINZA APICOADO ESP=2CM","M2",170.77,"0140010034"]
["0140010035","0035","PISO EM GRANITO CINZA NATURAL ASSENTADO COM ARGAMASSA DE","M2",139.45,"0140010035"]
[null,null,"CIMENTO E AREIA (S/ POLIMENTO)"]
["0140010036","0036","PISO EM GRANITO CINZA POLIDO 60X60","M2",208.43,"0140010036"]
["0140010037","0037","PISO EM GRANITO POLIDO (40X40X1,5)CM ASSENTADO COM ARGAMASSA","M2",376.01,"0140010037"]
[null,null,"DE CIMENTO E AREIA (COR MAGMA)"]
["0140010038","0038","PISO EM GRANITO PRETO","M2",240.27,"0140010038"]
["0140010039","0039","PISO EM GRANITO VERDE UBATUBA ASSENTADO COM ARGAMASSA DE","M2",281.58,"0140010039"]
[null,"CIMENTO E AREIA"]
["0140010040","0040","PISO EM GRANITO VERDE UBATUBA (OUTRAS CORES) COM FAIXAS ANTI-","M2",294.14,"0140010040"]
[null,null,"DERRAPANTES ASSENT.COM ARG. DE CIMENTO E AREIA"]
["0140010041","0041","PISO EM LAMINADO DE MADEIRA (FORN. E MONTAGEM)","M2",75,"0140010041"]
["0140010042","0042","PISO EM MÁRMORE BRANCO POLIDO 40X40 ESP.= 3CM","M2",190.68,"0140010042"]
["0140010043","0043","PISO EM MÁRMORE TRAVERTINO ROMANO BRUTO R. F. 50X50","M2",191.38,"0140010043"]
["0140010044","0044","PISO EM PLACA DE CONCRETO PRÉ-MOLDADO LISO 40 X 40 CM","M2",17.75,"0140010044"]
["0140010045","0045","PISO EM PLACA DRENANTE TIPO MEGADRENO (40 X 40) ESP.=5 CM","M2",114.35,"0140010045"]
["0140010046","0046","PISO EM PORCELANATO ANTI-DERRAPANTE 45X45CM ASSENTADO COM","M2",114.59,"0140010046"]
[null,null,"ARGAMASSA DE CIMENTO E AREIA"]
["0140010047","0047","PISO EM PORCELANATO RÚSTICO PEDRA DA GÁVEA 15X15CM ASSENTADO","M2",83.55,"0140010047"]
[null,null,"COM ARGAMASSA DE CIMENTO E AREIA"]
["0140010048","0048","PISO EM PORCELANATO POLIDO 30X30CM ASSENTADO COM ARGAMASSA","M2",83.81,"0140010048"]
[null,"DE CIMENTO E AREIA"]
[]
[null,"Página 38 de 120"]
[]
[]
[]
[]
[]
[null,"SECRETARIA MUNICIPAL DE INFRAESTRUTURA - SEINF"]
[null,"COORDENADORIA DE ELABORAÇÃO DE PROJETOS - CÉLULA DE ORÇAMENTO"]
[null,"Av. Dep. Paulino Rocha, 1343 - Cajazeiras     FORTALEZA-CE     CEP:60864-311     FONE: (85) 3105-1113"]
[null,"Email: seinf.edificacoes@fortaleza.ce.gov.br"]
[]
[null,null,"TABELA OFICIAL DO MUNICÍPIO"]
[{"$nulls":4},"Encargos Sociais: 83,84%"]
[null,null,"Relatório de Composições Sintético - COM DESONERAÇÃO"]
[null,null,"Mês de Coleta: 01/2014",null,"BDI: 0%"]
["Composição",null,"Descrição","Unidade","Preço","Composição"]
["0140010049","0049","PISO EM PORCELANATO POLIDO 40X40CM ASSENTADO COM ARGAMASSA","M2",85.79,"0140010049"]
[null,null,"DE CIMENTO E AREIA"]
["0140010050","0050","PISO EM PORCELANATO POLIDO 45X45CM ASSENTADO COM ARGAMASSA","M2",95.13,"0140010050"]
[null,null,"DE CIMENTO E AREIA"]
["0140010051","0051","PISO EM PORCELANATO POLIDO 60X60CM ASSENTADO COM ARGAMASSA","M2",139.12,"0140010051"]
[null,null,"DE CIMENTO E AREIA"]
["0140010052","0052","PISO EM TÁBUAS DE MASSARANDUBA 8\" X 1 1/2\", INCL. APLICAÇÃO DE","M2",309.58,"0140010052"]
[null,"VERNIZ"]
["0140010053","0053","PISO EM TACOS DE MADEIRA COM COLA À BASE DE PVA","M2",82.28,"0140010053"]
["0140010054","0054","PISO INDUSTRIAL COMPLETAMENTE EXECUTADO ESP. = 12MM (INTERNO)","M2",80.45,"0140010054"]
["0140010055","0055","PISO INDUSTRIAL COMPLETAMENTE EXECUTADO ESP. = 12MM (EXTERNO)","M2",66.65,"0140010055"]
["0140010056","0056","PISO INDUSTRIAL RÚSTICO ESP.=12MM, INCL. REGULARIZAÇÃO","M2",64.77,"0140010056"]
["0140010057","0057","PISO VINÍLICO DE ALTO TRÁFEGO EM MANTAS (COLOCADO)","M2",198,"0140010057"]
["0140010058","0058","PISO VINÍLICO EM PLACAS 30X30CM ESP.=2MM","M2",47.59,"0140010058"]
["0140010059","0059","PISO VINÍLICO EM PLACAS 30X30CM ESP.=3.2MM","M2",72.41,"0140010059"]
["0140010060","0060","PISO VINÍLICO FLEXIVEL, EM MANTAS, ANTIDERRAPANTE, MODELO","M2",120.76,"0140010060"]
[null,"QUARTZO"]
["0140010061","0061","PLACAS VINÍLICAS CONDUTIVAS (61X61)CM ESP.=2,0MM, COM FILAMENTOS","M2",230,"0140010061"]
[null,null,"DE CARBONO, COM SOLDA (FORN. E MONTAGEM)"]
["0140010062","0062","REGULARIZAÇÃO DE BASE","M2",13.52,"0140010062"]
["0140010063","0063","REGULARIZAÇÃO DE BASE COM BARITA","M2",53.47,"0140010063"]
["0140010064","0064","REVESTIMENTO EPÓXICO P/ PISOS DUAS DEMÃOS","M2",110.26,"0140010064"]
["0140010065","0065","TABUADO DE MADEIRA IPE 0,20x5,50M COM ESPESSURA DE 18MM,","M2",88,"0140010065"]
[null,"ENCERADO"]
["0140010066","0066","TÁBUAS CORRIDAS SOBRE VIGAS DE PEROBA","M2",133.26,"0140010066"]
[null,null,"002     SubGrupo:      ACABAMENTOS DE PISOS"]
["0140020001",null,"0001 ACABAMENTO EM GRANITO CINZA POLIDO ESP=2 CM","M2",128.26,"0140020001"]
["0140020002",null,"0002 ACABAMENTO EM PISO CONCRETO (NIVEL., CORTE, JUNTA DILAT.","M2",29.74,"0140020002"]
[null,null,"SILICONE, POLIME. E ENCER. ACRÍLICO - FORN. E EXECUÇÃO)"]
["0140020003",null,"0003 ACABAMENTOS CURVOS EM RODAPÉ PAVIFLEX (COLOCADO)","M",12,"0140020003"]
["0140020004",null,"0004 APLICAÇÃO DE SINTECO INCL. RASPAGEM","M2",28.72,"0140020004"]
["0140020005",null,"0005 ARREMATE DE GRANITO PRETO (5+8,5CM)","M",75,"0140020005"]
["0140020006",null,"0006 ASSENTAMENTO DE CERÂMICA GAIL 240X54X9MM (S/ AQUISIÇÃO) COM","M2",26.03,"0140020006"]
[null,null,"ARGAMASSA INDUSTRIALIZADA"]
["0140020007",null,"0007 BORDA BOLEADA PARA PISCINA","M",9,"0140020007"]
["0140020008",null,"0008 BORDA EM GRANITO PRETO L=10CM","M",38.61,"0140020008"]
["0140020009",null,"0009 BORDA EM GRANITO PRETO L=40CM","M",125.01,"0140020009"]
["0140020010",null,"0010 CANTO INTERNO DE SOBREPOR - RODAPÉ EM PVC (FORN. E MONTAGEM)","M",22,"0140020010"]
["0140020011",null,"0011 CANTONEIRA METÁLICA DE 3/4\" X 1/8\" P/ PISOS","M",18.55,"0140020011"]
["0140020012",null,"0012 CANTONEIRA P/ PISO VINÍLICO","M",12.14,"0140020012"]
["0140020013",null,"0013 CARPETE AGULHADO VERTICAL, COMPOSTO DE 100% FIBRAS DE","M2",63.65,"0140020013"]
[null,null,"POLIPROPILENO E RESINAS SINTÉTICAS COM RELEVO"]
["0140020014",null,"0014 CERÂMICA GAIL (240X54X9)MM ASSENTADA COM ARGAMASSA","M2",68.04,"0140020014"]
[null,null,"INDUSTRIALIZADA"]
["0140020015",null,"0015 COXIM DE BORRACHA 10CMX10CMX1\"","UN",50.79,"0140020015"]
["0140020016",null,"0016 DEGRAU EM CONCRETO PRÉ-MOLDADO","M",50.56,"0140020016"]
["0140020017",null,"0017 DEGRAU EM GRANITO (20X30) CM","M",86.12,"0140020017"]
["0140020018",null,"0018 DEGRAU EM GRANITO APICOADO PRETO","M2",33.32,"0140020018"]
[]
[null,"Página 39 de 120"]
[]
[]
[]
[]
[]
[null,"SECRETARIA MUNICIPAL DE INFRAESTRUTURA - SEINF"]
[null,"COORDENADORIA DE ELABORAÇÃO DE PROJETOS - CÉLULA DE ORÇAMENTO"]
[null,"Av. Dep. Paulino Rocha, 1343 - Cajazeiras     FORTALEZA-CE     CEP:60864-311     FONE: (85) 3105-1113"]
[null,"Email: seinf.edificacoes@fortaleza.ce.gov.br"]
[]
[null,null,"TABELA OFICIAL DO MUNICÍPIO"]
[{"$nulls":4},"Encargos Sociais: 83,84%"]
[null,null,"Relatório de Composições Sintético - COM DESONERAÇÃO"]
[null,"Mês de Coleta: 01/2014",null,null,"BDI: 0%"]
["Composição",null,"Descrição","Unidade","Preço","Composição"]
["0140020019","0019","DEGRAU EM MÁRMORE 0,30X1,00M","M",86.25,"0140020019"]
["0140020020","0020","DEGRAU EM PLACA DE BORRACHA 50X50CM ESP. = 8MM","M",52.98,"0140020020"]
["0140020021","0021","ENCERAMENTO DE PISO INDUSTRIAL COM CERA DE CARNAÚBA","M2",13.57,"0140020021"]
["0140020022","0022","ENCERAMENTO DE PISOS","M2",16.87,"0140020022"]
["0140020023","0023","ENCHIMENTO DE PISOS COM ISOFLOCOS","M3",276.23,"0140020023"]
["0140020024","0024","ESPELHO EM GRANITO LISO PRETO","M",29.63,"0140020024"]
["0140020025","0025","FILETE DE GRANITO BRANCO CRISTAL 10CM","M",53.51,"0140020025"]
["0140020026","0026","FILETE DE GRANITO CINZA CORUMBÁ LARGURA 3 CM ALTURA DE 4CM","M",20.51,"0140020026"]
["0140020027","0027","FILETE DE GRANITO VERDE UBATUBA POLIDO COM DIMENSÕES DE ALT. E","M",38.87,"0140020027"]
[null,null,"BASE (SUP / INF) (2x2x4)cm ASSENTADO COM ARG. CIMENTO E AREIA"]
["0140020028","0028","FILETE DUPLO DE GRANITO VERDE UBATUBA DE H=10CM E 12CM","M",76.39,"0140020028"]
[null,null,"RESPECTIVAMENTE (SEPARADOR P/ BOX)"]
["0140020029","0029","JUNTA PLÁSTICA P/ PISO","M",8.39,"0140020029"]
["0140020030","0030","POLIMENTO DE PISO INDUSTRIAL","M2",31.89,"0140020030"]
["0140020031","0031","POLIMENTO EM PISO DE MÁRMORE","M2",29.15,"0140020031"]
["0140020032","0032","PROTEÇÃO PARA PISOS CERÂMICOS E GRANITO - APLICAÇÃO","M2",4.23,"0140020032"]
["0140020033","0033","RECUPERAÇÃO DE PISO COM SINTECO, INCL. RASPAGEM","M2",28.72,"0140020033"]
["0140020034","0034","REJUNTAMENTO A BASE DE EPOXI P/ PISO ESP.=5MM","M2",4.12,"0140020034"]
["0140020035","0035","REJUNTAMENTO P/ PISO CERÂMICO COM ARGAMASSA PRÉ FABRICADA","M2",4.21,"0140020035"]
[null,"ESP. ATÉ 16MM"]
["0140020036","0036","REJUNTAMENTO P/ PISO CERÂMICO COM CIMENTO BRANCO","M2",3.82,"0140020036"]
["0140020037","0037","RODAPÉ DE ALTA RESISTÊNCIA","M",33.24,"0140020037"]
["0140020038","0038","RODAPÉ EM CERÂMICA","M",7.16,"0140020038"]
["0140020039","0039","RODAPÉ EM CERÂMICA CIMENTO NATURAL","M",23.68,"0140020039"]
["0140020040","0040","RODAPÉ EM GRANITO BRANCO CRISTAL 30X2CM","M",123.81,"0140020040"]
["0140020041","0041","RODAPÉ EM GRANITO CINZA H = 10CM","M",36.32,"0140020041"]
["0140020042","0042","RODAPÉ EM GRANITO PRETO H = 15CM ASSENTADO COM ARGAMASSA","M",52.47,"0140020042"]
[null,"INDUSTRIALIZADA"]
["0140020043","0043","RODAPÉ EM GRANITO VERDE UBATUBA L=20CM - ASSENTADO COM","M",53.41,"0140020043"]
[null,null,"ARGAMASSA INDUSTRIALIZADA"]
["0140020044","0044","RODAPÉ EM GRANITO VERDE UBATUBA POLIDO COM PARTE SUPERIOR","M",40.43,"0140020044"]
[null,null,"BOLEADA  (13x2)CM - ASSENTADO COM ARG. CIMENTO E AREIA"]
["0140020045","0045","RODAPÉ EM MADEIRA H = 13CM","M",19.59,"0140020045"]
["0140020046","0046","RODAPÉ EM MADEIRA H = 5CM","M",9.76,"0140020046"]
["0140020047","0047","RODAPÉ EM MÁRMORE H = 10CM","M",25.91,"0140020047"]
["0140020048","0048","RODAPÉ EM PERFIL ALUMÍNIO ANODIZADO PRETO EM  U","M",14.75,"0140020048"]
["0140020049","0049","RODAPÉ EM PORCELANATO POLIDO, ASSENTADO COM ARGAMASSA DE","M",32.09,"0140020049"]
[null,"CIMENTO E AREIA"]
["0140020050","0050","RODAPÉ HOSPITALAR COM SUPORTE  E ARREMATE VINÍLICO (COLOCADO)","M",22.05,"0140020050"]
["0140020051","0051","RODAPÉ VINÍLICO H = 5CM","M",13.27,"0140020051"]
["0140020052","0052","RODAPISO EM GRANITO VERDE UBATUBA POLIDO (17x2)CM - ASSENTADO","M",43.42,"0140020052"]
[null,null,"COM ARG. CIMENTO E AREIA"]
["0140020053","0053","SOLEIRA DE ALTA RESISTENCIA","M2",27.55,"0140020053"]
["0140020054","0054","SOLEIRA EM GRANITO PRETO L=15CM","M",67.94,"0140020054"]
["0140020055","0055","SOLEIRA EM GRANITO VERDE UBATUBA L=15 A 25CM","M",86.18,"0140020055"]
["0140020056","0056","SOLEIRA EM GRANITO LARG. = 15CM","M",37.19,"0140020056"]
["0140020057","0057","SOLEIRA EM MÁRMORE LARG. = 15CM","M",29.49,"0140020057"]
["0140020058","0058","SOLEIRA EM MARMORITE LARG. = 15CM","M",29.06,"0140020058"]
[]
[null,"Página 40 de 120"]
[]
[]
[]
[]
[]
[null,"SECRETARIA MUNICIPAL DE INFRAESTRUTURA - SEINF"]
[null,"COORDENADORIA DE ELABORAÇÃO DE PROJETOS - CÉLULA DE ORÇAMENTO"]
[null,"Av. Dep. Paulino Rocha, 1343 - Cajazeiras     FORTALEZA-CE     CEP:60864-311     FONE: (85) 3105-1113"]
[null,"Email: seinf.edificacoes@fortaleza.ce.gov.br"]
[]
[null,null,"TABELA OFICIAL DO MUNICÍPIO"]
[{"$nulls":4},"Encargos Sociais: 83,84%"]
[null,null,"Relatório de Composições Sintético - COM DESONERAÇÃO"]
[null,null,"Mês de Coleta: 01/2014",null,"BDI: 0%"]
["Composição",null,"Descrição","Unidade","Preço","Composição"]
[null,null,"003     SubGrupo:      PISOS PARA URBANIZAÇÕES"]
["0140030001","0001","ASSENTAMENTO DE BLOKRET ARTICULADO (S/ AQUISIÇÃO)","M2",7.71,"0140030001"]
["0140030002","0002","ASSENTAMENTO DE PEDRA PORTUGUESA (S/ AQUISIÇÃO)","M2",26.63,"0140030002"]
["0140030003","0003","ASSENTAMENTO DE PISO EM MOSAICO ANTI-DERRAPANTE (S/ AQUISIÇÃO)","M2",27.82,"0140030003"]
["0140030004","0004","CALÇADA RÚSTICA EM CONCRETO USINADO FCK=15,0 MPA ESP. = 5CM","M2",21.99,"0140030004"]
[null,null,"ALISADO COM DESEMPENADEIRA"]
["0140030005","0005","MEIO FIO DEITADO EM PEDRA PORFIDO - RED KING INCL. FUNDAÇÕES EM","M",143.88,"0140030005"]
[null,null,"ALVENARIA DE PEDRA E REJUNTAMENTO"]
["0140030006","0006","MEIO FIO PRÉ MOLDADO DEITADO (S/ AQUISIÇÃO)","M",16.2,"0140030006"]
["0140030007","0007","MEIO FIO PRÉ MOLDADO DEITADO (0,10X0,30X1,00)M COMPLETAMENTE","M",71.3,"0140030007"]
[null,null,"EXECUTADO INCL. PINTURA"]
["0140030008","0008","MEIO FIO PRÉ MOLDADO DEITADO (0,12X0,30X1,00)M COMPLETAMENTE","M",76.11,"0140030008"]
[null,null,"EXECUTADO INCL. PINTURA"]
["0140030009","0009","MEIO FIO PRÉ MOLDADO DEITADO (0,12X0,35X1,00)M COMPLETAMENTE","M",80.74,"0140030009"]
[null,null,"EXECUTADO INCL. PINTURA"]
["0140030010","0010","MEIO FIO PRÉ MOLDADO DEITADO (0,15X0,30X1,00)M COMPLETAMENTE","M",83.32,"0140030010"]
[null,null,"EXECUTADO INCL. PINTURA"]
["0140030011","0011","MEIO FIO PRÉ MOLDADO DEITADO (0,10X0,30X1,00)M INCL. REJUNTAMENTO","M",24.3,"0140030011"]
[null,null,"(COM AQUISIÇÃO)"]
["0140030012","0012","MEIO FIO PRÉ MOLDADO DEITADO (0,12X0,30X1,00)M INCL. REJUNTAMENTO","M",26.45,"0140030012"]
[null,null,"(COM AQUISIÇÃO)"]
["0140030013","0013","MEIO FIO PRÉ MOLDADO DEITADO (0,12X0,35X1,00)M INCL. REJUNTAMENTO","M",28.54,"0140030013"]
[null,null,"(COM AQUISIÇÃO)"]
["0140030014","0014","MEIO FIO PRÉ MOLDADO DEITADO (0,15X0,30X1,00)M INCL. REJUNTAMENTO","M",29.69,"0140030014"]
[null,null,"(COM AQUISIÇÃO)"]
["0140030015","0015","MEIO FIO PRÉ MOLDADO EM PÉ (0,10X0,30X1,00)M INCL. REJUNTAMENTO","M",12.1,"0140030015"]
["0140030016","0016","PASSEIO DE CONCRETO FCK=13.5 MPA INCL. PREPARO DE CAIXA","M2",37.43,"0140030016"]
["0140030017","0017","PAVIMENTAÇÃO RÚSTICA EM CONCRETO LASTRO ESP.= 9CM, FCK= 13.5","M2",64.92,"0140030017"]
[null,null,"MPA E CAMADA SUPERFICIAL DE CONCRETO ESP.= 3CM"]
["0140030018","0018","PEÇA PRE-MOLDADA DE CONCRETO (60X60X8)CM ARMADA COM DUPLA","M",69.57,"0140030018"]
[null,null,"CAMADA DE MALHA 10X10CM, INCLUS. REJUNTAMENTO"]
["0140030019","0019","PEDRA CARIRI DE ALTO TRÁFEGO EXTRAÍDA DE BLOCOS DE MATACÃO","M2",76.22,"0140030019"]
[null,null,"(40X40) CM ESP. = 2 CM - PADRÃO BEIRA-MAR"]
["0140030020","0020","PISO CIMENTADO RÚSTICO","M2",13.68,"0140030020"]
["0140030021","0021","PISO CIMENTADO RÚSTICO COM JUNTA PLÁSTICA","M2",20.8,"0140030021"]
["0140030022","0022","PISO DE CONCRETO MOLDADO \"IN LOCO\"  FCK= 15,0MPA, ESPESSURA = 8","M2",49.17,"0140030022"]
[null,null,"CM - ACABAMENTO MANUAL"]
["0140030023","0023","PISO DE CONCRETO, SOBRE MANTA DE POLIETILENO EXPANDIDO DE","M2",94.16,"0140030023"]
[null,null,"BAIXA DENSIDADE, ESPESSURA 20,00MM"]
["0140030024","0024","PISO EM BLOKRET ARTICULADO SOBRE COLCHÃO DE PÓ DE PEDRA","M2",33.56,"0140030024"]
["0140030025","0025","PISO EM CONCRETO BOMBEADO COLORIDO CONFORME PROJETO","M2",56.38,"0140030025"]
["0140030026","0026","PISO EM MOSAICO ANTI-DERRAPANTE COLORIDO","M2",68.66,"0140030026"]
["0140030027","0027","PISO EM MOSAICO ANTI-DERRAPANTE/LISO NATURAL OU BRANCO","M2",44.46,"0140030027"]
["0140030028","0028","PISO EM PEDRA ARDÓSIA","M2",48.39,"0140030028"]
["0140030029","0029","PISO EM PEDRA CARIRI","M2",31.42,"0140030029"]
["0140030030","0030","PISO EM PEDRA CASTELO","M2",40.03,"0140030030"]
["0140030031","0031","PISO EM PEDRA MEDIEVAL","M2",204.19,"0140030031"]
["0140030032","0032","PISO EM PEDRA PIRACURUCA","M2",44.98,"0140030032"]
["0140030033","0033","PISO EM PEDRA PORFIDO / APODI / NERO MARQUINA","M2",159.82,"0140030033"]
["0140030034","0034","PISO EM PEDRA PORTUGUESA BRANCA","M2",45.21,"0140030034"]
["0140030035","0035","PISO EM PEDRA PORTUGUESA COLORIDA","M2",52.36,"0140030035"]
[]
[null,"Página 41 de 120"]
[]
[]
[]
[]
[]
[null,"SECRETARIA MUNICIPAL DE INFRAESTRUTURA - SEINF"]
[null,"COORDENADORIA DE ELABORAÇÃO DE PROJETOS - CÉLULA DE ORÇAMENTO"]
[null,"Av. Dep. Paulino Rocha, 1343 - Cajazeiras     FORTALEZA-CE     CEP:60864-311     FONE: (85) 3105-1113"]
[null,"Email: seinf.edificacoes@fortaleza.ce.gov.br"]
[]
[null,null,"TABELA OFICIAL DO MUNICÍPIO"]
[{"$nulls":4},"Encargos Sociais: 83,84%"]
[null,null,"Relatório de Composições Sintético - COM DESONERAÇÃO"]
[null,"Mês de Coleta: 01/2014",null,null,"BDI: 0%"]
["Composição",null,"Descrição","Unidade","Preço","Composição"]
["0140030036","0036","PISO INTERTRAVADO EM BLOCOS DE CONCRETO COLORIDO SOBRE COXIM","M2",34.56,"0140030036"]
[null,"COM PÓ DE PEDRA"]
["0140030037","0037","PISO INTERTRAVADO EM BLOCOS DE CONCRETO NATURAL SOBRE COXIM","M2",30.84,"0140030037"]
[null,"COM PÓ DE PEDRA"]
["0140030038","0038","PISO PRÉ-MOLDADO ARTICULADO INTERTRAVADO E=8CM (35MPA) P/","M2",61.52,"0140030038"]
[null,"TRÁFEGO DIRETO"]
["0140030039","0039","PISO RÚSTICO DE CONCRETO RIPADO 0.50X0.50 M COM JUNTAS=5CM E","M2",50.54,"0140030039"]
[null,"ESP. = 8CM"]
["0140030040","0040","PISO RÚSTICO DE CONCRETO RIPADO 1.00X1.00 M COM JUNTAS=10CM E","M2",43.67,"0140030040"]
[null,"ESP. = 8 CM"]
["0140030041","0041","PISO RÚSTICO DE CONCRETO RIPADO 1.20X1.20 M COM JUNTAS ESP. = 7","M2",41.95,"0140030041"]
[null,"CM"]
["0140030042","0042","PISO RÚSTICO DE CONCRETO RIPADO 1.50X1.50 M COM JUNTAS ESP. = 7","M2",39.32,"0140030042"]
[null,"CM"]
["0140030043","0043","PISO TÁTIL DE ALERTA EM PLACAS DE BORRACHA","M2",81.16,"0140030043"]
["0140030044","0044","PISO TÁTIL DE ALERTA EM PLACAS PRE-MOLDADAS 5MPA","M2",50.16,"0140030044"]
["0140030045","0045","PISO TÁTIL DE DIRECIONAL EM PLACAS DE BORRACHA","M2",81.16,"0140030045"]
["0140030046","0046","PISO TÁTIL DE DIRECIONAL EM PLACAS PRÉ-MOLDADAS 5MPA","M2",50.16,"0140030046"]
["0140030047","0047","PLACA DE CONCRETO FCK = 32MPA ESP. = 20CM  P/ ESTACIONAMENTO DE","M2",87.95,"0140030047"]
[null,"ÔNIBUS"]
["0140030048","0048","PLACAS DE CONCRETO FCK=20MPA E=20CM PARA ESTACIONAMENTO DE","M2",69.79,"0140030048"]
[null,"ÔNIBUS"]
["0140030049","0049","REJUNTAMENTO DE BLOCOS INTERTRAVADOS DE CONCRETO COM","M2",7.6,"0140030049"]
[null,"ASFALTO"]
[null,null,"004     SubGrupo:      OUTROS ELEMENTOS (PISOS)"]
["0140040001",null,"0001 CAMADA DE CAL EM SOLO, INCL. ESPALHAMENTO COM AQUISIÇÃO","M2",0.73,"0140040001"]
[null,null,"015     Grupo:      INSTALAÇÕES HIDRÁULICAS / SANITÁRIAS"]
[null,null,"001     SubGrupo:      LIGAÇÕES PREDIAIS"]
["0150010001",null,"0001 LIGAÇÃO PREDIAL DE ÁGUA - PADRÃO CAGECE","UN",24.87,"0150010001"]
["0150010002",null,"0002 RAMAL PREDIAL DE ÁGUA COM PAVIMENTAÇÃO EM ASFALTO","M",9.8,"0150010002"]
["0150010003",null,"0003 RAMAL PREDIAL DE ÁGUA S/ PAVIMENTAÇÃO","M",5.39,"0150010003"]
["0150010004",null,"0004 RAMAL PREDIAL DE ESGOTO COM PAVIMENTO EM ASFALTO","M",40.93,"0150010004"]
["0150010005",null,"0005 RAMAL PREDIAL DE ESGOTO COM PAVIMENTO EM PEDRA TOSCA","M",28.08,"0150010005"]
["0150010006",null,"0006 RAMAL PREDIAL DE ESGOTO S/ PAVIMENTO","M",26.95,"0150010006"]
[null,null,"002     SubGrupo:      TUBOS E CONEXÕES DE FERRO FUNDIDO"]
["0150020001",null,"0001 ADAPTADOR FERRO FUNDIDO P/ MANGOTE DN=1 1/4\" (50MM)","UN",53.71,"0150020001"]
["0150020002",null,"0002 CAP OU PLUG FERRO FUNDIDO D=100MM (4\")","UN",90.84,"0150020002"]
["0150020003",null,"0003 CAP OU PLUG FERRO FUNDIDO D=150MM (6\")","UN",127.79,"0150020003"]
["0150020004",null,"0004 CAP OU PLUG FERRO FUNDIDO D=50MM (2\")","UN",66.89,"0150020004"]
["0150020005",null,"0005 CAP OU PLUG FERRO FUNDIDO D=75MM (3\")","UN",83.38,"0150020005"]
["0150020006",null,"0006 CURVA 90 FERRO FUNDIDO COM FLANGE DN=150MM","UN",274.23,"0150020006"]
["0150020007",null,"0007 CURVA 90 FERRO FUNDIDO COM FLANGE DN=80MM","UN",132.15,"0150020007"]
["0150020008",null,"0008 CURVA FOFO 45 COM FLANGES  DN 100 PN10","UN",198.44,"0150020008"]
["0150020009",null,"0009 CURVA FOFO 90 COM FLANGES DN 100 PN10","UN",193.44,"0150020009"]
["0150020010",null,"0010 FLANGE AVULSO EM FERRO FUNDIDO COM FURO E ROSCA DN=80MM","UN",49.76,"0150020010"]
["0150020011",null,"0011 JOELHO FOFO COM VISITA D=100X50MM (4\"X2\")","UN",181.71,"0150020011"]
[]
[null,"Página 42 de 120"]
[]
[]
[]
[]
[]
[null,"SECRETARIA MUNICIPAL DE INFRAESTRUTURA - SEINF"]
[null,"COORDENADORIA DE ELABORAÇÃO DE PROJETOS - CÉLULA DE ORÇAMENTO"]
[null,"Av. Dep. Paulino Rocha, 1343 - Cajazeiras     FORTALEZA-CE     CEP:60864-311     FONE: (85) 3105-1113"]
[null,"Email: seinf.edificacoes@fortaleza.ce.gov.br"]
[]
[null,null,"TABELA OFICIAL DO MUNICÍPIO"]
[{"$nulls":4},"Encargos Sociais: 83,84%"]
[null,null,"Relatório de Composições Sintético - COM DESONERAÇÃO"]
[null,null,"Mês de Coleta: 01/2014",null,"BDI: 0%"]
["Composição",null,"Descrição","Unidade","Preço","Composição"]
["0150020012","0012","JOELHO FOFO JE D=100MM","UN",241.68,"0150020012"]
["0150020013","0013","JOELHO FOFO JE D=150MM","UN",411.33,"0150020013"]
["0150020014","0014","JOELHO FOFO JE D=50MM","UN",128.29,"0150020014"]
["0150020015","0015","JOELHO FOFO JE D=75MM","UN",163.94,"0150020015"]
["0150020016","0016","LUVA BIPARTIDA FERRO FUNDIDO D=100MM (4\")","UN",152.32,"0150020016"]
["0150020017","0017","LUVA BIPARTIDA FERRO FUNDIDO D=150MM (6\")","UN",263.41,"0150020017"]
["0150020018","0018","LUVA BIPARTIDA FERRO FUNDIDO D=50MM (2\")","UN",100.28,"0150020018"]
["0150020019","0019","LUVA BIPARTIDA FERRO FUNDIDO D=75MM (3\")","UN",121.46,"0150020019"]
["0150020020","0020","LUVA FERRO FUNDIDO BOLSAXBOLSA D=100MM (4\")","UN",186.84,"0150020020"]
["0150020021","0021","LUVA FERRO FUNDIDO BOLSAXBOLSA D=150MM (6\")","UN",239.99,"0150020021"]
["0150020022","0022","LUVA FERRO FUNDIDO BOLSAXBOLSA D=50MM (2\")","UN",58.32,"0150020022"]
["0150020023","0023","LUVA FERRO FUNDIDO BOLSAXBOLSA D=75MM (3\")","UN",71.95,"0150020023"]
["0150020024","0024","REDUÇÃO EXCÊNTRICA FOFO DN COM FLANGES 100 X 75 PN10","UN",258.71,"0150020024"]
["0150020025","0025","REDUÇÃO FOFO COM FLANGES DN 100 X 75 PN10","UN",246.94,"0150020025"]
["0150020026","0026","TE FOFO COM FLANGE DN=80MM","UN",272.89,"0150020026"]
["0150020027","0027","TE FOFO FF DN 100 X 100 PN10","UN",409.81,"0150020027"]
["0150020028","0028","TE OU JUNÇÃO DE FERRO FUNDIDO JUNTA ELÁSTICA D=100X100MM","UN",330.99,"0150020028"]
["0150020029","0029","TE OU JUNÇÃO DE FERRO FUNDIDO JUNTA ELÁSTICA D=100X50MM","UN",281.46,"0150020029"]
["0150020030","0030","TE OU JUNÇÃO DE FERRO FUNDIDO JUNTA ELÁSTICA D=100X75MM","UN",299.47,"0150020030"]
["0150020031","0031","TE OU JUNÇÃO DE FERRO FUNDIDO JUNTA ELÁSTICA D=150X100MM","UN",416.34,"0150020031"]
["0150020032","0032","TE OU JUNÇÃO DE FERRO FUNDIDO JUNTA ELÁSTICA D=150X150MM","UN",488.65,"0150020032"]
["0150020033","0033","TE OU JUNÇÃO DE FERRO FUNDIDO JUNTA ELÁSTICA D=50X50MM","UN",195.46,"0150020033"]
["0150020034","0034","TE OU JUNÇÃO DE FERRO FUNDIDO JUNTA ELÁSTICA D=75X50MM","UN",225.66,"0150020034"]
["0150020035","0035","TE OU JUNÇÃO DE FERRO FUNDIDO JUNTA ELÁSTICA D=75X75MM","UN",255.44,"0150020035"]
["0150020036","0036","TUBO FERRO FUNDIDO JE D=100MM (4\")","M",200.84,"0150020036"]
["0150020037","0037","TUBO FERRO FUNDIDO JE D=150MM (6\")","M",169.24,"0150020037"]
["0150020038","0038","TUBO FERRO FUNDIDO JE D=50MM (2\")","M",59.76,"0150020038"]
["0150020039","0039","TUBO FERRO FUNDIDO JE D=75MM (3\")","M",91.84,"0150020039"]
["0150020040","0040","TUBO FERRO FUNDIDO JUNTA ELÁSTICA 100MM INCL. CONEXÕES","M",228.2,"0150020040"]
["0150020041","0041","TUBO FERRO FUNDIDO JUNTA ELÁSTICA 150MM INCL. CONEXÕES","M",192.07,"0150020041"]
["0150020042","0042","TUBO FERRO FUNDIDO JUNTA ELÁSTICA 200MM INCL. CONEXÕES","M",258.59,"0150020042"]
["0150020043","0043","TUBO FERRO FUNDIDO JUNTA ELÁSTICA 300MM INCL. CONEXÕES","M",364.08,"0150020043"]
["0150020044","0044","TUBO FERRO FUNDIDO JUNTA ELÁSTICA 50MM INCL. CONEXÕES","M",67.53,"0150020044"]
["0150020045","0045","TUBO FERRO FUNDIDO JUNTA ELÁSTICA 75MM INCL. CONEXÕES","M",104.06,"0150020045"]
[null,null,"003     SubGrupo:      TUBOS E CONEXÕES DE AÇO"]
["0150030001",null,"0001 BUCHA DE REDUÇÃO FERRO GALVANIZADO 2 1/2\" X 2\"","UN",17.22,"0150030001"]
["0150030002",null,"0002 BUCHA DE REDUÇÃO FERRO GALVANIZADO 1 1/2\" X 1\"","UN",9.01,"0150030002"]
["0150030003",null,"0003 BUCHA DE REDUÇÃO FERRO GALVANIZADO 2\" X 1 1/2\"","UN",10.91,"0150030003"]
["0150030004",null,"0004 BUCHA DE REDUÇÃO FERRO GALVANIZADO 2\" X 1 1/4\"","UN",10.78,"0150030004"]
["0150030005",null,"0005 BUCHA DE REDUÇÃO FERRO GALVANIZADO 3\" X 1\"","UN",32.61,"0150030005"]
["0150030006",null,"0006 BUCHA DE REDUÇÃO FERRO GALVANIZADO 3\" X 2 1/2\"","UN",20.61,"0150030006"]
["0150030007",null,"0007 BUJÃO EM AÇO GALVANIZADO D=100MM (4\")","UN",31.83,"0150030007"]
["0150030008",null,"0008 BUJÃO EM AÇO GALVANIZADO D=15MM A 25 MM","UN",2.71,"0150030008"]
["0150030009",null,"0009 BUJÃO EM AÇO GALVANIZADO D=32MM A 50 MM","UN",7.94,"0150030009"]
["0150030010",null,"0010 BUJÃO EM AÇO GALVANIZADO D=65MM A 80 MM","UN",16.57,"0150030010"]
["0150030011",null,"0011 CURVA 90 MACHO-FÊMEA AÇO GALVANIZADO D=2 1/2\"","UN",60.96,"0150030011"]
["0150030012",null,"0012 FLANGE SEXTAVADO AÇO GALVANIZADO 2\"","UN",16.44,"0150030012"]
[]
[null,"Página 43 de 120"]
[]
[]
[]
[]
[]
[null,"SECRETARIA MUNICIPAL DE INFRAESTRUTURA - SEINF"]
[null,"COORDENADORIA DE ELABORAÇÃO DE PROJETOS - CÉLULA DE ORÇAMENTO"]
[null,"Av. Dep. Paulino Rocha, 1343 - Cajazeiras     FORTALEZA-CE     CEP:60864-311     FONE: (85) 3105-1113"]
[null,"Email: seinf.edificacoes@fortaleza.ce.gov.br"]
[]
[null,null,"TABELA OFICIAL DO MUNICÍPIO"]
[{"$nulls":4},"Encargos Sociais: 83,84%"]
[null,null,"Relatório de Composições Sintético - COM DESONERAÇÃO"]
[null,"Mês de Coleta: 01/2014",null,null,"BDI: 0%"]
["Composição",null,"Descrição","Unidade","Preço","Composição"]
["0150030013","0013","FLANGE SEXTAVADO AÇO GALVANIZADO D=2 1/2\"","UN",31.04,"0150030013"]
["0150030014","0014","JOELHO 45 AÇO GAVANIZADO D=2 1/2\"","UN",34.12,"0150030014"]
["0150030015","0015","JOELHO 90 AÇO GALVANIZADO D=2 1/2\"","UN",39.45,"0150030015"]
["0150030016","0016","JOELHO 90 AÇO GALVANIZADO D=3\"","UN",43.98,"0150030016"]
["0150030017","0017","JOELHO 90 FERRO GAVANIZADO D=2\"","UN",27.2,"0150030017"]
["0150030018","0018","LUVA AÇO GALVANIZADO 2 1/2\"","UN",25.49,"0150030018"]
["0150030019","0019","LUVA UNIÃO ASSENTO CÔNICO AÇO GALVANIZADO 2 1/2\"","UN",48.46,"0150030019"]
["0150030020","0020","LUVA UNIÃO ASSENTO CÔNICO AÇO GALVANIZADO 2\"","UN",46.89,"0150030020"]
["0150030021","0021","LUVA UNIÃO FERRO GALVANIZADO 1 1/4\"","UN",33.09,"0150030021"]
["0150030022","0022","LUVA UNIÃO FERRO GALVANIZADO 3\"","UN",91.96,"0150030022"]
["0150030023","0023","LUVA UNIÃO FERRO GALVANIZADO 4\"","UN",128.42,"0150030023"]
["0150030024","0024","NIPLE DUPLO DE AÇO GALVANIZADO D=15MM (1/2\") À 25MM (1\")","UN",4.96,"0150030024"]
["0150030025","0025","NIPLE DUPLO DE AÇO GALVANIZADO D=32MM (1 1/4\") À 50MM (2\")","UN",11.61,"0150030025"]
["0150030026","0026","NIPLE DUPLO DE AÇO GALVANIZADO D=65MM (2 1/2\")","UN",25.41,"0150030026"]
["0150030027","0027","NIPLE DUPLO DE AÇO GALVANIZADO D=65MM (2 1/2\") À 80MM (3\")","UN",25.41,"0150030027"]
["0150030028","0028","NIPLE DUPLO DE AÇO GALVANIZADO D=100MM (4\")","UN",49.5,"0150030028"]
["0150030029","0029","NIPLE DUPLO DE REDUÇÃO AÇO GALVANIZADO D= 80X50MM A 80X65MM","UN",26.06,"0150030029"]
["0150030030","0030","TAMPÃO AÇO GALVANIZADO D=100MM (4\")","UN",28.17,"0150030030"]
["0150030031","0031","TAMPÃO AÇO GALVANIZADO D=15MM A 25MM","UN",5.66,"0150030031"]
["0150030032","0032","TAMPÃO AÇO GALVANIZADO D=32MM A 50MM","UN",8.68,"0150030032"]
["0150030033","0033","TAMPÃO AÇO GALVANIZADO D=65MM A 80MM","UN",15.79,"0150030033"]
["0150030034","0034","TÊ DE AÇO GALVANIZADO D=65MM (2 1/2\")","UN",53.78,"0150030034"]
["0150030035","0035","TÊ REDUÇÃO AÇO GALV. D=100X50MM (4\"X2\") À 100X80MM (4\"X3\")","UN",117.82,"0150030035"]
["0150030036","0036","TÊ REDUÇÃO AÇO GALV. D= 65X25MM (2 1/2\"X1\") À 80X65MM (3\"X2 1/2\")","UN",52.61,"0150030036"]
["0150030037","0037","TUBO AÇO GALVANIZADO COM OU S/ COSTURA INCL. CONEXÕES D=100MM","M",149.72,"0150030037"]
[null,"(4\")"]
["0150030038","0038","TUBO AÇO GALVANIZADO COM OU S/ COSTURA INCL. CONEXÕES D=125MM","M",183.47,"0150030038"]
[null,"(5\")"]
["0150030039","0039","TUBO AÇO GALVANIZADO COM OU S/ COSTURA INCL. CONEXÕES","M",193.16,"0150030039"]
[null,"D=150MM(6\")"]
["0150030040","0040","TUBO AÇO GALVANIZADO COM OU S/ COSTURA INCL. CONEXÕES D=15MM","M",25.91,"0150030040"]
[null,"(1/2\")"]
["0150030041","0041","TUBO AÇO GALVANIZADO COM OU S/ COSTURA INCL. CONEXÕES D=20MM","M",30.69,"0150030041"]
[null,"(3/4\")"]
["0150030042","0042","TUBO AÇO GALVANIZADO COM OU S/ COSTURA INCL. CONEXÕES D=25MM","M",43.17,"0150030042"]
[null,"(1\")"]
["0150030043","0043","TUBO AÇO GALVANIZADO COM OU S/ COSTURA INCL. CONEXÕES D=32MM","M",51.38,"0150030043"]
[null,"(1 1/4\")"]
["0150030044","0044","TUBO AÇO GALVANIZADO COM OU S/ COSTURA INCL. CONEXÕES D=40MM","M",67.41,"0150030044"]
[null,"(1 1/2\")"]
["0150030045","0045","TUBO AÇO GALVANIZADO COM OU S/ COSTURA INCL. CONEXÕES D=50MM","M",71.92,"0150030045"]
[null,"(2\")"]
["0150030046","0046","TUBO AÇO GALVANIZADO COM OU S/ COSTURA INCL. CONEXÕES D=65MM","M",116.98,"0150030046"]
[null,"(2 1/2\")"]
["0150030047","0047","TUBO AÇO GALVANIZADO COM OU S/ COSTURA INCL. CONEXÕES D=80MM","M",120.32,"0150030047"]
[null,"(3\")"]
["0150030048","0048","TUBO AÇO GALVANIZADO COM OU S/ COSTURA D=100MM (4\")","M",110.68,"0150030048"]
["0150030049","0049","TUBO AÇO GALVANIZADO COM OU S/ COSTURA D=150MM (6\")","M",145.41,"0150030049"]
["0150030050","0050","TUBO AÇO GALVANIZADO COM OU S/ COSTURA D=25MM (1\")","M",24.77,"0150030050"]
["0150030051","0051","TUBO AÇO GALVANIZADO COM OU S/ COSTURA D=32MM (1 1/4\")","M",32.4,"0150030051"]
["0150030052","0052","TUBO AÇO GALVANIZADO COM OU S/ COSTURA D=50MM (2\")","M",46.91,"0150030052"]
[]
[null,"Página 44 de 120"]
[]
[]
[]
[]
[]
[null,"SECRETARIA MUNICIPAL DE INFRAESTRUTURA - SEINF"]
[null,"COORDENADORIA DE ELABORAÇÃO DE PROJETOS - CÉLULA DE ORÇAMENTO"]
[null,"Av. Dep. Paulino Rocha, 1343 - Cajazeiras     FORTALEZA-CE     CEP:60864-311     FONE: (85) 3105-1113"]
[null,"Email: seinf.edificacoes@fortaleza.ce.gov.br"]
[]
[null,null,"TABELA OFICIAL DO MUNICÍPIO"]
[{"$nulls":4},"Encargos Sociais: 83,84%"]
[null,null,"Relatório de Composições Sintético - COM DESONERAÇÃO"]
[null,"Mês de Coleta: 01/2014",null,null,"BDI: 0%"]
["Composição",null,"Descrição","Unidade","Preço","Composição"]
["0150030053",null,"0053 TUBO AÇO GALVANIZADO COM OU S/ COSTURA D=65MM (2 1/2\")","M",79.77,"0150030053"]
["0150030054",null,"0054 TUBO AÇO GALVANIZADO COM OU S/ COSTURA D=80MM (3\")","M",82.13,"0150030054"]
["0150030055",null,"0055 TUBOS EM AÇO GALVANIZADO COM COSTURA ZINCADO-CLASSE MÉDIA","M",41.68,"0150030055"]
[null,null,"CONFORME ABNT EB-182 (NBR 5580) E DIN 2440"]
[null,null,"¢2.1/2\",  COM"]
["0150030056",null,"0056 TUBOS EM AÇO PRETO, ASTM-A-53 OU A-106,  S/C SCH 40","M",203.53,"0150030056"]
[null,null,"ISOLAMENTO DE ESPUMA ELASTOMÉRICA"]
[null,null,"004     SubGrupo:      TUBOS E CONEXÕES DE PVC"]
["0150040001","0001","ADAPTADOR CURTO 2 1/2x1 1/2\"","UN",26.37,"0150040001"]
["0150040002","0002","ADAPTADOR P/ POLIETILENO 20X3/4\"","UN",3.15,"0150040002"]
["0150040003","0003","ADAPTADOR P/ SAÍDA DE VASO SANITÁRIO","UN",22.59,"0150040003"]
["0150040004","0004","ADAPTADOR P/ VÁLVULA DE PIA E LAVATÓRIO D=40MMX1\"","UN",4.39,"0150040004"]
["0150040005","0005","ADAPTADOR PARA MANGUEIRA 3/4\"","UN",7.16,"0150040005"]
["0150040006","0006","ADAPTADOR PARA VÁLVULA DE LAVATÓRIO","UN",3.69,"0150040006"]
["0150040007","0007","ADAPTADOR PVC SOLDÁVEL CURTO COM BOLSA E ROSCA D=1/2\"","UN",2.42,"0150040007"]
["0150040008","0008","ADAPTADOR PVC SOLDÁVEL CURTO COM BOLSA E ROSCA D=25MM X 3/4\"","UN",2.47,"0150040008"]
["0150040009","0009","ADAPTADOR PVC SOLDÁVEL CURTO COM BOLSA E ROSCA D=32MM X 1\"","UN",3,"0150040009"]
["0150040010","0010","ADAPTADOR PVC SOLDÁVEL CURTO COM BOLSA E ROSCA D=40MM X 1 1/4\"","UN",4.79,"0150040010"]
["0150040011","0011","ADAPTADOR PVC SOLDÁVEL CURTO COM BOLSA E ROSCA D=50MM X 1 1/2\"","UN",5.11,"0150040011"]
["0150040012","0012","ADAPTADOR PVC SOLDÁVEL CURTO COM BOLSA E ROSCA D=85MM X 3\"","UN",23.63,"0150040012"]
["0150040013","0013","ADAPTADOR PVC SOLDÁVEL FLANGES LIVRES P/ CAIXA D\"AGUA 110MM (4\")","UN",238.3,"0150040013"]
["0150040014","0014","ADAPTADOR PVC SOLDÁVEL FLANGES LIVRES P/ CAIXA D\"AGUA 20MM (1/2\")","UN",10.57,"0150040014"]
["0150040015","0015","ADAPTADOR PVC SOLDÁVEL FLANGES LIVRES P/ CAIXA D\"AGUA 25MM (3/4\")","UN",12.11,"0150040015"]
["0150040016","0016","ADAPTADOR PVC SOLDÁVEL FLANGES LIVRES P/ CAIXA D\"AGUA 32MM (1\")","UN",14.34,"0150040016"]
["0150040017","0017","ADAPTADOR PVC SOLDÁVEL FLANGES LIVRES P/ CAIXA D\"AGUA 40MM (1","UN",21.15,"0150040017"]
[null,"1/4\")"]
["0150040018","0018","ADAPTADOR PVC SOLDÁVEL FLANGES LIVRES P/ CAIXA D\"AGUA 50MM (1","UN",24.47,"0150040018"]
[null,"1/2\")"]
["0150040019","0019","ADAPTADOR PVC SOLDÁVEL FLANGES LIVRES P/ CAIXA D\"AGUA 60MM (2\")","UN",34.97,"0150040019"]
["0150040020","0020","ADAPTADOR PVC SOLDÁVEL FLANGES LIVRES P/ CAIXA D\"AGUA 75MM (2","UN",124.79,"0150040020"]
[null,"1/2\")"]
["0150040021","0021","ADAPTADOR PVC SOLDÁVEL FLANGES LIVRES P/ CAIXA D\"AGUA 85MM (3\")","UN",167.19,"0150040021"]
["0150040022","0022","ADAPTADOR PVC SOLDÁVEL P/ REGISTRO D=1/2\"","UN",12.82,"0150040022"]
["0150040023","0023","ADAPTADOR PVC SOLDÁVEL P/ REGISTRO D=110MM X 4\"","UN",29.09,"0150040023"]
["0150040024","0024","ADAPTADOR PVC SOLDÁVEL P/ REGISTRO D=25MM (3/4\")","UN",2.1,"0150040024"]
["0150040025","0025","ADAPTADOR PVC SOLDÁVEL P/ REGISTRO D=32MM X 1\"","UN",2.8,"0150040025"]
["0150040026","0026","ADAPTADOR PVC SOLDÁVEL P/ REGISTRO D=40MM X 1 1/4\"","UN",5.01,"0150040026"]
["0150040028","0028","ADAPTADOR PVC SOLDÁVEL P/ REGISTRO D=50MM X 1 1/2\"","UN",5.37,"0150040028"]
["0150040029","0029","ADAPTADOR PVC SOLDÁVEL P/ REGISTRO D=60MM X 2\"","UN",10.13,"0150040029"]
["0150040030","0030","ADAPTADOR PVC SOLDÁVEL P/ REGISTRO D=75MM X 2 1/2\"","UN",17.6,"0150040030"]
["0150040031","0031","ADAPTADOR PVC SOLDÁVEL P/ REGISTRO D=85MM X 3\"","UN",24.83,"0150040031"]
["0150040032","0032","ADAPTADOR TRAVA PARA TUBO DRENO D=100MM","UN",89.94,"0150040032"]
["0150040033","0033","ANEL DE BORRACHA - 100MM","UN",7.53,"0150040033"]
["0150040034","0034","ANEL DE BORRACHA - 150MM","UN",10.23,"0150040034"]
[]
[null,"Página 45 de 120"]
[]
[]
[]
[]
[]
[null,"SECRETARIA MUNICIPAL DE INFRAESTRUTURA - SEINF"]
[null,"COORDENADORIA DE ELABORAÇÃO DE PROJETOS - CÉLULA DE ORÇAMENTO"]
[null,"Av. Dep. Paulino Rocha, 1343 - Cajazeiras     FORTALEZA-CE     CEP:60864-311     FONE: (85) 3105-1113"]
[null,"Email: seinf.edificacoes@fortaleza.ce.gov.br"]
[]
[null,null,"TABELA OFICIAL DO MUNICÍPIO"]
[{"$nulls":4},"Encargos Sociais: 83,84%"]
[null,null,"Relatório de Composições Sintético - COM DESONERAÇÃO"]
[null,"Mês de Coleta: 01/2014",null,null,"BDI: 0%"]
["Composição",null,"Descrição","Unidade","Preço","Composição"]
["0150040035","0035","ANEL DE BORRACHA - 50MM","UN",4.54,"0150040035"]
["0150040036","0036","BUCHA DE REDUÇÃO DE PVC ROSCÁVEL D= 3\"X 2.1/2\" (85X75MM)","UN",32.2,"0150040036"]
["0150040037","0037","BUCHA DE REDUÇÃO DE PVC ROSCÁVEL D= 1 1/2\"X1 1/4\" (50X40MM)","UN",6.2,"0150040037"]
["0150040038","0038","BUCHA DE REDUÇÃO DE PVC ROSCÁVEL D= 1 1/2\"X1\" (50X32MM)","UN",6.11,"0150040038"]
["0150040039","0039","BUCHA DE REDUÇÃO DE PVC ROSCÁVEL D= 3\"X1 1/2\" (85X50MM)","UN",22.06,"0150040039"]
["0150040040","0040","BUCHA DE REDUÇÃO DE PVC ROSCÁVEL D= 4\"X3\" (110X85MM)","UN",72.52,"0150040040"]
["0150040041","0041","BUCHA DE REDUÇÃO DE PVC ROSCÁVEL D= 1 1/4\"X3/4\" (40MMX25MM)","UN",6.64,"0150040041"]
["0150040042","0042","BUCHA DE REDUÇÃO PVC ESGOTO  100 X 50MM","UN",10.5,"0150040042"]
["0150040043","0043","BUCHA DE REDUÇÃO PVC ESGOTO  100 X 75MM","UN",5.39,"0150040043"]
["0150040044","0044","BUCHA DE REDUÇÃO PVC ESGOTO  25 X 20MM","UN",0.44,"0150040044"]
["0150040045","0045","BUCHA DE REDUÇÃO PVC ESGOTO  32 X 25MM","UN",0.69,"0150040045"]
["0150040046","0046","BUCHA DE REDUÇÃO PVC ESGOTO  40 X 25MM","UN",1.92,"0150040046"]
["0150040047","0047","BUCHA DE REDUÇÃO PVC ESGOTO  40 X 32MM","UN",1.65,"0150040047"]
["0150040048","0048","BUCHA DE REDUÇÃO PVC ESGOTO  50 X 20MM","UN",2,"0150040048"]
["0150040049","0049","BUCHA DE REDUÇÃO PVC ESGOTO  50 X 25MM","UN",2.05,"0150040049"]
["0150040050","0050","BUCHA DE REDUÇÃO PVC ESGOTO  50 X 40MM","UN",1.92,"0150040050"]
["0150040051","0051","BUCHA DE REDUÇÃO PVC ESGOTO  60 X 25MM","UN",4.44,"0150040051"]
["0150040052","0052","BUCHA DE REDUÇÃO PVC ESGOTO  60 X 50MM","UN",3.05,"0150040052"]
["0150040053","0053","BUCHA DE REDUÇÃO PVC ESGOTO  75 X 50MM","UN",8.51,"0150040053"]
["0150040054","0054","BUCHA DE REDUÇÃO PVC ESGOTO  75 X 60MM","UN",8.17,"0150040054"]
["0150040055","0055","BUCHA DE REDUÇÃO PVC ESGOTO  85 X 60MM","UN",9.3,"0150040055"]
["0150040056","0056","BUCHA DE REDUÇÃO PVC ESGOTO  85 X 75MM","UN",14.36,"0150040056"]
["0150040057","0057","BUCHA DE REDUÇÃO PVC SOLDÁVEL D = 25 X 20MM","UN",0.44,"0150040057"]
["0150040058","0058","BUCHA DE REDUÇÃO PVC SOLDÁVEL D = 32 X 20MM","UN",2.82,"0150040058"]
["0150040059","0059","BUCHA DE REDUÇÃO PVC SOLDÁVEL D = 32 X 25MM","UN",2.58,"0150040059"]
["0150040060","0060","BUCHA DE REDUÇÃO PVC SOLDÁVEL D = 40 X 25MM","UN",4.11,"0150040060"]
["0150040061","0061","BUCHA DE REDUÇÃO PVC SOLDÁVEL D = 40 X 32MM","UN",7.18,"0150040061"]
["0150040063","0063","BUCHA DE REDUÇÃO PVC SOLDÁVEL D = 50 X 32MM","UN",6.68,"0150040063"]
["0150040064","0064","BUCHA DE REDUÇÃO PVC SOLDÁVEL D = 50 X 40MM","UN",2.55,"0150040064"]
["0150040065","0065","BUCHA DE REDUÇÃO PVC SOLDÁVEL D = 60 X 25MM","UN",7.86,"0150040065"]
["0150040066","0066","BUCHA DE REDUÇÃO PVC SOLDÁVEL D = 60 X 40MM","UN",9.8,"0150040066"]
["0150040067","0067","BUCHA DE REDUÇÃO PVC SOLDÁVEL D = 60 X 50MM","UN",12.17,"0150040067"]
["0150040068","0068","BUCHA DE REDUÇÃO PVC SOLDÁVEL D = 75 X 60MM","UN",7.67,"0150040068"]
["0150040069","0069","BUCHA DE REDUÇÃO PVC ROSCÁVEL D= 1\"X3/4\"(32X25MM)","UN",3.14,"0150040069"]
["0150040070","0070","CAP (TAMPÃO) OU PLUG (BUJÃO) PVC P/ ESGOTO D=100MM COM ANEL","UN",13.07,"0150040070"]
["0150040071","0071","CAP (TAMPÃO) OU PLUG (BUJÃO) PVC P/ ESGOTO D=100MM SOLDÁVEL","UN",11.14,"0150040071"]
["0150040072","0072","CAP (TAMPÃO) OU PLUG (BUJÃO) PVC P/ ESGOTO D=50MM COM ANEL","UN",5.35,"0150040072"]
["0150040073","0073","CAP (TAMPÃO) OU PLUG (BUJÃO) PVC P/ ESGOTO D=50MM SOLDÁVEL","UN",4.13,"0150040073"]
["0150040074","0074","CAP (TAMPÃO) OU PLUG (BUJÃO) PVC P/ ESGOTO D=75MM COM ANEL","UN",9.16,"0150040074"]
["0150040075","0075","CAP (TAMPÃO) OU PLUG (BUJÃO) PVC P/ ESGOTO D=75MM SOLDÁVEL","UN",8.34,"0150040075"]
["0150040076","0076","CAP PVC SOLDÁVEL MARROM D=110MM (4\")","UN",58.11,"0150040076"]
["0150040077","0077","CAP PVC SOLDÁVEL MARROM D=20MM (1/2\")","UN",1.73,"0150040077"]
["0150040078","0078","CAP PVC SOLDÁVEL MARROM D=25MM (3/4\")","UN",1.91,"0150040078"]
["0150040079","0079","CAP PVC SOLDÁVEL MARROM D=32MM (1\")","UN",2.41,"0150040079"]
["0150040080","0080","CAP PVC SOLDÁVEL MARROM D=40MM (1 1/4\")","UN",4.19,"0150040080"]
["0150040081","0081","CAP PVC SOLDÁVEL MARROM D=50MM (1 1/2\")","UN",5.94,"0150040081"]
["0150040082","0082","CAP PVC SOLDÁVEL MARROM D=60MM (2\")","UN",8.15,"0150040082"]
["0150040083","0083","CAP PVC SOLDÁVEL MARROM D=75MM (2 1/2\")","UN",16.16,"0150040083"]
[]
[null,"Página 46 de 120"]
[]
[]
[]
[]
[]
[null,"SECRETARIA MUNICIPAL DE INFRAESTRUTURA - SEINF"]
[null,"COORDENADORIA DE ELABORAÇÃO DE PROJETOS - CÉLULA DE ORÇAMENTO"]
[null,"Av. Dep. Paulino Rocha, 1343 - Cajazeiras     FORTALEZA-CE     CEP:60864-311     FONE: (85) 3105-1113"]
[null,"Email: seinf.edificacoes@fortaleza.ce.gov.br"]
[]
[null,null,"TABELA OFICIAL DO MUNICÍPIO"]
[{"$nulls":4},"Encargos Sociais: 83,84%"]
[null,null,"Relatório de Composições Sintético - COM DESONERAÇÃO"]
[null,null,"Mês de Coleta: 01/2014",null,"BDI: 0%"]
["Composição",null,"Descrição","Unidade","Preço","Composição"]
["0150040084","0084","CAP PVC SOLDÁVEL MARROM D=85MM (3\")","UN",34.77,"0150040084"]
["0150040085","0085","CAPS PVC - 110MM","UN",53.28,"0150040085"]
["0150040086","0086","CAPS PVC - 60MM","UN",7.58,"0150040086"]
["0150040087","0087","CAPS PVC - 75MM","UN",14.65,"0150040087"]
["0150040088","0088","COLAR TOMADA PVC COM TRAVAS SAIDA ROSC. DN 100 X 3/4\"","UN",13.66,"0150040088"]
["0150040089","0089","COLAR TOMADA PVC COM TRAVAS SAIDA ROSC. DN 50 X 3/4\"","UN",7.52,"0150040089"]
["0150040090","0090","COLAR TOMADA PVC COM TRAVAS SAIDA ROSC. DN 75 X 3/4\"","UN",10.67,"0150040090"]
["0150040091","0091","COTOVELO 45 PVC SOLD. MARROM D=85MM (3\")","UN",42.75,"0150040091"]
["0150040092","0092","COTOVELO 90° 2 1/2\" DE PVC RÍGIDO","UN",28.22,"0150040092"]
["0150040093","0093","COTOVELO 90º 3\" DE PVC RÍGIDO","UN",36.71,"0150040093"]
["0150040094","0094","COTOVELO PVC SOLDÁVEL MARROM D=110MM (4\")","UN",135.26,"0150040094"]
["0150040095","0095","COTOVELO PVC SOLDÁVEL MARROM D=50MM (1 1/2\")","UN",8.56,"0150040095"]
["0150040096","0096","COTOVELO PVC SOLDÁVEL MARROM D=60MM (2\")","UN",20.82,"0150040096"]
["0150040097","0097","COTOVELO PVC SOLDÁVEL MARROM D=75MM (2 1/2\")","UN",56.56,"0150040097"]
["0150040098","0098","COTOVELO PVC SOLDÁVEL MARROM D=85MM (3\")","UN",66.51,"0150040098"]
["0150040099","0099","CRUZETA PVC SOLDÁVEL MARROM D=110MM (4\")","UN",94.24,"0150040099"]
["0150040100","0100","CRUZETA PVC SOLDÁVEL MARROM D=20MM (1/2\")","UN",8,"0150040100"]
["0150040101","0101","CRUZETA PVC SOLDÁVEL MARROM D=25MM (3/4\")","UN",9.67,"0150040101"]
["0150040102","0102","CRUZETA PVC SOLDÁVEL MARROM D=32MM (1\")","UN",10.43,"0150040102"]
["0150040103","0103","CRUZETA PVC SOLDÁVEL MARROM D=40MM (1 1/4\")","UN",14.68,"0150040103"]
["0150040104","0104","CRUZETA PVC SOLDÁVEL MARROM D=50MM (1 1/2\")","UN",23.03,"0150040104"]
["0150040105","0105","CRUZETA PVC SOLDÁVEL MARROM D=60MM (2\")","UN",24.43,"0150040105"]
["0150040106","0106","CRUZETA PVC SOLDÁVEL MARROM D=75MM (2 1/2\")","UN",36.48,"0150040106"]
["0150040107","0107","CRUZETA PVC SOLDÁVEL MARROM D=85MM (3\")","UN",48.36,"0150040107"]
["0150040108","0108","CURVA 90 PVC BRANCO P/ ESGOTO D=100MM (4\")","UN",35.12,"0150040108"]
["0150040109","0109","CURVA 90 PVC BRANCO P/ ESGOTO D=50MM (2\")","UN",9.03,"0150040109"]
["0150040110","0110","JOELHO 45 PVC ESGOTO D=100MM","UN",15.49,"0150040110"]
["0150040111","0111","JOELHO 45 PVC ESGOTO D=40MM","UN",8.36,"0150040111"]
["0150040112","0112","JOELHO 45 PVC ESGOTO D=50MM","UN",8.58,"0150040112"]
["0150040113","0113","JOELHO 45 PVC SOLDÁVEL MARROM D=25MM","UN",3.35,"0150040113"]
["0150040114","0114","JOELHO 45 PVC SOLDÁVEL MARROM D=32MM","UN",4.33,"0150040114"]
["0150040115","0115","JOELHO COM VISITA PVC P/ ESGOTO D=100X50MM - JUNTA COM ANEIS","UN",28.45,"0150040115"]
["0150040116","0116","JOELHO COM VISITA PVC P/ ESGOTO D=100X50MM - JUNTA SOLDADA","UN",23.37,"0150040116"]
["0150040117","0117","JOELHO COM VISITA PVC P/ ESGOTO D=100X75MM - JUNTA SOLDADA","UN",29.02,"0150040117"]
["0150040118","0118","JOELHO COM VISITA PVC P/ ESGOTO D=75X50MM - JUNTA COM ANEIS","UN",21.6,"0150040118"]
["0150040119","0119","JOELHO COM VISITA PVC P/ ESGOTO D=75X50MM - JUNTA SOLDADA","UN",18.74,"0150040119"]
["0150040120","0120","JOELHO PVC 45° MARROM- 20MM","UN",3.94,"0150040120"]
["0150040121","0121","JOELHO PVC 45° MARROM- 25MM","UN",4.29,"0150040121"]
["0150040122","0122","JOELHO PVC 45° MARROM- 32MM","UN",4.17,"0150040122"]
["0150040123","0123","JOELHO PVC 45° MARROM- 40MM","UN",7.48,"0150040123"]
["0150040124","0124","JOELHO PVC 45º - 150MM - ESGOTO","UN",42.68,"0150040124"]
["0150040125","0125","JOELHO 45 PVC ESGOTO D=75MM","UN",12.66,"0150040125"]
["0150040126","0126","JOELHO PVC 90º MARROM- 150MM","UN",33.55,"0150040126"]
["0150040127","0127","JOELHO PVC 90º - 40MM - ESGOTO","UN",5.79,"0150040127"]
["0150040128","0128","JOELHO PVC BRANCO PARA ESGOTO D=100MM (4\")","UN",16.94,"0150040128"]
["0150040129","0129","JOELHO PVC BRANCO PARA ESGOTO D=100MM (4\") - JUNTA COM ANEIS","UN",24.65,"0150040129"]
["0150040130","0130","JOELHO PVC BRANCO PARA ESGOTO D=40MM (1 1/2\")","UN",6.24,"0150040130"]
["0150040131","0131","JOELHO PVC BRANCO PARA ESGOTO D=50MM (2\")","UN",7.45,"0150040131"]
[]
[null,"Página 47 de 120"]
[]
[]
[]
[]
[]
[null,"SECRETARIA MUNICIPAL DE INFRAESTRUTURA - SEINF"]
[null,"COORDENADORIA DE ELABORAÇÃO DE PROJETOS - CÉLULA DE ORÇAMENTO"]
[null,"Av. Dep. Paulino Rocha, 1343 - Cajazeiras     FORTALEZA-CE     CEP:60864-311     FONE: (85) 3105-1113"]
[null,"Email: seinf.edificacoes@fortaleza.ce.gov.br"]
[]
[null,null,"TABELA OFICIAL DO MUNICÍPIO"]
[{"$nulls":4},"Encargos Sociais: 83,84%"]
[null,null,"Relatório de Composições Sintético - COM DESONERAÇÃO"]
[null,"Mês de Coleta: 01/2014",null,null,"BDI: 0%"]
["Composição",null,"Descrição","Unidade","Preço","Composição"]
["0150040132","0132","JOELHO PVC BRANCO PARA ESGOTO D=50MM (2\") - JUNTA COM ANEIS","UN",11.6,"0150040132"]
["0150040133","0133","JOELHO PVC BRANCO PARA ESGOTO D=75MM (3\")","UN",12.98,"0150040133"]
["0150040134","0134","JOELHO PVC BRANCO PARA ESGOTO D=75MM (3\") - JUNTA COM ANEIS","UN",18.02,"0150040134"]
["0150040135","0135","JOELHO PVC CINZA PARA ESGOTO D=150MM (6\") - JUNTA COM ANEIS","UN",135.2,"0150040135"]
["0150040136","0136","JOELHO PVC CINZA PARA ESGOTO D=150MM (6\") - JUNTA SOLDADA","UN",84.38,"0150040136"]
["0150040137","0137","JOELHO PVC SOLDÁVEL AZUL COM ROSCA METÁLICA D=20MMX1/2\"","UN",6.72,"0150040137"]
["0150040138","0138","JOELHO PVC SOLDÁVEL AZUL COM ROSCA METÁLICA D=25MMX3/4\"","UN",8.28,"0150040138"]
["0150040139","0139","JOELHO PVC SOLDÁVEL MARROM D=110MM","UN",136.02,"0150040139"]
["0150040140","0140","JOELHO PVC SOLDÁVEL MARROM D=20MM","UN",3.35,"0150040140"]
["0150040141","0141","JOELHO PVC SOLDÁVEL MARROM D=25MM","UN",3.42,"0150040141"]
["0150040142","0142","JOELHO PVC SOLDÁVEL MARROM D=32MM","UN",4.08,"0150040142"]
["0150040143","0143","JOELHO PVC SOLDÁVEL MARROM D=40MM","UN",6.28,"0150040143"]
["0150040144","0144","JOELHO PVC SOLDÁVEL MARROM D=50MM","UN",6.87,"0150040144"]
["0150040145","0145","JOELHO PVC SOLDÁVEL MARROM D=60MM","UN",17.21,"0150040145"]
["0150040146","0146","JOELHO PVC SOLDÁVEL MARROM D=75MM","UN",44.59,"0150040146"]
["0150040147","0147","JOELHO PVC SOLDÁVEL MARROM D=85MM","UN",50.15,"0150040147"]
["0150040148","0148","JOELHO REDUÇÃO PVC SOLDÁVEL AZUL COM ROSCA METÁLICA","UN",6.99,"0150040148"]
[null,"D=25MMX1/2\""]
["0150040149","0149","JOELHO REDUÇÃO PVC SOLDÁVEL AZUL COM ROSCA METÁLICA","UN",11.52,"0150040149"]
[null,"D=32MMX3/4\""]
["0150040150","0150","JOELHO REDUÇÃO PVC SOLDÁVEL D=32 X 25MM","UN",5.34,"0150040150"]
["0150040151","0151","JOELHO SOLDÁVEL COM REFORÇO E BUCHA DE LATÃO - 25MMX1/2\"","UN",7.21,"0150040151"]
["0150040152","0152","JOELHO SOLDÁVEL COM REFORÇO E BUCHA DE LATÃO - 25MMX3/4\"","UN",7.73,"0150040152"]
["0150040153","0153","JUNÇÃO DUPLA PVC BRANCO D=100MM (4\") - JUNTAS SOLDADAS","UN",37.38,"0150040153"]
["0150040154","0154","JUNÇÃO DUPLA PVC BRANCO P/ ESGOTO D=75MM (3\") - JUNTAS SOLDADAS","UN",23.88,"0150040154"]
["0150040155","0155","JUNÇÃO DUPLA PVC P/ ESGOTO D=100MM (4\") - JUNTAS COM ANEIS","UN",45.1,"0150040155"]
["0150040156","0156","JUNÇÃO DUPLA PVC P/ ESGOTO D=75MM (3\") - JUNTAS COM ANEIS","UN",27.17,"0150040156"]
["0150040157","0157","JUNÇÃO SIMPLES 100MMx100MM","UN",25.45,"0150040157"]
["0150040158","0158","JUNÇÃO SIMPLES DE REDUÇÃO PVC P/ ESGOTO 100MMx75MM","UN",29.94,"0150040158"]
["0150040159","0159","JUNÇÃO SIMPLES 40MMx40MM","UN",13.46,"0150040159"]
["0150040160","0160","JUNÇÃO SIMPLES DE REDUÇÃO PVC P/ ESGOTO D=150X100 MM (6X4\") -","UN",79.71,"0150040160"]
[null,"JUNTAS COM ANEIS"]
["0150040161","0161","JUNÇÃO SIMPLES PVC BRANCO P/ ESGOTO COM REDUÇÃO D=100X75MM","UN",29.94,"0150040161"]
[null,"(4X3\")"]
["0150040162","0162","JUNÇÃO SIMPLES PVC BRANCO P/ ESGOTO COM REDUÇÃO D=150X100MM","UN",61.64,"0150040162"]
[null,"(6X4\")"]
["0150040163","0163","JUNÇÃO SIMPLES PVC COM INSPEÇÃO D=100MM (4\") P/ ESGOTO - JUNTAS","UN",26.89,"0150040163"]
[null,"SOLDADAS"]
["0150040164","0164","JUNÇÃO SIMPLES PVC COM INSPEÇÃO P/ ESGOTO D=100MM (4\") - JUNTAS","UN",31,"0150040164"]
[null,"COM ANEIS"]
["0150040165","0165","JUNÇÃO SIMPLES PVC COM INSPEÇÃO P/ ESGOTO D=75MM (3\")","UN",19.53,"0150040165"]
["0150040166","0166","JUNÇÃO SIMPLES PVC COM INSPEÇÃO P/ ESGOTO D=75MM (3\") - JUNTAS","UN",21.34,"0150040166"]
[null,"COM ANEIS"]
["0150040167","0167","JUNÇÃO SIMPLES PVC P/ ESGOTO D=100X100MM","UN",29.42,"0150040167"]
["0150040168","0168","JUNÇÃO SIMPLES PVC P/ ESGOTO D=100X50MM","UN",22.12,"0150040168"]
["0150040169","0169","JUNÇÃO SIMPLES PVC BRANCO SOLDÁVEL D=50X50MM","UN",14.76,"0150040169"]
["0150040170","0170","JUNÇÃO SIMPLES REDUÇÃO PVC P/ ESGOTO D=100X50MM (4X2\") - JUNTAS","UN",27.52,"0150040170"]
[null,"COM ANEIS"]
["0150040171","0171","JUNÇÃO SIMPLES REDUÇÃO PVC P/ ESGOTO D=100X75MM (4X3\") - JUNTAS","UN",34.96,"0150040171"]
[null,"COM ANEIS"]
[]
[null,"Página 48 de 120"]
[]
[]
[]
[]
[]
[null,"SECRETARIA MUNICIPAL DE INFRAESTRUTURA - SEINF"]
[null,"COORDENADORIA DE ELABORAÇÃO DE PROJETOS - CÉLULA DE ORÇAMENTO"]
[null,"Av. Dep. Paulino Rocha, 1343 - Cajazeiras     FORTALEZA-CE     CEP:60864-311     FONE: (85) 3105-1113"]
[null,"Email: seinf.edificacoes@fortaleza.ce.gov.br"]
[]
[null,null,"TABELA OFICIAL DO MUNICÍPIO"]
[{"$nulls":4},"Encargos Sociais: 83,84%"]
[null,null,"Relatório de Composições Sintético - COM DESONERAÇÃO"]
[null,"Mês de Coleta: 01/2014",null,null,"BDI: 0%"]
["Composição",null,"Descrição","Unidade","Preço","Composição"]
["0150040172","0172","JUNÇÃO SIMPLES REDUÇÃO PVC P/ ESGOTO D=75X50MM (3X2\")","UN",19.06,"0150040172"]
["0150040173","0173","JUNÇÃO SIMPLES REDUÇÃO PVC P/ ESGOTO D=75X50MM (3X2\") - JUNTAS","UN",22.32,"0150040173"]
[null,"COM ANEIS"]
["0150040174","0174","KIT CAVALETE PVC 3/4 -P 003 (CONEXÕES COM REFORÇO BLIN)","UN",55.02,"0150040174"]
["0150040175","0175","KIT CAVALETE PVC 3/4 -P 005 (CONEXÕES COM REFORÇO BLIN)","UN",57.08,"0150040175"]
["0150040176","0176","LUVA DE REDUÇÃO ESGOTO PVC 50 X 40MM","UN",4.63,"0150040176"]
["0150040177","0177","LUVA DUPLA PVC PARA ESGOTO 100MM JUNTAS SOLDADAS","UN",16.72,"0150040177"]
["0150040178","0178","LUVA PVC SOLDÁVEL/ROSCA AZUL COM BUCHA DE LATÃO D=20MMX1/2\"","UN",5.91,"0150040178"]
["0150040179","0179","LUVA PVC SOLDÁVEL/ROSCA AZUL COM BUCHA DE LATÃO D=25MMX3/4\"","UN",5.94,"0150040179"]
["0150040180","0180","LUVA PVC SOLDÁVEL/ROSCA D=25MMX3/4\"","UN",3.69,"0150040180"]
["0150040181","0181","LUVA PVC SOLDÁVEL/ROSCA D=32MMX1\"","UN",6.08,"0150040181"]
["0150040182","0182","LUVA PVC SOLDÁVEL/ROSCA MARROM D=20MMX1/2\"","UN",3.56,"0150040182"]
["0150040183","0183","LUVA PVC SOLDÁVEL/ROSCA MARROM D=40MMX1 1/4\"","UN",12.31,"0150040183"]
["0150040184","0184","LUVA PVC SOLDÁVEL/ROSCA MARROM D=50MMX1 1/2\"","UN",20.22,"0150040184"]
["0150040185","0185","LUVA REDUÇÃO PVC SOLDÁVEL MARROM D=110X75MM (4\"X2 1/2\")","UN",41.18,"0150040185"]
["0150040186","0186","LUVA REDUÇÃO PVC SOLDÁVEL MARROM D=110X85MM (4\"X3\")","UN",40.81,"0150040186"]
["0150040187","0187","LUVA REDUÇÃO PVC SOLDÁVEL MARROM D=25X20MM (3/4\"X1/2\")","UN",2.75,"0150040187"]
["0150040188","0188","LUVA REDUÇÃO PVC SOLDÁVEL MARROM D=32X25MM (1\"X3/4\")","UN",4.21,"0150040188"]
["0150040189","0189","LUVA REDUÇÃO PVC SOLDÁVEL MARROM D=40X32MM (1 1/4X1\")","UN",7.59,"0150040189"]
["0150040190","0190","LUVA REDUÇÃO PVC SOLDÁVEL MARROM D=75X60MM ( 2 1/2\"X2\")","UN",17.19,"0150040190"]
["0150040191","0191","LUVA REDUÇÃO PVC SOLDÁVEL MARROM D=85X60MM (3\"X2\")","UN",23.16,"0150040191"]
["0150040192","0192","LUVA REDUÇÃO PVC SOLDÁVEL MARROM D=85X75MM (3X2 1/2\")","UN",28.98,"0150040192"]
["0150040193","0193","LUVA REDUÇÃO PVC SOLDÁVEL/ROSCA MARROM D=25MMX1/2\"","UN",4.09,"0150040193"]
["0150040194","0194","LUVA SIMPLES ESGOTO PVC 100MM","UN",11.91,"0150040194"]
["0150040195","0195","LUVA SIMPLES ESGOTO PVC 150MM","UN",33.67,"0150040195"]
["0150040196","0196","LUVA SIMPLES ESGOTO PVC 50MM","UN",9.11,"0150040196"]
["0150040197","0197","LUVA SIMPLES ESGOTO PVC 75MM","UN",9.3,"0150040197"]
["0150040198","0198","LUVA SOLDÁVEL COM REFORÇO E BUCHA DE LATÃO 25MMx1/2\"","UN",6.12,"0150040198"]
["0150040199","0199","LUVA UNIÃO PVC SOLDÁVEL MARROM D=20MM","UN",2.2,"0150040199"]
["0150040200","0200","LUVA UNIÃO PVC SOLDÁVEL MARROM D=25MM","UN",2.36,"0150040200"]
["0150040201","0201","LUVA UNIÃO PVC SOLDÁVEL MARROM D=32MM","UN",3.24,"0150040201"]
["0150040202","0202","LUVA UNIÃO PVC SOLDÁVEL MARROM D=40MM","UN",5.7,"0150040202"]
["0150040203","0203","LUVA UNIAO PVC SOLDÁVEL MARROM D=50MM","UN",6.66,"0150040203"]
["0150040204","0204","LUVA UNIAO PVC SOLDÁVEL MARROM D=60MM","UN",12.78,"0150040204"]
["0150040205","0205","LUVA UNIÃO PVC SOLDÁVEL MARROM D=75MM","UN",19.38,"0150040205"]
["0150040206","0206","LUVA UNIÃO PVC SOLDÁVEL MARROM D=85MM","UN",37.86,"0150040206"]
["0150040211","0211","PLUG PVC ROSCÁVEL 1/2\"","UN",0.78,"0150040211"]
["0150040212","0212","REDUÇÃO EXCENTRICA 50X40MM","UN",4.77,"0150040212"]
["0150040213","0213","TAMPÃO COMPLETO P/ TIL DN 150","UN",49.74,"0150040213"]
["0150040214","0214","TE 90 OCRE BBB JE DN 150","UN",109.31,"0150040214"]
["0150040215","0215","TE PVC BRANCO COM INSPEÇÃO P/ ESGOTO D=100MM (4\")","UN",32.35,"0150040215"]
["0150040216","0216","TE PVC BRANCO COM INSPEÇÃO P/ ESGOTO D=100MM (4\") - JUNTAS COM","UN",36.2,"0150040216"]
[null,"ANEIS"]
["0150040217","0217","TE PVC BRANCO COM INSPEÇÃO P/ ESGOTO D=150MM (6\")","UN",145.04,"0150040217"]
["0150040218","0218","TE PVC BRANCO COM INSPEÇÃO P/ ESGOTO D=75MM (3\")","UN",27.55,"0150040218"]
["0150040219","0219","TE PVC BRANCO COM INSPEÇÃO P/ ESGOTO D=75MM (3\") - JUNTAS COM","UN",29.19,"0150040219"]
[null,"ANEIS"]
["0150040220","0220","TE PVC BRANCO COM REDUÇÃO P/ ESGOTO D=100X50MM (4X2\")","UN",20.86,"0150040220"]
[]
[null,"Página 49 de 120"]
[]
[]
[]
[]
[]
[null,"SECRETARIA MUNICIPAL DE INFRAESTRUTURA - SEINF"]
[null,"COORDENADORIA DE ELABORAÇÃO DE PROJETOS - CÉLULA DE ORÇAMENTO"]
[null,"Av. Dep. Paulino Rocha, 1343 - Cajazeiras     FORTALEZA-CE     CEP:60864-311     FONE: (85) 3105-1113"]
[null,"Email: seinf.edificacoes@fortaleza.ce.gov.br"]
[]
[null,"TABELA OFICIAL DO MUNICÍPIO"]
[{"$nulls":4},"Encargos Sociais: 83,84%"]
[null,null,"Relatório de Composições Sintético - COM DESONERAÇÃO"]
[null,"Mês de Coleta: 01/2014",null,null,"BDI: 0%"]
["Composição",null,"Descrição","Unidade","Preço","Composição"]
["0150040221","0221","TE PVC BRANCO COM REDUÇÃO P/ ESGOTO D=100X50MM (4X2\") - JUNTAS","UN",25.94,"0150040221"]
[null,"COM ANEIS"]
["0150040222","0222","TE PVC BRANCO COM REDUÇÃO P/ ESGOTO D=100X75MM (4X3\")","UN",21.97,"0150040222"]
["0150040223","0223","TE PVC BRANCO COM REDUÇÃO P/ ESGOTO D=150X100MM (6X4\")","UN",52.91,"0150040223"]
["0150040224","0224","TE PVC BRANCO COM REDUÇÃO P/ ESGOTO D=150X100MM (6X4\") - JUNTAS","UN",70.98,"0150040224"]
[null,"COM ANEIS"]
["0150040225","0225","TE PVC BRANCO COM REDUÇÃO P/ ESGOTO D=75X50MM (3X2\")","UN",16.8,"0150040225"]
["0150040226","0226","TE PVC BRANCO COM REDUÇÃO P/ ESGOTO D=75X50MM (3X2\") - JUNTAS","UN",19.66,"0150040226"]
[null,"COM ANEIS"]
["0150040227","0227","TE PVC BRANCO P/ ESGOTO D=100MM (4\") - JUNTAS COM ANEIS","UN",38.4,"0150040227"]
["0150040228","0228","TE PVC BRANCO P/ ESGOTO D=100MM (4\") - JUNTAS SOLDADA","UN",26.82,"0150040228"]
["0150040229","0229","TE PVC BRANCO P/ ESGOTO D=100X75MM (4X3\") - JUNTAS COM ANEIS","UN",44.76,"0150040229"]
["0150040230","0230","TE PVC BRANCO P/ ESGOTO D=150MM (6\") - JUNTAS COM ANEIS","UN",95.27,"0150040230"]
["0150040231","0231","TE PVC BRANCO P/ ESGOTO D=150MM (6\") - JUNTAS SOLDADAS","UN",71.06,"0150040231"]
["0150040232","0232","TE PVC BRANCO P/ ESGOTO D=40MM (1 1/2\") - JUNTAS SOLDADAS","UN",8.63,"0150040232"]
["0150040233","0233","TE PVC BRANCO P/ ESGOTO D=50MM (2\")","UN",8.52,"0150040233"]
["0150040234","0234","TE PVC BRANCO P/ ESGOTO D=50MM (2\") - JUNTAS COM ANEIS","UN",18.6,"0150040234"]
["0150040235","0235","TE PVC BRANCO P/ ESGOTO D=50MM (2\") - JUNTAS SOLDADAS","UN",12.38,"0150040235"]
["0150040236","0236","TE PVC BRANCO P/ ESGOTO D=75MM (3\") - JUNTA COM ANÉIS","UN",27.11,"0150040236"]
["0150040237","0237","TE PVC BRANCO P/ ESGOTO D=75MM (3\") - JUNTAS SOLDADAS","UN",19.55,"0150040237"]
["0150040238","0238","TE PVC CINZA COM INSPEÇÃO P/ ESGOTO D=150MM (6\") - JUNTAS","UN",159.79,"0150040238"]
[null,"SOLDADAS"]
["0150040239","0239","TE PVC CINZA COM INSPEÇÃO P/ ESGOTO D=150MM (6\") - JUNTAS COM","UN",175.93,"0150040239"]
[null,"ANEIS"]
["0150040240","0240","TE PVC CINZA P/ ESGOTO D=150MM (6\") - JUNTAS COM ANEIS","UN",119.34,"0150040240"]
["0150040241","0241","TE PVC CINZA P/ ESGOTO D=150MM (6\") - JUNTAS SOLDADAS","UN",95.13,"0150040241"]
["0150040242","0242","TE PVC SOLDÁVEL AZUL COM ROSCA METÁLICA D=20MMX1/2\"","UN",8.99,"0150040242"]
["0150040243","0243","TE PVC SOLDÁVEL AZUL COM ROSCA METÁLICA D=25MMX3/4\"","UN",10.13,"0150040243"]
["0150040244","0244","TE PVC SOLDÁVEL MARROM D=110MM (4\")","UN",107.13,"0150040244"]
["0150040245","0245","TE PVC SOLDÁVEL MARROM D=25MM (3/4\")","UN",4.17,"0150040245"]
["0150040246","0246","TE PVC SOLDÁVEL MARROM D=32MM (1\")","UN",5.94,"0150040246"]
["0150040247","0247","TE PVC SOLDÁVEL MARROM D=50MM (1 1/2\")","UN",13.1,"0150040247"]
["0150040248","0248","TE PVC SOLDÁVEL MARROM D=60MM (2\")","UN",25.69,"0150040248"]
["0150040249","0249","TE PVC SOLDÁVEL MARROM D=75MM (2 1/2\")","UN",47.76,"0150040249"]
["0150040250","0250","TE PVC SOLDÁVEL MARROM D=85MM (3\")","UN",60.14,"0150040250"]
["0150040251","0251","TE REDUÇÃO PVC ESGOTO D=100X50MM","UN",20.86,"0150040251"]
["0150040252","0252","TE REDUÇÃO PVC SOLDÁVEL AZUL COM ROSCA METÁLICA D=25MMX1/2\"","UN",9.83,"0150040252"]
["0150040253","0253","TE REDUÇÃO PVC SOLDÁVEL AZUL COM ROSCA METÁLICA D=32MMX3/4\"","UN",14.3,"0150040253"]
["0150040254","0254","TE REDUÇÃO PVC SOLDÁVEL MARROM D=110X60MM (4X2\")","UN",81.55,"0150040254"]
["0150040255","0255","TE REDUÇÃO PVC SOLDÁVEL MARROM D=110X75MM (4X2 1/2\")","UN",91.51,"0150040255"]
["0150040256","0256","TE REDUÇÃO PVC SOLDÁVEL MARROM D=110X85MM (4X3\")","UN",104.39,"0150040256"]
["0150040257","0257","TE REDUÇÃO PVC SOLDÁVEL MARROM D=25X20MM (3/4X1/2\")","UN",6.53,"0150040257"]
["0150040258","0258","TE REDUÇÃO PVC SOLDÁVEL MARROM D=32X25MM (1X3/4\")","UN",7.27,"0150040258"]
["0150040259","0259","TE REDUÇÃO PVC SOLDÁVEL MARROM D=40X32MM (1 1/4\"X1\")","UN",10.92,"0150040259"]
["0150040260","0260","TE REDUÇÃO PVC SOLDÁVEL MARROM D=50X20MM (1 1/2\"X1/2\")","UN",13.06,"0150040260"]
["0150040261","0261","TE REDUÇÃO PVC SOLDÁVEL MARROM D=50X25MM (1 1/2\"X3/4\")","UN",13.13,"0150040261"]
["0150040262","0262","TE REDUÇÃO PVC SOLDÁVEL MARROM D=50X32MM (1 1/2X1\")","UN",14.9,"0150040262"]
["0150040263","0263","TE REDUÇÃO PVC SOLDÁVEL MARROM D=50X40MM (1 1/2X1 1/4\")","UN",14.8,"0150040263"]
["0150040264","0264","TE REDUÇÃO PVC SOLDÁVEL MARROM D=75X50MM (2 1/2X1 1/2\")","UN",37.19,"0150040264"]
[]
[null,"Página 50 de 120"]
[]
[]
[]
[]
[]
[null,"SECRETARIA MUNICIPAL DE INFRAESTRUTURA - SEINF"]
[null,"COORDENADORIA DE ELABORAÇÃO DE PROJETOS - CÉLULA DE ORÇAMENTO"]
[null,"Av. Dep. Paulino Rocha, 1343 - Cajazeiras     FORTALEZA-CE     CEP:60864-311     FONE: (85) 3105-1113"]
[null,"Email: seinf.edificacoes@fortaleza.ce.gov.br"]
[]
[null,null,"TABELA OFICIAL DO MUNICÍPIO"]
[{"$nulls":4},"Encargos Sociais: 83,84%"]
[null,null,"Relatório de Composições Sintético - COM DESONERAÇÃO"]
[null,null,"Mês de Coleta: 01/2014",null,"BDI: 0%"]
["Composição",null,"Descrição","Unidade","Preço","Composição"]
["0150040265","0265","TE REDUÇÃO PVC SOLDÁVEL MARROM D=75X60MM (2 1/2X2\")","UN",56.6,"0150040265"]
["0150040266","0266","TE REDUÇÃO PVC SOLDÁVEL MARROM D=85X60MM (3X2\")","UN",57.09,"0150040266"]
["0150040267","0267","TE REDUÇÃO PVC SOLDÁVEL MARROM D=85X75MM (3X2 1/2\")","UN",59.31,"0150040267"]
["0150040268","0268","TE REDUÇÃO PVC SOLDÁVEL/ROSCA MARROM D=25MMX1/2\"","UN",6.06,"0150040268"]
["0150040269","0269","TE SANITARIO 90º 100MMx50MM - REDUÇÃO","UN",22,"0150040269"]
["0150040270","0270","TE SANITARIO 90º 50MMx50MM","UN",12.9,"0150040270"]
["0150040271","0271","TIL DE PASSAGEM REDE OCRE BBB-JE DN 150","UN",402.3,"0150040271"]
["0150040272","0272","TUBO DE CPVC PARA ÁGUA QUENTE 22MM, INCL. CONEXÕES","M",14.16,"0150040272"]
["0150040273","0273","TUBO DE CPVC PARA ÁGUA QUENTE 28MM, INCL. CONEXÕES","M",21.92,"0150040273"]
["0150040274","0274","TUBO DE CPVC PARA ÁGUA QUENTE 35MM, INCL. CONEXÕES","M",27.99,"0150040274"]
["0150040275","0275","TUBO DE POLIETILENO PE-5 20 (NBR-8417)","M",8.3,"0150040275"]
["0150040276","0276","TUBO DE PVC RÍGIDO, SOLDÁVEL, PONTA E BOLSA 25MM","M",4.76,"0150040276"]
["0150040277","0277","TUBO DE PVC RÍGIDO, SOLDÁVEL, PONTA E BOLSA 32MM","M",8.23,"0150040277"]
["0150040278","0278","TUBO DE PVC RÍGIDO, SOLDÁVEL, PONTA E BOLSA 40MM (INCL.","M",20.88,"0150040278"]
[null,null,"CONEXÕES)"]
["0150040279","0279","TUBO DE PVC RÍGIDO, SOLDÁVEL, PONTA E BOLSA 60MM","M",17.1,"0150040279"]
["0150040280","0280","TUBO PVC BRANCO P/ ESGOTO 100MM - JUNTA COM ANEIS - INCL.","M",29.83,"0150040280"]
[null,null,"CONEXÕES"]
["0150040281","0281","TUBO PVC BRANCO P/ ESGOTO 200MM (8\") - INCL. CONEXÕES","M",62.11,"0150040281"]
["0150040282","0282","TUBO PVC BRANCO P/ ESGOTO 250MM (10\") - INCL. CONEXÕES","M",68.68,"0150040282"]
["0150040283","0283","TUBO PVC BRANCO P/ ESGOTO 40MM - JUNTA COM ANEIS - INCL.","M",11.95,"0150040283"]
[null,null,"CONEXÕES"]
["0150040284","0284","TUBO PVC BRANCO P/ ESGOTO 75MM (3\") - INCL. CONEXÕES","M",18.16,"0150040284"]
["0150040285","0285","TUBO PVC BRANCO P/ ESGOTO D=100MM (4\")","M",21.55,"0150040285"]
["0150040286","0286","TUBO PVC BRANCO P/ ESGOTO D=100MM (4\") - INCL. CONEXÕES","M",22.8,"0150040286"]
["0150040287","0287","TUBO PVC BRANCO P/ ESGOTO D=150MM (6\")","M",38.7,"0150040287"]
["0150040288","0288","TUBO PVC BRANCO P/ ESGOTO D=150MM (6\") - INCL. CONEXÕES","M",44.62,"0150040288"]
["0150040289","0289","TUBO PVC BRANCO P/ ESGOTO D=150MM (6\") - JUNTA COM ANÉIS - INCL.","M",67.42,"0150040289"]
[null,null,"CONEXÕES"]
["0150040290","0290","TUBO PVC BRANCO P/ ESGOTO D=40MM (1 1/2\")","M",7.55,"0150040290"]
["0150040291","0291","TUBO PVC BRANCO P/ ESGOTO D=40MM (1 1/2\") INCL. CONEXÕES","M",8.68,"0150040291"]
["0150040292","0292","TUBO PVC BRANCO P/ ESGOTO D=50MM (2\") - INCL. CONEXÕES","M",11.52,"0150040292"]
["0150040293","0293","TUBO PVC BRANCO P/ ESGOTO D=50MM (2\") - JUNTA COM ANEIS","M",10.7,"0150040293"]
["0150040294","0294","TUBO PVC BRANCO P/ ESGOTO D=50MM (2\")","M",9.97,"0150040294"]
["0150040295","0295","TUBO PVC BRANCO P/ ESGOTO D=75MM (3\")","M",16.83,"0150040295"]
["0150040296","0296","TUBO PVC BRANCO P/ ESGOTO D=75MM (3\") - JUNTA COM ANEIS - INCL.","M",16.42,"0150040296"]
[null,null,"CONEXÕES"]
["0150040297","0297","TUBO PVC DEFOFO JE 1MPA DN 100 (NBR 7665), INCL. CONEXÕES","M",57.34,"0150040297"]
["0150040298","0298","TUBO PVC RÍGIDO P/ ESGOTO TIPO LEVE DN 400","M",158.9,"0150040298"]
["0150040299","0299","TUBO PVC ROSCÁVEL BRANCO D=1 1/2\"(50MM) INCL. CONEXÕES","M",26.01,"0150040299"]
["0150040300","0300","TUBO PVC ROSCÁVEL BRANCO D=1 1/4\"(40MM) INCL. CONEXÕES","M",20.29,"0150040300"]
["0150040301","0301","TUBO PVC ROSCÁVEL BRANCO D=1/2\"(20MM) INCL. CONEXÕES","M",5.6,"0150040301"]
["0150040302","0302","TUBO PVC ROSCÁVEL BRANCO D=1\"(32MM) INCL. CONEXÕES","M",13.49,"0150040302"]
["0150040303","0303","TUBO PVC ROSCÁVEL BRANCO D=2 1/2\"(75MM) INCL. CONEXÕES","M",47.17,"0150040303"]
["0150040304","0304","TUBO PVC ROSCÁVEL BRANCO D=2\"(60MM) INCL. CONEXÕES","M",33.44,"0150040304"]
["0150040305","0305","TUBO PVC ROSCÁVEL BRANCO D=3/4\"(25MM) INCL. CONEXÕES","M",7.61,"0150040305"]
["0150040306","0306","TUBO PVC ROSCÁVEL BRANCO D=3\"(85MM) INCL. CONEXÕES","M",59.06,"0150040306"]
["0150040307","0307","TUBO PVC ROSCÁVEL BRANCO D=4\"(110MM) INCL. CONEXÕES","M",71.69,"0150040307"]
["0150040308","0308","TUBO PVC SOLDÁVEL MARROM D=20MM (1/2\")","M",3.65,"0150040308"]
[]
[null,"Página 51 de 120"]
[]
[]
[]
[]
[]
[null,"SECRETARIA MUNICIPAL DE INFRAESTRUTURA - SEINF"]
[null,"COORDENADORIA DE ELABORAÇÃO DE PROJETOS - CÉLULA DE ORÇAMENTO"]
[null,"Av. Dep. Paulino Rocha, 1343 - Cajazeiras     FORTALEZA-CE     CEP:60864-311     FONE: (85) 3105-1113"]
[null,"Email: seinf.edificacoes@fortaleza.ce.gov.br"]
[]
[null,null,"TABELA OFICIAL DO MUNICÍPIO"]
[{"$nulls":4},"Encargos Sociais: 83,84%"]
[null,null,"Relatório de Composições Sintético - COM DESONERAÇÃO"]
[null,null,"Mês de Coleta: 01/2014",null,"BDI: 0%"]
["Composição",null,"Descrição","Unidade","Preço","Composição"]
["0150040309","0309","TUBO PVC SOLDÁVEL MARROM D=25MM (3/4\")","M",4.42,"0150040309"]
["0150040310","0310","TUBO PVC SOLDÁVEL MARROM D=32MM (1\")","M",8.01,"0150040310"]
["0150040311","0311","TUBO PVC SOLDÁVELMARROM D=40MM (1 1/4\")","M",11.05,"0150040311"]
["0150040312","0312","TUBO PVC SOLDÁVEL MARROM D=50MM (1 1/2\")","M",13.02,"0150040312"]
["0150040313","0313","TUBO PVC SOLDÁVEL MARROM D=75MM (2 1/2\")","M",30.67,"0150040313"]
["0150040314","0314","TUBO PVC SOLDÁVEL MARROM D=85MM (3\")","M",38.27,"0150040314"]
["0150040315","0315","TUBO PVC SOLDÁVEL MARROM INCL. CONEXÕES D=110MM (4\")","M",81.95,"0150040315"]
["0150040316","0316","TUBO PVC SOLDÁVEL MARROM INCL. CONEXÕES D=20MM (1/2\")","M",8.99,"0150040316"]
["0150040317","0317","TUBO PVC SOLDÁVEL MARROM INCL. CONEXÕES D=25MM (3/4\")","M",10.22,"0150040317"]
["0150040318","0318","TUBO PVC SOLDÁVEL MARROM INCL. CONEXÕES D=32MM (1\")","M",15.83,"0150040318"]
["0150040319","0319","TUBO PVC SOLDÁVEL MARROM INCL. CONEXÕES D=40MM (1 1/4\")","M",19.54,"0150040319"]
["0150040320","0320","TUBO PVC SOLDÁVEL MARROM INCL. CONEXÕES D=50MM (1 1/2\")","M",22.19,"0150040320"]
["0150040321","0321","TUBO PVC SOLDÁVEL MARROM INCL. CONEXÕES D=60MM (2\")","M",32.31,"0150040321"]
["0150040322","0322","TUBO PVC SOLDÁVEL MARROM INCL. CONEXÕES D=75MM (2 1/2\")","M",47.64,"0150040322"]
["0150040323","0323","TUBO PVC SOLDÁVEL MARROM INCL. CONEXÕES D=85MM (3\")","M",55.14,"0150040323"]
["0150040324","0324","UNIÃO PVC SOLDÁVEL MARROM D=110MM (4\")","UN",285.55,"0150040324"]
["0150040325","0325","UNIÃO PVC SOLDÁVEL MARROM D=20MM (1/2\")","UN",5.56,"0150040325"]
["0150040326","0326","UNIÃO PVC SOLDÁVEL MARROM D=25MM (3/4\")","UN",6.89,"0150040326"]
["0150040327","0327","UNIÃO PVC SOLDÁVEL MARROM D=32MM (1\")","UN",11.21,"0150040327"]
["0150040328","0328","UNIÃO PVC SOLDÁVEL MARROM D=40MM (1 1/4\")","UN",20.03,"0150040328"]
["0150040329","0329","UNIÃO PVC SOLDÁVEL MARROM D=50MM (1 1/2\")","UN",20.88,"0150040329"]
["0150040330","0330","UNIÃO PVC SOLDÁVEL MARROM D=60MM (2\")","UN",48.79,"0150040330"]
["0150040331","0331","UNIÃO PVC SOLDÁVEL MARROM D=75MM (2 1/2\")","UN",127.49,"0150040331"]
["0150040332","0332","UNIÃO PVC SOLDÁVEL MARROM D=85MM (3\")","UN",137.27,"0150040332"]
[null,null,"005     SubGrupo:      TUBOS E CONEXÕES DE COBRE"]
["0150050001",null,"0001 BUCHA DE COBRE 28X22MM CLASSE A","UN",8.57,"0150050001"]
["0150050002",null,"0002 CONECTOR DE COBRE 22MMX3/4\" CLASSE A","UN",8.92,"0150050002"]
["0150050003",null,"0003 CONECTOR DE COBRE 28MMX1\" CLASSE A","UN",12.09,"0150050003"]
["0150050004",null,"0004 CURVA COBRE OU BRONZE D=104MM (4\")","UN",477.07,"0150050004"]
["0150050005",null,"0005 CURVA COBRE OU BRONZE D=15MM (1/2\")","UN",8.43,"0150050005"]
["0150050006",null,"0006 CURVA COBRE OU BRONZE D=22MM (3/4\")","UN",14.15,"0150050006"]
["0150050007",null,"0007 CURVA COBRE OU BRONZE D=28MM (1\")","UN",18.48,"0150050007"]
["0150050008",null,"0008 CURVA COBRE OU BRONZE D=35MM (1 1/4\")","UN",24.95,"0150050008"]
["0150050009",null,"0009 CURVA COBRE OU BRONZE D=42MM (1 1/2\")","UN",41.48,"0150050009"]
["0150050010",null,"0010 CURVA COBRE OU BRONZE D=54MM (2\")","UN",62.24,"0150050010"]
["0150050011",null,"0011 CURVA COBRE OU BRONZE D=66MM (2 1/2\")","UN",177.89,"0150050011"]
["0150050012",null,"0012 CURVA COBRE OU BRONZE D=79MM (3\")","UN",212.39,"0150050012"]
["0150050013",null,"0013 CURVA DE COBRE 90º-DIÂMETRO 1.1/8\"","UN",30.94,"0150050013"]
["0150050014",null,"0014 CURVA DE COBRE 90º-DIÂMETRO 1/2\"","UN",20.99,"0150050014"]
["0150050015",null,"0015 CURVA DE COBRE 90º-DIÂMETRO 3/4\"","UN",25.11,"0150050015"]
["0150050016",null,"0016 CURVA DE COBRE 90º-DIÂMETRO 3/8\"","UN",25.88,"0150050016"]
["0150050017",null,"0017 CURVA DE COBRE 90º-DIÂMETRO 5/8\"","UN",26.65,"0150050017"]
["0150050018",null,"0018 CURVA DE COBRE 90º-DIÂMETRO 7/8\"","UN",30.94,"0150050018"]
["0150050019",null,"0019 JOELHO DE COBRE 22X12MM CLASSE A","UN",11.09,"0150050019"]
["0150050020",null,"0020 JOELHO DE COBRE 90 D=22MM CLASSE A","UN",7.03,"0150050020"]
["0150050021",null,"0021 JOELHO DE COBRE 90 D=28MM CLASSE A","UN",9.28,"0150050021"]
["0150050022",null,"0022 JOELHO DE COBRE D=15MM (1/2\")","UN",4.86,"0150050022"]
[]
[null,"Página 52 de 120"]
[]
[]
[]
[]
[]
[null,"SECRETARIA MUNICIPAL DE INFRAESTRUTURA - SEINF"]
[null,"COORDENADORIA DE ELABORAÇÃO DE PROJETOS - CÉLULA DE ORÇAMENTO"]
[null,"Av. Dep. Paulino Rocha, 1343 - Cajazeiras     FORTALEZA-CE     CEP:60864-311     FONE: (85) 3105-1113"]
[null,"Email: seinf.edificacoes@fortaleza.ce.gov.br"]
[]
[null,null,"TABELA OFICIAL DO MUNICÍPIO"]
[{"$nulls":4},"Encargos Sociais: 83,84%"]
[null,null,"Relatório de Composições Sintético - COM DESONERAÇÃO"]
[null,null,"Mês de Coleta: 01/2014",null,"BDI: 0%"]
["Composição",null,"Descrição","Unidade","Preço","Composição"]
["0150050023","0023","JOELHO DE COBRE D=15MMX1/2\"","UN",8.36,"0150050023"]
["0150050024","0024","LUVA DE COBRE D=15MM (1/2\")","UN",3.54,"0150050024"]
["0150050025","0025","LUVA UNIÃO DE COBRE 22MM CLASSE A","UN",17.14,"0150050025"]
["0150050026","0026","LUVA UNIÃO DE COBRE 28MM CLASSE A","UN",24.26,"0150050026"]
["0150050027","0027","TÊ COBRE 28X22MM CLASSE A","UN",20.36,"0150050027"]
["0150050028","0028","TE COBRE OU BRONZE D=104MM (4\")","UN",772.73,"0150050028"]
["0150050029","0029","TE COBRE OU BRONZE D=15MM (1/2\")","UN",6.67,"0150050029"]
["0150050030","0030","TE COBRE OU BRONZE D=22MM (3/4\")","UN",9.85,"0150050030"]
["0150050031","0031","TE COBRE OU BRONZE D=28MM (1\")","UN",15.12,"0150050031"]
["0150050032","0032","TE COBRE OU BRONZE D=35MM (1 1/4\")","UN",33.64,"0150050032"]
["0150050033","0033","TE COBRE OU BRONZE D=42MM (1 1/2\")","UN",50.59,"0150050033"]
["0150050034","0034","TE COBRE OU BRONZE D=54MM (2\")","UN",99.87,"0150050034"]
["0150050035","0035","TE COBRE OU BRONZE D=66MM (2 1/2\")","UN",230.7,"0150050035"]
["0150050036","0036","TE COBRE OU BRONZE D=79MM (3\")","UN",356.86,"0150050036"]
["0150050037","0037","TUBO COBRE INCL. CONEXÕES D=104MM (4\")","M",537.53,"0150050037"]
["0150050038","0038","TUBO COBRE INCL. CONEXÕES D=15MM (1/2\")","M",51.27,"0150050038"]
["0150050039","0039","TUBO COBRE INCL. CONEXÕES D=22MM (3/4\")","M",74.05,"0150050039"]
["0150050040","0040","TUBO COBRE INCL. CONEXÕES D=28MM (1\")","M",88.2,"0150050040"]
["0150050041","0041","TUBO COBRE INCL. CONEXÕES D=35MM (1 1/4\")","M",130.76,"0150050041"]
["0150050042","0042","TUBO COBRE INCL. CONEXÕES D=42MM (1 1/2\")","M",146.45,"0150050042"]
["0150050043","0043","TUBO COBRE INCL. CONEXÕES D=54MM (2\")","M",205.68,"0150050043"]
["0150050044","0044","TUBO COBRE INCL. CONEXÕES D=66MM (2 1/2\")","M",277.9,"0150050044"]
["0150050045","0045","TUBO COBRE INCL. CONEXÕES D=79MM (3\")","M",375.01,"0150050045"]
["0150050046","0046","TUBO DE COBRE PAREDE 1/32\"-DIÂMETRO 1.1/8\"","KG",50.69,"0150050046"]
["0150050047","0047","TUBO DE COBRE PAREDE 1/32\"-DIÂMETRO 1/2\"","KG",49.46,"0150050047"]
["0150050048","0048","TUBO DE COBRE PAREDE 1/32\"-DIÂMETRO 3/4\"","KG",49.77,"0150050048"]
["0150050049","0049","TUBO DE COBRE PAREDE 1/32\"-DIÂMETRO 3/8\"","KG",50.06,"0150050049"]
["0150050050","0050","TUBO DE COBRE PAREDE 1/32\"-DIÂMETRO 5/8\"","KG",50.38,"0150050050"]
[null,null,"006     SubGrupo:      REGISTROS E VÁLVULAS"]
["0150060001",null,"0001 REGISTRO DE ESFERA (FECHO RÁPIDO) DE 1 1/4\"","UN",41.59,"0150060001"]
["0150060002",null,"0002 REGISTRO DE ESFERA (FECHO RÁPIDO) DE 1/2\"","UN",34.93,"0150060002"]
["0150060003",null,"0003 REGISTRO DE ESFERA COM BORBOLETA 1\"","UN",26.01,"0150060003"]
["0150060004",null,"0004 REGISTRO DE ESFERA COM BORBOLETA 3/4\"","UN",20.72,"0150060004"]
["0150060005",null,"0005 REGISTRO DE GAVETA BRUTO D=100MM (4\")","UN",559.8,"0150060005"]
["0150060006",null,"0006 REGISTRO DE GAVETA BRUTO D=15MM (1/2\")","UN",31.97,"0150060006"]
["0150060007",null,"0007 REGISTRO DE GAVETA BRUTO D=20MM (3/4\")","UN",33.19,"0150060007"]
["0150060008",null,"0008 REGISTRO DE GAVETA BRUTO D=25MM (1\")","UN",43.39,"0150060008"]
["0150060009",null,"0009 REGISTRO DE GAVETA BRUTO D=32MM (1 1/4\")","UN",62.68,"0150060009"]
["0150060010",null,"0010 REGISTRO DE GAVETA BRUTO D=40MM (1 1/2\")","UN",72.23,"0150060010"]
["0150060011",null,"0011 REGISTRO DE GAVETA BRUTO D=50MM (2\")","UN",100.69,"0150060011"]
["0150060012",null,"0012 REGISTRO DE GAVETA BRUTO D=65MM (2 1/2\")","UN",250.43,"0150060012"]
["0150060013",null,"0013 REGISTRO DE GAVETA BRUTO D=80MM (3\")","UN",369.54,"0150060013"]
["0150060014",null,"0014 REGISTRO DE GAVETA COM CANOPLA CROMADA D=15MM (1/2\")","UN",60.6,"0150060014"]
["0150060015",null,"0015 REGISTRO DE GAVETA COM CANOPLA CROMADA D=20MM (3/4\")","UN",70.25,"0150060015"]
["0150060016",null,"0016 REGISTRO DE GAVETA COM CANOPLA CROMADA D=25MM (1\")","UN",73.25,"0150060016"]
["0150060017",null,"0017 REGISTRO DE GAVETA COM CANOPLA CROMADA D=32MM (1 1/4\")","UN",114.22,"0150060017"]
["0150060018",null,"0018 REGISTRO DE GAVETA COM CANOPLA CROMADA D=40MM (1 1/2\")","UN",123.16,"0150060018"]
[]
[null,"Página 53 de 120"]
[]
[]
[]
[]
[]
[null,"SECRETARIA MUNICIPAL DE INFRAESTRUTURA - SEINF"]
[null,"COORDENADORIA DE ELABORAÇÃO DE PROJETOS - CÉLULA DE ORÇAMENTO"]
[null,"Av. Dep. Paulino Rocha, 1343 - Cajazeiras     FORTALEZA-CE     CEP:60864-311     FONE: (85) 3105-1113"]
[null,"Email: seinf.edificacoes@fortaleza.ce.gov.br"]
[]
[null,null,"TABELA OFICIAL DO MUNICÍPIO"]
[{"$nulls":4},"Encargos Sociais: 83,84%"]
[null,null,"Relatório de Composições Sintético - COM DESONERAÇÃO"]
[null,"Mês de Coleta: 01/2014",null,null,"BDI: 0%"]
["Composição",null,"Descrição","Unidade","Preço","Composição"]
["0150060019","0019","REGISTRO DE GAVETA COM FLANGE E CABEÇOTE DN=100MM","UN",515.5,"0150060019"]
["0150060020","0020","REGISTRO DE GAVETA COM FLANGE E CABEÇOTE DN=150MM","UN",1096.83,"0150060020"]
["0150060021","0021","REGISTRO DE GAVETA COM FLANGE E CABEÇOTE DN=50MM","UN",410.24,"0150060021"]
["0150060022","0022","REGISTRO DE GAVETA COM FLANGE E VOLANTE DN=80MM","UN",505.02,"0150060022"]
["0150060023","0023","REGISTRO DE GAVETA P/ PVC COM CABEÇOTE DN 100 PN 10","UN",508.04,"0150060023"]
["0150060024","0024","REGISTRO DE GAVETA P/ PVC COM CABEÇOTE DN 50 PN 10","UN",349.95,"0150060024"]
["0150060025","0025","REGISTRO DE LATÃO TIPO BICO DE MAMADEIRA 1/2\"","UN",15.53,"0150060025"]
["0150060026","0026","REGISTRO DE PRESSÃO 3/4\"- PADRÃO POPULAR","UN",19.05,"0150060026"]
["0150060027","0027","REGISTRO DE PRESSÃO COM CANOPLA CROMADA D=20MM (1/2\")","UN",52.49,"0150060027"]
["0150060028","0028","REGISTRO DE PRESSÃO COM CANOPLA CROMADA D=25MM (3/4\")","UN",63,"0150060028"]
["0150060029","0029","REGISTRO DE PRESSÃO COM CANOPLA CROMADA D=32MM (1\")","UN",74.86,"0150060029"]
["0150060030","0030","REGISTRO FLANGE / CABEÇOTE DN 100 PN 16","UN",746.09,"0150060030"]
["0150060031","0031","REGISTRO FLANGE / CABEÇOTE DN 50 PN 16","UN",411.74,"0150060031"]
["0150060032","0032","REGISTRO FLANGE/ CABEÇOTE DN 80MM PN 10","UN",510.81,"0150060032"]
["0150060033","0033","REGISTRO GLOBO ANGULAR 45º, LATÃO, DIAMETRO 2.1/2\" COM ENGATE","UN",155.44,"0150060033"]
[null,null,"RÁPIDO TIPO STORZ COM DIAMETRO 2.1/2\""]
["0150060034","0034","REGISTRO VOLANTE E FLANGES DN=100MM PN 16","UN",745.25,"0150060034"]
["0150060035","0035","TORNEIRA DE BOIA D=20MM (3/4\")","UN",43.71,"0150060035"]
["0150060036","0036","TORNEIRA DE BOIA D=25MM (1\")","UN",58.57,"0150060036"]
["0150060037","0037","TORNEIRA DE BOIA D=32MM (1 1/4\")","UN",74.19,"0150060037"]
["0150060038","0038","TORNEIRA DE BOIA D=40MM (1 1/2\")","UN",87.81,"0150060038"]
["0150060039","0039","TORNEIRA DE BOIA D=50MM (2\")","UN",100.46,"0150060039"]
["0150060040","0040","VÁLVULA AMERICANA CROMADA P/ PIA  3 1/2\"","UN",28.89,"0150060040"]
["0150060041","0041","VÁLVULA AMERICANA CROMADA P/ PIA  4 1/2\"","UN",47.79,"0150060041"]
["0150060042","0042","VÁLVULA DE DESCARGA CROMADA COM CANOPLA LISA D=32 OU 40MM","UN",117.1,"0150060042"]
["0150060043","0043","VÁLVULA DE DESCARGA CROMADA COM REGISTRO ACOPLADO D=32 OU","UN",207.3,"0150060043"]
[null,"40MM"]
["0150060044","0044","VÁLVULA DE DESCARGA PVC RÍGIDO S/ REGISTRO ACOPLADO D=50MM (1","UN",107.97,"0150060044"]
[null,"1/2\")"]
["0150060045","0045","VÁLVULA DE FLUXO EM AÇO GALVANIZADO (2 1/2\")","UN",579.38,"0150060045"]
["0150060046","0046","VÁLVULA DE FLUXO D=1\"COM PALHETA ATÉ 4\"","UN",97.92,"0150060046"]
["0150060047","0047","VÁLVULA DE METAL P/ LAVATÓRIO/LAVA MÃOS D=1\"","UN",16.34,"0150060047"]
["0150060048","0048","VÁLVULA DE METAL P/ MICTÓRIO DE LOUÇA","UN",28.16,"0150060048"]
["0150060049","0049","VÁLVULA DE METAL P/ TANQUE D=1 1/4\"","UN",23.31,"0150060049"]
["0150060050","0050","VÁLVULA DE PVC P/ LAVATÓRIO D=1\"","UN",19.13,"0150060050"]
["0150060051","0051","VÁLVULA DE RETENÇÃO DE PÉ COM CRIVO D=100MM (4\")","UN",220.37,"0150060051"]
["0150060052","0052","VÁLVULA DE RETENÇÃO DE PÉ COM CRIVO D=15MM (1/2\")","UN",27.36,"0150060052"]
["0150060053","0053","VÁLVULA DE RETENÇÃO DE PÉ COM CRIVO D=20MM (3/4\")","UN",27.16,"0150060053"]
["0150060054","0054","VÁLVULA DE RETENÇÃO DE PÉ COM CRIVO D=25MM (1\")","UN",42,"0150060054"]
["0150060055","0055","VÁLVULA DE RETENÇÃO DE PÉ COM CRIVO D=32MM (1 1/4\")","UN",51.68,"0150060055"]
["0150060056","0056","VÁLVULA DE RETENÇÃO DE PÉ COM CRIVO D=40MM (1 1/2\")","UN",68.54,"0150060056"]
["0150060057","0057","VÁLVULA DE RETENÇÃO DE PÉ COM CRIVO D=50MM (2\")","UN",94.14,"0150060057"]
["0150060058","0058","VÁLVULA DE RETENÇÃO DE PÉ COM CRIVO D=65MM (2 1/2\")","UN",173.79,"0150060058"]
["0150060059","0059","VÁLVULA DE RETENÇÃO DE PÉ COM CRIVO D=80MM (3\")","UN",214.93,"0150060059"]
["0150060060","0060","VÁLVULA DE RETENÇÃO HORIZONTAL COM FLANGE DN=80MM","UN",898.84,"0150060060"]
["0150060061","0061","VÁLVULA DE RETENÇÃO HORIZONTAL D=100MM (4\")","UN",493.89,"0150060061"]
["0150060062","0062","VÁLVULA DE RETENÇÃO HORIZONTAL D=15MM (1/2\")","UN",56.75,"0150060062"]
["0150060063","0063","VÁLVULA DE RETENÇÃO HORIZONTAL D=20MM (3/4\")","UN",58.96,"0150060063"]
["0150060064","0064","VÁLVULA DE RETENÇÃO HORIZONTAL D=25MM (1\")","UN",70.79,"0150060064"]
[]
[null,"Página 54 de 120"]
[]
[]
[]
[]
[]
[null,"SECRETARIA MUNICIPAL DE INFRAESTRUTURA - SEINF"]
[null,"COORDENADORIA DE ELABORAÇÃO DE PROJETOS - CÉLULA DE ORÇAMENTO"]
[null,"Av. Dep. Paulino Rocha, 1343 - Cajazeiras     FORTALEZA-CE     CEP:60864-311     FONE: (85) 3105-1113"]
[null,"Email: seinf.edificacoes@fortaleza.ce.gov.br"]
[]
[null,null,"TABELA OFICIAL DO MUNICÍPIO"]
[{"$nulls":4},"Encargos Sociais: 83,84%"]
[null,null,"Relatório de Composições Sintético - COM DESONERAÇÃO"]
[null,null,"Mês de Coleta: 01/2014",null,"BDI: 0%"]
["Composição",null,"Descrição","Unidade","Preço","Composição"]
["0150060065",null,"0065 VÁLVULA DE RETENÇÃO HORIZONTAL D=32MM (1 1/4\")","UN",96.68,"0150060065"]
["0150060066",null,"0066 VÁLVULA DE RETENÇÃO HORIZONTAL D=40MM (1 1/2\")","UN",109.82,"0150060066"]
["0150060067",null,"0067 VÁLVULA DE RETENÇÃO HORIZONTAL D=50MM (2\")","UN",152.57,"0150060067"]
["0150060068",null,"0068 VÁLVULA DE RETENÇÃO HORIZONTAL D=65MM (2 1/2\")","UN",209.09,"0150060068"]
["0150060069",null,"0069 VÁLVULA DE RETENÇÃO HORIZONTAL D=80MM (3\")","UN",260.11,"0150060069"]
["0150060070",null,"0070 VÁLVULA DE RETENÇÃO PORT. ÚNICA FF DN 100 PN 16 COM CONTROLE DE","UN",474.38,"0150060070"]
[null,"FECHAMENTO"]
["0150060071",null,"0071 VÁLVULA DE RETENÇÃO PORTINHOLA ÚNICA FLANGE COM BY-PASS DN 80","UN",1124.38,"0150060071"]
[null,"PN 10"]
["0150060072",null,"0072 VALVULA DE RETENCAO VERTICAL D=50MM (2\")","UN",154.82,"0150060072"]
["0150060073",null,"0073 VÁLVULA DE RETENÇÃO VERTICAL D=25MM (1\")","UN",70.79,"0150060073"]
["0150060074",null,"0074 VÁLVULA DE RETENÇÃO VERTICAL D=65MM (2 1/2\")","UN",209.09,"0150060074"]
["0150060075",null,"0075 VÁLVULA DE RETENÇÃO VERTICAL D=80MM (3\")","UN",260.11,"0150060075"]
["0150060076",null,"0076 VÁLVULA DE SEGURANÇA D=2\"","UN",227.19,"0150060076"]
["0150060077",null,"0077 VÁLVULA DE SUCÇÃO D=1 1/4\"","UN",44.89,"0150060077"]
["0150060078",null,"0078 VÁLVULA DE SUCÇÃO D=1\"","UN",32.65,"0150060078"]
[null,null,"007     SubGrupo:      EQUIPAMENTOS HIDRÁULICOS"]
["0150070001","0001","ABRIGO PARA CAVALETE 65X85X30CM","UN",178.94,"0150070001"]
["0150070002","0002","ANEL PRÉ-MOLDADO CONCRETO H=0,50M,D=2,00M,V=1.570L P/CX D'ÁGUA","UN",553.53,"0150070002"]
[null,null,"PRÉ-MOLDADA (COMPLETAMENTE EXECUTADA)"]
["0150070003","0003","ANEL PRÉ-MOLDADO CONCRETO H=0,50M,D=2,50M,V=2.453L P/CX D'ÁGUA","UN",691.92,"0150070003"]
[null,null,"PRÉ-MOLDADA (COMPLETAMENTE EXECUTADA)"]
["0150070004","0004","ANEL PRÉ-MOLDADO CONCRETO H=0,50M,D=3,00M,V=3.532L P/CX D'ÁGUA","UN",830.3,"0150070004"]
[null,null,"PRÉ-MOLDADA (COMPLETAMENTE EXECUTADA)"]
["0150070005","0005","AUTOMÁTICO DE BOIA","UN",49.97,"0150070005"]
["0150070006","0006","BANQUETAS DE PARTIDA EM AÇO INOX E FIBRA DE VIDRO - FORN. E","UN",1532,"0150070006"]
[null,"MONTAGEM"]
["0150070007","0007","BEBEDOURO ELÉTRICO DUPLO, ADAPTADO P/ CRIANÇAS E PNE (FORN. E","UN",649,"0150070007"]
[null,"INSTALAÇÃO)"]
["0150070008","0008","BEBEDOURO EM AÇO INOX COM 1,60M (FORN. E INSTALAÇÃO)","UN",1872.72,"0150070008"]
["0150070009","0009","BICO ARTICULADO PARA FONTE E CHAFARIZ COM EFEITO MARGARIDA,","UN",64.65,"0150070009"]
[null,null,"BOLHA, PAGODA E GÊISER"]
["0150070010","0010","BÓIA ELÉTRICA INFERIOR","UN",34.16,"0150070010"]
["0150070011","0011","BÓIA ELÉTRICA SUPERIOR","UN",38.02,"0150070011"]
["0150070012","0012","BOMBA CENTRÍFUGA P/ PRESSURIZAÇÃO/HIDRANTE P=10CV, H=45M.C.A. E","UN",3083.58,"0150070012"]
[null,null,"Q=30M3/H, INCL. MATERIAL DE INSTALAÇÃO"]
["0150070013","0013","BOMBA CENTRÍFUGA P=1 1/2CV INCL. MATERIAL DE SUCÇÃO","UN",837.05,"0150070013"]
["0150070014","0014","BOMBA CENTRÍFUGA P=1/2CV INCL. MATERIAL DE SUCÇÃO","UN",442.16,"0150070014"]
["0150070015","0015","BOMBA CENTRÍFUGA P=1/4CV INCL. MATERIAL DE SUCÇÃO","UN",371.02,"0150070015"]
["0150070016","0016","BOMBA CENTRÍFUGA P=1CV INCL. MATERIAL DE SUCÇÃO","UN",697.05,"0150070016"]
["0150070017","0017","BOMBA CENTRÍFUGA P=2CV INCL. MATERIAL DE SUCÇÃO","UN",884.26,"0150070017"]
["0150070018","0018","BOMBA CENTRÍFUGA P=3CV INCL. MATERIAL DE SUCÇÃO","UN",961.06,"0150070018"]
["0150070019","0019","BOMBA CENTRÍFUGA P=5CV INCL. MATERIAL DE SUCÇÃO","UN",1641.11,"0150070019"]
["0150070020","0020","BOMBA INJETORA TRIFÁSICA P=1CV INCL. MATERIAL DE SUCÇÃO","UN",1222.59,"0150070020"]
["0150070021","0021","BOMBA INJETORATRIFÁSICA P=3CV INCL. MATERIAL DE SUCÇÃO","UN",1747.24,"0150070021"]
["0150070022","0022","BOMBA SUBMERSA UNI - 500T","UN",3266.35,"0150070022"]
["0150070023","0023","BY-PASS EM REDE DE ESGOTO","UN",30.36,"0150070023"]
["0150070024","0024","CAIXA D'AGUA DE FIBRA DE VIDRO COM CAPACIDADE=1.000L","UN",560.02,"0150070024"]
["0150070025","0025","CAIXA D'AGUA DE FIBRA DE VIDRO COM CAPACIDADE=500L","UN",443.95,"0150070025"]
[]
[null,"Página 55 de 120"]
[]
[]
[]
[]
[]
[null,"SECRETARIA MUNICIPAL DE INFRAESTRUTURA - SEINF"]
[null,"COORDENADORIA DE ELABORAÇÃO DE PROJETOS - CÉLULA DE ORÇAMENTO"]
[null,"Av. Dep. Paulino Rocha, 1343 - Cajazeiras     FORTALEZA-CE     CEP:60864-311     FONE: (85) 3105-1113"]
[null,"Email: seinf.edificacoes@fortaleza.ce.gov.br"]
[]
[null,null,"TABELA OFICIAL DO MUNICÍPIO"]
[{"$nulls":4},"Encargos Sociais: 83,84%"]
[null,null,"Relatório de Composições Sintético - COM DESONERAÇÃO"]
[null,"Mês de Coleta: 01/2014",null,null,"BDI: 0%"]
["Composição",null,"Descrição","Unidade","Preço","Composição"]
["0150070026","0026","CAIXA D'AGUA EM FIBRA DE VIDRO COM CAPACIDADE=20.000L COM","UN",5482.1,"0150070026"]
[null,null,"ACESSÓRIOS E S/ ESTRUTURA DE SUPORTE"]
["0150070027","0027","CAIXA D'AGUA PM DE CONCRETO D=2,14M, VOL.=20M3, INCL. ESCADA /","UN",23690,"0150070027"]
[null,null,"GUARDA-CORPO (FORNEC. E MONTAGEM)"]
["0150070028","0028","CAIXA D'AGUA PM DE CONCRETO D=2,50M, VOL.=25M3, INCL. ESCADA /","UN",24430,"0150070028"]
[null,null,"GUARDA-CORPO (FORNEC. E MONTAGEM)"]
["0150070029","0029","CAIXA D'AGUA PM DE CONCRETO D=2,50M, VOL.=30M3, INCL. ESCADA /","UN",25160,"0150070029"]
[null,null,"GUARDA-CORPO (FORNEC. E MONTAGEM)"]
["0150070030","0030","CAIXA D'AGUA PM DE CONCRETO D=2,50M, VOL.=50M3, INCL. ESCADA /","UN",35999,"0150070030"]
[null,null,"GUARDA-CORPO (FORNEC. E MONTAGEM)"]
["0150070031","0031","CAVALETE D=20MM (3/4\")","UN",193.69,"0150070031"]
["0150070032","0032","CAVALETE D=25MM (1\")","UN",215.15,"0150070032"]
["0150070033","0033","CONJUNTO MOTO-BOMBA DE RECALQUE VAZÃO 4,0 M3/H E ALTURA","UN",576.22,"0150070033"]
[null,null,"MANOMÉTRICA DE 34 M.C.A."]
["0150070034","0034","CONJUNTO MOTO-BOMBA CENTRÍFUGA TRIFÁSICA POT.=3CV, Q=6M3/H E","UN",945.3,"0150070034"]
[null,"H=35M.C.A."]
["0150070035","0035","CONJUNTO MOTO-BOMBA COM PRÉ-FILTRO VAZÃO 9M3/H 1/2CV -","UN",698.26,"0150070035"]
[null,"MONOFÁSICO"]
["0150070036","0036","CONJUNTO MOTO-BOMBA CENTRIFUGA RE-AUTOESCORVANTE P/ESGOTO,","UN",12874.86,"0150070036"]
[null,null,"Q=7,01L/S, H=8,16M.C.A. E P=3CV (FORN./MONT)"]
["0150070037","0037","CONJUNTO MOTO-BOMBA COM PRÉ-FILTRO VAZÃO 30M/H 3CV","UN",823.72,"0150070037"]
["0150070038","0038","CONJUNTO MOTO-BOMBA COM PRÉ-FILTRO VAZÃO 50M3/H 5CV","UN",1075.72,"0150070038"]
["0150070039","0039","CONJUNTO MOTO-BOMBA DE RECALQUE ÁGUA POTÁVEL, VAZÃO 25M³/H,","UN",4826.92,"0150070039"]
[null,null,"AMT = 60 M.C.A. POT. 12,5 CV"]
["0150070040","0040","CONJUNTO MOTO-BOMBA ELÉTRICA TRIFÁSICA CENTRÍFUGA POT.=5CV,","UN",1279.22,"0150070040"]
[null,null,"Q=30M3/H E H=30 M.C.A."]
["0150070041","0041","CONJUNTO MOTO-BOMBA MULTIESTÁGIOS 4CV TRIFÁSICA","UN",1464.78,"0150070041"]
["0150070042","0042","CONJUNTO MOTOR BOMBA DE RECALQUE POT.=3CV Q=10,38M3/H","UN",706.64,"0150070042"]
["0150070043","0043","CONJUNTO MOTOR BOMBA DE RECALQUE POT.=3CV, Q=33M3/H E","UN",885.42,"0150070043"]
[null,"H=18M.C.A."]
["0150070044","0044","CONJUNTO MOTOR BOMBA DE RECALQUE POT.=5CV Q=35,88M3/H E","UN",1043.75,"0150070044"]
[null,"H=19,40M.C.A."]
["0150070045","0045","CONJUNTO MOTOR BOMBA DE SUÇÃO POT.=3CV, Q=30M3/H E H=10M.C.A.","UN",885.42,"0150070045"]
["0150070046","0046","DISPOSITIVO CONTROLADOR DE NÍVEL (SKRIMERS) COADEIRA BOCA","UN",313.84,"0150070046"]
[null,"LARGA"]
["0150070047","0047","DISPOSITIVO DRENO DE FUNDO ANTI-TURBILHÃO INOX 1 1/2\"","UN",150.84,"0150070047"]
["0150070048","0048","DOSADOR AUTOMÁTICO DE CLORO P/ PISCINAS","UN",186.6,"0150070048"]
["0150070049","0049","FILTRO ROTOMOLDADO P/ PISCINA VOLUME ATÉ 32M³","UN",469.6,"0150070049"]
["0150070050","0050","FILTRO ROTOMOLDADO P/ PISCINA VOLUME ATÉ 52M³","UN",496.6,"0150070050"]
["0150070051","0051","HIDRÔMETRO TIPO TAQUIMÉTRICO 3M³/H, 3/4\"COMPLETO","UN",90.06,"0150070051"]
["0150070052","0052","HIDRÔMETRO TM Q=3M³/H X 3/4\" X 190MM, CL. B(H)/A(V), PADRÃO CAGECE -","UN",88.2,"0150070052"]
[null,"COMPLETO"]
["0150070053","0053","HIDRÔMETRO TM Q=7M³/H X 1\" X 260MM, CL. B, PADRÃO CAGECE -","UN",291.93,"0150070053"]
[null,"COMPLETO"]
["0150070054","0054","RESERVATÓRIO DE FIBROCIMENTO CAPACIDADE 250 L","UN",177.86,"0150070054"]
["0150070055","0055","RESERVATÓRIO DE FIBROCIMENTO CAPACIDADE 500, 750 OU 1000 L","UN",623.6,"0150070055"]
[null,null,"008     SubGrupo:      REDE DE INCÊNDIO"]
["0150080001",null,"0001 ABRIGO METÁLICO INCL. MANGUEIRA, CHAPA 24, PINT. COM ESMALTE","UN",786.38,"0150080001"]
[null,null,"SINTÉTICO VERMELHO, COM INSCRIÇÃO \"INCÊNDIO\""]
["0150080002",null,"0002 ABRIGO P/ HIDRANTE DE EMBUTIR 45 X 70 X 17CM, COMPLETO","UN",798.51,"0150080002"]
["0150080003",null,"0003 ABRIGO P/ HIDRANTE DE EMBUTIR 60 X 90 X 17CM, COMPLETO","UN",1424.77,"0150080003"]
["0150080004",null,"0004 ABRIGO P/ HIDRANTE DE SOBREPOR 45 X 70 X 17CM, COMPLETO","UN",801.88,"0150080004"]
[]
[null,"Página 56 de 120"]
[]
[]
[]
[]
[]
[null,"SECRETARIA MUNICIPAL DE INFRAESTRUTURA - SEINF"]
[null,"COORDENADORIA DE ELABORAÇÃO DE PROJETOS - CÉLULA DE ORÇAMENTO"]
[null,"Av. Dep. Paulino Rocha, 1343 - Cajazeiras     FORTALEZA-CE     CEP:60864-311     FONE: (85) 3105-1113"]
[null,"Email: seinf.edificacoes@fortaleza.ce.gov.br"]
[]
[null,null,"TABELA OFICIAL DO MUNICÍPIO"]
[{"$nulls":4},"Encargos Sociais: 83,84%"]
[null,null,"Relatório de Composições Sintético - COM DESONERAÇÃO"]
[null,null,"Mês de Coleta: 01/2014",null,"BDI: 0%"]
["Composição",null,"Descrição","Unidade","Preço","Composição"]
["0150080005","0005","ABRIGO P/ HIDRANTE DE SOBREPOR 60 X 90 X 17CM, COMPLETO","UN",1207.06,"0150080005"]
["0150080006","0006","CAIXA EM FIBRA DE VIDRO P/ 01 HIDRÔMETRO - PADRÃO CAGECE","UN",85.42,"0150080006"]
["0150080007","0007","CAIXA EM FIBRA DE VIDRO P/ 02 HIDRÔMETROS - PADRÃO CAGECE","UN",145.42,"0150080007"]
["0150080008","0008","CENTRAL DE CONTROLE DE DETECÇÃO E ALARME DE INCÊNDIO","UN",16766.15,"0150080008"]
["0150080009","0009","ESGUICHO CÔNICO DE BRONZE 38X19MM","UN",36.25,"0150080009"]
["0150080010","0010","EXTINTOR DE ÁGUA PRESSURIZADA 10 L","UN",123.71,"0150080010"]
["0150080011","0011","EXTINTOR DE GÁS CARBÔNICO 6KG","UN",386.58,"0150080011"]
["0150080012","0012","EXTINTOR DE PÓ QUÍMICO - 4 KG","UN",386.58,"0150080012"]
["0150080013","0013","EXTINTOR DE PÓ QUÍMICO - 6 KG","UN",386.58,"0150080013"]
["0150080014","0014","EXTINTOR DE PÓ QUÍMICO 4,5KG","UN",386.58,"0150080014"]
["0150080015","0015","FLANGE SEXTAVADO DE FERRO GALVANIZADO 4\"","UN",55.7,"0150080015"]
["0150080016","0016","HIDRANTE COM REGISTRO GLOBO ANGULAR D=65MM (2 1/2\")","UN",509.89,"0150080016"]
["0150080017","0017","HIDRANTE DE PASSEIO COMPLETO, INCL. TAMPÃO DE FERRO FUNDIDO","UN",837.5,"0150080017"]
[null,null,"COM INSCRIÇÃO"]
["0150080018","0018","MANGUEIRA P/ CAIXA DE INCÊNDIO COM UNIÃO DE ENGATE RÁPIDO 1 1/2\" X","UN",369.05,"0150080018"]
[null,"30M"]
["0150080019","0019","SPRINKLER DE PRESSÃO NORMAL 68°C D=1/2\"","UN",16.68,"0150080019"]
["0150080020","0020","TAMPÃO COM CORRENTE P/ HIDRANTE","UN",60.39,"0150080020"]
["0150080021","0021","TAMPÃO EM FERRO FUNDIDO P/ HIDRANTE DE PASSEIO","UN",222.68,"0150080021"]
[null,null,"009     SubGrupo:      CAIXAS DE VISITA/INSPEÇÃO"]
["0150090001","0001","ACRÉSCIMO DE CÂMARA EM PV COM ANÉIS DE CONCRETO D=1000MM","M",262.47,"0150090001"]
["0150090002","0002","ACRÉSCIMO DE CÂMARA EM PV COM ANÉIS DE CONCRETO D=600MM","M",166.04,"0150090002"]
["0150090003","0003","CAIXA DE ALVENARIA 30X30CM P/ REGISTRO","UN",102.17,"0150090003"]
["0150090004","0004","CAIXA DE ALVENARIA 50X50X50CM COM TAMPA EM CONCRETO","UN",227.31,"0150090004"]
["0150090005","0005","CAIXA DE ALVENARIA 80X80X80CM COM FUNDO DE BRITA E COM TAMPA DE","UN",221.11,"0150090005"]
[null,"CONCRETO"]
["0150090006","0006","CAIXA DE ALVENARIA P/ REGISTRO OU VENTOSA  DN ATÉ 200MM COM","UN",320.71,"0150090006"]
[null,null,"TAMPA DE CONCRETO"]
["0150090007","0007","CAIXA DE GORDURA EM ALVENARIA 60X60X30CM COM TAMPA DE","UN",141.09,"0150090007"]
[null,"CONCRETO"]
["0150090009","0009","CAIXA DE GORDURA EM ALVENARIA 60X60X60CM COM TAMPA DE","UN",298.39,"0150090009"]
[null,"CONCRETO"]
["0150090010","0010","CAIXA DE GORDURA EM CONCRETO (100X90X100)CM, INCLUSO SOBRE-","UN",1222.69,"0150090010"]
[null,null,"TAMPA REFORÇADA COM PERFIL DE AÇO"]
["0150090011","0011","CAIXA DE GORDURA EM PVC","UN",47.76,"0150090011"]
["0150090012","0012","CAIXA DE GORDURA ESPECIAL EM CONCRETO (TAMPA/ PAREDES/ FUNDO)","UN",2490.22,"0150090012"]
[null,null,"D=2,00M, H=1,10M, COMTAMPÃO DE FOFO"]
["0150090013","0013","CAIXA DE GORDURA PRÉ-MOLDADA","UN",100.58,"0150090013"]
["0150090014","0014","CAIXA DE INSPEÇÃO EM ALVENARIA 1 TIJOLO 40X40X60CM COM TAMPA DE","UN",215.05,"0150090014"]
[null,"CONCRETO"]
["0150090015","0015","CAIXA DE INSPEÇÃO EM ALVENARIA 1 TIJOLO 60X60X60CM COM TAMPA DE","UN",310.47,"0150090015"]
[null,"CONCRETO"]
["0150090016","0016","CAIXA DE INSPEÇÃO EM ALVENARIA 1 TIJOLO 80X80X60CM COM TAMPA DE","UN",409.83,"0150090016"]
[null,"CONCRETO"]
["0150090017","0017","CAIXA DE INSPEÇÃO EM ALVENARIA 1/2 TIJOLO 40X40X60CM COM TAMPA","UN",125.61,"0150090017"]
[null,null,"DE CONCRETO"]
["0150090018","0018","CAIXA DE INSPEÇÃO EM ALVENARIA 1/2 TIJOLO 60X60X60CM COM TAMPA","UN",197.19,"0150090018"]
[null,null,"DE CONCRETO"]
["0150090019","0019","CAIXA DE INSPEÇÃO EM ALVENARIA 1/2 TIJOLO 80X80X60CM COM TAMPA","UN",277.71,"0150090019"]
[null,"DE CONCRETO"]
[]
[null,"Página 57 de 120"]
[]
[]
[]
[]
[]
[null,"SECRETARIA MUNICIPAL DE INFRAESTRUTURA - SEINF"]
[null,"COORDENADORIA DE ELABORAÇÃO DE PROJETOS - CÉLULA DE ORÇAMENTO"]
[null,"Av. Dep. Paulino Rocha, 1343 - Cajazeiras     FORTALEZA-CE     CEP:60864-311     FONE: (85) 3105-1113"]
[null,"Email: seinf.edificacoes@fortaleza.ce.gov.br"]
[]
[null,"TABELA OFICIAL DO MUNICÍPIO"]
[{"$nulls":4},"Encargos Sociais: 83,84%"]
[null,null,"Relatório de Composições Sintético - COM DESONERAÇÃO"]
[null,"Mês de Coleta: 01/2014",null,null,"BDI: 0%"]
["Composição",null,"Descrição","Unidade","Preço","Composição"]
["0150090020","0020","CAIXA DE INSPEÇÃO EM ALVENARIA DE TIJOLO 100X100X60CM COM TAMPA","UN",452.77,"0150090020"]
[null,"EM CONCRETO"]
["0150090021","0021","CAIXA DE INSPEÇÃO EM ALVENARIA DE TIJOLO 60X60X60CM COM TAMPA","UN",123.58,"0150090021"]
[null,"EM FERRO FUNDIDO"]
["0150090022","0022","CAIXA DE INSPEÇÃO EM ANÉIS D=800MM, 0,80<H<1,00M COM TAMPA DE","UN",178.25,"0150090022"]
[null,"CONCRETO"]
["0150090023","0023","CAIXA DE INSPEÇÃO EM CONCRETO (60X60X80)CM, INCLUSO SOBRE-","UN",446.32,"0150090023"]
[null,null,"TAMPA REFORÇADA COM PERFIL DE AÇO"]
["0150090024","0024","CAIXA DE INSPEÇÃO NO PASSEIO EM ANÉIS D=600MM - PADRÃO CAGECE","UN",128.78,"0150090024"]
["0150090025","0025","CAIXA DE INSPEÇÃO/AREIA EM ALVENARIA 1 TIJOLO 60X60X100CM COM","UN",403.47,"0150090025"]
[null,"TAMPA EM CONCRETO"]
["0150090026","0026","CAIXA DE INSPEÇÃO/AREIA EM ALVENARIA 1 TIJOLO 60X60X60CM S/ TAMPA","UN",258.81,"0150090026"]
["0150090027","0027","CAIXA EM ALVENARIA (60X60X60)CM EM TIJOLO COMUM COM ESP=20CM,","UN",274.42,"0150090027"]
[null,null,"COM LASTRO DE BRITA ESP=10CM E TAMPA EM GRELHA DE FERRO"]
["0150090028","0028","CAIXA EM ALVENARIA (60X60X60)CM COM FUNDO DE BRITA E TAMPA DE","UN",128.83,"0150090028"]
[null,"CONCRETO"]
["0150090029","0029","CAIXA SIFON. GIRAFÁCIL (100X140X50)MM, CROMADO, COM PORTA GRELHA","UN",29.98,"0150090029"]
[null,null,"QUADRADA E GRELHA REDONDA BRANCA"]
["0150090030","0030","CAIXA SIFON. GIRAFÁCIL (150X150X50)MM, CROMADO, COM PORTA GRELHA","UN",28.17,"0150090030"]
[null,null,"QUADRADA E GRELHA REDONDA BRANCA"]
["0150090031","0031","CAIXA SIFON. GIRAFÁCIL (150X170X75)MM, CROMADO, COM PORTA GRELHA","UN",28.17,"0150090031"]
[null,null,"QUADRADA E GRELHA REDONDA BRANCA"]
["0150090032","0032","CAIXA SIFONADA (100X100X50)MM, CROMADO, COM PORTA GRELHA","UN",29.98,"0150090032"]
[null,null,"QUADRADA E GRELHA REDONDA BRANCA"]
["0150090033","0033","CAIXA SIFONADA (100X100X50)MM, CROMADO, COM PORTA GRELHA","UN",37.6,"0150090033"]
[null,null,"QUADRADA E GRELHA REDONDA INOX"]
["0150090034","0034","CAIXA SIFONADA (100X100X50)MM, CROMADO, COM PORTA GRELHA","UN",32.48,"0150090034"]
[null,null,"QUADRADA E TAMPA ANTIESPUMA"]
["0150090035","0035","CAIXA SIFONADA (150X150X50)MM COM GRELHA EM PVC","UN",28.1,"0150090035"]
["0150090036","0036","CAIXA SIFONADA EM PVC COM GRELHA REDONDA (150x150x50)MM COM 3","UN",26.23,"0150090036"]
[null,"ENTRADAS"]
["0150090037","0037","CAIXA SIFONADA EM ALVENARIA 40X40CM","UN",104.4,"0150090037"]
["0150090038","0038","CAIXA SIFONADA EM PVC RÍGIDO, COM SAÍDA DE 50MM E TAMPA CEGA","UN",27.82,"0150090038"]
["0150090039","0039","CAIXA SIFONADA EM PVC (150X150X50)MM COM GRELHA INOX","UN",35.7,"0150090039"]
["0150090040","0040","CAIXA SIFONADA EM PVC (150X150X75)MM COM TAMPA CEGA","UN",25.5,"0150090040"]
["0150090041","0041","CAIXA SIFONADA EM PVC (250X250X75)MM COM TAMPA CEGA","UN",46.41,"0150090041"]
["0150090042","0042","CAIXA SIFONADA EM PVC COM GRELHA INOX","UN",35.7,"0150090042"]
["0150090043","0043","CAIXA SIFONADA EM PVC RÍGIDO SAÍDA DE 50CM","UN",30.88,"0150090043"]
["0150090044","0044","CHUMBAMENTO DE TUBULAÇÃO NO POÇO VISITA (BLOCO DE CONCRETO)","UN",32.65,"0150090044"]
["0150090045","0045","DESLOCAMENTO DE CAIXA DE VISITA D=60CM -  PADRÃO CAGECE","UN",109.14,"0150090045"]
["0150090046","0046","ENCAMISAMENTO DA TUBULAÇÃO COM TUBO FOFO 200MM","M",200.36,"0150090046"]
["0150090047","0047","ENCAMISAMENTO DA TUBULAÇÃO COM TUBO FOFO 300MM","M",323.18,"0150090047"]
["0150090048","0048","EXECUÇÃO COMPLETA DE TIL (LAJE DE FUNDO EM CONCRETO ARMADO)","UN",137.61,"0150090048"]
["0150090049","0049","POÇO DE VISITA COM ANÉIS DE CONCRETO, PROFUNDIDADE ATÉ 1,00M E","UN",316.65,"0150090049"]
[null,"D=600MM"]
["0150090050","0050","POÇO DE VISITA COM ANÉIS DE CONCRETO, PROFUNDIDADE ATÉ 3,00M E","UN",769.18,"0150090050"]
[null,"D=600MM"]
["0150090051","0051","POÇO DE VISITA COM ANÉIS DE CONCRETO, PROFUNDIDADE ATÉ 1,50M,","UN",799.79,"0150090051"]
[null,"D=1000MM"]
["0150090052","0052","RALO DE FERRO FUNDIDO TIPO ABACAXI","UN",51.19,"0150090052"]
["0150090053","0053","RALO SECO FERRO FUNDIDO 100MM","UN",95.47,"0150090053"]
["0150090054","0054","RALO SECO COM CAIXA SIFONADA OU SECA EM PVC RÍGIDO","UN",20.42,"0150090054"]
[]
[null,"Página 58 de 120"]
[]
[]
[]
[]
[]
[null,"SECRETARIA MUNICIPAL DE INFRAESTRUTURA - SEINF"]
[null,"COORDENADORIA DE ELABORAÇÃO DE PROJETOS - CÉLULA DE ORÇAMENTO"]
[null,"Av. Dep. Paulino Rocha, 1343 - Cajazeiras     FORTALEZA-CE     CEP:60864-311     FONE: (85) 3105-1113"]
[null,"Email: seinf.edificacoes@fortaleza.ce.gov.br"]
[]
[null,null,"TABELA OFICIAL DO MUNICÍPIO"]
[{"$nulls":4},"Encargos Sociais: 83,84%"]
[null,null,"Relatório de Composições Sintético - COM DESONERAÇÃO"]
[null,null,"Mês de Coleta: 01/2014",null,"BDI: 0%"]
["Composição",null,"Descrição","Unidade","Preço","Composição"]
["0150090055",null,"0055 RALO SECO EM PVC 10CM COM GRELHA INOX","UN",19.94,"0150090055"]
["0150090056",null,"0056 RALO SIFONADO EM PVC","UN",12.93,"0150090056"]
["0150090057",null,"0057 TAMPA CHAPA 1/4\"ANTI-DERRAPANTE 70X70CM COM CANTONEIRA","UN",222.35,"0150090057"]
[null,null,"ARTICULADA, INCL. PINTURA EPOXI"]
["0150090058",null,"0058 TAMPA EM CONCRETO COM CANTONEIRA METÁLICA 2\"X 2\"P/ CAIXA DE","UN",180.73,"0150090058"]
[null,null,"INSPEÇÃO 100X100CM"]
["0150090059",null,"0059 TAMPA EM CONCRETO COM CANTONEIRA METÁLICA 2\"X 2\"P/ CAIXA DE","UN",66.97,"0150090059"]
[null,null,"INSPEÇÃO 60X60CM"]
["0150090060",null,"0060 TAMPA EM CONCRETO COM CANTONEIRA METÁLICA 2\"X 2\"P/ CAIXA DE","UN",100.47,"0150090060"]
[null,null,"INSPEÇÃO 60X90CM"]
["0150090061",null,"0061 TAMPÃO DE FOFO P/ POÇO DE VISITA - PADRÃO CAGECE","UN",271.66,"0150090061"]
["0150090062",null,"0062 TAMPÃO FOFO (620X490MM) PARA CAIXA DE INSPEÇÃO/ CAIXA DE","UN",201.66,"0150090062"]
[null,null,"GORDURA ESPECIAL"]
["0150090063",null,"0063 TAMPÃO FOFO DÚCTIL DN 600 CL-300,PADRÃO CAGECE","UN",252.65,"0150090063"]
["0150090064",null,"0064 TAMPONAMENTO PROVISÓRIO DE POÇO DE VISITA","UN",32.24,"0150090064"]
[null,null,"010     SubGrupo:      LOUÇAS, METAIS E ACESSÓRIOS"]
["0150100001","0001","ACABAMENTO CROMADO PARA VÁLVULA DE DESCARGA 1 1/2\"","UN",56.77,"0150100001"]
["0150100002","0002","APARELHO MISTURADOR P/ CHUVEIRO COM ACABAMENTO","UN",119.26,"0150100002"]
["0150100003","0003","APARELHO MISTURADOR P/ PIA TIPO BANCADA, INCL. ACABAMENTO","UN",390.96,"0150100003"]
["0150100004","0004","APARELHO MISTURADOR P/ PIA TIPO PAREDE, INCL. ACABAMENTO","UN",358.47,"0150100004"]
["0150100005","0005","ASPERSOR P/ IRRIGAÇÃO","UN",22.37,"0150100005"]
["0150100006","0006","ASSENTAMENTO DE BACIA SANITÁRIA (S/ AQUISIÇÃO)","UN",37.04,"0150100006"]
["0150100007","0007","ASSENTAMENTO DE MICTÓRIO DE LOUÇA (S/ AQUISIÇÃO)","UN",28.13,"0150100007"]
["0150100008","0008","ASSENTO PLÁSTICO P/ BACIA SANITÁRIA","UN",17.86,"0150100008"]
["0150100009","0009","BACIA SANITÁRIA DE LOUÇA BRANCA COM ACESSÓRIOS","UN",212.55,"0150100009"]
["0150100010","0010","BACIA SANITÁRIA DE LOUÇA BRANCA COM CAIXA ACOPLADA E","UN",268.92,"0150100010"]
[null,"ACESSÓRIOS"]
["0150100011","0011","BACIA SANITÁRIA DE LOUÇA BRANCA S/ ASSENTO COM ACESSÓRIOS -","UN",145.89,"0150100011"]
[null,null,"PADRÃO POPULAR"]
["0150100012","0012","BACIA SANITÁRIA INFANTIL DE LOUÇA BRANCA COM ACESSÓRIOS","UN",193.4,"0150100012"]
["0150100013","0013","BACIA TURCA DE LOUÇA BRANCA","UN",196.82,"0150100013"]
["0150100014","0014","BANHEIRA HOSPITALAR COM TAMPO E CUBA DE AÇO INOXIDÁVEL","UN",1585.67,"0150100014"]
["0150100015","0015","BARRA DE APOIO EM L DE AÇO INOX P/ DEFICIENTES - DIREITO/ESQUERDO","UN",712.38,"0150100015"]
["0150100016","0016","CABIDE DE LOUÇA BRANCA COM DOIS GANCHOS","UN",24.64,"0150100016"]
["0150100017","0017","CADEIRA DE BANHO ARTICULADA P/ DEFICIENTE","UN",1560.81,"0150100017"]
["0150100018","0018","CAIXA DE DESCARGA DE EMBUTIR COM REGISTRO INCORPORADO","UN",217.53,"0150100018"]
["0150100019","0019","CAIXA DE DESCARGA DE LOUÇA P/ ACOPLAR EM BACIA SANITÁRIA","UN",126.23,"0150100019"]
["0150100020","0020","CAIXA DE DESCARGA PLÁSTICA DE SOBREPOR","UN",70.52,"0150100020"]
["0150100021","0021","CHUVEIRO CROMADO ARTICULADO","UN",48.5,"0150100021"]
["0150100022","0022","CHUVEIRO PLÁSTICO EM PVC","UN",8.19,"0150100022"]
["0150100023","0023","CONE P/ EXPURGO EM AÇO INOXIDÁVEL COM TAMPA","UN",1358.72,"0150100023"]
["0150100024","0024","CUBA DE AÇO INOX 450X400X450MM P/ BANCADA COM ACESSÓRIOS","UN",542.27,"0150100024"]
["0150100025","0025","CUBA DE AÇO INOX 500X400X200MM P/ BANCADA COM ACESSÓRIOS","UN",422.27,"0150100025"]
["0150100026","0026","CUBA DE AÇO INOX P/ BANCADA COM ACESSÓRIOS","UN",178.68,"0150100026"]
["0150100027","0027","CUBA DE LOUÇA DE EMBUTIR COMPLETA COM TORNEIRA CROMADA E","UN",179.83,"0150100027"]
[null,null,"ACESSÓRIOS CROMADOS"]
["0150100028","0028","CUBA DE LOUÇA DE EMBUTIR COMPLETA COM TORNEIRA CROMADA E","UN",134.14,"0150100028"]
[null,null,"ACESSÓRIOS DE PVC"]
["0150100029","0029","CUBA DE LOUÇA DE EMBUTIR S/ ACESSÓRIOS","UN",73.04,"0150100029"]
[]
[null,"Página 59 de 120"]
[]
[]
[]
[]
[]
[null,"SECRETARIA MUNICIPAL DE INFRAESTRUTURA - SEINF"]
[null,"COORDENADORIA DE ELABORAÇÃO DE PROJETOS - CÉLULA DE ORÇAMENTO"]
[null,"Av. Dep. Paulino Rocha, 1343 - Cajazeiras     FORTALEZA-CE     CEP:60864-311     FONE: (85) 3105-1113"]
[null,"Email: seinf.edificacoes@fortaleza.ce.gov.br"]
[]
[null,null,"TABELA OFICIAL DO MUNICÍPIO"]
[{"$nulls":4},"Encargos Sociais: 83,84%"]
[null,null,"Relatório de Composições Sintético - COM DESONERAÇÃO"]
[null,null,"Mês de Coleta: 01/2014",null,"BDI: 0%"]
["Composição",null,"Descrição","Unidade","Preço","Composição"]
["0150100030","0030","CUBA DE LOUÇA DE SOBREPOR COMPLETA COM TORNEIRA CROMADA E","UN",183.66,"0150100030"]
[null,null,"ACESSÓRIOS CROMADOS"]
["0150100031","0031","CUBA DE LOUÇA DE SOBREPOR COMPLETA COM TORNEIRA CROMADA E","UN",137.97,"0150100031"]
[null,null,"ACESSÓRIOS DE PVC"]
["0150100032","0032","CUBA DE LOUÇA DE SOBREPOR COMPLETA COM TORNEIRA DE","UN",299.7,"0150100032"]
[null,null,"FECHAMENTO AUTOMÁTICO E ACESSÓRIOS CROMADOS"]
["0150100033","0033","DESVIADOR UNIVERSAL COM CHUVEIRO E DUCHA MANUAL, CROMADO -","UN",440.83,"0150100033"]
[null,"COMPLETO"]
["0150100034","0034","DUCHA MANUAL CROMADA P/ WC","UN",46.93,"0150100034"]
["0150100035","0035","ENGATE FLEXÍVEL 1/2\"x40cm REFORÇADO","UN",18.04,"0150100035"]
["0150100036","0036","ENGATE FLEXÍVEL CROMADO","UN",18.32,"0150100036"]
["0150100037","0037","ENGATE PLÁSTICO","UN",5.63,"0150100037"]
["0150100038","0038","ESPELHO CRISTAL 3MM (COLOCADO)","M2",200,"0150100038"]
["0150100039","0039","ESPELHO CRISTAL 3MM SOBRE COMPENSADO NAVAL","M2",254.39,"0150100039"]
["0150100040","0040","ESPELHO CRISTAL 80X40CM","UN",71.45,"0150100040"]
["0150100041","0041","LAVA PÉS EM TANQUE DE AÇO INOXIDAVEL (70X70X15)CM COM DRENO NA","UN",754.58,"0150100041"]
[null,null,"PARTE INFERIOR P/ ESCOAMENTO"]
["0150100042","0042","LAVATÓRIO COLETIVO TIPO TANQUE EM AÇO INOXIDAVEL 125X60X28,50CM","UN",2126.41,"0150100042"]
[null,null,"COM DRENO NA PARTE INFERIOR P/ ESCOAM"]
["0150100043","0043","LAVATÓRIO DE CANTO DE LOUÇA BRANCA, COM TORNEIRA DE","UN",564.56,"0150100043"]
[null,null,"FECHAMENTO AUTOMÁTICO E ACESSÓRIOS CROMADOS"]
["0150100044","0044","LAVATÓRIO DE LOUÇA BRANCA COM COLUNA, TORNEIRA E ACESSÓRIOS","UN",242.1,"0150100044"]
[null,"CROMADOS"]
["0150100045","0045","LAVATÓRIO DE LOUÇA BRANCA COM MEIA COLUNA COM ACESSÓRIOS","UN",243.04,"0150100045"]
[null,null,"CROMADOS (S/ TORNEIRA)"]
["0150100046","0046","LAVATÓRIO DE LOUÇA BRANCA S/ COLUNA COM TORNEIRA E ACESSÓRIOS","UN",190.47,"0150100046"]
[null,"CROMADOS"]
["0150100047","0047","LAVATÓRIO DE LOUÇA BRANCA S/ COLUNA COM TORNEIRAS E","UN",147.58,"0150100047"]
[null,null,"ACESSÓRIOS - PADRÃO POPULAR"]
["0150100048","0048","LAVATÓRIO DE LOUÇA BRANCA S/ COLUNA, COM TORNEIRA DE","UN",434.21,"0150100048"]
[null,null,"FECHAMENTO AUTOMÁTICO E ACESSÓRIOS CROMADOS"]
["0150100049","0049","LAVATÓRIO RÚSTICO EM MASSARANDUBA (15X15CM) COMTUBULAÇÃO DE","UN",181.35,"0150100049"]
[null,null,"ÁGUA 20MM E VÁLVULA DE ESFERA D=3/4\""]
["0150100050","0050","MICTÓRIO COLETIVO DE AÇO INOXIDÁVEL COM ACESSÓRIOS","M",598.73,"0150100050"]
["0150100051","0051","MICTÓRIO DE LOUÇA BRANCA COM ACESSÓRIOS","UN",212.24,"0150100051"]
["0150100052","0052","MICTÓRIO DE LOUÇA BRANCA COM ACESSÓRIOS E VÁLVULA DE","UN",396.81,"0150100052"]
[null,null,"FECHAMENTO AUTOMÁTICO"]
["0150100053","0053","PEÇAS DE APOIO EM AÇO INOX P/ DEFICIENTES EM WC","M",210.69,"0150100053"]
["0150100054","0054","PIA DE AÇO INOXIDÁVEL COM CUBA DUPLA 2,00X0,58M COMPLETA COM","UN",859.59,"0150100054"]
[null,null,"TORNEIRAS CROMADAS E ACESSÓRIOS"]
["0150100055","0055","PIA DE AÇO INOXIDÁVEL COM CUBA DUPLA 2,50X0,58M COM TORNEIRAS","UN",1329.59,"0150100055"]
[null,null,"CROMADAS E ACESSÓRIOS"]
["0150100056","0056","PIA DE AÇO INOXIDÁVEL COM CUBA SIMPLES 1,20X0,58M COMPLETA COM","UN",409.58,"0150100056"]
[null,null,"TORNEIRA CROMADA E ACESSÓRIOS"]
["0150100057","0057","PIA DE AÇO INOXIDÁVEL COM CUBA SIMPLES 1,50X0,58M COMPLETA COM","UN",463.7,"0150100057"]
[null,null,"TORNEIRA CROMADA E ACESSÓRIOS"]
["0150100058","0058","PIA DE AÇO INOXIDÁVEL COM CUBA SIMPLES 2,20X0,60M COMPLETA COM","UN",1043.95,"0150100058"]
[null,null,"TORNEIRA CROMADA E ACESSÓRIOS"]
["0150100059","0059","PIA DE MARMORITE COM CUBA SIMPLES 1,00X0,58M COM ACESSÓRIOS -","UN",122.18,"0150100059"]
[null,null,"PADRÃO POPULAR"]
["0150100060","0060","PORTA PAPEL EM INOX DE SOBREPOR COM PARAFUSOS DE FIXAÇÃO","UN",58.19,"0150100060"]
["0150100061","0061","PORTA SABÃO EM LÍQUIDO, EM MATERIAL PLÁSTICO","UN",16.49,"0150100061"]
["0150100062","0062","PORTA SABÃO EM PVC CROMADO DE 500ML COM VÁLVULA","UN",40.69,"0150100062"]
["0150100063","0063","PORTA SABÃO LÍQUIDO DE VIDRO","UN",16.51,"0150100063"]
[]
[null,"Página 60 de 120"]
[]
[]
[]
[]
[]
[null,"SECRETARIA MUNICIPAL DE INFRAESTRUTURA - SEINF"]
[null,"COORDENADORIA DE ELABORAÇÃO DE PROJETOS - CÉLULA DE ORÇAMENTO"]
[null,"Av. Dep. Paulino Rocha, 1343 - Cajazeiras     FORTALEZA-CE     CEP:60864-311     FONE: (85) 3105-1113"]
[null,"Email: seinf.edificacoes@fortaleza.ce.gov.br"]
[]
[null,null,"TABELA OFICIAL DO MUNICÍPIO"]
[{"$nulls":4},"Encargos Sociais: 83,84%"]
[null,null,"Relatório de Composições Sintético - COM DESONERAÇÃO"]
[null,null,"Mês de Coleta: 01/2014",null,"BDI: 0%"]
["Composição",null,"Descrição","Unidade","Preço","Composição"]
["0150100064","0064","PORTA TOALHA DE LOUÇA BRANCA","UN",32.62,"0150100064"]
["0150100065","0065","PORTA TOALHA DE PAPEL INOX","UN",22.1,"0150100065"]
["0150100066","0066","PORTA TOALHA DE PAPEL INTERFOLHADO, EM MATERIAL PLÁSTICO","UN",43.5,"0150100066"]
["0150100067","0067","PORTA-PAPEL DE LOUCA BRANCA 15X15CM","UN",34.73,"0150100067"]
["0150100068","0068","SABONETEIRA DE LOUCA BRANCA 15X15CM (S/ ALCA)","UN",25.97,"0150100068"]
["0150100069","0069","SABONETEIRA DE LOUÇA BRANCA 7.5X15CM","UN",25.45,"0150100069"]
["0150100070","0070","SABONETEIRA DE SOBREPOR EM METAL CROMADO COM MATERIAL DE","UN",231.35,"0150100070"]
[null,"FIXAÇÃO"]
["0150100071","0071","SIFÃO CROMADO P/ LAVATÓRIO","UN",61.58,"0150100071"]
["0150100072","0072","SIFÃO CROMADO P/ TANQUE OU PIA","UN",65.87,"0150100072"]
["0150100073","0073","SIFÃO DE PVC TIPO COPO P/ LAVATÓRIO","UN",14.62,"0150100073"]
["0150100074","0074","SIFÃO INTELIGENTE EM PVC","UN",10.9,"0150100074"]
["0150100075","0075","SIFÃO PVC P/ LAVATÓRIO - PADRÃO POPULAR","UN",15.86,"0150100075"]
["0150100076","0076","SIFÃO PVC P/ TANQUE OU PIA","UN",15.28,"0150100076"]
["0150100077","0077","TANQUE DE AÇO INOXIDÁVEL COM TORNEIRA CROMADA E ACESSÓRIOS","UN",557.63,"0150100077"]
["0150100078","0078","TANQUE DE LOUÇA COM COLUNA E COM ACESSÓRIOS","UN",338.79,"0150100078"]
["0150100079","0079","TANQUE LAVANDERIA EM AÇO INOX COM CUBA E ESFREGADOR DIMENSÃO","UN",896.37,"0150100079"]
[null,null,"1200X600X200MM INCL. VÁLVULA E SIFÃO"]
["0150100080","0080","TANQUE PRÉ-MOLDADO DE CONCRETO 1,00X0,50M COM TORNEIRA E","UN",140.24,"0150100080"]
[null,null,"ACESSÓRIOS - PADRÃO POPULAR"]
["0150100081","0081","TANQUE PRÉ-MOLDADO DE CONCRETO 80X70CM COM TORNEIRA E","UN",110.52,"0150100081"]
[null,"ACESSÓRIOS"]
["0150100082","0082","TORNEIRA CLÍNICA DE PAREDE","UN",51.4,"0150100082"]
["0150100083","0083","TORNEIRA DE METAL CANO CURTO 1/2\"- PADRÃO POPULAR","UN",47.27,"0150100083"]
["0150100084","0084","TORNEIRA DE PAREDE P/ PIA COM VÁLVULA DE FECHAMENTO MANUAL","UN",175.15,"0150100084"]
["0150100085","0085","TORNEIRA DE PLÁSTICO 3/4\"","UN",14.15,"0150100085"]
["0150100086","0086","TORNEIRA DE PRESSÃO CROMADA 1/2\"COM FECHAMENTO AUTOMÁTICO P/","UN",146.69,"0150100086"]
[null,"LAVATÓRIO"]
["0150100087","0087","TORNEIRA DE PRESSÃO CROMADA LONGA P/ PIA","UN",47.51,"0150100087"]
["0150100088","0088","TORNEIRA DE PRESSÃO CROMADA USO GERAL","UN",36.07,"0150100088"]
["0150100089","0089","TORNEIRA ELÉTRICA COM DUCHA BANHO TOTAL 4 ESTAÇÕES","UN",474.27,"0150100089"]
[null,null,"ACIONAMENTO COM BARRA DE DESLIZAMENTO"]
["0150100090","0090","TORNEIRA P/ JARDIM 3/4\"","UN",21.42,"0150100090"]
[null,null,"011     SubGrupo:      INSTALAÇÕES ESPECIAIS"]
["0150110001",null,"0001 AQUISIÇÃO E ASSENT. DE CONJ. STOPLOG EM PRFV,COM GUIAS EM","UN",212,"0150110001"]
[null,null,"ALUMÍNIO P/CAIXA DE AREIA E LEITO DE SECAGEM"]
["0150110002",null,"0002 AQUISIÇÃO E ASSENT. DE SISTEMA DE DISTRIBUIÇÃO DE EFLUENTES","UN",2936,"0150110002"]
[null,null,"MODELO BIODIG AN - 4000"]
["0150110003",null,"0003 AQUISIÇÃO E ASSENT. DE SISTEMA DE TRATAMENTO DE GAS DE REATOR","UN",3927,"0150110003"]
[null,null,"TIPO UASB - MODELO BIODIG AN - 4000"]
["0150110004",null,"0004 AQUISIÇÃO E ASSENT. DE TAMPÃO SEPARADOR TRIFÁSICO EXTERNO","UN",226,"0150110004"]
[null,null,"MODELO BIODIG AN - 4000"]
["0150110005",null,"0005 AQUISIÇÃO E ASSENT. DE TORNEIRA DE DESCARGA E AMOSTRAGEM DE","UN",126,"0150110005"]
[null,null,"LODO MODELO BIODIG AN - 4000"]
["0150110006",null,"0006 AQUISIÇÃO E INST. CONJ. MOTOR-BOMBA SUBMERS. BOMBA ABS, EJ 20 BV-","UN",4656.25,"0150110006"]
[null,null,"2,0CV-380V, 1750 RPM TRIF.60HZ CL B"]
["0150110007",null,"0007 AQUISIÇÃO E INSTALAÇÃO DE KIT DE DOSAGEM P/ ESTAÇÃO DE","UN",5532,"0150110007"]
[null,null,"TRATAMENTO DE ESGOTO"]
["0150110008",null,"0008 CURVA 90 EM PRFV FL / P DN 100MM","UN",98.58,"0150110008"]
["0150110009",null,"0009 CURVA 90 EM PRFV FL / P DN 150MM","UN",134.88,"0150110009"]
["0150110010",null,"0010 PRÉ-OPERAÇÃO DO SISTEMA DURANTE O PERÍODO DE 90 DIAS","UN",9600,"0150110010"]
[]
[null,"Página 61 de 120"]
[]
[]
[]
[]
[]
[null,"SECRETARIA MUNICIPAL DE INFRAESTRUTURA - SEINF"]
[null,"COORDENADORIA DE ELABORAÇÃO DE PROJETOS - CÉLULA DE ORÇAMENTO"]
[null,"Av. Dep. Paulino Rocha, 1343 - Cajazeiras     FORTALEZA-CE     CEP:60864-311     FONE: (85) 3105-1113"]
[null,"Email: seinf.edificacoes@fortaleza.ce.gov.br"]
[]
[null,null,"TABELA OFICIAL DO MUNICÍPIO"]
[{"$nulls":4},"Encargos Sociais: 83,84%"]
[null,null,"Relatório de Composições Sintético - COM DESONERAÇÃO"]
[null,"Mês de Coleta: 01/2014",null,null,"BDI: 0%"]
["Composição",null,"Descrição","Unidade","Preço","Composição"]
["0150110011",null,"0011 REFORMA DOS REATORES, INST. DO SISTEMA DE LAVAGEM DE GASES,","UN",4312,"0150110011"]
[null,null,"DOS PONTOS DE AMOSTRAGEM E DE DESCARGA"]
["0150110012",null,"0012 SISTEMA DE BOMBEAMENTO, LIMPEZA, DRENAGEM E FILTRAGEM ATÉ 20M3","UN",1370.54,"0150110012"]
[null,null,"012     SubGrupo:      ESTAÇÃO DE TRATAMENTO DE ESGOTO"]
["0150120001","0001","AQUISIÇÃO,CARGA,TRANSP. ATÉ 15KM, DESCARGA E ASSENT. DE","M",98.03,"0150120001"]
[null,null,"TUBOS/CONEXÕES EM PVC DEFOFO,JE 1MPA DN 150MM"]
["0150120002","0002","AQUISIÇÃO,CARGA,TRANSP. ATÉ 15KM, DESCARGA E ASSENT. DE","M",22.1,"0150120002"]
[null,null,"TUBOS/CONEXÕES EM PVC RÍGIDO OCRE JE DN 100MM"]
["0150120003","0003","AQUISIÇÃO,CARGA,TRANSP. ATÉ 15KM, DESCARGA E ASSENT. DE","M",45.41,"0150120003"]
[null,null,"TUBOS/CONEXÕES EM PVC RÍGIDO OCRE JE DN 150MM"]
["0150120004","0004","AQUISIÇÃO,CARGA,TRANSP. ATÉ 15KM, DESCARGA E ASSENT. DE","M",77.77,"0150120004"]
[null,null,"TUBOS/CONEXÕES EM PVC RÍGIDO OCRE JE DN 200MM"]
["0150120005","0005","AQUISIÇÃO,CARGA,TRANSP. ATÉ 15KM, DESCARGA E ASSENT. DE","M",130.17,"0150120005"]
[null,null,"TUBOS/CONEXÕES EM PVC RÍGIDO OCRE JE DN 250MM"]
["0150120006","0006","AQUISIÇÃO,CARGA,TRANSPORTE ATÉ 15KM,DESCARGA E ASSENT. DE","M",12.09,"0150120006"]
[null,null,"TUBOS/CONEXÕES EM PVC PBA JE CL-12 DN 50MM"]
["0150120007","0007","AQUISIÇÃO,CARGA,TRANSPORTE ATÉ 15KM,DESCARGA E ASSENT. DE","M",17.89,"0150120007"]
[null,null,"TUBOS/CONEXÕES EM PVC PBA JE CL-12 DN 75MM"]
["0150120008","0008","AQUISIÇÃO,CARGA,TRANSPORTE ATÉ 15KM,DESCARGA E ASSENT. DE","M",38.26,"0150120008"]
[null,null,"TUBOS/CONEXÕES EM PVC PBA JE CL-12 DN100MM"]
["0150120009","0009","ARRUELA BORRACHA P/ FLANGES DN 100 PN 10 P/ ESGOTO","UN",17.72,"0150120009"]
["0150120010","0010","ARRUELA BORRACHA P/ FLANGES DN 150 PN 10 P/ ESGOTO","UN",32.38,"0150120010"]
["0150120011","0011","ARRUELA BORRACHA P/ FLANGES DN 50 PN 10 P/ ESGOTO","UN",12.03,"0150120011"]
["0150120012","0012","ARRUELA BORRACHA P/ FLANGES DN 75 PN 10 P/ ESGOTO","UN",13.03,"0150120012"]
["0150120013","0013","CAIXA DE AREIA DN=2,0M HT=2,5M, (COMPLETAMENTE EXECUTADA)","UN",11550,"0150120013"]
["0150120014","0014","CESTO METÁLICO P/ RETENÇÃO DE SÓLIDOS (FORN. E MONTAGEM)","UN",330.55,"0150120014"]
["0150120015","0015","COMPORTA EM MADEIRA TRATADA COM ÓLEO DE LINHAÇA, CALHA","M2",71.85,"0150120015"]
[null,"ALUMÍNIO"]
["0150120016","0016","CONJUNTO DE PREPARO E DOASGEM HIPOCAL COM 1 TANQUE 100L PRFV","UN",4485,"0150120016"]
[null,null,"COM AGITADOR PNEUMATICO E BOMBA DOSADORA"]
["0150120017","0017","EXECUÇÃO CIVIL DO LEITO DE SECAGEM EM ALVENARIA,","M2",116.88,"0150120017"]
[null,null,"COMPLETAMENTE INSTALADO"]
["0150120018","0018","EXTREMIDADE PF COM ABA DE VEDAÇÃO DN 100 PN 10","UN",311.91,"0150120018"]
["0150120019","0019","FORNEC. E MONTAGEM FILTRO SUBMERSO AERADO PRFV DN=4,5M","UN",104737.5,"0150120019"]
[null,null,"HT=4,3M COM ACESSÓRIOS COMPLETO"]
["0150120020","0020","FORNEC. E MONTAGEM REATOR ANAEROBICO DE FLUXO ASCENDENTE","UN",45000,"0150120020"]
[null,null,"PRFV D=2,5M HT=5M COM ACESSORIOS COMPLETO"]
["0150120021","0021","FORNEC. E MONTAGEM REATOR ANAEROBICO DE FLUXO ASCENDENTE","UN",84858.75,"0150120021"]
[null,null,"PRFV DN=4,5M HT=5,3M COM ACESSÓRIOS COMPLE"]
["0150120022","0022","FORNEC. E MONTAGEM TANQUE DE CONTATO ATÉ 12,5M3 PRFV DN=2,5M","UN",8910,"0150120022"]
[null,"HT=3,4M"]
["0150120023","0023","FORN. E MONT. DE HASTE DE PROLONGAMENTO DN=1 1/8\", L=3,75M,","UN",2045.82,"0150120023"]
[null,null,"COMMANCAL INTERMEDIÁRIO E CHAVE T"]
["0150120024","0024","FORN. E MONT. PLACA SEPARADORA DE ESCUMA EM FIBRA DE VIDRO DO","M",319,"0150120024"]
[null,null,"TANQUE DE AERAÇÃO P/ ETE - COMP"]
["0150120025","0025","FORN. E MONTAGEM DE DEFLETOR EM FIBRA DE VIDRO DO TANQUE DE","M",190,"0150120025"]
[null,null,"AERAÇÃO P/ ETE - COMPLETO"]
["0150120026","0026","FORN. E MONTAGEM DE TRANQUILIZADOR DO TANQUE DE AERAÇÃO P/","UN",1782,"0150120026"]
[null,"ETE - COMPLETO"]
["0150120027","0027","HASTE DE PROLONGAMENTO COM ROSCA BOCA CHAVE DN 1 1/8\"L=1,00M","UN",1156.82,"0150120027"]
[null,"(COMPLETA)"]
["0150120028","0028","MONTAG DA UPTE COM SUAS RESPECT. BOMBAS, INCL. FORNEC. DE","UN",4710.8,"0150120028"]
[null,"TUBOS, CONEX E ACESS. P/ INTERL ENTRE ELES"]
[]
[null,"Página 62 de 120"]
[]
[]
[]
[]
[]
[null,"SECRETARIA MUNICIPAL DE INFRAESTRUTURA - SEINF"]
[null,"COORDENADORIA DE ELABORAÇÃO DE PROJETOS - CÉLULA DE ORÇAMENTO"]
[null,"Av. Dep. Paulino Rocha, 1343 - Cajazeiras     FORTALEZA-CE     CEP:60864-311     FONE: (85) 3105-1113"]
[null,"Email: seinf.edificacoes@fortaleza.ce.gov.br"]
[]
[null,null,"TABELA OFICIAL DO MUNICÍPIO"]
[{"$nulls":4},"Encargos Sociais: 83,84%"]
[null,null,"Relatório de Composições Sintético - COM DESONERAÇÃO"]
[null,"Mês de Coleta: 01/2014",null,null,"BDI: 0%"]
["Composição",null,"Descrição","Unidade","Preço","Composição"]
["0150120029","0029","MONTAG DO REATOR ANAERÓBICO COM TANQUE DE CONTATO, INCL.","UN",19373,"0150120029"]
[null,null,"FORN. DE TUBOS E ACESS. P/ INTERL ENTRE ELES"]
["0150120030","0030","MONTAG DO TANQUE DOSADOR, INCL. FORNEC. DE TUBOS, CONEX. EM","UN",257.16,"0150120030"]
[null,null,"PVC SOLDÁVEL, PARA INTERLIG. ENTRE ELES"]
["0150120031","0031","MONTAGEM DOS EQUIPAMENTOS-REATOR ANAERÓBIO E AERÓBIO","UN",10.4,"0150120031"]
["0150120032","0032","MONTAGEM E TRANSPORTE DE EQUIPAMENTOS FORNECIDOS DA ETE","UN",4980,"0150120032"]
["0150120033","0033","PARAFUSO COM PORCAS P/ FLANGES DN 20X90","UN",17.4,"0150120033"]
["0150120034","0034","PARAFUSO DE AÇO GALVANIZADO COM PORCA E ARRUELA DE 16\"X 75MM","UN",7.85,"0150120034"]
[null,"P/ FERRO FUNDIDO"]
["0150120035","0035","PARAFUSO DE AÇO GALVANIZADO COM PORCA E ARRUELA DE 20\"X 80MM","UN",14.5,"0150120035"]
[null,"P/ FERRO FUNDIDO"]
["0150120036","0036","POÇO DA ELEVATÓRIA PRFV DN=1,50M HT=3,0M, COMPLETAMENTE","UN",7084,"0150120036"]
[null,"INSTALADO"]
["0150120037","0037","POÇO P/ INST. DE CX DE GRADE DN=1,0M HT=2,0M INCL. SISTEMA DE","UN",4950,"0150120037"]
[null,"GRADEAMENTO"]
["0150120038","0038","SOPRADOR ROOTS CONJ. COM ACESSORIOS E MOTOR ELETRICO 345M3/H","UN",12100,"0150120038"]
[null,"5M.C.A. - 12CV"]
["0150120039","0039","TUBO DE FERRO FUNDIDO FLANGE/FLANGE DN=150MM, L=1,35M","UN",600.99,"0150120039"]
["0150120040","0040","TUBO DE FERRO FUNDIDO FLANGE/FLANGE DN=80MM, L=0,60M","UN",978.61,"0150120040"]
["0150120041","0041","TUBO DE FERRO FUNDIDO FLANGE/FLANGE DN=80MM, L=0,89M","UN",205.31,"0150120041"]
["0150120042","0042","TUBO DE FERRO FUNDIDO FLANGE/FLANGE DN=80MM, L=1,08M","UN",229.06,"0150120042"]
["0150120043","0043","TUBO DE FERRO FUNDIDO FLANGE/FLANGE DN=80MM, L=2,59M","UN",454.65,"0150120043"]
["0150120044","0044","TUBO DE FERRO FUNDIDO FLANGE/FLANGE DN=80MM, L=2,82M","UN",489.2,"0150120044"]
["0150120045","0045","TUBO DE FERRO FUNDIDO FLANGE/PONTA DN=100MM PN 10, L=2001 A","UN",649.74,"0150120045"]
[null,"2500MM"]
["0150120046","0046","TUBO DE FERRO FUNDIDO FLANGE/PONTA DN=100MM PN 10, L=501 A","UN",411.86,"0150120046"]
[null,"1000MM"]
["0150120047","0047","TUBO DE FERRO FUNDIDO PONTA/FLANGE DN=150MM, L=0,88M","UN",408.9,"0150120047"]
["0150120048","0048","TUBO DE FERRO FUNDIDO PONTA/FLANGE DN=150MM, L=1,45M","UN",647.6,"0150120048"]
["0150120049","0049","TUBO FOFO COM FLANGE E BOLSA DN=100MM PN 10, L=3501 A 4000MM","UN",854.63,"0150120049"]
["0150120050","0050","TUBO FOFO COM FLANGES DN=100MM PN 10, L ATÉ 250MM","UN",200.46,"0150120050"]
["0150120051","0051","TUBO FOFO COM FLANGES DN=100MM PN 10, L=1001 A 1500MM","UN",635.93,"0150120051"]
["0150120052","0052","TUBO FOFO COM FLANGES DN=100MM PN 10, L=1501 A 2000MM","UN",709.99,"0150120052"]
["0150120053","0053","TUBO FOFO COM FLANGES DN=80MM, L=0,48M","UN",171.49,"0150120053"]
["0150120054","0054","TUBO FOFO COM FLANGES DN=80MM, L=0,60M","UN",182.04,"0150120054"]
["0150120055","0055","TUBO FOFO DÚCTIL 2GS JE K-7 P/ ESGOTO DN=100MM","M",141.62,"0150120055"]
["0150120056","0056","TUBULAÇÃO DE INTERLIGAÇÃO ENTRE REATOR E FILTRO INCL.","UN",5340,"0150120056"]
[null,null,"TUBULAÇÃO DE AR DO FILTRO AERADO"]
["0150120057","0057","VENTOSA SIMPLES COM FLANGE DN 50 PN 16","UN",716.09,"0150120057"]
["0150120058","0058","VERTEDOURO TRIANGULAR EM FIBRA DE VIDRO CALHA DE ALUMÍNIO","M2",216.32,"0150120058"]
[null,null,"013     SubGrupo:      INJETAMENTO EM TUBULAÇÃO"]
["0150130001",null,"0001 INJETAMENTO EM TUBO EXISTENTE FOFO 200<DN<=300MM INCL.","M",569.48,"0150130001"]
[null,"DESLOCAMENTO"]
["0150130002",null,"0002 INJETAMENTO EM TUBO EXISTENTE PVC 100<DN<= 200MM INCL.","UN",150.55,"0150130002"]
[null,"DESLOCAMENTO"]
["0150130003",null,"0003 INJETAMENTO EM TUBO EXISTENTE PVC ATÉ 100MM INCL. DESLOCAMENTO","UN",101.99,"0150130003"]
[null,null,"014     SubGrupo:      OUTROS ELEMENTOS ( INSTALAÇÕES HIDRÁULICAS / SANITÁRIAS )"]
["0150140001",null,"0001 ABRIGO P/ HIDRANTE DE EMBUTIR 100 X 50 X 20CM, COMPLETO","UN",1071.51,"0150140001"]
["0150140002",null,"0002 ANEL BORRACHA P/ FOFO JUNTA ELÁSTICA DN 100 P/ ESGOTO","UN",17.57,"0150140002"]
[]
[null,"Página 63 de 120"]
[]
[]
[]
[]
[]
[null,"SECRETARIA MUNICIPAL DE INFRAESTRUTURA - SEINF"]
[null,"COORDENADORIA DE ELABORAÇÃO DE PROJETOS - CÉLULA DE ORÇAMENTO"]
[null,"Av. Dep. Paulino Rocha, 1343 - Cajazeiras     FORTALEZA-CE     CEP:60864-311     FONE: (85) 3105-1113"]
[null,"Email: seinf.edificacoes@fortaleza.ce.gov.br"]
[]
[null,null,"TABELA OFICIAL DO MUNICÍPIO"]
[{"$nulls":4},"Encargos Sociais: 83,84%"]
[null,null,"Relatório de Composições Sintético - COM DESONERAÇÃO"]
[null,null,"Mês de Coleta: 01/2014",null,"BDI: 0%"]
["Composição",null,"Descrição","Unidade","Preço","Composição"]
["0150140003","0003","ANEL BORRACHA P/ FOFO JUNTA ELÁSTICA DN 150 P/ ESGOTO","UN",32.15,"0150140003"]
["0150140004","0004","ANEL PRÉ-MOLDADO DE CONCRETO D=2,50M H=0,50M","UN",280.5,"0150140004"]
["0150140005","0005","ASSENTAMENTO DE TUBOS E CONEXÕES EM PVC, JE DN 150MM","M",2.25,"0150140005"]
["0150140006","0006","BANCO P/ BANHO PNE (FORN. E MONTAGEM)","M",235,"0150140006"]
["0150140007","0007","BASE PARA REGISTRO DE GAVETA CROMADO  D=1 1/2\"","UN",77.52,"0150140007"]
["0150140008","0008","BASE PARA REGISTRO DE GAVETA CROMADO  D=1\"","UN",54.96,"0150140008"]
["0150140009","0009","BASE PARA REGISTRO DE GAVETA CROMADO  D=3/4\"","UN",40.76,"0150140009"]
["0150140010","0010","BASE PARA REGISTRO DE PRESSÃO CROMADO  D=3/4\"","UN",40.76,"0150140010"]
["0150140011","0011","CAIXA DE GORDURA EM ALVENARIA Ø 60CM, H=60CM COM TAMPA DE","UN",309.19,"0150140011"]
[null,"CONCRETO"]
["0150140012","0012","CAIXA DE INCÊNDIO DE 90X60X30 COMPLETA, INCL. MANGUEIRA DN 2.1/2\" X","UN",1614.34,"0150140012"]
[null,null,"30 MTS, ESGUICHO JATO REGULÁ"]
["0150140013","0013","CAIXA DE INSPEÇÃO EM ALVENARIA DE TIJOLO 100X100X60CM COM TAMPA","UN",181.02,"0150140013"]
[null,"FERRO FUNDIDO"]
["0150140014","0014","CAIXA DE PASSAGEM EM ALVENARIA - 1/2 TIJOLO 100X100X100CM COM","UN",229.52,"0150140014"]
[null,null,"TAMPA EM FERRO FUNDIDO"]
["0150140015","0015","CAIXA DE PASSAGEM EM ALVENARIA - 1/2 TIJOLO 120X120X120CM COM","UN",280.15,"0150140015"]
[null,null,"TAMPA EM FERRO FUNDIDO"]
["0150140016","0016","CAIXA SECA DE PVC COM GRELHA E PORTA GRELHA CROMADA","UN",17.92,"0150140016"]
[null,"100X100X40 cm"]
["0150140017","0017","CAIXA SIFONADA DE PVC COM GRELHA E PORTA GRELHA CROMADA","UN",30.01,"0150140017"]
[null,"150X185X75MM"]
["0150140018","0018","CAIXA SIFONADA DE PVC COM TAMPA CEGA 150X185X75MM","UN",30.95,"0150140018"]
["0150140019","0019","CALÇO DE BORRACHA","UN",45.48,"0150140019"]
["0150140020","0020","CALHAS EM FIBRA DE VIDRO(FIBERGLASS), EM MÓDULOS DE 4,00M - ESP.","M",46.24,"0150140020"]
[null,null,"4MM NAS LATERAIS E 5MM NOS FUNDOS"]
["0150140021","0021","CANALETA DE CONCRETO MEIA-CANA, Ø=300MM","M",64.81,"0150140021"]
["0150140022","0022","CASCATA EM MÁRMORE TRAVESTINO  MED 3,00X1,40M - FORN. E","M2",423.32,"0150140022"]
[null,"MONTAGEM"]
["0150140023","0023","CJ DE BOIA AUTOMATICO DE MAXIMO/MINIMO","UN",44.7,"0150140023"]
["0150140024","0024","COLARINHO COM REGISTRO BORBOLETA DIÂMETRO 12\"","UN",78.1,"0150140024"]
["0150140025","0025","COLARINHO COM REGISTRO BORBOLETA DIÂMETRO 16\"","UN",134.6,"0150140025"]
["0150140026","0026","COLARINHO COM REGISTRO BORBOLETA DIÂMETRO 20\"","UN",172.1,"0150140026"]
["0150140027","0027","CONJUNTO MOTO-BOMBA SUBMERSÍVEL (ESGOTO) - Q=17,12 l/s;","UN",22230.8,"0150140027"]
[null,null,"Hman=15,14 M.C.A. e P=10cv"]
["0150140028","0028","CONSTRUÇÃO DE POÇO TUBULAR DIAM. 4\"ATÉ 60M DE PROFUDIDADE","UN",14178,"0150140028"]
[null,null,"(COMPLETAMENTE EXECUTADO)"]
["0150140029","0029","CONSTRUÇÃO DE POÇO TUBULAR EM 6\"ATÉ 60M DE PROFUDIDADE","UN",17375.8,"0150140029"]
[null,null,"(COMPLETAMENTE EXECUTADO)"]
["0150140030","0030","CONSTRUÇÃO DE POÇO TUBULAR RASO EM 6\"ATÉ 10M DE PROFUDIDADE","UN",3621.92,"0150140030"]
[null,null,"(COMPLETAMENTE EXECUTADO)"]
["0150140031","0031","CURVA 902 FOFO BB JUNT ELÁSTICA DN 100","UN",147.39,"0150140031"]
["0150140032","0032","CURVA FOFO 90 FF DN 100 PN10","UN",131.47,"0150140032"]
["0150140033","0033","DISPOSITIVO DE ASPIRAÇÃO 1 1/2\"","UN",47.84,"0150140033"]
["0150140034","0034","DISPOSITIVO DE RETORNO 1 1/2\"","UN",47.84,"0150140034"]
["0150140035","0035","ENVELOPE DE CONCRETO FCK=13,5MPA P/ PROTEÇÃO DE TUBO PVC","M3",366.13,"0150140035"]
[null,"ENTERRADO"]
["0150140036","0036","ENVELOPE DE CONCRETO P/ PROTEÇÃO DE TUBO PVC ENTERRADO","M",7.68,"0150140036"]
["0150140037","0037","FILTRO FM 75 MILENIUM PARA PISCINA","UN",1340.48,"0150140037"]
["0150140038","0038","FILTRO PARA SISTEMA DE AGUA PLUVIAIS TIPO INDUSTRIAL VF6","UN",990.48,"0150140038"]
["0150140039","0039","FITA PERFURADA LATÃO ESTANHADO P/ EQUALIZAÇÃO 20MM DE LARGURA,","UN",21,"0150140039"]
[null,"ROLO COM 3M"]
[]
[null,"Página 64 de 120"]
[]
[]
[]
[]
[]
[null,"SECRETARIA MUNICIPAL DE INFRAESTRUTURA - SEINF"]
[null,"COORDENADORIA DE ELABORAÇÃO DE PROJETOS - CÉLULA DE ORÇAMENTO"]
[null,"Av. Dep. Paulino Rocha, 1343 - Cajazeiras     FORTALEZA-CE     CEP:60864-311     FONE: (85) 3105-1113"]
[null,"Email: seinf.edificacoes@fortaleza.ce.gov.br"]
[]
[null,null,"TABELA OFICIAL DO MUNICÍPIO"]
["Encargos Sociais: 83,84%",{"$nulls":4},"Encargos Sociais: 83,84%"]
[null,null,"Relatório de Composições Sintético - COM DESONERAÇÃO"]
["BDI: 0%",null,"Mês de Coleta: 01/2014",null,null,"BDI: 0%"]
["Preço",null,null,"Descrição","Unidade","Preço","Composição"]
["6,98","0040","FITA VEDAÇÃO",null,"M","6,98","0150140040"]
["0,92","0041","FIXADOR ÔMEGA EM LATÃO L=15MM2 COM FUROS D= 5,5MM2 E TRAVA","UN","0,92","0150140041"]
[null,null,"PARA CABO DE COBRE 35MM2"]
["13,00","0042","FIXADOR UNIVERSAL PARA SPDA",null,"UN","13,00","0150140042"]
["103,68","0043","GRELHA DE FUNDO EM ABS 30X30 (RALO DE FUNDO)",null,"M2","103,68","0150140043"]
["133,32","0044","JOELHO 90° - 110MM",null,"UN","133,32","0150140044"]
["21,73","0045","JOELHO 90° - 60MM",null,"UN","21,73","0150140045"]
["7,60","0046","JOELHO 90º COM ANEL DE BORRACHA 40MM","UN","7,60","0150140046"]
["135,17","0047","LAVATÓRIO DE CANTO, LINHA IZY, NA COR BRANCO GELO",null,"UN","135,17","0150140047"]
["8,63","0048","LUVA LR AZUL 25X 1/2\"",null,"UN","8,63","0150140048"]
["7,58","0049","LUVA PVC ESGOTO Ø 100MM",null,"UN","7,58","0150140049"]
["28,02","0050","LUVA PVC ESGOTO Ø 150MM",null,"UN","28,02","0150140050"]
["42,41","0051","LUVA PVC PBS CLASSE 12 Ø 160MM",null,"UN","42,41","0150140051"]
["40,00","0052","LUVA UNIÃO PVC SOLDÁVEL MARROM D=110MM",null,"UN","40,00","0150140052"]
["454,61","0053","MANGUEIRA DE CAPA EM TECIDO DE POLIESTER, FORRADA",null,"UN","454,61","0150140053"]
[null,null,"INTERNAMENTE COM TUBO EM BORRACHA SINTETICA, COM P"]
["84,00","0054","MANÔMETRO 0-28 KGF/CM2",null,"UN","84,00","0150140054"]
["84,00","0055 MANÔMETRO SÉRIE WR, CAIXA EM AÇO ESTAMPADO, ANEL EM LATÃO,","UN","84,00",null,"0150140055"]
[null,null,"EXTREMIDADE ROSCADA, DN=1/2\""]
["4,54","0056","MANTA ACRÍLICA (PERLON) P/ FILTRO DIM.=33X45CM","4,54","UN","0150140056"]
["35,49","0057 MONTAGEM E ASSENTAMENTO DE ANEL PRÉ-MOLDADO D=2,50M H=0,50M","UN","35,49",null,"0150140057"]
["9,56","0058","NIPLE DE PVC RIG. CLASSE \"A\" D=1 1/2\" COM LUVA","9,56","UN","0150140058"]
["25,41","0059","NIPLE DUPLO 2.1/2\"","25,41","UN","0150140059"]
["22,65","0060","NIPLE DUPLO 3\"","22,65","UN","0150140060"]
["18,15","0061 PERFURAÇÃO EM TERRA, COM FERRAMENTA MANUAL DE 6 A 8M DE","M","18,15",null,"0150140061"]
[]
["113,65","0062","PT","113,65",null,"0150140062"]
["100,96","0063","PT","100,96",null,"0150140063"]
["20,16","0064","UN","20,16",null,"0150140064"]
["28,24","0065","UN","28,24",null,"0150140065"]
["94,07","0066","UN","94,07",null,"0150140066"]
["11,39","0067","UN","11,39",null,"0150140067"]
["11,60","0068","UN","11,60",null,"0150140068"]
["14,00","0069","UN","14,00",null,"0150140069"]
["25,25","0070","UN","25,25",null,"0150140070"]
["56,84","0071","UN","56,84",null,"0150140071"]
["0,15","0072","0,15","0150140072"]
["49,29","0073","UN","49,29",null,"0150140073"]
["66,74","0074","UN","66,74",null,"0150140074"]
["69,52","0075","69,52","0150140075"]
["90,34","0076","UN","90,34",null,"0150140076"]
["100,21","0077","UN","100,21",null,"0150140077"]
["247,14","0078","UN","247,14",null,"0150140078"]
["275,80","0079","UN","275,80",null,"0150140079"]
["35,64","0080 REDUÇÃO DIR. LISA METÁLICA GALVANIZADA CHAPA #16 DIMENSÕES DE","UN","35,64",null,"0150140080"]
[null,null,"150x50MM COM TAMPA E TODAS AS CONEXÕES"]
["10,97","0081","REDUÇÃO EXCENTRICA 100mX50MM",null,"UN","10,97","0150140081"]
["12,98","0082","REDUÇÃO EXCENTRICA 100mX75MM",null,"UN","12,98","0150140082"]
["8,26","0083","REDUÇÃO EXCENTRICA 75mX50MM",null,"UN","8,26","0150140083"]
[]
[null,"Página 65 de 120"]
[]
[]
[]
[]
[]
[null,"SECRETARIA MUNICIPAL DE INFRAESTRUTURA - SEINF"]
[null,"COORDENADORIA DE ELABORAÇÃO DE PROJETOS - CÉLULA DE ORÇAMENTO"]
[null,"Av. Dep. Paulino Rocha, 1343 - Cajazeiras     FORTALEZA-CE     CEP:60864-311     FONE: (85) 3105-1113"]
[null,"Email: seinf.edificacoes@fortaleza.ce.gov.br"]
[]
[null,null,"TABELA OFICIAL DO MUNICÍPIO"]
[{"$nulls":4},"Encargos Sociais: 83,84%"]
[null,null,"Relatório de Composições Sintético - COM DESONERAÇÃO"]
[null,null,"Mês de Coleta: 01/2014",null,"BDI: 0%"]
["Composição",null,"Descrição","Unidade","Preço","Composição"]
["0150140084","0084","REDUÇÃO EXCÊNTRICA PVC ESGOTO 150X100MM","UN",33.42,"0150140084"]
["0150140085","0085","REGISTRO DE ESFERA COM PASSAGEM TOTAL F/F-ALAVANCA Ø 2\"","UN",177.21,"0150140085"]
["0150140086","0086","REGISTRO DE ESFERA COM PASSAGEM TOTAL F/F-ALAVANCA Ø 2.1/2\"","UN",246.05,"0150140086"]
["0150140087","0087","REGISTRO DE ESFERA COM PASSAGEM TOTAL F/F-ALAVANCA Ø 6\"","UN",613.11,"0150140087"]
["0150140088","0088","REGISTRO DE ESFERA EM BRONZE COMDIAM. DE 1.1/2\"","UN",135.01,"0150140088"]
["0150140089","0089","REGISTRO DE GAVETA ASTE ASCENDENTE Ø 3\" CORPO EM FERRO","UN",182.11,"0150140089"]
[null,null,"FUNDIDO"]
["0150140090","0090","REGISTRO DE GAVETA ASTE ASCENDENTE Ø 4\" CORPO EM FERRO","UN",284.11,"0150140090"]
[null,null,"FUNDIDO"]
["0150140091","0091","REGISTRO DE GAVETA BRUTO DE 2X2 1/2\"","UN",343.22,"0150140091"]
["0150140092","0092","REGISTRO DE GAVETA BRUTO DE 3\"","UN",462.18,"0150140092"]
["0150140093","0093","REGISTRO DE GAVETA EM BRONZE ¢ 2.1/2\"","UN",198.79,"0150140093"]
["0150140094","0094","REGISTRO DE GAVETA EM BRONZE COM DIAM. DE 1\"","UN",60.4,"0150140094"]
["0150140095","0095","REGISTRO DE GAVETA EM BRONZE COM DIAM. DE 3/4\"","UN",50.71,"0150140095"]
["0150140096","0096","REGISTRO DE GAVETA FERRO FUNDIDO ¢ 3\"","UN",268.92,"0150140096"]
["0150140097","0097","REGISTRO DE GAVETA FERRO FUNDIDO ¢ 4\"","UN",403.95,"0150140097"]
["0150140098","0098","REGISTRO GAVETA COM CANOPLA Ø 2\"","UN",157.11,"0150140098"]
["0150140099","0099","REGISTRO REGULADOR DE VAZÃO SÉRIE JN 800x800MM","UN",261.58,"0150140099"]
["0150140100","0100","RESERVATÓRIO DE POLIETILENO - CAP= 12000L","UN",2508.35,"0150140100"]
["0150140101","0101","RESERVATÓRIO DE PROTEÇÃO P/ TANQUES EM RESINA PLÁSTICA DE ALTA","UN",821.98,"0150140101"]
[null,null,"RIGIDEZ, DOTADA DE KIT DE FIXAÇÃO E D"]
["0150140102","0102","SAIDA LATERAL SIMPLES D= 1 1/2\"- GALVANIZAÇÃO A FOGO","UN",22.39,"0150140102"]
["0150140103","0103","SELIM 90 ELÁSTICO OCRE DN 150 X 100","UN",34.33,"0150140103"]
["0150140104","0104","SELIM 90 ELÁSTICO OCRE DN 150 X 150","UN",94.02,"0150140104"]
["0150140105","0105","SELIM 90 ELÁSTICO OCRE DN 200 X 100","UN",71.44,"0150140105"]
["0150140106","0106","SERVIÇOS DE LIMPEZA DE POÇO TUBULAR ATÉ 60M","UN",2904,"0150140106"]
["0150140107","0107","TAMPA DE ALÇAPÃO P/ VISITA EM FERRO 0,60X0,60M","UN",80.99,"0150140107"]
["0150140108","0108","TAMPA DE ALÇAPÃO P/ VISITA EM FERRO 1,12X1,12M","UN",172.34,"0150140108"]
["0150140109","0109","TAMPA DE ALÇAPÃO P/ VISITA EM FERRO 1,32X1,32M","UN",231.34,"0150140109"]
["0150140110","0110","TAMPA DE ALÇAPÃO P/ VISITA EM FERRO 1,60X1,60M","UN",329.34,"0150140110"]
["0150140111","0111","TAMPA DE ALÇAPÃO P/ VISITA EM FERRO 2,29X2,29M","UN",651.64,"0150140111"]
["0150140112","0112","TAMPA DE INSPEÇÃO CORREDIÇA EM CHAPA DE AÇO GALVANIZADA","UN",79.06,"0150140112"]
[null,null,"E=1/16\", 69 X 78 CM"]
["0150140113","0113","TAMPA DE INSPEÇÃO CORREDIÇA EM CHAPA DE AÇO GALVANIZADA","UN",87.81,"0150140113"]
[null,null,"E=1/16\", 70 X 70 CM"]
["0150140114","0114","TAMPA DE VISITA EM PVC","UN",30.04,"0150140114"]
["0150140115","0115","TAMPÃO FOFO DÚCTIL DN 600 CL-300, DISPOS. ANTI-ROUBO","UN",327.65,"0150140115"]
["0150140116","0116","TAMPO COM ASSENTO SANITÁRIO","UN",21.81,"0150140116"]
["0150140117","0117","TAMPO EM FIBRA DE VIDRO P/ SHAFT","M2",264.56,"0150140117"]
["0150140118","0118","TÊ 90°3\"","UN",42.86,"0150140118"]
["0150140119","0119","TÊ 90°3\"X2 1/2\"","UN",63.86,"0150140119"]
["0150140120","0120","TÊ 90º MARROM - 32x25x32MM","UN",14.36,"0150140120"]
["0150140121","0121","TE AÇO GALVANIZADO D=3\"","UN",42.76,"0150140121"]
["0150140122","0122","TE FOFO FF DN 150 X 100 PN 10","UN",435.57,"0150140122"]
["0150140123","0123","TÊ PVC - 110MM","UN",106.02,"0150140123"]
["0150140124","0124","TÊ PVC - 75MM","UN",49.97,"0150140124"]
["0150140125","0125","TÊ PVC 60X25MM","UN",30.56,"0150140125"]
["0150140126","0126","TE PVC SOLDÁVEL MARROM D=20MM","UN",3.93,"0150140126"]
["0150140127","0127","TE PVC SOLDÁVEL MARROM D=40MM","UN",11.91,"0150140127"]
[]
[null,"Página 66 de 120"]
[]
[]
[]
[]
[]
[null,"SECRETARIA MUNICIPAL DE INFRAESTRUTURA - SEINF"]
[null,"COORDENADORIA DE ELABORAÇÃO DE PROJETOS - CÉLULA DE ORÇAMENTO"]
[null,"Av. Dep. Paulino Rocha, 1343 - Cajazeiras     FORTALEZA-CE     CEP:60864-311     FONE: (85) 3105-1113"]
[null,"Email: seinf.edificacoes@fortaleza.ce.gov.br"]
[]
[null,null,"TABELA OFICIAL DO MUNICÍPIO"]
[{"$nulls":4},"Encargos Sociais: 83,84%"]
[null,null,"Relatório de Composições Sintético - COM DESONERAÇÃO"]
[null,null,"Mês de Coleta: 01/2014",null,"BDI: 0%"]
["Composição",null,"Descrição","Unidade","Preço","Composição"]
["0150140128","0128","TE PVC SOLDÁVEL MARROM D=50MM","UN",13.81,"0150140128"]
["0150140129","0129","TE PVC SOLDÁVEL MARROM D=60MM","UN",26.45,"0150140129"]
["0150140130","0130","TORNEIRA DE BÓIA MECANICA METALICA 1\"","UN",58.45,"0150140130"]
["0150140131","0131","TORNEIRA DE BÓIA MECANICA METALICA 1.1/2\"","UN",88.96,"0150140131"]
["0150140132","0132","TORNEIRA DE LIMPEZA 3/4\" METÁLICA","UN",24.53,"0150140132"]
["0150140133","0133","TORNEIRA DE PRESSÃO CROMADA PARA LAVATÓRIO","UN",30.17,"0150140133"]
["0150140134","0134","TUBO DE AÇO CARBONO PRETO SEM COSTURA SCH 40  D=1\"","M",36.87,"0150140134"]
["0150140135","0135","TUBO DE AÇO CARBONO PRETO SEM COSTURA SCH 40  D=1.1/2\"","M",54.47,"0150140135"]
["0150140136","0136","TUBO DE AÇO CARBONO PRETO SEM COSTURA SCH 40  D=1.1/4\"","M",46.72,"0150140136"]
["0150140137","0137","TUBO DE AÇO CARBONO PRETO SEM COSTURA SCH 40  D=1/2\"","M",26.22,"0150140137"]
["0150140138","0138","TUBO DE AÇO CARBONO PRETO SEM COSTURA SCH 40  D=2\"","M",70.87,"0150140138"]
["0150140139","0139","TUBO DE AÇO CARBONO PRETO SEM COSTURA SCH 40  D=2. 1/2\"","M",107.41,"0150140139"]
["0150140140","0140","TUBO DE AÇO CARBONO PRETO SEM COSTURA SCH 40  D=3/4\"","M",27.2,"0150140140"]
["0150140141","0141","TUBO DE AÇO CARBONO PRETO SEM COSTURA SCH 40 COM PONTA LISA","M",37.6,"0150140141"]
[null,null,"PARA ROSCA D=1\""]
["0150140142","0142","TUBO DE AÇO CARBONO PRETO SEM COSTURA SCH 40 COM PONTA LISA","M",54.47,"0150140142"]
[null,null,"PARA ROSCA D=1.1/2\""]
["0150140143","0143","TUBO DE AÇO CARBONO PRETO SEM COSTURA SCH 40 COM PONTA LISA","M",70.87,"0150140143"]
[null,null,"PARA ROSCA D=2\""]
["0150140144","0144","TUBO DE AÇO CARBONO PRETO SEM COSTURA SCH 40 COM PONTA LISA","M",141.33,"0150140144"]
[null,null,"PARA ROSCA D=4\""]
["0150140145","0145","TUBO DE AÇO CARBONO PRETO SEM COSTURA SCH 40 COM PONTA LISA","M",100.13,"0150140145"]
[null,null,"PARA SOLDA D=100MM"]
["0150140146","0146","TUBO DE AÇO CARBONO PRETO SEM COSTURA SCH 40 COM PONTA LISA","M",63.78,"0150140146"]
[null,null,"PARA SOLDA D=65MM"]
["0150140147","0147","TUBO DE AÇO CARBONO PRETO SEM COSTURA SCH 40 COM PONTA LISA","M",75.47,"0150140147"]
[null,null,"PARA SOLDA D=80MM"]
["0150140148","0148","TUBO DE COBRE CLASSE A COM PONTAS LISAS PARA SOLDA, D=28MM","M",52.78,"0150140148"]
["0150140149","0149","TUBO DE COBRE CLASSE A COM PONTAS LISAS PARA SOLDA, D=35MM","M",79.86,"0150140149"]
["0150140150","0150","TUBO DE COBRE CLASSE A COM PONTAS LISAS PARA SOLDA, D=42MM","M",95.18,"0150140150"]
["0150140151","0151","TUBO DE COBRE CLASSE A COM PONTAS LISAS PARA SOLDA, D=54MM","M",134.18,"0150140151"]
["0150140152","0152","TUBO DE COBRE CLASSE A COM PONTAS LISAS PARA SOLDA, D=66MM","M",181.84,"0150140152"]
["0150140153","0153","TUBO DE COBRE CLASSE I COM PONTAS LISAS PARA SOLDA, D=15MM","M",27.14,"0150140153"]
["0150140154","0154","TUBO DE COBRE CLASSE I COM PONTAS LISAS PARA SOLDA, D=22MM","M",42.32,"0150140154"]
["0150140155","0155","TUBO DE CONCRETO SIMPLES TIPO MACHO FÊMEA DIÂMETRO 20CM","M",19.32,"0150140155"]
["0150140156","0156","TUBO DE CONCRETO SIMPLES TIPO MACHO FÊMEA DIÂMETRO 30CM","M",49.38,"0150140156"]
["0150140157","0157","TUBO DE PVC MARROM SOLDÁVEL CLASSE 15 -PRESSÃO DE TRABALHO:","M",110.85,"0150140157"]
[null,null,"7.5 kgf/cm2 D = 140 MM"]
["0150140158","0158","TUBO DE PVC REFORÇADO SÉRIE R, COM PONTA E BOLSA PARA JUNTA","M",52.39,"0150140158"]
[null,null,"ELÁSTICA D=100MM"]
["0150140159","0159","TUBO DE PVC REFORÇADO SÉRIE R, COM PONTA E BOLSA PARA JUNTA","M",28.12,"0150140159"]
[null,null,"ELÁSTICA D=40MM"]
["0150140160","0160","TUBO DE PVC REFORÇADO SÉRIE R, COM PONTA E BOLSA PARA JUNTA","M",32.92,"0150140160"]
[null,null,"ELÁSTICA D=50MM"]
["0150140161","0161","TUBO DE PVC REFORÇADO SÉRIE R, COM PONTA E BOLSA PARA JUNTA","M",41.14,"0150140161"]
[null,null,"ELÁSTICA D=75MM"]
["0150140162","0162","TUBO DE PVC SOLDÁVEL,SEM CONEXÕES D=110MM","M",58.5,"0150140162"]
["0150140163","0163","TUBO DE PVC VINILFORT, COM JUNTA ELÁSTICA INTEGRADA D=150 MM","M",82.75,"0150140163"]
["0150140164","0164","TUBO DE PVC VINILFORT, COM JUNTA ELÁSTICA INTEGRADA D=300 MM","M",167.44,"0150140164"]
["0150140165","0165","TUBO FOFO COM FLANGES DN 100 PN10 - L=4350","UN",1260.41,"0150140165"]
["0150140166","0166","TUBO FOFO COM FLANGES DN 100 PN10 - L=700","UN",502.84,"0150140166"]
[]
[null,"Página 67 de 120"]
[]
[]
[]
[]
[]
[null,"SECRETARIA MUNICIPAL DE INFRAESTRUTURA - SEINF"]
[null,"COORDENADORIA DE ELABORAÇÃO DE PROJETOS - CÉLULA DE ORÇAMENTO"]
[null,"Av. Dep. Paulino Rocha, 1343 - Cajazeiras     FORTALEZA-CE     CEP:60864-311     FONE: (85) 3105-1113"]
[null,"Email: seinf.edificacoes@fortaleza.ce.gov.br"]
[]
[null,null,"TABELA OFICIAL DO MUNICÍPIO"]
["Encargos Sociais: 83,84%",{"$nulls":4},"Encargos Sociais: 83,84%"]
[null,null,"Relatório de Composições Sintético - COM DESONERAÇÃO"]
["BDI: 0%","Mês de Coleta: 01/2014",{"$nulls":3},"BDI: 0%"]
["Preço",null,"Descrição",null,"Unidade","Preço","Composição"]
["624,39","0167","TUBO FOFO COM FLANGES DN 150 PN10 - L=500",null,"UN","624,39","0150140167"]
["665,63","0168","TUBO FOFO COM FLANGES DN 150 PN10 - L=750",null,"UN","665,63","0150140168"]
["583,47","0169","TUBO FOFO COM FLANGES E BOLSA JE DN 150 PN10 - L=1000",null,"UN","583,47","0150140169"]
["411,97","0170","TUBO FOFO COM FLANGES E PONTA DN 100 PN10 - L=1000",null,"UN","411,97","0150140170"]
["297,13","0171","TUBO FOFO PB JE L=2350 DN 100",null,"UN","297,13","0150140171"]
["303,61","0172","TUBO FOFO PONTA/PONTA DN 100, L=1000 MM",null,"UN","303,61","0150140172"]
["70,50","0173","TUBO PVC BRANCO P/ ESGOTO 300MM (10\") - COM JUNTAS E ANEIS",null,"M","70,50","0150140173"]
["69,95","0174","TUBO PVC BRANCO P/ ESGOTO 300MM (10\") - INCL. CONEXÕES","M","69,95","0150140174"]
["13,12","0175","TUBO PVC BRANCO P/ ESGOTO D=50MM",null,"M","13,12","0150140175"]
["14,42","0176","TUBO PVC BRANCO P/ ESGOTO D=75MM",null,"M","14,42","0150140176"]
["59,10","0177","TUBO PVC PBS CLASSE 12 Ø 160MM INCL. CONEXÕES",null,"M","59,10","0150140177"]
["36,03","0178","TUBO PVC RÍGIDO OCRE JEI DN 150 (NBR-7362)",null,"M","36,03","0150140178"]
["16,90","0179","TUBO PVC SOLDÁVEL (PBS) - CLASSE 15 - Ø 2\"",null,"M","16,90","0150140179"]
["26,06","0180","TUBO TERMOFUSÃO PPR DN=25 MM INCL. CONEXÕES",null,"M","26,06","0150140180"]
["27,80","0181","TUBO TERMOFUSÃO PPR DN=32 MM INCL. CONEXÕES",null,"M","27,80","0150140181"]
["28,02","0182","TUBO TERMOFUSÃO PPR DN=40 MM INCL. CONEXÕES",null,"M","28,02","0150140182"]
["34,59","0183","TUBO TERMOFUSÃO PPR DN=50 MM INCL. CONEXÕES",null,"M","34,59","0150140183"]
["35,49","0184","TUBO TERMOFUSÃO PPR DN=60 MM INCL. CONEXÕES",null,"M","35,49","0150140184"]
["37,97","0185","TUBO TERMOFUSÃO PPR DN=75 MM INCL. CONEXÕES",null,"M","37,97","0150140185"]
["57,39","0186","TUBOS EM AÇO GALVANIZADO, ASTM-A-53 OU A-106,  DIN 2440","¢1\",  COM","M","57,39","0150140186"]
[null,null,"ISOLAMENTO DE ESPUMA ELASTOMÉRICA"]
["99,28","0187","TUBOS EM AÇO GALVANIZADO, ASTM-A-53 OU A-106,  DIN 2440","¢1.1/2\",  COM","M","99,28","0150140187"]
[null,null,"ISOLAMENTO DE ESPUMA ELASTOMÉR"]
["82,43","0188","TUBOS EM AÇO GALVANIZADO, ASTM-A-53 OU A-106,  DIN 2440","¢1.1/4\",  COM","M","82,43","0150140188"]
[null,null,"ISOLAMENTO DE ESPUMA ELASTOMÉR"]
["175,76","0189","TUBOS EM AÇO GALVANIZADO, ASTM-A-53 OU A-106,  DIN 2440","¢2\",  COM","M","175,76","0150140189"]
[null,null,"ISOLAMENTO DE ESPUMA ELASTOMÉRICA"]
["42,79","0190","TUBOS EM AÇO GALVANIZADO, ASTM-A-53 OU A-106,  DIN 2440","¢3/4\",  COM","M","42,79","0150140190"]
[null,null,"ISOLAMENTO DE ESPUMA ELASTOMÉRIC"]
["205,65","0191","TUBOS EM AÇO PRETO, ASTM-A-53 OU A-106,  S/C SCH 40","¢3\",  COM","M","205,65","0150140191"]
[null,null,"ISOLAMENTO DE ESPUMA ELASTOMÉRICA EM M"]
["284,49","0192","TUBOS EM AÇO PRETO, ASTM-A-53 OU A-106,  S/C SCH 40","¢4\",  COM","M","284,49","0150140192"]
[null,null,"ISOLAMENTO DE ESPUMA ELASTOMÉRICA EM M"]
["427,84","0193","TUBOS EM AÇO PRETO, ASTM-A-53 OU A-106,  S/C SCH 40","¢5\",  COM","M","427,84","0150140193"]
[null,null,"ISOLAMENTO DE ESPUMA ELASTOMÉRICA EM M"]
["458,82","0194","TUBOS EM AÇO PRETO, ASTM-A-53 OU A-106,  S/C SCH 40","¢6\",  COM","M","458,82","0150140194"]
[null,null,"ISOLAMENTO DE ESPUMA ELASTOMÉRICA EM M"]
["774,30","0195","TUBOS EM AÇO PRETO, ASTM-A-53 OU A-106,  S/C SCH 40","¢8\",  COM","M","774,30","0150140195"]
[null,null,"ISOLAMENTO DE ESPUMA ELASTOMÉRICA EM M"]
["330,74","0196","VÁLVULA DE 2 VIAS \"ON-OFF\" COM FUNÇÃO BALANCEAMENTO D=3/4 E",null,"UN","330,74","0150140196"]
[null,null,"SENSOR DE AMBIENTE"]
["958,44","0197","VÁLVULA DE 2 VIAS \"PROPORCIONAL\"  D=2\", COMPLETA E COM SENSOR DE",null,"UN","958,44","0150140197"]
[null,"AMBIENTE"]
["708,91","0198","VÁLVULA DE 2 VIAS \"PROPORCIONAL\" D=1\" , COMPLETA E COM SENSOR DE",null,"UN","708,91","0150140198"]
[null,"AMBIENTE"]
["855,58","0199","VÁLVULA DE 2 VIAS \"PROPORCIONAL\" D=1.1/2 , COMPLETA E COM SENSOR",null,"UN","855,58","0150140199"]
[null,"DE AMBIENTE"]
["781,36","0200","VÁLVULA DE 2 VIAS \"PROPORCIONAL\" D=1.1/4, COMPLETA E COM SENSOR",null,"UN","781,36","0150140200"]
[null,"DE AMBIENTE"]
["1.794,37","0201","VÁLVULA DE 2 VIAS \"PROPORCIONAL\" D=3\" , COMPLETA E COM SENSOR DE",null,"UN","1.794,37","0150140201"]
[null,null,"PRESSÃO DIFERENCIAL PARA IMERSÃO EM"]
["545,39","0202","VÁLVULA DE 2 VIAS \"PROPORCIONAL\" D=3/4\", COMPLETA E COM SENSOR",null,"UN","545,39","0150140202"]
[null,"DE AMBIENTE"]
[]
[null,"Página 68 de 120"]
[]
[]
[]
[]
[]
[null,"SECRETARIA MUNICIPAL DE INFRAESTRUTURA - SEINF"]
[null,"COORDENADORIA DE ELABORAÇÃO DE PROJETOS - CÉLULA DE ORÇAMENTO"]
[null,"Av. Dep. Paulino Rocha, 1343 - Cajazeiras     FORTALEZA-CE     CEP:60864-311     FONE: (85) 3105-1113"]
[null,"Email: seinf.edificacoes@fortaleza.ce.gov.br"]
[]
[null,null,"TABELA OFICIAL DO MUNICÍPIO"]
[{"$nulls":4},"Encargos Sociais: 83,84%"]
[null,null,"Relatório de Composições Sintético - COM DESONERAÇÃO"]
[null,null,"Mês de Coleta: 01/2014",null,"BDI: 0%"]
["Composição",null,"Descrição","Unidade","Preço","Composição"]
["0150140203","0203","VÁLVULA DE ALÍVIO, EM BRONZE FUNDIDO, ROSCADA DN=1 1/2”","UN",958.04,"0150140203"]
["0150140204","0204","VÁLVULA DE BALANCEAMENTO MODELO STDA D=1\"","UN",185.72,"0150140204"]
["0150140205","0205","VÁLVULA DE BALANCEAMENTO MODELO STDA D=1.1/2\"","UN",242.9,"0150140205"]
["0150140206","0206","VÁLVULA DE BALANCEAMENTO MODELO STDA D=1.1/4\"","UN",195.88,"0150140206"]
["0150140207","0207","VÁLVULA DE BALANCEAMENTO MODELO STDA D=2\"","UN",302.28,"0150140207"]
["0150140208","0208","VÁLVULA DE BALANCEAMENTO MODELO STDA D=2.1/2\"","UN",457.72,"0150140208"]
["0150140209","0209","VÁLVULA DE BALANCEAMENTO MODELO STDA D=3/4\"","UN",167.8,"0150140209"]
["0150140210","0210","VÁLVULA DE BALANCEAMENTO MODELO STDA D=4\"","UN",1297.72,"0150140210"]
["0150140211","0211","VALVULA DE DESC. DE 1.1/4\", COMREGISTRO INTEGRADO","UN",169.82,"0150140211"]
["0150140212","0212","VÁLVULA DE ESFERA EM BRONZE FUNDIDO, EXTREMIDADES COM ROSCA","UN",68.7,"0150140212"]
[null,null,"FÊMEA, SÉRIE MISER, DN=1\""]
["0150140213","0213","VÁLVULA DE ESFERA EM BRONZE FUNDIDO, EXTREMIDADES COM ROSCA","UN",41.96,"0150140213"]
[null,null,"FÊMEA, SÉRIE MISER, DN=1/2\""]
["0150140214","0214","VÁLVULA DE ESFERA EM BRONZE FUNDIDO, EXTREMIDADES COM ROSCA","UN",140.13,"0150140214"]
[null,null,"FÊMEA, SÉRIE MISER, DN=2\""]
["0150140215","0215","VÁLVULA DE ESFERA EM BRONZE FUNDIDO, EXTREMIDADES COM ROSCA","UN",51.33,"0150140215"]
[null,null,"FÊMEA, SÉRIE MISER, DN=3/4\""]
["0150140216","0216","VÁLVULA DE ESFERA EM LATÃO FUNDIDO, SÉRIE MITE, ESFERA EM AÇO","UN",770.38,"0150140216"]
[null,null,"INOX, EXTREMIDADES ROSCADAS D=1.1/2\""]
["0150140217","0217","VÁLVULA DE ESFERA FLUTUANTE, DOTADA DE TUBO EM AÇO CARBONO,","UN",156.54,"0150140217"]
[null,null,"EXTREMIDADE ROSCADA, COM 6\" DE COMPRIMENT"]
["0150140218","0218","VALVULA DE FLUXO AUTOMATICA COM RETARDO PNEUMATICO 1\"","UN",71.76,"0150140218"]
["0150140219","0219","VALVULA DE PÉ COM CRIVO EM FERRO FUNDIDO CLASSE 125 D = 6\"","UN",821.73,"0150140219"]
["0150140220","0220","VÁLVULA DE PRESSÃO E VÁCUO, CORPO EM ALUMÍNIO FUNDIDO, ROSCA","UN",359.4,"0150140220"]
[null,"BSP, DN=2\""]
["0150140221","0221","VÁLVULA DE RETENÇÃO HORIZONTAL EM AÇO CARBONO FUNDIDO,","UN",962.8,"0150140221"]
[null,null,"CLASSE 150, EXTREMIDADES FLANGEADAS, DN=1 1/2"]
["0150140222","0222","VALVULA DE RETENCAO VERT. EM BRONZE COM DIAM. DE 2.1/2\"","UN",146.85,"0150140222"]
["0150140223","0223","VÁLVULA DE RETENÇÃO VERTICAL 3\"","UN",260.11,"0150140223"]
["0150140224","0224","VÁLVULA DE RETENÇÃO VERTICAL, CORPO EM BRONZE , ROSCADA D= 1\"","UN",267.84,"0150140224"]
["0150140225","0225","VÁLVULA ESFERA PVC - 32MM","UN",37.19,"0150140225"]
["0150140226","0226","VÁLVULA ESFERA PVC - 60MM","UN",68.89,"0150140226"]
["0150140227","0227","VÁLVULA ESFERA PVC - 75MM - 3\"","UN",121.94,"0150140227"]
["0150140228","0228","VÁLVULA ESFERA PVC 85MM","UN",148.94,"0150140228"]
["0150140229","0229","VÁLVULA ESFÉRICA PVC 1\"","UN",66.94,"0150140229"]
["0150140230","0230","VÁLVULA GAVETA, CORPO EM AÇO FUNDIDO, FLANGEADA  D= 2\"","UN",787.63,"0150140230"]
["0150140231","0231","VÁLVULA GAVETA, CORPO EM AÇO FUNDIDO, FLANGEADA  D= 3\"","UN",1109.72,"0150140231"]
["0150140232","0232","VÁLVULA GAVETA, CORPO EM AÇO FUNDIDO, FLANGEADA  D=4\"","UN",1677.93,"0150140232"]
["0150140233","0233","VÁLVULA GLOBO FERRO FUNDIDO ¢ 3\"","UN",386.94,"0150140233"]
["0150140234","0234","VÁLVULA HIDRO MECÂNICA PARA MICTÓRIO Ø 1/2\"","UN",107.1,"0150140234"]
["0150140235","0235","VÁLVULA SOLENÓIDE DE 2 VIAS NORMAL FECHADA, CORPO DE LATÃO E","UN",1026.51,"0150140235"]
[null,null,"ASSENTO DE TEFLON, SÉRIE 8210, DN=1\""]
[null,null,"016     Grupo:      INSTALAÇÕES ELÉTRICAS, TELEFONIA, LÓGICA E SOM"]
[null,null,"001     SubGrupo:      ELETRODUTOS DE PVC E CONEXÕES"]
["0160010001",null,"0001 ABRACADEIRA PLÁSTICA","UN",7.8,"0160010001"]
["0160010002",null,"0002 ADAPTADOR DE PVC P/ ELETRODUTO 3X1\"","UN",2.88,"0160010002"]
["0160010003","0003 ANEL GUIA",null,"UN",2.49,"0160010003"]
[]
[null,"Página 69 de 120"]
[]
[]
[]
[]
[]
[null,"SECRETARIA MUNICIPAL DE INFRAESTRUTURA - SEINF"]
[null,"COORDENADORIA DE ELABORAÇÃO DE PROJETOS - CÉLULA DE ORÇAMENTO"]
[null,"Av. Dep. Paulino Rocha, 1343 - Cajazeiras     FORTALEZA-CE     CEP:60864-311     FONE: (85) 3105-1113"]
[null,"Email: seinf.edificacoes@fortaleza.ce.gov.br"]
[]
[null,null,"TABELA OFICIAL DO MUNICÍPIO"]
[{"$nulls":4},"Encargos Sociais: 83,84%"]
[null,null,"Relatório de Composições Sintético - COM DESONERAÇÃO"]
[null,"Mês de Coleta: 01/2014",null,null,"BDI: 0%"]
["Composição",null,"Descrição","Unidade","Preço","Composição"]
["0160010004","0004","ARRUELA DE PRESSÃO 1/4\"","UN",0.32,"0160010004"]
["0160010005","0005","ARRUELA DE PRESSÃO 3/8\"","UN",0.24,"0160010005"]
["0160010006","0006","ARRUELA LISA DE 1/4\"","UN",0.32,"0160010006"]
["0160010007","0007","BRAÇADEIRA DE NYLON S-8 COM PARAFUSO","UN",0.49,"0160010007"]
["0160010008","0008","BRAÇADEIRA P/ CABO CI","UN",6.89,"0160010008"]
["0160010009","0009","BUCHA DE NYLON S-6 COM PARAFUSOS","UN",0.33,"0160010009"]
["0160010010","0010","CONDULETE PVC 1 1/4\" TIPO L","UN",15.93,"0160010010"]
["0160010011","0011","CURVA P/ ELETRODUTO PVC ROSC. D=110MM (4\")","UN",56.29,"0160010011"]
["0160010012","0012","CURVA P/ ELETRODUTO PVC ROSC. D=20MM (3/4\")","UN",2.62,"0160010012"]
["0160010013","0013","CURVA P/ ELETRODUTO PVC ROSC. D=25MM (1\")","UN",3.16,"0160010013"]
["0160010014","0014","CURVA P/ ELETRODUTO PVC ROSC. D=32MM (1 1/4\")","UN",3.99,"0160010014"]
["0160010015","0015","CURVA P/ ELETRODUTO PVC ROSC. D=40MM (1 1/2\")","UN",6.79,"0160010015"]
["0160010016","0016","CURVA P/ ELETRODUTO PVC ROSC. D=50MM (2\")","UN",8.03,"0160010016"]
["0160010017","0017","CURVA P/ ELETRODUTO PVC ROSC. D=60MM (2 1/4\")","UN",11.88,"0160010017"]
["0160010018","0018","CURVA P/ ELETRODUTO PVC ROSC. D=75MM (3\")","UN",29.5,"0160010018"]
["0160010019","0019","CURVA P/ ELETRODUTO PVC ROSC. D=85MM (3 1/4\")","UN",35.46,"0160010019"]
["0160010020","0020","ELETRODUTO EM PEAD, PRETO, CORRUGADO FLEXÍVEL D= 1.1/2\"","M",8.43,"0160010020"]
["0160010021","0021","ELETRODUTO EM PEAD, PRETO, CORRUGADO FLEXÍVEL D=1.1/4\"","M",8.16,"0160010021"]
["0160010022","0022","ELETRODUTO EM PEAD, PRETO, CORRUGADO FLEXÍVEL D=2 1/2\"","M",12.9,"0160010022"]
["0160010023","0023","ELETRODUTO EM PEAD, PRETO, CORRUGADO FLEXÍVEL D=2\"","M",12.8,"0160010023"]
["0160010024","0024","ELETRODUTO EM PEAD, PRETO, CORRUGADO FLEXÍVEL D=3\"","M",12.9,"0160010024"]
["0160010025","0025","ELETRODUTO EM PEAD, PRETO, CORRUGADO FLEXÍVEL D=4\"","M",14.69,"0160010025"]
["0160010026","0026","ELETRODUTO PVC GARGANTA AMARELO 3/4\" - PADRÃO POPULAR","M",3.09,"0160010026"]
["0160010027","0027","ELETRODUTO PVC GARGANTA AMARELO 3/4\"","M",7.14,"0160010027"]
["0160010028","0028","ELETRODUTO PVC ROSC. D=110MM (4\")","M",48.72,"0160010028"]
["0160010029","0029","ELETRODUTO PVC ROSC. D=25MM (3/4\")","M",5.39,"0160010029"]
["0160010030","0030","ELETRODUTO PVC ROSC. D=32MM (1\")","M",7.4,"0160010030"]
["0160010031","0031","ELETRODUTO PVC ROSC. D=40MM (1 1/4\")","M",10.41,"0160010031"]
["0160010032","0032","ELETRODUTO PVC ROSC. D=50MM (1 1/2\")","M",13.06,"0160010032"]
["0160010033","0033","ELETRODUTO PVC ROSC. D=60MM (2\")","M",16.31,"0160010033"]
["0160010034","0034","ELETRODUTO PVC ROSC. D=75MM (2 1/2\")","M",27.95,"0160010034"]
["0160010035","0035","ELETRODUTO PVC ROSC. D=85MM (3\")","M",34.79,"0160010035"]
["0160010036","0036","ELETRODUTO PVC ROSC. INCL. CONEXÕES D=110MM (4\")","M",53.37,"0160010036"]
["0160010037","0037","ELETRODUTO PVC ROSC. INCL. CONEXÕES D=20MM (1/2\")","M",6.4,"0160010037"]
["0160010038","0038","ELETRODUTO PVC ROSC. INCL. CONEXÕES D=25MM (3/4\")","M",7.37,"0160010038"]
["0160010039","0039","ELETRODUTO PVC ROSC. INCL. CONEXÕES D=32MM (1\")","M",9.22,"0160010039"]
["0160010040","0040","ELETRODUTO PVC ROSC. INCL. CONEXÕES D=40MM (1 1/4\")","M",13.5,"0160010040"]
["0160010041","0041","ELETRODUTO PVC ROSC. INCL. CONEXÕES D=50MM (1 1/2\")","M",16.63,"0160010041"]
["0160010042","0042","ELETRODUTO PVC ROSC. INCL. CONEXÕES D=60MM (2\")","M",19.4,"0160010042"]
["0160010043","0043","ELETRODUTO PVC ROSC. INCL. CONEXÕES D=75MM (2 1/2\")","M",31.5,"0160010043"]
["0160010044","0044","ELETRODUTO PVC ROSC. INCL. CONEXÕES D=85MM (3\")","M",37.87,"0160010044"]
["0160010045","0045","LUVA P/ ELETRODUTO PVC ROSC. D=110MM (4\")","UN",32.45,"0160010045"]
["0160010046","0046","LUVA P/ ELETRODUTO PVC ROSC. D=20MM (1/2\")","UN",0.86,"0160010046"]
["0160010047","0047","LUVA P/ ELETRODUTO PVC ROSC. D=25MM (3/4\")","UN",1.23,"0160010047"]
["0160010048","0048","LUVA P/ ELETRODUTO PVC ROSC. D=32MM (1\")","UN",2.02,"0160010048"]
["0160010049","0049","LUVA P/ ELETRODUTO PVC ROSC. D=40MM (1 1/4\")","UN",2.86,"0160010049"]
["0160010050","0050","LUVA P/ ELETRODUTO PVC ROSC. D=50MM (1 1/2\")","UN",3.63,"0160010050"]
["0160010051","0051","LUVA P/ ELETRODUTO PVC ROSC. D=60MM (2\")","UN",5.1,"0160010051"]
[]
[null,"Página 70 de 120"]
[]
[]
[]
[]
[]
[null,"SECRETARIA MUNICIPAL DE INFRAESTRUTURA - SEINF"]
[null,"COORDENADORIA DE ELABORAÇÃO DE PROJETOS - CÉLULA DE ORÇAMENTO"]
[null,"Av. Dep. Paulino Rocha, 1343 - Cajazeiras     FORTALEZA-CE     CEP:60864-311     FONE: (85) 3105-1113"]
[null,"Email: seinf.edificacoes@fortaleza.ce.gov.br"]
[]
[null,null,"TABELA OFICIAL DO MUNICÍPIO"]
[{"$nulls":4},"Encargos Sociais: 83,84%"]
[null,null,"Relatório de Composições Sintético - COM DESONERAÇÃO"]
[null,null,"Mês de Coleta: 01/2014",null,"BDI: 0%"]
["Composição",null,"Descrição","Unidade","Preço","Composição"]
["0160010052",null,"0052 LUVA P/ ELETRODUTO PVC ROSC. D=75MM (2 1/2\")","UN",12.48,"0160010052"]
["0160010053",null,"0053 LUVA P/ ELETRODUTO PVC ROSC. D=85MM (3\")","UN",18.31,"0160010053"]
[null,null,"002     SubGrupo:      ELETRODUTOS DE ALUMÍNIO E CONEXÕES"]
["0160020001","0001","BOX RETO DE ALUMÍNIO 1\"","UN",4.81,"0160020001"]
["0160020002","0002","BOX RETO DE ALUMÍNIO 1.1/4\"","UN",5.27,"0160020002"]
["0160020003","0003","BOX RETO DE ALUMÍNIO 3/4\"","UN",4.26,"0160020003"]
["0160020004","0004","BUCHA DE REDUÇÃO EM ALUMÍNIO 1 1/2\" X 3/4\"","UN",9.04,"0160020004"]
["0160020005","0005","BUCHA DE REDUÇÃO EM ALUMÍNIO 1 1/4\" X 1\"","UN",8.29,"0160020005"]
["0160020006","0006","BUCHA DE REDUÇÃO EM ALUMÍNIO 1\"X3/4\"","UN",3.04,"0160020006"]
["0160020007","0007","BUCHA E ARRUELA DE ALUMÍNIO D=3/4\" (20MM)","PAR",0.62,"0160020007"]
["0160020008","0008","BUCHA E ARRUELA DE ALUMÍNIO D=4\" (100MM)","PAR",6.09,"0160020008"]
["0160020009","0009","CABEÇOTE DE ALUMÍNIO D=3\" (75MM)","UN",27.99,"0160020009"]
["0160020010","0010","CONDULETE DE ALUMÍNIO 1 1/4\"","UN",25.24,"0160020010"]
["0160020011","0011","CONDULETE DE ALUMÍNIO 1\"","UN",16.69,"0160020011"]
["0160020012","0012","CONDULETE DE ALUMÍNIO 3/4\"","UN",12.85,"0160020012"]
["0160020013","0013","CONDULETE DE ALUMÍNIO TIPO \"T\"DE 1\"","UN",16.69,"0160020013"]
["0160020014","0014","CONDULETE EM ALUMÍNIO SILICIO D=3\" TIPO \"LL\"","UN",74.14,"0160020014"]
["0160020015","0015","CONDULETE EM ALUMÍNIO SILICIO D=3/4\" TIPO \"C\"","UN",13.5,"0160020015"]
["0160020016","0016","CONDULETE EM ALUMÍNIO SILICIO D=3/4\" TIPO \"E\"","UN",13.5,"0160020016"]
["0160020017","0017","CONDULETE EM ALUMÍNIO SILICIO D=3/4\" TIPO \"LR\"","UN",15.94,"0160020017"]
["0160020018","0018","CONDULETE EM ALUMÍNIO SILICIO Ø3\" TIPO \"LR\"","UN",74.14,"0160020018"]
["0160020019","0019","CONDULETE EM ALUMÍNIO TIPO \"LB\"DE 1\"","UN",19.8,"0160020019"]
["0160020020","0020","CONDULETE EM ALUMÍNIO TIPO \"LL\"DE 1 1/4\"","UN",19.7,"0160020020"]
["0160020021","0021","CONDULETE EM ALUMÍNIO TIPO \"LL\"DE 1/2\"","UN",8.69,"0160020021"]
["0160020022","0022","CONDULETE EM ALUMÍNIO TIPO \"LL\"DE 1\"","UN",18.23,"0160020022"]
["0160020023","0023","CONDULETE EM ALUMÍNIO TIPO \"LL\"DE 3/4\"","UN",15.94,"0160020023"]
["0160020024","0024","CONDULETE EM ALUMÍNIO TIPO \"LR\"DE 1\"","UN",18.23,"0160020024"]
["0160020025","0025","CONDULETE EM ALUMÍNIO TIPO \"T\"/ \"L\"/\"X\" DE 1\"","UN",17.63,"0160020025"]
["0160020026","0026","CONDULETE EM ALUMÍNIO TIPO \"T\"/ \"X\"/ \"L\"DE  2\"","UN",45.12,"0160020026"]
["0160020027","0027","CONDULETE EM ALUMÍNIO TIPO \"T\"/ \"X\"/ \"L\"DE 3/4\"","UN",12.85,"0160020027"]
["0160020028","0028","CONDULETE EM ALUMÍNIO TIPO \"T\"DE 1 1/4\"","UN",26.81,"0160020028"]
["0160020029","0029","CONDULETE EM ALUMÍNIO TIPO \"T\"DE 1/2\"","UN",9.71,"0160020029"]
["0160020030","0030","ELETRODUTO DE ALUMÍNIO D=3/4\"","M",15.01,"0160020030"]
["0160020031","0031","ELETRODUTO METÁLICO FLEXÍVEL INCL. CONEXÕES D=1\"","M",8.17,"0160020031"]
["0160020032","0032","ELETRODUTO METÁLICO FLEXÍVEL INCL. CONEXÕES D=1/2\"","M",6.64,"0160020032"]
["0160020033","0033","ELETRODUTO METÁLICO FLEXÍVEL INCL. CONEXÕES D=3/4\"","M",12.72,"0160020033"]
["0160020034","0034","TUBO METÁLICO FLEXÍVEL TIPO SEALTUBO DIAM.= 1\"","M",10.56,"0160020034"]
[null,null,"003     SubGrupo:      DUTOS E ACESSÓRIOS"]
["0160030001",null,"0001 ACOPLAMENTO EM PAINEL P/ ELETROCALHA 100X50MM","UN",7.18,"0160030001"]
["0160030002",null,"0002 ACOPLAMENTO EM PAINEL P/ ELETROCALHA 200X100MM","UN",11.89,"0160030002"]
["0160030003",null,"0003 ACOPLAMENTO EM PAINEL P/ ELETROCALHA 300X100MM","UN",14.09,"0160030003"]
["0160030004",null,"0004 ARREMATE DE TAMPA P/ PERFIL DUPLO (73X25MM) EM ALUMÍNIO PINTADO","UN",16.61,"0160030004"]
["0160030005",null,"0005 CANALETA DE ALUMÍNIO 3X25X73MM","UN",73.42,"0160030005"]
["0160030006",null,"0006 CANALETA EM ALVENARIA 30X30CM","M",116.42,"0160030006"]
[]
[null,"Página 71 de 120"]
[]
[]
[]
[]
[]
[null,"SECRETARIA MUNICIPAL DE INFRAESTRUTURA - SEINF"]
[null,"COORDENADORIA DE ELABORAÇÃO DE PROJETOS - CÉLULA DE ORÇAMENTO"]
[null,"Av. Dep. Paulino Rocha, 1343 - Cajazeiras     FORTALEZA-CE     CEP:60864-311     FONE: (85) 3105-1113"]
[null,"Email: seinf.edificacoes@fortaleza.ce.gov.br"]
[]
[null,null,"TABELA OFICIAL DO MUNICÍPIO"]
[{"$nulls":4},"Encargos Sociais: 83,84%"]
[null,null,"Relatório de Composições Sintético - COM DESONERAÇÃO"]
[null,null,"Mês de Coleta: 01/2014",null,"BDI: 0%"]
["Composição",null,"Descrição","Unidade","Preço","Composição"]
["0160030007","0007","CANALETA PERFURADA EM CHAPA GALVANIZADA DIM.38X38MM COM","M",30.59,"0160030007"]
[null,null,"TAMPA DE PRESSÃO"]
["0160030008","0008","CANALETA PLÁSTICA 100X30MM","M",40.38,"0160030008"]
["0160030009","0009","CANALETA PLÁSTICA 110X20MM","M",48.58,"0160030009"]
["0160030010","0010","CANALETA PLÁSTICA 20X10MM","M",5.52,"0160030010"]
["0160030011","0011","CANALETA PLÁSTICA 20X50MM","M",23.87,"0160030011"]
["0160030012","0012","CHAPA GALV. 2.00 x 1.00 Nº 20","KG",9.17,"0160030012"]
["0160030013","0013","CHAPA GALV. 2.00 x 1.00 Nº 22","KG",9.17,"0160030013"]
["0160030014","0014","CHAPA GALV. 2.00 x 1.00 Nº 24","KG",9.17,"0160030014"]
["0160030015","0015","CHAPA GALV. 2.00 x 1.00 Nº 26","KG",9.35,"0160030015"]
["0160030016","0016","COTOVELO PARA ELETROCALHA DIMENSÕES 100X75MM","UN",32.08,"0160030016"]
["0160030017","0017","CURVA DE INVERSÃO PARA ELETROCALHA PERFURADA 100X100MM","UN",31.31,"0160030017"]
["0160030018","0018","CURVA DE INVERSÃO PARA ELETROCALHA PERFURADA 100X50MM","UN",27.37,"0160030018"]
["0160030019","0019","CURVA DE INVERSÃO PARA ELETROCALHA PERFURADA 200X100MM","UN",46.85,"0160030019"]
["0160030020","0020","CURVA DE INVERSÃO PARA ELETROCALHA PERFURADA 300X100MM","UN",93.27,"0160030020"]
["0160030021","0021","CURVA HORIZONTAL 45 P/ ELETROCALHA 100X50MM","UN",16.02,"0160030021"]
["0160030022","0022","CURVA HORIZONTAL 45 P/ ELETROCALHA 200X100MM","UN",23.33,"0160030022"]
["0160030023","0023","CURVA HORIZONTAL 90 P/ DUTO DUPLO","UN",64.35,"0160030023"]
["0160030024","0024","CURVA HORIZONTAL 90 P/ ELETROCALHA 100X50MM","UN",34.63,"0160030024"]
["0160030025","0025","CURVA HORIZONTAL 90 P/ ELETROCALHA 200X100MM","UN",60.93,"0160030025"]
["0160030026","0026","CURVA HORIZONTAL 90 P/ ELETROCALHA 300X100MM","UN",77.09,"0160030026"]
["0160030027","0027","CURVA HORIZONTAL 90 SIMPLES P/ PERFIL DUPLO (73X25MM) EM ALUMÍNIO","UN",37.59,"0160030027"]
[null,"PINTADO"]
["0160030028","0028","CURVA HORIZONTAL 90º 50X50MM PARA ELETROCALHA","UN",29.59,"0160030028"]
["0160030029","0029","CURVA VERTICAL 90 GRAUS SIMPLES P/ PERFIL DUPLO (73X25MM) EM","UN",37.59,"0160030029"]
[null,null,"ALUMÍNO PINTADO"]
["0160030030","0030","CURVA VERTICAL INTERNA 90º 150X50MM PARA ELETROCALHA","UN",45.99,"0160030030"]
["0160030031","0031","DUTO FLEXÍVEL COM ISOLAMENTO TERMO-ACÚSTICO-DIÂMETRO 16\"","M",56.09,"0160030031"]
["0160030032","0032","DUTO FLEXÍVEL COM ISOLAMENTO TERMO-ACÚSTICO-DIÂMETRO 20\"","M",65.49,"0160030032"]
["0160030033","0033","DUTO FLEXÍVEL DE ALUMÍNIO DIÂMETRO 125 A 150MM","M",39.29,"0160030033"]
["0160030034","0034","ELETROCALHA LISA TIPO U COM ABA EM CHAPA GALVANIZADA  DIM.","M",39.51,"0160030034"]
[null,null,"100X75MM COM TAMPA DE ENCAIXE"]
["0160030035","0035","ELETROCALHA LISA TIPO U COM ABA EM CHAPA GALVANIZADA  DIM.","M",50.87,"0160030035"]
[null,null,"200X75MM COM TAMPA DE ENCAIXE"]
["0160030036","0036","ELETROCALHA LISA TIPO U COM ABA EM CHAPA GALVANIZADA DIM.","M",37.19,"0160030036"]
[null,null,"100X50MM COM TAMPA DE ENCAIXE"]
["0160030037","0037","ELETROCALHA PERFURADA 100X50MM","M",33.39,"0160030037"]
["0160030038","0038","ELETROCALHA PERFURADA 200X100MM","M",47.93,"0160030038"]
["0160030039","0039","ELETROCALHA PERFURADA 300X100MM","M",128.84,"0160030039"]
["0160030040","0040","ELETROCALHA PERFURADA 50X50MM","M",26.18,"0160030040"]
["0160030041","0041","EMENDA INTERNA TIPO \"L\" P/ PERFILADO GALVANIZADO","UN",9.09,"0160030041"]
["0160030042","0042","EMENDA INTERNA TIPO \"T\" P/ PERFILADO GALVANIZADO","UN",6.89,"0160030042"]
["0160030043","0043","FLANGE P/ ELETROCALHA 100X200MM","UN",11.85,"0160030043"]
["0160030044","0044","GALERIA SUBTERRÂNEA DE CONCRETO ARMADO P/ DUTOS, INCL.","M",430.94,"0160030044"]
[null,null,"FUNDAÇÕES EM ALVENARIA DE PEDRA"]
["0160030045","0045","GANCHO DUPLO  P/ ELETROCALHA 200X100MM","UN",8.07,"0160030045"]
["0160030046","0046","JUNÇÃO SIMPLES PARA ELETROCALHA PERFURADA","UN",5.44,"0160030046"]
["0160030047","0047","PERFIL DUPLO EM ALUMÍNIO (73X25MM) PINTADO, INCLUINDO A TAMPA","M",88.15,"0160030047"]
["0160030048","0048","PERFILADO PERFURADO 38X38X6000MM - GALVANIZADO A FOGO","M",27.39,"0160030048"]
["0160030049","0049","PORTA EQUIPAMENTO PLUS COM 03 RJ-45","UN",25.32,"0160030049"]
[]
[null,"Página 72 de 120"]
[]
[]
[]
[]
[]
[null,"SECRETARIA MUNICIPAL DE INFRAESTRUTURA - SEINF"]
[null,"COORDENADORIA DE ELABORAÇÃO DE PROJETOS - CÉLULA DE ORÇAMENTO"]
[null,"Av. Dep. Paulino Rocha, 1343 - Cajazeiras     FORTALEZA-CE     CEP:60864-311     FONE: (85) 3105-1113"]
[null,"Email: seinf.edificacoes@fortaleza.ce.gov.br"]
[]
[null,null,"TABELA OFICIAL DO MUNICÍPIO"]
[{"$nulls":4},"Encargos Sociais: 83,84%"]
[null,null,"Relatório de Composições Sintético - COM DESONERAÇÃO"]
[null,null,"Mês de Coleta: 01/2014",null,"BDI: 0%"]
["Composição",null,"Descrição","Unidade","Preço","Composição"]
["0160030050","0050","REDE DE DUTOS SEM ISOLAMENTO TÉRMICO (FORN. E MONTAGEM)","M2",59.8,"0160030050"]
["0160030051","0051","REDUÇÃO CONCENTRICA PARA ELETROCALHA (150X50/100X50)MM","UN",27.47,"0160030051"]
["0160030052","0052","REDUÇÃO CONCENTRICA PARA ELETROCALHA (150X50/50X50)MM","UN",25.27,"0160030052"]
["0160030053","0053","REDUÇÃO CONCENTRICA PARA ELETROCALHA (200X50/100X50)MM","UN",35.27,"0160030053"]
["0160030054","0054","REDUÇÃO CONCENTRICA PARA ELETROCALHA (200X50/150X50)MM","UN",37.77,"0160030054"]
["0160030055","0055","REDUÇÃO CONCENTRICA PARA ELETROCALHA (200X100/100X50)MM","UN",35.27,"0160030055"]
["0160030056","0056","REDUÇÃO CONCENTRICA PARA ELETROCALHA (300X100/100X50)MM","UN",44.23,"0160030056"]
["0160030057","0057","REDUÇÃO CONCENTRICA PARA ELETROCALHA (300X100/200X100)MM","UN",30.65,"0160030057"]
["0160030058","0058","REDUÇÃO DE LEITO PARA CABOS DO TIPO MÉDIO (200X75/150X75)MM","UN",17.14,"0160030058"]
["0160030059","0059","REDUÇÃO DE LEITO PARA CABOS DO TIPO MÉDIO (250X75/200X75)MM","UN",19.01,"0160030059"]
["0160030060","0060","SAÍDA HORIZONTAL PARA ELETRODUTO 1\"EM ELETROCALHA","UN",10.02,"0160030060"]
["0160030061","0061","SAíDA HORIZONTAL PARA ELETRODUTO 3/4\"EM ELETROCALHA","UN",9.73,"0160030061"]
["0160030062","0062","SAÍDA LATERAL DE PERFILADO 38x38 PARA ELETRODUTO","UN",20.7,"0160030062"]
["0160030063","0063","SUSPENSÃO VERTICAL P/ ELETROCALHA 100X50MM","UN",8.49,"0160030063"]
["0160030064","0064","SUSPENSÃO VERTICAL P/ ELETROCALHA 200X100MM","UN",12.17,"0160030064"]
["0160030065","0065","SUSPENSÃO VERTICAL P/ ELETROCALHA 300X100MM","UN",13.89,"0160030065"]
["0160030066","0066","SUSPENSÃO VERTICAL P/ ELETROCALHA 50X50MM","UN",6.61,"0160030066"]
["0160030067","0067","TAMPA TERMINAL P/ PERFIL DUPLO (73X25MM) EM ALUMÍNIO PINTADO","UN",8.64,"0160030067"]
["0160030068","0068","TAMPA-PERFIL P/ DUTO","M",30.89,"0160030068"]
["0160030069","0069","TAMPÃO FINAL P/ DUTO","UN",6.26,"0160030069"]
["0160030070","0070","TE DE DERIVAÇÃO P/ CANALETA DIMENSÕES 38X38MM","UN",13.59,"0160030070"]
["0160030071","0071","TE DE DERIVAÇÃO P/ ELETROCALHA 50X50MM","UN",18.09,"0160030071"]
["0160030072","0072","TE DE DERIVAÇÃO P/ ELETROCALHA DIMENSÕES 100X75MM","UN",39.33,"0160030072"]
["0160030073","0073","TE HORIZONTAL 90 P/ ELETROCALHA PERFURADA 300X100MM","UN",97.42,"0160030073"]
["0160030074","0074","TE HORIZONTAL 90 P/ PERFIL DUPLO EM ALUMÍNIO PINTADO (73X25MM)","UN",47.84,"0160030074"]
["0160030075","0075","TÊ HORIZONTAL 90º 100X50MM PARA ELETROCALHA GALVANIZADA","UN",42.42,"0160030075"]
["0160030076","0076","TÊ HORIZONTAL 90º PARA ELETROCALHA PERFURADA 100X50MM","UN",40.43,"0160030076"]
["0160030077","0077","TE HORIZONTAL 9O P/ ELETROCALHA PERFURADA 200X100MM","UN",75.03,"0160030077"]
["0160030078","0078","TERMINAL DE FECHAMENTO LISO P/ ELETROCALHA PERFURADA 100X50MM","UN",9.11,"0160030078"]
["0160030079","0079","TERMINAL DE FECHAMENTO LISO P/ ELETROCALHA PERFURADA","UN",9.11,"0160030079"]
[null,"200X100MM"]
["0160030080","0080","TERMINAL DE FECHAMENTO LISO P/ ELETROCALHA PERFURADA","UN",9.11,"0160030080"]
[null,"300X100MM"]
["0160030081","0081","TIRANTE ROSCA TOTAL PARA ELETRODUTO GALVANIZADO A FOGO","UN",13.6,"0160030081"]
[null,null,"004     SubGrupo:      ELETRODUTOS DE AÇO GALVANIZADOS, FERRO ESMALTADO E CONEXÕES"]
["0160040001",null,"0001 ABRAÇADEIRA DE AÇO INOX P/ MANGOTE DN=1 1/4\"","UN",17.05,"0160040001"]
["0160040002",null,"0002 ABRAÇADEIRA GUIA REFORÇADA PARA MASTRO DE Ø 2\" E DUAS DESCIDAS    UN",null,9.62,"0160040002"]
["0160040003",null,"0003 ABRAÇADEIRA METÁLICA TIPO D 1.1/4\"","UN",3.31,"0160040003"]
["0160040004",null,"0004 ABRAÇADEIRA METÁLICA TIPO D 1/2\"","UN",3.08,"0160040004"]
["0160040005",null,"0005 ABRAÇADEIRA METÁLICA TIPO D 1\"","UN",3.2,"0160040005"]
["0160040006",null,"0006 ABRAÇADEIRA METÁLICA TIPO D 3/4\"","UN",2.76,"0160040006"]
["0160040007",null,"0007 ABRAÇADEIRA METÁLICA TIPO D DE 1 1/4\"ATÉ 2\"","UN",3.87,"0160040007"]
["0160040008",null,"0008 ABRAÇADEIRA UNIÃO VERTICAL PARA ELETRODUTO GALVANIZADO A","UN",8.4,"0160040008"]
[null,"FOGO"]
["0160040009",null,"0009 BUCHA E ARRUELA DE FERRO GALV. D=100MM (4\")","PAR",13.78,"0160040009"]
["0160040010",null,"0010 BUCHA E ARRUELA DE FERRO GALV. D=15MM (1/2\")","PAR",0.63,"0160040010"]
[]
[null,"Página 73 de 120"]
[]
[]
[]
[]
[]
[null,"SECRETARIA MUNICIPAL DE INFRAESTRUTURA - SEINF"]
[null,"COORDENADORIA DE ELABORAÇÃO DE PROJETOS - CÉLULA DE ORÇAMENTO"]
[null,"Av. Dep. Paulino Rocha, 1343 - Cajazeiras     FORTALEZA-CE     CEP:60864-311     FONE: (85) 3105-1113"]
[null,"Email: seinf.edificacoes@fortaleza.ce.gov.br"]
[]
[null,null,"TABELA OFICIAL DO MUNICÍPIO"]
[{"$nulls":4},"Encargos Sociais: 83,84%"]
[null,null,"Relatório de Composições Sintético - COM DESONERAÇÃO"]
[null,"Mês de Coleta: 01/2014",null,null,"BDI: 0%"]
["Composição",null,"Descrição","Unidade","Preço","Composição"]
["0160040011","0011","BUCHA E ARRUELA DE FERRO GALV. D=20MM (3/4\")","PAR",0.92,"0160040011"]
["0160040012","0012","BUCHA E ARRUELA DE FERRO GALV. D=25MM (1\")","PAR",1.26,"0160040012"]
["0160040013","0013","BUCHA E ARRUELA DE FERRO GALV. D=32MM (1 1/4\")","PAR",1.78,"0160040013"]
["0160040014","0014","BUCHA E ARRUELA DE FERRO GALV. D=40MM (1 1/2\")","PAR",2.28,"0160040014"]
["0160040015","0015","BUCHA E ARRUELA DE FERRO GALV. D=50MM (2\")","PAR",3.87,"0160040015"]
["0160040016","0016","BUCHA E ARRUELA DE FERRO GALV. D=65MM (2 1/2\")","PAR",5.83,"0160040016"]
["0160040017","0017","BUCHA E ARRUELA DE FERRO GALV. D=80MM (3\")","PAR",8.55,"0160040017"]
["0160040018","0018","BUCHA E ARRUELA DE FERRO GALV. D=90MM (3 1/2\")","PAR",10.03,"0160040018"]
["0160040019","0019","CURVA EM FERRO GALVANIZADO 4\"","UN",144.1,"0160040019"]
["0160040020","0020","CURVA HORIZONTAL 90 100/100  TIPO U COM TAMPA","UN",33.07,"0160040020"]
["0160040021","0021","CURVA P/ ELETRODUTO EM AÇO GALVANIZADO D=3\"","UN",82.81,"0160040021"]
["0160040022","0022","CURVA P/ ELETRODUTO EM FERRO GALVANIZADO TIPO D=65MM (2 1/2\")","UN",90.4,"0160040022"]
["0160040023","0023","CURVA P/ ELETRODUTO EM FERRO GALVANIZADO TIPO LEVE D=15MM (1/2\")","UN",6.24,"0160040023"]
["0160040024","0024","CURVA P/ ELETRODUTO EM FERRO GALVANIZADO TIPO LEVE D=20MM (3/4\")","UN",7.55,"0160040024"]
["0160040025","0025","CURVA P/ ELETRODUTO EM FERRO GALVANIZADO TIPO LEVE D=32MM (1","UN",17.07,"0160040025"]
[null,"1/4\")"]
["0160040026","0026","CURVA P/ ELETRODUTO EM FERRO GALVANIZADO TIPO LEVE D=40MM (1","UN",25.2,"0160040026"]
[null,"1/2\")"]
["0160040027","0027","CURVA P/ ELETRODUTO EM FERRO GALVANIZADO TIPO LEVE D=50MM (2\")","UN",52.52,"0160040027"]
["0160040028","0028","CURVA P/ ELETRODUTO EM FERRO GALVANIZADO TIPO LEVE D=80MM (3\")","UN",112.03,"0160040028"]
["0160040029","0029","CURVA P/ ELETRODUTO EM FERRO GALVANIZADO TIPO LEVE D=90MM (3","UN",123.92,"0160040029"]
[null,"1/2\")"]
["0160040030","0030","ELETRODUTO AÇO CARBONO COM COSTURA GALVANIZAÇÃO","M",15.53,"0160040030"]
[null,null,"ELETROLÍTICA D=20MM (3/4\")"]
["0160040031","0031","ELETRODUTO AÇO CARBONO COM COSTURA GALVANIZAÇÃO","M",20.8,"0160040031"]
[null,null,"ELETROLÍTICA D=25 MM (1\")"]
["0160040032","0032","ELETRODUTO DE FERRO GALVANIZADO 4\"","M",60.87,"0160040032"]
["0160040033","0033","ELETRODUTO DE FERRO GALVANIZADO 4\", INCL. CONEXÕES","M",69.6,"0160040033"]
["0160040034","0034","ELETRODUTO DE FERRO GALVANIZADO D=2 1/2\"","M",37.92,"0160040034"]
["0160040035","0035","ELETRODUTO DE FERRO GALVANIZADO D=3/4\"","M",15.2,"0160040035"]
["0160040036","0036","ELETRODUTO DE FERRO GALVANIZADO D=3\"","M",42.37,"0160040036"]
["0160040037","0037","ELETRODUTO FERRO GALVANIZADO TIPO LEVE  INCL. CONEXÕES D=15MM","M",10.2,"0160040037"]
[null,"(1/2\")"]
["0160040038","0038","ELETRODUTO FERRO GALVANIZADO TIPO LEVE INCL. CONEXÕES  D=65MM","M",48.71,"0160040038"]
[null,"(2 1/2\")"]
["0160040039","0039","ELETRODUTO FERRO GALVANIZADO TIPO LEVE INCL. CONEXÕES D=100MM","M",81.17,"0160040039"]
[null,"(4\")"]
["0160040040","0040","ELETRODUTO FERRO GALVANIZADO TIPO LEVE INCL. CONEXÕES D=20MM","M",12.81,"0160040040"]
[null,"(3/4\")"]
["0160040041","0041","ELETRODUTO FERRO GALVANIZADO TIPO LEVE INCL. CONEXÕES D=25MM","M",13.73,"0160040041"]
[null,"(1\")"]
["0160040042","0042","ELETRODUTO FERRO GALVANIZADO TIPO LEVE INCL. CONEXÕES D=32MM","M",21.57,"0160040042"]
[null,"(1 1/4\")"]
["0160040043","0043","ELETRODUTO FERRO GALVANIZADO TIPO LEVE INCL. CONEXÕES D=40MM","M",24,"0160040043"]
[null,"(1 1/2\")"]
["0160040044","0044","ELETRODUTO FERRO GALVANIZADO TIPO LEVE INCL. CONEXÕES D=50MM","M",28.51,"0160040044"]
[null,"(2\")"]
["0160040045","0045","ELETRODUTO FERRO GALVANIZADO TIPO LEVE INCL. CONEXÕES D=80MM","M",62.49,"0160040045"]
[null,"(3\")"]
["0160040046","0046","ELETRODUTO FLEXÍVEL SEAL TUBE DIÂMETRO 1\"","M",12.49,"0160040046"]
["0160040047","0047","ELETRODUTO FLEXÍVEL SEAL TUBE DIÂMETRO 1.1/4\"","M",14.5,"0160040047"]
[]
[null,"Página 74 de 120"]
[]
[]
[]
[]
[]
[null,"SECRETARIA MUNICIPAL DE INFRAESTRUTURA - SEINF"]
[null,"COORDENADORIA DE ELABORAÇÃO DE PROJETOS - CÉLULA DE ORÇAMENTO"]
[null,"Av. Dep. Paulino Rocha, 1343 - Cajazeiras     FORTALEZA-CE     CEP:60864-311     FONE: (85) 3105-1113"]
[null,"Email: seinf.edificacoes@fortaleza.ce.gov.br"]
[]
[null,null,"TABELA OFICIAL DO MUNICÍPIO"]
[{"$nulls":4},"Encargos Sociais: 83,84%"]
[null,null,"Relatório de Composições Sintético - COM DESONERAÇÃO"]
[null,"Mês de Coleta: 01/2014",null,null,"BDI: 0%"]
["Composição",null,"Descrição","Unidade","Preço","Composição"]
["0160040048","0048","ELETRODUTO FLEXÍVEL SEAL TUBE DIÂMETRO 3/4\"","M",11.25,"0160040048"]
["0160040049","0049","ELETRODUTO FLEXÍVEL SEALTUBE DIÂM. 3\"","M",52.05,"0160040049"]
["0160040050","0050","ELETRODUTO GALVANIZADO DIÂMETRO 1\"","M",23.4,"0160040050"]
["0160040051","0051","ELETRODUTO GALVANIZADO DIÂMETRO 1.1/4\"","M",28.4,"0160040051"]
["0160040052","0052","ELETRODUTO GALVANIZADO DIÂMETRO 3/4\"","M",17.81,"0160040052"]
["0160040053","0053","FLANGE 100/100 EM CHAPA PRÉ-ZINCADA 18","UN",9.72,"0160040053"]
["0160040054","0054","FLANGE 200/100 EM CHAPA PRÉ-ZINCADA 18","UN",10.91,"0160040054"]
["0160040055","0055","LUVA EM FERRO GALVANIZADO 4\"","UN",40.64,"0160040055"]
["0160040056","0056","LUVA P/ ELETRODUTO EM FERRO GALVANIOZADO TIPO LEVE D=90MM (3","UN",15.9,"0160040056"]
[null,"1/2\")"]
["0160040057","0057","LUVA P/ ELETRODUTO EM FERRO GALVANIZADO TIPO LEVE D=100MM (4\")","UN",16.69,"0160040057"]
["0160040058","0058","LUVA P/ ELETRODUTO EM FERRO GALVANIZADO TIPO LEVE D=15MM (1/2\")","UN",0.86,"0160040058"]
["0160040059","0059","LUVA P/ ELETRODUTO EM FERRO GALVANIZADO TIPO LEVE D=20MM (3/4\")","UN",1.28,"0160040059"]
["0160040060","0060","LUVA P/ ELETRODUTO EM FERRO GALVANIZADO TIPO LEVE D=25MM (1\")","UN",1.77,"0160040060"]
["0160040061","0061","LUVA P/ ELETRODUTO EM FERRO GALVANIZADO TIPO LEVE D=32MM (1 1/4\")","UN",2.61,"0160040061"]
["0160040062","0062","LUVA P/ ELETRODUTO EM FERRO GALVANIZADO TIPO LEVE D=40MM (1 1/2\")","UN",3.48,"0160040062"]
["0160040063","0063","LUVA P/ ELETRODUTO EM FERRO GALVANIZADO TIPO LEVE D=50MM (2\")","UN",4.67,"0160040063"]
["0160040064","0064","LUVA P/ ELETRODUTO EM FERRO GALVANIZADO TIPO LEVE D=65MM (2 1/2\")","UN",7.14,"0160040064"]
["0160040065","0065","LUVA P/ ELETRODUTO EM FERRO GALVANIZADO TIPO LEVE D=80MM (3\")","UN",12.81,"0160040065"]
[null,null,"005     SubGrupo:      TOMADAS / INTERRUPTORES / ESPELHOS"]
["0160050001","0001","CONDULETE ALUMÍNIO 1\"TIPO T / L / X","UN",17.63,"0160050001"]
["0160050002","0002","CONDULETE PVC 1\" TIPO LB / LR / LL / E / C","UN",17.47,"0160050002"]
["0160050003","0003","CONDULETE PVC 1/2\" TIPO LB / LR / LL / E / C","UN",10.32,"0160050003"]
["0160050004","0004","CONDULETE PVC 3/4\" TIPO LB / LR / LL / E / C","UN",13.32,"0160050004"]
["0160050005","0005","CONJUNTO ARSTOP  DE 15 A 30A, COMPLETO","CJ",30.3,"0160050005"]
["0160050006","0006","ESPELHO COM FURO","UN",4.69,"0160050006"]
["0160050007","0007","ESPELHO P/ CX. 4X2 COM 01 PONTO","UN",5.02,"0160050007"]
["0160050008","0008","ESPELHO P/ CX. 4X2 COM 02 PONTOS","UN",5.77,"0160050008"]
["0160050009","0009","INTERRUPTOR UMA SEÇÃO PARALELO FOUR WAY","UN",31.93,"0160050009"]
["0160050010","0010","INTERRUPTOR DIFERENCIAL 40A - 30mA","UN",161.34,"0160050010"]
["0160050011","0011","INTERRUPTOR DIFERENCIAL 4X63a - 30mA","UN",204.29,"0160050011"]
["0160050012","0012","INTERRUPTOR DUAS TECLAS PARALELO 10A 250V","UN",22.08,"0160050012"]
["0160050013","0013","INTERRUPTOR DUAS TECLAS PARALELO E TOMADA.10A.250V","UN",30.13,"0160050013"]
["0160050014","0014","INTERRUPTOR DUAS TECLAS SIMPLES - PADRÃO POPULAR","UN",9.36,"0160050014"]
["0160050015","0015","INTERRUPTOR DUAS TECLAS SIMPLES 10A 250A - EM CONDULETE","UN",17.04,"0160050015"]
["0160050016","0016","INTERRUPTOR DUAS TECLAS SIMPLES 10A 250V","UN",16.76,"0160050016"]
["0160050017","0017","INTERRUPTOR DUAS TECLAS SIMPLES E TOMADA 10A 250V","UN",24.88,"0160050017"]
["0160050018","0018","INTERRUPTOR DUAS TECLAS SIMPLES UMA PARALELO 10A 250V","UN",24.59,"0160050018"]
["0160050019","0019","INTERRUPTOR PULSADOR DE CAMPAINHA 10A 250V","UN",9.48,"0160050019"]
["0160050020","0020","INTERRUPTOR TECLA SIMPLES TECLA PARALELO E TOMADA 10A 250V","UN",23.72,"0160050020"]
["0160050021","0021","INTERRUPTOR THREE WAY","UN",14.85,"0160050021"]
["0160050022","0022","INTERRUPTOR THREE WAY E UMA TECLA SIMPLES","UN",17.6,"0160050022"]
["0160050023","0023","INTERRUPTOR TL - 25A - 220 V","UN",16.61,"0160050023"]
["0160050024","0024","INTERRUPTOR TRES TECLAS PARALELO 10A 250V","UN",29.05,"0160050024"]
["0160050025","0025","INTERRUPTOR TRES TECLAS SIMPLES 10A 250V","UN",20.87,"0160050025"]
[]
[null,"Página 75 de 120"]
[]
[]
[]
[]
[]
[null,"SECRETARIA MUNICIPAL DE INFRAESTRUTURA - SEINF"]
[null,"COORDENADORIA DE ELABORAÇÃO DE PROJETOS - CÉLULA DE ORÇAMENTO"]
[null,"Av. Dep. Paulino Rocha, 1343 - Cajazeiras     FORTALEZA-CE     CEP:60864-311     FONE: (85) 3105-1113"]
[null,"Email: seinf.edificacoes@fortaleza.ce.gov.br"]
[]
[null,null,"TABELA OFICIAL DO MUNICÍPIO"]
[{"$nulls":4},"Encargos Sociais: 83,84%"]
[null,null,"Relatório de Composições Sintético - COM DESONERAÇÃO"]
[null,null,"Mês de Coleta: 01/2014",null,"BDI: 0%"]
["Composição",null,"Descrição","Unidade","Preço","Composição"]
["0160050026","0026","INTERRUPTOR TRES TECLAS SIMPLES 10A 250V - EM CONDULETE","UN",18.95,"0160050026"]
["0160050027","0027","INTERRUPTOR UMA TECLA BIPOLAR PARALELO 20A 250V","UN",29.51,"0160050027"]
["0160050028","0028","INTERRUPTOR UMA TECLA PARALELA E TOMADA UNIVERSAL 10A 250V","UN",19.89,"0160050028"]
["0160050029","0029","INTERRUPTOR UMA TECLA PARALELO 10A 250V","UN",13.4,"0160050029"]
["0160050030","0030","INTERRUPTOR UMA TECLA SIMPLES 10A 250V","UN",9.03,"0160050030"]
["0160050031","0031","INTERRUPTOR UMA TECLA SIMPLES DUAS PARALELO.10A.250V","UN",24.81,"0160050031"]
["0160050032","0032","INTERRUPTOR UMA TECLA SIMPLES E UMA TOMADA UNIVERSAL 10A 250V","UN",19.6,"0160050032"]
["0160050033","0033","INTERRUPTOR UMA TECLA SIMPLES PARA CAMPAINHA 10A 250V","UN",13.03,"0160050033"]
["0160050034","0034","INTERRUPTOR UMA TECLA SIMPLES UMA PARALELA 10A 250V","UN",18.86,"0160050034"]
["0160050035","0035","PLACA PARA CAIXA ESTAMPADA 4X2\"OU 3X3\"","UN",4.58,"0160050035"]
["0160050036","0036","PLACA PARA CAIXA ESTAMPADA 4X4\"","UN",5.53,"0160050036"]
["0160050037","0037","PORTA EQUIPAMENTO DE ALUMÍNIO PINTADO P/ 1 OU 2 INTERRUPTORES","UN",20.23,"0160050037"]
[null,null,"OU 1 TOMADA, MONTADO EM PERFIL"]
["0160050038","0038","PORTA EQUIPAMENTO DE ALUMÍNIO PINTADO P/ 1 OU 2 TOMADAS,","UN",20.15,"0160050038"]
[null,null,"MONTADO EM PERFIL"]
["0160050039","0039","PORTA EQUIPAMENTO DE ALUMÍNIO PINTADO P/ JACK 3 RJ45, MONTADO","UN",36.92,"0160050039"]
[null,"EM PERFIL"]
["0160050040","0040","REDUÇÃO P/ CONDULETE 1X3/4\"","UN",3.22,"0160050040"]
["0160050041","0041","TOMADA 10A 250V NO PISO","UN",27.82,"0160050041"]
["0160050042","0042","TOMADA 2P+T 10A 250V","UN",14.9,"0160050042"]
["0160050043","0043","TOMADA 2P+T PARA COMPUTADOR EM CONDULETE","UN",30.76,"0160050043"]
["0160050044","0044","TOMADA 2P+T PARA COMPUTADOR NO PISO","UN",31.89,"0160050044"]
["0160050045","0045","TOMADA COM TRAVA MECÂNICA E PLUG, DE SOBREPOR 30A / 250V","UN",48.57,"0160050045"]
["0160050046","0046","TOMADA CORRENTE DOIS POLOS MAIS TERRA 15A-250V","UN",14.58,"0160050046"]
["0160050047","0047","TOMADA DE TELEFONE 4 POLOS - PADRÃO TELEBRÁS","UN",15.6,"0160050047"]
["0160050048","0048","TOMADA DUPLA COMPINO TERRA COMPLACA","UN",22.8,"0160050048"]
["0160050049","0049","TOMADA JACK RJ45 CATEGORIA 5E EM CAIXA DE ALUMÍNIO 4\"X4\"NO PISO","UN",34.04,"0160050049"]
["0160050050","0050","TOMADA JACK RJ45 CATEGORIA 5E UNIVERSAL P/ MONTAGEM EM PORTA","UN",18.63,"0160050050"]
[null,"EQUIPAMENTO"]
["0160050051","0051","TOMADA P/ TELEFONE PINO JACK 1/4\"","UN",12.19,"0160050051"]
["0160050052","0052","TOMADA PARA ANTENA DE TV","UN",18.36,"0160050052"]
["0160050053","0053","TOMADA TELEFÔNICA NO PISO - PADRÃO TELEBRAS","UN",41.4,"0160050053"]
["0160050054","0054","TOMADA TRIPOLAR (3P + T) 25 A / 250 V","UN",34.32,"0160050054"]
["0160050055","0055","TOMADA TRIPOLAR (3P + T) 32 A / 380 V","UN",37.48,"0160050055"]
["0160050056","0056","TOMADA UNIVERSAL 10A 250V EM CONDULETE","UN",9.98,"0160050056"]
["0160050057","0057","TOMADA UNIVERSAL 2 POLOS 10A 250V","UN",13.35,"0160050057"]
["0160050058","0058","TOMADA UNIVERSAL 2P+T - 220V EM CX. 4\"x2\" - COMPLETA","UN",16.27,"0160050058"]
[null,null,"006     SubGrupo:      FIOS, CABOS E ACESSÓRIOS"]
["0160060001",null,"0001 CABO BALANCEADO 2X24 AWG","M",8.56,"0160060001"]
["0160060002",null,"0002 CABO COAXIAL RG-59/U 75 OHMS","M",5.16,"0160060002"]
["0160060003",null,"0003 CABO CORDPLAST (PP) 2X1,0MM2","M",2.85,"0160060003"]
["0160060004",null,"0004 CABO CORDPLAST (PP) 3X1,50MM2","M",4.36,"0160060004"]
["0160060005",null,"0005 CABO CORDPLAST (PP) 3X2,5MM2","M",5.01,"0160060005"]
["0160060006",null,"0006 CABO CORDPLAST (PP) 3X4,0MM2","M",6.73,"0160060006"]
["0160060007",null,"0007 CABO DE AÇO D=1/4\" COM REVESTIMENTO EM PVC P/ FIXAÇÃO DE","M",9.34,"0160060007"]
[null,"ELETROCALHAS"]
["0160060008",null,"0008 CABO DE ALUMÍNIO CA-02","M",4.28,"0160060008"]
["0160060009",null,"0009 CABO DE COBRE NU 10MM2","M",6.1,"0160060009"]
[]
[null,"Página 76 de 120"]
[]
[]
[]
[]
[]
[null,"SECRETARIA MUNICIPAL DE INFRAESTRUTURA - SEINF"]
[null,"COORDENADORIA DE ELABORAÇÃO DE PROJETOS - CÉLULA DE ORÇAMENTO"]
[null,"Av. Dep. Paulino Rocha, 1343 - Cajazeiras     FORTALEZA-CE     CEP:60864-311     FONE: (85) 3105-1113"]
[null,"Email: seinf.edificacoes@fortaleza.ce.gov.br"]
[]
[null,null,"TABELA OFICIAL DO MUNICÍPIO"]
[{"$nulls":4},"Encargos Sociais: 83,84%"]
[null,null,"Relatório de Composições Sintético - COM DESONERAÇÃO"]
[null,null,"Mês de Coleta: 01/2014",null,"BDI: 0%"]
["Composição",null,"Descrição","Unidade","Preço","Composição"]
["0160060010","0010","CABO DE COBRE NU 16MM2","M",8.24,"0160060010"]
["0160060011","0011","CABO DE COBRE NU 25MM2","M",11.01,"0160060011"]
["0160060012","0012","CABO DE COBRE NU 35MM2","M",14.49,"0160060012"]
["0160060013","0013","CABO DE COBRE NU 4MM2","M",3.41,"0160060013"]
["0160060014","0014","CABO DE COBRE NU 50MM2","M",19.24,"0160060014"]
["0160060015","0015","CABO DE COBRE NU 6MM2","M",4.16,"0160060015"]
["0160060016","0016","CABO DE COBRE NU 70MM2","M",27.81,"0160060016"]
["0160060017","0017","CABO DE COBRE NU 95MM2","M",32.07,"0160060017"]
["0160060018","0018","CABO EPROTENAX 1KV - 10,0MM²","M",6.5,"0160060018"]
["0160060019","0019","CABO EPROTENAX 1KV - 16,0MM²","M",9.24,"0160060019"]
["0160060020","0020","CABO EPROTENAX 1KV - 2,5MM²","M",3.12,"0160060020"]
["0160060021","0021","CABO EPROTENAX 1KV - 3,0X1,5MM²","M",4.21,"0160060021"]
["0160060022","0022","CABO EPROTENAX 1KV - 35,0MM²","M",42.39,"0160060022"]
["0160060023","0023","CABO EPROTENAX 1KV - 4,0MM²","M",3.84,"0160060023"]
["0160060024","0024","CABO FLEXÍVEL 750V - 1.5MM2","M",2.42,"0160060024"]
["0160060025","0025","CABO FLEXÍVEL 750V - 10MM2","M",5.82,"0160060025"]
["0160060026","0026","CABO FLEXÍVEL 750V - 16MM2","M",7.51,"0160060026"]
["0160060027","0027","CABO FLEXÍVEL 750V - 2.5MM2","M",2.49,"0160060027"]
["0160060028","0028","CABO FLEXÍVEL 750V - 25MM2","M",11.1,"0160060028"]
["0160060029","0029","CABO FLEXÍVEL 750V - 4MM2","M",3.38,"0160060029"]
["0160060030","0030","CABO FLEXÍVEL 750V - 6MM2","M",3.77,"0160060030"]
["0160060031","0031","CABO INDOOR / OUTDOOR DE 1 PAR (TIPO FIBER-LAN)","M",5.68,"0160060031"]
["0160060032","0032","CABO ISOLADO FLEXÍVEL 750V, RESISTENTE A CHAMA 2X1,00MM²","M",5.41,"0160060032"]
["0160060033","0033","CABO ISOLADO PVC 1000V 10MM2","M",6.19,"0160060033"]
["0160060034","0034","CABO ISOLADO PVC 1000V 120MM2","M",53.99,"0160060034"]
["0160060035","0035","CABO ISOLADO PVC 1000V 150MM2","M",78.01,"0160060035"]
["0160060036","0036","CABO ISOLADO PVC 1000V 16MM2","M",8.38,"0160060036"]
["0160060037","0037","CABO ISOLADO PVC 1000V 185MM2","M",109.71,"0160060037"]
["0160060038","0038","CABO ISOLADO PVC 1000V 2,5MM2","M",2.53,"0160060038"]
["0160060039","0039","CABO ISOLADO PVC 1000V 240MM2","M",124.57,"0160060039"]
["0160060040","0040","CABO ISOLADO PVC 1000V 25MM2","M",12.32,"0160060040"]
["0160060041","0041","CABO ISOLADO PVC 1000V 300MM2","M",162.96,"0160060041"]
["0160060042","0042","CABO ISOLADO PVC 1000V 35MM2","M",18.24,"0160060042"]
["0160060043","0043","CABO ISOLADO PVC 1000V 4MM2","M",3.73,"0160060043"]
["0160060044","0044","CABO ISOLADO PVC 1000V 50MM2","M",25.55,"0160060044"]
["0160060045","0045","CABO ISOLADO PVC 1000V 6MM2","M",4.69,"0160060045"]
["0160060046","0046","CABO ISOLADO PVC 1000V 70MM2","M",33.91,"0160060046"]
["0160060047","0047","CABO ISOLADO PVC 1000V 95MM2","M",42.2,"0160060047"]
["0160060048","0048","CABO ISOLADO PVC 15KV 25MM2","M",14.95,"0160060048"]
["0160060049","0049","CABO ISOLADO PVC 750V 1,5MM2","M",1.27,"0160060049"]
["0160060050","0050","CABO ISOLADO PVC 750V 10MM2","M",5.51,"0160060050"]
["0160060051","0051","CABO ISOLADO PVC 750V 120MM2","M",49.49,"0160060051"]
["0160060052","0052","CABO ISOLADO PVC 750V 150MM2","M",60.92,"0160060052"]
["0160060053","0053","CABO ISOLADO PVC 750V 16MM2","M",7.75,"0160060053"]
["0160060054","0054","CABO ISOLADO PVC 750V 185MM2","M",77.4,"0160060054"]
["0160060055","0055","CABO ISOLADO PVC 750V 2,5MM2","M",2.42,"0160060055"]
["0160060056","0056","CABO ISOLADO PVC 750V 240MM2","M",95.1,"0160060056"]
["0160060057","0057","CABO ISOLADO PVC 750V 25MM2","M",11.95,"0160060057"]
[]
[null,"Página 77 de 120"]
[]
[]
[]
[]
[]
[null,"SECRETARIA MUNICIPAL DE INFRAESTRUTURA - SEINF"]
[null,"COORDENADORIA DE ELABORAÇÃO DE PROJETOS - CÉLULA DE ORÇAMENTO"]
[null,"Av. Dep. Paulino Rocha, 1343 - Cajazeiras     FORTALEZA-CE     CEP:60864-311     FONE: (85) 3105-1113"]
[null,"Email: seinf.edificacoes@fortaleza.ce.gov.br"]
[]
[null,null,"TABELA OFICIAL DO MUNICÍPIO"]
[{"$nulls":4},"Encargos Sociais: 83,84%"]
[null,null,"Relatório de Composições Sintético - COM DESONERAÇÃO"]
[null,null,"Mês de Coleta: 01/2014",null,"BDI: 0%"]
["Composição",null,"Descrição","Unidade","Preço","Composição"]
["0160060058","0058","CABO ISOLADO PVC 750V 300MM2","M",130.89,"0160060058"]
["0160060059","0059","CABO ISOLADO PVC 750V 35MM2","M",16.26,"0160060059"]
["0160060060","0060","CABO ISOLADO PVC 750V 400MM2","M",180.2,"0160060060"]
["0160060061","0061","CABO ISOLADO PVC 750V 4MM2","M",3.31,"0160060061"]
["0160060062","0062","CABO ISOLADO PVC 750V 500MM2","M",193.84,"0160060062"]
["0160060063","0063","CABO ISOLADO PVC 750V 50MM2","M",21.1,"0160060063"]
["0160060064","0064","CABO ISOLADO PVC 750V 6MM2","M",4.19,"0160060064"]
["0160060065","0065","CABO ISOLADO PVC 750V 70MM2","M",33.61,"0160060065"]
["0160060066","0066","CABO ISOLADO PVC 750V 95MM2","M",38.41,"0160060066"]
["0160060067","0067","CABO LÓGICO UTP (10MPBS) 4 PARES","M",5.06,"0160060067"]
["0160060068","0068","CABO LÓGICO/VÍDEO COAXIAL RGC-59 75 OHMS","M",5.54,"0160060068"]
["0160060069","0069","CABO LÓGICO/VÍDEO COMPONENTES","M",3.6,"0160060069"]
["0160060070","0070","CABO POLARIZADO PAR TRANÇADO 2X2,5MM2 (FORN. E MONTAGEM)","M",5.78,"0160060070"]
["0160060071","0071","CABO PP 3X2,5MM","M",4.1,"0160060071"]
["0160060072","0072","CABO PP 3X4,0MM2","M",8.38,"0160060072"]
["0160060073","0073","CABO SINTENAX SINGELO 15KV - 50,0MM2","M",21.1,"0160060073"]
["0160060074","0074","CABO TELEFÔNICO CCE-1","M",3.6,"0160060074"]
["0160060075","0075","CABO TELEFONICO CCE-2","M",3.5,"0160060075"]
["0160060076","0076","CABO TELEFÔNICO CCE-3","M",3.67,"0160060076"]
["0160060077","0077","CABO TELEFÔNICO CCE-4","M",4.23,"0160060077"]
["0160060078","0078","CABO TELEFONICO CCI-1","M",2.62,"0160060078"]
["0160060079","0079","CABO TELEFONICO CCI-2","M",2.91,"0160060079"]
["0160060080","0080","CABO TELEFONICO CCI-3","M",3.21,"0160060080"]
["0160060081","0081","CABO TELEFONICO CCI-4","M",3.44,"0160060081"]
["0160060082","0082","CABO TELEFONICO CI 50-10","M",8.05,"0160060082"]
["0160060083","0083","CABO TELEFONICO CI 50-20","M",10.82,"0160060083"]
["0160060084","0084","CABO TELEFONICO CI 50-30","M",11.86,"0160060084"]
["0160060085","0085","CABO TELEFONICO CI 50-50","M",16.3,"0160060085"]
["0160060086","0086","CABO TELEFONICO CTP APL 10","M",7.39,"0160060086"]
["0160060087","0087","CABO TELEFONICO CTP-APL 20","M",9.67,"0160060087"]
["0160060088","0088","CABO TELEFONICO CTP-APL 50","M",17.68,"0160060088"]
["0160060089","0089","CONECTOR DE ATERRAMENTO GKP","UN",6.61,"0160060089"]
["0160060090","0090","CONECTOR SPLIT BOLT P/ CABOS ATÉ 35 MM2","UN",5.06,"0160060090"]
["0160060091","0091","CONECTOR SPLIT-BOLT P/ CABOS ATÉ 120MM2","UN",14.98,"0160060091"]
["0160060092","0092","CONECTOR SPLIT-BOLT P/CABOS ATÉ 16MM2","UN",3.94,"0160060092"]
["0160060093","0093","CORDOALHA COBRE NU 35MM2 COM ISOLADORES P/ PARA-RAIO","M",22.18,"0160060093"]
["0160060094","0094","CORDOALHA COBRE NU 70MM2 COM ISOLADORES P/ PARA-RAIO","M",36.22,"0160060094"]
["0160060095","0095","FIO ISOLADO PVC 750V 0.5MM2","M",1.38,"0160060095"]
["0160060096","0096","FIO ISOLADO PVC 750V 0.75MM2","M",1.63,"0160060096"]
["0160060097","0097","FIO ISOLADO PVC 750V 1.5MM2","M",2.1,"0160060097"]
["0160060098","0098","FIO ISOLADO PVC 750V 10MM2","M",6.7,"0160060098"]
["0160060099","0099","FIO ISOLADO PVC 750V 1MM2","M",1.85,"0160060099"]
["0160060100","0100","FIO ISOLADO PVC 750V 2.5MM2","M",2.54,"0160060100"]
["0160060101","0101","FIO ISOLADO PVC 750V 4MM2","M",3.29,"0160060101"]
["0160060102","0102","FIO ISOLADO PVC 750V 6MM2","M",4.13,"0160060102"]
["0160060103","0103","MULTICABO BALANCEADO 36 PARES (FORN. E MONTAGEM)","UN",60.78,"0160060103"]
["0160060104","0104","MULTICABO INTERLIGAÇÃO MESA / DIMMER E DIMMER / DIMMER","UN",165.2,"0160060104"]
["0160060105","0105","MULTICABO VGA COAXIAL 75OHMS 5 VIAS (FORN. E MONTAGEM)","UN",14.78,"0160060105"]
[]
[null,"Página 78 de 120"]
[]
[]
[]
[]
[]
[null,"SECRETARIA MUNICIPAL DE INFRAESTRUTURA - SEINF"]
[null,"COORDENADORIA DE ELABORAÇÃO DE PROJETOS - CÉLULA DE ORÇAMENTO"]
[null,"Av. Dep. Paulino Rocha, 1343 - Cajazeiras     FORTALEZA-CE     CEP:60864-311     FONE: (85) 3105-1113"]
[null,"Email: seinf.edificacoes@fortaleza.ce.gov.br"]
[]
[null,null,"TABELA OFICIAL DO MUNICÍPIO"]
[{"$nulls":4},"Encargos Sociais: 83,84%"]
[null,null,"Relatório de Composições Sintético - COM DESONERAÇÃO"]
[null,"Mês de Coleta: 01/2014",null,null,"BDI: 0%"]
["Composição",null,"Descrição","Unidade","Preço","Composição"]
["0160060106","0106","PRESILHA EM LATÃO PARA CABOS, FORN. E INSTALAÇÃO","UN",2.14,"0160060106"]
["0160060107","0107","TERMINAL DE COMPRESSÃO P/ CABO 10MM2","UN",6.79,"0160060107"]
["0160060108","0108","TERMINAL DE COMPRESSÃO P/ CABO 120MM2","UN",15.69,"0160060108"]
["0160060109","0109","TERMINAL DE COMPRESSÃO P/ CABO 150MM2","UN",19.08,"0160060109"]
["0160060110","0110","TERMINAL DE COMPRESSÃO P/ CABO 16MM2","UN",9.58,"0160060110"]
["0160060111","0111","TERMINAL DE COMPRESSÃO P/ CABO 185MM2","UN",21.78,"0160060111"]
["0160060112","0112","TERMINAL DE COMPRESSÃO P/ CABO 240MM2","UN",23.49,"0160060112"]
["0160060113","0113","TERMINAL DE COMPRESSÃO P/ CABO 25MM2","UN",7.27,"0160060113"]
["0160060114","0114","TERMINAL DE COMPRESSÃO P/ CABO 300MM2","UN",26.07,"0160060114"]
["0160060115","0115","TERMINAL DE COMPRESSÃO P/ CABO 35MM2","UN",11.11,"0160060115"]
["0160060116","0116","TERMINAL DE COMPRESSÃO P/ CABO 50MM2","UN",11.27,"0160060116"]
["0160060117","0117","TERMINAL DE COMPRESSÃO P/ CABO 70MM2","UN",11.35,"0160060117"]
["0160060118","0118","TERMINAL DE COMPRESSÃO P/ CABO 95MM2","UN",13.01,"0160060118"]
["0160060119","0119","TERMINAL DE COMPRESSÃO P/ CABO ATÉ 6MM2","UN",5.69,"0160060119"]
["0160060120","0120","TERMINAL DE PRESSÃO P/ CABOS ATÉ 16MM2","UN",6.51,"0160060120"]
["0160060121","0121","TERMINAL DE PRESSÃO P/ CABOS ATÉ 35MM2","UN",8.04,"0160060121"]
["0160060122","0122","TERMINAL OLHAL DE 5/8\"","UN",11.94,"0160060122"]
["0160060123","0123","VERGALHÃO DE COBRE NU 25MM2 VARA COM 3M","UN",88.22,"0160060123"]
["0160060124","0124","VERGALHÃO GALVANIZADO (RE-BAR) À FOGO 3/8\"X3,40M","UN",18.2,"0160060124"]
[null,null,"007     SubGrupo:      EQUIPAMENTOS ELÉTRICOS"]
["0160070001","0001","AMPLIFICADOR DOIS CANAIS 475W / CANAL / 8 OHM","UN",520.04,"0160070001"]
["0160070002","0002","AMPLIFICADOR DOIS CANAIS 800W / CANAL / 8 OHM","UN",620.04,"0160070002"]
["0160070003","0003","AMPLIFICADOR QUATRO CANAIS 250W / CANAL / 8 OHM","UN",470.04,"0160070003"]
["0160070004","0004","APARELHO SINALIZADOR DE OBSTÁCULO","UN",83.19,"0160070004"]
["0160070005","0005","AQUECEDOR CENTRAL ELETRO-AUTOMATICO 220V - 5060 A 7480W","UN",891,"0160070005"]
["0160070006","0006","AQUECEDOR ELÉTRICO DE ACUMULAÇÃO HORIZONT. VITRIFICADO-220V","UN",3812.34,"0160070006"]
[null,null,"POT.1500W A 2000W-CAP150L"]
["0160070007","0007","AR CONDICIONADO TIPO SPLIT 18.000 BTUS - LOCAÇÃO (FORN. E","MES",400,"0160070007"]
[null,"MONTAGEM)"]
["0160070008","0008","AR CONDICIONADO TIPO SPLIT 24.000 BTUS - LOCAÇÃO (FORN. E","MES",450,"0160070008"]
[null,"MONTAGEM)"]
["0160070009","0009","AR CONDICIONADO TIPO SPLIT 40.000 BTUS - LOCAÇÃO (FORN. E","MES",500,"0160070009"]
[null,"MONTAGEM)"]
["0160070010","0010","AR CONDICIONADO TIPO SPLIT 48.000 BTUS - LOCAÇÃO (FORN. E","MES",500,"0160070010"]
[null,"MONTAGEM)"]
["0160070011","0011","CANTONEIRA \"ZZ\" (GALVANIZADA A FOGO)","M",16.24,"0160070011"]
["0160070012","0012","CANTONEIRA DE FERRO 1\"x1\"x3/16\"","M",15.92,"0160070012"]
["0160070013","0013","CHUVEIRO ELETRICO 220V 2500W","UN",119.89,"0160070013"]
["0160070014","0014","CILINDRO DE PRESSÃO 80LITROS","UN",587.25,"0160070014"]
["0160070015","0015","EXAUSTOR ELÉTRICO DE TETO/ PAREDE D=40CM E VAZÃO DE AR=150M3/H","UN",145.88,"0160070015"]
[null,null,"9FORNV (FORNEC. E MONTAGEM)"]
["0160070016","0016","EXAUSTOR ELÉTRICO DE TETO/ PAREDE D=50CM E VAZÃO DE AR=280M3/H","UN",170.49,"0160070016"]
[null,null,"(FORNEC. E MONTAGEM)"]
["0160070017","0017","PARA RAIO TIPO FRANKLIN","UN",61.63,"0160070017"]
["0160070018","0018","PATCH PANEL 24 PORTAS CATEGORIA 5E","UN",445.69,"0160070018"]
["0160070019","0019","PINO WALSYWAC 1/4\" COM PARAFUSO SEXTAVADO","UN",4.91,"0160070019"]
["0160070020","0020","PORTA DE INSPEÇÃO COM ISOLAMENTO TÉRMICO, 422X286MM","M2",338.64,"0160070020"]
["0160070021","0021","POSTE CIRC. DE CONCR. H=8M COM 2 BRAÇOS P/ 2 LUMIN. FECHADA COM","UN",1008.63,"0160070021"]
[null,"LAMP.VAPOR DE SÓDIO 400W/220V COM FOTO-C"]
[]
[null,"Página 79 de 120"]
[]
[]
[]
[]
[]
[null,"SECRETARIA MUNICIPAL DE INFRAESTRUTURA - SEINF"]
[null,"COORDENADORIA DE ELABORAÇÃO DE PROJETOS - CÉLULA DE ORÇAMENTO"]
[null,"Av. Dep. Paulino Rocha, 1343 - Cajazeiras     FORTALEZA-CE     CEP:60864-311     FONE: (85) 3105-1113"]
[null,"Email: seinf.edificacoes@fortaleza.ce.gov.br"]
[]
[null,null,"TABELA OFICIAL DO MUNICÍPIO"]
[{"$nulls":4},"Encargos Sociais: 83,84%"]
[null,null,"Relatório de Composições Sintético - COM DESONERAÇÃO"]
[null,null,"Mês de Coleta: 01/2014",null,"BDI: 0%"]
["Composição",null,"Descrição","Unidade","Preço","Composição"]
["0160070022","0022","RACK 19\"X 16 U (GABINETE) - (FORN. E INSTALAÇÃO)","UN",921.62,"0160070022"]
["0160070023","0023","RACK 44U - FECHAMENTO COM KIT VENTILAÇÃO (FORN. E MONTAGEM)","UN",1647.8,"0160070023"]
["0160070024","0024","RACK DE PISO COM PORTA EM ACRÍL.,CHAVE FRONTAL 19\"-44U,","UN",2363.57,"0160070024"]
[null,null,"COMREGUA DE TOMADAS, VENTILADO (FORN. E MONT.)"]
["0160070025","0025","RACK DIGITAL 12 CANAIS 4000W P/CANAL COR:PRETA COMDISSIPADOR DE","UN",4895.17,"0160070025"]
[null,null,"ALUMÍNIO E TOMADAS UNIVERSAL(INSTALAD"]
["0160070026","0026","RACK DIGITAL 12 CANAIS 4000W POR CANAL COR PRETA COM DISSIPADOR","UN",5240.72,"0160070026"]
[null,null,"DE ALUMÍNIO E PANEL, 64 PORTAS"]
["0160070027","0027","SINALIZADOR NEON","UN",45.42,"0160070027"]
["0160070028","0028","SINALIZADOR ROTATIVO PISCA-PISCA P/ ENTRADA E SAÍDA DE VEÍCULOS","UN",202.23,"0160070028"]
["0160070029","0029","SPLIT 10000 BTUS (INSTALADO)","UN",1736.55,"0160070029"]
["0160070030","0030","SPLIT 12000 BTUS (INSTALADO)","UN",2100,"0160070030"]
["0160070031","0031","SPLIT 18000 BTUS (INSTALADO)","UN",2357.55,"0160070031"]
["0160070032","0032","SPLIT 22000 BTUS (INSTALADO)","UN",2609.1,"0160070032"]
["0160070033","0033","SPLIT 24000 BTUS (INSTALADO)","UN",2960.55,"0160070033"]
["0160070034","0034","SPLIT 30000 BTUS (INSTALADO)","UN",3788.55,"0160070034"]
["0160070035","0035","SPLIT 36000 BTUS (INSTALADO)","UN",4464,"0160070035"]
["0160070036","0036","SPLIT 48000 BTUS (INSTALADO)","UN",4878,"0160070036"]
["0160070037","0037","SPLIT 60000 BTUS (INSTALADO)","UN",8703,"0160070037"]
["0160070038","0038","SPLIT 7000 BTUS (INSTALADO)","UN",1404,"0160070038"]
["0160070039","0039","SPLIT 9000 BTUS (INSTALADO)","UN",1494,"0160070039"]
["0160070040","0040","SWITCH GERENCIAVEL 24 PORTAS - 3COM (FORN. E MONTAGEM)","UN",2250,"0160070040"]
["0160070041","0041","VENEZIANA DE CONDENSAÇÃO EM ALUMÍNIO ANODIZADO MODELO TAE","UN",191.78,"0160070041"]
[null,null,"COM TELA, 1200x400MM"]
["0160070042","0042","VENEZIANA DE CONDENSAÇÃO EM ALUMÍNIO ANODIZADO MODELO TAE","UN",320.05,"0160070042"]
[null,null,"COM TELA, 1200x800MM"]
["0160070043","0043","VENEZIANA DE CONDENSAÇÃO EM ALUMÍNIO ANODIZADO MODELO TAE","UN",249.12,"0160070043"]
[null,null,"COM TELA, 1500x400MM"]
["0160070044","0044","VENEZIANA DE CONDENSAÇÃO EM ALUMÍNIO ANODIZADO MODELO TAE","UN",456.87,"0160070044"]
[null,null,"COM TELA, 1500x800MM"]
["0160070045","0045","VENEZIANA EM ALUMÍNIO ANODIZADO TIPO AWG-825x525MM","UN",166.06,"0160070045"]
["0160070046","0046","VENTILADOR DE PAREDE","UN",160.52,"0160070046"]
["0160070047","0047","VENTILADOR DE TETO COM ALETAS","UN",234.84,"0160070047"]
[null,null,"008     SubGrupo:      LUMINÁRIAS INTERNAS, EXTERNAS E ACESSÓRIOS"]
["0160080001",null,"0001 ARANDELA BLINDADA COM LÂMPADA PL-20W","UN",200.75,"0160080001"]
["0160080002",null,"0002 ARANDELA COM FACHO INDIRETO E REFLETOR ALTO RENDIMENTO COM","UN",54.14,"0160080002"]
[null,null,"CONTROLE DE OFUSCAMENTO,COMLÂMP.HALÓGENA 150W"]
["0160080003",null,"0003 ARANDELA EM BARRO FURADO COM LÂMPADA ELETRÔNICA DE 15W","UN",86.6,"0160080003"]
["0160080004",null,"0004 ARANDELA EXTERNA COM VIDRO ESFÉRICO P/ LÂMPADA PL-26W","UN",91.3,"0160080004"]
["0160080005",null,"0005 ARANDELA EXTERNA EM ALUMÍNIO E VIDRO COM LÂMPADA DE 60W","UN",76.43,"0160080005"]
["0160080006",null,"0006 ARANDELA SOBREP. CORPO E GRADE AUMIN.FUNDIDO CINZA","UN",140.64,"0160080006"]
[null,null,"MARTELADO,REFRATOR E VD TRANSP.FRISADO LÂMP.1X20W"]
["0160080007",null,"0007 BALIZADOR DE EMBUTIR COM FACHO ASSIMÉTRICO E REFLETOR COM","UN",143.13,"0160080007"]
[null,null,"CONTROLE OFUSCANTE EM COM LÂMP. ELETR. 18W"]
["0160080008",null,"0008 BALIZADOR EMB. EM ALUMÍNIO COM GRADE E VEDAÇÃO EM NEOPREMNE","UN",153.03,"0160080008"]
[null,null,"COR BRANCA COM LÂMPADA ELETRÔNICA 15 OU 18W"]
["0160080009",null,"0009 BLOCO AUTONOMO COM AUTONOMIA DE 1 HORA","UN",41.61,"0160080009"]
["0160080010",null,"0010 CALHA CONTÍNUA DE ALUMÍNIO P/ LÂMPADA FLUORESCENTE  1X32W","UN",196.23,"0160080010"]
["0160080011",null,"0011 CONJ. COM 04 PÉTALAS E LÂMPADAS VAPOR METÁLICA 400W, MONTADA","UN",2836.77,"0160080011"]
[null,"EM POSTE CONC. CIRC. H=12M"]
[]
[null,"Página 80 de 120"]
[]
[]
[]
[]
[]
[null,"SECRETARIA MUNICIPAL DE INFRAESTRUTURA - SEINF"]
[null,"COORDENADORIA DE ELABORAÇÃO DE PROJETOS - CÉLULA DE ORÇAMENTO"]
[null,"Av. Dep. Paulino Rocha, 1343 - Cajazeiras     FORTALEZA-CE     CEP:60864-311     FONE: (85) 3105-1113"]
[null,"Email: seinf.edificacoes@fortaleza.ce.gov.br"]
[]
[null,null,"TABELA OFICIAL DO MUNICÍPIO"]
[{"$nulls":4},"Encargos Sociais: 83,84%"]
[null,null,"Relatório de Composições Sintético - COM DESONERAÇÃO"]
[null,"Mês de Coleta: 01/2014",null,null,"BDI: 0%"]
["Composição",null,"Descrição","Unidade","Preço","Composição"]
["0160080012","0012","GANCHO CURTO PARA LUMINÁRIAS","UN",1.78,"0160080012"]
["0160080013","0013","GANCHO LONGO P/ PERFILADO","UN",2,"0160080013"]
["0160080014","0014","KIT FONTE FIBRA ÓTICA P/ PISCINA 6 PONTOS","UN",4817.06,"0160080014"]
["0160080015","0015","LÂMPADA FLUORESCENTE 16W OU 20W (SUBSTITUIÇÃO)","UN",9.89,"0160080015"]
["0160080016","0016","LÂMPADA FLUORESCENTE 32W OU 40W (SUBSTITUIÇÃO)","UN",9.89,"0160080016"]
["0160080017","0017","LÂMPADA FLUORESCENTE PL 18W","UN",16.16,"0160080017"]
["0160080018","0018","LÂMPADA FLUORESCENTE PL 45W","UN",30.73,"0160080018"]
["0160080019","0019","LÂMPADA INCANDESCENTE 100W","UN",2.43,"0160080019"]
["0160080020","0020","LÂMPADA INCANDESCENTE 150W","UN",4.38,"0160080020"]
["0160080021","0021","LÂMPADA INCANDESCENTE 32W","UN",2.43,"0160080021"]
["0160080022","0022","LÂMPADA INCANDESCENTE 60W","UN",2.43,"0160080022"]
["0160080023","0023","LÂMPADA MISTA DE 160 A 500W (SUBSTITUIÇÃO)","UN",56.76,"0160080023"]
["0160080024","0024","LÂMPADA PAR 64 (SUBSTITUIÇÃO)","UN",180.31,"0160080024"]
["0160080025","0025","LÂMPADA T-19 1000W (SUBSTITUIÇÃO)","UN",150.61,"0160080025"]
["0160080026","0026","LÂMPADA VAPOR DE MERCÚRIO 125W","UN",29.07,"0160080026"]
["0160080027","0027","LÂMPADA VAPOR DE MERCÚRIO 250W","UN",30.69,"0160080027"]
["0160080028","0028","LÂMPADA VAPOR DE SÓDIO 400W","UN",52.06,"0160080028"]
["0160080029","0029","LÂMPADA VAPOR DE SÓDIO DE 250W","UN",52.06,"0160080029"]
["0160080030","0030","LÂMPADA VAPOR METÁLICO HQI 70W","UN",70.41,"0160080030"]
["0160080031","0031","LUMINÁRIA ARANDELA EXTERNA ALUMÍNIO TRAT. COR BRANCA 2 LAMP.","UN",82.76,"0160080031"]
[null,null,"FLUORESCENTE COMPACTAS DE 26W"]
["0160080032","0032","LUMINÁRIA ARANDELA EXTERNA ALUMÍNIO TRAT. COR BRANCA 2 LAMP.","UN",137.75,"0160080032"]
[null,null,"FLUORESCENTE COMPACTAS DE 40W"]
["0160080033","0033","LUMINÁRIA CIRCULAR DE EMB. ALUMÍNIO PINT. BCO, REFL. AL. ANOD.,","UN",110.45,"0160080033"]
[null,null,"DIFUS. VIDRO TEMP., LÂMP. 2X26W E REATOR"]
["0160080034","0034","LUMINÁRIA CIRCULAR DE EMB. ALUMÍNIO PINT. BCO, REFL. ALETAS","UN",109.63,"0160080034"]
[null,null,"PARABÓL. AL. ALT. BRIL., LÂMP. 2X26W E REATOR"]
["0160080035","0035","LUMINÁRIA CIRCULAR DE EMBUTIR COM LÂMPADA FLUORESCENTE DE 9W,","UN",62.5,"0160080035"]
[null,"COMPLETA"]
["0160080036","0036","LUMINÁRIA CIRCULAR DE EMBUTIR COM LÂMPADA HQI/TS 70W, CORPO E","UN",138.02,"0160080036"]
[null,null,"REFLETOR DE ALUMÍNIO, REATOR 220V"]
["0160080037","0037","LUMINÁRIA CIRCULAR DE EMBUTIR SEM ALETAS E CORPO EM ALUMÍNIO","UN",80.71,"0160080037"]
[null,null,"COR BRANCA, REFLETOR EM ALUM. 1X32W"]
["0160080038","0038","LUMINÁRIA CIRCULAR DE EMBUTIR SEM ALETAS E CORPO EM ALUMÍNIO","UN",112.59,"0160080038"]
[null,null,"COR BRANCA, REFLETOR EM ALUM. 2X32W"]
["0160080039","0039","LUMINÁRIA DE EMB. COM CORPO E ALETAS EM CHAPA DE AÇO BCA E","UN",160.03,"0160080039"]
[null,null,"REFLETOR ALTO BRILHO COMLÂMP.FLUORESC. 2X32W"]
["0160080040","0040","LUMINÁRIA DE EMBUTIR ALUM. COR BRANCA COM VIDRO LEITOSO COM 2","UN",116.91,"0160080040"]
[null,"LÂMPADAS 18W"]
["0160080041","0041","LUMINÁRIA DE EMBUTIR ALUM. COR BRANCA COM VIDRO LEITOSO COM","UN",102.96,"0160080041"]
[null,"LÂMPADA 18W"]
["0160080042","0042","LUMINÁRIA DE EMBUTIR ALUM. COR BRANCA COM VIDRO LEITOSO COM","UN",102.96,"0160080042"]
[null,"LÂMPADA 26W"]
["0160080043","0043","LUMINÁRIA DE EMBUTIR COM LÂMPADA FLUORESCENTE DE 2X16W EM","UN",129.06,"0160080043"]
[null,null,"ALUMÍNIO COM REFLETOR E ALETAS, COMPLETA"]
["0160080044","0044","LUMINÁRIA DE EMBUTIR NO PISO EM ALUMÍNIO UL PAR 20 COM LÂMPADA","UN",98.38,"0160080044"]
[null,null,"PAR 20 COR ÂMBAR"]
["0160080045","0045","LUMINÁRIA DE EMERGÊNCIA BFL-16/HT COM DUAS LÂMPADAS","UN",261.01,"0160080045"]
[null,null,"FLUORESCENTES COMPACTAS DE 11W"]
["0160080046","0046","LUMINÁRIA DE EMERGÊNCIA BFL-9 COM UMA LÂMPADA FLUORESCENTE","UN",86.02,"0160080046"]
[null,null,"COMPACTA DE 9W"]
["0160080047","0047","LUMINÁRIA DE EMERGÊNCIA BLOKITO D-18 COM DUAS LÂMP.","UN",86.02,"0160080047"]
[null,"FLUORESCENTE COMPAC. DE 9W, COM SETA DE INDICAÇÃO"]
[]
[null,"Página 81 de 120"]
[]
[]
[]
[]
[]
[null,"SECRETARIA MUNICIPAL DE INFRAESTRUTURA - SEINF"]
[null,"COORDENADORIA DE ELABORAÇÃO DE PROJETOS - CÉLULA DE ORÇAMENTO"]
[null,"Av. Dep. Paulino Rocha, 1343 - Cajazeiras     FORTALEZA-CE     CEP:60864-311     FONE: (85) 3105-1113"]
[null,"Email: seinf.edificacoes@fortaleza.ce.gov.br"]
[]
[null,null,"TABELA OFICIAL DO MUNICÍPIO"]
[{"$nulls":4},"Encargos Sociais: 83,84%"]
[null,null,"Relatório de Composições Sintético - COM DESONERAÇÃO"]
[null,"Mês de Coleta: 01/2014",null,null,"BDI: 0%"]
["Composição",null,"Descrição","Unidade","Preço","Composição"]
["0160080048","0048","LUMINÁRIA DE EMERGÊNCIA COR BRANCA EQUIP. COM BATERIA SELADA,","UN",101.71,"0160080048"]
[null,null,"AUTONOMIA 3H, 360 LUMENS E 2 LÂMPADAS 8"]
["0160080049","0049","LUMINÁRIA DE SOBREPOR ALUM. COR BCA COM VIDRO LEITOSO COM 2","UN",167.26,"0160080049"]
[null,null,"LÂMPADAS ELETRÔNICAS 18W"]
["0160080050","0050","LUMINÁRIA DE SOBREPOR ALUM. COR BCA COM VIDRO LEITOSO COM","UN",153.31,"0160080050"]
[null,null,"LÂMPADA ELETRÔNICA 18W"]
["0160080051","0051","LUMINÁRIA DE SOBREPOR EM ALUMÍNIO BRANCO COM VIDRO LEITOSO P/","UN",188.93,"0160080051"]
[null,null,"USO EXTERNO COM 2 LÂMPADAS ELETR. 18W"]
["0160080052","0052","LUMINÁRIA DE USO PENDENTE COM LÂMPADA VAPOR METÁLICA DE 400W","UN",386.73,"0160080052"]
[null,null,"COM VIDRO E GRADE"]
["0160080053","0053","LUMINÁRIA DECORATIVA COM CORPO EM ALUMÍNIO FUNDIDO E LÂMPADAS","UN",420.32,"0160080053"]
[null,null,"VAPOR DE SÓDIO 250W"]
["0160080054","0054","LUMINÁRIA DECORATIVA ESF.COMREF.ARO AL.REPUX,DIFUS.ACRÍLICO","UN",275.63,"0160080054"]
[null,null,"TRANSP.BASE AL.FUND.P/TUBO 60MM,GRAFITE"]
["0160080055","0055","LUMINÁRIA DUAS PÉTALAS COM FOTOCÉLULA E LÂMPADA MISTA 160W","UN",594.65,"0160080055"]
["0160080056","0056","LUMINÁRIA EM ALUMÍNIO COM VIDRO E LÂMPADA ELETRÔNICA DE 15W","UN",72.71,"0160080056"]
["0160080057","0057","LUMINÁRIA EM ALUMÍNIO TIPO LED","UN",119.13,"0160080057"]
["0160080058","0058","LUMINÁRIA EMB. CORPO, REFLET. E COBRE-SOQUETE CHAPA AÇO TRAT. E","UN",280.41,"0160080058"]
[null,null,"PINT. BCA. 2 LÂMP. 32W E REATOR"]
["0160080059","0059","LUMINÁRIA EMB. CORPO,REFLET,COBRE-SOQ. E ALET.CONVEX.CHAPA AÇO","UN",281.07,"0160080059"]
[null,null,"TRAT. PINT. BCA,2 LÂMP.32W E REATOR"]
["0160080060","0060","LUMINÁRIA EMB.CORPO AÇO TRAT.PINT.BCA.,REFL./ALET.PARAB.","UN",260.49,"0160080060"]
[null,null,"AL.ANOD.ALTO BRIL.OFU.,2LAMP.TUB.32W E REAT"]
["0160080061","0061","LUMINARIA EMBUTIDA NO PISO COM VIDRO E GRADE DE PROTEÇÃO COM","UN",230.09,"0160080061"]
[null,null,"UMA LÂMPADA HQI 70W"]
["0160080062","0062","LUMINÁRIA EXTERNA EM ALUMÍNIO COM PROTEÇÃO EM POLICARBONATO","UN",150.11,"0160080062"]
[null,null,"METACRILATO COM LÂMPADA V. METÁLICO 150W"]
["0160080063","0063","LUMINARIA FECHADA LENTE DE VIDRO COMPLETA 1 LÂMPADA VAPOR","UN",309.26,"0160080063"]
[null,null,"MERCÚRIO 250W COM BRAÇO METÁLICO"]
["0160080064","0064","LUMINÁRIA FECHADA P/ LAMP. VS150W, COM DIFUSOR POLICARBONATO,","UN",414.48,"0160080064"]
[null,null,"INCLUS. SUPORTE EM ALUM, REATOR, LAMPAD"]
["0160080065","0065","LUMINÁRIA FLUORECENTE DE SOBREPOR COM TAMPA PROTET. EM","UN",70.62,"0160080065"]
[null,null,"ACRÍLICO NA COR B RANCA 1X32W"]
["0160080066","0066","LUMINÁRIA FLUORESCENTE 2X16W/220V , CORPO EM CHAPA DE AÇO","UN",74.42,"0160080066"]
[null,null,"PINTADO EM BRANCO, RELFETOR EM ALUMÍNIO"]
["0160080067","0067","LUMINÁRIA FLUORESCENTE 2X32W/220V , CORPO EM CHAPA DE AÇO","UN",106.6,"0160080067"]
[null,null,"PINTADO EM BRANCO, RELFETOR EM ALUMÍNIO PA"]
["0160080068","0068","LUMINARIA FLUORESCENTE COMPLETA 1 LÂMPADA DE 110W","UN",148.97,"0160080068"]
["0160080069","0069","LUMINARIA FLUORESCENTE COMPLETA 1 LÂMPADA DE 20W","UN",45.2,"0160080069"]
["0160080070","0070","LUMINÁRIA FLUORESCENTE COMPLETA 1 LÂMPADA DE 32W","UN",64.06,"0160080070"]
["0160080071","0071","LUMINARIA FLUORESCENTE COMPLETA 1 LÂMPADA DE 40W","UN",48.64,"0160080071"]
["0160080072","0072","LUMINARIA FLUORESCENTE COMPLETA 2 LÂMPADAS DE 20W","UN",62.93,"0160080072"]
["0160080073","0073","LUMINARIA FLUORESCENTE COMPLETA 2 LÂMPADAS DE 32W","UN",106.6,"0160080073"]
["0160080074","0074","LUMINARIA FLUORESCENTE COMPLETA 2 LÂMPADAS DE 40W","UN",72.12,"0160080074"]
["0160080075","0075","LUMINARIA FLUORESCENTE COMPLETA 2 LÂMPADAS DE 65W","UN",141.87,"0160080075"]
["0160080076","0076","LUMINARIA FLUORESCENTE COMPLETA 4 LÂMPADAS DE 20W","UN",110.46,"0160080076"]
["0160080077","0077","LUMINARIA FLUORESCENTE COMPLETA 4 LÂMPADAS DE 40W","UN",138.03,"0160080077"]
["0160080078","0078","LUMINÁRIA FLUORESCENTE DE EMBUTIR COM ALETAS E REFLETOR DE","UN",311.85,"0160080078"]
[null,null,"ALTA PUREZA COM 4X16W"]
["0160080079","0079","LUMINARIA FLUORESCENTE DE EMBUTIR COMPLETA 1 LÂMPADA DE 18W","UN",43.38,"0160080079"]
["0160080080","0080","LUMINARIA FLUORESCENTE DE EMBUTIR COMPLETA 1 LÂMPADA DE 50W","UN",76.6,"0160080080"]
["0160080081","0081","LUMINARIA FLUORESCENTE DE EMBUTIR COMPLETA 2 LÂMPADAS DE 40W","UN",91.87,"0160080081"]
["0160080082","0082","LUMINARIA INCANDESCENTE A PROVA DE TEMPO/GAZES/VAPOR","UN",52.31,"0160080082"]
[]
[null,"Página 82 de 120"]
[]
[]
[]
[]
[]
[null,"SECRETARIA MUNICIPAL DE INFRAESTRUTURA - SEINF"]
[null,"COORDENADORIA DE ELABORAÇÃO DE PROJETOS - CÉLULA DE ORÇAMENTO"]
[null,"Av. Dep. Paulino Rocha, 1343 - Cajazeiras     FORTALEZA-CE     CEP:60864-311     FONE: (85) 3105-1113"]
[null,"Email: seinf.edificacoes@fortaleza.ce.gov.br"]
[]
[null,null,"TABELA OFICIAL DO MUNICÍPIO"]
[{"$nulls":4},"Encargos Sociais: 83,84%"]
[null,null,"Relatório de Composições Sintético - COM DESONERAÇÃO"]
[null,"Mês de Coleta: 01/2014",null,null,"BDI: 0%"]
["Composição",null,"Descrição","Unidade","Preço","Composição"]
["0160080083","0083","LUMINÁRIA NAVAL EM ALUMÍNIO FUNDIDO COM GRADE, VIDRO E LÂMPADA","UN",74.02,"0160080083"]
[null,null,"ELETRÔNICA DE 15W"]
["0160080084","0084","LUMINÁRIA PENDENTE 2 LÂMP. FLUOR. 32W CORPO E REFLETOR EM","UN",255.06,"0160080084"]
[null,null,"CHAPA DE AÇO, REATOR DUPLO AFP"]
["0160080085","0085","LUMINÁRIA PENDENTE 2 LÂMP. FLUOR. 32W CORPO EM CHAPA DE AÇO E","UN",242.08,"0160080085"]
[null,null,"REFLETOR ALTO BRILHO, REATOR DUPLO AFP"]
["0160080086","0086","LUMINÁRIA PENDENTE ALUM. TRAT. E PINT.COR BCA COMLAMP. 32W,","UN",165.46,"0160080086"]
[null,null,".REFL.AL.FOSCO, REAT. INST. EM SUSP .I-45"]
["0160080087","0087","LUMINÁRIA QUATRO PÉTALAS E LÂMPADAS MISTA 160W COM FOTOCÉLULA","UN",1163.47,"0160080087"]
["0160080088","0088","LUMINARIA REFLETORA COM LÂMPADA DICROICA 50W","UN",32.2,"0160080088"]
["0160080089","0089","LUMINÁRIA REFLETORA INTERNA SIMPLES COM  LÂMPADA MERCÚRIO","UN",98.76,"0160080089"]
[null,"400W"]
["0160080090","0090","LUMINÁRIA RETANGULAR EMBUTIR ALUM. TRAT. PINTADA NA COR BCA","UN",182.53,"0160080090"]
[null,null,"COM 2 LÂMP. FLUORESCENTE COMPACTAS 26W"]
["0160080091","0091","LUMINÁRIA SOBREPOR 2 LÂMP. FLUOR. 16W CORPO EM CHAPA DE AÇO E","UN",96.57,"0160080091"]
[null,null,"REFLETOR ALTO BRILHO,REATOR DUPLO AFP"]
["0160080092","0092","LUMINÁRIA SOBREPOR 2 LÂMP. FLUOR. 32W CORPO E REFLETOR EM","UN",105.8,"0160080092"]
[null,null,"CHAPA DE AÇO, REATOR DUPLO AFP"]
["0160080093","0093","LUMINÁRIA SOBREPOR 2 LÂMP. FLUOR. 32W CORPO EM CHAPA AÇO E","UN",106.57,"0160080093"]
[null,null,"RELETOR ALTO BRILHO, REATOR DUPLO AFP"]
["0160080094","0094","LUMINÁRIA TIPO BALIZADOR EMBUTIR COM FOCO P/ BAIXO COM LÂMPADA","UN",129.64,"0160080094"]
[null,"40W"]
["0160080095","0095","LUMINÁRIA TIPO BANDEJA EM ALUMÍNIO COM FILTRO VIDROCORTE COR","UN",121.27,"0160080095"]
[null,null,"ÂMBAR E LÂMPADA V. METÁLICO 70W WDL"]
["0160080096","0096","LUMINARIA TIPO CALHA DE SOBREPOR FLUORESCENTE COMPLETA 1","UN",52.39,"0160080096"]
[null,"LÂMPADA DE 16W"]
["0160080097","0097","LUMINARIA TIPO CALHA DE SOBREPOR FLUORESCENTE COMPLETA 1","UN",68.01,"0160080097"]
[null,"LÂMPADA DE 32W"]
["0160080098","0098","LUMINARIA TIPO CALHA DE SOBREPOR FLUORESCENTE COMPLETA 2","UN",74.42,"0160080098"]
[null,"LÂMPADAS DE 16W"]
["0160080099","0099","LUMINARIA TIPO CALHA DE SOBREPOR FLUORESCENTE COMPLETA 2","UN",106.6,"0160080099"]
[null,"LÂMPADAS DE 32W"]
["0160080100","0100","LUMINARIA TIPO CALHA DE SOBREPOR FLUORESCENTE COMPLETA 4","UN",200.81,"0160080100"]
[null,"LÂMPADAS DE 32W"]
["0160080101","0101","LUMINÁRIA TIPO ESPETO COM LÂMPADA PAR DE 20","UN",58.22,"0160080101"]
["0160080102","0102","LUMINARIA TIPO PLAFONIER COMPLETA 1 LÂMPADA PL 13W","UN",92.21,"0160080102"]
["0160080103","0103","LUMINARIA TIPO SPOT SIMPLES COM LÂMPADA INCANDESCENTE","UN",23.97,"0160080103"]
["0160080104","0104","LUSTRE COM 5 LÂMPADAS COMPACTAS DE 45W","UN",431.8,"0160080104"]
["0160080105","0105","PENDENTE EM CESTO DE VIME COM LÂMPADA ELETÔNICA DE 15W, INCL.","UN",52.18,"0160080105"]
[null,null,"CABO E RECEPTÁCULO"]
["0160080106","0106","PLAFOND DE EMBUTIR COM VIDRO JATEADO P/ DUAS LÂMPADAS PL","UN",82.47,"0160080106"]
["0160080107","0107","PLAFOND DE EMBUTIR COM VIDRO JATEADO P/ UMA LÂMPADA PL","UN",73.13,"0160080107"]
["0160080108","0108","PLAFOND DE PVC S/ LÂMPADA","UN",14.84,"0160080108"]
["0160080109","0109","PLAFONIER COM GLOBO LEITOSO E LÂMPADA INCANDESCENTE DE 40 OU","UN",32.75,"0160080109"]
[null,"60W"]
["0160080110","0110","PROJETOR ALUM. POLIDO COM REFLETOR ALUM. ANOD. DIFUSOR EM","UN",639.8,"0160080110"]
[null,null,"VIDRO PLANO TEMP. TRANSP D=40CM P/LAMP 400W"]
["0160080111","0111","PROJETOR EXTERNO COMPLETO 1  LÂMPADA VAPOR METÁLICO 400W","UN",422.61,"0160080111"]
[null,null,"COM CÉLULA FOTOELÉTRICA"]
["0160080112","0112","PROJETOR LÂMPADA HQI DE 400W COMPLETO COM CÉLULA","UN",336.89,"0160080112"]
[null,"FOTOELÉTRICA"]
["0160080113","0113","PROJETOR P/ LÂMPADA V. METALICO 150W/220V - COMPLETA COM","UN",286.68,"0160080113"]
[null,"LÂMPADA E REATOR MODELO A56 - AB"]
[]
[null,"Página 83 de 120"]
[]
[]
[]
[]
[]
[null,"SECRETARIA MUNICIPAL DE INFRAESTRUTURA - SEINF"]
[null,"COORDENADORIA DE ELABORAÇÃO DE PROJETOS - CÉLULA DE ORÇAMENTO"]
[null,"Av. Dep. Paulino Rocha, 1343 - Cajazeiras     FORTALEZA-CE     CEP:60864-311     FONE: (85) 3105-1113"]
[null,"Email: seinf.edificacoes@fortaleza.ce.gov.br"]
[]
[null,null,"TABELA OFICIAL DO MUNICÍPIO"]
[{"$nulls":4},"Encargos Sociais: 83,84%"]
[null,null,"Relatório de Composições Sintético - COM DESONERAÇÃO"]
[null,"Mês de Coleta: 01/2014",null,null,"BDI: 0%"]
["Composição",null,"Descrição","Unidade","Preço","Composição"]
["0160080114","0114","PROJETOR AL. FUND. COM ALET.P/ DISSIP. CALOR, REFLETOR ESTAMP. AL.","UN",686.78,"0160080114"]
[null,null,"ANOD., LENTE PL. CRIST. TEMP. COM LAMP. V. MET. 250W"]
["0160080115","0115","PROJETOR ALUM. PÉTALA COM DIFUSOR VIDRO PL TEMP., REFLETOR","UN",387.11,"0160080115"]
[null,null,"ANODIZ. COM LÂMP. V. METÁLICO 400W, FOTOCÉLULA"]
["0160080116","0116","PROJETOR BANDEJA SOBREP.ALUM.COR PTA E REFLETOR","UN",310.63,"0160080116"]
[null,null,"ALUM,COMGRELHA DE ALUM.PINT.POLIÉSTER COMLÂMP. VM 250W"]
["0160080117","0117","PROJETOR ELIPSOIDAL, PRETO EM FERRO COMPORTA GLOBO/FILTRO E","UN",1999.88,"0160080117"]
[null,null,"LENTES ZOMM 20° A 40° E LÂMP.1000W(INSTAL"]
["0160080118","0118","PROJETOR EM ALUM., REFLETOR EM ALUM. E DIFUSOR EM VIDRO","UN",177.36,"0160080118"]
[null,null,"TEMPERADO TRANSPARENTE COM LÂMP. VM DE 150W"]
["0160080119","0119","PROJETOR EXTERNO COM 4 UNID.TRICA COMPLETO COM LÂMP. VAPOR","UN",3397.79,"0160080119"]
[null,null,"METÁLICO 1000W, CABO 4 MM2 E CÉLULA FOTOELÉ"]
["0160080120","0120","PROJETOR EXTERNO COMPLETO 1 LÂMPADA VAPOR METÁLICO 400W COM","UN",252.68,"0160080120"]
[null,null,"CÉLULA FOTOELÉTRICA"]
["0160080121","0121","PROJETOR FRESNELL, COR: PRETA EM FERRO, COM BANDEIRA,","UN",954.88,"0160080121"]
[null,null,"COMPORTA FILTRO E LÂMPADA 1000W (INSTALADO)"]
["0160080122","0122","PROJETOR ORIENTÁVEL SOBREP.CORPO AL.COR BCA,REFLET.","UN",364.18,"0160080122"]
[null,null,"AL.ANOD.PROT.VIDRO TEMP.JAT.COMREAT. LÂMP.V.M.70W"]
["0160080123","0123","PROJETOR PLANO CONVEXO, COR: PRETA EM FERRO COMBANDEIRA,","UN",979.88,"0160080123"]
[null,null,"PORTA FILTRO E LÂMPADA 1000W (INSTALADO)"]
["0160080124","0124","PROJETOR RETANGULAR EM ALUMÍNIO COM FILTRO VIDROCORTE,","UN",314.33,"0160080124"]
[null,null,"REATOR INTEGRADO E LÂMP. V. METÁLICO 150W COR"]
["0160080125","0125","PROJETOR RM ALUM.RETANG.COM REATOR, VIDRO TEMP.COMFILTRO","UN",152.61,"0160080125"]
[null,null,"VERDE/AMBAR, LÂMPADA V.METÁL.150W-DWL"]
["0160080126","0126","REATOR AFP P/ LÂMPADA VAPOR DE MERCÚRIO 125W","UN",63.83,"0160080126"]
["0160080127","0127","REATOR AFP P/ LÂMPADA VAPOR DE MERCÚRIO ATÉ 1000W","UN",73.55,"0160080127"]
["0160080128","0128","REATOR AFP P/ LÂMPADA VAPOR DE SÓDIO DE 250W","UN",65.16,"0160080128"]
["0160080129","0129","REATOR AFP-PR P/ 1X16W OU 1X20W","UN",17.22,"0160080129"]
["0160080130","0130","REATOR AFP-PR P/ 1X32W OU 1X40W","UN",18.23,"0160080130"]
["0160080131","0131","REATOR AFP-PR P/ 2X16W OU 2X20W","UN",23.91,"0160080131"]
["0160080132","0132","REATOR AFP-PR P/ 2X32W OU 2X40W","UN",15.6,"0160080132"]
["0160080133","0133","REATOR CONVENCIONAL 1X16W OU 1X20W","UN",14.72,"0160080133"]
["0160080134","0134","REATOR DE PARTIDA P/ LÂMPADA VAPOR DE MERCÚRIO DE 400W","UN",69.14,"0160080134"]
["0160080135","0135","RECEPTÁCULO DE LOUÇA ACOPLADO EM BASE DE PVC COM LÂMPADA PL","UN",19.87,"0160080135"]
[null,"26W"]
["0160080136","0136","REFLETOR COM LÂMPADA HQI 250W E REATOR ALTO FATOR DE POTENCIA","UN",271.3,"0160080136"]
["0160080137","0137","RELÉ FOTOELÉTRICO PARA LÂMPADAS ATÉ 1000W","UN",33.34,"0160080137"]
["0160080138","0138","SOQUETE COM RABICHO P/ LÂMPADA FLUORESCENTE","UN",1.75,"0160080138"]
["0160080139","0139","SPOT EM ALUMÍNIO COR PRETA COM CANOPLA E BORRACHA DE VEDAÇÃO","UN",103.9,"0160080139"]
[null,null,"COM LÂMP. PAR 38 90W P/ USO AO TEMPO"]
["0160080140","0140","SPOT EM ALUMÍNIO NA COR PRETA, COM ESPETO P/ FIX. NO SOLO, USO AO","UN",51.53,"0160080140"]
[null,null,"TEMPO COM LÂMPADA PAR 38 70W"]
["0160080141","0141","START P/ LÂMPADA FLUORESCENTE","UN",2.32,"0160080141"]
["0160080142","0142","TRILHO EM ALUMÍNIO COM SPOT E LÂMPADA AR 111-50W","UN",59.27,"0160080142"]
["0160080143","0143","TRILHO EM ALUMÍNIO COM SPOT E LÂMPADA AR 20-50W","UN",56.47,"0160080143"]
["0160080144","0144","WALL LED FIXADO EM MADEIRA - COR ÂMBAR","UN",42.37,"0160080144"]
[null,null,"009     SubGrupo:      TRANSFORMADORES, POSTES, CAIXAS E ACESSÓRIOS"]
["0160090001",null,"0001 ACESSÓRIOS P/ TRANSFORMADOR EM POSTE","UN",8654.51,"0160090001"]
["0160090002",null,"0002 BRAÇO METALICO DUPLO D=2 1/2 DE 2,00M, GALVANIZADO FAB. EDESA OU","UN",376.25,"0160090002"]
[null,"SIMIL, INCLUS E PINTURA EPOXI"]
[]
[null,"Página 84 de 120"]
[]
[]
[]
[]
[]
[null,"SECRETARIA MUNICIPAL DE INFRAESTRUTURA - SEINF"]
[null,"COORDENADORIA DE ELABORAÇÃO DE PROJETOS - CÉLULA DE ORÇAMENTO"]
[null,"Av. Dep. Paulino Rocha, 1343 - Cajazeiras     FORTALEZA-CE     CEP:60864-311     FONE: (85) 3105-1113"]
[null,"Email: seinf.edificacoes@fortaleza.ce.gov.br"]
[]
[null,null,"TABELA OFICIAL DO MUNICÍPIO"]
[{"$nulls":4},"Encargos Sociais: 83,84%"]
[null,null,"Relatório de Composições Sintético - COM DESONERAÇÃO"]
[null,null,"Mês de Coleta: 01/2014",null,"BDI: 0%"]
["Composição",null,"Descrição","Unidade","Preço","Composição"]
["0160090003","0003","BRAÇO METALICO SIMPLES D=2 1/2 DE 2,00M, GALVANIZADO FAB. EDESA","UN",283.53,"0160090003"]
[null,null,"OU SIMIL, INCLUS E PINTURA EPOXI"]
["0160090004","0004","CAIXA DE ENTRADA P/ MEDIÇAO DE POTENCIA ATE 5 KW","UN",494.95,"0160090004"]
["0160090005","0005","CAIXA DE ENTRADA P/ MEDICAO DE POTENCIA DE 10 A 15 KW","UN",516.24,"0160090005"]
["0160090006","0006","CAIXA DE ENTRADA P/ MEDIÇÃO DE POTENCIA DE 15 A 20 KW","UN",1192.48,"0160090006"]
["0160090007","0007","CAIXA DE ENTRADA P/ MEDICAO DE POTENCIA DE 20 A 25 KW","UN",1196.15,"0160090007"]
["0160090008","0008","CAIXA DE ENTRADA P/ MEDICAO DE POTENCIA DE 25 A 30 KW","UN",1249.65,"0160090008"]
["0160090009","0009","CAIXA DE ENTRADA P/ MEDIÇÃO DE POTENCIA DE 5 A 10 KW","UN",506.63,"0160090009"]
["0160090010","0010","CAIXA DE PASSAGEM COM TAMPA DE CONCRETO 50X50X50CM E SELADA -","UN",335.73,"0160090010"]
[null,null,"PADRÃO COELCE"]
["0160090011","0011","CAIXA DE PASSAGEM COM TAMPA PARAFUSADA 150X150X80MM","UN",22.39,"0160090011"]
["0160090012","0012","CAIXA DE PASSAGEM C/ TAMPA PARAFUSADA 400X400X150MM","UN",82.21,"0160090012"]
["0160090013","0013","CAIXA DE PASSAGEM METÁLICA 500X500X120MM","UN",117.83,"0160090013"]
["0160090014","0014","GRUPO GERADOR 500/430KVA - 380/220V COM QUADRO AUTOMÁTICO","UN",162876.78,"0160090014"]
["0160090015","0015","GRUPO GERADOR ESTAC 55 KVA P=165CV  1800RPM","UN",36281.28,"0160090015"]
["0160090016","0016","POSTE COM ACESSÓRIOS (RAMAL DE ENTRADA ATÉ SUBESTAÇÃO","UN",10470.45,"0160090016"]
[null,"ABRIGADA)"]
["0160090017","0017","POSTE CIRC. CONCR. H=12M COM 4 REFLETORES, LAMP. REATOR V.","UN",4548.82,"0160090017"]
[null,null,"METÁL. 1000W, FOTOC., CABO E CX 40X40X60CM"]
["0160090018","0018","POSTE CIRC. CONCR. H=12M COM2 PROJETORES LONGO ALCANCE,LÂMP.","UN",2687.93,"0160090018"]
[null,null,"V. METÁL.1000W, REATOR E FOTOCÉLULA"]
["0160090019","0019","POSTE CIRC. CONCR. H=12M COM2 PROJETORES RETANGULARES,","UN",1760.85,"0160090019"]
[null,null,"REATOR E LÂMPADA HQI 400W"]
["0160090020","0020","POSTE CIRC. CONCR. H=12M COM3 PROJETORES LONGO ALCANCE,LÂMP.","UN",3536.48,"0160090020"]
[null,null,"V. METÁL.1000W, REATOR E FOTOCÉLULA"]
["0160090021","0021","POSTE CIRC. CONCR. H=8M COM 3 REFLETORES, LAMP. REATOR V.","UN",1764.21,"0160090021"]
[null,null,"MERCÚRIO 400W, FOTOC., CABO E CX 40X40X60CM"]
["0160090022","0022","POSTE CIRC. CONCRETO H=10M COM 2 REFLETORES, LÂMPADA E REATOR","UN",1762.6,"0160090022"]
[null,null,"V MERCÚRIO 400W, FOTOCÉLULA E CABO"]
["0160090023","0023","POSTE CIRC. CONCRETO H=10M COM 3 PROJETOR, LÂMPADA V METÁLICO","UN",3347.08,"0160090023"]
[null,null,"1000W, CÉLULA FOTOELÉTRICA E CABO"]
["0160090024","0024","POSTE CIRC. CONCRETO H=10M, COM 3 REFLETORES, LÂMPADA E REATOR","UN",2070.23,"0160090024"]
[null,null,"V MERCÚRIO 400W, FOTOCÉLULA E CABO"]
["0160090025","0025","POSTE CIRC. CONCRETO H=8M COM 3 REFLETORES,  LÂMPADA E REATOR","UN",1848.85,"0160090025"]
[null,null,"V MERCÚRIO 400W, FOTOCÉLULA E CABO"]
["0160090026","0026","POSTE CIRC. DE CONCR. H=8M COM 4 BRAÇOS P/ 4 LUMIN. FECHADA COM","PÇ",1460.29,"0160090026"]
[null,null,"LÂMPADA VAPOR DE SÓDIO 400W/220V COM FO"]
["0160090027","0027","POSTE CIRC.CONCR.H=12M COM3 PROJETORES LONGO ALC,LAMP.REAT.V.","UN",4183.12,"0160090027"]
[null,null,"METÁL.1000W,FOTOC,1 PÉTALA LAMP.VM 400W"]
["0160090028","0028","POSTE CIRCULAR DE CONCRETO 12M","UN",1027.45,"0160090028"]
["0160090029","0029","POSTE CIRCULAR DE CONCRETO H=8M","UN",662.45,"0160090029"]
["0160090030","0030","POSTE DE CONCRETO ARMADO B/600/10,5M","UN",880.45,"0160090030"]
["0160090031","0031","POSTE DE CONCRETO CÔNICO 200/17","UN",1562.45,"0160090031"]
["0160090032","0032","POSTE DE CONCRETO DUPLO T 100/8 COM ACESSÓRIOS","UN",530.31,"0160090032"]
["0160090033","0033","POSTE DE CONCRETO DUPLO T 150/8 COM 1 BRAÇO COM 1 LAMP. V. SODIO","UN",699.65,"0160090033"]
[null,"250W"]
["0160090034","0034","POSTE DE CONCRETO DUPLO T 150/8 COM 2 BRAÇOS COM 2 LAMP. V.","UN",999.5,"0160090034"]
[null,"SODIO 250W"]
["0160090035","0035","POSTE DE CONCRETO DUPLO T 150/8 COM 4 BRAÇOS COM 4 LAMP.","UN",1591.5,"0160090035"]
[null,"V.SODIO 250W"]
["0160090036","0036","POSTE DE CONCRETO DUPLO T 150/9","UN",623.78,"0160090036"]
["0160090037","0037","POSTE DE CONCRETO DUPLO T 150/9 COM 1 BRAÇO COM LUMINÁRIA","UN",668.41,"0160090037"]
[null,"FECHADA COM LÂMPADA V MERCÚRIO 250W"]
[]
[null,"Página 85 de 120"]
[]
[]
[]
[]
[]
[null,"SECRETARIA MUNICIPAL DE INFRAESTRUTURA - SEINF"]
[null,"COORDENADORIA DE ELABORAÇÃO DE PROJETOS - CÉLULA DE ORÇAMENTO"]
[null,"Av. Dep. Paulino Rocha, 1343 - Cajazeiras     FORTALEZA-CE     CEP:60864-311     FONE: (85) 3105-1113"]
[null,"Email: seinf.edificacoes@fortaleza.ce.gov.br"]
[]
[null,null,"TABELA OFICIAL DO MUNICÍPIO"]
[{"$nulls":4},"Encargos Sociais: 83,84%"]
[null,null,"Relatório de Composições Sintético - COM DESONERAÇÃO"]
[null,null,"Mês de Coleta: 01/2014",null,"BDI: 0%"]
["Composição",null,"Descrição","Unidade","Preço","Composição"]
["0160090038","0038","POSTE DE CONCRETO DUPLO T 150/9 COM 1 BRAÇO COM LUMINÁRIA","UN",711.56,"0160090038"]
[null,null,"FECHADA COM LÂMPADA VAPOR DE SÓDIO 400W"]
["0160090039","0039","POSTE DE CONCRETO DUPLO T 150/9 COM 4 BRAÇOS COM 4 LÂMPADAS","UN",1459.9,"0160090039"]
[null,null,"VAPOR DE SÓDIO 250W"]
["0160090040","0040","POSTE DE CONCRETO DUPLO T 150/9 COM 4 BRAÇOS P/ 4 LUMINÁRIAS COM","UN",1534,"0160090040"]
[null,null,"LÂMPADAS VAPOR DE SÓDIO 400W"]
["0160090041","0041","POSTE DE CONCRETO DUPLO T 200/10 COM 2 PROJETORES COM 2","UN",1041.65,"0160090041"]
[null,null,"LÂMPADAS VAPOR METÁLICO 250W"]
["0160090042","0042","POSTE DE CONCRETO DUPLO T 200/9","UN",530.63,"0160090042"]
["0160090043","0043","POSTE DE ENTRADA DUPLO T 300/10 COM ACESSÓRIOS","UN",691.72,"0160090043"]
["0160090044","0044","POSTE DE ENTRADA DUPLO T 300/11 COM ACESSÓRIOS","UN",771.72,"0160090044"]
["0160090045","0045","POSTE DE ENTRADA DUPLO T 300/9 COM ACESSÓRIOS","UN",630.72,"0160090045"]
["0160090046","0046","POSTE DE FERRO GALVANIZADO COM 1 LÂMPADA DE 250W VAPOR DE","UN",291.48,"0160090046"]
[null,"MERCÚRIO"]
["0160090047","0047","POSTE DE FERRO GALVANIZADO COM 1 LÂMPADAS MISTA DE 160W","UN",317.55,"0160090047"]
["0160090048","0048","POSTE DE FERRO GALVANIZADO COM 2 LÂMPADAS MISTA DE 160W","UN",371.66,"0160090048"]
["0160090049","0049","POSTE DE FERRO GALVANIZADO COM 2 LÂMPADAS VAPOR MERCÚRIO DE","UN",319.52,"0160090049"]
[null,"250W"]
["0160090050","0050","POSTE DE FERRO GALVANIZADO H=6M COM 1 LÂMPADA DE 250W","UN",640.51,"0160090050"]
["0160090051","0051","POSTE DE FERRO GALVANIZADO H=6M COM 2 LÂMPADAS DE 250W","UN",925.94,"0160090051"]
["0160090052","0052","POSTE DE FERRO GALVANIZADO H=8M COM 1 LAMP VAPOR DE SÓDIO","UN",603.24,"0160090052"]
[null,null,"250W COM FOTOCÉLULA - COMPLETO"]
["0160090053","0053","POSTE DE FERRO P/JARDIM H=2,80M COM GLOBO DE VIDRO E LÂMPADA","UN",369.75,"0160090053"]
[null,null,"VAPOR DE SÓDIO DE 70W"]
["0160090054","0054","POSTE METÁLICO 12M COM 04 LÂMPADAS VAPOR DE SÓDIO 400W/220V","UN",2384.18,"0160090054"]
["0160090055","0055","POSTE METÁLICO CÔNICO RETO FLANGEADO H=10,0M P/ 02 LUMINÁRIAS","UN",987.57,"0160090055"]
[null,null,"DECORATIVAS"]
["0160090056","0056","POSTE METÁLICO GALVANIZADO H=9M COM LÂMPADA VAPOR METÁLICO","UN",1273.52,"0160090056"]
[null,null,"150W E REATOR, COMPLETO"]
["0160090057","0057","POSTE P/ EDIFICACÕES POTÊNCIA INSTALADA ATÉ 5KW","UN",472.51,"0160090057"]
["0160090058","0058","POSTE P/ EDIFICAÇÕES POTÊNCIA INSTALADA DE  5 A 10 KW","UN",573.12,"0160090058"]
["0160090059","0059","POSTE P/ EDIFICAÇÕES POTÊNCIA INSTALADA DE 10,01 A 15 KW","UN",680.14,"0160090059"]
["0160090060","0060","POSTE P/ EDIFICAÇÕES POTÊNCIA INSTALADA DE 15,01 A 20 KW","UN",746.69,"0160090060"]
["0160090061","0061","POSTE P/ EDIFICAÇÕES POTÊNCIA INSTALADA DE 20,01 A 25 KW","UN",1198.46,"0160090061"]
["0160090062","0062","POSTE P/ EDIFICAÇÕES POTÊNCIA INSTALADA DE 25,01 A 30 KW","UN",1553.2,"0160090062"]
["0160090063","0063","POSTE TUBULAR DE FERRO H=2,0M COM 2 LUMINARIAS ESF. COM","UN",506.45,"0160090063"]
[null,null,"LÂMPADA PL 13W"]
["0160090064","0064","POSTE TUBULAR DE FERRO H=2,0M COM 2 LUMINARIAS ESF. COM","UN",502.75,"0160090064"]
[null,null,"LÂMPADA PL 18W"]
["0160090065","0065","POSTE TUBULAR DE FERRO H=2,0M COM 2 LUMINARIAS ESF. COM","UN",490.82,"0160090065"]
[null,null,"LÂMPADA PL 26W"]
["0160090066","0066","POSTE TUBULAR DE FERRO H=3,0M COM 2 LUMINARIAS ESF. COM","UN",611.37,"0160090066"]
[null,null,"LÂMPADA PL 26W"]
["0160090067","0067","TRANSFORMADOR 75 KVA - 15 KV EM POSTE","UN",7198.94,"0160090067"]
["0160090068","0068","TRANSFORMADOR DE 150 KVA - 15 KV P/ CABINE PRIMÁRIA","UN",14558.03,"0160090068"]
["0160090069","0069","TRANSFORMADOR DE 225 KVA - 15 KV P/ CABINE PRIMÁRIA","UN",18130.28,"0160090069"]
["0160090070","0070","TRANSFORMADOR DE 300 KVA - 15 KV P/ CABINE PRIMÁRIA","UN",20496.2,"0160090070"]
["0160090071","0071","TRANSFORMADOR DE 500 KVA - 15 KV P/ CABINE PRIMÁRIA","UN",23646.9,"0160090071"]
[null,null,"010     SubGrupo:      SUBESTAÇÃO ABRIGADA E AÉREA"]
["0160100001",null,"0001 ACESSÓRIOS INTERNOS À SUBESTAÇÃO - ABRIGADA","UN",29052.37,"0160100001"]
["0160100002",null,"0002 SUBESTAÇÃO AÉREA 112,5KVA COM QUADRO DE MEDIÇÃO","UN",12868.26,"0160100002"]
[]
[null,"Página 86 de 120"]
[]
[]
[]
[]
[]
[null,"SECRETARIA MUNICIPAL DE INFRAESTRUTURA - SEINF"]
[null,"COORDENADORIA DE ELABORAÇÃO DE PROJETOS - CÉLULA DE ORÇAMENTO"]
[null,"Av. Dep. Paulino Rocha, 1343 - Cajazeiras     FORTALEZA-CE     CEP:60864-311     FONE: (85) 3105-1113"]
[null,"Email: seinf.edificacoes@fortaleza.ce.gov.br"]
[]
[null,null,"TABELA OFICIAL DO MUNICÍPIO"]
[{"$nulls":4},"Encargos Sociais: 83,84%"]
[null,null,"Relatório de Composições Sintético - COM DESONERAÇÃO"]
[null,null,"Mês de Coleta: 01/2014",null,"BDI: 0%"]
["Composição",null,"Descrição","Unidade","Preço","Composição"]
["0160100003",null,"0003 SUBESTAÇÃO AÉREA 150KVA COM QUADRO DE MEDIÇÃO","UN",15363.42,"0160100003"]
["0160100005",null,"0005 SUBESTAÇÃO AÉREA 225KVA COM QUADRO DE MEDIÇÃO","UN",19073.14,"0160100005"]
["0160100006",null,"0006 SUBESTAÇÃO AÉREA 45KVA COM QUADRO DE MEDIÇÃO","UN",9163.8,"0160100006"]
["0160100007",null,"0007 SUBESTAÇÃO AÉREA 75KVA COM QUADRO DE MEDIÇÃO","UN",10971.24,"0160100007"]
[null,null,"011     SubGrupo:      QUADROS ELÉTRICOS, CAIXAS E ACESSÓRIOS"]
["0160110001","0001","AMPERÍMETRO (96X96)MM, ESC.0-500A","UN",102.44,"0160110001"]
["0160110002","0002","ARMÁRIO DE LAMINADO ESTRUTURAL TS - FORN. E MONTAGEM","UN",96.24,"0160110002"]
["0160110003","0003","ARMÁRIO DE TELECOMUNICAÇÃO BRACKET 12U - FECHADO COM KIT","UN",487.38,"0160110003"]
[null,null,"VENTILAÇÃO (FORN. E MONTAGEM)"]
["0160110004","0004","CAIXA DE ALUMÍNIO 4\"X4\"NO PISO","UN",13.27,"0160110004"]
["0160110005","0005","CAIXA DE ALVENARIA (40X40X40CM) P/ PROTEÇÃO DE REFLETOR","UN",54.23,"0160110005"]
[null,null,"COMPLETA, INCLUS. PINTURA, GRADE DE FERRO E CADEADO"]
["0160110006","0006","CAIXA DE ALVENARIA COM TAMPA DE FERRO FUNDIDO - PADRÃO TELEMAR","UN",659.6,"0160110006"]
["0160110007","0007","CAIXA DE CONCRETO (30X30X30CM)","UN",118.89,"0160110007"]
["0160110008","0008","CAIXA DE CONCRETO (40X40X40CM)","UN",154.21,"0160110008"]
["0160110009","0009","CAIXA DE DERIVAÇÃO P/ ELETROCALHA DIMENSÕES 200X100X100X75MM","UN",36.61,"0160110009"]
["0160110010","0010","CAIXA DE DERIVAÇÃO TIPO \"T\"EM ALUMÍNIO","UN",34.5,"0160110010"]
["0160110011","0011","CAIXA DE FERRO GALVANIZADO 4\"X4\"X2\" COM TAMPA CEGA","UN",3.87,"0160110011"]
["0160110012","0012","CAIXA DE LIGAÇÃO 20X20CM A PROVA DE TEMPO","UN",49.84,"0160110012"]
["0160110013","0013","CAIXA DE LIGAÇÃO EM CHAPA AÇO ESTAMPADA 3\"X3\",  4\"X2\"E  4\"X4\"-","UN",6.04,"0160110013"]
[null,null,"PADRÃO POPULAR"]
["0160110014","0014","CAIXA DE LIGAÇÃO EM CHAPA AÇO ESTAMPADA 4\"X6\"E 5\"X5\"","UN",8.44,"0160110014"]
["0160110015","0015","CAIXA DE LIGAÇÃO EM CHAPA AÇO ESTAMPADA. 3\"X3\", 4\"X2\"E 4\"X4\"","UN",6.82,"0160110015"]
["0160110016","0016","CAIXA DE PASSAGEM 4\"x4\"","UN",10.61,"0160110016"]
["0160110017","0017","CAIXA DE PASSAGEM COM TAMPA DE CONCRETO 80X80X80CM E SELADA -","UN",521.61,"0160110017"]
[null,null,"PADRÃO COELCE"]
["0160110018","0018","CAIXA DE PASSAGEM COM TAMPA PARAFUSADA 100X100X80MM","UN",13.57,"0160110018"]
["0160110019","0019","CAIXA DE PASSAGEM COM TAMPA PARAFUSADA 200X200X100MM","UN",37.53,"0160110019"]
["0160110020","0020","CAIXA DE PASSAGEM COM TAMPA PARAFUSADA 300X300X120MM","UN",38.69,"0160110020"]
["0160110021","0021","CAIXA DE PASSAGEM CIRCULAR DE CONCRETO D=20CM H=50CM COM","UN",14.97,"0160110021"]
[null,null,"TAMPA PREMOLDADA DE CONCRETO"]
["0160110022","0022","CAIXA DE PASSAGEM EM ALVENARIA - 1 TIJOLO 40X40X60CM COM TAMPA","UN",201.07,"0160110022"]
[null,null,"EM CONCRETO ARMADO"]
["0160110023","0023","CAIXA DE PASSAGEM EM ALVENARIA - 1 TIJOLO COMUM","M2",109.82,"0160110023"]
["0160110024","0024","CAIXA DE PASSAGEM EM ALVENARIA - 1/2 TIJOLO 20X20X20CM COM TAMPA","UN",66.23,"0160110024"]
[null,null,"E FUNDO EM CONCRETO ARMADO"]
["0160110025","0025","CAIXA DE PASSAGEM EM ALVENARIA - 1/2 TIJOLO 30X30X30CM COM TAMPA","UN",59.56,"0160110025"]
[null,null,"EM CONCRETO ARMADO"]
["0160110026","0026","CAIXA DE PASSAGEM EM ALVENARIA - 1/2 TIJOLO 40X40X60CM COM TAMPA","UN",117.48,"0160110026"]
[null,null,"EM CONCRETO ARMADO"]
["0160110027","0027","CAIXA DE PASSAGEM EM ALVENARIA - 1/2 TIJOLO 60X60X60CM COM TAMPA","UN",183.2,"0160110027"]
[null,null,"EM CONCRETO ARMADO"]
["0160110028","0028","CAIXA DE PASSAGEM EM CONCRETO 15X15X12CM","UN",147.95,"0160110028"]
["0160110029","0029","CAIXA DE PASSAGEM EM CONCRETO 20X20X12CM","UN",147.95,"0160110029"]
["0160110030","0030","CAIXA DE PASSAGEM EM CONCRETO 40X40X12CM","UN",149.21,"0160110030"]
["0160110031","0031","CAIXA DE PASSAGEM EMBUTIDA COM TAMPA CEGA 120X120X12CM","UN",152.7,"0160110031"]
["0160110032","0032","CAIXA DE PASSAGEM EMBUTIDA COM TAMPA CEGA 15X15X10CM","UN",17.1,"0160110032"]
["0160110033","0033","CAIXA DE PASSAGEM EMBUTIDA COM TAMPA CEGA 20X20X12CM","UN",23.72,"0160110033"]
["0160110034","0034","CAIXA DE PASSAGEM EMBUTIDA COM TAMPA CEGA 30X30X12CM","UN",41.98,"0160110034"]
[]
[null,"Página 87 de 120"]
[]
[]
[]
[]
[]
[null,"SECRETARIA MUNICIPAL DE INFRAESTRUTURA - SEINF"]
[null,"COORDENADORIA DE ELABORAÇÃO DE PROJETOS - CÉLULA DE ORÇAMENTO"]
[null,"Av. Dep. Paulino Rocha, 1343 - Cajazeiras     FORTALEZA-CE     CEP:60864-311     FONE: (85) 3105-1113"]
[null,"Email: seinf.edificacoes@fortaleza.ce.gov.br"]
[]
[null,null,"TABELA OFICIAL DO MUNICÍPIO"]
[{"$nulls":4},"Encargos Sociais: 83,84%"]
[null,null,"Relatório de Composições Sintético - COM DESONERAÇÃO"]
[null,null,"Mês de Coleta: 01/2014",null,"BDI: 0%"]
["Composição",null,"Descrição","Unidade","Preço","Composição"]
["0160110035","0035","CAIXA DE PASSAGEM EMBUTIDA COM TAMPA CEGA 30X30X15CM","UN",44.98,"0160110035"]
["0160110036","0036","CAIXA DE PASSAGEM EMBUTIDA COM TAMPA CEGA 40X40X15CM","UN",46.7,"0160110036"]
["0160110037","0037","CAIXA DE PASSAGEM EMBUTIDA COM TAMPA CEGA 60X60X12CM","UN",105.7,"0160110037"]
["0160110038","0038","CAIXA DE PASSAGEM EMBUTIDA COM TAMPA CEGA 80X80X12CM","UN",197.7,"0160110038"]
["0160110039","0039","CAIXA DE PASSAGEM METÁLICA BLINDADA A PROVA DE TEMPO 10X10CM","UN",21.7,"0160110039"]
["0160110040","0040","CAIXA DE PASSAGEM TERMOPLÁSTICO INJETADO COMPLETA COM TAMPA","UN",26.61,"0160110040"]
[null,null,"EM AÇO INOX P/ BORDA DE PISCINA"]
["0160110041","0041","CAIXA DE PVC 3\"X3\"","UN",5.32,"0160110041"]
["0160110042","0042","CAIXA DE PVC 4\"X4\"","UN",6.02,"0160110042"]
["0160110043","0043","CAIXA DE PVC 4\"X 2\"- PADRÃO POPULAR","UN",2.67,"0160110043"]
["0160110044","0044","CAIXA DE PVC 4\"X2\"","UN",4.19,"0160110044"]
["0160110045","0045","CAIXA DE TOMADAS PARA PISO ELEVADO 3X25X70, PARA  PONTOS DE","UN",50.55,"0160110045"]
[null,null,"REDE E PONTOS DE TOMADAS."]
["0160110046","0046","CAIXA DE TOMADAS TIPO MAR 420 - 4 TOMADAS / 2 CIRCUITOS (FORN. E","UN",1111.96,"0160110046"]
[null,"MONTAGEM)"]
["0160110047","0047","CAIXA INSPEÇÃO PARA ATERRAMENTO COM TAMPA","UN",48.55,"0160110047"]
["0160110048","0048","CAIXA OCTOGONAL EM PVC FUNDO MÓVEL 4\"X4\"","UN",4.72,"0160110048"]
["0160110049","0049","CAIXA OCTOGONAL ESMALTADA FUNDO MÓVEL 4\"X4\"","UN",7.01,"0160110049"]
["0160110050","0050","CAIXA PARA TOMADA EM ELETROCALHA GALVANIZADO","UN",10.1,"0160110050"]
["0160110051","0051","CAIXA PARA TOMADA EM PERFILADO GALVANIZADO","UN",10.1,"0160110051"]
["0160110052","0052","CAIXA RACK PADRÃO 19\"-9U","UN",444.31,"0160110052"]
["0160110053","0053","CENTRAL DE AUTONOMA PARA ILUMINAÇÃO DE EMERGÊNCIA 2X55 WATTS","UN",64.94,"0160110053"]
[null,"COM BATERIA"]
["0160110054","0054","CENTRAL DE AUTONOMA PARA ILUMINAÇÃO DE EMERGÊNCIA COM PLACA","UN",64.94,"0160110054"]
[null,null,"LUMINOSA DE INDICAÇÃO DE SAÍDA"]
["0160110055","0055","CENTRO DE MEDIÇAO  COM26 CX. P/MED. 40X40X20CM , 01CX.P/BAR.","CJ",3164.7,"0160110055"]
[null,null,"80X80X20 CM , 1 CONJ."]
["0160110056","0056","CENTRO MEDIÇÃO, AÇO LAMIN. 21 MÓD.(32X32)CM, 01 MÓD.","UN",2260.49,"0160110056"]
[null,null,"P/BARRAM.(32X64)CM, PINT. EPOXI, TAMPA POLICARB"]
["0160110057","0057","ELO FUSIVEL10K","UN",3.34,"0160110057"]
["0160110058","0058","QUADRO COMANDO E PROTEÇÃO ILUMINAÇÃO PÚBLICA","UN",306.65,"0160110058"]
["0160110059","0059","QUADRO COMANDO REMOTO FAN-COILS E EXAUSTORES","UN",214.25,"0160110059"]
["0160110060","0060","QUADRO DE BOMBA COM COMANDO P/ 02 MOTORES ESTRELA -TRIANGULO","UN",1646.25,"0160110060"]
[null,null,"P=10CV - COMPLETO"]
["0160110061","0061","QUADRO DE BOMBA DE INCÊNDIO 3CV - COMPLETO","UN",850.7,"0160110061"]
["0160110062","0062","QUADRO DE BOMBA DE RECALQUE 3CV - COMPLETO","UN",914.16,"0160110062"]
["0160110063","0063","QUADRO DE COMANDO DE SOBREPOR COM ATÉ 7 DISPOSITIVOS -","UN",2970.76,"0160110063"]
[null,"COMPLETO"]
["0160110064","0064","QUADRO DE DISTRIB. DE FORÇA DE SOBREP. ATÉ 4 CIRC. MONOF. E ATÉ 4","UN",2475.59,"0160110064"]
[null,null,"CIRC. TRIF. COM BARRAMENTO - COMPLETO"]
["0160110065","0065","QUADRO DE DISTRIB. DE FORÇA DE SOBREP. ATÉ 7 CIRC. MONOF. E ATÉ 7","UN",4880.79,"0160110065"]
[null,null,"CIRC. TRIF. COM BARRAMENTO - COMPLETO"]
["0160110066","0066","QUADRO DE DISTRIBUIÇÃO ATÉ 10 CIRCUITOS S/ BARRAMENTO","UN",44.11,"0160110066"]
["0160110067","0067","QUADRO DE DISTRIBUIÇÃO DE LUZ DE EMBUTIR COMPLETO ATÉ 12","UN",223.54,"0160110067"]
[null,null,"CIRCUITOS COM BARRAMENTO"]
["0160110068","0068","QUADRO DE DISTRIBUIÇÃO DE LUZ DE EMBUTIR COMPLETO ATÉ 12","UN",567.83,"0160110068"]
[null,null,"CIRCUITOS COM BARRAMENTO/DISJUNTORES"]
["0160110069","0069","QUADRO DE DISTRIBUIÇÃO DE LUZ DE EMBUTIR COMPLETO ATÉ 24","UN",396.63,"0160110069"]
[null,null,"CIRCUITOS COM BARRAMENTO"]
["0160110070","0070","QUADRO DE DISTRIBUIÇÃO DE LUZ DE EMBUTIR COMPLETO ATÉ 24","UN",655.25,"0160110070"]
[null,null,"CIRCUITOS COM BARRAMENTO/DISJUNTORES"]
["0160110071","0071","QUADRO DE DISTRIBUIÇÃO DE LUZ DE EMBUTIR COMPLETO ATÉ 36","UN",828.68,"0160110071"]
[null,"CIRCUITOS COM BARRAMENTO/DISJUNTORES"]
[]
[null,"Página 88 de 120"]
[]
[]
[]
[]
[]
[null,"SECRETARIA MUNICIPAL DE INFRAESTRUTURA - SEINF"]
[null,"COORDENADORIA DE ELABORAÇÃO DE PROJETOS - CÉLULA DE ORÇAMENTO"]
[null,"Av. Dep. Paulino Rocha, 1343 - Cajazeiras     FORTALEZA-CE     CEP:60864-311     FONE: (85) 3105-1113"]
[null,"Email: seinf.edificacoes@fortaleza.ce.gov.br"]
[]
[null,null,"TABELA OFICIAL DO MUNICÍPIO"]
[{"$nulls":4},"Encargos Sociais: 83,84%"]
[null,null,"Relatório de Composições Sintético - COM DESONERAÇÃO"]
[null,null,"Mês de Coleta: 01/2014",null,"BDI: 0%"]
["Composição",null,"Descrição","Unidade","Preço","Composição"]
["0160110072","0072","QUADRO DE DISTRIBUIÇÃO DE LUZ DE EMBUTIR COMPLETO ATÉ 72","UN",890.44,"0160110072"]
[null,null,"CIRCUITOS COM BARRAMENTO/DISJUNTORES"]
["0160110073","0073","QUADRO DE DISTRIBUIÇÃO DE LUZ DE SOBREPOR COMPLETO ATÉ 12","UN",567.83,"0160110073"]
[null,null,"CIRCUITOS COM BARRAMENTO/DISJUNTORES"]
["0160110074","0074","QUADRO DE DISTRIBUIÇÃO DE LUZ DE SOBREPOR COMPLETO ATÉ 128","UN",1493.6,"0160110074"]
[null,null,"CIRCUITOS COM BARRAMENTO/DISJUNTORES"]
["0160110075","0075","QUADRO DE DISTRIBUIÇÃO DE LUZ DE SOBREPOR COMPLETO ATÉ 24","UN",655.25,"0160110075"]
[null,null,"CIRCUITOS COM BARRAMENTO/DISJUNTORES"]
["0160110076","0076","QUADRO DE DISTRIBUIÇÃO DE LUZ DE SOBREPOR COMPLETO ATÉ 64","UN",1000.85,"0160110076"]
[null,null,"CIRCUITOS COM BARRAMENTO/DISJUNTORES"]
["0160110077","0077","QUADRO DE DISTRIBUIÇÃO P/ ATÉ 3 CIRCUITOS S/ BARRAMENTO","UN",25.63,"0160110077"]
["0160110078","0078","QUADRO DE DISTRIBUIÇÃO P/ ATÉ 6 CIRCUITOS COM BARRAMENTO","UN",122.81,"0160110078"]
["0160110079","0079","QUADRO DE DISTRIBUIÇÃO P/ ATÉ 6 CIRCUITOS S/ BARRAMENTO","UN",46.31,"0160110079"]
["0160110080","0080","QUADRO DE DISTRIBUIÇÃO P/ LÓGICA","UN",18.89,"0160110080"]
["0160110081","0081","QUADRO DE DISTRIBUIÇÃO PADRÃO TELEBRÁS 1200X1200X150MM","UN",568.25,"0160110081"]
["0160110082","0082","QUADRO DE DISTRIBUIÇÃO PADRÃO TELEMAR 200X200X120MM","UN",60.72,"0160110082"]
["0160110083","0083","QUADRO DE DISTRIBUIÇÃO PADRÃO TELEMAR 400X400X120MM","UN",96.02,"0160110083"]
["0160110084","0084","QUADRO DE DISTRIBUIÇÃO PADRÃO TELEMAR 600X600X120MM","UN",138.46,"0160110084"]
["0160110085","0085","QUADRO DE DISTRIBUIÇÃO PADRÃO TELEMAR 800X800X120MM","UN",236.61,"0160110085"]
["0160110086","0086","QUADRO DE DISTRIBUIÇÃO QPG A PROVA DE TEMPO, COM PROTEÇÃO","UN",1234.69,"0160110086"]
[null,null,"ESPECIAL PARA ÁREAS LITORANEAS - MONTAGEM"]
["0160110087","0087","QUADRO DE MEDIÇÃO PADRÃO COELCE (ABRIGADO)","UN",222.24,"0160110087"]
["0160110088","0088","QUADRO DE MEDIÇÃO PADRÃO COELCE - PADRÃO POPULAR","UN",40.76,"0160110088"]
["0160110089","0089","QUADRO DE MEDIÇÃO PARA USO EXTERNO - PADRÃO COELCE","UN",241.51,"0160110089"]
["0160110090","0090","QUADRO DE MEDIÇÃO PRIMÁRIA 15KV","UN",939.1,"0160110090"]
["0160110091","0091","QUADRO DE MEDICAO USO AO TEMPO EM POSTE","UN",422.81,"0160110091"]
["0160110092","0092","QUADRO DE PROTEÇÃO GERAL","UN",131.13,"0160110092"]
["0160110093","0093","QUADRO ELÉTRICO EXAUSTORES","UN",1006.25,"0160110093"]
["0160110094","0094","QUADRO ELÉTRICO LAVADORES DE AR","UN",1006.25,"0160110094"]
["0160110095","0095","QUADRO ELÉTRICO QFAC - FANCOILS","UN",1006.25,"0160110095"]
["0160110096","0096","QUADRO ELÉTRICO QFAC - FANCOILS CIRURGIA E PARTO","UN",1326.25,"0160110096"]
["0160110097","0097","QUADRO ELÉTRICO QFAC-1, 2 E 3 - UNIDADES RESFRIADORAS","UN",3771.05,"0160110097"]
["0160110098","0098","QUADRO GERAL BAIXA TENSÃO (QGBT) COM ACESSÓRIOS","UN",1697.8,"0160110098"]
["0160110099","0099","TAMPA DE CONCRETO ARMADO ESP.= 5CM P/ CAIXA DE PASSAGEM EM","M2",93,"0160110099"]
[null,"ALVENARIA"]
["0160110100","0100","VOLTÍMETRO (96X96)MM, ESC. 0-500V","UN",172.36,"0160110100"]
[null,null,"012     SubGrupo:      REDE DE AR CONDICIONADO"]
["0160120001",null,"0001 TUBO DE 1 1/8\" E 1/2\" EM COBRE ISOLADO COM BORRACHA ELASTOMÉRICA","M",103.89,"0160120001"]
[null,null,"P/ SPLIT DE 48000 A 80000 BTU"]
["0160120002",null,"0002 TUBO DE 1/2\" E 1/4\" EM COBRE ISOLADO COM BORRACHA ELASTOMÉRICA","M",60.29,"0160120002"]
[null,null,"P/ SPLIT DE 9000 A 12000 BTU"]
["0160120003",null,"0003 TUBO DE 1/4\" E 3/8\" EM COBRE ISOLADO COM BORRACHA ELASTOMÉRICA","M",58.43,"0160120003"]
[null,null,"P/ SPLIT DE 6000 A 9000 BTU"]
["0160120004",null,"0004 TUBO DE 3/4\" E 1/2\" EM COBRE ISOLADO COM BORRACHA ELASTOMÉRICA","M",80.24,"0160120004"]
[null,null,"P/ SPLIT DE 30000 A 36000 BTU"]
["0160120005",null,"0005 TUBO DE 5/8\" E 3/8\" EM COBRE ISOLADO COM BORRACHA ELASTOMÉRICA","M",68.04,"0160120005"]
[null,null,"P/ SPLIT DE 18000 A 24000 BTU"]
[null,null,"013     SubGrupo:      BASES, CHAVES E DISJUNTORES"]
["0160130001",null,"0001 BASE DE FUSIVEL NH1 EM QUADRO DE DISTRIBUIÇÃO ATE 225A","UN",86.5,"0160130001"]
[]
[null,"Página 89 de 120"]
[]
[]
[]
[]
[]
[null,"SECRETARIA MUNICIPAL DE INFRAESTRUTURA - SEINF"]
[null,"COORDENADORIA DE ELABORAÇÃO DE PROJETOS - CÉLULA DE ORÇAMENTO"]
[null,"Av. Dep. Paulino Rocha, 1343 - Cajazeiras     FORTALEZA-CE     CEP:60864-311     FONE: (85) 3105-1113"]
[null,"Email: seinf.edificacoes@fortaleza.ce.gov.br"]
[]
[null,null,"TABELA OFICIAL DO MUNICÍPIO"]
[{"$nulls":4},"Encargos Sociais: 83,84%"]
[null,null,"Relatório de Composições Sintético - COM DESONERAÇÃO"]
[null,null,"Mês de Coleta: 01/2014",null,"BDI: 0%"]
["Composição",null,"Descrição","Unidade","Preço","Composição"]
["0160130002","0002","BASE DE FUSIVEL NH2 EM QUADRO DE DISTRIBUIÇÃO ATE 400A","UN",104.4,"0160130002"]
["0160130003","0003","BASE DE FUSIVEL NH3 EM QUADRO DE DISTRIBUIÇÃO ATE 630A","UN",150.57,"0160130003"]
["0160130004","0004","BASE DE FUSIVEL NH4 EM QUADRO DE DISTRIBUIÇÃO ATE 1250A","UN",672.87,"0160130004"]
["0160130005","0005","BASE E FUSÍVEL DIAZED EM QUADRO DE DISTRIBUIÇÃO ATE 25A","UN",28.14,"0160130005"]
["0160130006","0006","BASE E FUSÍVEL DIAZED EM QUADRO DE DISTRIBUIÇÃO ATE 63A","UN",31.42,"0160130006"]
["0160130007","0007","BASE E FUSÍVEL NH 00 EM QUADRO DE DISTRIBUIÇÃO ATE 125A","UN",32.18,"0160130007"]
["0160130008","0008","BASE EM ALUMÍNIO FUNDIDO PARA MASTRO D=2\" COM 4 FUROS","UN",39.03,"0160130008"]
["0160130009","0009","BASE PARA LIGAÇÃO EM PAINEL P/ PERFILADO GALVANIZADO","UN",27.42,"0160130009"]
["0160130010","0010","CHAVE COMUTADORA DE PAINEL P/ VOLTÍMETRO E AMPERÍMETRO","UN",66.67,"0160130010"]
["0160130011","0011","CHAVE FUSÍVEL INDICADORA UNIPOLAR CL TENSÃO 15KV / 100A","UN",192.86,"0160130011"]
["0160130012","0012","CHAVE MAGNÉTICA DE 2X30A P/ COMANDO DE ILUM. PÚBLICA , ACIONADA","UN",290.79,"0160130012"]
[null,null,"P/ RELÉ FOTOELETRICO 220V60HZ"]
["0160130013","0013","CHAVE MATHEUS 300A - PADRÃO COELCE","UN",185.99,"0160130013"]
["0160130014","0014","CHAVE SECCIONADORA ACIONAM.POR ALAVANCA.MONOPOLAR 40A","UN",113.96,"0160130014"]
["0160130015","0015","CHAVE SECCIONADORA ACIONAM.POR ALAVANCA.TRIPOLAR 100A","UN",362.26,"0160130015"]
["0160130016","0016","CHAVE SECCIONADORA ACIONAM.POR ALAVANCA.TRIPOLAR 40A","UN",145.46,"0160130016"]
["0160130017","0017","CHAVE SECCIONADORA ACIONAM.POR ALAVANCA.TRIPOLAR 63A","UN",235.25,"0160130017"]
["0160130018","0018","CHAVE SECCIONADORA TRIPOLAR ACIONAM.FRONTAL ROTATIVO 100A","UN",455.68,"0160130018"]
["0160130019","0019","CHAVE SECCIONADORA TRIPOLAR ACIONAM.FRONTAL ROTATIVO 125A","UN",542.01,"0160130019"]
["0160130020","0020","CHAVE SECCIONADORA TRIPOLAR ACIONAM.FRONTAL ROTATIVO 16A","UN",104.53,"0160130020"]
["0160130021","0021","CHAVE SECCIONADORA TRIPOLAR ACIONAM.FRONTAL ROTATIVO 200A","UN",344.13,"0160130021"]
["0160130022","0022","CHAVE SECCIONADORA TRIPOLAR ACIONAM.FRONTAL ROTATIVO 250A","UN",344.13,"0160130022"]
["0160130023","0023","CHAVE SECCIONADORA TRIPOLAR ACIONAM.FRONTAL ROTATIVO 25A","UN",83.31,"0160130023"]
["0160130024","0024","CHAVE SECCIONADORA TRIPOLAR ACIONAM.FRONTAL ROTATIVO 40A","UN",211.62,"0160130024"]
["0160130025","0025","CHAVE SECCIONADORA TRIPOLAR ACIONAM.FRONTAL ROTATIVO 63A","UN",272.26,"0160130025"]
["0160130026","0026","CONTACTOR 3TF40","UN",61.27,"0160130026"]
["0160130027","0027","DISJUNTOR BIPOLAR EM QUADRO DE DISTRIBUIÇÃO 10A","UN",45.18,"0160130027"]
["0160130028","0028","DISJUNTOR BIPOLAR EM QUADRO DE DISTRIBUIÇÃO 16A","UN",48.26,"0160130028"]
["0160130029","0029","DISJUNTOR BIPOLAR EM QUADRO DE DISTRIBUIÇÃO 20A","UN",48.26,"0160130029"]
["0160130030","0030","DISJUNTOR BIPOLAR EM QUADRO DE DISTRIBUIÇÃO 25A","UN",48.26,"0160130030"]
["0160130031","0031","DISJUNTOR BIPOLAR EM QUADRO DE DISTRIBUIÇÃO 32A","UN",48.26,"0160130031"]
["0160130032","0032","DISJUNTOR BIPOLAR EM QUADRO DE DISTRIBUIÇÃO 40A","UN",53.38,"0160130032"]
["0160130033","0033","DISJUNTOR BIPOLAR EM QUADRO DE DISTRIBUIÇÃO 50A","UN",53.38,"0160130033"]
["0160130034","0034","DISJUNTOR MONOPOLAR EM QUADRO DE DISTRIBUIÇÃO 10A","UN",10.96,"0160130034"]
["0160130035","0035","DISJUNTOR MONOPOLAR EM QUADRO DE DISTRIBUIÇÃO 16A","UN",11.01,"0160130035"]
["0160130036","0036","DISJUNTOR MONOPOLAR EM QUADRO DE DISTRIBUIÇÃO 20A","UN",11.37,"0160130036"]
["0160130037","0037","DISJUNTOR MONOPOLAR EM QUADRO DE DISTRIBUIÇÃO 25A","UN",11.37,"0160130037"]
["0160130038","0038","DISJUNTOR MONOPOLAR EM QUADRO DE DISTRIBUIÇÃO 32A","UN",11.52,"0160130038"]
["0160130039","0039","DISJUNTOR MONOPOLAR EM QUADRO DE DISTRIBUIÇÃO 40A","UN",13.95,"0160130039"]
["0160130040","0040","DISJUNTOR MONOPOLAR EM QUADRO DE DISTRIBUIÇÃO 50A","UN",14.22,"0160130040"]
["0160130041","0041","DISJUNTOR TRIPOLAR COM ACIONAM.NA PORTA DO Q.D.ATE 1000A","UN",11143.87,"0160130041"]
["0160130042","0042","DISJUNTOR TRIPOLAR COM ACIONAM.NA PORTA DO Q.D.ATE 100A","UN",90.21,"0160130042"]
["0160130043","0043","DISJUNTOR TRIPOLAR COM ACIONAM.NA PORTA DO Q.D.ATE 1250A","UN",11165.85,"0160130043"]
["0160130044","0044","DISJUNTOR TRIPOLAR COM ACIONAM.NA PORTA DO Q.D.ATE 16 A","UN",53.97,"0160130044"]
["0160130045","0045","DISJUNTOR TRIPOLAR COM ACIONAM.NA PORTA DO Q.D.ATE 1600A","UN",15534.11,"0160130045"]
["0160130046","0046","DISJUNTOR TRIPOLAR COM ACIONAM.NA PORTA DO Q.D.ATE 160A","UN",197.01,"0160130046"]
["0160130047","0047","DISJUNTOR TRIPOLAR COM ACIONAM.NA PORTA DO Q.D.ATE 250A","UN",1823.28,"0160130047"]
["0160130048","0048","DISJUNTOR TRIPOLAR COM ACIONAM.NA PORTA DO Q.D.ATE 3150A","UN",27858.83,"0160130048"]
[]
[null,"Página 90 de 120"]
[]
[]
[]
[]
[]
[null,"SECRETARIA MUNICIPAL DE INFRAESTRUTURA - SEINF"]
[null,"COORDENADORIA DE ELABORAÇÃO DE PROJETOS - CÉLULA DE ORÇAMENTO"]
[null,"Av. Dep. Paulino Rocha, 1343 - Cajazeiras     FORTALEZA-CE     CEP:60864-311     FONE: (85) 3105-1113"]
[null,"Email: seinf.edificacoes@fortaleza.ce.gov.br"]
[]
[null,null,"TABELA OFICIAL DO MUNICÍPIO"]
[{"$nulls":4},"Encargos Sociais: 83,84%"]
[null,null,"Relatório de Composições Sintético - COM DESONERAÇÃO"]
[null,null,"Mês de Coleta: 01/2014",null,"BDI: 0%"]
["Composição",null,"Descrição","Unidade","Preço","Composição"]
["0160130049","0049","DISJUNTOR TRIPOLAR COM ACIONAM.NA PORTA DO Q.D.ATE 32A","UN",67.22,"0160130049"]
["0160130050","0050","DISJUNTOR TRIPOLAR COM ACIONAM.NA PORTA DO Q.D.ATE 400A","UN",2102.73,"0160130050"]
["0160130051","0051","DISJUNTOR TRIPOLAR COM ACIONAM.NA PORTA DO Q.D.ATE 630A","UN",2896.56,"0160130051"]
["0160130052","0052","DISJUNTOR TRIPOLAR COM ACIONAM.NA PORTA DO Q.D.ATE 63A","UN",98.29,"0160130052"]
["0160130053","0053","DISJUNTOR TRIPOLAR COM ADIONAM.NA PORTA DO Q.D.ATE 2500A","UN",26650.22,"0160130053"]
["0160130054","0054","DISJUNTOR TRIPOLAR COMPACTO ACIONAM.NA PORTA DO QUADRO 100A","UN",90.21,"0160130054"]
["0160130055","0055","DISJUNTOR TRIPOLAR COMPACTO ACIONAM.NA PORTA DO QUADRO 160A","UN",197.01,"0160130055"]
["0160130056","0056","DISJUNTOR TRIPOLAR COMPACTO ACIONAM.NA PORTA DO QUADRO 16A","UN",53.97,"0160130056"]
["0160130057","0057","DISJUNTOR TRIPOLAR COMPACTO ACIONAM.NA PORTA DO QUADRO 250A","UN",1823.28,"0160130057"]
["0160130058","0058","DISJUNTOR TRIPOLAR COMPACTO ACIONAM.NA PORTA DO QUADRO 32A","UN",67.22,"0160130058"]
["0160130059","0059","DISJUNTOR TRIPOLAR COMPACTO ACIONAM.NA PORTA DO QUADRO 400A","UN",2102.73,"0160130059"]
["0160130060","0060","DISJUNTOR TRIPOLAR COMPACTO ACIONAM.NA PORTA DO QUADRO 63A","UN",98.29,"0160130060"]
["0160130061","0061","DISJUNTOR TRIPOLAR EM QUADRO DE DISTRIBUIÇÃO 10A","UN",64.47,"0160130061"]
["0160130062","0062","DISJUNTOR TRIPOLAR EM QUADRO DE DISTRIBUIÇÃO 16A","UN",64.47,"0160130062"]
["0160130063","0063","DISJUNTOR TRIPOLAR EM QUADRO DE DISTRIBUIÇÃO 200A","UN",573.92,"0160130063"]
["0160130064","0064","DISJUNTOR TRIPOLAR EM QUADRO DE DISTRIBUIÇÃO 20A","UN",64.47,"0160130064"]
["0160130065","0065","DISJUNTOR TRIPOLAR EM QUADRO DE DISTRIBUIÇÃO 25A","UN",64.47,"0160130065"]
["0160130066","0066","DISJUNTOR TRIPOLAR EM QUADRO DE DISTRIBUIÇÃO 32A","UN",64.47,"0160130066"]
["0160130067","0067","DISJUNTOR TRIPOLAR EM QUADRO DE DISTRIBUIÇÃO 40A","UN",64.47,"0160130067"]
["0160130068","0068","DISJUNTOR TRIPOLAR EM QUADRO DE DISTRIBUIÇÃO 50A","UN",64.47,"0160130068"]
["0160130069","0069","DISJUNTOR TRIPOLAR EM QUADRO DE DISTRIBUIÇÃO 70A","UN",73.26,"0160130069"]
["0160130070","0070","DISPOSITIVO DR 25 A/30MA - 220/127V","UN",114.08,"0160130070"]
["0160130071","0071","DISPOSITIVO DR 40 A/30MA - 220/127V","UN",167.63,"0160130071"]
["0160130072","0072","FUSIVEL DIAZED 20A","UN",7.15,"0160130072"]
["0160130073","0073","FUSIVEL DIAZED 6A","UN",2.31,"0160130073"]
["0160130074","0074","PONTE DE CRUZAMENTO EM CAIXA DE DERIVACAO","UN",11.16,"0160130074"]
["0160130075","0075","SECCIONADOR FUSIVEL DIAZED BIPOLAR ATE 25A","UN",161.73,"0160130075"]
["0160130076","0076","SECCIONADOR FUSIVEL DIAZED BIPOLAR ATE 63 A","UN",163.81,"0160130076"]
["0160130077","0077","SECCIONADOR FUSIVEL DIAZED MONOPOLAR ATE 25A","UN",60.54,"0160130077"]
["0160130078","0078","SECCIONADOR FUSIVEL DIAZED MONOPOLAR ATE 63A","UN",85.76,"0160130078"]
["0160130079","0079","SECCIONADOR FUSIVEL DIAZED TRIPOLAR ATE 25A","UN",166.19,"0160130079"]
["0160130080","0080","SECCIONADOR FUSIVEL NH TRIPOLAR EM QUADRO ATE 125A","UN",188.24,"0160130080"]
["0160130081","0081","SECCIONADOR FUSIVEL NH TRIPOLAR MANOBRA S/ CARGA ATE 250A","UN",356.97,"0160130081"]
["0160130082","0082","SECCIONADOR FUSIVEL NH TRIPOLAR MANOBRA S/ CARGA ATE 400A","UN",561.88,"0160130082"]
["0160130083","0083","SECCIONADOR FUSIVEL NH TRIPOLAR MANOBRA S/ CARGA ATE 630A","UN",743.28,"0160130083"]
[null,null,"014     SubGrupo:      OUTROS ELEMENTOS (INST. ELÉTRICAS, TELEFONICA, LOGICA E SOM)"]
["0160140001",null,"0001 ABRAÇADEIRA PVC TIPO COLAR Ø=2\"","UN",9.3,"0160140001"]
["0160140002",null,"0002 ACIONADOR MANUAL DO TIPO \" PULL\" - FORN. E MONTAGEM","UN",566.88,"0160140002"]
["0160140003",null,"0003 ACOPLAMENTO EM PAINEL P/ ELETROCALHA 75X50MM","UN",33.32,"0160140003"]
["0160140004",null,"0004 ADAPTER CABLE CAT. 6 (RJ 45 / RJ45) - 2,5M","UN",10.38,"0160140004"]
["0160140005",null,"0005 ALIMENTADOR DE MÉDIA TENSÃO, CLASSE 15 KV COM  CABO  TIPO EPR","M",81.36,"0160140005"]
[null,null,"12/20KV(FASES)# 70 MM2"]
["0160140006",null,"0006 ALIMENTADOR DE MÉDIA TENSÃO, CLASSE 15 KV, COM    CABO  TIPO EPR -","M",43.53,"0160140006"]
[null,null,"12/20KV(FASES)# 35 MM2"]
["0160140007",null,"0007 ANILHAS P/ IDENTIFICAÇÃO DE CABOS/FIOS","UN",0.49,"0160140007"]
["0160140008",null,"0008 ARAME GUIA GALVANIZADO N. 16 BWG","KG",26.43,"0160140008"]
["0160140009",null,"0009 ARAME GUIA GALVANIZADO N. 18 BWG","KG",21.99,"0160140009"]
[]
[null,"Página 91 de 120"]
[]
[]
[]
[]
[]
[null,"SECRETARIA MUNICIPAL DE INFRAESTRUTURA - SEINF"]
[null,"COORDENADORIA DE ELABORAÇÃO DE PROJETOS - CÉLULA DE ORÇAMENTO"]
[null,"Av. Dep. Paulino Rocha, 1343 - Cajazeiras     FORTALEZA-CE     CEP:60864-311     FONE: (85) 3105-1113"]
[null,"Email: seinf.edificacoes@fortaleza.ce.gov.br"]
[]
[null,null,"TABELA OFICIAL DO MUNICÍPIO"]
[{"$nulls":4},"Encargos Sociais: 83,84%"]
[null,null,"Relatório de Composições Sintético - COM DESONERAÇÃO"]
[null,null,"Mês de Coleta: 01/2014",null,"BDI: 0%"]
["Composição",null,"Descrição","Unidade","Preço","Composição"]
["0160140010","0010","ARANDELA DE CABECEIRA (MÓDULO ACOPLADO) COM 2 LÂMPADAS E 1","UN",583.72,"0160140010"]
[null,null,"REATOR DUPLO ELETRÔNICO PARA ILUMINAÇÃO D"]
["0160140011","0011","ARRUELA LISA DE 5/16\"","UN",0.27,"0160140011"]
["0160140012","0012","ATENUADOR ACÚSTICO PARA 10 TR","UN",1840.81,"0160140012"]
["0160140013","0013","ATENUADOR ACÚSTICO PARA MGD 160","UN",1840.81,"0160140013"]
["0160140014","0014","ATERRAMENTO COMPLETO COM HASTE COPPERWELD 5/8 X 3,00M","UN",153.69,"0160140014"]
["0160140015","0015","ATERRAMENTO COMPLETO COM HASTES COPPERWELD 3/4 X 2,40M P/","UN",608.17,"0160140015"]
[null,"PÁRA-RAIOS"]
["0160140016","0016","BALIZADOR COM LENTE ANTI-OFUSCANTE EM ALUMÍNIO PINTADA NA COR","UN",78.13,"0160140016"]
[null,null,"BRANCA DIFUSOR EM VIDRO PRISMÁTICO TR"]
["0160140017","0017","BALIZADOR CILÍNDRICO EM ALUMÍNIO ANODIZADO, COM MOLDURA EM","UN",427.81,"0160140017"]
[null,null,"ALUMÍNIO FUNDIDO POR PROCESSO ELETROSTÁTI"]
["0160140018","0018","BARRA SINDAL ATÉ 4,0MM","UN",19.18,"0160140018"]
["0160140019","0019","BARRAMENTO BLINDADO (BUS WAY) DE ALUMÍNIO ( BARRAS VENTILADAS)","M",654.02,"0160140019"]
[null,null,"(3F+N+T)-380V-1600A - FORN. E"]
["0160140020","0020","BARRAMENTO BLINDADO (BUS WAY) DE ALUMÍNIO ( BARRAS VENTILADAS)","M",632.29,"0160140020"]
[null,null,"(3F+N+T)-380V-800A - FORN. E M"]
["0160140021","0021","BASE EM ALUMÍNIO FUNDIDO PARA MASTRO Ø2\" COM 4 FUROS","UN",39.03,"0160140021"]
["0160140022","0022","BICO PARA CHAFARIS JATO SÓLIDO 1/4\"","UN",19.61,"0160140022"]
["0160140024","0024","BLOCO 110 IDC-10PARES","UN",265.42,"0160140024"]
["0160140025","0025","BLOCO AUTÔNOMO PARA ILUMINAÇÃO DE EMERGÊNCIA COM PLACA","UN",49.51,"0160140025"]
[null,null,"LUMINOSA DE INDICAÇÃO DE SAÍDA"]
["0160140026","0026","BLOCO TELEFONICO BLI 10 PARES","UN",6.92,"0160140026"]
["0160140027","0027","BOCAIS DE ASPIRAÇÃO EM ABS","UN",41.42,"0160140027"]
["0160140028","0028","BOCAIS DE RETORNO EM ABS","UN",43.42,"0160140028"]
["0160140029","0029","BORRACHA ELASTOMÉRICA DIÂMETRO 1\" H25x13MM DE ESPESSURA","M",10.51,"0160140029"]
["0160140030","0030","BORRACHA ELASTOMÉRICA DIÂMETRO 1.1/8\" H28x13MM DE ESPESSURA","M",10.67,"0160140030"]
["0160140031","0031","BORRACHA ELASTOMÉRICA DIÂMETRO 1/8\" H22x13MM DE ESPESSURA","M",10.02,"0160140031"]
["0160140032","0032","BOTOEIRA LIGA/DESLIGA, COM SISTEMA BLINDADO ALARME","UN",102.45,"0160140032"]
["0160140033","0033","BOTOEIRA TIPO QUEBRA VIDRO, TIPO ARMA, EM CAIXA DE ALUMÍNIO DE","UN",23.97,"0160140033"]
[null,null,"(10X10)CM, SOBREPOR, COR VERMELHA"]
["0160140034","0034","BOX EM ALUMÍNIO PARA ELETRODUTO DE 1/2\"","UN",10.79,"0160140034"]
["0160140035","0035","BROCA DE AÇO RÁPIDO 9/64 - FORN. E MONTAGEM","UN",3.61,"0160140035"]
["0160140036","0036","BUCHA DE NYLON S8 COM PARAFUSOS","UN",0.38,"0160140036"]
["0160140037","0037","BUCHA E ARRUELA DE ALUMÍNIO D=3\" (75MM)","PAR",2.67,"0160140037"]
["0160140038","0038","BUCHA S-8 COM PARAFUSO","UN",0.53,"0160140038"]
["0160140039","0039","CABEÇOTE DE ALUMÍNIO Ø3\"(75MM)","UN",27.99,"0160140039"]
["0160140040","0040","CABO 2X0,75MM² p/ TELEFONE","M",7.61,"0160140040"]
["0160140041","0041","CABO BIPOLAR 2X1,5MM² - 0,6/1kV","M",4.77,"0160140041"]
["0160140042","0042","CABO BIPOLAR 2X6MM² - 750V -BLINDADO","M",7.12,"0160140042"]
["0160140043","0043","CABO BIPOLAR 2X6MM² -- 0,6/1kV","M",6.56,"0160140043"]
["0160140044","0044","CABO DE AÇO Ø 1/4\" COM REVESTIMENTO EM PVC P/ FIXAÇÃO DE","M",9.34,"0160140044"]
[null,null,"ELETROCALHAS"]
["0160140045","0045","CABO DE FIBRAS ÓPTICAS PARA 10Gb/s TIPO MONOMODO 09/125um COM 4","M",22.1,"0160140045"]
[null,"FIBRAS"]
["0160140046","0046","CABO FLEXÍVEL 3x1,5MM2, EPR-(0,6/1kV) - 90oC - REF. AFUMEX/ PRYSMIAN","M",5.9,"0160140046"]
["0160140047","0047","CABO ISOLADO FLEXÍVEL 750V, RESISTENTE A CHAMA 2X4,00MM²","M",5.41,"0160140047"]
["0160140048","0048","CABO PARA ALARME DE 2.5 MM2 (24VDC)","M",9.6,"0160140048"]
["0160140049","0049","CABO PARA AÚDIO DE 1,5 MM2 (PTS)","M",8.36,"0160140049"]
["0160140050","0050","CABO PARA C.A./CFL DE 1.5 MM2 (PT)","M",9.6,"0160140050"]
["0160140051","0051","CABO PARA O LAÇO DO SISTEMA DE DETECÇÃO DE 1,5 MM2 (LD)","M",10.84,"0160140051"]
[]
[null,"Página 92 de 120"]
[]
[]
[]
[]
[]
[null,"SECRETARIA MUNICIPAL DE INFRAESTRUTURA - SEINF"]
[null,"COORDENADORIA DE ELABORAÇÃO DE PROJETOS - CÉLULA DE ORÇAMENTO"]
[null,"Av. Dep. Paulino Rocha, 1343 - Cajazeiras     FORTALEZA-CE     CEP:60864-311     FONE: (85) 3105-1113"]
[null,"Email: seinf.edificacoes@fortaleza.ce.gov.br"]
[]
[null,null,"TABELA OFICIAL DO MUNICÍPIO"]
[{"$nulls":4},"Encargos Sociais: 83,84%"]
[null,null,"Relatório de Composições Sintético - COM DESONERAÇÃO"]
[null,null,"Mês de Coleta: 01/2014",null,"BDI: 0%"]
["Composição",null,"Descrição","Unidade","Preço","Composição"]
["0160140052","0052","CABO RG-6","M",4.89,"0160140052"]
["0160140053","0053","CABO UTP 4 PARES 100 OHMS CATEGORIA 6 EM CONFORMIDADE COM","M",5.09,"0160140053"]
[null,null,"ISO/IEC 11801-2002 - 2ª EDIÇÃO, ANSI/TIA/E"]
["0160140054","0054","CABO UTP CATEGORIA 5e","M",4.76,"0160140054"]
["0160140055","0055","CABO VÍDEO COMPONENTES","M",3.47,"0160140055"]
["0160140056","0056","CAIXA COM FECHADURA \"YALE\" ABRIGANDO MATERIAL DE PROTEÇÃO -","UN",446.18,"0160140056"]
[null,null,"LUVAS E CHAVES DOS CUBÍCULOS"]
["0160140057","0057","CAIXA DE ALVENARIA 50X50X50CM COM TAMPA EM CONCRETO EM GRELHA","UN",98.34,"0160140057"]
[null,null,"DE FERRO"]
["0160140058","0058","CAIXA DE EMBUTIR EM FERRO GALVANIZADO A FOGO, 4\"x2\"","UN",8.64,"0160140058"]
["0160140059","0059","CAIXA DE EMBUTIR EM FERRO GALVANIZADO A FOGO, 4\"x4\"","UN",15.22,"0160140059"]
["0160140060","0060","CAIXA DE EQUALIZAÇÃO DE POTENCIA COMPLETA","UN",344.28,"0160140060"]
["0160140061","0061","CAIXA DE FERRO GALVANIZADO 4 x 2\", COM PLACA LINHA PIAL PIAL PLUS","UN",13.28,"0160140061"]
[null,null,"DA PIAL LEGRAND"]
["0160140062","0062","CAIXA DE INSPECAO (VISITA)-CONCRETO VIBRADO 60X82,5CM COMFUNDO","UN",338.47,"0160140062"]
[null,null,"E TAMPA 33KG."]
["0160140063","0063","CAIXA DE LIGAÇÃO EM ALUMÍNIO FUNDIDO, COM ROSCA, TIPO CONDULETE","UN",25.24,"0160140063"]
[null,null,"- 1 1/4\" - FABRICANTE DE REFERÊNCIA"]
["0160140064","0064","CAIXA DE LIGAÇÃO EM ALUMÍNIO FUNDIDO, COM ROSCA, TIPO CONDULETE","UN",19.96,"0160140064"]
[null,"- 1\""]
["0160140065","0065","CAIXA DE LIGAÇÃO EM ALUMÍNIO FUNDIDO, COM ROSCA, TIPO CONDULETE","UN",40.45,"0160140065"]
[null,null,"- 2\" - FABRICANTE DE REFERÊNCIA : B"]
["0160140066","0066","CAIXA DE LIGAÇÃO EM ALUMÍNIO FUNDIDO, COM ROSCA, TIPO CONDULETE","UN",34.88,"0160140066"]
[null,"- 1 1/4\""]
["0160140067","0067","CAIXA DE LIGAÇÃO EM ALUMÍNIO FUNDIDO, COM ROSCA, TIPO CONDULETE","UN",17.46,"0160140067"]
[null,null,"- 1\" - FABRICANTE DE REFERÊNCIA : BL"]
["0160140068","0068","CAIXA DE LIGAÇÃO EM ALUMÍNIO FUNDIDO, COM ROSCA, TIPO CONDULETE","UN",11.87,"0160140068"]
[null,null,"- 3/4\" - FABRICANTE DE REFERÊNCIA :"]
["0160140069","0069","CAIXA DE LIGAÇÃO TIPO CONDULETE EM ALUMÍNIO FUNDIDO 3/4\"","UN",14.93,"0160140069"]
["0160140070","0070","CAIXA DE PASSAGEM ALUMÍNIO MED.(40x40x10)CM","UN",41.17,"0160140070"]
["0160140072","0072","CAIXA DE PASSAGEM EM ALUMÍNIO FUNDIDO DO TIPO CONDULETE - D =","UN",14.92,"0160140072"]
[null,"3/4\""]
["0160140073","0073","CAIXA DE PASSAGEM EM ALÚMINIO, COM TAMPA PARAFUSADA, 15x15x8cm.","UN",59.54,"0160140073"]
["0160140074","0074","CAIXA DE PASSAGEM EM ALÚMINIO, COM TAMPA PARAFUSADA,","UN",80.16,"0160140074"]
[null,null,"20x20x12cm."]
["0160140075","0075","CAIXA DE PASSAGEM EM ALÚMINIO, COM TAMPA PARAFUSADA, 30x30x12cm","UN",124.7,"0160140075"]
["0160140076","0076","CAIXA DE PASSAGEM EM ALVENARIA - 1/2 TIJOLO 100X100X100CM COM","UN",255.18,"0160140076"]
[null,null,"TAMPA EM CONCRETO ARMADO"]
["0160140077","0077","CAIXA DE PASSAGEM EM ALVENARIA NO PISO 120 X  120 X 150CM.","UN",157.25,"0160140077"]
["0160140078","0078","CAIXA DE PASSAGEM EM ALVENARIA NO PISO 60 X  60 X80CM.","UN",78.61,"0160140078"]
["0160140079","0079","CAIXA DE PASSAGEM EM ALVENARIA NO PISO 80 X  80 X100CM.","UN",125.79,"0160140079"]
["0160140080","0080","CAIXA DE PASSAGEM EM CHAPA METÁLICA, COM TAMPA APARAFUSADA,","UN",99,"0160140080"]
[null,null,"DIM.: 30x30x12cm"]
["0160140081","0081","CAIXA DE PASSAGEM EM CHAPA, COM TAMPA PARAFUSADA P/ CABOS DE","UN",99.34,"0160140081"]
[null,null,"MÉDIA TENSÃO, 80 X 80 X 20CM, DOTADA DE"]
["0160140082","0082","CAIXA DE PASSAGEM EM CHAPA, TAMPA PARAFUSADA DIMENSÕES 25 X 25","UN",22.3,"0160140082"]
[null,"X 10CM."]
["0160140083","0083","CAIXA DE PASSAGEM EM CHAPA, TAMPA PARAFUSADA DIMENSÕES 45 X 45","UN",33.4,"0160140083"]
[null,"X 15CM."]
["0160140084","0084","CAIXA DE PASSAGEM EM CHAPA, TAMPA PARAFUSADA DIMENSÕES 50 X 50","UN",43.5,"0160140084"]
[null,"X 15CM."]
[]
[null,"Página 93 de 120"]
[]
[]
[]
[]
[]
[null,"SECRETARIA MUNICIPAL DE INFRAESTRUTURA - SEINF"]
[null,"COORDENADORIA DE ELABORAÇÃO DE PROJETOS - CÉLULA DE ORÇAMENTO"]
[null,"Av. Dep. Paulino Rocha, 1343 - Cajazeiras     FORTALEZA-CE     CEP:60864-311     FONE: (85) 3105-1113"]
[null,"Email: seinf.edificacoes@fortaleza.ce.gov.br"]
[]
[null,null,"TABELA OFICIAL DO MUNICÍPIO"]
[{"$nulls":4},"Encargos Sociais: 83,84%"]
[null,null,"Relatório de Composições Sintético - COM DESONERAÇÃO"]
[null,null,"Mês de Coleta: 01/2014",null,"BDI: 0%"]
["Composição",null,"Descrição","Unidade","Preço","Composição"]
["0160140085","0085","CAIXA DE PASSAGEM EM CHAPA, TAMPA PARAFUSADA DIMENSÕES 60 X 60","UN",56.9,"0160140085"]
[null,"X 20CM."]
["0160140086","0086","CAIXA DE PASSAGEM METÁLICA BLINDADA A PROVA DE TEMPO 20X20CM","UN",35.7,"0160140086"]
["0160140087","0087","CAIXA DE PASSAGEM METÁLICA SOBREPOR 20 x 20 x 10cm COM TAMPA","UN",90.7,"0160140087"]
[null,"APARAFUSADA"]
["0160140088","0088","CAIXA DE PASSAGEM PARA SENSORES, TOTALMENTE ESTANQUE, DOTADA","UN",193.24,"0160140088"]
[null,null,"DE TAMPA ROSCADA AO CORPO, DN=2\""]
["0160140089","0089","CAIXA DEPASSAGEM EM CHAPA , COM TAMPA PARAFUSADA 25x25x10 CM","UN",19.43,"0160140089"]
["0160140090","0090","CAIXA ESTAMPADA EM FERRO GALVANIZADO 4\" x 2\"x 2\" (P/TOMADAS)","UN",5.65,"0160140090"]
["0160140091","0091","CAIXA ESTAMPADA EM FERRO GALVANIZADO 4\" x 4\"x 2\" (P/TOMADAS)","UN",5.83,"0160140091"]
["0160140092","0092","CAIXA METÁLICA DE SECÇÃO PARA GASES MEDICINAIS COM DIMENSÕES","UN",542.13,"0160140092"]
[null,null,"PARA ATÉ QUATRO VÁLVULAS ESFERAS"]
["0160140093","0093","CAIXA METÁLICA DE SOBREPOR COM PORTA E FECHO RÁPIDO PARA","UN",143.36,"0160140093"]
[null,null,"PRUMADAS 40x40x20cm"]
["0160140094","0094","CAIXA METÁLICA DE SOBREPOR COM PORTA E FECHO RÁPIDO PARA","UN",505.66,"0160140094"]
[null,null,"PRUMADAS 40x60x20cm"]
["0160140095","0095","CAIXA METÁLICA MED. 40X40X10CM PARA EQUIPOTÊNCIALIDADE - EM","UN",1324.47,"0160140095"]
[null,null,"ALUMÍNIO COM BARRAMENTO PARA 1000A"]
["0160140096","0096","CAIXA PADRÃO TELEBRÁS Nº 4 (600X600X120MM) LÓGICA","UN",169.94,"0160140096"]
["0160140097","0097","CAIXA PARA INSPEÇÃO DO TERRA, CILÍNDRICA EM PVC, DIÂMETRO DE 300","UN",33.32,"0160140097"]
[null,null,"MM E ALTURA DE 600 MM"]
["0160140098","0098","CAIXA PARA MONTAGEM DO DETECTOR EM ALUMÍNIO 3\"x3\"","UN",33.19,"0160140098"]
["0160140099","0099","CAIXA PRÉ-MOLDADA P/ HIDRÔMETRO INCL. TAMPA EM FERRO FUNDIDO","UN",156.64,"0160140099"]
["0160140100","0100","CAIXAS 4X4X2 \" CONFECCIONADS EM MATERIAL TERMOPLASTICO","UN",7.84,"0160140100"]
["0160140101","0101","CALHA EM CHAPA DE AÇO DOBRADA, TRATADA E PINTADA POR PROCESSO","UN",264.15,"0160140101"]
[null,null,"ELETROSTÁTICO, COM VISOR EM ACRÍLICO T"]
["0160140102","0102","CALHA EM CHAPA DE AÇO DOBRADA, TRATADA E PINTADA POR PROCESSO","UN",540.08,"0160140102"]
[null,null,"ELETROSTÁTICO. REATOR FIXADO SOBRE A L"]
["0160140103","0103","CÂMARA UNIVERSAL DE MONITORAMENTO DA CAIXA DE CALÇADA,","UN",543.25,"0160140103"]
[null,null,"TOTALMENTE ESTANQUE, DOTADA DE TAMPA COM INSCR"]
["0160140104","0104","CAMPAINHA ELETRÔNICA, TIPO DOIS TONS","CJ",61.42,"0160140104"]
["0160140105","0105","CANALETA COM TAMPA ANTI-DERRAPANTE EM CHAPA GALVANIZADA 40 X","M",61.83,"0160140105"]
[null,"40CM"]
["0160140106","0106","CANALETA COM TAMPA ANTI-DERRAPANTE EM CHAPA GALVANIZADA 60 X","M",64.89,"0160140106"]
[null,"40CM"]
["0160140107","0107","CANALETA DE PISO PARA CABOS, COM TAMPA NOS TRECHOS SEM PAINEIS","UN",197.12,"0160140107"]
[null,null,"E SEM TAMPA NO TRECHO ABAIXO DOS PAIN"]
["0160140108","0108","CANALETA DE PISO PARA CABOS, SEM TAMPA NOS TRECHOS ABAIXO DOS","UN",61.75,"0160140108"]
[null,null,"TRANSFORMADORES - 0,15(L) x 0,20(P)m"]
["0160140109","0109","CANTO P/ PERFIL PWI","M",9.25,"0160140109"]
["0160140110","0110","CANTONEIRA DE FERRO 1\" x 1 1/8\"","KG",16.75,"0160140110"]
["0160140111","0111","CAPTOR FRANKLIN 4 PONTAS ROSCA DE 3/4\" PONTAS E PARAFUSOS INOX,","UN",45.42,"0160140111"]
[null,"BASE EM LATÃO"]
["0160140112","0112","CENTRAL TELEFÔNICA PADRÃO - CAPACIDADE 10 LINHAS E ATÉ 50 RAMAIS","UN",18950.78,"0160140112"]
[null,null,"(FORN. E MONTAGEM)"]
["0160140113","0113","CENTRO DE MEDIÇÃO AÇO LAMIN. COM 17 MÓD. (32X32)CMCM, 01 MÓD. P/","UN",3296.25,"0160140113"]
[null,null,"BARRAM. (32X64)CM, 01 MÓD. (64X32)CM"]
["0160140114","0114","CERTIFICAÇÃO DE CABO METALICO","UN",26,"0160140114"]
["0160140115","0115","CHAVE DE NÍVEL TIPO ELETRODO, 3 PONTOS DE COMANDO","UN",92.79,"0160140115"]
["0160140116","0116","CHUMBADOR 1/4\"x 2.1/4\"","UN",7.09,"0160140116"]
["0160140117","0117","CHUMBADOR TIPO \"UR\" 1/4\"","UN",8.59,"0160140117"]
["0160140118","0118","CLEATS DE LOUÇA","PAR",1.16,"0160140118"]
["0160140119","0119","CLEATS DE PLÁSTICO","PAR",1.11,"0160140119"]
[]
[null,"Página 94 de 120"]
[]
[]
[]
[]
[]
[null,"SECRETARIA MUNICIPAL DE INFRAESTRUTURA - SEINF"]
[null,"COORDENADORIA DE ELABORAÇÃO DE PROJETOS - CÉLULA DE ORÇAMENTO"]
[null,"Av. Dep. Paulino Rocha, 1343 - Cajazeiras     FORTALEZA-CE     CEP:60864-311     FONE: (85) 3105-1113"]
[null,"Email: seinf.edificacoes@fortaleza.ce.gov.br"]
[]
[null,null,"TABELA OFICIAL DO MUNICÍPIO"]
[{"$nulls":4},"Encargos Sociais: 83,84%"]
[null,null,"Relatório de Composições Sintético - COM DESONERAÇÃO"]
[null,null,"Mês de Coleta: 01/2014",null,"BDI: 0%"]
["Composição",null,"Descrição","Unidade","Preço","Composição"]
["0160140120","0120","COLA  (GALÃO DE 3,6 LITROS)","UN",14.28,"0160140120"]
["0160140121","0121","COMPARTIMENTO PARA BATERIA AUTONOMA MINIMA DE 30 MINUTOS","UN",110,"0160140121"]
["0160140122","0122","CONDICIONADOR DE AR TIPO SPLIT, CAPACIDADE 12.000 BTU/H","UN",2488.66,"0160140122"]
["0160140123","0123","CONDICIONADOR DE AR TIPO SPLIT, CAPACIDADE 18.000 BTU/H","UN",3272.25,"0160140123"]
["0160140124","0124","CONDICIONADOR DE AR TIPO SPLIT, CAPACIDADE 24.000 BTU/H","UN",3637.7,"0160140124"]
["0160140125","0125","CONDULETE DE ALUMÍNIO 3\"","UN",74.14,"0160140125"]
["0160140126","0126","CONECTOR BNC - CABO","UN",29.39,"0160140126"]
["0160140127","0127","CONECTOR COM FURO VERTICAL PARA TERMINAIS SEM BANDEIR. REF-TEL","UN",14.81,"0160140127"]
[null,5021]
["0160140128","0128","CONECTOR E EMENDA BIMETÁLICO","UN",7.2,"0160140128"]
["0160140129","0129","CONECTOR ELÉTRICO ANTI-CHAMAS, CLASSE 750V/105ºC, CORPO EM","UN",29.4,"0160140129"]
[null,null,"POLIPROPILENO AUTO-EXTINGUÍVEL, TIPO R/Y"]
["0160140130","0130","CONECTOR FÊMEA RJ-45 (M8V) - CAT 6","UN",15.8,"0160140130"]
["0160140131","0131","CONECTOR IDC - 5 PARES","UN",9.8,"0160140131"]
["0160140132","0132","CONECTOR MACHO, PORCA SEXTAVADA, ANEL, NIPLE Ø 1/2\"","UN",6.3,"0160140132"]
["0160140133","0133","CONECTOR MINI-GAR EM BRONZE ESTANHADO PARA EMENDA CABO-RE-","UN",7.2,"0160140133"]
[null,null,"BAR(VERGALHÃO) OU CABO-TERMINAL AÉREO 3/4\""]
["0160140134","0134","CONECTOR PARA SONOFLETOR QUATRO VIAS - CABO (INSTALADO)","UN",248.72,"0160140134"]
["0160140135","0135","CONECTOR PARA SONOFLETOR QUATRO VIAS - PAINEL(INSTALADO)","UN",19.88,"0160140135"]
["0160140136","0136","CONECTOR PRENSA-CABO DE 3/4\"","UN",12.61,"0160140136"]
["0160140137","0137","CONECTOR RJ45 MACHO","UN",2.49,"0160140137"]
["0160140138","0138","CONECTOR SPLIT BOLT","UN",10.81,"0160140138"]
["0160140139","0139","CONECTOR SPLIT-BOLT P/ CABOS ATÉ 95MM²","UN",20.25,"0160140139"]
["0160140140","0140","CONECTOR TIPO \"X\" DE BRONZE COM PARAFUSO - REF. TEL-764","UN",20.31,"0160140140"]
["0160140141","0141","CONECTOR TIPO LIGA FÁCIL","UN",24.09,"0160140141"]
["0160140142","0142","CONECTOR TIPO PARALELO DE BRONZE COM PARAFUSO - REF. TEL-731","UN",9.96,"0160140142"]
["0160140143","0143","CONECTOR XLR FÊMEA-CABO","UN",17.3,"0160140143"]
["0160140144","0144","CONECTOR XLR FÊMEA-PAINEL","UN",17.3,"0160140144"]
["0160140145","0145","CONECTOR XLR MACHO-CABO","UN",17.3,"0160140145"]
["0160140146","0146","CONECTOR XLR MACHO-PAINEL","UN",17.3,"0160140146"]
["0160140147","0147","CONJUNTO COM DUAS TOMADAS JACK RJ11 CATEGORIA 5E UNIVERSAL","UN",24.39,"0160140147"]
["0160140148","0148","CONJUNTO DE ESTAIAMENTO","UN",121.54,"0160140148"]
["0160140149","0149","CONJUNTO DE ESTAIAMENTO RÍGIDO 3M PARA MASTRO DE 2\"","UN",184.05,"0160140149"]
["0160140150","0150","CONJUNTO DE MEDIÇÃO POLIMÉRICA - PADRÃO COELCE","UN",59.26,"0160140150"]
["0160140151","0151","CONTACTOR AUXILIAR","UN",150.83,"0160140151"]
["0160140152","0152","CONVERSOR UHF/VHF","UN",350.26,"0160140152"]
["0160140153","0153","COPPING EM FERRO GALVANIZADO 2\"","UN",75,"0160140153"]
["0160140154","0154","CORDÃO ÓPTICO MTRJ / MTRJ DUPLEX MONOMODO 0,9/125um PARA","UN",221.45,"0160140154"]
[null,null,"INTERLIGAÇÃO DOS PAINÉIS DE CONEXÃO DE FIBR"]
["0160140155","0155","CORDÃO ÓTICO DUPLES SCOMSC","UN",7.11,"0160140155"]
["0160140156","0156","CORDÃO ÓTICO MULTIMODO (FORN. E MONTAGEM)","UN",52.78,"0160140156"]
["0160140157","0157","CORDOALHA CHATA FLEXÍVEL 100MMX25MM COM 2 FUROS","M2",44.3,"0160140157"]
["0160140158","0158","CORPO CAIXA SECA COM GRELHA","UN",11.51,"0160140158"]
["0160140159","0159","COTOVELO HORIZONTAL 90° PARA BARRAMENTO BLINDADO (3F+N+T) -","UN",1190.01,"0160140159"]
[null,"1600A"]
["0160140160","0160","COTOVELO HORIZONTAL 90° PARA BARRAMENTO BLINDADO (3F+N+T) -","UN",1113.29,"0160140160"]
[null,"800A"]
["0160140161","0161","CRUZETA DE CONCRETO MED. 2000MM","UN",162.13,"0160140161"]
["0160140162","0162","CRUZETA METÁLICA GALVANIZADA CHAPA #16 DIMENSÕES DE 150x50MM","UN",71.75,"0160140162"]
[null,"COM TAMPA E TODAS AS CONEXÕES E ACESSÓR"]
[]
[null,"Página 95 de 120"]
[]
[]
[]
[]
[]
[null,"SECRETARIA MUNICIPAL DE INFRAESTRUTURA - SEINF"]
[null,"COORDENADORIA DE ELABORAÇÃO DE PROJETOS - CÉLULA DE ORÇAMENTO"]
[null,"Av. Dep. Paulino Rocha, 1343 - Cajazeiras     FORTALEZA-CE     CEP:60864-311     FONE: (85) 3105-1113"]
[null,"Email: seinf.edificacoes@fortaleza.ce.gov.br"]
[]
[null,null,"TABELA OFICIAL DO MUNICÍPIO"]
[{"$nulls":4},"Encargos Sociais: 83,84%"]
[null,null,"Relatório de Composições Sintético - COM DESONERAÇÃO"]
[null,"Mês de Coleta: 01/2014",null,null,"BDI: 0%"]
["Composição",null,"Descrição","Unidade","Preço","Composição"]
["0160140163","0163","CURVA 90º DE AÇO GALVANIZADO","UN",23.42,"0160140163"]
["0160140164","0164","CURVA 90º EM AÇO FORJADO ¢3\"","UN",61.42,"0160140164"]
["0160140165","0165","CURVA 90º EM AÇO FORJADO ¢4\"","UN",74.5,"0160140165"]
["0160140166","0166","CURVA 90º EM AÇO FORJADO ¢5\"","UN",91.54,"0160140166"]
["0160140167","0167","CURVA 90º EM AÇO FORJADO ¢6\"","UN",108.26,"0160140167"]
["0160140168","0168","CURVA 90º EM AÇO FORJADO ¢8\"","UN",118.9,"0160140168"]
["0160140169","0169","CURVA 90º LISA METÁLICA GALVANIZADA CHAPA #16 DIMENSÕES DE","UN",43.3,"0160140169"]
[null,null,"150x50MM COM TAMPA E TODAS AS CONEXÕES E"]
["0160140170","0170","CURVA 90º P/ ELETRODUTO PVC RÍG Ø 3\"(75MM) COM LUVA","UN",28.82,"0160140170"]
["0160140171","0171","CURVA DE INVERSÃO 90 P/ ELETROCALHA PERFURADA 75X50MM","UN",37.29,"0160140171"]
["0160140172","0172","CURVA DE INVERSÃO PARA ELETROCALHA GALVANIZADA 90º 100X50MM","UN",29.14,"0160140172"]
["0160140173","0173","CURVA DE INVERSÃO PARA ELETROCALHA GALVANIZADA 90º 50X50MM","UN",27.14,"0160140173"]
["0160140174","0174","CURVA HORIZONTAL 90 P/ ELETROCALHA 75X50MM","UN",30.04,"0160140174"]
["0160140175","0175","CURVA VERTICAL INTERNA 90º 200X50MM PARA ELETROCALHA","UN",49.74,"0160140175"]
["0160140176","0176","DAMPER DE LÂMINAS OPOSTAS MODELO RG 1150X300MM","UN",113.35,"0160140176"]
["0160140177","0177","DAMPER DE LÂMINAS OPOSTAS MODELO RG 400X200MM","UN",45.72,"0160140177"]
["0160140178","0178","DAMPER DE LÂMINAS OPOSTAS MODELO RG 400X250MM","UN",50.8,"0160140178"]
["0160140179","0179","DAMPER DE LÂMINAS OPOSTAS MODELO RG 400X300MM","UN",55.87,"0160140179"]
["0160140180","0180","DAMPER DE LÂMINAS OPOSTAS MODELO RG 400X400MM","UN",66.03,"0160140180"]
["0160140181","0181","DAMPER DE LÂMINAS OPOSTAS MODELO RG 450X250MM","UN",52.42,"0160140181"]
["0160140182","0182","DAMPER DE LÂMINAS OPOSTAS MODELO RG 450X300MM","UN",58.29,"0160140182"]
["0160140183","0183","DAMPER DE LÂMINAS OPOSTAS MODELO RG 500X200MM","UN",71.38,"0160140183"]
["0160140184","0184","DAMPER DE LÂMINAS OPOSTAS MODELO RG 500X400MM","UN",72.08,"0160140184"]
["0160140185","0185","DAMPER DE LÂMINAS OPOSTAS MODELO RG 550X300MM","UN",77.14,"0160140185"]
["0160140186","0186","DAMPER DE LÂMINAS OPOSTAS MODELO RG 550X400MM","UN",92.82,"0160140186"]
["0160140187","0187","DAMPER DE LÂMINAS OPOSTAS MODELO RG 600X300MM","UN",122.74,"0160140187"]
["0160140188","0188","DAMPER DE LÂMINAS OPOSTAS MODELO RG 600X400MM","UN",218.42,"0160140188"]
["0160140189","0189","DAMPER DE LÂMINAS OPOSTAS MODELO RG 650X300MM","UN",241.78,"0160140189"]
["0160140190","0190","DAMPER DE LÂMINAS OPOSTAS MODELO RG 700X400MM","UN",267.86,"0160140190"]
["0160140191","0191","DAMPER DE LÂMINAS OPOSTAS MODELO RG 750X300MM","UN",281.84,"0160140191"]
["0160140192","0192","DAMPER DE LÂMINAS OPOSTAS MODELO RG 750X400MM","UN",296.74,"0160140192"]
["0160140193","0193","DAMPER DE LÂMINAS OPOSTAS MODELO RG 800X600MM","UN",108.01,"0160140193"]
["0160140194","0194","DAMPER DE LÂMINAS OPOSTAS MODELO RG 900X300MM","UN",125.04,"0160140194"]
["0160140195","0195","DAMPER DE SOBREPRESSÃO-446x387MM","UN",74.29,"0160140195"]
["0160140196","0196","DAMPER DE SOBREPRESSÃO-532x439MM","UN",90.65,"0160140196"]
["0160140197","0197","DETECTOR DE TEMPERATURA TIPO TÉRMOVELOCIMÉTRICO INTELIGENTE","UN",334.36,"0160140197"]
[null,null,"ENDEREÇÁVEL COM BASE-FORN. E MONT"]
["0160140198","0198","DETECTOR ÓTICO DE FUMAÇA COM BASE CONVENCIONAL","UN",89.61,"0160140198"]
["0160140199","0199","DETECTOR PONTUAL DE FUMAÇA TIPO ÓPTICO INTELIGENTE","UN",334.36,"0160140199"]
[null,null,"ENDEREÇÁVEL COM BASE - FORN. E MONTAGEM"]
["0160140200","0200","DETECTOR TERMO-VELOCÍMETRICO CONVENCIONAL","UN",224.7,"0160140200"]
["0160140201","0201","DIAGRAMA UNIFILAR GERAL - BAIXA E MÉDIA TENSÃO - EM CORES,","UN",337.51,"0160140201"]
[null,"EMOLDURADO"]
["0160140202","0202","DIFUSOR DE ALUMÍNIO MODELO DI-13RG 9\"X6\"","UN",61.83,"0160140202"]
["0160140203","0203","DIFUSOR DE ALUMÍNIO MODELO DI-41RG 12\"X12\"","UN",89.51,"0160140203"]
["0160140204","0204","DIFUSOR DE ALUMÍNIO MODELO DI-41RG 18\"X18\"","UN",145.06,"0160140204"]
["0160140205","0205","DIFUSOR DE ALUMÍNIO MODELO DI-41RG 6\"X6\"","UN",67.46,"0160140205"]
["0160140206","0206","DIFUSOR DE ALUMÍNIO MODELO DI-41RG 9\"X9\"","UN",77.58,"0160140206"]
[]
[null,"Página 96 de 120"]
[]
[]
[]
[]
[]
[null,"SECRETARIA MUNICIPAL DE INFRAESTRUTURA - SEINF"]
[null,"COORDENADORIA DE ELABORAÇÃO DE PROJETOS - CÉLULA DE ORÇAMENTO"]
[null,"Av. Dep. Paulino Rocha, 1343 - Cajazeiras     FORTALEZA-CE     CEP:60864-311     FONE: (85) 3105-1113"]
[null,"Email: seinf.edificacoes@fortaleza.ce.gov.br"]
[]
[null,null,"TABELA OFICIAL DO MUNICÍPIO"]
[{"$nulls":4},"Encargos Sociais: 83,84%"]
[null,null,"Relatório de Composições Sintético - COM DESONERAÇÃO"]
[null,"Mês de Coleta: 01/2014",null,null,"BDI: 0%"]
["Composição",null,"Descrição","Unidade","Preço","Composição"]
["0160140207","0207","DIFUSOR DE INSUFLAMENTO EM ALUMÍNIO ANODIZADO TIPO VDW-V-825x72","UN",500.21,"0160140207"]
["0160140208","0208","DISJUNTOR TERMOMAGNÉTICO TRIPOLAR 200A CAPAC. INTERRUP. 35KA","UN",915.5,"0160140208"]
["0160140209","0209","DISJUNTOR TERMOMAGNÉTICO TRIPOLAR 400A CAPAC. INTERRUP. 35KA","UN",1082.18,"0160140209"]
["0160140210","0210","DISJUNTOR TERMOMAGNÉTICO TRIPOLAR 500A CAPAC. INTERRUP. 35KA","UN",1757.87,"0160140210"]
["0160140211","0211","DISJUNTOR TERMOMAGNÉTICO TRIPOLAR 50A CAPAC. INTERRUP. 35KA","UN",137.18,"0160140211"]
["0160140212","0212","DISJUNTOR TERMOMAGNÉTICO TRIPOLAR 80A CAPAC. INTERRUP. 35 KA-","UN",233.88,"0160140212"]
[null,"CURVA C"]
["0160140213","0213","DISJUNTOR TRIPOLAR COM ACIONAM.NA PORTA DO Q.D.ATE 80A","UN",83.88,"0160140213"]
["0160140214","0214","DIVISOR DE SINAL","UN",23.24,"0160140214"]
["0160140215","0215","DUCHA PARA CHUVEIRO DE PISCINA EM INOX","UN",64.51,"0160140215"]
["0160140216","0216","DUTO CAMISA 200 X 200 MM EM CHAPA 16","M",177,"0160140216"]
["0160140217","0217","ELETROCALHA LISA METÁLICA GALVANIZADA CHAPA #16 DIMENSÕES DE","M",44.48,"0160140217"]
[null,null,"100x50MM COM TAMPA E TODAS AS CONEXÕES"]
["0160140218","0218","ELETROCALHA LISA METÁLICA GALVANIZADA CHAPA #16 DIMENSÕES DE","M",53.82,"0160140218"]
[null,null,"150x50MM COM TAMPA E TODAS AS CONEXÕES"]
["0160140219","0219","ELETROCALHA LISA METÁLICA GALVANIZADA CHAPA #16 DIMENSÕES DE","M",38.88,"0160140219"]
[null,null,"50x50MM EM PEÇAS DE 3m COM TAMPA E TODA"]
["0160140220","0220","ELETROCALHA LISA TIPO C, GALVANIZADA A FOGO CHAPA Nº 16 USG, 100 X","M",39.31,"0160140220"]
[null,null,"50MM, COM ACESSÓRIOS DE FIXAÇÃO."]
["0160140221","0221","ELETROCALHA LISA TIPO C, GALVANIZADA A FOGO CHAPA Nº 16 USG, 50 X","M",33.16,"0160140221"]
[null,null,"50MM, COM ACESSÓRIOS DE FIXAÇÃO."]
["0160140222","0222","ELETROCALHA LISA TIPO U COMABA EM CHAPA GALVANIZADA DIM.","M",49.79,"0160140222"]
[null,null,"150X50MM COM TAMPA DE ENCAIXE"]
["0160140223","0223","ELETROCALHA LISA TIPO U COMABA EM CHAPA GALVANIZADA DIM.","M",80.49,"0160140223"]
[null,null,"200X50MM COM TAMPA DE ENCAIXE"]
["0160140224","0224","ELETROCALHA LISA TIPO U COMABA EM CHAPA GALVANIZADA DIM.","M",34.49,"0160140224"]
[null,null,"50X50MM COM TAMPA DE ENCAIXE"]
["0160140225","0225","ELETROCALHA PERFURADA GE 75X50MM","M",46.65,"0160140225"]
["0160140226","0226","ELETRODUTO DE FERRO GALVANIZADO COM ROSCA ELETROLÍTICO","M",22.49,"0160140226"]
[null,null,"PESADO, D = 1\", INCL. COM CONEXÕES E ACES"]
["0160140227","0227","ELETRODUTO DE FERRO GALVANIZADO COM ROSCA ELETROLÍTICO","M",21.37,"0160140227"]
[null,null,"PESADO, D = 3/4\", INCL. COM CONEXÕES E AC"]
["0160140228","0228","ELETRODUTO DE FERRO GALVANIZADO ELETROLÍTICO PESADO COM","M",72.56,"0160140228"]
[null,null,"ROSCA Ø 2 1/2\", INCL. COM CONEXÕES E ACESS"]
["0160140229","0229","ELETRODUTO DE FERRO GALVANIZADO ELETROLÍTICO PESADO COM","M",86.86,"0160140229"]
[null,null,"ROSCA Ø 3\", INCL. COM CONEXÕES E ACESSÓRIO"]
["0160140230","0230","ELETRODUTO DE FERRO GALVANIZADO ELETROLÍTICO PESADO COM","M",116.24,"0160140230"]
[null,null,"ROSCA Ø 4\", INCL. COM CONEXÕES E ACESSÓRIO"]
["0160140231","0231","ELETRODUTO DE FERRO GALVANIZADO ELETROLÍTICO PESADO COM","M",36.31,"0160140231"]
[null,null,"ROSCA, Ø 1 1/2\", INCL. COM CONEXÕES E ACES"]
["0160140232","0232","ELETRODUTO DE FERRO GALVANIZADO ELETROLÍTICO PESADO COM","M",32.97,"0160140232"]
[null,null,"ROSCA, Ø 1 1/4\", INCL. COM CONEXÕES E ACES"]
["0160140233","0233","ELETRODUTO DE FERRO GALVANIZADO ELETROLÍTICO PESADO COM","M",23.24,"0160140233"]
[null,null,"ROSCA, Ø 1\", INCL. COM CONEXÕES E ACESSÓRI"]
["0160140234","0234","ELETRODUTO DE FERRO GALVANIZADO ELETROLÍTICO PESADO COM","M",51.11,"0160140234"]
[null,null,"ROSCA, Ø 2\", INCL. COM CONEXÕES E ACESSÓRI"]
["0160140235","0235","ELETRODUTO DE FERRO GALVANIZADO ELETROLÍTICO PESADO COM","M",20.62,"0160140235"]
[null,null,"ROSCA, Ø 3/4\", INCL. COM CONEXÕES E ACESSÓ"]
["0160140236","0236","ELETRODUTO DE PVC REFORÇADO CINZA D=1 1/2\"","M",22.6,"0160140236"]
["0160140237","0237","ELETRODUTO DE PVC REFORÇADO CINZA D=3/4\"","M",9.3,"0160140237"]
["0160140238","0238","ELETRODUTO DE PVC RÍG CLASSE \"A\" D=3\" (75MM)","M",21.83,"0160140238"]
["0160140239","0239","ELETRODUTO DE PVC RÍGIDO COM ROSCA Ø 1 1/2\", INCL. COM","M",17.01,"0160140239"]
[null,"ACESSÓRIOS DE FIXAÇÃO ."]
[]
[null,"Página 97 de 120"]
[]
[]
[]
[]
[]
[null,"SECRETARIA MUNICIPAL DE INFRAESTRUTURA - SEINF"]
[null,"COORDENADORIA DE ELABORAÇÃO DE PROJETOS - CÉLULA DE ORÇAMENTO"]
[null,"Av. Dep. Paulino Rocha, 1343 - Cajazeiras     FORTALEZA-CE     CEP:60864-311     FONE: (85) 3105-1113"]
[null,"Email: seinf.edificacoes@fortaleza.ce.gov.br"]
[]
[null,null,"TABELA OFICIAL DO MUNICÍPIO"]
[{"$nulls":4},"Encargos Sociais: 83,84%"]
[null,null,"Relatório de Composições Sintético - COM DESONERAÇÃO"]
[null,null,"Mês de Coleta: 01/2014",null,"BDI: 0%"]
["Composição",null,"Descrição","Unidade","Preço","Composição"]
["0160140240","0240","ELETRODUTO DE PVC RÍGIDO COM ROSCA Ø 1 1/4\", INCL. COM","M",13.69,"0160140240"]
[null,null,"ACESSÓRIOS DE FIXAÇÃO ."]
["0160140241","0241","ELETRODUTO DE PVC RÍGIDO COM ROSCA Ø 1\", INCL. COM  ACESSÓRIOS","M",11.63,"0160140241"]
[null,"DE FIXAÇÃO ."]
["0160140242","0242","ELETRODUTO DE PVC RÍGIDO COM ROSCA Ø 2 1/2\", INCL.  ACESSÓRIOS DE","M",33.1,"0160140242"]
[null,"FIXAÇÃO ."]
["0160140243","0243","ELETRODUTO DE PVC RÍGIDO COM ROSCA Ø 2\", INCL. COM  ACESSÓRIOS","M",16.37,"0160140243"]
[null,"DE FIXAÇÃO ."]
["0160140244","0244","ELETRODUTO DE PVC RÍGIDO COM ROSCA Ø 3\", INCL. COM  ACESSÓRIOS","M",39.91,"0160140244"]
[null,"DE FIXAÇÃO ."]
["0160140245","0245","ELETRODUTO DE PVC RÍGIDO COM ROSCA Ø 3/4\", INCL. COM  ACESSÓRIOS","M",7.62,"0160140245"]
[null,"DE FIXAÇÃO ."]
["0160140246","0246","ELETRODUTO DE PVC RÍGIDO COM ROSCA Ø 4\", INCL. COM  ACESSÓRIOS","M",56.54,"0160140246"]
[null,"DE FIXAÇÃO ."]
["0160140248","0248","ELETRODUTO EM AÇO GALVANIZADO A FOGO, DIÂMETRO 1\" COM TODAS","M",24.76,"0160140248"]
[null,null,"AS CONEXÕES E ACESSÓRIOS DE FIXAÇÃO COMP"]
["0160140249","0249","ELETRODUTO EM AÇO GALVANIZADO A FOGO, DIÂMETRO 1.1/4\" EM PEÇAS","M",20.73,"0160140249"]
[null,null,"DE 3m COM TODAS AS CONEXÕES E ACESSÓR"]
["0160140250","0250","ELETRODUTO EM AÇO GALVANIZADO A FOGO, DIÂMETRO 2\" EM PEÇAS DE","M",18.19,"0160140250"]
[null,null,"3m COM TODAS AS CONEXÕES E ACESSÓRIOS"]
["0160140252","0252","ELETRODUTO EM AÇO GALVANIZADO A FOGO, DIÂMETRO 3/4\" COM TODAS","M",21.37,"0160140252"]
[null,null,"AS CONEXÕES E ACESSÓRIOS DE FIXAÇÃO CO"]
["0160140253","0253","ELETRODUTO EM AÇO GALVANIZADO A FOGO, DIÂMETRO 3/4\" EM PEÇAS","M",7.94,"0160140253"]
[null,null,"DE 3m COM TODAS AS CONEXÕES E ACESSÓRIO"]
["0160140254","0254","ELETRODUTO EM PVC RÍGIDO, DIÂMETRO 3/4\" EM PEÇAS DE 3m COM","M",7.94,"0160140254"]
[null,null,"TODAS AS CONEXÕES E ACESSÓRIOS DE FIXAÇÃO"]
["0160140255","0255","ELETRODUTO FLEXÍVEL EM POLIETILENO DE ALTA DENSIDADE,","M",46.51,"0160140255"]
[null,null,"CORRUGADO NA FORMA ESPIRALADA, COR PRETO - Ø 6"]
["0160140256","0256","ELETRODUTO FLEXÍVEL EM POLIETILENO DE ALTA","M",8.6,"0160140256"]
[null,null,"DENSIDADE,CORRUGADO NA FORMA ESPIRALADA, COM PRETO Ø 1\"."]
["0160140257","0257","ELETRODUTO FLEXÍVEL EM POLIETILENO DE ALTA","M",8.18,"0160140257"]
[null,null,"DENSIDADE,CORRUGADO NA FORMA ESPIRALADA, COM PRETO Ø 3/4\""]
["0160140259","0259","ELETRODUTO FLEXÍVEL METÁLICO COM CAPA DE PVC 3/4\"","M",18.18,"0160140259"]
["0160140260","0260","ELETRODUTO METÁLICO FLEXÍVEL SEM CAPA DE PVC DE 1/2\"- FABRICANTE","M",12.08,"0160140260"]
[null,null,"DE REFERÊNCIA : SPTF"]
["0160140261","0261","ELETRODUTO PVC RÍGIDO 4\"","M",50.3,"0160140261"]
["0160140262","0262","EMENDA \"L\" PARA PERFILADO 38x38MM GALAVANIZADO A FOGO","UN",6.17,"0160140262"]
["0160140263","0263","EMENDA \"T\" PARA PERFILADO 38x38MM GALAVANIZADO A FOGO","UN",3.97,"0160140263"]
["0160140264","0264","EMENDA \"X\" PARA PERFILADO 38x38MM GALAVANIZADO A FOGO","UN",5.27,"0160140264"]
["0160140265","0265","EMENDA INTERNA TIPO \"I\" P/ PERFILADO GALVANIZADO","UN",5.09,"0160140265"]
["0160140266","0266","EMENDA PARA ELETROCALHA PERFURADA100x50MM - GALVANIZADO A","UN",1.74,"0160140266"]
[null,"FOGO"]
["0160140267","0267","ESPELHOS 4X2\" EM POLICARBONATO PARA 2X RJ45 FEMEA","UN",12.72,"0160140267"]
["0160140268","0268","FITA ALUMINIZADA","M",4.47,"0160140268"]
["0160140269","0269","FITA DE ARQUEAR","M",5.16,"0160140269"]
["0160140270","0270","FITA ISOLANTE AUTO FUSÃO NO. 23","UN",16.05,"0160140270"]
["0160140271","0271","FITA ISOLANTE NO. 33","UN",12.15,"0160140271"]
["0160140272","0272","FLANGE DE BARRAMENTO BLINDADO (3F+N+T) - 1600A PARA PAINEL","UN",876.34,"0160140272"]
["0160140273","0273","FLANGE DE BARRAMENTO BLINDADO (3F+N+T) - 800A PARA PAINEL","UN",767.97,"0160140273"]
["0160140274","0274","FLANGE DE LEITO P/ CABOS DO TIPO MÉDIO 200 X 75MM, P/ ACOPLAMENTO","UN",10.51,"0160140274"]
[null,null,"EM PAINEL ELÉTRICO."]
["0160140275","0275","FLANGE DE LEITO P/ CABOS DO TIPO MÉDIO 250 X 75MM, P/ ACOPLAMENTO","UN",11.4,"0160140275"]
[null,"EM PAINEL ELÉTRICO."]
[]
[null,"Página 98 de 120"]
[]
[]
[]
[]
[]
[null,"SECRETARIA MUNICIPAL DE INFRAESTRUTURA - SEINF"]
[null,"COORDENADORIA DE ELABORAÇÃO DE PROJETOS - CÉLULA DE ORÇAMENTO"]
[null,"Av. Dep. Paulino Rocha, 1343 - Cajazeiras     FORTALEZA-CE     CEP:60864-311     FONE: (85) 3105-1113"]
[null,"Email: seinf.edificacoes@fortaleza.ce.gov.br"]
[]
[null,null,"TABELA OFICIAL DO MUNICÍPIO"]
[{"$nulls":4},"Encargos Sociais: 83,84%"]
[null,null,"Relatório de Composições Sintético - COM DESONERAÇÃO"]
[null,null,"Mês de Coleta: 01/2014",null,"BDI: 0%"]
["Composição",null,"Descrição","Unidade","Preço","Composição"]
["0160140276","0276","FLANGE DE LEITO P/ CABOS DO TIPO MÉDIO 300 X 75MM, P/ ACOPLAMENTO","UN",12.99,"0160140276"]
[null,null,"EM PAINEL ELÉTRICO."]
["0160140277","0277","FLANGE DE LEITO P/ CABOS DO TIPO PESADO 1000 X 100MM, P/","UN",29.72,"0160140277"]
[null,null,"ACOPLAMENTO EM PAINEL ELÉTRICO."]
["0160140278","0278","FLANGE P/ RESERVATÓRIO 110MMx4\"","UN",70.02,"0160140278"]
["0160140279","0279","FLANGE P/ RESERVATÓRIO 32MMx1\"","UN",11.82,"0160140279"]
["0160140280","0280","FLANGE P/ RESERVATÓRIO 40MMx1.1/4\"","UN",13.22,"0160140280"]
["0160140281","0281","FLANGE P/ RESERVATÓRIO 50MMx1/2\"","UN",18.32,"0160140281"]
["0160140282","0282","FLANGE P/ RESERVATÓRIO 60MMx2\"","UN",27.32,"0160140282"]
["0160140283","0283","FLANGE PARA ELETROCALHA PERFURADA 100x50MM - GALVANIZADO A","UN",11.32,"0160140283"]
[null,"FOGO"]
["0160140284","0284","FLANGE PARA LIGAÇÃO DE PAINEL 100X50CM","UN",11.32,"0160140284"]
["0160140285","0285","FLANGE PARA LIGAÇÃO DE PAINEL 150X50CM","UN",13.27,"0160140285"]
["0160140286","0286","FLANGE PARA LIGAÇÃO DE PAINEL 200X50CM","UN",13.27,"0160140286"]
["0160140287","0287","FLANGE PARA LIGAÇÃO DE PAINEL 50X50CM","UN",10.32,"0160140287"]
["0160140288","0288","FLOW SWITCH PARA ÁGUA GELADA ¢1\"","UN",190.54,"0160140288"]
["0160140289","0289","FONTE DE ALIMENTAÇÃO AUXILIAR PARA 24VDC","UN",390.9,"0160140289"]
["0160140290","0290","FORN. E INSTALAÇÃO DE SPILL CONTAINER 12\" -S BBA/TUBO TAMPÃO","UN",376.18,"0160140290"]
[null,null,"ARTICULADO TRAFEGO LEVE"]
["0160140291","0291","FORN. E INSTALAÇÃO DE VÁLVULA ANTITRANSBORDAMENTO, DOTADA DE","UN",2188.26,"0160140291"]
[null,null,"TUBO CAMISA, COM DOIS ESTÁGIOS DE"]
["0160140292","0292","FORN., CORTE, MONTAGEM E PROTENSÃO DE CABO COM 1 CORDOALHA","KG",11.86,"0160140292"]
[null,null,"DE 15MM (SISTEMA NÃO ADERENTE)"]
["0160140293","0293","FUSÃO PARA FIBRA ÓTICA","UN",150,"0160140293"]
["0160140294","0294","GALERIAS DE AR CONDICIONADOS - FORN. EM MONTAGEM","M2",38.16,"0160140294"]
["0160140295","0295","GALERIAS DE ELÉTRICAS - FORN. EM MONTAGEM","M2",47.61,"0160140295"]
["0160140296","0296","GANCHO CURTO PARA PERFILADO 38x38MM - GALVANIZADO A FOGO","UN",6.28,"0160140296"]
["0160140297","0297","GÁS FREON R-22","KG",10.52,"0160140297"]
["0160140298","0298","GÁS R-410A","UN",15.63,"0160140298"]
["0160140299","0299","GELATINA 50 X 60 CM - CORES DIVERSAS","UN",2.3,"0160140299"]
["0160140300","0300","GERADOR DE SINAIS DE 1mA, TENSÃO DE ALIMENTAÇÃO 230Vca (GS4)","UN",7936.3,"0160140300"]
["0160140301","0301","GERADOR TRIFÁSICO - 75KVA SAÍDA-380/220V COMPLETO","UN",18702,"0160140301"]
["0160140302","0302","GRAMPO DUPLO TIPO \"X\" EM COBRE PARA CONEXÃO DE CRUZAMENTO DE","UN",32.7,"0160140302"]
[null,"CABOS"]
["0160140303","0303","GRAMPO PWI","UN",6.19,"0160140303"]
["0160140304","0304","GRELHA DE ALUMÍNIO MODELO RHN-RG 200X100MM","UN",50.28,"0160140304"]
["0160140305","0305","GRELHA DE ALUMÍNIO MODELO RHN-RG 200X200MM","UN",61.02,"0160140305"]
["0160140306","0306","GRELHA DE ALUMÍNIO MODELO RHN-RG 200X500MM","UN",93.26,"0160140306"]
["0160140307","0307","GRELHA DE ALUMÍNIO MODELO RHN-RG 300X200MM","UN",68.53,"0160140307"]
["0160140308","0308","GRELHA DE ALUMÍNIO MODELO RHN-RG 300X300MM","UN",81.32,"0160140308"]
["0160140309","0309","GRELHA DE ALUMÍNIO MODELO RHN-RG 400X300MM","UN",90.86,"0160140309"]
["0160140310","0310","GRELHA DE ALUMÍNIO MODELO RHN-RG 500X200MM","UN",83.51,"0160140310"]
["0160140311","0311","GRELHA DE ALUMÍNIO MODELO RHN-RG 500X300MM","UN",100.41,"0160140311"]
["0160140312","0312","GRELHA DE ALUMÍNIO MODELO RHN-RG 600X500MM","UN",116.51,"0160140312"]
["0160140313","0313","GRELHA DE ALUMÍNIO MODELO RHN-RG 600X600MM","UN",166.77,"0160140313"]
["0160140314","0314","GRELHA DE ALUMÍNIO MODELO RHN-RG 800X600MM","UN",198.15,"0160140314"]
["0160140315","0315","GRELHA DE ALUMÍNIO MODELO SV-RG 200X100MM","UN",47.97,"0160140315"]
["0160140316","0316","GRELHA DE ALUMÍNIO MODELO SV-RG 200X150MM","UN",52.76,"0160140316"]
["0160140317","0317","GRELHA DE ALUMÍNIO MODELO SV-RG 200X200MM","UN",57.56,"0160140317"]
["0160140318","0318","GRELHA DE ALUMÍNIO MODELO SV-RG 300X200MM","UN",64.64,"0160140318"]
[]
[null,"Página 99 de 120"]
[]
[]
[]
[]
[]
[null,"SECRETARIA MUNICIPAL DE INFRAESTRUTURA - SEINF"]
[null,"COORDENADORIA DE ELABORAÇÃO DE PROJETOS - CÉLULA DE ORÇAMENTO"]
[null,"Av. Dep. Paulino Rocha, 1343 - Cajazeiras     FORTALEZA-CE     CEP:60864-311     FONE: (85) 3105-1113"]
[null,"Email: seinf.edificacoes@fortaleza.ce.gov.br"]
[]
[null,null,"TABELA OFICIAL DO MUNICÍPIO"]
[{"$nulls":4},"Encargos Sociais: 83,84%"]
[null,null,"Relatório de Composições Sintético - COM DESONERAÇÃO"]
[null,null,"Mês de Coleta: 01/2014",null,"BDI: 0%"]
["Composição",null,"Descrição","Unidade","Preço","Composição"]
["0160140319","0319","GRELHA DE ALUMÍNIO MODELO SV-RG 300X300MM","UN",76.3,"0160140319"]
["0160140320","0320","GRELHA DE ALUMÍNIO MODELO VSH-2M 200X150MM","UN",47.47,"0160140320"]
["0160140321","0321","GRELHA DE ALUMÍNIO MODELO VSH-2M 200X200MM","UN",51.76,"0160140321"]
["0160140322","0322","GRELHA DE ALUMÍNIO MODELO VSH-2M 300X200MM","UN",60.09,"0160140322"]
["0160140323","0323","GRELHA DE ALUMÍNIO MODELO VSH-2M 300X300MM","UN",71.3,"0160140323"]
["0160140324","0324","GRELHA DE ALUMÍNIO MODELO VSH-2M 400X300MM","UN",82.25,"0160140324"]
["0160140325","0325","GRELHA DE ALUMÍNIO MODELO VSH-2M 400X400MM","UN",96.09,"0160140325"]
["0160140326","0326","GRELHA DE ALUMÍNIO MODELO VSH-2M 500X400MM","UN",109.67,"0160140326"]
["0160140327","0327","GRELHA DE ALUMÍNIO MODELO VSH-2M 500X500MM","UN",126.16,"0160140327"]
["0160140328","0328","GRELHA DE ALUMÍNIO MODELO VSH-2M 600X500MM","UN",142.36,"0160140328"]
["0160140329","0329","GRELHA DE ALUMÍNIO MODELO VSH-2M 600X600MM","UN",155.56,"0160140329"]
["0160140330","0330","GRELHA DE RETORNO EM ALUMÍNIO ANODIZADO TIPO AR-1225x325MM","UN",107.17,"0160140330"]
["0160140331","0331","GRELHA DE RETORNO EM ALUMÍNIO ANODIZADO TIPO AR-625x525MM","UN",93.84,"0160140331"]
["0160140332","0332","GRELHA PARA LAVA CARRINHOS L=30CM","UN",889.04,"0160140332"]
["0160140333","0333","GRELHA TAE COM FILTRO G3, REGISTRO E TELA - 200X200MM","UN",100.79,"0160140333"]
["0160140334","0334","GRELHA TAE COM FILTRO G3, REGISTRO E TELA - 300X200MM","UN",109.43,"0160140334"]
["0160140335","0335","GRELHA TAE COM FILTRO G3, REGISTRO E TELA - 300X300MM","UN",142.01,"0160140335"]
["0160140336","0336","GRELHA TAE COM FILTRO G3, REGISTRO E TELA - 500X300MM","UN",167.78,"0160140336"]
["0160140337","0337","GRELHA TAE COM FILTRO G3, REGISTRO E TELA - 500X400MM","UN",208.85,"0160140337"]
["0160140338","0338","GRELHA TAE COM FILTRO G3, REGISTRO E TELA - 600X400MM","UN",225.99,"0160140338"]
["0160140339","0339","GRELHA TAE COM FILTRO G3, REGISTRO E TELA - 600X500MM","UN",271.33,"0160140339"]
["0160140340","0340","GRELHA TAE COM FILTRO G3, REGISTRO E TELA - 800X500MM","UN",314.09,"0160140340"]
["0160140341","0341","GRELHA TAE COM FILTRO G3, REGISTRO E TELA - 800X600MM","UN",367.93,"0160140341"]
["0160140342","0342","GRELHA TAE COM TELA - 200X200MM","UN",58.62,"0160140342"]
["0160140343","0343","GRELHA TAE COM TELA - 300X300MM","UN",75.97,"0160140343"]
["0160140344","0344","GUIA DE CABOS - 19\"","M",25.88,"0160140344"]
["0160140345","0345","HASTE DE TERRA COOPERWELD 5/8 X2,40M","UN",42.31,"0160140345"]
["0160140346","0346","HASTE DE TERRA COPPERWELD 3/4 X 3,00 COM CONEXÕES","UN",48.2,"0160140346"]
["0160140347","0347","HASTE DE TERRA COPPERWELD 5/8 X 3,00M","UN",65.47,"0160140347"]
["0160140348","0348","IDENTIFICADORES  PARA CONDUTORES DE SEÇÃO  6MM² ALGARISMOS E","UN",0.02,"0160140348"]
[null,null,"LETRAS"]
["0160140349","0349","INTERLIGAÇÕES ELÉTRICAS DAS CAIXAS DE VENTILAÇÃO","UN",120.64,"0160140349"]
["0160140350","0350","INTERLIGAÇÕES ENTRE TUBO DE DRENO E EQUIPAMENTOS","UN",105.64,"0160140350"]
["0160140351","0351","INTERRUPTOR COM 1 TECLA SIMPLES EM CONDULETE - COMPLETA","UN",10.04,"0160140351"]
["0160140352","0352","INTERRUPTOR COM 4 TECLAS SIMPLES EM CAIXA 4\"x4\" - COMPLETA","UN",27.14,"0160140352"]
["0160140353","0353","INTERRUPTOR DIFERENCIAL 2x25A - 30mA","UN",126.4,"0160140353"]
["0160140354","0354","INTERRUPTOR DIFERENCIAL 4X40A - SENS 30mA","UN",166.05,"0160140354"]
["0160140355","0355","ISOLADOR 15 KV","UN",16.96,"0160140355"]
["0160140356","0356","ISOLADOR BASTÃO POLIMÉRICO CLASSE 15KV - PADRÃO COELCE","UN",34.31,"0160140356"]
["0160140357","0357","ISOLAMENTO TÉRMICO COM MANTA ALUMINIZADA DE LÂ DE VIDRO , COM","M2",9.53,"0160140357"]
[null,null,"DENSIDADE 20kg/m3 OU POLIESTIRENO EXPA"]
["0160140358","0358","ISOLAMENTO TÉRMICO EM BORRACHA ELASTOMÉRICA","M",10.81,"0160140358"]
[null,null,"#1/2\"x10MM+ALUMÍNIO CORRUGADO EXTERNAMENTE"]
["0160140359","0359","ISOLAMENTO TÉRMICO EM BORRACHA ELASTOMÉRICA","M",9.91,"0160140359"]
[null,null,"#1/4\"x10MM+ALUMÍNIO CORRUGADO EXTERNAMENTE"]
["0160140360","0360","ISOLAMENTO TÉRMICO EM BORRACHA ELASTOMÉRICA","M",10.81,"0160140360"]
[null,null,"#3/4\"x10MM+ALUMÍNIO CORRUGADO EXTERNAMENTE"]
["0160140361","0361","ISOLAMENTO TÉRMICO EM BORRACHA ELASTOMÉRICA","M",9.91,"0160140361"]
[null,"#3/8\"x10MM+ALUMÍNIO CORRUGADO EXTERNAMENTE"]
[]
[null,"Página 100 de 120"]
[]
[]
[]
[]
[]
[null,"SECRETARIA MUNICIPAL DE INFRAESTRUTURA - SEINF"]
[null,"COORDENADORIA DE ELABORAÇÃO DE PROJETOS - CÉLULA DE ORÇAMENTO"]
[null,"Av. Dep. Paulino Rocha, 1343 - Cajazeiras     FORTALEZA-CE     CEP:60864-311     FONE: (85) 3105-1113"]
[null,"Email: seinf.edificacoes@fortaleza.ce.gov.br"]
[]
[null,null,"TABELA OFICIAL DO MUNICÍPIO"]
[{"$nulls":4},"Encargos Sociais: 83,84%"]
[null,null,"Relatório de Composições Sintético - COM DESONERAÇÃO"]
[null,null,"Mês de Coleta: 01/2014",null,"BDI: 0%"]
["Composição",null,"Descrição","Unidade","Preço","Composição"]
["0160140362","0362","ISOLAMENTO TÉRMICO EM BORRACHA ELASTOMÉRICA","M",10.81,"0160140362"]
[null,null,"#5/8\"x10MM+ALUMÍNIO CORRUGADO EXTERNAMENTE"]
["0160140363","0363","JACK PARA CONEXÃO DE TELEFONE DE EMERGÊNCIA","UN",49.01,"0160140363"]
["0160140364","0364","JUNÇÃO INTERNA \"I\" PARA PERFILADO 38x38MM- GALVANIZADO A FOGO","UN",4.54,"0160140364"]
["0160140365","0365","KIT DE MONTAGEM PARAFUSOS / PORCAS GAIOLA (FORN. E MONTAGEM)","UN",291.6,"0160140365"]
["0160140366","0366","KIT DE MONTAGEM PARAFUSOS / PORCAS MOLA (FORN. E MONTAGEM)","UN",291.6,"0160140366"]
["0160140367","0367","LEITO P/ CABOS DO TIPO MÉDIO, 400 X 75MM, EM AÇO CARBONO","M",127.12,"0160140367"]
[null,null,"GALVANIZADO ELETROLÍTICO, COM LONGARINAS 75"]
["0160140368","0368","LEITO P/ CABOS DO TIPO PESADO, 1000 X 100MM, EM AÇO CARBONO","M",459.5,"0160140368"]
[null,null,"GALVANIZADO ELETROLÍTICO, COM LONGARINAS"]
["0160140369","0369","LEITO P/ CABOS DO TIPO STANDARD, 500 X 100MM, EM AÇO CARBONO","M",164.22,"0160140369"]
[null,null,"GALVANIZADO ELETROLÍTICO, COM LONGARINA"]
["0160140370","0370","LEITO P/ CABOS DO TIPO STANDARD, 600 X 100MM, EM AÇO CARBONO","M",175.24,"0160140370"]
[null,null,"GALVANIZADO ELETROLÍTICO, COM LONGARINA"]
["0160140371","0371","LOCALIZADOR DE FALHAS FIXO (POR LEITO DE UTI) - FORN. E MONTAGEM","UN",8821.51,"0160140371"]
["0160140372","0372","LUMINÁRIA ARANDELA DE EMB, MODELO D-3527, COM LÂMPADA FLUOR","UN",128.13,"0160140372"]
[null,null,"COMPACTA AMARELA 15W-220V - COR PRETA"]
["0160140373","0373","LUMINÁRIA CILÍNDRICA DE ALTO RENDIMENTO, COM REFLETOR INTERNO","UN",168.27,"0160140373"]
[null,null,"EM ALUMÍNIO ANODIZADO, CONTROLE ANTIOFU"]
["0160140374","0374","LUMINÁRIA CIRCULAR COM FACHO SIMÉTRICO FIXO, REFLETOR DE ALTO","UN",60.43,"0160140374"]
[null,null,"RENDIMENTO E CONTROLE E OFUSCAMENTO CO"]
["0160140375","0375","LUMINÁRIA CIRCULAR DE EMBUTIR ORIENTÁVEL CORPO EM ALUMÍNIO","UN",58.93,"0160140375"]
[null,null,"PINT. BRANCO, COM UMA LÂMPADA 75W-220V"]
["0160140376","0376","LUMINÁRIA DE ALTO RENDIMENTO COM CORPO EM CHAPA DE AÇO","UN",297.31,"0160140376"]
[null,null,"DOBRADA, TRATADA E PINTADA POR PROCESSO ELETROSTÁTICO"]
["0160140377","0377","LUMINÁRIA DE EMERGÊNCIA BLF-11/2T COM DUAS LÂMPADAS","UN",101.71,"0160140377"]
[null,null,"FLUORESCENTES COMPACTAS DE 11W"]
["0160140378","0378","LUMINÁRIA DE SOBREPOR DUAS LÂMPADAS FLUORESCENTES DE 26W-","UN",140.18,"0160140378"]
[null,"220V"]
["0160140379","0379","LUMINÁRIA FLUOR 2X32W/220V , CORPO EM CHAPA DE AÇO PINT,","UN",116.97,"0160140379"]
[null,null,"REFLETOR EM ALUMÍNIO, ALETAS EM ALUMÍNIO, C"]
["0160140380","0380","LUMINÁRIA FLUOR 4X16W/220V , CORPO EM CHAPA DE AÇO, REFLETOR EM","UN",161.97,"0160140380"]
[null,null,"ALUMÍNIO, ALETAS EM ALUMÍNIO, COMPLE"]
["0160140381","0381","LUMINÁRIA FLUORESCENTE 4X16W/220V , CORPO EM CHAPA DE AÇO","UN",156.87,"0160140381"]
[null,null,"PINTADO EM BRANCO, REFLETOR EM ALUMÍNIO"]
["0160140382","0382","LUMINÁRIA PARA 2 LÂMPADAS FLUORESCENTES DE 32W COM GRAU DE","UN",139.55,"0160140382"]
[null,null,"PROTEÇÃO IP65"]
["0160140383","0383","LUVA 4\"","UN",25.24,"0160140383"]
["0160140384","0384","LUVA DE AÇO GALVANIZADO 1\"","UN",8.89,"0160140384"]
["0160140385","0385","LUVA P/ ELETRODUTO 3\"","UN",17.46,"0160140385"]
["0160140386","0386","MASTRO SIMPLES DE FERRO GALVANIZADO P/ PARA-RAIO H=3M COM D=40","UN",425.2,"0160140386"]
[null,null,"OU 50MM"]
["0160140387","0387","MENONITA SÓDICA MINERAL P/ ATERRAMENTO","KG",3.8,"0160140387"]
["0160140388","0388","NITROGÊNIO","M3",85.2,"0160140388"]
["0160140389","0389","ORGANIZADOR DE CABOS HORIZONTAIS COM ANÉIS (1U)","UN",33.13,"0160140389"]
["0160140390","0390","OXIGÊNIO","M3",85.2,"0160140390"]
["0160140391","0391","PARA-RAIO TIPO VCL 40KA-220V","UN",103.13,"0160140391"]
["0160140392","0392","PÁRA-RAIOS CLASSE 15KV-5KA - POLIMÉTRICO - PADRÃO COELCE","UN",215.11,"0160140392"]
["0160140393","0393","PARAFUSO AA 4,8 x 19MM","UN",8.27,"0160140393"]
["0160140394","0394","PARAFUSO CABEÇA CHATA EM ALUMÍNIO 1/4 POR 7/8","UN",9.2,"0160140394"]
["0160140395","0395","PARAFUSO CABEÇA LENTILHA AUTO-TRAVANTE DE 5/16\" POR 3/4\"","UN",8.7,"0160140395"]
["0160140396","0396","PARAFUSO COM FENDA EM AÇO INOX AUTOATARRACHANTE 4,2X32MM² (S-","UN",8.63,"0160140396"]
[null,"6)"]
[]
[null,"Página 101 de 120"]
[]
[]
[]
[]
[]
[null,"SECRETARIA MUNICIPAL DE INFRAESTRUTURA - SEINF"]
[null,"COORDENADORIA DE ELABORAÇÃO DE PROJETOS - CÉLULA DE ORÇAMENTO"]
[null,"Av. Dep. Paulino Rocha, 1343 - Cajazeiras     FORTALEZA-CE     CEP:60864-311     FONE: (85) 3105-1113"]
[null,"Email: seinf.edificacoes@fortaleza.ce.gov.br"]
[]
[null,null,"TABELA OFICIAL DO MUNICÍPIO"]
[{"$nulls":4},"Encargos Sociais: 83,84%"]
[null,null,"Relatório de Composições Sintético - COM DESONERAÇÃO"]
[null,null,"Mês de Coleta: 01/2014",null,"BDI: 0%"]
["Composição",null,"Descrição","Unidade","Preço","Composição"]
["0160140397","0397","PARAFUSO E BUCHA S10","PAR",9.14,"0160140397"]
["0160140398","0398","PARAFUSO E PORCA GAIOLA","UN",8.74,"0160140398"]
["0160140399","0399","PARAFUSO SEXTAVADO ALTO PERFURANTE 1/4 POR 7/8 - ECO SEAL","UN",8.98,"0160140399"]
["0160140400","0400","PARAFUSO SEXTAVADO COMPORCA E ARRUELA 1/4\" x 3/4\"","UN",1.19,"0160140400"]
["0160140401","0401","PARAFUSO ZINCADO COM PORCA E ARRUELA 3/8\" X1\"","UN",1.06,"0160140401"]
["0160140402","0402","PATCH CABLE CAT.6 (110 IDC / RJ45 - 2 PARES) - 1,5M","UN",21.91,"0160140402"]
["0160140403","0403","PATCH CABLE CAT.6 (RJ 45 / RJ45) - 1,5M","UN",9.81,"0160140403"]
["0160140404","0404","PATCH PANEL COM 24 PORTAS PARA CABEAMENTO HORIZONTAL (1U)  -","UN",155,"0160140404"]
[null,null,"FORN. E MONTAGEM"]
["0160140405","0405","PERFIL PWI","UN",9.61,"0160140405"]
["0160140406","0406","PERFILADO GALVANIZADO LISO COM TAMPA 38X38X600MM","UN",23.02,"0160140406"]
["0160140407","0407","PLACA COM FURO CENTRAL 4\"x2\" P/ CHUVEIRO","UN",11.41,"0160140407"]
["0160140408","0408","PLACA SAÍDA DE FIO 4\"x4\" P/ ANTENA TV","UN",6.95,"0160140408"]
["0160140409","0409","PLAFON COM LÂMPADA INCANDESCENTE 2X60W/220V-ABALUX","UN",41.47,"0160140409"]
["0160140410","0410","PLUG  PROLONGADOR (2P+T)-10A-250V","UN",18.11,"0160140410"]
["0160140411","0411","PLUG COM PRENSA CABO AJUSTÁVEL POR PARAFUSO, 2P+T - 15A, 250V","UN",2.13,"0160140411"]
["0160140412","0412","PLUG(2P+T)-10A - 250V","UN",17.21,"0160140412"]
["0160140413","0413","POÇO DE INSPEÇÃO DE TERRA TIPO SUSPENSA DE FERRO FUNDIDO","UN",250,"0160140413"]
[null,null,"GALVANIZADO COM TAMPA REMOVIVEL"]
["0160140414","0414","PONTO ELÉTRICO - MATERIAL E EXECUÇÃO","PT",113.04,"0160140414"]
["0160140415","0415","PONTO ELÉTRICO POPULAR - MATERIAL E EXECUÇÃO","UN",72.61,"0160140415"]
["0160140416","0416","PONTO LÓGICO - MATERIAL E EXECUÇÃO","PT",84.18,"0160140416"]
["0160140417","0417","PONTO LÓGICO COM 1 TOMADA COM CONECTOR RJ 45 (APARENTE)","UN",99.21,"0160140417"]
["0160140418","0418","PONTO LÓGICO COM 1 TOMADA COM CONECTOR RJ 45 (PISO)","UN",105.22,"0160140418"]
["0160140419","0419","PONTO LÓGICO COM 2 TOMADAS COM CONECTOR RJ 45 (EMBUTIDAS NA","UN",162.35,"0160140419"]
[null,null,"PAREDE OU APARENTE)"]
["0160140420","0420","PONTO P/ AR CONDICIONADO - MATERIAL E EXECUÇÃO","UN",77.31,"0160140420"]
["0160140421","0421","PONTO P/ SISTEMA DE SOM - MATERIAL E EXECUÇÃO","PT",180.9,"0160140421"]
["0160140422","0422","PONTO TELEFÔNICO - MATERIAL E EXCUÇÃO","PT",99.57,"0160140422"]
["0160140423","0423","PORCA E ARRUELA 1/4\"","UN",4.79,"0160140423"]
["0160140424","0424","PORCA SEXTAVADA DE 1/4","UN",0.1,"0160140424"]
["0160140425","0425","PORCA SEXTAVADA DE 5/16","UN",0.16,"0160140425"]
["0160140426","0426","POSTE DE CONCRETO DUPLO T 150/9 COM 3 BRAÇOS COM 3 LÂMPADAS","UN",1164.76,"0160140426"]
[null,null,"VAPOR DE SÓDIO 250W"]
["0160140427","0427","POSTE EM AÇO GALV FIX DE 1 LUM CILINDRICA DE FACHO ULTRA-CONC E","UN",501.93,"0160140427"]
[null,null,"REBATEDOR EM ALUMÍNIO ALTO BRILHO QU"]
["0160140428","0428","POSTE METALICO ALTURA DE MONTAGEM DE 10m COM TRES PROJETORES","UN",1730.43,"0160140428"]
[null,null,"COM LÂMPADA VAPOR DE METALICO 400W"]
["0160140429","0429","POSTE REDONDO EM CONCRETO ALTURA DE MONTAGEM DE 8m COM","UN",979.32,"0160140429"]
[null,null,"DUAS LUMINARIAS COM LÂMPADA VAPOR DE MERCURIO"]
["0160140430","0430","PRESILHAS PARA CABO DE COBRE DE 35MM²","UN",2.14,"0160140430"]
["0160140431","0431","PRESSOSTATO DE ÁGUA","UN",100,"0160140431"]
["0160140432","0432","PROJETOR COM LENTE NA COR AMBAR COM UMA LÂMPADA PAR 20 50W","UN",96.68,"0160140432"]
["0160140433","0433","PROJETOR DE LONGO ALCANCE, EM ALUMÍNIO FUNDIDO PINT. COM","UN",346.68,"0160140433"]
[null,null,"REFLETOR EM ALUMÍNIO ANODIZADO NATURAL DIFUS"]
["0160140434","0434","PROJETOR DE PEQUENO ALCANCE, TOTALMENTE EM ALUMÍNIO PINTADO,","UN",316.68,"0160140434"]
[null,null,"COM FIX. POR ESPETO, COM UMA LÂMPADA DE"]
["0160140435","0435","PROJETOR MULTIMÍDIA 3000 ANSI LÚMENS","UN",6977.2,"0160140435"]
["0160140436","0436","PROJETOR ORIENTÁVEL DE SOBREPOR UMA LÂMPADA DE VAPOR","UN",168.58,"0160140436"]
[null,"METÁLICO 150W-220V"]
[]
[null,"Página 102 de 120"]
[]
[]
[]
[]
[]
[null,"SECRETARIA MUNICIPAL DE INFRAESTRUTURA - SEINF"]
[null,"COORDENADORIA DE ELABORAÇÃO DE PROJETOS - CÉLULA DE ORÇAMENTO"]
[null,"Av. Dep. Paulino Rocha, 1343 - Cajazeiras     FORTALEZA-CE     CEP:60864-311     FONE: (85) 3105-1113"]
[null,"Email: seinf.edificacoes@fortaleza.ce.gov.br"]
[]
[null,null,"TABELA OFICIAL DO MUNICÍPIO"]
[{"$nulls":4},"Encargos Sociais: 83,84%"]
[null,null,"Relatório de Composições Sintético - COM DESONERAÇÃO"]
[null,null,"Mês de Coleta: 01/2014",null,"BDI: 0%"]
["Composição",null,"Descrição","Unidade","Preço","Composição"]
["0160140437","0437","PROJETOR PENDENTE, CORPO EM CHAPA DE AÇO TRATADA, PINT.","UN",306.68,"0160140437"]
[null,null,"BRANCA COM REFLETOR E REFRATOR EM ACRÍLICO TR"]
["0160140438","0438","PROTEÇÃO CORDOALHA PARA-RAIOS COM TUBO DE PVC RÍGIDO D=50MM","UN",55.33,"0160140438"]
[null,"(2\") X3.00M"]
["0160140439","0439","PROTEÇÃO PARA APARELHOS ELETRO-ELETRÔNICO CONTRA RAIOS","UN",126.5,"0160140439"]
["0160140440","0440","Q.T.A.-QUADRO DE TRANSFERÊNCIA AUTOMÁTICO PARA GERADOR","UN",4567.26,"0160140440"]
[null,null,"TRIFÁSICO DE 75KVA"]
["0160140441","0441","QB-INC QUADRO DE DISTRUBUIÇÃO PARCIAL, CONFORME DIAGRAMA","UN",385.19,"0160140441"]
[null,null,"UNIFILAR E ESPECIFICAÇÕES TÉCNICAS PARA ILU"]
["0160140442","0442","QDEQP-TE QUADRO DE DISTRUBUIÇÃO PARCIAL, CONFORME DIAGRAMA","UN",466.25,"0160140442"]
[null,null,"UNIFILAR E ESPECIFICAÇÕES TÉCNICAS PARA I"]
["0160140443","0443","QDG-AFT QUADRO DE DISTRUBUIÇÃO PARCIAL, CONFORME DIAGRAMA","UN",2001.6,"0160140443"]
[null,null,"UNIFILAR E ESPECIFICAÇÕES TÉCNICAS PARA IL"]
["0160140444","0444","QUADRO DE DISTRIBUIÇÃO DE LUZ DE EMBUTIR COMPLETO ATÉ 36","UN",828.68,"0160140444"]
[null,null,"CIRCUITOS COM BARRAMENTO"]
["0160140445","0445","QUADRO DE DISTRIBUIÇÃO DE LUZ DE SOBREPOR COMPLETO ATÉ 12","UN",567.83,"0160140445"]
[null,null,"CIRCUITOS COM BARRAMENTO"]
["0160140446","0446","RACK DE 19\" FECHADO COM VENTILAÇÃO COMPLETO DE 44UX800X800MM","UN",1647.8,"0160140446"]
["0160140447","0447","RACK PADRÃO 19\" PARA ACONDICIONAMENTO DOS DIMMERS","UN",1647.8,"0160140447"]
["0160140448","0448","RACK PADRÃO 19\"-32U","UN",436.61,"0160140448"]
["0160140449","0449","REBITE POP EAD 440","UN",4.76,"0160140449"]
["0160140450","0450","RÉGUA DE TOMADA 4 PONTOS","UN",27.7,"0160140450"]
["0160140451","0451","RÉGUA DE TOMADA 6 PONTOS (FORN. E MONTAGEM)","UN",96.8,"0160140451"]
["0160140452","0452","REGUA TIPO R1","UN",1667.39,"0160140452"]
["0160140453","0453","REGUA TIPO R2","UN",2365.09,"0160140453"]
["0160140454","0454","REGUA TIPO R3","UN",1623.79,"0160140454"]
["0160140455","0455","REGUA TIPO R4","UN",2365.09,"0160140455"]
["0160140456","0456","REGUA TIPO R5","UN",1601.98,"0160140456"]
["0160140457","0457","RÉGUAS COM OITO TOMADAS 2P+T","UN",41.95,"0160140457"]
["0160140458","0458","RELÓGIO DIGITAL EM LED ELETRÔNICO DUPLA FACE DE HORAS E","UN",6293.81,"0160140458"]
[null,null,"MINUTOS, COMUNICAÇÃO TCP-1P"]
["0160140459","0459","REPRODUTOR / GRAVADOR DE DVD","UN",849,"0160140459"]
["0160140460","0460","REPRODUTOR / GRAVADOR MD / CD","UN",1560,"0160140460"]
["0160140461","0461","REPRODUTOR DE DVD","UN",209.9,"0160140461"]
["0160140462","0462","REX TRIFÁSICO COM ROLDANAS","UN",42.63,"0160140462"]
["0160140463","0463","SAÍDA HORIZONTAL PARA ELETRODUTO 1.1/2\"EM ELETROCALHA","UN",7.86,"0160140463"]
["0160140464","0464","SAÍDA LATERAL DE ELETROCALHA P/ ELETRODUTO Ø 2\".","UN",17.18,"0160140464"]
["0160140465","0465","SAÍDA LATERAL DE ELETROCALHA P/ ELETRODUTO Ø1 1/4\".","UN",16.66,"0160140465"]
["0160140466","0466","SAÍDA LATERAL DE ELETROCALHA PARA ELETRODUTO 3/4\"","UN",15.85,"0160140466"]
["0160140467","0467","SAÍDA LATERAL DE LEITO P/ ELETRODUTO Ø 1 1/2\"","UN",8.19,"0160140467"]
["0160140468","0468","SAÍDA LATERAL DE LEITO P/ ELETRODUTO Ø 1 1/4\"","UN",8,"0160140468"]
["0160140469","0469","SAÍDA LATERAL DE LEITO P/ ELETRODUTO Ø 1\"","UN",8.36,"0160140469"]
["0160140470","0470","SAÍDA LATERAL DE LEITO P/ ELETRODUTO Ø 2 1/2\"","UN",9.99,"0160140470"]
["0160140471","0471","SAÍDA LATERAL DE LEITO P/ ELETRODUTO Ø 2\"","UN",9.63,"0160140471"]
["0160140472","0472","SAÍDA LATERAL DE LEITO P/ ELETRODUTO Ø 3\"","UN",11.01,"0160140472"]
["0160140473","0473","SAÍDA LATERAL DE LEITO P/ ELETRODUTO Ø 4\"","UN",11.49,"0160140473"]
["0160140474","0474","SAÍDA LATERAL SIMPLES Ø3/4\" - GALVANIZADO A FOGO","UN",6.61,"0160140474"]
["0160140475","0475","SAPATA INTERNA PARA PERFILADO 38x38MM- GALVANIZADO A FOGO","UN",14.23,"0160140475"]
["0160140476","0476","SELO PLÁSTICO","UN",10.55,"0160140476"]
["0160140477","0477","SENSOR DE TEMPERATURA PARA TRAFO DE ISOLAÇÃO","UN",336.07,"0160140477"]
[]
[null,"Página 103 de 120"]
[]
[]
[]
[]
[]
[null,"SECRETARIA MUNICIPAL DE INFRAESTRUTURA - SEINF"]
[null,"COORDENADORIA DE ELABORAÇÃO DE PROJETOS - CÉLULA DE ORÇAMENTO"]
[null,"Av. Dep. Paulino Rocha, 1343 - Cajazeiras     FORTALEZA-CE     CEP:60864-311     FONE: (85) 3105-1113"]
[null,"Email: seinf.edificacoes@fortaleza.ce.gov.br"]
[]
[null,null,"TABELA OFICIAL DO MUNICÍPIO"]
[{"$nulls":4},"Encargos Sociais: 83,84%"]
[null,null,"Relatório de Composições Sintético - COM DESONERAÇÃO"]
[null,"Mês de Coleta: 01/2014",null,null,"BDI: 0%"]
["Composição",null,"Descrição","Unidade","Preço","Composição"]
["0160140478","0478","SILICONE EM BISNAGA - 500GR","UN",13.51,"0160140478"]
["0160140479","0479","SINALEIRO DE PORTA COM LÂMPADA VERMELHA E VERDE","UN",119.92,"0160140479"]
["0160140480","0480","SISTEMA DE EXAUSTÃO EM PAREDE (FORN. E MONTAGEM)","UN",598.46,"0160140480"]
["0160140481","0481","SISTEMA DE SINALIZAÇÃO DE NÍVEL TIPO PÊRA PARA ACIONAMENTO DE","UN",372.9,"0160140481"]
[null,null,"CONJUNTO MOTO  BOMBA"]
["0160140482","0482","SOLDA DE ESTANHO","KG",50.33,"0160140482"]
["0160140483","0483","SOLDA EXOTÉRMICA P/ CABO DE COBRE","UN",24.59,"0160140483"]
["0160140484","0484","SOLDA EXOTÉRMICA TIPO \"L\"","UN",22.63,"0160140484"]
["0160140485","0485","SOLDA EXOTÉRMICA TIPO \"T\"","UN",28.58,"0160140485"]
["0160140486","0486","SOLDA EXOTÉRMICA TIPO \"X\"","UN",22.63,"0160140486"]
["0160140487","0487","SOLDA FOSCOPPER","KG",64.11,"0160140487"]
["0160140488","0488","SONDA DE MEDIÇÃO ELETRÔNICA DE TOPO COM EXTREMIDADE ROSCADA,","UN",1469.73,"0160140488"]
[null,null,"COM ACIONAMENTO P/ DOIS PONTOS DE LEITURA"]
["0160140489","0489","SOQUETE DE LOUÇA","UN",3.53,"0160140489"]
["0160140490","0490","SUPORTE DE SOLO EM ALUMÍNIO P/ EXTINTOR","UN",35,"0160140490"]
["0160140491","0491","SUPORTE DE TOMADAS PARA ELÉTRICA","UN",6.8,"0160140491"]
["0160140492","0492","SUPORTE HORIZONTAL 100X50","UN",2.92,"0160140492"]
["0160140493","0493","SUPORTE HORIZONTAL 50X50","UN",2.05,"0160140493"]
["0160140494","0494","SUPORTE HORIZONTAL PARA ELETROCALHA PERFURADA 100x50MM","UN",6.66,"0160140494"]
["0160140495","0495","SUPORTE P/ CONDENSADORES COM TUBO 3X3CM / 2X2CM (DIMENSÕES","UN",75,"0160140495"]
[null,null,"1,20X0,80X1,00M) (FORN. E MONTAGEM)"]
["0160140496","0496","SUPORTE P/ EQUIPAMENTO ALTO COM 1 TOMADA P/ CONECTOR RJ45","UN",28.1,"0160140496"]
["0160140497","0497","SUPORTE P/ EQUIPAMENTO ALTO COM 1 TOMADA P/ TELEFONE","UN",22.61,"0160140497"]
["0160140498","0498","SUPORTE P/ EQUIPAMENTO ALTO COM 2 TOMADAS P/ CONECTOR RJ45","UN",43.49,"0160140498"]
["0160140499","0499","SUPORTE P/ EQUIPAMENTO ALTO COM 2 TOMADAS P/ TELEFONE","UN",32.51,"0160140499"]
["0160140500","0500","SUPORTE P/ FIXAÇÃO DE EXTINTOR","UN",8.11,"0160140500"]
["0160140501","0501","SUPORTE PARA SINALIZADOR","UN",5.9,"0160140501"]
["0160140502","0502","TALA PARA ELETROCALHA GALVANIZADO LISA 150X50MM","UN",2.35,"0160140502"]
["0160140503","0503","TALA PARA ELETROCALHA GALVANIZADO LISA 200X50MM","UN",3.88,"0160140503"]
["0160140504","0504","TALA PARA ELETROCALHA GALVANIZADO LISA 50X50MM","UN",1.95,"0160140504"]
["0160140505","0505","TALA PARA ELETROCALHA LISA 100X50MM","UN",2.25,"0160140505"]
["0160140506","0506","TAMPA CEGA PARA CONDULETE DE Ø3\"","UN",29.54,"0160140506"]
["0160140507","0507","TAMPA CEGA PARA CONDULETE DE Ø3/4\"","UN",24.29,"0160140507"]
["0160140508","0508","TAMPA CEGA PARA EXPANSÃO FUTURA EM RACK - 1U","UN",56.93,"0160140508"]
["0160140509","0509","TAMPA CEGA PARA EXPANSÃO FUTURA EM RACK - 2U","UN",86.01,"0160140509"]
["0160140510","0510","TAMPA E TOMADA 2P+T UNIVERSAL REDONDA","UN",32.5,"0160140510"]
["0160140511","0511","TAMPÃO EM FERRO FUNDIDO COM INSCRIÇÃO INCÊNDIO PARA HIDRANTES","UN",156.14,"0160140511"]
[null,"DE PASSEIO"]
["0160140512","0512","TAMPÃO PARA SUPORTES DE TOMADAS ELÉTRICAS REF. 149-25","UN",142.34,"0160140512"]
["0160140513","0513","TAMPÃO PARA SUPORTES DE TOMADAS PARA RJ 45 REF. 149-21","UN",142.34,"0160140513"]
["0160140514","0514","TAMPO E QUADRO EM FERRO FUNDIDO PARA HIDRANTE DE RECALQUE","UN",394.61,"0160140514"]
["0160140515","0515","TÊ HORIZONTAL 90º 150X50MM PARA ELETROCALHA GALVANIZADA","UN",50.42,"0160140515"]
["0160140516","0516","TÊ HORIZONTAL 90º 200X50MM PARA ELETROCALHA GALVANIZADA","UN",39.42,"0160140516"]
["0160140517","0517","TÊ HORIZONTAL 90º 50X50MM PARA ELETROCALHA GALVANIZADA","UN",35.42,"0160140517"]
["0160140518","0518","TÊ HORIZONTAL P/ LEITO DE CABOS DO TIPO MÉDIO, 400 X 75MM, EM AÇO","UN",72.38,"0160140518"]
[null,null,"CARBONO GALVANIZADO ELETROLÍTICO,"]
["0160140519","0519","TÊ HORIZONTAL P/ LEITO DE CABOS DO TIPO PESADO,1000 X 100MM, EM","UN",591.83,"0160140519"]
[null,null,"AÇO CARBONO GALVANIZADO ELETROLÍTICO"]
["0160140520","0520","TÊ HORIZONTAL P/ LEITO DE CABOS DO TIPO STANDARD, 500 X 100MM, EM","UN",92.22,"0160140520"]
[null,"AÇO CARBONO GALVANIZADO ELETROLÍTI"]
[]
[null,"Página 104 de 120"]
[]
[]
[]
[]
[]
[null,"SECRETARIA MUNICIPAL DE INFRAESTRUTURA - SEINF"]
[null,"COORDENADORIA DE ELABORAÇÃO DE PROJETOS - CÉLULA DE ORÇAMENTO"]
[null,"Av. Dep. Paulino Rocha, 1343 - Cajazeiras     FORTALEZA-CE     CEP:60864-311     FONE: (85) 3105-1113"]
[null,"Email: seinf.edificacoes@fortaleza.ce.gov.br"]
[]
[null,null,"TABELA OFICIAL DO MUNICÍPIO"]
[{"$nulls":4},"Encargos Sociais: 83,84%"]
[null,null,"Relatório de Composições Sintético - COM DESONERAÇÃO"]
[null,null,"Mês de Coleta: 01/2014",null,"BDI: 0%"]
["Composição",null,"Descrição","Unidade","Preço","Composição"]
["0160140521","0521","TÊ HORIZONTAL P/ LEITO DE CABOS DO TIPO STANDARD, 600 X 100MM, EM","UN",101.87,"0160140521"]
[null,null,"AÇO CARBONO GALVANIZADO ELETROLÍTI"]
["0160140522","0522","TELA DE PROJEÇÃO 315\" MOTORIZADA","M2",6970.8,"0160140522"]
["0160140523","0523","TELA PROJEÇÃO ELÉTRICA 250\"","M2",5760.88,"0160140523"]
["0160140524","0524","TELAS EM MALHA METÁLICAS (5X5MM) PARA PROTEÇÃO","M2",9.2,"0160140524"]
["0160140525","0525","TERMINAL AÉREO EM AÇO GALVANIZADO A FOGO H=600MMX3/8\" COM","UN",13.74,"0160140525"]
[null,null,"FIXAÇÃO HORIZONTAL SEM BANDEIRINHA"]
["0160140526","0526","TERMINAL DE FECHAMENTO LISO P/ ELETROCALHA PERFURADA 75X50MM","UN",9.11,"0160140526"]
["0160140527","0527","TERMINAL DE VENTILAÇÃO D=50MM","UN",5.33,"0160140527"]
["0160140528","0528","TERMINAL DE VENTILAÇÃO D=75MM","UN",5.28,"0160140528"]
["0160140529","0529","TERMINAL TERMO CONTRÁTIL CL15KVA. FORN. E INSTALAÇÃO","UN",369.1,"0160140529"]
["0160140530","0530","TIRO COMPLETO 1/4\"","UN",3,"0160140530"]
["0160140531","0531","TOMADA ( 2 P+T) 16 A-220V,BLINDADA DE EMBUTIER, USO INDUSTRIAL ,","UN",120.17,"0160140531"]
[null,null,"GRAU DE PROTEÇÃO IP 67, COM CAIXA"]
["0160140532","0532","TOMADA ( 2 P+T) 32 A-220V,BLINDADA DE EMBUTIER, USO INDUSTRIAL ,","UN",125.4,"0160140532"]
[null,null,"GRAU DE PROTEÇÃO IP 67, COM CAIXA"]
["0160140533","0533","TOMADA (2P + T) - 30A - 125/250V, COM PLACA, (RAIO X PORTÁTIL)","UN",40.3,"0160140533"]
["0160140534","0534","TOMADA A PROVA DE TEMPO MOD. AQUÁTICO PIAL (COM CX. 4X2\")","UN",54.27,"0160140534"]
["0160140535","0535","TOMADA BLINDADA 1 GHz CONECTOR \"F\" 4 dB","UN",12.25,"0160140535"]
["0160140536","0536","TOMADA DE AR EXTERNO MODELO VDF-711 COMFILTRO,697x897MM","UN",54.16,"0160140536"]
["0160140537","0537","TOMADA JACK RJ11 CATEGORIA 5E UNIVERSAL","UN",18.42,"0160140537"]
["0160140538","0538","TOMADA JACK RJ45 CATEGORIA 5E UNIVERSAL EM CAIXA 4\"X 2\"","UN",24.96,"0160140538"]
["0160140539","0539","TOMADA P/ LÓGICA EM CAIXA 4\"x4\" - COM 1 TOMADA RJ45 CAT. 5E","UN",13.74,"0160140539"]
["0160140540","0540","TOMADA P/ TELEFONE EM CAIXA 4\"x2\" - COM TOMADA RJ11","UN",9.47,"0160140540"]
["0160140541","0541","TOMADA UNIVERSAL 2P+T - 127V EM CX. 4\"x4\" ALTA P/ PISO - COMPLETA","UN",33.43,"0160140541"]
["0160140542","0542","TOMADA UNIVERSAL 2P+T - 220V EM CX. 4\"x4\" - COMPLETA","UN",30.76,"0160140542"]
["0160140543","0543","TOMADA UNIVERSAL DUPLA 2P+T - 220V EM CONDULETE - COMPLETA","UN",17.81,"0160140543"]
["0160140544","0544","TOMADA UNIVERSAL DUPLA 2P+T - 220V EM CX. 4\"x2\" - COMPLETA","UN",16.27,"0160140544"]
["0160140545","0545","TRANSFORMADOR À SECO 500kVA-3F - 13,8kV-480V, FORN. E MONTAGEM","UN",32727.14,"0160140545"]
["0160140546","0546","TRANSFORMADOR A SECO 75 KVA - 13,8 KVA - 220/127V - TRIFÁSICO. FORN.","UN",7882.78,"0160140546"]
[null,"E INSTALAÇÃO"]
["0160140547","0547","TRANSFORMADOR DE CORRENTE MODELO STW2. FORN. E INSTALAÇÃO","UN",365.73,"0160140547"]
["0160140548","0548","TRANSFORMADOR DE MEDIDA DE 35MM DE DIÂMETRO COM SENSIBILIDADE","UN",1602.83,"0160140548"]
[null,"PARA 0,5mA"]
["0160140549","0549","TRANSFORMADOR DE SEPARAÇÃO À SECO, TRIFÁSICO, MONTADO EM","UN",3869.28,"0160140549"]
[null,null,"CAIXA COM TAP CENTRAL ,10 KVA - 220/220-127"]
["0160140550","0550","TRANSFORMADOR TRIFÁSICO 300KVA-13.8KV-220/380V - PADRÃO COELCE","UN",24113.68,"0160140550"]
["0160140551","0551","TRILHO COM PROJETOR ORIENTAL EM ALUMÍNIO INJETADO E CONTROLE","UN",330,"0160140551"]
[null,null,"DE OFUSCAMENTO FORN. E MONTAGEM"]
["0160140552","0552","VERGALHÃO ROSCADO D=1/4\"","UN",10.13,"0160140552"]
[null,null,"015     SubGrupo:      SERVIÇOS AUXIL. DE TELEFONIA, SOM, LÓGICA E SIST. DE CONTROLE"]
["0160150001",null,"0001 ACIONADOR MANUAL EM ABS ENDEREÇÁVEL EM CX. 4X4\" C/ SIRENE TIPO","UN",92.68,"0160150001"]
[null,null,"(QUEBRE O VIDRO)"]
["0160150002",null,"0002 BANDEJA FIXA DE 300MM 1U PADRÃO 19\"","UN",89.35,"0160150002"]
["0160150003",null,"0003 BLOCO DE CONFECÇÃO 110-IDC 100 PARES P/ SOBREPOR QDT","UN",99.79,"0160150003"]
["0160150004",null,"0004 BLOCO IDC 110 P/ RACK 19\" 100 PARES","UN",259.25,"0160150004"]
["0160150005",null,"0005 CABO BLINDADO TRANÇADO C/ FIO DRENO 105°C P/SISTEMA DE DETECÇÃO","M",5.95,"0160150005"]
[null,null,"DE INCÊNDIO 3X1MM2"]
["0160150006",null,"0006 CABO DE FIBRA ÓTICA 4F MULTIMODO","M",13.61,"0160150006"]
["0160150007",null,"0007 CABO P/ JUMPER BCO/VM","M",3.17,"0160150007"]
[]
[null,"Página 105 de 120"]
[]
[]
[]
[]
[]
[null,"SECRETARIA MUNICIPAL DE INFRAESTRUTURA - SEINF"]
[null,"COORDENADORIA DE ELABORAÇÃO DE PROJETOS - CÉLULA DE ORÇAMENTO"]
[null,"Av. Dep. Paulino Rocha, 1343 - Cajazeiras     FORTALEZA-CE     CEP:60864-311     FONE: (85) 3105-1113"]
[null,"Email: seinf.edificacoes@fortaleza.ce.gov.br"]
[]
[null,null,"TABELA OFICIAL DO MUNICÍPIO"]
[{"$nulls":4},"Encargos Sociais: 83,84%"]
[null,null,"Relatório de Composições Sintético - COM DESONERAÇÃO"]
[null,"Mês de Coleta: 01/2014",null,null,"BDI: 0%"]
["Composição",null,"Descrição","Unidade","Preço","Composição"]
["0160150008","0008","CABO P/ JUMPER PTO/LR","M",2.26,"0160150008"]
["0160150009","0009","CABO VGAS/VGARGB BLINDADO","M",15.28,"0160150009"]
["0160150010","0010","CAIXA DE PROTEÇÃO EM ALUMÍNIO ANODIZADO P/ MINI CÂMERA","UN",25.45,"0160150010"]
["0160150011","0011","CÂMERA FIXA INFRA P/ 25MTS 420L, FONTE 12V 500MA - INSTALADA E","UN",301.89,"0160150011"]
[null,"PROGRAMADA"]
["0160150012","0012","CHASSIS PARA CONVERSOR DE MÍDIA - GT802S","UN",2376.05,"0160150012"]
["0160150013","0013","CONECTOR BNC MACHO SOLDÁVEL","UN",7.32,"0160150013"]
["0160150014","0014","CONECTOR FÊMEA RJ-45 (M8V) - CAT 6","UN",17.02,"0160150014"]
["0160150015","0015","CONECTOR RCA MACHO SOLDÁVEL","UN",7.32,"0160150015"]
["0160150016","0016","CONECTOR VGA/SVGA DB-15","UN",26.5,"0160150016"]
["0160150017","0017","CONVERSOR BALUN (EMISSOR/RECEPTOR) COAXIAL/UTP, CX. DE","UN",659.15,"0160150017"]
[null,null,"PROTEÇÃO E FONTE DE ALIMENTAÇÃO-INSTAL./PROGR"]
["0160150018","0018","CONVERSOR BALUN PASSIVO COAXIAL DE VÍDEO E DADOS, ALIMENTAÇÃO","UN",73.03,"0160150018"]
[null,"24VCA/12V"]
["0160150019","0019","CONVERSOR BALUN PASSIVO COAXIAL/UTP 300M","UN",59.82,"0160150019"]
["0160150020","0020","CONVERSOR DE MÍDIA FO(SC)/UTP(RJ45) 10/100MBPS","UN",301.99,"0160150020"]
["0160150021","0021","CONVERSOR DE MÍDIA PARA CHASSIS - GT802S","UN",706.25,"0160150021"]
["0160150022","0022","DETECTOR DE ABERTURA DE PORTA (SENSOR MAGNÉTICO)","UN",30.8,"0160150022"]
["0160150023","0023","DG TELEFÔNICO 1,20X1,20X13,50M C/ BLOCOS, ATERRAMENTOS E","UN",1134.68,"0160150023"]
[null,null,"ACESSÓRIOS (MONTADO E INSTALADO)"]
["0160150024","0024","DISTRIBUIDOR DE VÍDEO VGA/RGB 2 SAÍDAS","UN",296.83,"0160150024"]
["0160150025","0025","ESTAÇÃO DE GERENCIAMENTO DE IMAGENS (CPU, MOUSE, TECLADO,","UN",2746.83,"0160150025"]
[null,null,"CX.SOM+SOFTWARE DEDICADO)-INSTAL. E PROGRA"]
["0160150026","0026","FONTE P/ CÂMERA 24V 1000MA ESTABILIZADA CHAVEADA","UN",70.54,"0160150026"]
["0160150027","0027","GRAVADOR DVR STANDALONE 16CANAIS TCP/IP 480/480FPS PTZ, HD 1TB,","UN",7901.31,"0160150027"]
[null,null,"SAÍDAS VÍDEO VGA E SPOT, WEB BROWSER"]
["0160150028","0028","INSTALAÇÃO, CONFIGURAÇÃO E TESTE DE SISTEMA DE DETECÇÃO DE","UN",2080,"0160150028"]
[null,null,"INCÊNDIO S/ AQUISIÇÃO (SERVIÇO EMPREITADO"]
["0160150029","0029","MINI CÂMERA DE VÍDEO CCD 420L COLOR DAY/NIGHT FONTE 12V 500MA -","UN",201.89,"0160150029"]
[null,null,"INSTALADA E PROGRAMADA"]
["0160150030","0030","MINI-DOME ACRÍLICO 3\"","UN",38.5,"0160150030"]
["0160150031","0031","MÓDULO ISOLADOR 1000 VA","UN",187.58,"0160150031"]
["0160150032","0032","MONITOR DE TEMPERATURA E UMIDADE P/ CPD, C/ DISCADOR, DISPLAY","UN",3331.74,"0160150032"]
[null,null,"21,5X9,5CM VISIB. 20M-INST./PROGRAMADO"]
["0160150033","0033","MONITOR DE VÍDEO LCD 15\" C/ SUPORTE UNIVERSAL P/ TV LCD 14\" A 71\"","UN",371.23,"0160150033"]
["0160150034","0034","MONITOR DE VÍDEO LCD 32\" HDTV C/ SUPORTE UNIVERSAL P/ TV LCD 14\" A","UN",1575.89,"0160150034"]
[null,"71\""]
["0160150035","0035","NO BREAK 2000VA ENTRADA AUTO SAÍDA 115V","UN",1907.89,"0160150035"]
["0160150036","0036","ORGANIZADOR HORIZONTAL DE CABOS PADRÃO 19\"","UN",38.68,"0160150036"]
["0160150037","0037","PAINEL DE DISTRIBUIÇÃO DC P/ 24 CÂMERAS","UN",1384.99,"0160150037"]
["0160150038","0038","PAINEL IDC C/ 2 BLOCOS (100 PARES) PADRÃO 19\" X 4US, COMPLETO","UN",114.95,"0160150038"]
["0160150039","0039","PATCH CABLE CAT.6 RJ45/RJ45 4 PARES - 1,5M","UN",10.95,"0160150039"]
["0160150040","0040","PATCH CABLE IDC/IDC CAT. 5E - 4 PARES 1,5M AZ","UN",43.75,"0160150040"]
["0160150041","0041","PATCH CABLE IDC/RJ45 CAT. 5 AZ 2,5M","UN",17.29,"0160150041"]
["0160150042","0042","PATCH CABLE IDC/RJ45 CAT. 5E - 4PARES 1,5M AZ","UN",34.87,"0160150042"]
["0160150043","0043","PATCH CABLE IDC/RJ45 CAT. 6 VM 2,5M","UN",37.23,"0160150043"]
["0160150044","0044","PATCH CORD COAXIAL BNC/BNC DE 1,5M","UN",19.25,"0160150044"]
["0160150045","0045","PATCH PANEL 48 PORTAS CATEGORIA 5E - UTP 4 PARES","UN",564.99,"0160150045"]
["0160150046","0046","PATCH PANEL 48 PORTAS CATEGORIA 6 - UTP 4 PARES","UN",1078.99,"0160150046"]
["0160150047","0047","PATCH PANEL COM 24 PORTAS PARA CABEAMENTO HORIZONTAL (1U)  -","UN",155,"0160150047"]
[null,"FORNECIMENTO E MONTAGEM"]
[]
[null,"Página 106 de 120"]
[]
[]
[]
[]
[]
[null,"SECRETARIA MUNICIPAL DE INFRAESTRUTURA - SEINF"]
[null,"COORDENADORIA DE ELABORAÇÃO DE PROJETOS - CÉLULA DE ORÇAMENTO"]
[null,"Av. Dep. Paulino Rocha, 1343 - Cajazeiras     FORTALEZA-CE     CEP:60864-311     FONE: (85) 3105-1113"]
[null,"Email: seinf.edificacoes@fortaleza.ce.gov.br"]
[]
[null,null,"TABELA OFICIAL DO MUNICÍPIO"]
[{"$nulls":4},"Encargos Sociais: 83,84%"]
[null,null,"Relatório de Composições Sintético - COM DESONERAÇÃO"]
[null,null,"Mês de Coleta: 01/2014",null,"BDI: 0%"]
["Composição",null,"Descrição","Unidade","Preço","Composição"]
["0160150048","0048","PLACA DE VÍDEO PCI-EXPRESS","UN",200.99,"0160150048"]
["0160150049","0049","PONTO DE SONORIZAÇÃO AMBIENTE C/ CONTROLE DE VOLUME","UN",172.56,"0160150049"]
["0160150050","0050","PROLONGADOR DE SUSPENSÃO 25 D=1/4\"X50MM","UN",6.76,"0160150050"]
["0160150051","0051","RACK FECHADO P/ GABINETE 12 X 19\"","UN",406.61,"0160150051"]
["0160150052","0052","RACK FECHADO P/ GABINETE 24 X 19\"","UN",1494.29,"0160150052"]
["0160150053","0053","RÉGUA C/ 08 TOMADAS ELÉTRICAS, PADRÃO RACK 19\" - INSTALADA","UN",79.55,"0160150053"]
["0160150054","0054","SENSOR DE INTRUSÃO (PRESENÇA) INFRA VERMELHO","UN",81.99,"0160150054"]
["0160150055","0055","SERVER SWITCH 4P MOU/TEC/MON-PS2","UN",224.49,"0160150055"]
["0160150056","0056","SINALIZADOR AUDIO VISUAL C/ CAMPAINHA E STROBO - INSTALADO E","UN",246.5,"0160150056"]
[null,"PROGRAMADO"]
["0160150057","0057","SISTEMA DE CONTROLE DE ACESSO AO ESTÁDIO PRESIDENTE VARGAS,","UN",1402500.89,"0160150057"]
[null,null,"COMPLETO (FORNECIMENTO E INSTALAÇÃO)"]
["0160150058","0058","SISTEMA DE PLACAR ELETRÔNICO DO ESTÁDIO PRESIDENTE VARGAS,","UN",360908.7,"0160150058"]
[null,null,"COMPLETO (FORNECIMENTO E INSTALAÇÃO)"]
["0160150059","0059","SWITCH 16P RJ 10/100/1000 12P-FO","UN",10062.15,"0160150059"]
["0160150060","0060","SWITCH 24P RJ 10/100/1000 + 02P FO, 19\" 1U","UN",2431.49,"0160150060"]
["0160150061","0061","SWITCH DE 24 PORTAS","UN",204.49,"0160150061"]
["0160150062","0062","TAMPA CEGA DE 2X4\" EM POLICARBONATO","UN",4.05,"0160150062"]
["0160150063","0063","CONDICIONADOR DE AR SELF CONTAINED REFRIGERAÇÃO A AR CAP. 10TR","UN",20436.67,"0160150063"]
[null,null,"TRIF. 380V/60HZ (FORN. E INSTALAÇÃO)"]
["0160150064","0064","CONDICIONADOR DE AR SELF CONTAINED REFRIGERAÇÃO A AR CAP. 15TR","UN",26418,"0160150064"]
[null,null,"TRIF. 380V/60HZ (FORN. E INSTALAÇÃO)"]
["0160150065","0065","EXAUSTOR EÓLICO COM BASE EM CHAPA GALVANIZADA P/ TELHA DE","UN",171,"0160150065"]
[null,null,"FRBROCIMENTO ONDULADA (FORN. E MONTAGEM)"]
[null,null,"017     Grupo:      PINTURAS"]
[null,null,"001     SubGrupo:      PINTURA DE PAREDES E FORROS"]
["0170010001",null,"0001 CAIAÇÃO EM MEIO FIO 2 DEMÃOS COM SUPERCAL","M",0.54,"0170010001"]
["0170010002",null,"0002 CONFECÇÃO E PINTURA DE PICTOGRAMA (0,20X0,20)M P/ IDENTIFICAÇÃO","UN",27.5,"0170010002"]
[null,null,"DE SANITÁRIOS MASC./FEM."]
["0170010003",null,"0003 EMASSAMENTO EM FORRO 2 DEMÃOS COM MASSA DE PVA","M2",8.6,"0170010003"]
["0170010004",null,"0004 EMASSAMENTO EM PAREDE EXTERNAS 2 DEMÃOS COM MASSA ACRÍLICA","M2",9.75,"0170010004"]
["0170010005",null,"0005 EMASSAMENTO EM PAREDES 2 DEMÃOS COM MASSA A ÓLEO","M2",11.59,"0170010005"]
["0170010006",null,"0006 EMASSAMENTO EM PAREDES 2 DEMÃOS COM MASSA DE PVA","M2",7.85,"0170010006"]
["0170010007",null,"0007 LATEX ACRÍLICO 2 DEMÃOS EM FORRO (S/ MASSA)","M2",12.37,"0170010007"]
["0170010008",null,"0008 LATEX ACRILICO 2 DEMÃOS EM PAREDES (S/ MASSA)","M2",11.2,"0170010008"]
["0170010009",null,"0009 LATEX CONCRETINA 2 DEMÃOS","M2",9.91,"0170010009"]
["0170010010",null,"0010 LATEX PVA 2 DEMÃOS EM FORRO (S/ MASSA)","M2",10.51,"0170010010"]
["0170010011",null,"0011 LATEX PVA 2 DEMÃOS EM PAREDES (S/ MASSA)","M2",9.74,"0170010011"]
["0170010012",null,"0012 LATEX PVA 3 DEMÃOS EM PAREDES (S/ MASSA)","M2",12.58,"0170010012"]
["0170010013",null,"0013 LETREIRO COM LETRA EM CAIXA DE ZINCO H = 20 CM INCL. PINTURA","UN",39.92,"0170010013"]
[null,"(COLOCADA)"]
["0170010014",null,"0014 LIQUIBRILHO 2 DEMÃOS SOBRE PINTURAS","M2",7.15,"0170010014"]
["0170010015",null,"0015 PINTURA ANTI-PICHAÇÃO (PAREDES E OU REVESTIMENTOS)","M2",59.13,"0170010015"]
["0170010016",null,"0016 PINTURA DE BARREIRAS COM NATA DE CIMENTO","M2",4.4,"0170010016"]
["0170010017",null,"0017 PINTURA DE LOGOMARCA - CASA BRASIL","M2",94.5,"0170010017"]
["0170010018",null,"0018 PINTURA DE QUADRO VERDE / NEGRO","M2",19.22,"0170010018"]
[]
[null,"Página 107 de 120"]
[]
[]
[]
[]
[]
[null,"SECRETARIA MUNICIPAL DE INFRAESTRUTURA - SEINF"]
[null,"COORDENADORIA DE ELABORAÇÃO DE PROJETOS - CÉLULA DE ORÇAMENTO"]
[null,"Av. Dep. Paulino Rocha, 1343 - Cajazeiras     FORTALEZA-CE     CEP:60864-311     FONE: (85) 3105-1113"]
[null,"Email: seinf.edificacoes@fortaleza.ce.gov.br"]
[]
[null,null,"TABELA OFICIAL DO MUNICÍPIO"]
[{"$nulls":4},"Encargos Sociais: 83,84%"]
[null,null,"Relatório de Composições Sintético - COM DESONERAÇÃO"]
[null,null,"Mês de Coleta: 01/2014",null,"BDI: 0%"]
["Composição",null,"Descrição","Unidade","Preço","Composição"]
["0170010019","0019","PINTURA EPÓXI DUAS DEMÃOS EM PAREDES EXTERNA, INCL.","M2",50.29,"0170010019"]
[null,null,"EMASSAMENTO E LIXAMENTO"]
["0170010020","0020","PINTURA EPÓXI DUAS DEMÃOS EM PAREDES INTERNA, INCL.","M2",76.22,"0170010020"]
[null,null,"EMASSAMENTO E LIXAMENTO"]
["0170010021","0021","PINTURA ESMALTE CERÂMICO SOBRE ALVENARIA OU REVESTIMENTO","M2",10.74,"0170010021"]
["0170010022","0022","PINTURA LATEX DE FAIXA COM ELEMENTOS MODULARES","M2",15.75,"0170010022"]
["0170010023","0023","PINTURA LOGOMARCA DA CAGECE - PROJETO PADRÃO","UN",133.33,"0170010023"]
["0170010024","0024","PINTURA LOGOMARCA DA PREFEITURA - PROJETO PADRÃO","M2",22.88,"0170010024"]
[null,null,"REVESTIMENTO ISOLANTE TÉRMICO REFLETIVO COM BASE EM EMULSÃO"]
["0170010025","0025","ACRÍLICA (DUAS DEMÃOS) E ESPESSURA DA CAMADA DE 0,25 MM (SECA)","M2",35.42,"0170010025"]
[null,null,"APLICADA COM ROLO - REF.: NANOTHERMIC1 OU SIMILAR"]
["0170010026","0026","SILICONE 1 DEMÃO EM PAREDES DE TIJOLO CERÂMICO / CONCRETO","M2",9.36,"0170010026"]
["0170010027","0027","SILICONE 1 DEMÃO EM PAREDES DE TIJOLO MACIÇO","M2",14.01,"0170010027"]
["0170010028","0028","TEXTURA ACRÍLICA 1 DEMÃO EM PAREDES","M2",11.9,"0170010028"]
["0170010029","0029","TINTA A ÓLEO EM PAREDES 2 DEMÃOS (S/MASSA)","M2",10.69,"0170010029"]
["0170010030","0030","TINTA MINERAL EM PÓ 3 DEMÃOS EM PAREDES (CAIAÇÃO)","M2",6.53,"0170010030"]
["0170010031","0031","TINTA MINERAL EM PÓ 3 DEMÃOS EM TETO (CAIAÇÃO)","M2",8.07,"0170010031"]
["0170010032","0032","TRINCHA # 2 1/2\"","UN",5.15,"0170010032"]
["0170010033","0033","VERNIZ ACRÍLICO 2 DEMÃOS EM PAREDES DE CONCRETO","M2",8.89,"0170010033"]
[null,null,"002     SubGrupo:      PINTURA DE PISOS"]
["0170020001",null,"0001 DEMARCAÇÃO DE QUADRA ESPORTIVA À BASE DE EMULSÃO ACRÍLICA","M",12.58,"0170020001"]
["0170020002",null,"0002 DEMARCAÇÃO EM PISO À BASE DE EMULSÃO ACRÍLICA","M",12.58,"0170020002"]
["0170020003",null,"0003 PINTURA EM MADEIRA COM VERNIZ INCOLOR NAVAL A BASE DE RESINA","M2",9.1,"0170020003"]
[null,null,"ALQUÍDICA COM POLIURETANO, COM 2 DEMÃOS"]
["0170020004",null,"0004 PINTURA ESPECIAL PARA PISO - VAGA DESTINADA A PORTADORES DE","M2",15.41,"0170020004"]
[null,null,"DEFICIENCIA"]
["0170020005",null,"0005 PINTURA P/MARCAÇÃO DE PISO À BASE ACRíLICA","M2",6.82,"0170020005"]
["0170020006",null,"0006 REVESTIMENTO COLORIDO TEXTURIZADO PARA CICLOVIAS","M2",34.27,"0170020006"]
["0170020007",null,"0007 REVESTIMENTO PLÁSTICO DE ALTA RESISTÊNCIA P/ TRÁFEGO","M2",52.27,"0170020007"]
[null,null,"003     SubGrupo:      PINTURA DE MADEIRAS E SUPERFÍCIES METÁLICAS"]
["0170030001",null,"0001 APARELHAMENTO COM NEUTREX","M2",4.88,"0170030001"]
["0170030002",null,"0002 APLICAÇÃO DE CROMATO DE ZINCO 2 DEMÃOS EM ESQUADRIAS DE FERRO","M2",15.82,"0170030002"]
["0170030003",null,"0003 APLICAÇÃO DE FUNDO SELADOR À BASE DE EPÓXI-50 MICRÔMETROS DE","M2",12.93,"0170030003"]
[null,null,"PELÍCULA FINAL SECA (UMA DEMÃO)"]
["0170030004",null,"0004 APLICAÇÃO DE TINTA À BASE DE EPOXI MODIFICADO - 100 A 120","M2",18.12,"0170030004"]
[null,null,"MICROMETROS (UMA DEMÃO)"]
["0170030005",null,"0005 APLICAÇÃO DE TINTA DE ACABAMENTO À BASE DE POLIURETANO","M2",38.98,"0170030005"]
[null,null,"ALIFÁTICO - 100 MICROMETROS/DEMÃO (2 DEMÃO)"]
["0170030006",null,"0006 APLICAÇÃO DE TINTA DE ACABAMENTO À BASE DE POLIURETANO","M2",16.52,"0170030006"]
[null,null,"ALIFÁTICO - 40 MICROMETROS DE PELÍCULA SECA"]
["0170030007",null,"0007 APLICAÇÃO DE TINTA INTERMEDIÁRIA À BASE DE EPOXI MODIFICADO - 130","M2",11.5,"0170030007"]
[null,null,"A 150 MICROMETROS (UMA DEMÃO)"]
["0170030008",null,"0008 APLICAÇÃO DE TINTA INTERMEDIÁRIA À BASE DE EPOXI POLIAMIDA - 100 A","M2",22.31,"0170030008"]
[null,null,"120 MICROMETROS PELÍCULA SECA"]
["0170030009",null,"0009 APLICAÇÃO DE ZARCÃO MARÍTIMO EM SUPERFÍCIE METALICA","M2",12.19,"0170030009"]
["0170030010",null,"0010 EMASSAMENTO DE ESQUADRIAS DE MADEIRA 2 DEMÃOS P/ TINTA ÓLEO","M2",16.61,"0170030010"]
[null,null,"OU ESMALTE"]
["0170030011",null,"0011 ESMALTE 2 DEMÃOS EM SUPERFÍCIE DE MADEIRA","M2",16.46,"0170030011"]
["0170030012",null,"0012 ESMALTE 2 DEMÃOS, TIPO AUTOMOTIVA, EM SUPERFÍCIE METÁLICAS","M2",29.97,"0170030012"]
[]
[null,"Página 108 de 120"]
[]
[]
[]
[]
[]
[null,"SECRETARIA MUNICIPAL DE INFRAESTRUTURA - SEINF"]
[null,"COORDENADORIA DE ELABORAÇÃO DE PROJETOS - CÉLULA DE ORÇAMENTO"]
[null,"Av. Dep. Paulino Rocha, 1343 - Cajazeiras     FORTALEZA-CE     CEP:60864-311     FONE: (85) 3105-1113"]
[null,"Email: seinf.edificacoes@fortaleza.ce.gov.br"]
[]
[null,null,"TABELA OFICIAL DO MUNICÍPIO"]
[{"$nulls":4},"Encargos Sociais: 83,84%"]
[null,null,"Relatório de Composições Sintético - COM DESONERAÇÃO"]
[null,"Mês de Coleta: 01/2014",null,null,"BDI: 0%"]
["Composição",null,"Descrição","Unidade","Preço","Composição"]
["0170030013","0013","ESMALTE 2 DEMÃOS, TIPO AUTOMOTIVA, EM SUPERFÍCIES DE MADEIRA","M2",34.88,"0170030013"]
["0170030014","0014","ESMALTE SINTÉTICO 2 DEMÃOS COM ZARCÃO EM SUPERFÍCIES DE FERRO     M2",null,24.43,"0170030014"]
["0170030015","0015","ESMALTE SINTÉTICO A BASE DE PRIMER 2 DEMÃOS","M2",23.72,"0170030015"]
["0170030016","0016","ESMALTE SINTÉTICO ANTI FERRUGEM","M2",16.08,"0170030016"]
["0170030017","0017","ESMALTE SINTÉTICO ANTI FERRUGEM MARTELADO","M2",15.98,"0170030017"]
["0170030018","0018","ESMALTE SINTÉTICO EM ESTRUTURA DE AÇO CARBONO 50 MICRA COM","M2",4.69,"0170030018"]
[null,"PISTOLA"]
["0170030019","0019","ESMALTE SINTÉTICO EM ESTRUTURA DE AÇO CARBONO 50 MICRA COM","M2",12.52,"0170030019"]
[null,"TRINCHA"]
["0170030020","0020","LIMPEZA COM SOLVENTE - NORMA SSPC - SP1","M2",10.33,"0170030020"]
["0170030021","0021","LIMPEZA MECÂNICA EM ESTRUTURA METÁLICA - NORMA ST3 OU SSPC -","M2",10.8,"0170030021"]
[null,"SP3"]
["0170030022","0022","PINTURA A ÓLEO PARA FERRO FUNDIDO","M2",12.97,"0170030022"]
["0170030023","0023","PINTURA ELETROSTÁTICA","M2",6.34,"0170030023"]
["0170030024","0024","PINTURA INTUMESCENTE EM SUPERFICIES METALICAS","M2",11.15,"0170030024"]
["0170030025","0025","PRIMER EM ESTRUTURA DE AÇO CARBONO 25 MICRA COM TRINCHA","M2",12.04,"0170030025"]
["0170030026","0026","VERNIZ 2 DEMÃOS EM ESQUADRIAS DE MADEIRA","M2",12.41,"0170030026"]
["0170030027","0027","VERNIZ 3 DEMÃOS EM ESQUADRIAS DE MADEIRA","M2",17.3,"0170030027"]
["0170030028","0028","VERNIZ 3 DEMÃOS EM MADEIRAMENTO DE COBERTA","M2",17.52,"0170030028"]
["0170030029","0029","VERNIZ À BASE DE POLIURETANO ACRÍLICO ALIFÁTICO 25 MICRÔMETROS","M2",34.26,"0170030029"]
[null,"(1 DEMÃO)"]
["0170030030","0030","VERNIZ NATURAL UV COM DUPLO FILTRO SOLAR 2 DEMÃOS EM MADEIRAS","M2",13.43,"0170030030"]
[null,null,"018     Grupo:      PAVIMENTAÇÃO SISTEMA VIÁRIO"]
[null,null,"001     SubGrupo:      REFORÇO, SUB-BASE E BASE"]
["0180010001",null,"0001 BASE DE BRITA GRADUADA","M3",81.33,"0180010001"]
["0180010002",null,"0002 BASE ESTABILIZADA GRANULOMETRICAMENTE COM MISTURA","M3",47.56,"0180010002"]
["0180010003",null,"0003 BASE ESTABILIZADA GRANULOMETRICAMENTE S/ MISTURA","M3",39.83,"0180010003"]
["0180010004",null,"0004 BINDER: CAMADA DE LIGAÇÃO OU REGULARIZAÇÃO ACABADA","M3",258.34,"0180010004"]
["0180010005",null,"0005 REFORÇO DO SUB-LEITO PARA VIAS URBANAS","M3",29.39,"0180010005"]
["0180010006",null,"0006 REGULARIZAÇÃO E COMPACTAÇÃO DO SUB-LEITO","M2",1.29,"0180010006"]
["0180010007",null,"0007 SOLO BRITA COM 20% DE BRITA EM PESO P/ VIAS URBANAS","M3",78.23,"0180010007"]
[null,null,"COMPLETAMENTE EXECUTADO INCL. TRANSPORTE"]
["0180010008",null,"0008 SOLO BRITA COM 20% DE BRITA EM PESO P/ VIAS URBANAS C/ MATERIAL","M3",72.97,"0180010008"]
[null,null,"RECICLADO - COMPLETAMENTE EXECUTADO (INCLUSIVE TRANSPORTE)"]
["0180010009",null,"0009 SOLO BRITA COM 30% DE BRITA EM PESO P/ VIAS URBANAS","M3",83.75,"0180010009"]
[null,null,"COMPLETAMENTE EXECUTADO INCL. TRANSPORTE"]
["0180010010",null,"0010 SOLO BRITA COM 30% DE BRITA EM PESO P/ VIAS URBANAS C/ MATERIAL","M3",75.85,"0180010010"]
[null,null,"RECICLADO - COMPLETAMENTE EXECUTADO (INCLUSIVE TRANSPORTE)"]
["0180010011",null,"0011 SOLO BRITA COM 40% DE BRITA EM PESO P/ VIAS URBANAS","M3",89.28,"0180010011"]
[null,null,"COMPLETAMENTE EXECUTADO INCL. TRANSPORTE"]
["0180010012",null,"0012 SOLO BRITA COM 40% DE BRITA EM PESO P/ VIAS URBANAS C/ MATERIAL","M3",78.75,"0180010012"]
[null,null,"RECICLADO - COMPLETAMENTE EXECUTADO (INCLUSIVE TRANSPORTE)"]
["0180010013",null,"0013 SOLO BRITA COM 50% DE BRITA EM PESO P/ VIAS URBANAS","M3",94.78,"0180010013"]
[null,null,"COMPLETAMENTE EXECUTADO INCL. TRANSPORTE"]
["0180010014",null,"0014 SOLO BRITA COM 50% DE BRITA EM PESO P/ VIAS URBANAS C/ MATERIAL","M3",81.63,"0180010014"]
[null,"RECICLADO - COMPLETAMENTE EXECUTADO (INCLUSIVE TRANSPORTE)"]
[]
[null,"Página 109 de 120"]
[]
[]
[]
[]
[]
[null,"SECRETARIA MUNICIPAL DE INFRAESTRUTURA - SEINF"]
[null,"COORDENADORIA DE ELABORAÇÃO DE PROJETOS - CÉLULA DE ORÇAMENTO"]
[null,"Av. Dep. Paulino Rocha, 1343 - Cajazeiras     FORTALEZA-CE     CEP:60864-311     FONE: (85) 3105-1113"]
[null,"Email: seinf.edificacoes@fortaleza.ce.gov.br"]
[]
[null,null,"TABELA OFICIAL DO MUNICÍPIO"]
[{"$nulls":4},"Encargos Sociais: 83,84%"]
[null,null,"Relatório de Composições Sintético - COM DESONERAÇÃO"]
[null,"Mês de Coleta: 01/2014",null,null,"BDI: 0%"]
["Composição",null,"Descrição","Unidade","Preço","Composição"]
["0180010015",null,"0015 SOLO BRITA COM 60% DE BRITA EM PESO P/ VIAS URBANAS","M3",100.31,"0180010015"]
[null,null,"COMPLETAMENTE EXECUTADO INCL. TRANSPORTE"]
["0180010016",null,"0016 SOLO BRITA COM 60% DE BRITA EM PESO P/ VIAS URBANAS C/ MATERIAL","M3",84.52,"0180010016"]
[null,null,"RECICLADO - COMPLETAMENTE EXECUTADO (INCLUSIVE TRANSPORTE)"]
["0180010017",null,"0017 SUB-BASE COM MISTURA DE PIÇARRA E AREIA DO MORRO NA PROP. 1:1,","M3",24.92,"0180010017"]
[null,null,"UTILIZ. PIÇARRA COMAQUIS. E AREIA LOCAL"]
["0180010018",null,"0018 SUB-BASE COM MISTURA DE PIÇARRA E AREIA DO MORRO NA PROP. 1:1,","M3",7.64,"0180010018"]
[null,null,"UTILIZANDO MATERIAL DO LOCAL"]
["0180010019",null,"0019 SUB-BASE ESTABILIZADA GRANULOMETRICAMENTE S/ MISTURA P/ VIAS","M3",31.03,"0180010019"]
[null,"URBANAS"]
["0180010020",null,"0020 SUB-BASE ESTABILIZADA GRANULOMETRICAMENTE S/MISTURA E","M3",6.28,"0180010020"]
[null,null,"S/AQUISIÇÃO DE MATERIAL P/ VIAS URBANAS"]
["0180010021",null,"0021 USINAGEM DE SOLO BRITA","M3",3.19,"0180010021"]
[null,"002     SubGrupo:      IMPRIMAÇÃO"]
["0180020001",null,"0001 IMPRIMAÇÃO P/ VIAS URBANAS (COMPLETAMENTE EXECUTADA)","M2",2.84,"0180020001"]
[null,null,"003     SubGrupo:      PINTURA DE LIGAÇÃO"]
["0180030001",null,"0001 PINTURA DE LIGAÇÃO P/ VIAS URBANAS","M2",0.36,"0180030001"]
["0180030002",null,"0002 PINTURA DE LIGAÇÃO P/ VIAS URBANAS (EMULSÃO FORNECIDA PELA PMF)","M2",0.28,"0180030002"]
[null,null,"004     SubGrupo:      MISTURA BETUMINOSA A QUENTE"]
["0180040001","0001","AREIA ASFALTO USINADA A QUENTE ESP=4CM P/ VIAS URBANAS (S/","TON",182.85,"0180040001"]
[null,"TRANSPORTE)"]
["0180040002","0002","AREIA ASFALTO USINADA A QUENTE P/ REGULARIZAÇÃO  E=2,5CM P/ VIAS","TON",183.31,"0180040002"]
[null,null,"URBANAS (S/ TRANSPORTE)"]
["0180040003","0003","CONCRETO ASFALTICO - FORN. E APLICAÇÃO","M3",451.75,"0180040003"]
["0180040004","0004","CONCRETO ASFALTICO USINADO A QUENTE - PRODUCAO","TON",151.36,"0180040004"]
["0180040005","0005","CONCRETO BETUMINOSO USINADO A QUENTE ESP=4CM P/ VIAS URBANAS (","TON",170.08,"0180040005"]
[null,"S/TRANSPORTE)"]
["0180040006","0006","CONCRETO BETUMINOSO USINADO A QUENTE ESP=5CM P/ VIAS URBANAS (","TON",170.01,"0180040006"]
[null,"S/TRANSPORTE)"]
["0180040007","0007","CONCRETO BETUMINOSO USINADO A QUENTE ESP=7,5CM P/ VIAS","TON",170.18,"0180040007"]
[null,null,"URBANAS ( S/TRANSPORTE)"]
[null,null,"DISTRIBUIDOR DE ASFALTO COM TANQUE ISOLADO DE 6M3, BARRA"]
["0180040008","0008","ESPARGIDORA DE 3,66M, MONTADO EM CAMINHÃO TOCO 162HP (CHP -","CHP",178.61,"0180040008"]
[null,"DIURNO)"]
["0180040009","0009","EXECUÇÃO DE CBUQ ESP=3CM COM VIBROACABADORA P/VIAS URBANAS,","M3",44.18,"0180040009"]
[null,null,"INCL. TRANSPORTE-PROD=24T/H"]
["0180040010","0010","EXECUÇÃO DE CBUQ ESP=3CM P/VIAS URBANAS, ESPALHAMENTO","M3",42.48,"0180040010"]
[null,null,"COMMOTONIVELADORA, INC TRANSPORTE-PROD=24T/H"]
["0180040011","0011","EXECUÇÃO DE CBUQ P/REGULAR. ESP=2CM P/VIAS URBANAS, ESPALH.","M3",39.38,"0180040011"]
[null,null,"COMMOTONIVELADORA, INC TRANSP-PROD=24T/H"]
["0180040012","0012","MICROREVESTIMENTO A FRIO 15MM, COM TAXA DE 22KG/M² (APLICAÇÃO","M2",5.86,"0180040012"]
[null,"EM 2 CAMADAS)"]
["0180040013","0013","RECOMPOSIÇÃO DE CAPA EM AREIA ASFÁLTICA (AAUQ) E=5CM","M2",33.39,"0180040013"]
["0180040014","0014","RECOMPOSIÇÃO DE CAPA EM CONCRETO ASFÁLTICO USINADO A QUENTE -","M2",33.83,"0180040014"]
[null,"CBUQ"]
["0180040015","0015","USINAGEM TRANSP. E EXEC. DE AAUQ ESP.=4CM P/ SERVIÇ. TAPA-BURACO","M2",8.73,"0180040015"]
[null,null,"(CAP E AGREGADOS FORNEC. PELA PMF)"]
["0180040016","0016","USINAGEM TRANSP. E EXECUÇÃO DE CBUQ ESP.=4CM P/ VIAS URBANAS","M2",5.71,"0180040016"]
[null,"(CAP E AGREGADOS FORNEC. PELA PMF)"]
[]
[null,"Página 110 de 120"]
[]
[]
[]
[]
[]
[null,"SECRETARIA MUNICIPAL DE INFRAESTRUTURA - SEINF"]
[null,"COORDENADORIA DE ELABORAÇÃO DE PROJETOS - CÉLULA DE ORÇAMENTO"]
[null,"Av. Dep. Paulino Rocha, 1343 - Cajazeiras     FORTALEZA-CE     CEP:60864-311     FONE: (85) 3105-1113"]
[null,"Email: seinf.edificacoes@fortaleza.ce.gov.br"]
[]
[null,null,"TABELA OFICIAL DO MUNICÍPIO"]
[{"$nulls":4},"Encargos Sociais: 83,84%"]
[null,null,"Relatório de Composições Sintético - COM DESONERAÇÃO"]
[null,null,"Mês de Coleta: 01/2014",null,"BDI: 0%"]
["Composição",null,"Descrição","Unidade","Preço","Composição"]
[null,null,"005     SubGrupo:      REVESTIMENTO DE PEDRA"]
["0180050001","0001","CALÇADA DE PEDRA TOSCA COMPACTADA MECANICAMENTE COM PISO","M2",28.23,"0180050001"]
[null,null,"CIMENTADO RÚSTICO ESP.= 2,5CM"]
["0180050002","0002","COLCHÃO COM MISTURA DE PIÇARRA E AREIA DO MORRO NO TRAÇO 1:1","M3",64.1,"0180050002"]
[null,null,"INCL. ESPALHAMENTO"]
["0180050003","0003","COLCHÃO DE AREIA DO MORRO P/ ASSENTAMENTO DE PARALELEPÍPEDO","M3",51.66,"0180050003"]
["0180050004","0004","COLCHÃO DE AREIA GROSSA COM APILOAMENTO DE 30%","M3",71.81,"0180050004"]
["0180050005","0005","COLCHÃO DE PÓ DE PEDRA, INCL. ESPALHAMENTO","M3",54.69,"0180050005"]
["0180050006","0006","COLCHÃO DE PÓ DE PEDRA COM MATERIAL RECICLADO, INCL.","M3",40.9,"0180050006"]
[null,null,"ESPALHAMENTO"]
["0180050007","0007","COMPACTAÇÃO MECÂNICA DE PAVIMENTAÇÃO POLIÉDRICA OU","M2",0.47,"0180050007"]
[null,null,"PARALELEPÍPEDO"]
["0180050008","0008","EXECUÇÃO DE GUIA DE CONCRETO MOLDADA \"IN  LOCO\"POR","M",25.08,"0180050008"]
[null,null,"EXTRUSÃO(GUIA ALTA) COM SARJETA DE 0,45M COM ACA"]
["0180050009","0009","PAVIMENTAÇÃO EM PARALELEPÍPEDO REJUNTADO COMARGAMASSA DE","M2",46.94,"0180050009"]
[null,null,"CIMENTO E AREIA GROSSA TRAÇO 1:3"]
["0180050010","0010","PAVIMENTAÇÃO EM PARALELEPÍPEDO S/ REJUNTAMENTO","M2",31.94,"0180050010"]
["0180050011","0011","PAVIMENTAÇÃO EM PARALELEPÍPEDO UTILIZANDO O PROCESSO BRIPAR,","M2",40.04,"0180050011"]
[null,null,"COMPLETAMENTE EXECUTADO"]
["0180050012","0012","PAVIMENTAÇÃO EM PEDRA TOSCA S/ REJUNTAMENTO","M2",19.87,"0180050012"]
["0180050013","0013","PAVIMENTAÇÃO EM PLACAS PRÉ-MOLDADAS EM CONCRETO  0,50X0,50M, S/","M2",22.01,"0180050013"]
[null,null,"COXIM DE AREIA"]
["0180050014","0014","PAVIMENTAÇÃO POLIÉDRICA COM PEDRA TOSCA (COMPLETAMENTE","M2",35.25,"0180050014"]
[null,"EXECUTADA)"]
["0180050015","0015","PAVIMENTAÇÃO POLIÉDRICA COM PEDRA TOSCA (NOVA)","M2",15.15,"0180050015"]
["0180050016","0016","REASSENTAMENTO DE PLACAS PRÉ-MOLDADAS DE CONCRETO DE","M2",2.93,"0180050016"]
[null,null,"0,50X0,50M, E=0,05M S/COXIM DE AREIA"]
["0180050017","0017","REFORMA DE PAVIMENTAÇÃO EM PARALELEPÍPEDOS UTILIZANDO O","M2",25.38,"0180050017"]
[null,null,"PROCESSO BRIPAR COM 60% DE PARALELEPÍPEDOS NO"]
["0180050018","0018","REJUNTAMENTO DE MEIO-FIO PREMOLDADO","M",0.24,"0180050018"]
["0180050019","0019","REVESTIMENTO COM PEDRISCO","M3",65.25,"0180050019"]
[null,null,"006     SubGrupo:      CONSERVAÇÃO DO SISTEMA VIÁRIO"]
["0180060001",null,"0001 EQUIPE DE SERVIÇOS TAPA-BURACOS (MÃO DE OBRA E EQUIPAMENTOS)","H",204.67,"0180060001"]
["0180060002",null,"0002 FRESAGEM DO PAVIMENTO ASFÁLTICO COM ESP.=6CM INCL. REMOÇÃO DO","M2",6.01,"0180060002"]
[null,null,"MATERIAL FRESADO ATÉ 10KM"]
["0180060003",null,"0003 LIMPEZA E APICOAMENTO DE MEIO-FIO GRANÍTICO","M",5.42,"0180060003"]
["0180060004",null,"0004 RECOMPOSIÇÃO DE MEIO FIO EM PEDRA GRANÍTICA","M",7.16,"0180060004"]
["0180060005",null,"0005 RECOMPOSIÇÃO DE PAVIMENTAÇÃO EM PEDRA TOSCA S/ REJUNTAMENTO","M2",8.11,"0180060005"]
["0180060006",null,"0006 REFORMA DE PARALELEPÍPEDO REJUNTADO COM CAP.50/60(FORNEC.","M2",30.31,"0180060006"]
[null,null,"P/CONTRATANTE) RECOBERTO COM AREIA DO MORRO"]
["0180060007",null,"0007 REFORMA DE PARALELEPÍPEDO REJUNTADO COMARGAMASSA DE","M2",18.33,"0180060007"]
[null,null,"CIMENTO E AREIA GROSSA TRAÇO 1:3"]
["0180060008",null,"0008 REFORMA DE PARALELEPÍPEDO S/ REJUNTAMENTO","M",12.89,"0180060008"]
["0180060009",null,"0009 REFORMA DE PARALELEPÍPEDOS REJUNTADOS COM CONCRETO","M2",33.84,"0180060009"]
[null,null,"FCK=25MPA, COM 60% DE PARALELEPÍPEDO NOVO"]
["0180060010",null,"0010 REFORMA DE PAVIMENTAÇÃO EM PARALELEPÍPEDO REJUNTADO COM CAP","M2",46.82,"0180060010"]
[null,null,"50/60 RECOBERTO COM AREIA DO MORRO COM 60%"]
["0180060011",null,"0011 REFORMA DE PAVIMENTAÇÃO EM PARALELEPIPEDOS UTILIZANDO","M2",11.38,"0180060011"]
[null,null,"PROCESSO BRIPAR S/ AQUISIÇÃO DE PARALELEPÍPEDO"]
["0180060012",null,"0012 REFORMA DE PAVIMENTAÇÃO EM PEDRA PORTUGUESA","M2",26.63,"0180060012"]
[]
[null,"Página 111 de 120"]
[]
[]
[]
[]
[]
[null,"SECRETARIA MUNICIPAL DE INFRAESTRUTURA - SEINF"]
[null,"COORDENADORIA DE ELABORAÇÃO DE PROJETOS - CÉLULA DE ORÇAMENTO"]
[null,"Av. Dep. Paulino Rocha, 1343 - Cajazeiras     FORTALEZA-CE     CEP:60864-311     FONE: (85) 3105-1113"]
[null,"Email: seinf.edificacoes@fortaleza.ce.gov.br"]
[]
[null,"TABELA OFICIAL DO MUNICÍPIO"]
[{"$nulls":3},"Encargos Sociais: 83,84%"]
[null,"Relatório de Composições Sintético - COM DESONERAÇÃO"]
[null,"Mês de Coleta: 01/2014",null,"BDI: 0%"]
[null,"Descrição","Unidade","Preço","Composição"]
[null,"0013 REFORMA DE PAVIMENTAÇÃO POLIEDRICA EM PEDRA TOSCA","M2","6,45",null,180060013]
[null,"0014 REJUNTAMENTO DE CALÇAMENTO COMARGAMASSA DE CIMENTO E AREIA","M2","4,89",null,180060014]
[null,"GROSSA TRAÇO 1:4"]
[null,"0015 RESTAURAÇÃO OU CALÇADA NOVA EM CIMENTADO INCL. PISO MORTO DE","M2","39,35",null,180060015]
[null,"CONCRETO SIMPLES E=5CM"]
[null,"007     SubGrupo:      PAVIMENTO DE CONCRETO"]
[null,"0001 PAVIMENTAÇÃO EM CONCRETO DE CIMENTO PORTLAND 32MPA","M3","455,37",null,180070001]
[null,"0002 PAVIMENTAÇÃO EM CONCRETO FCK 20MPA ESP.= 20CM COMJUNTAS DE","M2","69,52",null,180070002]
[null,"DILATAÇÃO"]
[null,"0003 TRANSPORTE E EXEC. CBQU ESP.= 4CM P/ VIAS URBANAS (MASSA FORN.","M2","2,06",null,180070003]
[null,"PELA PMF), INC. MOBIL. / DESMOBILIZAÇÃO"]
[null,"0004 TRANSPORTE E EXEC. AAUQ ESP=4CM P/ TAPA-BURACO (MASSA EMULS.","M2","5,16",null,180070004]
[null,"FORN. PELA PMF), INC. VARRIÇÃO / PINT. LIGAÇÃO"]
[null,"0005 CONCRETO BETUMINOSO USINADO A QUENTE (BINDER) P/ VIAS URBANAS","TON","160,13",null,180070005]
[null,"(SEM TRANSPORTE)"]
[null,"019     Grupo:      MUROS E FECHAMENTOS"]
[null,"001     SubGrupo:      MUROS"]
[null,"0001 MURETA EM ALVENARIA DE TIJOLO FURADO H = 0,50 M INCL. CINTA AÉREA","M","93,99",null,190010001]
[null,"E REBOCO 2 FACES"]
[null,"0002 MURETA EM ALVENARIA DE TIJOLO FURADO H = 1,00 M INCL. CINTA AÉREA","M","127,97",null,190010002]
[null,"E REBOCO 2 FACES"]
[null,"0003 MURO ALV. DE TIJ. FURADO H=2,00 M INCL. FUND., PILAR (CADA 2,50M) E","M","247,75",null,190010003]
[null,"CINTA DE CONCR. E REBOCO 2 FACES"]
[null,"0004 MURO ALV. DE TIJ. FURADO H=3,00 M INCL. FUND., PILAR (CADA 2,50M) E","M","331,88",null,190010004]
[null,"CINTA DE CONCR. E REBOCO 2 FACES"]
[null,"002     SubGrupo:      ALAMBRADOS"]
[null,"0001 ALAMBRADO COM MONTANTES EM TUBO DE AÇO GALVANIZADO E TELA DE","M2","205,56",null,190020001]
[null,"ARAME GALVANIZADO MALHA 2\""]
[null,"0002 ALAMBRADO COM MONTANTES EM TUBO DE AÇO GALVANIZADO E TELA DE","M2","174,64",null,190020002]
[null,"PVC MALHA 2\""]
[null,"0003 ALAMBRADO COM MONTANTES TUBO AÇO GALV.2\"E TELA DE ARAME","M2","143,45",null,190020003]
[null,"GALV.MALHA 2\", FIX. COM CANTONEIRA DE FERRO"]
[null,"0004 ALAMBRADO COM REDE DE NYLON ESPORTIVA FIO 3MM MALHA 13X13CM","M2","145,60",null,190020004]
[null,"MONTADO EM TUBO A VAPOR DE 3\"INCL.PINT."]
[null,"0005 ALAMBRADO COM TELA DE ARAME, FIXADA EM MOURÕES DE CONCRETO","M","127,65",null,190020005]
[null,"ARMADO, H = 2 M"]
[null,"0006 ALAMBRADO COM MONTANTE TUBO PVC 100MM A CADA 2M COMENCHIM.","M","46,75",null,190020006]
[null,"CONCRETO ARMADO E REDE NYLON 10X10CM H=1,00M"]
[null,"0007 ALAMBRADO COM MONTANTE TUBO PVC 100MM A CADA 2M COMENCHIM.","M","85,29",null,190020007]
[null,"CONCRETO ARMADO E REDE NYLON 10X10CM H=2,50M"]
[null,"0008 ALAMBRADO P/ QUADRAS ESPORTIVAS, COM TELA DE ARAME GALV.,","M","118,35",null,190020008]
[null,"FIXADA EM QUADROS TUBOS AÇO GALV. H = 1,0 M"]
[null,"0009 ALAMBRADO P/ QUADRAS ESPORTIVAS, COM TELA DE ARAME GALV.,","M","225,42",null,190020009]
[null,"FIXADA EM QUADROS TUBOS AÇO GALV. H = 4,0 M"]
[null,"0010 GRADE DE PROTEÇÃO COM PAINÉIS E POSTES EM NYLOFOR 3D (FORN. E","M2","125,40",null,190020010]
[null,"MONTAGEM)"]
[null,"0011 MONTANTE EM TUBO DE PVC COM CONCRETO ARMADO","M","17,28",null,190020011]
[null,"0012 REDE DE NYLON ESPORTIVA FIO 2,50MM MALHA 10X10CM P/ ALAMBRADO","M2","12,44",null,190020012]
[null,"0013 REDE DE NYLON ESPORTIVA FIO 3MM MALHA 13X13CM P/ ALAMBRADO","M2","9,74",null,190020013]
[]
[null,"Página 112 de 120"]
[]
[]
[]
[]
[]
[null,"SECRETARIA MUNICIPAL DE INFRAESTRUTURA - SEINF"]
[null,"COORDENADORIA DE ELABORAÇÃO DE PROJETOS - CÉLULA DE ORÇAMENTO"]
[null,"Av. Dep. Paulino Rocha, 1343 - Cajazeiras     FORTALEZA-CE     CEP:60864-311     FONE: (85) 3105-1113"]
[null,"Email: seinf.edificacoes@fortaleza.ce.gov.br"]
[]
[null,"TABELA OFICIAL DO MUNICÍPIO"]
[{"$nulls":3},"Encargos Sociais: 83,84%"]
[null,"Relatório de Composições Sintético - COM DESONERAÇÃO"]
[null,"Mês de Coleta: 01/2014",null,"BDI: 0%"]
[null,"Descrição","Unidade","Preço",null,"Composição"]
[null,"0014 REDE DE PROTEÇÃO EM POLIETILENO MALHA 5X5CM, FIO 1,9MM (FORN. E","M2","12,00",null,190020014]
[null,"MONTAGEM)"]
[null,"0015 TELA ANTI-MOSQUITO EM FIBRA DE VIDRO REVESTIDA COMPVC FIXADA EM","M2","104,50",null,190020015]
[null,"MOLDURA DE ALUMÍNIO(FORNEC. E MONT.)"]
[null,"0016 TELA DE ARAME GALVANIZADO COM APROVEITAMENTO EM ESTRUTURA","M2","12,15",null,190020016]
[null,"EXISTENTE"]
[null,"0017 TELA DE ARAME GALVANIZADO MALHA 2\"P/ ALAMBRADOS EM ESTRUTURA","M2","35,91",null,190020017]
[null,"EXISTENTE"]
[null,"0018 TELA DE ARAME GALVANIZADO MALHA 2\"P/ ALAMBRADOS, FIXADA COM","M2","60,48",null,190020018]
[null,"CANTONEIRA DE FERRO"]
[null,"0019 TELA DE ARAME REVESTIDA COM PVC MALHA 2\"P/ ALAMBRADOS EM","M2","37,29",null,190020019]
[null,"ESTRUTURA EXISTENTE"]
[null,"0020 TELA DE PROTEÇÃO EM NYLON FIXADA EM ESTRUTURA DE MADEIRA INCL.","M2","23,32",null,190020020]
[null,"PINTURA EM ESMALTE"]
[null,"003     SubGrupo:      CERCAS"]
[null,"0001 CERCA COM PAINÉIS TIPO NYLOFOR, EM AÇO REVESTIDO, COR VERDE","M2","183,97",null,190030001]
[null,"COM ALTURA DE 2,43M"]
[null,"0002 CERCA EM ESTACAS DE MADEIRA COM 6 FIOS DE ARAME FARPADO COM","M","11,67",null,190030002]
[null,"ESTRONCA A CADA 2,5M"]
[null,"0003 CERCA EM ESTACAS PRÉ-MOLDADA DE CONCRETO COM 12 FIOS DE","M","35,70",null,190030003]
[null,"ARAME FARPADO COM ESTACA A CADA 2,5M"]
[null,"0004 CERCA EM ESTACAS PRÉ-MOLDADA DE CONCRETO COM 6 FIOS DE ARAME","M","22,93",null,190030004]
[null,"FARPADO CM ESTACA A CADA 1,5M"]
[null,"0005 CERCA TIPO ESPIRAL (CONCERTINA) EM AÇO GALVANIZADO D=0,45M","M","21,30",null,190030005]
[null,"(FORN. E MONTAGEM)"]
[null,"004     SubGrupo:      DISPOSITIVOS DE PROTEÇÃO E ACESSO"]
[null,"0001 ALAMBRADO EM VIDRO FLOAT TEMPERADO, LAMINADO 12+12MM, 3 PVB,","M2","1.706,16",null,190040053]
[null,"INCOLOR P/ P.V. (FORNEC./MONTAGEM)"]
[null,"0002 BARRA DE APOIO FIXA P/ SALA DE SANÇA EMTUBO DE AÇO GALVANIZADD 1","M","148,22",null,190040054]
[null,"1/2\""]
[null,"0003 BICICLETÁRIO EM TUBO GALVANIZADO P/ 10 BICICLETAS","UN","146,40",null,190040001]
[null,"0004 BORBOLETA COM CONTADOR DE ACESSO","UN","1.933,55",null,190040002]
[null,"0005 CORRENTE EM ELOS GALVANIZADOS E FORJADOS DE 3/8\"P/ GUARDA-","M","26,45",null,190040003]
[null,"CORPO"]
[null,"0006 CORRIMÃO AÇO INOX POL.1 3/4\"E1 1/2\"ESP.=1,5MM FIX.CHAPA5MM 4","M2","1.201,37",null,190040004]
[null,"PARALBOT3/8\"INOX CANTO ARRED.(FORN/MON)"]
[null,"0007 CORRIMÃO AÇO INOX POL.1 3/4\"E1 1/2\"ESP.=1,5MM FIX.CHAPA5MM 4","M2","966,18",null,190040005]
[null,"PARALBOT3/8\"INOX QUADRADO.(FORN/MONT)"]
[null,"0008 CORRIMÃO EM TUBO DE AÇO D=5/8\", SOLDADO NO PERFIL ESTRUTURA E","M","124,62",null,190040006]
[null,"COMPLEMENTOS TUBOS D=1 1/4\" , COM COLUN"]
[null,"0009 CORRIMÃO EM TUBO DE AÇO ESCOVADO DIAM.= 2\"","M","75,80",null,190040007]
[null,"0010 CORRIMÃO EM TUBO DE AÇO GALVANIZADO DIAM. = 1\"","M","45,87",null,190040008]
[null,"0011 CORRIMÃO EM TUBO DE AÇO GALVANIZADO DIAM. = 2\"","M","64,93",null,190040009]
[null,"0012 CORRIMÃO EM TUBO DE AÇO GALVANIZADO DIAM.= 2 1/2\"","M","90,40",null,190040010]
[null,"0013 CORRIMÃO EM TUBO DE AÇO GALVANIZADO DIAM.= 3\"","M","105,44",null,190040011]
[null,"0014 CORRIMÃO EM TUBO DE AÇO GALVANIZADO DIAM.= 4\"","M","135,46",null,190040012]
[null,"0015 CORRIMÃO EM TUBO DE AÇO INOX POLIDO DIAM.=2\"","M","92,71",null,190040013]
[null,"0016 CORRIMÃO EM TUBO METALON 1.1/4\" (COLOCADO)","M","118,45",null,190040014]
[null,"0017 CORRIMÃO TUBULAR EM AÇO GALVANIZADO D=1 1/2\", COM ACABAMENTO","M","80,24",null,190040015]
[null,"EM PINTURA ESMALTE SINTÉTICO"]
[null,"0018 ESCADA HELICOIDAL DE AÇO CARBONO D=2,00M H=2,50M COM  PRIMER E","UN","1.628,18",null,190040016]
[null,"ESMALTE SINTÉTICO"]
[]
[null,"Página 113 de 120"]
[]
[]
[]
[]
[]
[null,"SECRETARIA MUNICIPAL DE INFRAESTRUTURA - SEINF"]
[null,"COORDENADORIA DE ELABORAÇÃO DE PROJETOS - CÉLULA DE ORÇAMENTO"]
[null,"Av. Dep. Paulino Rocha, 1343 - Cajazeiras     FORTALEZA-CE     CEP:60864-311     FONE: (85) 3105-1113"]
[null,"Email: seinf.edificacoes@fortaleza.ce.gov.br"]
[]
[null,null,"TABELA OFICIAL DO MUNICÍPIO"]
[{"$nulls":5},"Encargos Sociais: 83,84%"]
[null,null,"Relatório de Composições Sintético - COM DESONERAÇÃO"]
[null,null,"Mês de Coleta: 01/2014",null,null,"BDI: 0%"]
["Composição",null,"Descrição","Unidade",null,"Preço"]
["0190040017","0019","ESCADA HELICOIDAL DE CONCRETO PRÉ-MOLDADO DIAM. = 1,20 M E ALT. =","UN",null,660]
[null,null,"2,50 M (FORN. E MONTAGEM)"]
["0190040018","0020","ESCADA HELICOIDAL DE CONCRETO PRÉ-MOLDADO DIAM. = 1,20 M E ALT. =","UN",null,770]
[null,null,"3,00 M (FORN. E MONTAGEM)"]
["0190040019","0021","ESCADA HELICOIDAL DE FERRO DIAM. = 1,20 M E ALT.= 2,50 M INCL.","UN",null,966]
[null,null,"PINTURA EM ESMALTE SINTETICO"]
["0190040020","0022","ESCADA P/ PISCINA COM 3 DEGRAUS","UN",null,400]
["0190040021","0023","ESCADA TIPO MARINHEIRO EM AÇO GALVANIZADO DIAM. = 1\"","M",null,144.09]
["0190040022","0024","ESCADA TIPO MARINHEIRO EM AÇO GALVANIZADO DIAM. = 3/4\"","M",null,135.39]
["0190040023","0025","GARRA METÁLICA (PEGA LADRÃO) P/  PROTEÇÃO DE MUROS","M",null,16.61]
["0190040024","0026","GUARDA CORPO COM TUBO DE AÇO GALVANIZADO 2\"H=1,05M","M",null,135.65]
["0190040025","0027","GUARDA CORPO METÁLICO COM COLUNA 2\", TUBOS DE 1 5/8\" E 1 1/4\",","M",null,130.84]
[null,null,"H=1,10M, COMPLETAMENTE EXECUTADO"]
["0190040026","0028","GUARDA-CORPO COM CORRIMÃO EM TUBO DE AÇO GALVANIZADO DE 3/4\"","M",null,57.56]
["0190040027","0029","GUARDA-CORPO COM MONTANTES PRÉ-MOLDADOS E 2 TUBOS","M",null,167.85]
[null,null,"GALVANIZADOS 3\""]
["0190040028","0030","GUARDA-CORPO COM TUBO METALON DE 2\"E 1\", INCL. PINTURA","M2",null,188.06]
["0190040029","0031","GUARDA-CORPO COM TUBOS AÇO GALVANIZADO DE 3\", 1 1/4\"E 3/4\",","UN",null,393.51]
[null,null,"MÓDULO DE 2,30X0,55M, INCL. PINTU"]
["0190040030","0032","GUARDA-CORPO DE MADEIRA MASSARANDUBA H=1,10M COM MONTANTES","M",null,426.29]
[null,null,"DE 15X15CM, INCL. PINTURA AUTOMOTIVA"]
["0190040031","0033","GUARDA-CORPO EM MADEIRA MASSARANDUBA INCL. VERNIZ","M",null,93.24]
["0190040032","0034","GUARDA-CORPO EM PERFIS (60X30X3)MM TIPO \"U\" EM AÇO COS-AR-","M",null,52.01]
[null,null,"COR/400 OU SAC-250, NATURAL"]
["0190040033","0035","GUARDA-CORPO EM TUBO AÇO GALVANIZADO 2 1/2\" (COM MONTANTES, 1","M",null,390.15]
[null,null,"TUBO SUPERIOR E 3 INTERMEDIÁRIOS) H=0,9"]
["0190040034","0036","GUARDA-CORPO EM TUBO AÇO GALVANIZADO 2\" (SUP./MONT.) E 2 TUBOS","M",null,163.52]
[null,null,"DE 3/4\"(INTERM.) H=0,90M(FORNECOMMONT)"]
["0190040035","0037","GUARDA-CORPO EM TUBO AÇO GALVANIZADO 2\" (SUP./MONT.) E 3 TUBOS","M",null,193.15]
[null,null,"DE 1\" (INTERM.) H=0,90M(FORNECOMMONT)"]
["0190040036","0038","GUARDA-CORPO EM TUBO AÇO INOX 4\" COMMONT.TUBO AÇO INOX 2\"","M2",null,592.43]
[null,null,"POLIDOS, ESP.=2MM BASE APARAF (FORN./MONT.)"]
["0190040037","0039","GUARDA-CORPO EM TUBO DE AÇO GALVANIZADO DE 1 1/2\", H=0,90M COM","M",null,133.28]
[null,null,"TUBOS VERTICAIS A CADA 2,00M"]
["0190040038","0040","GUARDA-CORPO EM TUBO DE AÇO GALVANIZADO DE 2\"","M",null,54.1]
["0190040039","0041","GUARDA-CORPO EM TUBO DE AÇO GALVANIZADO DE 2\"COM MONTANTES","M",null,85.91]
[null,null,"EM TUBO DE AÇO GALVANIZADO DE 2\""]
["0190040040","0042","GUARDA-CORPO EM TUBO DE AÇO GALVANIZADO DE 2\"COM MONTANTES","M",null,142.45]
[null,null,"EM TUBO DE AÇO GALVANIZADO DE 4\""]
["0190040041","0043","GUARDA-CORPO EM TUBO DE AÇO INOX 2\" (SUP. E MONT.) E 1 TUBO 3/4\"","M",null,332.2]
[null,null,"(INTERM.) H=0,40M(FORNEC. E MONT.)"]
["0190040042","0044","GUARDA-CORPO EM TUBO DE AÇO INOX 2\" (SUP. E MONT.) E 2 TUBOS 3/4\"","M",null,478.5]
[null,null,"(INTERM.) H=0,90M(FORNEC. E MONT.)"]
["0190040043","0045","GUARDA-CORPO PERFIS (60X30X3)MM TIPO \"U\", (150X60X8,5)MM TIPO \"I\"","M",null,80.21]
[null,null,"AÇO SAC 250/COS-AR-COR/400 NATURAL"]
["0190040044","0046","JAULA DE CONTENÇÃO EM ESTRUTURA METÁLICA","UN",null,4064.16]
["0190040045","0047","JAULA DE ELEVAÇÃO EM ESTRUTURA METÁLICA COM CABOS E ROLDANAS","UN",null,12327.19]
["0190040046","0048","PASSARELA EM ESTRUTURA METÁLICA COM GUARDA-CORPO METÁLICO E","UN",null,60600]
[null,null,"PISO EM PLACAS PRÉ-MOLDADAS DE ARGAMASSA"]
["0190040047","0049","PERFIS (60X30X3)MM TIPO \"U\" EM AÇO COS-AR-COR/400 OU SAC-250,","M",null,17.09]
[null,"NATURAL"]
["0190040048","0050","TUBO DE AÇO INOX POLIDO D=1\"SOLDADO","M",null,30.39]
["0190040049","0051","TUBO DE AÇO INOX POLIDO D=2\"FIXADO COM ARGAMASSA","M",null,56.48]
[]
[null,"Página 114 de 120"]
[]
[]
[]
[]
[]
[null,"SECRETARIA MUNICIPAL DE INFRAESTRUTURA - SEINF"]
[null,"COORDENADORIA DE ELABORAÇÃO DE PROJETOS - CÉLULA DE ORÇAMENTO"]
[null,"Av. Dep. Paulino Rocha, 1343 - Cajazeiras     FORTALEZA-CE     CEP:60864-311     FONE: (85) 3105-1113"]
[null,"Email: seinf.edificacoes@fortaleza.ce.gov.br"]
[]
[null,null,"TABELA OFICIAL DO MUNICÍPIO"]
[{"$nulls":5},"Encargos Sociais: 83,84%"]
[null,null,"Relatório de Composições Sintético - COM DESONERAÇÃO"]
[null,"Mês de Coleta: 01/2014",{"$nulls":3},"BDI: 0%"]
["Composição",null,"Descrição","Unidade",null,"Preço"]
["0190040050",null,"0052 TUBO DE AÇO INOX POLIDO D=3 1/2\"SOLDADO","M",null,167.93]
["0190040051",null,"0053 TUBO DE AÇO INOX POLIDO D=3\"SOLDADO","M",null,87.68]
["0190040052",null,"0054 TUBO DE AÇO INOX POLIDO D=4\"SOLDADO","M",null,145.96]
[null,null,"020     Grupo:      URBANIZAÇÃO E PAISAGISMO"]
[null,null,"001     SubGrupo:      EQUIPAMENTOS DE URBANIZAÇÃO"]
["0200010001","0001","ABRIGO P/ PARADA DE ÔNIBUS EM TUBOS GALVANIZADOS E","UN",null,8554.37]
[null,null,"POLICARBONATO ALVEOLAR COM5 ASSENTOS(AQUIS.E INSTALAÇÃO)"]
["0200010002","0002","ARCO EM TUBO DE AÇO GALVANIZADO D=3\"MONTADO SOBRE PILARETES","UN",null,1203.16]
[null,null,"DE MADEIRA MASSARANDUBA (15X15)CM"]
["0200010003","0003","BALIZADOR DE MADEIRA EUCALÍPTO D=25CM COM CHAPA GALVANIZADA Nº","UN",null,143.14]
[null,14]
["0200010004","0004","BANCO COM ASSENTO DE MASSARANDUBA E PÉS DE GRANITO CINZA","UN",null,979.64]
[null,null,"ESP.=20CM C=2,40M,S/ENCOSTO-PADRÃO BEIRA MAR"]
["0200010005","0005","BANCO COM ASSENTO/ENCOSTO (PIVOTANTE) DE MASSARANDUBA E PÉS","UN",null,972.8]
[null,null,"DE GRANITO CINZA, 2,40M-PADRÃO BEIRA MAR"]
["0200010006","0006","BANCO DE CONCRETO - PADRÃO PREFEITURA","M",null,148.52]
["0200010007","0007","BANCO DE CONCRETO APARENTE E ASSENTO COM DETALHE EM","M",null,307.03]
[null,null,"CERAMICA 10X10CM, INCL. FUNDAÇÃO"]
["0200010008","0008","BANCO DE CONCRETO ARMADO INCL. PINTURA LATEX C=4,00M - TIPO","UN",null,380.52]
[null,"BEIRA MAR"]
["0200010009","0009","BANCO DE MADEIRA 1,50M COM PÉS DE FERRO INCL. PINTURA ESMALTE","UN",null,286.61]
["0200010010","0010","BANCO DE MADEIRA COM PÉS DE FERRO S/ AQUISIÇÃO","UN",null,18.08]
["0200010011","0011","BANCO DE MADEIRA MASSARANDUBA (COMENCOSTO) - PADRÃO BEIRA","M",null,877.25]
[null,"MAR"]
["0200010012","0012","BANCO DE MADEIRA MASSARANDUBA (S/ENCOSTO) - PADRÃO BEIRA MAR","M",null,664.33]
["0200010013","0013","BANCO DE PLÁSTICO RECICLADO COMENCOSTO (1,50M) COR NOGUEIRA","UN",null,644.61]
[null,null,"COMPARAFUSOS DE FIXAÇÃO AÇO BICROMATIZADO"]
["0200010014","0014","BANCO EM TÁBUAS DE MADEIRA MASSARANDUBA 2X10CM COMAPOIO EM","M",null,157.41]
[null,null,"PEÇA METALON 2X4CM E TUBO 2\"INCL.PINTURA"]
["0200010015","0015","BICICLETÁRIO INDIVIDUAL DE CONCRETO ARMADO","UN",null,120.93]
["0200010016","0016","CARAMANCHÃO EM MADEIRA MASSARANDUBA SOBRE PILARES","M2",null,452.96]
[null,null,"(COMPLETAMENTE EXECUTADO)"]
["0200010017","0017","ARCO ESTRUT. METÁLICA COMPERFIL \"U\" 4\"X11/2\"X1/8\" E CANTON.1\"X1/8\"","M",null,220]
[null,null,"COMZARCÃO/ESM.SINTETICO(COLOCADO)"]
["0200010018","0018","HASTE METÁLICA PARA MASTRO D= 2 1/2","M",null,77.76]
["0200010019","0019","LETREIRO COM AÇO GALVANIZADO COM PINTURA EM ESMALTE SINTÉTICO","UN",null,570.48]
[null,null,"(COMPLETAMENTE EXECUTADO)"]
["0200010020","0020","LIXEIRA PRE-MOLDADA EM PLACAS DE CONCRETO - PADRÃO BEIRA MAR","UN",null,127.78]
["0200010021","0021","LIXEIRA PRÉ-MOLDADO EM MANILHA POROSA DIAM. = 40 CM E ALT. = 50 CM","UN",null,27.7]
["0200010022","0022","LONGARINA EM LINHA MASSARANDUBA 6\"X3\"INCL. PARAFUSOS DE","M",null,45.62]
[null,"FIXAÇÃO"]
["0200010023","0023","MESA PRÉ-MOLDADA 60X60CM COMTABULEIRO PINTADO, FIXADA COM","UN",null,92.74]
[null,null,"PARAFUSO EM BASE DE TUBO VAPOR 4\""]
["0200010024","0024","MOURÃO DE MADEIRA MASSARANDUBA (15X20)CM","M",null,190.13]
["0200010025","0025","MOURÃO DE MADEIRA MASSARANDUBA 4\"X 4\"P/ GUARDA-CORPO E","M",null,73.53]
[null,"CORRIMÃO"]
["0200010026","0026","PLACA DE POLIESTIRENO COM TRAVAMENTO INTERNO E","M2",null,1500]
[null,null,"PINT.AUTOMOTIVA EM ESTRUTURA DE MADEIRA (FORN.E MONTAG"]
["0200010027","0027","PLACA LUMINOSA INDICATIVA (4,00X2,40M) 2 FACES FIX. EM POSTE 10\"H=4M","UN",null,3840]
[null,"ARTE PLOTADA (FORN./MONTAGEM)"]
[]
[null,"Página 115 de 120"]
[]
[]
[]
[]
[]
[null,"SECRETARIA MUNICIPAL DE INFRAESTRUTURA - SEINF"]
[null,"COORDENADORIA DE ELABORAÇÃO DE PROJETOS - CÉLULA DE ORÇAMENTO"]
[null,"Av. Dep. Paulino Rocha, 1343 - Cajazeiras     FORTALEZA-CE     CEP:60864-311     FONE: (85) 3105-1113"]
[null,"Email: seinf.edificacoes@fortaleza.ce.gov.br"]
[]
[null,"TABELA OFICIAL DO MUNICÍPIO"]
[{"$nulls":3},"Encargos Sociais: 83,84%"]
[null,"Relatório de Composições Sintético - COM DESONERAÇÃO"]
[null,"Mês de Coleta: 01/2014",null,"BDI: 0%"]
["Composição","Descrição","Unidade",null,"Preço","Composição"]
[200010028,"0028 PÓRTICO PERFIL I DECORAT. COMGRADIL CHAPA COR 420, PINT. ÓXIDO CZ","UN",null,"21.518,86",200010028]
[null,"E ESMALTE VERMELH (AQUIS./ASSENT.)"]
[200010029,"0029 PRANCHA DE MADEIRA MASSARANDUBA (0,15X0,03)M","M",null,"39,26",200010029]
[200010030,"0030 PRANCHA DE MADEIRA MASSARANDUBA (0,20X0,04)M","M",null,"59,67",200010030]
[200010031,"0031 PRANCHA DE MADEIRA MUIRACATIARA (0,35X0,04)M","M",null,"72,76",200010031]
[200010032,"0032 PRANCHA DE MADEIRA MUIRACATIARA (0,60X0,04)M","M",null,"122,66",200010032]
[200010033,"0033 RECUPERAÇÃO DE TAMPOS DE MADEIRA EM BANCOS","M",null,"46,18",200010033]
[200010034,"0034 SUBSTITUIÇÃO DE PEÇA DE MADEIRA MUIRACATIARA (13X6)CM EM","M",null,"67,43",200010034]
[null,"BANCOS"]
[200010035,"0035 SUBSTITUIÇÃO DE PEÇA DE MADEIRA MUIRACATIARA (14X2,50)CM EM","M",null,"35,83",200010035]
[null,"BANCOS"]
[200010036,"0036 SUBSTITUIÇÃO DE PEÇA DE MADEIRA MUIRACATIARA (20X5)CM EM","M",null,"84,53",200010036]
[null,"BANCOS"]
[200010037,"0037 TAMPO PRÉ-MOLDADO DE CONCRETO P/ BANCOS TIPO U","M",null,"55,11",200010037]
[200010038,"0038 TOTEM COM LETREIRO EM PEÇAS DE AÇO INOX POLIDO (FORN. E FIXAÇÃO)","M2",null,"575,88",200010038]
[null,"002     SubGrupo:      EQUIPAMENTOS E ACESSÓRIOS ESPORTIVOS"]
[200020001,"0001 BANCO EM ALVENARIA P/ GINÁSTICA (1,00X1,00M) COM ALT.=0,50M,","UN",null,"464,70",200020001]
[null,"REVESTIDO COM CERÂMICA 10X10CM"]
[200020002,"0002 BANCO PRÉ-MOLDADO S/ ENCOSTO P/ MESA DE JOGOS","UN",null,"23,19",200020002]
[200020003,"0003 BARRA P/GINÁSTICA 1,20M EM FE GALV.2\", FIX. EM POSTES DE CONCRETO","UN",null,"549,39",200020003]
[null,"APARENTE(15X20CM) ALT.=2,10M"]
[200020004,"0004 BARRAS PARAL. P/GINÁSTICA1,50M EM FE GALV.2\",FIX. EM POSTES DE","UN",null,"659,18",200020004]
[null,"CONCRETO APARENTE(15X15CM) ALT.=1,00M"]
[200020005,"0005 BRINQUEDO DE FERRO BRINCOLAR/ GIRA-GIRA COM COMP.=1,70M E","UN",null,"690,00",200020005]
[null,"ALT.=0,90M"]
[200020006,"0006 BRINQUEDO DE FERRO TIPO GANGORRA COM COMP.=2,40M, LARG.=1,60M","UN",null,"648,99",200020006]
[null,"E ALT.=0,50M FIXADO EM BASE DE CONCRETO"]
[200020007,"0007 CASA DE MADEIRA DE 1ª QUALIDADE COM 07 BRINQUEDOS ACOPLADOS","UN",null,"1.600,00",200020007]
[null,"H=3M, C=4,50M, L=3,50M(FORNEC./ MONTAGEM)"]
[200020008,"0008 CONJUNTO DE BRINQUEDOS P/ PLAYGROUND PADRÃO PREFEITURA","CJ",null,"2.624,27",200020008]
[200020009,"0009 EQUIP. DE GINÁSTICA EM ALV. 2,20X0,60M ALT. VAR. 0,40A0,70M, REVEST.","UN",null,"526,51",200020009]
[null,"COMCERÂMICA 10X10CM, P/ABDOMINAL"]
[200020010,"0010 EQUIP. DE GINÁSTICA EM ALV. 2,20X0,60M ALT. VAR. 0,80A1,20M, REVEST.","UN",null,"808,89",200020010]
[null,"COMCERÂMICA 10X10CM, P/ABDOMINAL"]
[200020011,"0011 ESTRUTURA METÁLICA DE TRAVES DE FUTEBOL DE CAMPO OFICIAL","CJ",null,"1.966,87",200020011]
[200020012,"0012 POSTE P/ VOLLEYBOL COM CATRACA (COLOCADO)","CJ",null,"350,00",200020012]
[200020013,"0013 TABELA DE BASQUETE COM ESTRUTURA","CJ",null,"947,17",200020013]
[200020014,"0014 TABELA DE BASQUETE S/ ESTRUTURA","CJ",null,"720,00",200020014]
[200020015,"0015 TRAVE P/ FUTEBOL DE SALÃO COM REDE","CJ",null,"1.498,61",200020015]
[null,"003     SubGrupo:      PAISAGISMO"]
[200030001,"0001 ARBUSTOS ORNAMENTAIS EM GERAL COM TUTOR  E COM ALTURA","UN",null,"69,42",200030001]
[null,"VARIAVEL DE 80 A 100CM"]
[200030002,"0002 ARBUSTOS ORNAMENTAIS EM GERAL COM TUTOR E COM ALTURA < 80CM","UN",null,"65,40",200030002]
[200030003,"0003 ÁRVORE FRUTÍFERA COM TUTOR E ADUBO E COM ALTURA MÍNIMA DE","UN",null,"169,83",200030003]
[null,"3,00M"]
[200030004,"0004 CAMADA (5CM) DE PEDRISCO DE GRANITO CINZA SOBRE TELA TIPO","M2",null,"17,79",200030004]
[null,"SOMBRITE"]
[200030005,"0005 CAMADA DE PEDRISCO DE CERÂMICA VERMELHA (5CM) SOBRE TELA TIPO","M3",null,"16,82",200030005]
[null,"SOMBRITE"]
[]
[null,"Página 116 de 120"]
[]
[]
[]
[]
[]
[null,"SECRETARIA MUNICIPAL DE INFRAESTRUTURA - SEINF"]
[null,"COORDENADORIA DE ELABORAÇÃO DE PROJETOS - CÉLULA DE ORÇAMENTO"]
[null,"Av. Dep. Paulino Rocha, 1343 - Cajazeiras     FORTALEZA-CE     CEP:60864-311     FONE: (85) 3105-1113"]
[null,"Email: seinf.edificacoes@fortaleza.ce.gov.br"]
[]
[null,null,"TABELA OFICIAL DO MUNICÍPIO"]
[{"$nulls":5},"Encargos Sociais: 83,84%"]
[null,null,"Relatório de Composições Sintético - COM DESONERAÇÃO"]
[null,null,"Mês de Coleta: 01/2014",null,null,"BDI: 0%"]
["Composição",null,"Descrição","Unidade","Preço"]
["0200030006","0006","CANTEIRO (60X60) CM  EM MEIO FIO PRÉ MOLDADO DE CONCRETO","UN",46.52]
[null,null,"(10X35X100) CM P/ ÁRVORES"]
["0200030007","0007","CANTEIRO COM DIAM. = 2,00 M  EM MEIO FIO PRÉ MOLDADO DE CONCRETO","UN",119.02]
[null,null,"(10X35X100)CM P/ ÁRVORES"]
["0200030008","0008","CONCREGRAMA (PREENCHIMENTO COM GRAMA BATATAIS)","M2",38.43]
["0200030009","0009","DERRUBADA DE ÁRVORE DE GRANDE PORTE DIAM. MAIOR DE 0,50M COM","UN",242.01]
[null,null,"REMOÇÃO LATERAL"]
["0200030010","0010","DERRUBADA DE ARVORE DE MEDIO PORTE DIAM. DE 0,21M A 0,50M, COM","UN",96.79]
[null,null,"REMOCAO LATERAL"]
["0200030011","0011","DERRUBADA DE ÁRVORE DE PEQUENO PORTE DIAM. ATÉ 0,20 M","UN",24.19]
["0200030012","0012","ESPADA CILÍNDRICA / SANSEVIERIA CYLINDRICA","UN",5]
["0200030013","0013","ESPADA DE SÃO JORGE / SANSEVIERIA TRIFASCIATA","UN",5]
["0200030014","0014","ESTACA DE MADEIRA SABIÁ (COLOCADA)","UN",5.2]
["0200030015","0015","FOLHAGEM","UN",48.04]
["0200030016","0016","FORN. E ASSENTAMENTO DE RAMPA EM CONCRETO, PRÉ-MOLDADO P/","UN",528]
[null,null,"DEFICIENTE CONF. DET."]
["0200030017","0017","FORRAÇÃO","M2",4.62]
["0200030018","0018","FORRAÇÃO DE ESPÉCIES, ALTURA < 40CM","M2",4.84]
["0200030019","0019","FORRAÇÃO DE HORTA, ALTURA < 50CM","M2",5.06]
["0200030020","0020","GRADE DE PROTEÇÃO P/ CANTEIRO DE JARDINS EM AÇO D=1/2\"","M",45.49]
["0200030021","0021","GRADE DE PROTEÇÃO TUBULAR P/ CANTEIRO DE JARDINS EM AÇO D=3\"","M",124.46]
["0200030022","0022","GRAMA EM ÁREAS EXTERNAS INCL. MATERIAL","M2",4.63]
["0200030023","0023","GRAMA EM PLACAS (FORN. E PLANTIO)","M2",7.2]
["0200030024","0024","GRAMA EM PLACAS INCL. CONSERVAÇÃO","M2",8.79]
["0200030025","0025","HERBÁCEAS / TREPADEIRAS COM TUTOR E ADUBO E COM ALTURA > 1,00M","UN",35.05]
["0200030026","0026","MANTA P/ PROTEÇÃO DE VEGETAÇÃO DE DUNAS","M2",35.49]
["0200030027","0027","MANUTENÇÃO MENSAL DE ÁREAS VERDES - IRRIGAÇÃO","HA",5699]
["0200030028","0028","MEIO FIO PRE-MOLDADO P/ CICLOVIAS E JARDINS (0,05X0,20X1,00)M","M",7.18]
["0200030029","0029","PALMEIRAS COM TUTOR E ADUBO E COM ALTURA > 3,00M","UN",611.77]
["0200030030","0030","PALMEIRAS COM TUTOR E ADUBO E COM ALTURA DE 1,50 A 3,00M","UN",380.77]
["0200030031","0031","PLANTIO DE PALMEIRAS COM HM= 1,50 M, INCL. AQUISIÇÃO E PREPARAÇÃO","UN",107.97]
[null,null,"DE COVA 0,40X0,40X0,40M"]
["0200030032","0032","PLANTIO DE SALSA P/ CONTENÇÃO DE TALUDES","M2",5.59]
["0200030033","0033","PLANTIO DE SEMENTES LEGUMINOSAS P/ CONTENÇÃO DE TALUDES","M2",1.63]
["0200030034","0034","PODA DE ÁRVORES DE GRANDE PORTE, D>0,50M, CARGA MANUAL,","UN",404.14]
[null,null,"DESCARGA E TRANSPORTE COM DMT=7KM"]
["0200030035","0035","PODA DE ÁRVORES DE MÉDIO PORTE, INCL. CARGA MANUAL E TRANPORTE","UN",150.84]
[null,null,"COM DMT=7,00KM"]
["0200030036","0036","PODA DE ÁRVORES DE PEQUENO PORTE,  DIÂMETRO ATÉ 0,20M CARGA","UN",51.22]
[null,null,"MANUAL E TRANSPORTE COM DMT=7KM"]
["0200030037","0037","PREPARO E SUBSTITUIÇÃO DE TERRA P/ PLANTAÇÃO","M3",43.88]
["0200030038","0038","RETIRADA E REPLANTIO DE ÁRVORE DE MEDIO PORTE DIAM. DE 0,21M A","UN",171.75]
[null,"0,50M"]
["0200030039","0039","REVOLVIMENTO MECÂNICO DE TERRA PROFUNDIDADE 20-30CM","M2",0.23]
["0200030040","0040","SEIXO ROLADO S/ARGAMASSA","M2",23.6]
["0200030041","0041","SEIXO ROLADO SOBRE AREIA","M2",30.77]
["0200030042","0042","TREPADEIRA","UN",48.04]
["0200030043","0043","ZOYZIA JAPÔNICA GRAMA ESMERALDA","M2",4.34]
[]
[null,"004     SubGrupo:      PROTEÇÃO AMBIENTAL"]
[]
[null,"Página 117 de 120"]
[]
[]
[]
[]
[]
[null,"SECRETARIA MUNICIPAL DE INFRAESTRUTURA - SEINF"]
[null,"COORDENADORIA DE ELABORAÇÃO DE PROJETOS - CÉLULA DE ORÇAMENTO"]
[null,"Av. Dep. Paulino Rocha, 1343 - Cajazeiras     FORTALEZA-CE     CEP:60864-311     FONE: (85) 3105-1113"]
[null,"Email: seinf.edificacoes@fortaleza.ce.gov.br"]
[]
[null,null,"TABELA OFICIAL DO MUNICÍPIO"]
[{"$nulls":4},"Encargos Sociais: 83,84%"]
[null,null,"Relatório de Composições Sintético - COM DESONERAÇÃO"]
[null,"Mês de Coleta: 01/2014",null,null,"BDI: 0%"]
["Composição",null,"Descrição","Unidade","Preço"]
["0200040001","0001","ABERTURA DE TAMPA DE CONCRETO EM GALERIA S/ PAVIMENTAÇÃO","UN",8.25]
[null,"ASFÁLTICA"]
["0200040002","0002","ABERTURA DE TAMPA DE CONCRETO EM GALERIA C/ PAVIMENTAÇÃO","UN",21.18]
[null,"ASFÁLTICA"]
["0200040003","0003","GUIA P/ PROTEÇÃO DE CORRENTE EÓLICA","UN",185.95]
["0200040004","0004","LIMPEZA DE BUEIRO ATÉ MEIA SEÇÃO - SEÇÃO ACIMA DE 0,50M2","M3",9.08]
["0200040005","0005","LIMPEZA DE CAIXA DE INSPEÇÃO DE ESGOTO","M3",12.87]
["0200040006","0006","LIMPEZA DE CAIXA DE VISITA E BOCA DE LOBO","M3",25.74]
["0200040007","0007","LIMPEZA DE CANAL A CÉU ABERTO","M3",21.47]
["0200040008","0008","LIMPEZA DE CAPIM EM LAGOAS COM UTILIZAÇÃO DE SISTEMA DE","M2",1.9]
[null,null,"ARRASTO COM CABO DE AÇO"]
["0200040009","0009","LIMPEZA DE GALERIA ATÉ MEIA SEÇÃO, GALERIA ATÉ 0,50M2","M3",36.31]
["0200040010","0010","LIMPEZA DE GALERIA DE MEIA A PLENA SEÇÃO, GALERIA ACIMA DE 0,50M²","M3",23.29]
["0200040011","0011","LIMPEZA DE PV PROF. MAIOR QUE 3,00M COM EQUIPAMENTO A VÁCUO","UN",35.81]
["0200040012","0012","LIMPEZA DE TUBOS ASSOREADOS DE MEIA A PLENA SEÇÃO DIAM. = 0,40 M","M",11.2]
["0200040013","0013","LIMPEZA DE TUBOS ASSOREADOS DE MEIA A PLENA SEÇÃO DIAM. = 0,60 M","M",18.31]
["0200040014","0014","LIMPEZA DE TUBOS ASSOREADOS DE MEIA A PLENA SEÇÃO DIAM. = 0,80 M","M",30.85]
["0200040015","0015","LIMPEZA DE TUBOS ASSOREADOS DE MEIA A PLENA SEÇÃO P/ GALERIAS","M3",51.42]
[null,null,"COM ÁREA ACIMA DE 0,50 M²"]
["0200040016","0016","LIMPEZA DE TUBOS DE CONCRETO ATÉ MEIA SEÇÃO DIAM. = 0,40 M","M",7.56]
["0200040017","0017","LIMPEZA DE TUBOS DE CONCRETO ATÉ MEIA SEÇÃO DIAM. = 0,60 M","M",12.41]
["0200040018","0018","LIMPEZA DE TUBOS DE CONCRETO ATÉ MEIA SEÇÃO DIAM. = 0,80 M","M",14.82]
["0200040019","0019","LIMPEZA DE TUBOS DE CONCRETO DE MEIA A PLENA SEÇÃO DIAM. = 0,40 M","M",36.31]
["0200040020","0020","LIMPEZA DE TUBOS DE CONCRETO DE MEIA A PLENA SEÇÃO DIAM. = 0,80 M","M",18.15]
["0200040021","0021","LIMPEZA MANUAL DE AGUAPÉS EM LAGOAS","M2",1.21]
["0200040022","0022","LIMPEZA MANUAL DE PV´S PROFUNDIDADE ENTRE 2,00 E 3,00 M","UN",64.6]
["0200040023","0023","LIMPEZA MECÂNIZADA DE CAPIM EM LAGOA","M2",1.73]
["0200040024","0024","RETIRADA DE GRELHA DE TRILHOS EM GALERIA","UN",14.3]
["0200040025","0025","REPOSIÇÃO DE TAMPA DE CONCRETO EM GALERIA","UN",7.75]
["0200040026","0026","REPOSIÇÃO DE TAMPA DE CONCRETO EM GALERIA-C/ ELEVAÇÃO ATÉ","UN",79.5]
[null,"0,15M"]
["0200040027","0027","REPOSIÇÃO DE GRELHA DE TRILHO EM GALERIA","UN",15.49]
["0200040028","0028","REPOSIÇÃO DE GRELHA DE TRILHO EM GALERIA-C/ ELEVAÇÃO ATÉ 0,15M","UN",82.45]
[null,null,"021     Grupo:      ACESSIBILIDADE À EDIFICAÇÕES E ESPAÇOS"]
[null,null,"001     SubGrupo:      SERVIÇOS PRELIMINARES"]
["0210010001",null,"0001 DEMOLIÇÃO DE INSTALAÇÃO HIDRÁULICA - TUBOS E CONEXÕES","PT",13.33]
["0210010002",null,"0002 DEMOLIÇÃO DE INSTALAÇÃO SANITÁRIA - TUBOS E CONEXÕES","PT",12.92]
["0210010003",null,"0003 RETIRADA DE GUARDA CORPO EM TUBOS C/ PEÇAS E CONEXÕES FERRO","M",8.86]
[null,null,"GALVANIZADO (SEM REAPROVEITAMENTO) DN ATÉ 60MM"]
["0210010004",null,"0004 RETIRADA DE GUIAS PRÉ-FABRICADAS DE CONCRETO","M",3.03]
[]
[null,"002     SubGrupo:      ESQUADRIAS E FERRAGENS"]
[]
[null,"Página 118 de 120"]
[]
[]
[]
[]
[]
[null,"SECRETARIA MUNICIPAL DE INFRAESTRUTURA - SEINF"]
[null,"COORDENADORIA DE ELABORAÇÃO DE PROJETOS - CÉLULA DE ORÇAMENTO"]
[null,"Av. Dep. Paulino Rocha, 1343 - Cajazeiras     FORTALEZA-CE     CEP:60864-311     FONE: (85) 3105-1113"]
[null,"Email: seinf.edificacoes@fortaleza.ce.gov.br"]
[]
[null,null,"TABELA OFICIAL DO MUNICÍPIO"]
[{"$nulls":4},"Encargos Sociais: 83,84%"]
[null,null,"Relatório de Composições Sintético - COM DESONERAÇÃO"]
[null,"Mês de Coleta: 01/2014",null,null,"BDI: 0%"]
["Composição",null,"Descrição","Unidade","Preço"]
[null,null,"BATEDOR PARA PORTA EM CHAPA DE ALUMÍNIO TIPO XADREZ LAVRADA"]
["0210020001","0001","ESP. 3MM C/ FIXAÇÃO SOBRE MADEIRA LISA OU REVESTIMENTO","M2",169.04]
[null,null,"MELAMÍNICO COM FITA DUPLA FACE"]
["0210020002",null,"0002 INSTALAÇÃO DE BARRA ANTI-PÂNICO C/ TRAVA EM AÇO INOX DIÂM. 1 1/2\"","CJ",1108.68]
["0210020003",null,"0003 PUXADOR HORIZONTAL/VERTICAL PARA PORTA","M",222.72]
["0210020004",null,"0004 RETIRADA DE DISPOSITIVO DE PRESSÃO DAS PORTAS","M",11.56]
["0210020005",null,"0005 RETIRADA COM SUBSTITUIÇÃO DE MAÇANETA EXISTENTE POR TIPO","UN",75.83]
[null,"ALAVANCA"]
[null,null,"003     SubGrupo:      INSTALAÇÕES, LOUÇAS E ACESSÓRIOS"]
["0210030001",null,"0001 ASSENTO ARTICULÁVEL (ASSEIO DEFICIENTE)","UN",603.84]
["0210030002",null,"0002 BACIA SANITÁRIA PARA CADEIRANTES C/ ASSENTO (ABERTURA FRONTAL)","UN",788.76]
["0210030003",null,"0003 BASE EM GRANITO COM MAPA TÁTIL","UN",907.84]
["0210030004",null,"0004 LAVATÓRIO DE LOUÇA BRANCA C/ COLUNA SUSPENSA E ACESSÓRIOS","UN",435.69]
["0210030005",null,"0005 REINSTALAÇÃO DE PONTO HIDRÁULICO, MATERIAL E EXECUÇÃO","PT",52.95]
["0210030006",null,"0006 REINSTALAÇÃO DE PONTO SANITÁRIO, MATERIAL E EXECUÇÃO","PT",61.98]
["0210030007",null,"0007 REMANEJAMENTO DE BACIA SANITÁRIA","UN",68.56]
["0210030008",null,"0008 REMANEJAMENTO DE BANCADA DE GRANITO","M2",42.72]
[null,"004     SubGrupo:      PISOS"]
["0210040001",null,"0001 BASE EM PRÉ-MOLDADO DE CONCRETO COM ADITIVO IMPERMEABILIZANTE","UN",41.56]
[null,null,"P/ INSTALAÇÃO DE BACIA SANITÁRIA"]
["0210040002",null,"0002 FITA ADESIVA ANTIDERRAPANTE E FOSFORESCENTE","UN",33.51]
["0210040003",null,"0003 PISO PODOTÁTIL INTERNO EM BORRACHA 30X30CM ASSENTAMENTO COM","M2",95.84]
[null,null,"COLA VINIL (FORNECIMENTO E ASSENTAMENTO)"]
["0210040004",null,"0004 PISO PODOTÁTIL EXTERNO EM PMC ESP. 3CM, ASSENTADO COM","M2",54.62]
[null,null,"ARGAMASSA (FORNECIMENTO E ASSENTAMENTO)"]
[null,"005     SubGrupo:      SINALIZAÇÃO"]
["0210050001",null,"0001 PLACA EM ALUMÍNIO 15X30CM C/ VINIL APLICADO EM 1 FACE E FIXAÇÃO","UN",12.42]
[null,null,"COM FITA DUPLA FACE (FORNECIMENTO E MONTAGEM)"]
["0210050002",null,"0002 PLACA EM ALUMÍNIO 20X20CM C/ VINIL APLICADO EM 1 FACE E FIXAÇÃO","UN",10.85]
[null,null,"COM FITA DUPLA FACE (FORNECIMENTO E MONTAGEM)"]
["0210050003",null,"0003 PLACA EM ALUMÍNIO 20X25CM C/ VINIL APLICADO EM 1 FACE E FIXAÇÃO","UN",13.45]
[null,null,"COM FITA DUPLA FACE (FORNECIMENTO E MONTAGEM)"]
[null,null,"PLACA EM AÇO GALVANIZADO C/ APLICAÇÃO EM 1 FACE EM VINIL E FUNDO"]
["0210050004","0004","C/ PINTURA EM ESMALTE SINTÉTICO PRETO FOSCO (FORNECIMENTO E","M2",306.66]
[null,"MONTAGEM)"]
["0210050005",null,"0005 PLACAS COM BRAILLE PARA SINALIZAÇÃO TÁTIL","UN",46.39]
["0210050006",null,"0006 SÍMBOLO INTERNACIONAL DE ACESSO - SIA","UN",12.43]
["0210050007",null,"0007 SINALIZAÇÃO PARA EXTINTOR","UN",18.83]
[null,"006     SubGrupo:      DIVERSOS"]
["0210060001",null,"0001 CORRIMÃO DUPLA ALTURA EM AÇO INOX (1 1/2\")","M",312.36]
["0210060002",null,"0002 FORNECIMENTO E MONTAGEM DE BOTÕES EM BRAILLE COM SINALIZAÇÃO","CJ",924.36]
[null,"SONORA"]
[null,null,"GUIA DE BALIZAMENTO EM ALVENARIA ESP.=10CM ALTURA ATÉ 15CM"]
["0210060003","0003","COMPLETAMENTE EXECUTADA E ACABAMENTO EM TEXTURA ACRÍLICA E","M",79.72]
[null,"TOPO EM CHAPIM EM PMC"]
[]
[null,"Página 119 de 120"]
[]
[]
[]
[]
[]
[null,"SECRETARIA MUNICIPAL DE INFRAESTRUTURA - SEINF"]
[null,"COORDENADORIA DE ELABORAÇÃO DE PROJETOS - CÉLULA DE ORÇAMENTO"]
[null,"Av. Dep. Paulino Rocha, 1343 - Cajazeiras     FORTALEZA-CE     CEP:60864-311     FONE: (85) 3105-1113"]
[null,"Email: seinf.edificacoes@fortaleza.ce.gov.br"]
[]
[null,"TABELA OFICIAL DO MUNICÍPIO"]
[{"$nulls":3},"Encargos Sociais: 83,84%"]
[null,"Relatório de Composições Sintético - COM DESONERAÇÃO"]
[null,"Mês de Coleta: 01/2014",null,null,"BDI: 0%"]
[null,"Descrição","Unidade",null,"Preço",null,"Composição"]
[null,"0004 IMPLANTAÇÃO DE ASSENTO PARA PESSOAS OBESAS (PO), PESSOAS COM","UN",null,"723,84",null,210060004]
[null,"MOBILIDADE REDUZIDA (PMR) E PESSOAS COM CADEIRA DE RODAS (PCR)"]
[null,"0005 PLATAFORMA ELEVATÓRIA - PL-215 CAP. 340KG, PINT. ELETROSTÁTICA","UN",null,"25.235,00",210060005]
[null,"CINZA PERC. 110,0CM (FORN. E MONTAGEM)"]
[null,"0006 PLATAFORMA ELEVATÓRIA - PL-240 CAP. 275KG, PINT. ELETROSTÁTICA","UN",null,"31.085,00",210060006]
[null,"CINZA PERC. 380,0CM (FORN. E MONTAGEM)"]
[null,"022     Grupo:      SERVIÇOS COMPLEMENTARES"]
[null,"001     SubGrupo:      LIMPEZA FINAL"]
[220010001,"0001 LIMPEZA DA OBRA","M2",null,"4,23",220010001]
[220010002,"0002 LIMPEZA DE CALHAS","M3",null,"25,72",220010002]
[220010003,"0003 LIMPEZA DE VIDROS","M2",null,"4,23",220010003]
[]
[null,"Página 120 de 120"]